{"text_format":"3","workbook":"xls","n_sheets":3,"sheets":["报表","控制价（860.4万元）-备份","1包"],"not_rendered":{"external_links":1,"defined_names":8},"read":"whole","date_system":"1900","formulas":"cached_only"}

{"sheet":"报表","index":0,"n_rows":38,"n_cols":32,"rows_kept":38,"hidden":true,"merged":[[0,0,0,28],[1,0,2,0],[1,1,2,1],[1,2,1,7],[1,8,1,13],[1,14,1,19],[1,20,1,28],[36,2,36,27],[37,2,37,27]],"flags":["formulas_cached_only"]}
["合肥市包河区 BH202437 号地块项目一标内装饰工程精装劳务报价对比分析"]
["序号","清单分类","3#（装饰面积：6250m2）",{"$nulls":5},"5#（装饰面积：3100m2）",{"$nulls":5},"7#（装饰面积：6450m2）",{"$nulls":5},"9#（装饰面积：8700m2）"]
[null,null,"成本测算平均单价\n（元）","成本测算\n合价\n（元）","成本测算\n单方指标\n（元）","中航\n平均单价\n（元","中航\n合价\n（元）","中航\n单方指标\n（元）","成本测算平均单价\n（元）","成本测算\n合价\n（元）","成本测算\n单方指标\n（元）","金洪 \n平均单价\n（元）","金洪 \n合价\n（元）","金洪 \n单方指标\n（元）","成本测算平均单价\n（元）","成本测算\n合价\n（元）","成本测算\n单方指标\n（元）","中南 \n平均单价\n（元）","中南\n合价\n（元）","中南\n单方指标\n（元）","成本测算平均单价\n（元）","成本测算\n合价\n（元）","成本测算\n单方指标\n（元）","金螳螂 平均单价\n（元）","金螳螂 \n合价\n（元）","金螳螂\n单方指标\n（元）","安然 \n平均单价\n（元）","安然 \n合价\n（元）","安然\n单方指标\n（元）","下浮1.2"]
[1,"地面找平",{"v":104.554230769231,"d":"104.55"},521513.99,{"v":83.4422384,"d":"83.44"},{"v":157.955562214421,"d":"157.96"},{"v":1021460.50197304,"d":"1021460.50"},{"v":163.43368031568642,"d":"163.43"},{"v":105.299122807018,"d":"105.30"},288459.57,{"v":93.05147419354839,"d":"93.05"},{"v":127.041052631579,"d":"127.04"},{"v":401913.5492,"d":"401913.55"},{"v":129.649532,"d":"129.65"},{"v":121.003214285714,"d":"121.00"},850082.95,{"v":131.7958062015504,"d":"131.80"},{"v":192.632135714286,"d":"192.63"},{"v":1456532.755992,"d":"1456532.76"},{"v":225.81903193674418,"d":"225.82"},{"v":104.017951807229,"d":"104.02"},676985.75,{"v":77.8144540229885,"d":"77.81"},{"v":158.417593373494,"d":"158.42"},{"v":1072114.740235,"d":"1072114.74"},{"v":123.23157933735631,"d":"123.23"},{"v":131.978192771084,"d":"131.98"},859668.79,{"v":98.81250459770115,"d":"98.81"},{"v":1213777.29666,"d":"1213777.30"},363694.34666000004]
[2,"涂膜防水",{"v":52.9114285714286,"d":"52.91"},294634.31,{"v":47.1414896,"d":"47.14"},{"v":45.6200067168571,"d":"45.62"},{"v":259942.387034828,"d":"259942.39"},{"v":41.59078192557248,"d":"41.59"},{"v":52.5483333333333,"d":"52.55"},194476.26,{"v":62.73427741935484,"d":"62.73"},61.68,{"v":219495.6432,"d":"219495.64"},{"v":70.80504619354838,"d":"70.81"},52.51,279469.31,{"v":43.32857519379845,"d":"43.33"},{"v":43.684,"d":"43.68"},{"v":222367.66118,"d":"222367.66"},{"v":34.475606384496125,"d":"34.48"},{"v":53.146875,"d":"53.15"},{"v":454737,"d":"454737.00"},{"v":52.26862068965517,"d":"52.27"},{"v":50.728125,"d":"50.73"},{"v":422115.2284,"d":"422115.23"},{"v":48.518991770114944,"d":"48.52"},54.75,490951.64,{"v":56.43122298850575,"d":"56.43"},{"v":185306.38431666666,"d":"185306.38"},-94162.92568333333]
[3,"地面面层",{"v":88.0955555555556,"d":"88.10"},479358.07,{"v":76.6972912,"d":"76.70"},{"v":149.981546290827,"d":"149.98"},{"v":1041066.02041607,"d":"1041066.02"},{"v":166.5705632665712,"d":"166.57"},{"v":103.735757575758,"d":"103.74"},251028.76,{"v":80.97701935483872,"d":"80.98"},{"v":170.925151515152,"d":"170.93"},{"v":459905.0956,"d":"459905.10"},{"v":148.3564824516129,"d":"148.36"},{"v":84.8809756097561,"d":"84.88"},516244.97,{"v":80.03797984496124,"d":"80.04"},{"v":148.634270341463,"d":"148.63"},{"v":987971.17284848,"d":"987971.17"},{"v":153.17382524782636,"d":"153.17"},{"v":93.1585416666667,"d":"93.16"},611976.66,{"v":70.34214482758621,"d":"70.34"},{"v":145.707448567708,"d":"145.71"},{"v":1339366.21486344,"d":"1339366.21"},{"v":153.95013963947588,"d":"153.95"},{"v":109.507083333333,"d":"109.51"},1100743.65,{"v":126.52225862068964,"d":"126.52"},{"v":823309.3107070668,"d":"823309.31"},307064.3407070668]
[4,"砌筑及混凝土",{"v":1443.4625,"d":"1443.46"},49256.64,{"v":7.8810624,"d":"7.88"},{"v":3024.67943013,"d":"3024.68"},{"v":101305.889959018,"d":"101305.89"},{"v":16.20894239344288,"d":"16.21"},{"v":1445.95666666667,"d":"1445.96"},16789.97,{"v":5.41611935483871,"d":"5.42"},1058.06,{"v":13111.6785,"d":"13111.68"},{"v":4.229573709677419,"d":"4.23"},{"v":1445.02333333333,"d":"1445.02"},50931.34,{"v":7.896331782945736,"d":"7.90"},{"v":1740.91666666667,"d":"1740.92"},{"v":63102.6821,"d":"63102.68"},{"v":9.783361565891473,"d":"9.78"},{"v":1576.145,"d":"1576.15"},39734.98,{"v":4.56723908045977,"d":"4.57"},{"v":2169.43952916667,"d":"2169.44"},{"v":49755.10243525,"d":"49755.10"},{"v":5.718977291408046,"d":"5.72"},1649.13,42526.42,{"v":4.888094252873563,"d":"4.89"},{"v":52585.56841666667,"d":"52585.57"},1654.2284166666723]
[5,"墙面抹灰",{"v":39.9111538461539,"d":"39.91"},895659.07,{"v":143.3054512,"d":"143.31"},{"v":48.4286393490462,"d":"48.43"},{"v":917372.371914563,"d":"917372.37"},{"v":146.7795795063301,"d":"146.78"},{"v":38.5258333333333,"d":"38.53"},405840.33,{"v":130.91623548387096,"d":"130.92"},{"v":51.4991666666667,"d":"51.50"},{"v":503912.7318,"d":"503912.73"},{"v":162.55249412903225,"d":"162.55"},{"v":40.3236363636364,"d":"40.32"},{"v":908941.6,"d":"908941.60"},{"v":140.92117829457365,"d":"140.92"},{"v":58.3382090909091,"d":"58.34"},{"v":1146165.232138,"d":"1146165.23"},{"v":177.7000359903876,"d":"177.70"},{"v":38.3942424242424,"d":"38.39"},1011477.54,{"v":116.26178620689656,"d":"116.26"},{"v":35.9846689393939,"d":"35.98"},{"v":840532.8695075,"d":"840532.87"},{"v":96.6129735066092,"d":"96.61"},{"v":41.4927272727273,"d":"41.49"},901630.45,{"v":103.63568390804598,"d":"103.64"},{"v":955137.6934483333,"d":"955137.69"},46196.093448333326]
[6,"墙面轻骨龙骨",{"v":217.343846153846,"d":"217.34"},1301937.68,{"v":208.3100288,"d":"208.31"},{"v":227.796450075846,"d":"227.80"},{"v":1317244.16103675,"d":"1317244.16"},{"v":210.75906576588002,"d":"210.76"},{"v":230.9375,"d":"230.94"},628488.05,{"v":202.73808064516132,"d":"202.74"},{"v":201.425833333333,"d":"201.43"},{"v":551670.9115,"d":"551670.91"},{"v":177.9583585483871,"d":"177.96"},{"v":209.975,"d":"209.98"},1042688.49,{"v":161.65713023255813,"d":"161.66"},{"v":200.9125,"d":"200.91"},{"v":970401.0526,"d":"970401.05"},{"v":150.44977559689923,"d":"150.45"},{"v":220.359411764706,"d":"220.36"},1765452.15,{"v":202.92553448275862,"d":"202.93"},{"v":218.606764705882,"d":"218.61"},{"v":1755473.66305,"d":"1755473.66"},{"v":201.77858195977012,"d":"201.78"},{"v":303.645882352941,"d":"303.65"},2649096.22,{"v":304.4938183908046,"d":"304.49"},{"v":808667.5438333334,"d":"808667.54"},-234020.94616666657]
[7,"墙面镀锌龙骨",12254.97,129657.63,{"v":20.745220800000002,"d":"20.75"},{"v":14292.4066076,"d":"14292.41"},{"v":151213.661908408,"d":"151213.66"},{"v":24.19418590534528,"d":"24.19"},{"$nulls":6},12208.07,131554.16,{"v":20.395993798449613,"d":"20.40"},12891.56,{"v":138919.45056,"d":"138919.45"},{"v":21.537899311627907,"d":"21.54"},12245.81,274599.96,{"v":31.56321379310345,"d":"31.56"},{"v":13742.5,"d":"13742.50"},308161.82,{"v":35.420898850574716,"d":"35.42"},9989.82,224011.73,{"v":25.74847471264368,"d":"25.75"},{"v":115766.20880000001,"d":"115766.21"},-15787.951199999996]
[8,"墙面基层板",{"v":138.08401826484,"d":"138.08"},1402136.09,{"v":224.34177440000002,"d":"224.34"},{"v":366.52706447318,"d":"366.53"},{"v":2941838.74016383,"d":"2941838.74"},{"v":470.69419842621284,"d":"470.69"},{"v":149.754285714286,"d":"149.75"},770580.23,{"v":248.57426774193547,"d":"248.57"},{"v":316.856046511628,"d":"316.86"},{"v":1562670.2759,"d":"1562670.28"},{"v":504.08718577419353,"d":"504.09"},{"v":152.566117647059,"d":"152.57"},1600279.26,{"v":248.10531162790699,"d":"248.11"},{"v":229.728305856318,"d":"229.73"},{"v":2636752.87433274,"d":"2636752.87"},{"v":408.79889524538606,"d":"408.80"},{"v":146.926098654709,"d":"146.93"},1974271.98,{"v":226.92781379310344,"d":"226.93"},{"v":246.425749225527,"d":"246.43"},{"v":2880019.77348687,"d":"2880019.77"},{"v":331.03675557320344,"d":"331.04"},{"v":64.2437358490566,"d":"64.24"},1519655.97,{"v":174.6731,"d":"174.67"},{"v":2197294.06194395,"d":"2197294.06"},597014.8019439501]
[9,"天棚吊顶",{"v":192.638125,"d":"192.64"},1377235.36,{"v":220.3576576,"d":"220.36"},{"v":306.561102458936,"d":"306.56"},{"v":2549157.30946789,"d":"2549157.31"},{"v":407.8651695148624,"d":"407.87"},{"v":163.887959183673,"d":"163.89"},699949.83,{"v":225.79026774193548,"d":"225.79"},{"v":274.388541666667,"d":"274.39"},{"v":1038648.2941,"d":"1038648.29"},{"v":335.04783680645164,"d":"335.05"},{"v":188.115636363636,"d":"188.12"},1548254.29,{"v":240.03942480620157,"d":"240.04"},{"v":278.52133097799,"d":"278.52"},{"v":2590700.65460275,"d":"2590700.65"},{"v":401.65901621748066,"d":"401.66"},{"v":191.861355932203,"d":"191.86"},2146303.41,{"v":246.70154137931036,"d":"246.70"},{"v":299.910685042426,"d":"299.91"},{"v":3050746.38539614,"d":"3050746.39"},{"v":350.66050406852185,"d":"350.66"},{"v":243.753333333334,"d":"243.75"},3090034.12,{"v":355.1763356321839,"d":"355.18"},{"v":2158917.2121689585,"d":"2158917.21"},610662.9221689585]
[10,"天棚转换层",{"v":145.701111111111,"d":"145.70"},522320.87,{"v":83.5713392,"d":"83.57"},{"v":220.265930997778,"d":"220.27"},{"v":778844.211877869,"d":"778844.21"},{"v":124.61507390045904,"d":"124.62"},140.52,211665.54,{"v":68.27920645161291,"d":"68.28"},181.51,{"v":275960.0324,"d":"275960.03"},{"v":89.01936529032258,"d":"89.02"},{"v":146.5,"d":"146.50"},677450.13,{"v":105.03102790697675,"d":"105.03"},{"v":194.027142857143,"d":"194.03"},{"v":882089.9932,"d":"882089.99"},{"v":136.75813848062015,"d":"136.76"},{"v":140.7525,"d":"140.75"},760863.64,{"v":87.4555908045977,"d":"87.46"},{"v":357.304583333333,"d":"357.30"},{"v":2010051.60075,"d":"2010051.60"},{"v":231.04041387931034,"d":"231.04"},272.29,1553098.03,{"v":178.51701494252873,"d":"178.52"},{"v":735074.9943333333,"d":"735074.99"},57624.86433333333]
[11,"石材地面铺贴",{"v":149.555737704918,"d":"149.56"},410011.01,{"v":65.6017616,"d":"65.60"},{"v":215.974494699767,"d":"215.97"},{"v":697501.595319885,"d":"697501.60"},{"v":111.6002552511816,"d":"111.60"},{"v":146.4435,"d":"146.44"},163638.16,{"v":52.786503225806456,"d":"52.79"},{"v":154.63125,"d":"154.63"},{"v":223502.4277,"d":"223502.43"},{"v":72.09755732258064,"d":"72.10"},{"v":178.679272727273,"d":"178.68"},385043.12,{"v":59.69660775193798,"d":"59.70"},{"v":260.020181818182,"d":"260.02"},{"v":688068.9667,"d":"688068.97"},{"v":106.67735917829457,"d":"106.68"},{"v":157.855,"d":"157.86"},589488.47,{"v":67.75729540229885,"d":"67.76"},{"v":239.904719618055,"d":"239.90"},{"v":996233.02889375,"d":"996233.03"},{"v":114.50954355100575,"d":"114.51"},{"v":269.019577464789,"d":"269.02"},1199960.25,{"v":137.92646551724138,"d":"137.93"},{"v":573390.8055833334,"d":"573390.81"},188347.68558333337]
[12,"石材干挂",{"v":303.543823529412,"d":"303.54"},1435184.93,{"v":229.6295888,"d":"229.63"},{"v":548.2803068765,"d":"548.28"},{"v":1374325.3872293,"d":"1374325.39"},{"v":219.89206195668802,"d":"219.89"},{"v":318.49303030303,"d":"318.49"},789042.81,{"v":254.52993870967742,"d":"254.53"},{"v":658.250689655172,"d":"658.25"},{"v":910751.5815,"d":"910751.58"},{"v":293.79083274193545,"d":"293.79"},{"v":321.920869565217,"d":"321.92"},1395937.41,{"v":216.42440465116277,"d":"216.42"},{"v":586.003707031723,"d":"586.00"},{"v":1265022.63298178,"d":"1265022.63"},{"v":196.1275399971752,"d":"196.13"},{"v":329.394545454546,"d":"329.39"},2160209.99,{"v":248.29999885057475,"d":"248.30"},{"v":483.574378225807,"d":"483.57"},{"v":1941074.0771875,"d":"1941074.08"},{"v":223.11196289511494,"d":"223.11"},{"v":431.143870967742,"d":"431.14"},2255198.59,{"v":259.2182287356322,"d":"259.22"},{"v":1054185.5274848167,"d":"1054185.53"},-341751.8825151832,-527586.04]
[13,"腻子涂料",{"v":11.9513888888889,"d":"11.95"},459734.26,{"v":73.5574816,"d":"73.56"},{"v":35.5503975636364,"d":"35.55"},{"v":572781.495694122,"d":"572781.50"},{"v":91.64503931105952,"d":"91.65"},{"v":12.1004166666667,"d":"12.10"},164068.98,{"v":52.92547741935484,"d":"52.93"},{"v":37.8017391304348,"d":"37.80"},{"v":237945.0698,"d":"237945.07"},{"v":76.75647412903226,"d":"76.76"},{"v":11.9090625,"d":"11.91"},399844.54,{"v":61.99140155038759,"d":"61.99"},{"v":27.4853333333333,"d":"27.49"},{"v":489780.6243,"d":"489780.62"},{"v":75.93498051162791,"d":"75.93"},{"v":11.5587179487179,"d":"11.56"},597288.11,{"v":68.65380574712644,"d":"68.65"},{"v":49.8063333333333,"d":"49.81"},{"v":807694.15945125,"d":"807694.16"},{"v":92.83840913232758,"d":"92.84"},{"v":23.7472222222222,"d":"23.75"},527395.96,{"v":60.62022528735632,"d":"60.62"},{"v":408150.52025000006,"d":"408150.52"},8305.98025000008]
[14,"精保洁",{"v":23.1966666666667,"d":"23.20"},143677.66,{"v":22.9884256,"d":"22.99"},{"v":26.49078012,"d":"26.49"},{"v":163865.34312729,"d":"163865.34"},{"v":26.2184549003664,"d":"26.22"},{"v":23.1677777777778,"d":"23.17"},70373.14,{"v":22.701012903225806,"d":"22.70"},{"v":21.8,"d":"21.80"},{"v":66209.434,"d":"66209.43"},{"v":21.35788193548387,"d":"21.36"},23.15,151433.15,{"v":23.478007751937984,"d":"23.48"},{"v":30,"d":"30.00"},{"v":196089.6,"d":"196089.60"},{"v":30.401488372093024,"d":"30.40"},{"v":23.1808333333333,"d":"23.18"},200658.25,{"v":23.064166666666665,"d":"23.06"},{"v":12,"d":"12.00"},103854.24,{"v":11.937268965517243,"d":"11.94"},38.36,331987.38,{"v":38.15946896551724,"d":"38.16"},{"v":163408,"d":"163408.00"},11974.850000000006]
[15,"脚手架",{"v":14.6316666666667,"d":"14.63"},848668.63,{"v":135.7869808,"d":"135.79"},{"v":94.8392864036364,"d":"94.84"},{"v":581085.807785619,"d":"581085.81"},{"v":92.97372924569905,"d":"92.97"},14.11,383260.11,{"v":123.6322935483871,"d":"123.63"},85.15,{"v":286360.6556,"d":"286360.66"},{"v":92.37440503225807,"d":"92.37"},{"v":15.545,"d":"15.55"},889781.24,{"v":137.95057984496123,"d":"137.95"},46.92,{"v":378097.3128,"d":"378097.31"},{"v":58.619738418604655,"d":"58.62"},{"v":14.1671428571429,"d":"14.17"},960288.96,{"v":110.37804137931035,"d":"110.38"},{"v":71.8846153846154,"d":"71.88"},{"v":633777.235,"d":"633777.24"},{"v":72.84795804597701,"d":"72.85"},{"v":17.4546153846154,"d":"17.45"},163672.51,{"v":18.812932183908046,"d":"18.81"},{"v":315081.09400000004,"d":"315081.09"},-574700.146]
[16,"其他装饰",{"v":149.596363636364,"d":"149.60"},216252.81,{"v":34.6004496,"d":"34.60"},{"v":463.528462164217,"d":"463.53"},{"v":444812.30927883,"d":"444812.31"},{"v":71.1699694846128,"d":"71.17"},{"v":148.3775,"d":"148.38"},155408.11,{"v":50.13164838709677,"d":"50.13"},{"v":232.941428571429,"d":"232.94"},{"v":239096.322,"d":"239096.32"},{"v":77.1278458064516,"d":"77.13"},{"v":152.648,"d":"152.65"},204234.72,{"v":31.664297674418606,"d":"31.66"},{"v":364.379,"d":"364.38"},{"v":325264.5529,"d":"325264.55"},{"v":50.42861285271318,"d":"50.43"},{"v":143.607435897436,"d":"143.61"},{"v":278262.5,"d":"278262.50"},{"v":31.98419540229885,"d":"31.98"},{"v":354.982733552632,"d":"354.98"},{"v":442335.78130125,"d":"442335.78"},{"v":50.84319325301724,"d":"50.84"},{"v":309.938947368421,"d":"309.94"},452540.84,{"v":52.01618850574713,"d":"52.02"},{"v":271053.79408333334,"d":"271053.79"},66819.07408333334]
[17,"安装工程",{"v":230.026053268765,"d":"230.03"},2091104.43,{"v":334.5767088,"d":"334.58"},{"v":261.58280786357,"d":"261.58"},{"v":2587669.73314053,"d":"2587669.73"},{"v":414.0271573024848,"d":"414.03"},{"v":212.47037444934,"d":"212.47"},1499047.41,{"v":483.56368064516124,"d":"483.56"},{"v":218.449074889868,"d":"218.45"},{"v":1708390.88678,"d":"1708390.89"},{"v":551.0938344451613,"d":"551.09"},{"v":205.529462809918,"d":"205.53"},2273209.69,{"v":352.4356108527132,"d":"352.44"},{"v":192.930657942149,"d":"192.93"},{"v":1847844.29162396,"d":"1847844.29"},{"v":286.48748707348216,"d":"286.49"},{"v":241.888684863523,"d":"241.89"},3177815.84,{"v":365.2661885057471,"d":"365.27"},{"v":317.495714285714,"d":"317.50"},{"v":2903518.94804,"d":"2903518.95"},{"v":333.73781011954026,"d":"333.74"},{"v":398.581151364765,"d":"398.58"},4808370.23,{"v":552.6862333333333,"d":"552.69"},{"v":1539870.2430199666,"d":"1539870.24"},-733339.4469800333]
[18,"钢龙骨含量",{"$nulls":13},{"v":1300000,"d":"1300000.00"},{"$nulls":14},166400]
[19,"石材人工费补充",{"$nulls":13},{"v":283600,"d":"283600.00"},{"$nulls":14},72601.6]
[20,"硅酸钙板吊顶",{"$nulls":13},{"v":261520,"d":"261520.00"},{"$nulls":14},66949.12]
[20,"石膏板吊顶",{"$nulls":13},{"v":119400,"d":"119400.00"},{"$nulls":14},30566.4]
[21,"铝扣板",{"$nulls":13},{"v":-69182.1320666667,"d":"-69182.13"},{"$nulls":14},0]
[22,"石膏砂浆",{"$nulls":13},{"v":-150982.216144,"d":"-150982.22"},{"$nulls":14},0]
[23,"造型硅酸钙板",{"$nulls":13},-168541.36,{"$nulls":14},0]
[24,"GRG差价",{"$nulls":13},{"v":232677.43590000004,"d":"232677.44"},{"$nulls":14},29782.711795200004]
[25,"蜂窝铝板",{"$nulls":13},{"v":97066.04900000001,"d":"97066.05"},{"$nulls":14},12424.454272000003]
[26,"隔声地垫",{"$nulls":13},{"v":150000,"d":"150000.00"}]
[27,"登高车",{"$nulls":13},{"v":15000,"d":"15000.00"}]
[28,"管理费利润取费",{"$nulls":13},{"v":378724.2860672,"d":"378724.29"}]
[18,"总计",{"v":209.06663538874,"d":"209.07"},12578343.44,{"v":2012.5349503999998,"d":"2012.53"},{"v":300.805469733672,"d":"300.81"},{"v":17501486.9273278,"d":"17501486.93"},{"v":2800.237908372448,"d":"2800.24"},{"v":179.799247202442,"d":"179.80"},6692117.26,{"v":2158.747503225806,"d":"2158.75"},{"v":233.864616977226,"d":"233.86"},{"v":8699544.58958,"d":"8699544.59"},{"v":2806.304706316129,"d":"2806.30"},{"v":212.245583657588,"d":"212.25"},13305380.37,{"v":2062.849669767442,"d":"2062.85"},{"v":251.659935009616,"d":"251.66"},{"v":16285171.5108597,"d":"16285171.51"},{"v":2524.832792381349,"d":"2524.83"},{"v":234.142424441524,"d":"234.14"},17680415.19,{"v":2032.231631034483,"d":"2032.23"},{"v":320.038857620262,"d":"320.04"},{"v":21556824.867998,"d":"21556824.87"},{"v":2477.7959618388504,"d":"2477.80"},{"v":311.575133333334,"d":"311.58"},22170542.78,{"v":2548.3382505747127,"d":"2548.34"},{"v":13570976.25904975,"d":"13570976.26"},265595.8890497517]
[null,"调增",{"$nulls":13},{"v":2449282.0627565333,"d":"2449282.06"}]
[null,"调减",{"$nulls":13},{"v":-2179597.4560300335,"d":"-2179597.46"}]
[null,"调整后总价",{"$nulls":13},{"v":13575064.976726498,"d":"13575064.98"}]
["一","成本测算合价",50256256.260000005]
["二","劳务一轮报价",64656745.8077675]

{"sheet":"控制价（860.4万元）-备份","index":1,"n_rows":669,"n_cols":26,"rows_kept":669,"hidden":true,"merged":[[0,0,0,20],[666,0,666,10]],"flags":["formulas_cached_only"]}
["包河区BH202437号地块项目一标段精装修项目清单-不锈钢"]
["序号","楼栋","工程名称","原序号","项目编码","清单(子目)名称","总清单特征","暂估专业分包项目清单特征描述","不锈钢及玻璃制品","标段","单位","工程量","全费用综合单价","全费用综合合价","序号","备注","图纸量","单价","总价","采购清单单位","最终采购清单量","合计金额（元）","工程量差额","工程量偏差"]
[1,"3#","工程名称：3#-公区",13,"WB011105006001","成品踢脚线","1. 部位：门斗、门厅、接待区、电梯厅、公共走道等\n2. 踢脚线高度：50mm高\n3. 基层材料种类、规格：12mm阻燃夹板，或12mm阻燃夹板+9mm阻燃夹板，综合考虑\n4. 面层材料品种、规格、颜色：1.2mm仿铜不锈钢（MT-B04)\n5. 施工时面层颜色、样式由甲方和设计单位确认选样，投标人综合考虑报价，加工、切割、折边、损耗等不另计，中标后综合单价不予调整\n6. 未尽事宜详见设计图纸、图集、设计补充说明、招标文件、政府相关文件及规范等其它资料，满足验收要求","1. 部位：门斗、门厅、接待区、电梯厅、公共走道等\n2. 踢脚线高度：50mm高\n4. 面层材料品种、规格、颜色：1.2mm仿铜不锈钢（MT-B04)\n5. 施工时面层颜色、样式由甲方和设计单位确认选样，投标人综合考虑报价，加工、切割、折边、损耗等不另计，中标后综合单价不予调整\n6. 未尽事宜详见设计图纸、图集、设计补充说明、招标文件、政府相关文件及规范等其它资料，满足验收要求","不锈钢及玻璃制品","1包","m",192.99,43.6,8414.36,13,"按现场实际发生量长度计算",232,45,10440,"m",192.99,8684.550000000001,39.00999999999999,{"v":1.2021348256386342,"d":"1.20"},true,2025.6399999999994]
[2,"3#","工程名称：3#-公区",22,"WB011302005001","天棚吊顶（不锈钢）","1. 部位：中庭等\n2. 龙骨材料种类、规格：M8全牙吊杆@1000mm,CS60主龙骨(上人龙骨)≤1200mm,DC50次龙骨≤300mm，CS60主龙骨吊件，C50*20*0.6次龙骨间距@400mm\n3. 基层材料种类、规格：双层12mm阻燃夹板，局部多层\n4. 面层材料品种、规格、颜色：1.2mm仿铜不锈钢吊顶（MT-B04），含灯槽成型等\n5. 防护材料种类：所有装修用木基层均应进行防火、防腐处理\n6. 施工时面层颜色、样式由甲方和设计单位确认选样，投标人综合考虑报价，加工、切割、折边、损耗等不另计，中标后综合单价不予调整\n7. 未尽事宜详见设计图纸、图集、设计补充说明、招标文件、政府相关文件及规范等其它资料，满足验收要求","1. 部位：中庭等\n4. 面层材料品种、规格、颜色：1.2mm仿铜不锈钢吊顶（MT-B04），含灯槽成型等\n5. 防护材料种类：所有装修用木基层均应进行防火、防腐处理\n6. 施工时面层颜色、样式由甲方和设计单位确认选样，投标人综合考虑报价，加工、切割、折边、损耗等不另计，中标后综合单价不予调整\n7. 未尽事宜详见设计图纸、图集、设计补充说明、招标文件、政府相关文件及规范等其它资料，满足验收要求","不锈钢及玻璃制品","1包","m2",14.18,354.25,5023.27,22,"按深化节点图与实际的展开面积计算（见光面）",14.5,550,7975,"m2",14.5,7975,0.3200000000000003,{"v":1.0225669957686883,"d":"1.02"},true,2951.7299999999996]
[3,"3#","工程名称：3#-公区",23,"ZB011304002001","定制百叶","1. 部位：公共走道等\n2. 百叶材料品种、规格：仿铜不锈钢定制百叶（MT-B07）\n3. 未尽事宜详见设计图纸、图集、设计补充说明、招标文件、政府相关文件及规范等其它资料，满足验收要求","1. 部位：公共走道等\n2. 百叶材料品种、规格：仿铜不锈钢定制百叶（MT-B07）\n3. 未尽事宜详见设计图纸、图集、设计补充说明、招标文件、政府相关文件及规范等其它资料，满足验收要求","不锈钢及玻璃制品","1包","m2",3,997.35,2992.05,23,"按投影面积",3,950,2850,"m2",3,2850,0,{"v":1,"d":"1.00"},true,-142.05000000000018]
[4,"3#","工程名称：3#-公区",24,11204001001,"石材墙面","1. 部位：接待区等\n2. 埋板：热镀锌后置埋板，高强化学锚栓固定\n3. 钢骨架材料、间距：热浸镀锌钢方管立柱，综合考虑镀锌钢骨架规格尺寸，满足现场和规范要求，施工时提供受力计算书\n4. 基层材料种类、规格：9mm阻燃夹板+9.5mm耐火石膏板，局部多层或单层9mm阻燃夹板综合考虑\n5. 面层材料品种、规格、颜色：8mm钢化超白玻璃复合6mm透光白玉大理石（ST-B06），局部1.2mm仿铜不锈钢（MT-B04），灯箱内部喷无机涂料（PT-B01）\n6. 所有石材材料在施工前须做六面防护处理,石材结晶，以保证防水、防腐、防污、防油\n7. 施工时面层颜色、样式由甲方和设计单位确认选样，倒角，磨边、切割等加工费不另计，投标人综合考虑报价，中标后综合单价不予调整\n8. 未尽事宜详见设计图纸、图集、设计补充说明、招标文件、政府相关文件及规范等其它资料，满足验收要求","1. 部位：接待区等\n5. 面层材料品种、规格、颜色：局部1.2mm仿铜不锈钢（MT-B04）\n7. 施工时面层颜色、样式由甲方和设计单位确认选样，倒角，磨边、切割等加工费不另计，投标人综合考虑报价，中标后综合单价不予调整\n8. 未尽事宜详见设计图纸、图集、设计补充说明、招标文件、政府相关文件及规范等其它资料，满足验收要求","不锈钢及玻璃制品","1包","m2",29.05,212.55,6174.58,null,"按深化节点图与实际的展开面积计算（见光面）",{"$nulls":3},"m2",29.05,0,-29.05,{"v":0,"d":"0.00"},false,-6174.58]
[5,"3#","工程名称：3#-公区",34,11207001013,"墙面装饰板","1. 部位：门斗、门厅、接待区、中庭、公共走道等\n2. 龙骨材料种类、规格：热镀锌钢龙骨（不分规格型号，投标人综合考虑）\n3. 基层材料种类、规格：双层12mm阻燃夹板，局部单层，局部12mm阻燃夹板+9mm阻燃夹板\n4. 面层材料品种、规格、颜色：1.2mm仿铜不锈钢（MT-B04）\n5. 防护材料种类：所有装修用木基层均应进行防火、防腐处理\n6. 施工时面层颜色、样式由甲方和设计单位确认选样，投标人综合考虑报价，加工、切割、折边、损耗等不另计，中标后综合单价不予调整\n7. 未尽事宜详见设计图纸、图集、设计补充说明、招标文件、政府相关文件及规范等其它资料，满足验收要求","1. 部位：门斗、门厅、接待区、中庭、公共走道等\n4. 面层材料品种、规格、颜色：1.2mm仿铜不锈钢（MT-B04）\n5. 防护材料种类：所有装修用木基层均应进行防火、防腐处理\n6. 施工时面层颜色、样式由甲方和设计单位确认选样，投标人综合考虑报价，加工、切割、折边、损耗等不另计，中标后综合单价不予调整\n7. 未尽事宜详见设计图纸、图集、设计补充说明、招标文件、政府相关文件及规范等其它资料，满足验收要求","不锈钢及玻璃制品","1包","m2",334.18,354.25,118383.27,34,"按深化节点图与实际的展开面积计算（见光面）",265.2,550,145860,"m2",265.2,145860,-68.98000000000002,{"v":0.7935842958884433,"d":"0.79"},true,27476.729999999996]
[6,"3#","工程名称：3#-公区",35,11207001014,"墙面装饰板","1. 部位：门斗、门厅等\n2. 龙骨材料种类、规格：轻钢龙骨（不分规格型号，投标人综合考虑） \n3. 基层材料种类、规格：12mm阻燃夹板\n4. 嵌条材料品种、规格、颜色：1.2mm仿铜不锈钢(MT-B04)，展开宽度综合考虑\n5. 防护材料种类：所有装修用木基层均应进行防火、防腐处理\n6. 施工时面层颜色、样式由甲方和设计单位确认选样，投标人综合考虑报价，加工、切割、折边、损耗等不另计，中标后综合单价不予调整\n7. 未尽事宜详见设计图纸、图集、设计补充说明、招标文件、政府相关文件及规范等其它资料，满足验收要求","1. 部位：门斗、门厅等\n4. 嵌条材料品种、规格、颜色：1.2mm仿铜不锈钢(MT-B04)，展开宽度综合考虑\n5. 防护材料种类：所有装修用木基层均应进行防火、防腐处理\n6. 施工时面层颜色、样式由甲方和设计单位确认选样，投标人综合考虑报价，加工、切割、折边、损耗等不另计，中标后综合单价不予调整\n7. 未尽事宜详见设计图纸、图集、设计补充说明、招标文件、政府相关文件及规范等其它资料，满足验收要求","不锈钢及玻璃制品","1包","m2",9.23,354.25,3269.73,35,"按深化节点图与实际的展开面积计算（见光面）",10.8,550,5940,"m2",10.8,5940,1.5700000000000003,{"v":1.1700975081256773,"d":"1.17"},true,2670.27]
[7,"3#","工程名称：3#-公区",36,10808001001,"不锈钢门套","1. 部位：接待区等\n2. 龙骨材料种类、规格：热镀锌钢龙骨（不分规格型号，投标人综合考虑）\n3. 基层材料种类、规格：双层18mm阻燃夹板\n4. 面层材料品种、规格、颜色：1.2mm仿铜不锈钢（MT-B04）\n5. 防护材料种类：所有装修用木基层均应进行防火、防腐处理\n6. 施工时面层颜色、样式由甲方和设计单位确认选样，投标人综合考虑报价，加工、切割、折边、损耗等不另计，中标后综合单价不予调整\n7. 未尽事宜详见设计图纸、图集、设计补充说明、招标文件、政府相关文件及规范等其它资料，满足验收要求","1. 部位：接待区等\n4. 面层材料品种、规格、颜色：1.2mm仿铜不锈钢（MT-B04）\n5. 防护材料种类：所有装修用木基层均应进行防火、防腐处理\n6. 施工时面层颜色、样式由甲方和设计单位确认选样，投标人综合考虑报价，加工、切割、折边、损耗等不另计，中标后综合单价不予调整\n7. 未尽事宜详见设计图纸、图集、设计补充说明、招标文件、政府相关文件及规范等其它资料，满足验收要求","不锈钢及玻璃制品","1包","m2",22.4,381.5,8545.6,36,"按深化节点图与实际的展开面积计算（见光面）",25,550,13750,"m2",25,13750,2.6000000000000014,{"v":1.1160714285714286,"d":"1.12"},true,5204.4]
[8,"3#","工程名称：3#-公区",37,11502001001,"金属装饰条","1. 部位：公共走道等\n2. 龙骨材料种类、规格：20x20热镀锌方通、热镀锌角钢等热镀锌钢龙骨\n3. 嵌条材料品种、规格、颜色：直径80mm仿铜不锈钢圆形线条（MT-B04）\n4. 施工时面层颜色、样式由甲方和设计单位确认选样，投标人综合考虑报价，加工、切割、折边、损耗等不另计，中标后综合单价不予调整\n5. 未尽事宜详见设计图纸、图集、设计补充说明、招标文件、政府相关文件及规范等其它资料，满足验收要求。","1. 部位：公共走道等\n3. 嵌条材料品种、规格、颜色：直径80mm仿铜不锈钢圆形线条（MT-B04）\n4. 施工时面层颜色、样式由甲方和设计单位确认选样，投标人综合考虑报价，加工、切割、折边、损耗等不另计，中标后综合单价不予调整\n5. 未尽事宜详见设计图纸、图集、设计补充说明、招标文件、政府相关文件及规范等其它资料，满足验收要求。","不锈钢及玻璃制品","1包","m",13,49.05,637.65,37,"按现场实际发生量长度计算",13,220,2860,"m",13,2860,0,{"v":1,"d":"1.00"},true,2222.35]
[9,"3#","工程名称：3#-公区",38,11502001002,"金属装饰条","1. 部位：墙面\n2. 基层材料种类、规格：阻燃夹板基层，厚度及层数等综合考虑\n3. 嵌条材料品种、规格、颜色：1.2mm仿铜不锈钢(MT-B04)，展开宽度60以内\n4. 施工时面层颜色、样式由甲方和设计单位确认选样，投标人综合考虑报价，加工、切割、折边、损耗等不另计，中标后综合单价不予调整\n5. 未尽事宜详见设计图纸、图集、设计补充说明、招标文件、政府相关文件及规范等其它资料，满足验收要求。","1. 部位：墙面\n3. 嵌条材料品种、规格、颜色：1.2mm仿铜不锈钢(MT-B04)，展开宽度60以内\n4. 施工时面层颜色、样式由甲方和设计单位确认选样，投标人综合考虑报价，加工、切割、折边、损耗等不另计，中标后综合单价不予调整\n5. 未尽事宜详见设计图纸、图集、设计补充说明、招标文件、政府相关文件及规范等其它资料，满足验收要求。","不锈钢及玻璃制品","1包","m",53.28,43.6,2323.01,38,"按现场实际发生量长度计算",65,50,3250,"m",53.28,2664,11.719999999999999,{"v":1.21996996996997,"d":"1.22"},true,926.9899999999998]
[10,"3#","工程名称：3#-公区",39,11502001003,"金属装饰条","1. 部位：墙面\n2. 龙骨材料种类、规格：局部位置龙骨材质、规格综合考虑\n3. 基层材料种类、规格：阻燃夹板基层，厚度及层数等综合考虑\n4. 嵌条材料品种、规格、颜色：1.2mm仿铜不锈钢(MT-B04)，展开宽度60~100mm以内\n5. 施工时面层颜色、样式由甲方和设计单位确认选样，投标人综合考虑报价，加工、切割、折边、损耗等不另计，中标后综合单价不予调整\n6. 未尽事宜详见设计图纸、图集、设计补充说明、招标文件、政府相关文件及规范等其它资料，满足验收要求。","1. 部位：墙面\n4. 嵌条材料品种、规格、颜色：1.2mm仿铜不锈钢(MT-B04)，展开宽度60~100mm以内\n5. 施工时面层颜色、样式由甲方和设计单位确认选样，投标人综合考虑报价，加工、切割、折边、损耗等不另计，中标后综合单价不予调整\n6. 未尽事宜详见设计图纸、图集、设计补充说明、招标文件、政府相关文件及规范等其它资料，满足验收要求。","不锈钢及玻璃制品","1包","m",130.6,59.95,7829.47,39,"按现场实际发生量长度计算",155,60,9300,"m",130.6,7836,24.400000000000006,{"v":1.1868300153139357,"d":"1.19"},true,1470.5299999999997]
[11,"3#","工程名称：3#-公区",40,11207001015,"墙面装饰板","1. 部位：墙面等\n2. 基层材料种类、规格：12mm阻燃夹板\n3. 嵌条材料品种、规格、颜色：1.2mm仿铜不锈钢(MT-B04)，展开宽度综合考虑\n4. 施工时面层颜色、样式由甲方和设计单位确认选样，投标人综合考虑报价，加工、切割、折边、损耗等不另计，中标后综合单价不予调整\n5. 未尽事宜详见设计图纸、图集、设计补充说明、招标文件、政府相关文件及规范等其它资料，满足验收要求。","1. 部位：墙面等\n3. 嵌条材料品种、规格、颜色：1.2mm仿铜不锈钢(MT-B04)，展开宽度综合考虑\n4. 施工时面层颜色、样式由甲方和设计单位确认选样，投标人综合考虑报价，加工、切割、折边、损耗等不另计，中标后综合单价不予调整\n5. 未尽事宜详见设计图纸、图集、设计补充说明、招标文件、政府相关文件及规范等其它资料，满足验收要求。","不锈钢及玻璃制品","1包","m2",62.93,354.25,22292.95,40,"按深化节点图与实际的展开面积计算（见光面）",58.5,550,32175,"m2",58.5,32175,-4.43,{"v":0.9296043222628317,"d":"0.93"},true,9882.05]
[12,"3#","工程名称：3#-公区",45,"WB011302005005","天棚不锈钢","1. 部位：公共走道等\n2. 吊杆种类、规格：φ8热镀锌钢筋吊杆间距@≤1200mm\n3. 龙骨材料种类、规格：CS60主龙骨吊件，CS60主龙骨间距@≤1200mm，C50*20*0.6次龙骨间距@400mm\n4. 基层材料种类、规格：双层9mm硅酸钙板\n5. 面层材料品种、规格、颜色:1.2mm仿铜不锈钢(MT-B04)，局部弧形格栅造型吊顶\n6. 施工时面层颜色、样式由甲方和设计单位确认选样，切割等加工费不另计，投标人综合考虑报价，中标后综合单价不予调整\n7. 未尽事宜详见设计图纸、图集、设计补充说明、招标文件、政府相关文件及规范等其它资料，满足验收要求","1. 部位：公共走道等\n5. 面层材料品种、规格、颜色:1.2mm仿铜不锈钢(MT-B04)，局部弧形格栅造型吊顶\n6. 施工时面层颜色、样式由甲方和设计单位确认选样，切割等加工费不另计，投标人综合考虑报价，中标后综合单价不予调整\n7. 未尽事宜详见设计图纸、图集、设计补充说明、招标文件、政府相关文件及规范等其它资料，满足验收要求","不锈钢及玻璃制品","1包","m2",36.78,392.4,14432.47,45,"按深化节点图与实际的展开面积计算（见光面）",38.9,550,21395,"m2",38.9,21395,2.1199999999999974,{"v":1.0576400217509516,"d":"1.06"},true,6962.530000000001]
[13,"3#","工程名称：3#-公区",53,"WB011302005009","天棚不锈钢（侧板）","1. 部位：门厅等\n2. 龙骨材料种类、规格：C50*20*0.6次龙骨间距@400mm\n3. 基层材料种类、规格：双层9mm硅酸钙板基层\n4. 面层材料品种、规格、颜色；1.2mm深灰色不锈钢侧板（MT-B08）\n5. 施工时面层颜色、样式由甲方和设计单位确认选样，切割等加工费不另计，投标人综合考虑报价，中标后综合单价不予调整\n6. 未尽事宜详见设计图纸、图集、设计补充说明、招标文件、政府相关文件及规范等其它资料，满足验收要求","1. 部位：门厅等\n4. 面层材料品种、规格、颜色；1.2mm深灰色不锈钢侧板（MT-B08）\n5. 施工时面层颜色、样式由甲方和设计单位确认选样，切割等加工费不另计，投标人综合考虑报价，中标后综合单价不予调整\n6. 未尽事宜详见设计图纸、图集、设计补充说明、招标文件、政府相关文件及规范等其它资料，满足验收要求","不锈钢及玻璃制品","1包","m2",30.28,354.25,10726.69,53,"按深化节点图与实际的展开面积计算（见光面）",30.3,550,16665,"m2",30.3,16665,0.019999999999999574,{"v":1.000660501981506,"d":"1.00"},true,5938.3099999999995]
[14,"3#","工程名称：3#-公区",57,10808001002,"不锈钢门套","1. 部位：电梯厅等\n2. 龙骨材料种类、规格：热镀锌钢龙骨（不分规格型号，投标人综合考虑）\n3. 基层材料种类、规格：双层12mm阻燃夹板，局部12mm阻燃夹板+9mm阻燃夹板，局部多层等\n4. 面层材料品种、规格、颜色：1.2mm仿铜不锈钢（MT-B04）\n5. 防护材料种类：所有装修用木材均应进行防火、防腐处理\n6. 施工时面层颜色、样式由甲方和设计单位确认选样，投标人综合考虑报价，加工、切割、折边、损耗等不另计，中标后综合单价不予调整\n7. 未尽事宜详见设计图纸、图集、设计补充说明、招标文件、政府相关文件及规范等其它资料，满足验收要求","1. 部位：电梯厅等\n4. 面层材料品种、规格、颜色：1.2mm仿铜不锈钢（MT-B04）\n5. 防护材料种类：所有装修用木材均应进行防火、防腐处理\n6. 施工时面层颜色、样式由甲方和设计单位确认选样，投标人综合考虑报价，加工、切割、折边、损耗等不另计，中标后综合单价不予调整\n7. 未尽事宜详见设计图纸、图集、设计补充说明、招标文件、政府相关文件及规范等其它资料，满足验收要求","不锈钢及玻璃制品","1包","m2",13.69,381.5,5222.74,57,"按深化节点图与实际的展开面积计算（见光面）",13.69,550,7529.5,"m2",13.69,7529.5,0,{"v":1,"d":"1.00"},true,2306.76]
[15,"3#","工程名称：3#-公区",58,10808001003,"不锈钢门套","1. 部位：电梯厅等\n2. 龙骨材料种类、规格：热镀锌钢龙骨（不分规格型号，投标人综合考虑）\n3. 基层材料种类、规格：12mm阻燃夹板，局部双层\n4. 面层材料品种、规格、颜色：1.2mm仿铜不锈钢（MT-B04）\n5. 防护材料种类：所有装修用木材均应进行防火、防腐处理\n6. 施工时面层颜色、样式由甲方和设计单位确认选样，投标人综合考虑报价，加工、切割、折边、损耗等不另计，中标后综合单价不予调整\n7. 未尽事宜详见设计图纸、图集、设计补充说明、招标文件、政府相关文件及规范等其它资料，满足验收要求","1. 部位：电梯厅等\n4. 面层材料品种、规格、颜色：1.2mm仿铜不锈钢（MT-B04）\n5. 防护材料种类：所有装修用木材均应进行防火、防腐处理\n6. 施工时面层颜色、样式由甲方和设计单位确认选样，投标人综合考虑报价，加工、切割、折边、损耗等不另计，中标后综合单价不予调整\n7. 未尽事宜详见设计图纸、图集、设计补充说明、招标文件、政府相关文件及规范等其它资料，满足验收要求","不锈钢及玻璃制品","1包","m2",10.4,381.5,3967.6,58,"按深化节点图与实际的展开面积计算（见光面）",11.8,550,6490,"m2",11.8,6490,1.4000000000000004,{"v":1.1346153846153846,"d":"1.13"},true,2522.4]
[16,"3#","工程名称：3#-公区",59,10808001004,"不锈钢门套","1. 部位：电梯厅等\n2. 龙骨材料种类、规格：轻钢龙骨，规格尺寸满足现场和规范要求\n3. 基层材料种类、规格：双层12mm阻燃夹板，局部单层\n4. 面层材料品种、规格、颜色：1.2mm仿铜不锈钢（MT-B04）\n5. 防护材料种类：所有装修用木材均应进行防火、防腐处理\n6. 施工时面层颜色、样式由甲方和设计单位确认选样，投标人综合考虑报价，加工、切割、折边、损耗等不另计，中标后综合单价不予调整\n7. 未尽事宜详见设计图纸、图集、设计补充说明、招标文件、政府相关文件及规范等其它资料，满足验收要求","1. 部位：电梯厅等\n4. 面层材料品种、规格、颜色：1.2mm仿铜不锈钢（MT-B04）\n5. 防护材料种类：所有装修用木材均应进行防火、防腐处理\n6. 施工时面层颜色、样式由甲方和设计单位确认选样，投标人综合考虑报价，加工、切割、折边、损耗等不另计，中标后综合单价不予调整\n7. 未尽事宜详见设计图纸、图集、设计补充说明、招标文件、政府相关文件及规范等其它资料，满足验收要求","不锈钢及玻璃制品","1包","m2",1.98,381.5,755.37,59,"按深化节点图与实际的展开面积计算（见光面）",1.98,550,1089,"m2",1.98,1089,0,{"v":1,"d":"1.00"},true,333.63]
[17,"3#","工程名称：3#-公区",60,10808001005,"不锈钢门套","1.工程部位：门位置等\n2.龙骨材料种类、规格：10*20木方阻燃龙骨\n3.基层材料种类、规格：双层12mm阻燃夹板，局部多层\n4.面层材料品种、规格、颜色：1.2mm仿铜不锈钢（MT-B04）\n5. 防护材料种类：所有装修用木材均应进行防火、防腐处理\n6.施工时面层颜色、样式由甲方和设计单位确认选样，投标人综合考虑报价，加工、切割、折边、损耗等不另计，中标后综合单价不予调整\n7.未尽事宜详见设计图纸、图集、设计补充说明、招标文件、政府相关文件及规范等其它资料，满足验收要求","1.工程部位：门位置等\n4.面层材料品种、规格、颜色：1.2mm仿铜不锈钢（MT-B04）\n5. 防护材料种类：所有装修用木材均应进行防火、防腐处理\n6.施工时面层颜色、样式由甲方和设计单位确认选样，投标人综合考虑报价，加工、切割、折边、损耗等不另计，中标后综合单价不予调整\n7.未尽事宜详见设计图纸、图集、设计补充说明、招标文件、政府相关文件及规范等其它资料，满足验收要求","不锈钢及玻璃制品","1包","m2",6.04,381.5,2304.26,60,"按深化节点图与实际的展开面积计算（见光面）",6.65,550,3657.5,"m2",6.65,3657.5,0.6100000000000003,{"v":1.1009933774834437,"d":"1.10"},true,1353.2399999999998]
[18,"3#","工程名称：3#-公区",61,11502001004,"金属装饰条","1. 部位：门楣等\n2. 嵌条材料品种、规格、颜色：1.2mm仿铜不锈钢(MT-B04)，展开宽度60mm以内\n3. 施工时面层颜色、样式由甲方和设计单位确认选样，投标人综合考虑报价，加工、切割、折边、损耗等不另计，中标后综合单价不予调整\n4. 未尽事宜详见设计图纸、图集、设计补充说明、招标文件、政府相关文件及规范等其它资料，满足验收要求。","1. 部位：门楣等\n2. 嵌条材料品种、规格、颜色：1.2mm仿铜不锈钢(MT-B04)，展开宽度60mm以内\n3. 施工时面层颜色、样式由甲方和设计单位确认选样，投标人综合考虑报价，加工、切割、折边、损耗等不另计，中标后综合单价不予调整\n4. 未尽事宜详见设计图纸、图集、设计补充说明、招标文件、政府相关文件及规范等其它资料，满足验收要求。","不锈钢及玻璃制品","1包","m",13.21,43.6,575.96,61,"按现场实际发生量长度计算",15,50,750,"m",13.21,660.5,1.7899999999999991,{"v":1.1355034065102194,"d":"1.14"},true,174.03999999999996]
[19,"3#","工程名称：3#-公区",63,10805002001,"旋转门","1.工程部位：接待区等\n2.门龙骨材质种类、规格：成品门芯+30*30*3mm镀锌方钢，底部80*80*5mm镀锌方钢与埋板固定\n3.门基层材质种类、规格：12mm阻燃夹板基层等\n4.面层材料品种、规格、颜色：布艺硬包（WC-B01）+1.2mm厚仿铜不锈钢（MT-B04）\n5.五金品种、规格：包含但不限于重型上下枢轴、重型天地轴等完成此项工作的全部五金配件\n6.施工时面层颜色、样式由甲方和设计单位确认选样，投标人综合考虑报价，加工、损耗等不另计，中标后综合单价不予调整\n7.未尽事宜详见设计图纸、图集、设计补充说明、招标文件、政府相关文件及规范等其它资料，满足验收要求","1.工程部位：接待区等\n2.门龙骨材质种类、规格：成品门芯+30*30*3mm镀锌方钢，底部80*80*5mm镀锌方钢与埋板固定\n3.门基层材质种类、规格：12mm阻燃夹板基层等\n4.面层材料品种、规格、颜色：布艺硬包（WC-B01）+1.2mm厚仿铜不锈钢（MT-B04）\n5.五金品种、规格：包含但不限于重型上下枢轴、重型天地轴等完成此项工作的全部五金配件\n6.施工时面层颜色、样式由甲方和设计单位确认选样，投标人综合考虑报价，加工、损耗等不另计，中标后综合单价不予调整\n7.未尽事宜详见设计图纸、图集、设计补充说明、招标文件、政府相关文件及规范等其它资料，满足验收要求","旋转门","1包","m2",8.61,1974.72,17002.34,63,"按投影面积",8.61,1380,11881.8,"m2",8.61,11881.8,0,{"v":1,"d":"1.00"},true,-5120.540000000001]
[20,"3#","工程名称：3#-公区",64,"WB010801004001","装饰门扇安装","1.工程部位：公共走道等\n2.门扇龙骨、基层材质种类、规格：25mm细木工板+9mm阻燃夹板+四周25*25mm热镀锌方通固定\n3. 面层材料品种、规格、颜色：皮革硬包（12mm雪弗板内衬板）（UP-B02）+1.2mm厚仿铜不锈钢（MT-B04）+仿铜不锈钢嵌条，定制成品金属门拉手\n4.五金品种、规格：包含但不限于重型上下枢轴、定制不锈钢天地门轴、暗藏五金合页等完成此项工作的全部五金配件\n5.施工时面层颜色、样式由甲方和设计单位确认选样，投标人综合考虑报价，加工、损耗等不另计，中标后综合单价不予调整\n6.未尽事宜详见设计图纸、图集、设计补充说明、招标文件、政府相关文件及规范等其它资料，满足验收要求","1.工程部位：公共走道等\n3. 面层材料品种、规格、颜色：皮革硬包（12mm雪弗板内衬板）（UP-B02）+1.2mm厚仿铜不锈钢（MT-B04）+仿铜不锈钢嵌条\n5.施工时面层颜色、样式由甲方和设计单位确认选样，投标人综合考虑报价，加工、损耗等不另计，中标后综合单价不予调整\n6.未尽事宜详见设计图纸、图集、设计补充说明、招标文件、政府相关文件及规范等其它资料，满足验收要求","不锈钢及玻璃制品","1包","m2",5.11,"","",64,"按深化节点图与实际的展开面积计算（见光面）",5.11,550,2810.5,"m2",5.11,2810.5,0,{"v":1,"d":"1.00"},true,{"$error":"#VALUE!"}]
[21,"3#","工程名称：3#-公区",66,"WB011501001001","服务台","1. 部位：接待区等\n2. 台柜规格：长4800*高1100*宽1000mm\n3. 龙骨材料种类、规格：热镀锌钢龙骨（不分规格型号，投标人综合考虑）\n4. 基层材料种类、规格：12mm厚阻燃夹板，局部双层15mm厚阻燃夹板\n5. 面层材料品种、规格、颜色：25mm瑞吉黑大理石接待台(ST-B08)，局部位置为25mm巴洛克紫大理石(ST-B07)，深橡木饰面柜体（WD-B01）局部10*10凹槽、灯槽成型，50mm高仿铜覆膜不锈钢踢脚线\n6. 五金种类、规格：含所有配套不锈钢五金件\n7. 施工时面层颜色、样式由甲方和设计单位确认选样，加工、排版损耗等不另计，投标人综合考虑报价，中标后综合单价不予调整\n8. 未尽事宜详见设计图纸、图集、设计补充说明、招标文件、政府相关文件及规范等其它资料，满足验收要求","1. 部位：接待区等\n2. 台柜规格：长4800*高1100*宽1000mm\n5. 面层材料品种、规格、颜色：50mm高仿铜覆膜不锈钢踢脚线\n5.所有石材施工完后需做石材结晶\n7. 施工时面层颜色、样式由甲方和设计单位确认选样，加工、排版损耗等不另计，投标人综合考虑报价，中标后综合单价不予调整\n8. 未尽事宜详见设计图纸、图集、设计补充说明、招标文件、政府相关文件及规范等其它资料，满足验收要求","不锈钢及玻璃制品","1包","m",4.8,61.77,296.5,66,"按现场实际发生量长度计算",6.6,45,297,"m",6.6,297,1.7999999999999998,{"v":1.375,"d":"1.38"},true,0.5]
[22,"3#","工程名称：3#-公区",67,11210006001,"仿铜不锈钢格栅","1. 部位：门厅等\n2. 面层材料种类、规格：边框1.2mm60*60仿铜不锈钢方通（MT-B04），局部横向1.2mm40*40仿铜不锈钢方通（MT-B04）、1.2mm外径15mm仿铜不锈钢圆通（MT-B04）、1.2mm60*20*120仿铜不锈钢（MT-B04）\n3. 立面投影面积计算\n4. 施工时面层颜色、样式由甲方和设计单位确认选样，投标人综合考虑报价，加工、切割、折边、损耗等不另计，中标后综合单价不予调整\n5. 未尽事宜详见设计图纸、图集、设计补充说明、招标文件、政府相关文件及规范等其它资料，满足验收要求","1. 部位：门厅等\n2. 面层材料种类、规格：边框1.2mm60*60仿铜不锈钢方通（MT-B04），局部横向1.2mm40*40仿铜不锈钢方通（MT-B04）、1.2mm外径15mm仿铜不锈钢圆通（MT-B04）、1.2mm60*20*120仿铜不锈钢（MT-B04）\n3. 立面投影面积计算\n4. 施工时面层颜色、样式由甲方和设计单位确认选样，投标人综合考虑报价，加工、切割、折边、损耗等不另计，中标后综合单价不予调整\n5. 未尽事宜详见设计图纸、图集、设计补充说明、招标文件、政府相关文件及规范等其它资料，满足验收要求","不锈钢及玻璃制品","1包","m2",19.76,1482.4,29292.22,67,"按投影面积",19.76,1380,27268.800000000003,"m2",19.76,27268.800000000003,0,{"v":1,"d":"1.00"},true,-2023.4199999999983]
[23,"3#","工程名称：3#-公区",95,"WB011105006002","成品踢脚线","1. 部位：前场区等\n2. 踢脚线高度：50mm高\n3. 基层材料种类、规格：12mm阻燃夹板，或12mm阻燃夹板+9mm阻燃夹板，综合考虑\n4. 面层材料品种、规格、颜色：1.2mm仿铜不锈钢（MT-B04)\n5. 施工时面层颜色、样式由甲方和设计单位确认选样，投标人综合考虑报价，加工、切割、折边、损耗等不另计，中标后综合单价不予调整\n6. 未尽事宜详见设计图纸、图集、设计补充说明、招标文件、政府相关文件及规范等其它资料，满足验收要求","1. 部位：前场区等\n2. 踢脚线高度：50mm高\n4. 面层材料品种、规格、颜色：1.2mm仿铜不锈钢（MT-B04)\n5. 施工时面层颜色、样式由甲方和设计单位确认选样，投标人综合考虑报价，加工、切割、折边、损耗等不另计，中标后综合单价不予调整\n6. 未尽事宜详见设计图纸、图集、设计补充说明、招标文件、政府相关文件及规范等其它资料，满足验收要求","不锈钢及玻璃制品","1包","m",448.35,43.6,19548.06,95,"按现场实际发生量长度计算",558,45,25110,"m",448.35,20175.75,109.64999999999998,{"v":1.2445633991301437,"d":"1.24"},true,5561.939999999999]
[24,"3#","工程名称：3#-公区",96,"WB011105006003","成品踢脚线","1. 部位：茶室等\n2. 踢脚线高度：100mm高\n3. 基层材料种类、规格：12mm阻燃夹板+9mm阻燃夹板\n4. 面层材料品种、规格、颜色：1.2mm仿木纹覆膜不锈钢（MT-B02)\n5. 施工时面层颜色、样式由甲方和设计单位确认选样，投标人综合考虑报价，加工、切割、折边、损耗等不另计，中标后综合单价不予调整\n6. 未尽事宜详见设计图纸、图集、设计补充说明、招标文件、政府相关文件及规范等其它资料，满足验收要求","1. 部位：茶室等\n2. 踢脚线高度：100mm高\n4. 面层材料品种、规格、颜色：1.2mm仿木纹覆膜不锈钢（MT-B02)\n5. 施工时面层颜色、样式由甲方和设计单位确认选样，投标人综合考虑报价，加工、切割、折边、损耗等不另计，中标后综合单价不予调整\n6. 未尽事宜详见设计图纸、图集、设计补充说明、招标文件、政府相关文件及规范等其它资料，满足验收要求","不锈钢及玻璃制品","1包","m",14.09,65.4,921.49,96,"按现场实际发生量长度计算",16,75,1200,"m",14.09,1056.75,1.9100000000000001,{"v":1.1355571327182399,"d":"1.14"},true,278.51]
[25,"3#","工程名称：3#-公区",109,11207001027,"墙面装饰板","1. 部位：餐厅等\n2. 龙骨材料种类、规格：热镀锌钢龙骨（不分规格型号，投标人综合考虑），内塞50mm厚岩棉(容重80kg/m3)\n3. 基层材料种类、规格：双层12mm阻燃夹板\n4. 面层材料品种、规格、颜色：5mm哑光烤漆玻璃墙面（GL-B02）\n5. 防护材料种类：所有装修用木基层均应进行防火、防腐处理\n6. 施工时面层颜色、样式由甲方和设计单位确认选样，投标人综合考虑报价，加工、切割、折边、损耗等不另计，中标后综合单价不予调整\n7. 未尽事宜详见设计图纸、图集、设计补充说明、招标文件、政府相关文件及规范等其它资料，满足验收要求","1. 部位：餐厅等\n4. 面层材料品种、规格、颜色：5mm哑光烤漆玻璃墙面（GL-B02）\n5. 防护材料种类：所有装修用木基层均应进行防火、防腐处理\n6. 施工时面层颜色、样式由甲方和设计单位确认选样，投标人综合考虑报价，加工、切割、折边、损耗等不另计，中标后综合单价不予调整\n7. 未尽事宜详见设计图纸、图集、设计补充说明、招标文件、政府相关文件及规范等其它资料，满足验收要求","不锈钢及玻璃制品","1包","m2",2.08,463.25,963.56,109,"按深化节点图与实际的展开面积计算（见光面）",2.08,550,1144,"m2",2.08,1144,0,{"v":1,"d":"1.00"},true,180.44000000000005]
[26,"3#","工程名称：3#-公区",121,11207001036,"墙面装饰板","1. 部位：会议室、餐厅、会见室等\n2. 龙骨材料种类、规格：热镀锌钢龙骨（不分规格型号，投标人综合考虑），内塞50mm厚岩棉(容重80kg/m3)\n3. 基层材料种类、规格：双层12mm阻燃夹板，局部单层，局部12mm阻燃夹板+9mm阻燃夹板\n4. 面层材料品种、规格、颜色：1.2mm仿铜不锈钢（MT-B04）\n5. 防护材料种类：所有装修用木基层均应进行防火、防腐处理\n6. 施工时面层颜色、样式由甲方和设计单位确认选样，投标人综合考虑报价，加工、切割、折边、损耗等不另计，中标后综合单价不予调整\n7. 未尽事宜详见设计图纸、图集、设计补充说明、招标文件、政府相关文件及规范等其它资料，满足验收要求","1. 部位：会议室、餐厅、会见室等\n4. 面层材料品种、规格、颜色：1.2mm仿铜不锈钢（MT-B04）\n5. 防护材料种类：所有装修用木基层均应进行防火、防腐处理\n6. 施工时面层颜色、样式由甲方和设计单位确认选样，投标人综合考虑报价，加工、切割、折边、损耗等不另计，中标后综合单价不予调整\n7. 未尽事宜详见设计图纸、图集、设计补充说明、招标文件、政府相关文件及规范等其它资料，满足验收要求","不锈钢及玻璃制品","1包","m2",41.07,354.25,14549.05,121,"按深化节点图与实际的展开面积计算（见光面）",43.3,550,23815,"m2",43.3,23815,2.229999999999997,{"v":1.0542975407840272,"d":"1.05"},true,9265.95]
[27,"3#","工程名称：3#-公区",122,11502001005,"金属装饰条","1. 部位：墙面\n2. 基层材料种类、规格：阻燃夹板基层，厚度及层数等综合考虑\n3. 嵌条材料品种、规格、颜色：1.2mm仿铜不锈钢(MT-B04)，展开宽度60以内\n4. 施工时面层颜色、样式由甲方和设计单位确认选样，投标人综合考虑报价，加工、切割、折边、损耗等不另计，中标后综合单价不予调整\n5. 未尽事宜详见设计图纸、图集、设计补充说明、招标文件、政府相关文件及规范等其它资料，满足验收要求。","1. 部位：墙面\n3. 嵌条材料品种、规格、颜色：1.2mm仿铜不锈钢(MT-B04)，展开宽度60以内\n4. 施工时面层颜色、样式由甲方和设计单位确认选样，投标人综合考虑报价，加工、切割、折边、损耗等不另计，中标后综合单价不予调整\n5. 未尽事宜详见设计图纸、图集、设计补充说明、招标文件、政府相关文件及规范等其它资料，满足验收要求。","不锈钢及玻璃制品","1包","m",650.73,43.6,28371.83,122,"按现场实际发生量长度计算",708,50,35400,"m",650.73,32536.5,57.26999999999998,{"v":1.0880088515974367,"d":"1.09"},true,7028.169999999998]
[28,"3#","工程名称：3#-公区",123,11502001006,"金属装饰条","1. 部位：墙面\n2. 龙骨材料种类、规格：局部位置龙骨材质、规格综合考虑\n3. 基层材料种类、规格：阻燃夹板基层，厚度及层数等综合考虑\n4. 嵌条材料品种、规格、颜色：1.2mm仿铜不锈钢(MT-B04)，展开宽度60~100mm以内\n5. 施工时面层颜色、样式由甲方和设计单位确认选样，投标人综合考虑报价，加工、切割、折边、损耗等不另计，中标后综合单价不予调整\n6. 未尽事宜详见设计图纸、图集、设计补充说明、招标文件、政府相关文件及规范等其它资料，满足验收要求。","1. 部位：墙面\n4. 嵌条材料品种、规格、颜色：1.2mm仿铜不锈钢(MT-B04)，展开宽度60~100mm以内\n5. 施工时面层颜色、样式由甲方和设计单位确认选样，投标人综合考虑报价，加工、切割、折边、损耗等不另计，中标后综合单价不予调整\n6. 未尽事宜详见设计图纸、图集、设计补充说明、招标文件、政府相关文件及规范等其它资料，满足验收要求。","不锈钢及玻璃制品","1包","m",184.2,59.95,11042.79,123,"按现场实际发生量长度计算",225,60,13500,"m",184.2,11052,40.80000000000001,{"v":1.221498371335505,"d":"1.22"},true,2457.209999999999]
[29,"3#","工程名称：3#-公区",124,11207001037,"墙面装饰板","1. 部位：会见室等\n2. 基层材料种类、规格：双层12mm阻燃夹板\n3. 嵌条材料品种、规格、颜色：1.2mm仿木纹覆膜不锈钢（MT-B02）)，展开宽度综合考虑\n4. 施工时面层颜色、样式由甲方和设计单位确认选样，投标人综合考虑报价，加工、切割、折边、损耗等不另计，中标后综合单价不予调整\n5. 未尽事宜详见设计图纸、图集、设计补充说明、招标文件、政府相关文件及规范等其它资料，满足验收要求。","1. 部位：会见室等\n3. 嵌条材料品种、规格、颜色：1.2mm仿木纹覆膜不锈钢（MT-B02）)，展开宽度综合考虑\n4. 施工时面层颜色、样式由甲方和设计单位确认选样，投标人综合考虑报价，加工、切割、折边、损耗等不另计，中标后综合单价不予调整\n5. 未尽事宜详见设计图纸、图集、设计补充说明、招标文件、政府相关文件及规范等其它资料，满足验收要求。","不锈钢及玻璃制品","1包","m2",3.7,354.25,1310.73,124,"按深化节点图与实际的展开面积计算（见光面）",3.87,570,2205.9,"m2",3.87,2205.9,0.16999999999999993,{"v":1.045945945945946,"d":"1.05"},true,895.1700000000001]
[30,"3#","工程名称：3#-公区",125,11207001038,"墙面装饰板","1. 部位：会见室等\n2. 龙骨材料种类、规格：热镀锌钢龙骨（不分规格型号，投标人综合考虑），内塞50mm厚岩棉（容重80kg/m3)\n3. 基层材料种类、规格：12mm阻燃夹板，局部双层\n4. 面层材料品种、规格、颜色：1.2mm仿木纹覆膜不锈钢（MT-B02）\n5. 防护材料种类：所有装修用木材均应进行防火、防腐处理\n6. 施工时面层颜色、样式由甲方和设计单位确认选样，投标人综合考虑报价，加工、切割、折边、损耗等不另计，中标后综合单价不予调整\n7. 未尽事宜详见设计图纸、图集、设计补充说明、招标文件、政府相关文件及规范等其它资料，满足验收要求","1. 部位：会见室等\n4. 面层材料品种、规格、颜色：1.2mm仿木纹覆膜不锈钢（MT-B02）\n5. 防护材料种类：所有装修用木材均应进行防火、防腐处理\n6. 施工时面层颜色、样式由甲方和设计单位确认选样，投标人综合考虑报价，加工、切割、折边、损耗等不另计，中标后综合单价不予调整\n7. 未尽事宜详见设计图纸、图集、设计补充说明、招标文件、政府相关文件及规范等其它资料，满足验收要求","不锈钢及玻璃制品","1包","m2",5.28,354.25,1870.44,125,"按深化节点图与实际的展开面积计算（见光面）",5.5,570,3135,"m2",5.5,3135,0.21999999999999975,{"v":1.0416666666666665,"d":"1.04"},true,1264.56]
[31,"3#","工程名称：3#-公区",126,11207001039,"墙面装饰板","1. 部位：墙面线条等\n2. 基层材料种类、规格：12mm阻燃夹板\n3. 嵌条材料品种、规格、颜色：1.2mm仿铜不锈钢(MT-B04)，展开宽度综合考虑\n4. 施工时面层颜色、样式由甲方和设计单位确认选样，投标人综合考虑报价，加工、切割、折边、损耗等不另计，中标后综合单价不予调整\n5. 未尽事宜详见设计图纸、图集、设计补充说明、招标文件、政府相关文件及规范等其它资料，满足验收要求。","1. 部位：墙面线条等\n3. 嵌条材料品种、规格、颜色：1.2mm仿铜不锈钢(MT-B04)，展开宽度综合考虑\n4. 施工时面层颜色、样式由甲方和设计单位确认选样，投标人综合考虑报价，加工、切割、折边、损耗等不另计，中标后综合单价不予调整\n5. 未尽事宜详见设计图纸、图集、设计补充说明、招标文件、政府相关文件及规范等其它资料，满足验收要求。","不锈钢及玻璃制品","1包","m2",2.73,354.25,967.1,126,"按深化节点图与实际的展开面积计算（见光面）",2.72,550,1496,"m2",2.72,1496,-0.009999999999999787,{"v":0.9963369963369965,"d":"1.00"},true,528.9]
[32,"3#","工程名称：3#-公区",127,11207001040,"墙面装饰板","1. 部位：休息室等\n2. 基层材料种类、规格：双层12mm阻燃夹板\n3. 嵌条材料品种、规格、颜色：1.2mm仿铜不锈钢(MT-B04)，展开宽度综合考虑\n4. 施工时面层颜色、样式由甲方和设计单位确认选样，投标人综合考虑报价，加工、切割、折边、损耗等不另计，中标后综合单价不予调整\n5. 未尽事宜详见设计图纸、图集、设计补充说明、招标文件、政府相关文件及规范等其它资料，满足验收要求。","1. 部位：休息室等\n3. 嵌条材料品种、规格、颜色：1.2mm仿铜不锈钢(MT-B04)，展开宽度综合考虑\n4. 施工时面层颜色、样式由甲方和设计单位确认选样，投标人综合考虑报价，加工、切割、折边、损耗等不另计，中标后综合单价不予调整\n5. 未尽事宜详见设计图纸、图集、设计补充说明、招标文件、政府相关文件及规范等其它资料，满足验收要求。","不锈钢及玻璃制品","1包","m2",8.64,354.25,3060.72,127,"按深化节点图与实际的展开面积计算（见光面）",9.5,550,5225,"m2",9.5,5225,0.8599999999999994,{"v":1.099537037037037,"d":"1.10"},true,2164.28]
[33,"3#","工程名称：3#-公区",128,11207001041,"墙面装饰板","1. 部位：会议室、休息室等\n2. 龙骨材料种类、规格：轻钢龙骨（不分规格型号，投标人综合考虑） ,内塞50mm厚岩棉（容重80kg/m3)\n3. 基层材料种类、规格：双层12mm阻燃夹板，局部12mm阻燃夹板+9mm阻燃夹板\n4. 嵌条材料品种、规格、颜色：1.2mm仿铜不锈钢(MT-B04)，展开宽度综合考虑\n5. 施工时面层颜色、样式由甲方和设计单位确认选样，投标人综合考虑报价，加工、切割、折边、损耗等不另计，中标后综合单价不予调整\n6. 未尽事宜详见设计图纸、图集、设计补充说明、招标文件、政府相关文件及规范等其它资料，满足验收要求。","1. 部位：会议室、休息室等\n4. 嵌条材料品种、规格、颜色：1.2mm仿铜不锈钢(MT-B04)，展开宽度综合考虑\n5. 施工时面层颜色、样式由甲方和设计单位确认选样，投标人综合考虑报价，加工、切割、折边、损耗等不另计，中标后综合单价不予调整\n6. 未尽事宜详见设计图纸、图集、设计补充说明、招标文件、政府相关文件及规范等其它资料，满足验收要求。","不锈钢及玻璃制品","1包","m2",8.59,354.25,3043.01,128,"按深化节点图与实际的展开面积计算（见光面）",8.8,550,4840,"m2",8.8,4840,0.21000000000000085,{"v":1.0244470314318976,"d":"1.02"},true,1796.9899999999998]
[34,"3#","工程名称：3#-公区",138,"WB011302005017","天棚不锈钢","1. 部位：多功能厅等\n2. 龙骨材料种类、规格：热镀锌钢龙骨（不分规格型号，投标人综合考虑）\n3. 基层材料种类、规格：双层9mm硅酸钙板\n4. 面层材料品种、规格、颜色:1.2mm仿木纹覆膜不锈钢（MT-B02），局部圆形造型综合考虑报价\n5. 施工时面层颜色、样式由甲方和设计单位确认选样，切割等加工费不另计，投标人综合考虑报价，中标后综合单价不予调整\n6. 未尽事宜详见设计图纸、图集、设计补充说明、招标文件、政府相关文件及规范等其它资料，满足验收要求","1. 部位：多功能厅等\n4. 面层材料品种、规格、颜色:1.2mm仿木纹覆膜不锈钢（MT-B02），局部圆形造型综合考虑报价\n5. 施工时面层颜色、样式由甲方和设计单位确认选样，切割等加工费不另计，投标人综合考虑报价，中标后综合单价不予调整\n6. 未尽事宜详见设计图纸、图集、设计补充说明、招标文件、政府相关文件及规范等其它资料，满足验收要求","不锈钢及玻璃制品","1包","m2",247.87,354.25,87807.95,138,"按深化节点图与实际的展开面积计算（见光面）",255,570,145350,"m2",255,145350,7.1299999999999955,{"v":1.028765078468552,"d":"1.03"},true,57542.05]
[35,"3#","工程名称：3#-公区",139,"WB011302005018","天棚不锈钢","1. 部位：餐厅、茶室等\n2. 吊杆种类、规格：φ8热镀锌钢筋吊杆间距@≤1200mm，\n3. 龙骨材料种类、规格：CS60主龙骨吊件，CS60主龙骨间距@≤1200mm，C50*20*0.6次龙骨间距@400mm，局部钢龙骨加固\n4. 基层材料种类、规格：双层9mm硅酸钙板\n5. 面层材料品种、规格、颜色:1.2mm仿木纹覆膜不锈钢（MT-B02）\n6. 施工时面层颜色、样式由甲方和设计单位确认选样，切割等加工费不另计，投标人综合考虑报价，中标后综合单价不予调整\n7. 未尽事宜详见设计图纸、图集、设计补充说明、招标文件、政府相关文件及规范等其它资料，满足验收要求","1. 部位：餐厅、茶室等\n5. 面层材料品种、规格、颜色:1.2mm仿木纹覆膜不锈钢（MT-B02）\n6. 施工时面层颜色、样式由甲方和设计单位确认选样，切割等加工费不另计，投标人综合考虑报价，中标后综合单价不予调整\n7. 未尽事宜详见设计图纸、图集、设计补充说明、招标文件、政府相关文件及规范等其它资料，满足验收要求","不锈钢及玻璃制品","1包","m2",23.85,354.25,8448.86,139,"按深化节点图与实际的展开面积计算（见光面）",26.8,570,15276,"m2",26.8,15276,2.9499999999999993,{"v":1.1236897274633124,"d":"1.12"},true,6827.139999999999]
[36,"3#","工程名称：3#-公区",140,"WB011302005019","天棚不锈钢（圆形）","1. 部位：餐厅\n2. 吊杆种类、规格：φ8热镀锌钢筋吊杆间距@≤1200mm\n3. 龙骨材料种类、规格：CS60主龙骨吊件，CS60主龙骨间距@≤1200mm，C50*20*0.6次龙骨间距@400mm\n4. 基层材料种类、规格：双层9mm硅酸钙板\n5. 面层材料品种、规格、颜色:1.2mm仿木纹覆膜不锈钢圆形吊顶（MT-B02）\n6. 施工时面层颜色、样式由甲方和设计单位确认选样，切割等加工费不另计，投标人综合考虑报价，中标后综合单价不予调整\n7. 未尽事宜详见设计图纸、图集、设计补充说明、招标文件、政府相关文件及规范等其它资料，满足验收要求","1. 部位：餐厅\n5. 面层材料品种、规格、颜色:1.2mm仿木纹覆膜不锈钢圆形吊顶（MT-B02）\n6. 施工时面层颜色、样式由甲方和设计单位确认选样，切割等加工费不另计，投标人综合考虑报价，中标后综合单价不予调整\n7. 未尽事宜详见设计图纸、图集、设计补充说明、招标文件、政府相关文件及规范等其它资料，满足验收要求","不锈钢及玻璃制品","1包","m2",30.13,354.25,10673.55,140,"按深化节点图与实际的展开面积计算（见光面）",32,2380,76160,"m2",32,76160,1.870000000000001,{"v":1.0620643876535014,"d":"1.06"},true,65486.45]
[37,"3#","工程名称：3#-公区",141,"WB011302005020","天棚不锈钢","1. 部位：会见室等\n2. 吊杆种类、规格：φ8热镀锌钢筋吊杆间距@≤1200mm\n3. 龙骨材料种类、规格：CS60主龙骨吊件，CS60主龙骨间距@≤1200mm，C50*20*0.6次龙骨间距@400mm\n4. 基层材料种类、规格：双层9mm硅酸钙板\n5. 面层材料品种、规格、颜色:1.2mm仿铜不锈钢(MT-B04)，局部弧形格栅造型吊顶\n6. 施工时面层颜色、样式由甲方和设计单位确认选样，切割等加工费不另计，投标人综合考虑报价，中标后综合单价不予调整\n7. 未尽事宜详见设计图纸、图集、设计补充说明、招标文件、政府相关文件及规范等其它资料，满足验收要求","1. 部位：会见室等\n5. 面层材料品种、规格、颜色:1.2mm仿铜不锈钢(MT-B04)，局部弧形格栅造型吊顶\n6. 施工时面层颜色、样式由甲方和设计单位确认选样，切割等加工费不另计，投标人综合考虑报价，中标后综合单价不予调整\n7. 未尽事宜详见设计图纸、图集、设计补充说明、招标文件、政府相关文件及规范等其它资料，满足验收要求","不锈钢及玻璃制品","1包","m2",19.38,392.4,7604.71,141,"按深化节点图与实际的展开面积计算（见光面）",19.38,1350,26163,"m2",19.38,26163,0,{"v":1,"d":"1.00"},true,18558.29]
[38,"3#","工程名称：3#-公区",142,"WB011302005021","天棚不锈钢（包边）","1. 部位：会见室等\n2. 基层材料种类、规格：双层9mm硅酸钙板，局部单层\n3. 面层材料品种、规格、颜色:1.2mm仿铜不锈钢(MT-B04)\n4. 施工时面层颜色、样式由甲方和设计单位确认选样，切割等加工费不另计，投标人综合考虑报价，中标后综合单价不予调整\n5. 未尽事宜详见设计图纸、图集、设计补充说明、招标文件、政府相关文件及规范等其它资料，满足验收要求","1. 部位：会见室等\n3. 面层材料品种、规格、颜色:1.2mm仿铜不锈钢(MT-B04)\n4. 施工时面层颜色、样式由甲方和设计单位确认选样，切割等加工费不另计，投标人综合考虑报价，中标后综合单价不予调整\n5. 未尽事宜详见设计图纸、图集、设计补充说明、招标文件、政府相关文件及规范等其它资料，满足验收要求","不锈钢及玻璃制品","1包","m2",16.92,354.25,5993.91,142,"按深化节点图与实际的展开面积计算（见光面）",18.5,550,10175,"m2",18.5,10175,1.5799999999999983,{"v":1.0933806146572103,"d":"1.09"},true,4181.09]
[39,"3#","工程名称：3#-公区",148,"ZB011304002003","不锈钢定制百叶","1. 风口百叶凹10mm侧面(与天花同色)，出风百叶内部基层喷黑处理 \n2.仿铜不锈钢定制百叶（MT-B07）\n3. 未尽事宜详见设计图纸、图集、设计补充说明、招标文件、政府相关文件及规范等其它资料，满足验收要求","1. 风口百叶凹10mm侧面(与天花同色)\n2.仿铜不锈钢定制百叶（MT-B07）\n3. 未尽事宜详见设计图纸、图集、设计补充说明、招标文件、政府相关文件及规范等其它资料，满足验收要求","不锈钢及玻璃制品","1包","m2",4.84,997.35,4827.17,148,"按投影面积",4.84,960,4646.4,"m2",4.84,4646.4,0,{"v":1,"d":"1.00"},true,-180.77000000000044]
[40,"3#","工程名称：3#-公区",150,"WB011302005026","天棚不锈钢","1. 部位：多功能厅等\n2. 龙骨材料种类、规格：L50热镀锌角钢等热镀锌钢龙骨\n3. 基层材料种类、规格：双层9mm硅酸钙板\n4. 嵌条材料品种、规格、颜色：1.2mm仿木纹覆膜不锈钢（MT-B02），展开宽度综合考虑\n5. 施工时面层颜色、样式由甲方和设计单位确认选样，投标人综合考虑报价，加工、切割、折边、损耗等不另计，中标后综合单价不予调整\n6. 未尽事宜详见设计图纸、图集、设计补充说明、招标文件、政府相关文件及规范等其它资料，满足验收要求。","1. 部位：多功能厅等\n4. 嵌条材料品种、规格、颜色：1.2mm仿木纹覆膜不锈钢（MT-B02），展开宽度综合考虑\n5. 施工时面层颜色、样式由甲方和设计单位确认选样，投标人综合考虑报价，加工、切割、折边、损耗等不另计，中标后综合单价不予调整\n6. 未尽事宜详见设计图纸、图集、设计补充说明、招标文件、政府相关文件及规范等其它资料，满足验收要求。","不锈钢及玻璃制品","1包","m2",13.38,354.25,4739.87,150,"按深化节点图与实际的展开面积计算（见光面）",14.88,570,8481.6,"m2",14.88,8481.6,1.5,{"v":1.1121076233183858,"d":"1.11"},true,3741.7300000000005]
[41,"3#","工程名称：3#-公区",151,"WB011302005027","天棚不锈钢","1. 部位：茶室等\n2. 嵌条材料品种、规格、颜色：1.2mm仿木纹覆膜不锈钢（MT-B02），展开宽度综合考虑\n3. 施工时面层颜色、样式由甲方和设计单位确认选样，投标人综合考虑报价，加工、切割、折边、损耗等不另计，中标后综合单价不予调整\n4. 未尽事宜详见设计图纸、图集、设计补充说明、招标文件、政府相关文件及规范等其它资料，满足验收要求。","1. 部位：茶室等\n2. 嵌条材料品种、规格、颜色：1.2mm仿木纹覆膜不锈钢（MT-B02），展开宽度综合考虑\n3. 施工时面层颜色、样式由甲方和设计单位确认选样，投标人综合考虑报价，加工、切割、折边、损耗等不另计，中标后综合单价不予调整\n4. 未尽事宜详见设计图纸、图集、设计补充说明、招标文件、政府相关文件及规范等其它资料，满足验收要求。","不锈钢及玻璃制品","1包","m2",1.79,354.25,634.11,151,"按深化节点图与实际的展开面积计算（见光面）",1.79,570,1020.3000000000001,"m2",1.79,1020.3000000000001,0,{"v":1,"d":"1.00"},true,386.19000000000005]
[42,"3#","工程名称：3#-公区",152,"WB011302005028","天棚不锈钢","1. 部位：茶室等\n2. 龙骨材料种类、规格：M8全牙吊杆@1000,CS60主龙骨(上人龙骨)≤1200,DC50次龙骨≤300\n3. 基层材料种类、规格：12mm硅酸钙板\n4. 嵌条材料品种、规格、颜色：1.2mm仿木纹覆膜不锈钢（MT-B02），展开宽度综合考虑\n5. 施工时面层颜色、样式由甲方和设计单位确认选样，投标人综合考虑报价，加工、切割、折边、损耗等不另计，中标后综合单价不予调整\n6. 未尽事宜详见设计图纸、图集、设计补充说明、招标文件、政府相关文件及规范等其它资料，满足验收要求。","1. 部位：茶室等\n4. 嵌条材料品种、规格、颜色：1.2mm仿木纹覆膜不锈钢（MT-B02），展开宽度综合考虑\n5. 施工时面层颜色、样式由甲方和设计单位确认选样，投标人综合考虑报价，加工、切割、折边、损耗等不另计，中标后综合单价不予调整\n6. 未尽事宜详见设计图纸、图集、设计补充说明、招标文件、政府相关文件及规范等其它资料，满足验收要求。","不锈钢及玻璃制品","1包","m2",5.77,354.25,2044.02,152,"按深化节点图与实际的展开面积计算（见光面）",5.77,570,3288.8999999999996,"m2",5.77,3288.8999999999996,0,{"v":1,"d":"1.00"},true,1244.8799999999997]
[43,"3#","工程名称：3#-公区",153,"WB011302005029","天棚不锈钢","1. 部位：会议室、休息室等\n2. 基层材料种类、规格：9mm硅酸钙板\n3. 嵌条材料品种、规格、颜色：1.2mm深灰色不锈钢（MT-B08），展开宽度综合考虑\n4. 施工时面层颜色、样式由甲方和设计单位确认选样，投标人综合考虑报价，加工、切割、折边、损耗等不另计，中标后综合单价不予调整\n5. 未尽事宜详见设计图纸、图集、设计补充说明、招标文件、政府相关文件及规范等其它资料，满足验收要求。","1. 部位：会议室、休息室等\n3. 嵌条材料品种、规格、颜色：1.2mm深灰色不锈钢（MT-B08），展开宽度综合考虑\n4. 施工时面层颜色、样式由甲方和设计单位确认选样，投标人综合考虑报价，加工、切割、折边、损耗等不另计，中标后综合单价不予调整\n5. 未尽事宜详见设计图纸、图集、设计补充说明、招标文件、政府相关文件及规范等其它资料，满足验收要求。","不锈钢及玻璃制品","1包","m2",12.82,354.25,4541.49,153,"按深化节点图与实际的展开面积计算（见光面）",16.5,550,9075,"m2",16.5,9075,3.6799999999999997,{"v":1.2870514820592824,"d":"1.29"},true,4533.51]
[44,"3#","工程名称：3#-公区",157,11502001007,"金属装饰条","1. 部位：会见室顶面\n2. 嵌条材料品种、规格、颜色：1.2mm仿铜不锈钢(MT-B04)，展开宽度60~100mm以内\n3. 施工时面层颜色、样式由甲方和设计单位确认选样，投标人综合考虑报价，加工、切割、折边、损耗等不另计，中标后综合单价不予调整\n4. 未尽事宜详见设计图纸、图集、设计补充说明、招标文件、政府相关文件及规范等其它资料，满足验收要求。","1. 部位：会见室顶面\n2. 嵌条材料品种、规格、颜色：1.2mm仿铜不锈钢(MT-B04)，展开宽度60~100mm以内\n3. 施工时面层颜色、样式由甲方和设计单位确认选样，投标人综合考虑报价，加工、切割、折边、损耗等不另计，中标后综合单价不予调整\n4. 未尽事宜详见设计图纸、图集、设计补充说明、招标文件、政府相关文件及规范等其它资料，满足验收要求。","不锈钢及玻璃制品","1包","m",20.08,59.95,1203.8,157,"按现场实际发生量长度计算",20.8,60,1248,"m",20.08,1204.8,0.7200000000000024,{"v":1.0358565737051795,"d":"1.04"},true,44.200000000000045]
[45,"3#","工程名称：3#-公区",158,11502001008,"金属装饰条","1. 部位：会见室顶面\n2. 嵌条材料品种、规格、颜色：1.2mm仿铜不锈钢(MT-B04)，展开宽度60mm以内\n3. 施工时面层颜色、样式由甲方和设计单位确认选样，投标人综合考虑报价，加工、切割、折边、损耗等不另计，中标后综合单价不予调整\n4. 未尽事宜详见设计图纸、图集、设计补充说明、招标文件、政府相关文件及规范等其它资料，满足验收要求。","1. 部位：会见室顶面\n2. 嵌条材料品种、规格、颜色：1.2mm仿铜不锈钢(MT-B04)，展开宽度60mm以内\n3. 施工时面层颜色、样式由甲方和设计单位确认选样，投标人综合考虑报价，加工、切割、折边、损耗等不另计，中标后综合单价不予调整\n4. 未尽事宜详见设计图纸、图集、设计补充说明、招标文件、政府相关文件及规范等其它资料，满足验收要求。","不锈钢及玻璃制品","1包","m",15.06,43.6,656.62,158,"按现场实际发生量长度计算",15.6,50,780,"m",15.06,753,0.5399999999999991,{"v":1.0358565737051793,"d":"1.04"},true,123.38]
[46,"3#","工程名称：3#-公区",163,10808001006,"不锈钢门套","1. 部位：多功能厅、餐厅等\n2. 龙骨材料种类、规格：热镀锌钢龙骨（不分规格型号，投标人综合考虑），内塞50mm厚岩棉(容重80kg/m3)\n3. 基层材料种类、规格：双层12mm阻燃夹板，局部12mm阻燃夹板+9mm阻燃夹板，局部多层等\n4. 面层材料品种、规格、颜色：1.2mm仿铜不锈钢（MT-B04）\n5. 防护材料种类：所有装修用木材均应进行防火、防腐处理\n6. 施工时面层颜色、样式由甲方和设计单位确认选样，投标人综合考虑报价，加工、切割、折边、损耗等不另计，中标后综合单价不予调整\n7. 未尽事宜详见设计图纸、图集、设计补充说明、招标文件、政府相关文件及规范等其它资料，满足验收要求","1. 部位：多功能厅、餐厅等\n4. 面层材料品种、规格、颜色：1.2mm仿铜不锈钢（MT-B04）\n5. 防护材料种类：所有装修用木材均应进行防火、防腐处理\n6. 施工时面层颜色、样式由甲方和设计单位确认选样，投标人综合考虑报价，加工、切割、折边、损耗等不另计，中标后综合单价不予调整\n7. 未尽事宜详见设计图纸、图集、设计补充说明、招标文件、政府相关文件及规范等其它资料，满足验收要求","不锈钢及玻璃制品","1包","m2",71.67,381.5,27342.11,163,"按深化节点图与实际的展开面积计算（见光面）",75.6,550,41580,"m2",75.6,41580,3.9299999999999926,{"v":1.0548346588530766,"d":"1.05"},true,14237.89]
[47,"3#","工程名称：3#-公区",164,10808001007,"不锈钢门套","1. 部位：多功能厅等\n2. 龙骨材料种类、规格：轻钢龙骨，规格尺寸满足现场和规范要求，内塞50mm厚岩棉(容重80kg/m3)\n3. 基层材料种类、规格：双层12mm阻燃夹板，局部单层\n4. 面层材料品种、规格、颜色：1.2mm仿铜不锈钢（MT-B04）\n5. 防护材料种类：所有装修用木材均应进行防火、防腐处理\n6. 施工时面层颜色、样式由甲方和设计单位确认选样，投标人综合考虑报价，加工、切割、折边、损耗等不另计，中标后综合单价不予调整\n7. 未尽事宜详见设计图纸、图集、设计补充说明、招标文件、政府相关文件及规范等其它资料，满足验收要求","1. 部位：多功能厅等\n4. 面层材料品种、规格、颜色：1.2mm仿铜不锈钢（MT-B04）\n5. 防护材料种类：所有装修用木材均应进行防火、防腐处理\n6. 施工时面层颜色、样式由甲方和设计单位确认选样，投标人综合考虑报价，加工、切割、折边、损耗等不另计，中标后综合单价不予调整\n7. 未尽事宜详见设计图纸、图集、设计补充说明、招标文件、政府相关文件及规范等其它资料，满足验收要求","不锈钢及玻璃制品","1包","m2",8.86,381.5,3380.09,164,"按深化节点图与实际的展开面积计算（见光面）",8.86,550,4873,"m2",8.86,4873,0,{"v":1,"d":"1.00"},true,1492.9099999999999]
[48,"3#","工程名称：3#-公区",165,10808001008,"不锈钢门套","1.工程部位：门位置等\n2.龙骨材料种类、规格：10*20木方阻燃龙骨\n3.基层材料种类、规格：双层12mm阻燃夹板，局部多层\n4.面层材料品种、规格、颜色：1.2mm仿铜不锈钢（MT-B04）\n5. 防护材料种类：所有装修用木材均应进行防火、防腐处理\n6.施工时面层颜色、样式由甲方和设计单位确认选样，投标人综合考虑报价，加工、切割、折边、损耗等不另计，中标后综合单价不予调整\n7.未尽事宜详见设计图纸、图集、设计补充说明、招标文件、政府相关文件及规范等其它资料，满足验收要求","1.工程部位：门位置等\n4.面层材料品种、规格、颜色：1.2mm仿铜不锈钢（MT-B04）\n5. 防护材料种类：所有装修用木材均应进行防火、防腐处理\n6.施工时面层颜色、样式由甲方和设计单位确认选样，投标人综合考虑报价，加工、切割、折边、损耗等不另计，中标后综合单价不予调整\n7.未尽事宜详见设计图纸、图集、设计补充说明、招标文件、政府相关文件及规范等其它资料，满足验收要求","不锈钢及玻璃制品","1包","m2",79.44,381.5,30306.36,165,"按深化节点图与实际的展开面积计算（见光面）",82.5,550,45375,"m2",82.5,45375,3.0600000000000023,{"v":1.0385196374622356,"d":"1.04"},true,15068.64]
[49,"3#","工程名称：3#-公区",166,11502001009,"金属装饰条","1. 部位：门楣等\n2. 嵌条材料品种、规格、颜色：1.2mm仿铜不锈钢(MT-B04)，展开宽度60mm以内\n3. 施工时面层颜色、样式由甲方和设计单位确认选样，投标人综合考虑报价，加工、切割、折边、损耗等不另计，中标后综合单价不予调整\n4. 未尽事宜详见设计图纸、图集、设计补充说明、招标文件、政府相关文件及规范等其它资料，满足验收要求。","1. 部位：门楣等\n2. 嵌条材料品种、规格、颜色：1.2mm仿铜不锈钢(MT-B04)，展开宽度60mm以内\n3. 施工时面层颜色、样式由甲方和设计单位确认选样，投标人综合考虑报价，加工、切割、折边、损耗等不另计，中标后综合单价不予调整\n4. 未尽事宜详见设计图纸、图集、设计补充说明、招标文件、政府相关文件及规范等其它资料，满足验收要求。","不锈钢及玻璃制品","1包","m",60.4,43.6,2633.44,166,"按现场实际发生量长度计算",60.4,60,3624,"m",60.4,3624,0,{"v":1,"d":"1.00"},true,990.56]
[50,"3#","工程名称：3#-公区",168,10805002002,"旋转门","1.工程部位：多功能厅等\n2.门龙骨材质种类、规格：成品门芯+40*40*4mm镀锌方钢\n3.门基层材质种类、规格：12mm阻燃夹板+局部双层9mm阻燃夹板等\n4.面层材料品种、规格、颜色：布艺硬包（1）（WC-B02）+1.2mm厚仿铜不锈钢（MT-B04）+5mm宽仿铜不锈钢嵌条\n5.五金品种、规格：包含但不限于重型上下枢轴、重型天地轴等完成此项工作的全部五金配件\n6.施工时面层颜色、样式由甲方和设计单位确认选样，投标人综合考虑报价，加工、损耗等不另计，中标后综合单价不予调整\n7.未尽事宜详见设计图纸、图集、设计补充说明、招标文件、政府相关文件及规范等其它资料，满足验收要求","1.工程部位：多功能厅等\n2.门龙骨材质种类、规格：成品门芯+40*40*4mm镀锌方钢\n3.门基层材质种类、规格：12mm阻燃夹板+局部双层9mm阻燃夹板等\n4.面层材料品种、规格、颜色：布艺硬包（1）（WC-B02）+1.2mm厚仿铜不锈钢（MT-B04）+5mm宽仿铜不锈钢嵌条\n5.五金品种、规格：包含但不限于重型上下枢轴、重型天地轴等完成此项工作的全部五金配件\n6.施工时面层颜色、样式由甲方和设计单位确认选样，投标人综合考虑报价，加工、损耗等不另计，中标后综合单价不予调整\n7.未尽事宜详见设计图纸、图集、设计补充说明、招标文件、政府相关文件及规范等其它资料，满足验收要求","旋转门","1包","m2",80.95,1974.72,159853.61,168,"按投影面积",80.85,1380,111572.99999999999,"m2",80.95,111711,-0.10000000000000853,{"v":0.9987646695491043,"d":"1.00"},true,-48280.61]
[51,"3#","工程名称：3#-公区",169,"WB010801004003","装饰门扇安装","1.工程部位：各功能房间等\n2.门扇龙骨、基层材质种类、规格：25mm细木工板+9mm阻燃夹板+四周25*25mm热镀锌方通固定\n3. 面层材料品种、规格、颜色：皮革硬包（12mm雪弗板内衬板）（UP-B02）+1.2mm厚仿铜不锈钢（MT-B04）+仿铜不锈钢嵌条，定制成品金属门拉手\n4.五金品种、规格：包含但不限于重型上下枢轴、定制不锈钢天地门轴、暗藏五金合页等完成此项工作的全部五金配件\n5.施工时面层颜色、样式由甲方和设计单位确认选样，投标人综合考虑报价，加工、损耗等不另计，中标后综合单价不予调整\n6.未尽事宜详见设计图纸、图集、设计补充说明、招标文件、政府相关文件及规范等其它资料，满足验收要求","1.工程部位：各功能房间等\n3. 面层材料品种、规格、颜色：皮革硬包（12mm雪弗板内衬板）（UP-B02）+1.2mm厚仿铜不锈钢（MT-B04）+仿铜不锈钢嵌条\n5.施工时面层颜色、样式由甲方和设计单位确认选样，投标人综合考虑报价，加工、损耗等不另计，中标后综合单价不予调整\n6.未尽事宜详见设计图纸、图集、设计补充说明、招标文件、政府相关文件及规范等其它资料，满足验收要求","不锈钢及玻璃制品","1包","m2",79.07,"","",169,"按深化节点图与实际的展开面积计算（见光面）",79,550,43450,"m2",79,43450,-0.06999999999999318,{"v":0.9991147084861516,"d":"1.00"},true,{"$error":"#VALUE!"}]
[52,"3#","工程名称：3#-公区",171,10801004001,"装饰防火门","1.工程部位：音控室\n2.门扇龙骨、基层材质种类、规格：甲级防火门门芯(须满足当地消防部门的防火认证)\n3.门套材料种类、规格：木方基层(防腐防潮处理)+双层12mm阻燃夹板+木转印（MT-D05）\n4.面层材料品种、规格、颜色：一侧布艺硬包饰面（WC-B02）一侧木纹转印饰面（MT-B05），局部四周1.2mm仿铜不锈钢包边（MT-B04）\n5.五金品种、规格：包含但不限于成品金属门把手(选样)、成品五金暗铰链(选型一侧三副)等完成此项工作的全部五金配件\n6.施工时面层颜色、样式由甲方和设计单位确认选样，投标人综合考虑报价，加工、损耗等不另计，中标后综合单价不予调整\n7.未尽事宜详见设计图纸、图集、设计补充说明、招标文件、政府相关文件及规范等其它资料，满足验收要求","1.工程部位：音控室\n4.面层材料品种、规格、颜色：一侧布艺硬包饰面（WC-B02）一侧木纹转印饰面（MT-B05），局部四周1.2mm仿铜不锈钢包边（MT-B04）\n6.施工时面层颜色、样式由甲方和设计单位确认选样，投标人综合考虑报价，加工、损耗等不另计，中标后综合单价不予调整\n7.未尽事宜详见设计图纸、图集、设计补充说明、招标文件、政府相关文件及规范等其它资料，满足验收要求","不锈钢及玻璃制品","1包","m2",1.89,423.45,800.33,171,"按深化节点图与实际的展开面积计算（见光面）",1.89,550,1039.5,"m2",1.89,1039.5,0,{"v":1,"d":"1.00"},true,239.16999999999996]
[53,"3#","工程名称：3#-公区",172,10801004002,"装饰防火门","1.工程部位：音控室\n2.门扇龙骨、基层材质种类、规格：甲级防火门门芯(须满足当地消防部门的防火认证)+12mm阻燃夹板\n3.门套材料种类、规格：20*50mm木方基层+双层9mm阻燃夹板+木转印（MT-D05）\n4.面层材料品种、规格、颜色：木纹转印饰面（MT-B05），局部10*10mm凹缝\n5.五金品种、规格：包含但不限于成品金属门把手(选样)、成品五金暗铰链(选型一侧三副)、消音胶条等完成此项工作的全部五金配件\n6.施工时面层颜色、样式由甲方和设计单位确认选样，投标人综合考虑报价，加工、损耗等不另计，中标后综合单价不予调整\n7.未尽事宜详见设计图纸、图集、设计补充说明、招标文件、政府相关文件及规范等其它资料，满足验收要求","1.工程部位：音控室\n2.门扇龙骨、基层材质种类、规格：\n4.面层材料品种、规格、颜色：木纹转印饰面（MT-B05），局部10*10mm凹缝\n6.施工时面层颜色、样式由甲方和设计单位确认选样，投标人综合考虑报价，加工、损耗等不另计，中标后综合单价不予调整\n7.未尽事宜详见设计图纸、图集、设计补充说明、招标文件、政府相关文件及规范等其它资料，满足验收要求","不锈钢及玻璃制品","1包","m2",2.05,305.2,625.66,172,"按深化节点图与实际的展开面积计算（见光面）",2.05,570,1168.5,"m2",2.05,1168.5,0,{"v":1,"d":"1.00"},true,542.84]
[54,"3#","工程名称：3#-公区",174,11210006002,"不锈钢屏风","1. 部位：餐厅等\n2. 龙骨材料种类、规格：热镀锌钢龙骨（不分规格型号，投标人综合考虑） \n3. 基层材料种类、规格：12mm阻燃夹板+5厘板基层，局部双层或单层12mm阻燃夹板\n4. 面层材料种类、规格：仿铜不锈钢屏风（MT-04）\n5. 防护材料种类：所有装修用木基层均应进行防火、防腐处理\n6. 施工时面层颜色、样式由甲方和设计单位确认选样，投标人综合考虑报价，加工、切割、折边、损耗等不另计，中标后综合单价不予调整\n7. 未尽事宜详见设计图纸、图集、设计补充说明、招标文件、政府相关文件及规范等其它资料，满足验收要求","1. 部位：餐厅等\n4. 面层材料种类、规格：仿铜不锈钢屏风（MT-04）\n5. 防护材料种类：所有装修用木基层均应进行防火、防腐处理\n6. 施工时面层颜色、样式由甲方和设计单位确认选样，投标人综合考虑报价，加工、切割、折边、损耗等不另计，中标后综合单价不予调整\n7. 未尽事宜详见设计图纸、图集、设计补充说明、招标文件、政府相关文件及规范等其它资料，满足验收要求","不锈钢及玻璃制品","1包","m2",27.54,3556.07,97934.18,174,"按投影面积",27.54,2250,61965,"m2",27.54,61965,0,{"v":1,"d":"1.00"},true,-35969.17999999999]
[55,"3#","工程名称：3#-公区",177,"WB011501001005","镜柜","1. 部位：卫生间等\n2. 龙骨材料种类、规格：热镀锌钢龙骨（不分规格型号，投标人综合考虑）\n3. 基层材料种类、规格：12mm阻燃夹板基层，局部多层\n4. 面层材料品种、规格、颜色：5mm银镜饰面（MR-B01），四周1.2mm仿铜不锈钢饰面灯槽（MT-B04）\n5. 防护材料种类：所有装修用木基层均应进行防火、防腐处理\n6. 施工时面层颜色、样式由甲方和设计单位确认选样，投标人综合考虑报价，加工、切割、折边、损耗等不另计，中标后综合单价不予调整\n7. 未尽事宜详见设计图纸、图集、设计补充说明、招标文件、政府相关文件及规范等其它资料，满足验收要求","1. 部位：卫生间等\n4. 面层材料品种、规格、颜色：5mm银镜饰面（MR-B01），四周1.2mm仿铜不锈钢饰面灯槽（MT-B04）\n5. 防护材料种类：所有装修用木基层均应进行防火、防腐处理\n6. 施工时面层颜色、样式由甲方和设计单位确认选样，投标人综合考虑报价，加工、切割、折边、损耗等不另计，中标后综合单价不予调整\n7. 未尽事宜详见设计图纸、图集、设计补充说明、招标文件、政府相关文件及规范等其它资料，满足验收要求","不锈钢及玻璃制品","1包","m2",10.56,837.64,8845.51,177,"按投影面积",22.48,385,8654.8,"m2",10.56,4065.6000000000004,11.92,{"v":2.128787878787879,"d":"2.13"},true,-190.71000000000095]
[56,"3#","工程名称：3#-公区",190,"WB011105006004","成品踢脚线","1. 部位：卫生间等\n2. 踢脚线高度：50mm高\n3. 基层材料种类、规格：12mm阻燃夹板，或12mm阻燃夹板+9mm阻燃夹板，综合考虑\n4. 面层材料品种、规格、颜色：1.2mm仿铜不锈钢（MT-B04)\n5. 施工时面层颜色、样式由甲方和设计单位确认选样，投标人综合考虑报价，加工、切割、折边、损耗等不另计，中标后综合单价不予调整\n6. 未尽事宜详见设计图纸、图集、设计补充说明、招标文件、政府相关文件及规范等其它资料，满足验收要求","1. 部位：卫生间等\n2. 踢脚线高度：50mm高\n4. 面层材料品种、规格、颜色：1.2mm仿铜不锈钢（MT-B04)\n5. 施工时面层颜色、样式由甲方和设计单位确认选样，投标人综合考虑报价，加工、切割、折边、损耗等不另计，中标后综合单价不予调整\n6. 未尽事宜详见设计图纸、图集、设计补充说明、招标文件、政府相关文件及规范等其它资料，满足验收要求","不锈钢及玻璃制品","1包","m",11.3,43.6,492.68,190,"按现场实际发生量长度计算",13,45,585,"m",11.3,508.50000000000006,1.6999999999999993,{"v":1.1504424778761062,"d":"1.15"},true,92.32]
[57,"3#","工程名称：3#-公区",195,11210006003,"卫生间隔断","1. 部位：公区卫生间等\n2. 龙骨材料种类、规格：热镀锌钢龙骨（不分规格型号，投标人综合考虑），底部C20混凝土导墙不另列，报价综合考虑\n3. 基层材料种类、规格：12mm硅酸钙板基层，门扇基层为细木工板+12mm硅酸钙板\n4. 面层材料品种、规格、颜色：双面10mm厚仿木纹防火板（WD-B08），50mm高仿铜不锈钢踢脚线（MT-B04），门上顶面仿铜不锈钢包边(MT-B04）\n5. 施工时面层颜色、样式由甲方和设计单位确认选样，投标人综合考虑报价，加工、切割、折边、损耗等不另计，中标后综合单价不予调整\n6. 未尽事宜详见设计图纸、图集、设计补充说明、招标文件、政府相关文件及规范等其它资料，满足验收要求","1. 部位：公区卫生间等\n4. 面层材料品种、规格、颜色：50mm高仿铜不锈钢踢脚线（MT-B04），门上顶面仿铜不锈钢包边(MT-B04）\n5. 施工时面层颜色、样式由甲方和设计单位确认选样，投标人综合考虑报价，加工、切割、折边、损耗等不另计，中标后综合单价不予调整\n6. 未尽事宜详见设计图纸、图集、设计补充说明、招标文件、政府相关文件及规范等其它资料，满足验收要求","不锈钢及玻璃制品","1包","m2",72.1,112.25,8093.1,195,"按深化节点图与实际的展开面积计算（见光面）",38.5,570,21945,"m2",38.5,21945,-33.599999999999994,{"v":0.5339805825242719,"d":"0.53"},true,13851.9]
[58,"3#","工程名称：3#-公区",196,11210003001,"小便斗玻璃隔断","1. 部位：公区卫生间等\n2.龙骨材料种类、规格：热镀锌钢龙骨（不分规格型号，投标人综合考虑）\n3.基层材料种类、规格：9mm阻燃夹板\n4.隔断面层：6+1.52pvb+6mm夹丝玻璃（GL-B04）+1.2mm仿铜不锈钢（MT-B04）\n5. 防护材料种类：所有装修用木基层均应进行防火、防腐处理\n6.施工时面层颜色、样式由甲方和设计单位确认选样，投标人综合考虑报价，加工、切割、折边、损耗等不另计，中标后综合单价不予调整\n7.未尽事宜详见设计图纸、图集、设计补充说明、招标文件、政府相关文件及规范等其它资料，满足验收要求","1. 部位：公区卫生间等\n4.隔断面层：6+1.52pvb+6mm夹丝玻璃（GL-B04）+1.2mm仿铜不锈钢（MT-B04）\n5. 防护材料种类：所有装修用木基层均应进行防火、防腐处理\n6.施工时面层颜色、样式由甲方和设计单位确认选样，投标人综合考虑报价，加工、切割、折边、损耗等不另计，中标后综合单价不予调整\n7.未尽事宜详见设计图纸、图集、设计补充说明、招标文件、政府相关文件及规范等其它资料，满足验收要求","不锈钢及玻璃制品","1包","m2",6.43,1090,7008.7,196,"按投影面积",8.57,950,8141.5,"m2",6.43,6108.5,2.1400000000000006,{"v":1.3328149300155523,"d":"1.33"},true,1132.8000000000002]
[59,"3#","工程名称：3#-公区",205,"WB011501001006","洗手台+柜体","1. 部位：卫生间等\n2. 规格尺寸：600mm宽（局部620mm宽）*850mm高（局部880mm高）\n3. 龙骨材料种类、规格：热镀锌钢龙骨（不分规格型号，投标人综合考虑），局部阻燃木方龙骨\n4. 基层材料种类、规格：局部双层12mm阻燃夹板\n5. 面层材料品种、规格、颜色：18mm雪花白大理石（ST-B10）台面，10mm仿木纹防火板饰面(WD-B08），防火板饰面柜体、50mm高不锈钢踢脚线等\n6. 所有石材材料在施工前须做六面防护处理,石材结晶，以保证防水、防腐、防污、防油\n7. 施工时面层颜色、样式由甲方和设计单位确认选样，倒角，磨边、切割等加工费不另计，投标人综合考虑报价，中标后综合单价不予调整\n8. 未尽事宜详见设计图纸、图集、设计补充说明、招标文件、政府相关文件及规范等其它资料，满足验收要求","1. 部位：卫生间等\n2. 规格尺寸：600mm宽（局部620mm宽）*850mm高（局部880mm高）\n5. 面层材料品种、规格、颜色：50mm高不锈钢踢脚线等\n7. 施工时面层颜色、样式由甲方和设计单位确认选样，倒角，磨边、切割等加工费不另计，投标人综合考虑报价，中标后综合单价不予调整\n8. 未尽事宜详见设计图纸、图集、设计补充说明、招标文件、政府相关文件及规范等其它资料，满足验收要求","不锈钢及玻璃制品","1包","m",8.29,52.54,435.54,205,"按现场实际发生量长度计算",13,45,585,"m",13,585,4.710000000000001,{"v":1.5681544028950545,"d":"1.57"},true,149.45999999999998]
[60,"3#","工程名称：3#-公区",206,"WB011501001007","镜柜","1. 部位：卫生间等\n2. 龙骨材料种类、规格：热镀锌钢龙骨（不分规格型号，投标人综合考虑）+20*40mm木方（阻燃处理）等\n3. 基层材料种类、规格：12mm阻燃夹板基层，局部双层\n4. 面层材料品种、规格、颜色：5mm银镜饰面（MR-B01）+1.2mm仿铜不锈钢（MT-B04）+四周不锈钢包边\n5. 防护材料种类：所有装修用木基层均应进行防火、防腐处理\n6. 施工时面层颜色、样式由甲方和设计单位确认选样，投标人综合考虑报价，加工、切割、折边、损耗等不另计，中标后综合单价不予调整\n7. 未尽事宜详见设计图纸、图集、设计补充说明、招标文件、政府相关文件及规范等其它资料，满足验收要求","1. 部位：卫生间等\n4. 面层材料品种、规格、颜色：5mm银镜饰面（MR-B01）+1.2mm仿铜不锈钢（MT-B04）+四周不锈钢包边\n5. 防护材料种类：所有装修用木基层均应进行防火、防腐处理\n6. 施工时面层颜色、样式由甲方和设计单位确认选样，投标人综合考虑报价，加工、切割、折边、损耗等不另计，中标后综合单价不予调整\n7. 未尽事宜详见设计图纸、图集、设计补充说明、招标文件、政府相关文件及规范等其它资料，满足验收要求","不锈钢及玻璃制品","1包","m2",11.82,857.82,10139.42,206,"按投影面积",11.82,385,4550.7,"m2",11.82,4550.7,0,{"v":1,"d":"1.00"},true,-5588.72]
[61,"3#","工程名称：3#-公区",227,"WB011105006005","成品踢脚线","1. 部位：后场房间等\n2. 踢脚线高度：50mm高\n3. 基层材料种类、规格：12mm阻燃夹板，或12mm阻燃夹板+9mm阻燃夹板，综合考虑\n4. 面层材料品种、规格、颜色：1.2mm仿铜不锈钢（MT-B04)\n5. 施工时面层颜色、样式由甲方和设计单位确认选样，投标人综合考虑报价，加工、切割、折边、损耗等不另计，中标后综合单价不予调整\n6. 未尽事宜详见设计图纸、图集、设计补充说明、招标文件、政府相关文件及规范等其它资料，满足验收要求","1. 部位：后场房间等\n2. 踢脚线高度：50mm高\n4. 面层材料品种、规格、颜色：1.2mm仿铜不锈钢（MT-B04)\n5. 施工时面层颜色、样式由甲方和设计单位确认选样，投标人综合考虑报价，加工、切割、折边、损耗等不另计，中标后综合单价不予调整\n6. 未尽事宜详见设计图纸、图集、设计补充说明、招标文件、政府相关文件及规范等其它资料，满足验收要求","不锈钢及玻璃制品","1包","m",27.84,43.6,1213.82,227,"按现场实际发生量长度计算",32,45,1440,"m",27.84,1252.8,4.16,{"v":1.1494252873563218,"d":"1.15"},true,226.18000000000006]
[62,"3#","工程名称：3#-公区",228,"WB011105006006","成品踢脚线","1. 部位：部分后场房间等\n2. 踢脚线高度：50mm高\n3. 基层材料种类、规格：9mm阻燃夹板\n4. 面层材料品种、规格、颜色：1.2mm仿铜不锈钢（MT-D01)\n5. 施工时面层颜色、样式由甲方和设计单位确认选样，投标人综合考虑报价，加工、切割、折边、损耗等不另计，中标后综合单价不予调整\n6. 未尽事宜详见设计图纸、图集、设计补充说明、招标文件、政府相关文件及规范等其它资料，满足验收要求","1. 部位：部分后场房间等\n2. 踢脚线高度：50mm高\n4. 面层材料品种、规格、颜色：1.2mm仿铜不锈钢（MT-D01)\n5. 施工时面层颜色、样式由甲方和设计单位确认选样，投标人综合考虑报价，加工、切割、折边、损耗等不另计，中标后综合单价不予调整\n6. 未尽事宜详见设计图纸、图集、设计补充说明、招标文件、政府相关文件及规范等其它资料，满足验收要求","不锈钢及玻璃制品","1包","m",299.02,43.6,13037.27,228,"按现场实际发生量长度计算",357,45,16065,"m",299.02,13455.9,57.98000000000002,{"v":1.193900073573674,"d":"1.19"},true,3027.7299999999996]
[63,"3#","工程名称：3#-公区",229,11210006004,"卫生间隔断","1. 部位：卫生间等\n2. 龙骨材料种类、规格：热镀锌钢龙骨（不分规格型号，投标人综合考虑），底部C20混凝土导墙不另列，报价综合考虑\n3. 基层材料种类、规格：12mm硅酸钙板基层，门扇基层为细木工板+12mm硅酸钙板\n4. 面层材料品种、规格、颜色：双面10mm厚仿木纹防火板（WD-B08），50mm高仿铜不锈钢踢脚线（MT-B04），门上顶面仿铜不锈钢包边(MT-B04）\n5. 施工时面层颜色、样式由甲方和设计单位确认选样，投标人综合考虑报价，加工、切割、折边、损耗等不另计，中标后综合单价不予调整\n6. 未尽事宜详见设计图纸、图集、设计补充说明、招标文件、政府相关文件及规范等其它资料，满足验收要求","1. 部位：卫生间等\n4. 面层材料品种、规格、颜色：50mm高仿铜不锈钢踢脚线（MT-B04），门上顶面仿铜不锈钢包边(MT-B04）\n5. 施工时面层颜色、样式由甲方和设计单位确认选样，投标人综合考虑报价，加工、切割、折边、损耗等不另计，中标后综合单价不予调整\n6. 未尽事宜详见设计图纸、图集、设计补充说明、招标文件、政府相关文件及规范等其它资料，满足验收要求","不锈钢及玻璃制品","1包","m2",7.37,155.65,1147.16,229,"按深化节点图与实际的展开面积计算（见光面）",7.37,570,4200.9,"m2",7.37,4200.9,0,{"v":1,"d":"1.00"},true,3053.74]
[64,"3#","工程名称：3#-公区",244,10808001009,"不锈钢门套","1. 部位：电梯厅等\n2. 龙骨材料种类、规格：热镀锌钢龙骨（不分规格型号，投标人综合考虑）\n3. 基层材料种类、规格：12mm阻燃夹板，局部双层\n4. 面层材料品种、规格、颜色：1.2mm仿铜不锈钢（MT-B04）\n5. 防护材料种类：所有装修用木材均应进行防火、防腐处理\n6. 施工时面层颜色、样式由甲方和设计单位确认选样，投标人综合考虑报价，加工、切割、折边、损耗等不另计，中标后综合单价不予调整\n7. 未尽事宜详见设计图纸、图集、设计补充说明、招标文件、政府相关文件及规范等其它资料，满足验收要求","1. 部位：电梯厅等\n4. 面层材料品种、规格、颜色：1.2mm仿铜不锈钢（MT-B04）\n5. 防护材料种类：所有装修用木材均应进行防火、防腐处理\n6. 施工时面层颜色、样式由甲方和设计单位确认选样，投标人综合考虑报价，加工、切割、折边、损耗等不另计，中标后综合单价不予调整\n7. 未尽事宜详见设计图纸、图集、设计补充说明、招标文件、政府相关文件及规范等其它资料，满足验收要求","不锈钢及玻璃制品","1包","m2",11.39,381.5,4345.29,244,"按深化节点图与实际的展开面积计算（见光面）",11.39,550,6264.5,"m2",11.39,6264.5,0,{"v":1,"d":"1.00"},true,1919.21]
[65,"3#","工程名称：3#-公区",245,10808001010,"不锈钢门套","1.工程部位：门位置等\n2.龙骨材料种类、规格：10*20木方阻燃龙骨\n3.基层材料种类、规格：双层12mm阻燃夹板，局部多层\n4.面层材料品种、规格、颜色：1.2mm仿铜不锈钢（MT-B04）\n5. 防护材料种类：所有装修用木材均应进行防火、防腐处理\n6.施工时面层颜色、样式由甲方和设计单位确认选样，投标人综合考虑报价，加工、切割、折边、损耗等不另计，中标后综合单价不予调整\n7.未尽事宜详见设计图纸、图集、设计补充说明、招标文件、政府相关文件及规范等其它资料，满足验收要求","1.工程部位：门位置等\n4.面层材料品种、规格、颜色：1.2mm仿铜不锈钢（MT-B04）\n5. 防护材料种类：所有装修用木材均应进行防火、防腐处理\n6.施工时面层颜色、样式由甲方和设计单位确认选样，投标人综合考虑报价，加工、切割、折边、损耗等不另计，中标后综合单价不予调整\n7.未尽事宜详见设计图纸、图集、设计补充说明、招标文件、政府相关文件及规范等其它资料，满足验收要求","不锈钢及玻璃制品","1包","m2",6.36,381.5,2426.34,245,"按深化节点图与实际的展开面积计算（见光面）",6.4,550,3520,"m2",6.4,3520,0.040000000000000036,{"v":1.0062893081761006,"d":"1.01"},true,1093.6599999999999]
[66,"3#","工程名称：3#-公区",246,11502001010,"金属装饰条","1. 部位：门楣\n2. 嵌条材料品种、规格、颜色：1.2mm仿铜不锈钢(MT-B04)，展开宽度60mm以内\n3. 施工时面层颜色、样式由甲方和设计单位确认选样，投标人综合考虑报价，加工、切割、折边、损耗等不另计，中标后综合单价不予调整\n4. 未尽事宜详见设计图纸、图集、设计补充说明、招标文件、政府相关文件及规范等其它资料，满足验收要求。","1. 部位：门楣\n2. 嵌条材料品种、规格、颜色：1.2mm仿铜不锈钢(MT-B04)，展开宽度60mm以内\n3. 施工时面层颜色、样式由甲方和设计单位确认选样，投标人综合考虑报价，加工、切割、折边、损耗等不另计，中标后综合单价不予调整\n4. 未尽事宜详见设计图纸、图集、设计补充说明、招标文件、政府相关文件及规范等其它资料，满足验收要求。","不锈钢及玻璃制品","1包","m",24.99,43.6,1089.56,246,"按现场实际发生量长度计算",32,60,1920,"m",24.99,1499.3999999999999,7.010000000000002,{"v":1.2805122048819528,"d":"1.28"},true,830.44]
[67,"3#","工程名称：3#-公区",248,"WB010801004004","装饰门扇安装","1.工程部位：各功能房间等\n2.门扇龙骨、基层材质种类、规格：25mm细木工板+9mm阻燃夹板+四周25*25mm热镀锌方通固定\n3. 面层材料品种、规格、颜色：皮革硬包（12mm雪弗板内衬板）（UP-B02）+1.2mm厚仿铜不锈钢（MT-B04）+仿铜不锈钢嵌条，定制成品金属门拉手\n4.五金品种、规格：包含但不限于重型上下枢轴、定制不锈钢天地门轴、暗藏五金合页等完成此项工作的全部五金配件\n5.施工时面层颜色、样式由甲方和设计单位确认选样，投标人综合考虑报价，加工、损耗等不另计，中标后综合单价不予调整\n6.未尽事宜详见设计图纸、图集、设计补充说明、招标文件、政府相关文件及规范等其它资料，满足验收要求","1.工程部位：各功能房间等\n3. 面层材料品种、规格、颜色：皮革硬包（12mm雪弗板内衬板）（UP-B02）+1.2mm厚仿铜不锈钢（MT-B04）+仿铜不锈钢嵌条\n5.施工时面层颜色、样式由甲方和设计单位确认选样，投标人综合考虑报价，加工、损耗等不另计，中标后综合单价不予调整\n6.未尽事宜详见设计图纸、图集、设计补充说明、招标文件、政府相关文件及规范等其它资料，满足验收要求","不锈钢及玻璃制品","1包","m2",3.23,"","",248,"按深化节点图与实际的展开面积计算（见光面）",3.23,550,1776.5,"m2",3.23,1776.5,0,{"v":1,"d":"1.00"},true,{"$error":"#VALUE!"}]
[68,"3#","工程名称：3#-公区",250,10801004003,"装饰防火门","1.工程部位：走道等\n2.门扇龙骨、基层材质种类、规格：乙级防火门门芯(须满足当地消防部门的防火认证)\n3.门套材料种类、规格：12mm阻燃夹板+9mm阻燃夹板+木纹转印饰面（MT-D05）\n4.面层材料品种、规格、颜色：一侧皮革硬包饰面（UP-B02）一侧木纹转印饰面（MT-B05）\n5.五金品种、规格：包含但不限于成品金属门把手(选样)、成品五金暗铰链(选型一侧三副)等完成此项工作的全部五金配件\n6.施工时面层颜色、样式由甲方和设计单位确认选样，投标人综合考虑报价，加工、损耗等不另计，中标后综合单价不予调整\n7.未尽事宜详见设计图纸、图集、设计补充说明、招标文件、政府相关文件及规范等其它资料，满足验收要求","1.工程部位：走道等\n3.门套材料种类、规格：木纹转印饰面（MT-D05）\n4.面层材料品种、规格、颜色：一侧皮革硬包饰面（UP-B02）一侧木纹转印饰面（MT-B05）\n6.施工时面层颜色、样式由甲方和设计单位确认选样，投标人综合考虑报价，加工、损耗等不另计，中标后综合单价不予调整\n7.未尽事宜详见设计图纸、图集、设计补充说明、招标文件、政府相关文件及规范等其它资料，满足验收要求","不锈钢及玻璃制品","1包","m2",4.63,152.6,706.54,null,"按深化节点图与实际的展开面积计算（见光面）",{"$nulls":3},"m2",4.63,0,-4.63,{"v":0,"d":"0.00"},false,-706.54]
[69,"3#","工程名称：3#-公区",251,10801004004,"装饰防火门","1.工程部位：后场房间等\n2.门扇龙骨、基层材质种类、规格：乙级防火门门芯(须满足当地消防部门的防火认证)\n3.门套材料种类、规格：12mm阻燃夹板+9mm阻燃夹板+木纹转印饰面（MT-D05）\n4.面层材料品种、规格、颜色：木纹转印饰面（MT-B05）\n5.五金品种、规格：包含但不限于成品金属门把手(选样)、成品五金暗铰链(选型一侧三副)等完成此项工作的全部五金配件\n6.施工时面层颜色、样式由甲方和设计单位确认选样，投标人综合考虑报价，加工、损耗等不另计，中标后综合单价不予调整\n7.未尽事宜详见设计图纸、图集、设计补充说明、招标文件、政府相关文件及规范等其它资料，满足验收要求","1.工程部位：后场房间等\n3.门套材料种类、规格：木纹转印饰面（MT-D05）\n4.面层材料品种、规格、颜色：木纹转印饰面（MT-B05）\n6.施工时面层颜色、样式由甲方和设计单位确认选样，投标人综合考虑报价，加工、损耗等不另计，中标后综合单价不予调整\n7.未尽事宜详见设计图纸、图集、设计补充说明、招标文件、政府相关文件及规范等其它资料，满足验收要求","不锈钢及玻璃制品","1包","m2",4.32,305.2,1318.46,251,"按深化节点图与实际的展开面积计算（见光面）",4.32,550,2376,"m2",4.32,2376,0,{"v":1,"d":"1.00"},true,1057.54]
[70,"3#","工程名称：3#-公区",256,"WB011501001009","镜柜","1. 部位：卫生间等\n2. 龙骨材料种类、规格：热镀锌钢龙骨（不分规格型号，投标人综合考虑）\n3. 基层材料种类、规格：12mm阻燃夹板基层，局部多层\n4. 面层材料品种、规格、颜色：5mm银镜饰面（MR-B01），四周1.2mm仿铜不锈钢饰面灯槽（MT-B04）\n5. 防护材料种类：所有装修用木基层均应进行防火、防腐处理\n6. 施工时面层颜色、样式由甲方和设计单位确认选样，投标人综合考虑报价，加工、切割、折边、损耗等不另计，中标后综合单价不予调整\n7. 未尽事宜详见设计图纸、图集、设计补充说明、招标文件、政府相关文件及规范等其它资料，满足验收要求","1. 部位：卫生间等\n4. 面层材料品种、规格、颜色：5mm银镜饰面（MR-B01），四周1.2mm仿铜不锈钢饰面灯槽（MT-B04）\n5. 防护材料种类：所有装修用木基层均应进行防火、防腐处理\n6. 施工时面层颜色、样式由甲方和设计单位确认选样，投标人综合考虑报价，加工、切割、折边、损耗等不另计，中标后综合单价不予调整\n7. 未尽事宜详见设计图纸、图集、设计补充说明、招标文件、政府相关文件及规范等其它资料，满足验收要求","不锈钢及玻璃制品","1包","m2",0.95,863.4,820.23,256,"按投影面积",0.95,385,365.75,"m2",0.95,365.75,0,{"v":1,"d":"1.00"},true,-454.48]
[71,"3#","工程名称：3#-公区",272,"WB011105006007","成品踢脚线","1. 部位：客房走道等\n2. 踢脚线高度：50mm高\n3. 基层材料种类、规格：12mm阻燃夹板，或12mm阻燃夹板+9mm阻燃夹板，综合考虑\n4. 面层材料品种、规格、颜色：1.2mm仿铜不锈钢（MT-B04)\n5. 施工时面层颜色、样式由甲方和设计单位确认选样，投标人综合考虑报价，加工、切割、折边、损耗等不另计，中标后综合单价不予调整\n6. 未尽事宜详见设计图纸、图集、设计补充说明、招标文件、政府相关文件及规范等其它资料，满足验收要求","1. 部位：客房走道等\n2. 踢脚线高度：50mm高\n4. 面层材料品种、规格、颜色：1.2mm仿铜不锈钢（MT-B04)\n5. 施工时面层颜色、样式由甲方和设计单位确认选样，投标人综合考虑报价，加工、切割、折边、损耗等不另计，中标后综合单价不予调整\n6. 未尽事宜详见设计图纸、图集、设计补充说明、招标文件、政府相关文件及规范等其它资料，满足验收要求","不锈钢及玻璃制品","1包","m",314.48,43.6,13711.33,272,"按现场实际发生量长度计算",385,45,17325,"m",314.48,14151.6,70.51999999999998,{"v":1.2242431951157466,"d":"1.22"},true,3613.67]
[72,"3#","工程名称：3#-公区",275,11207001049,"硬包暗门","1. 部位：客房走道等\n2. 龙骨材料种类、规格：热镀锌钢龙骨（不分规格型号，投标人综合考虑）\n3. 基层材料种类、规格：12mm阻燃夹板，背侧封1mm厚镀锌铁板\n4. 面层材料品种、规格、颜色：布艺硬包饰面暗门（WC-B01），1.2mm仿铜不锈钢线条收边（MT-B04），展开尺寸：4+19+10+22mm\n5. 五金品种、规格：包括不限于隐藏式暗铰链、磁碰、天地轴、隐藏拉手等完成此项工作的全部五金配件\n6. 施工时面层颜色、样式由甲方和设计单位确认选样，投标人综合考虑报价，加工、损耗等不另计，中标后综合单价不予调整\n7. 未尽事宜详见设计图纸、图集、设计补充说明、招标文件、政府相关文件及规范等其它资料，满足验收要求","1. 部位：客房走道等\n4. 面层材料品种、规格、颜色：布艺硬包饰面暗门（WC-B01），1.2mm仿铜不锈钢线条收边（MT-B04），展开尺寸：4+19+10+22mm\n6. 施工时面层颜色、样式由甲方和设计单位确认选样，投标人综合考虑报价，加工、损耗等不另计，中标后综合单价不予调整\n7. 未尽事宜详见设计图纸、图集、设计补充说明、招标文件、政府相关文件及规范等其它资料，满足验收要求","不锈钢及玻璃制品","1包","m2",113.24,35.43,4011.53,275,"按深化节点图与实际的展开面积计算（见光面）",58.6,550,32230,"m2",58.6,32230,-54.63999999999999,{"v":0.5174849876368774,"d":"0.52"},true,28218.47]
[73,"3#","工程名称：3#-公区",284,11207001057,"墙面装饰板","1. 部位：3#客房走道等\n2. 龙骨材料种类、规格： 热镀锌钢龙骨（不分规格型号，投标人综合考虑）\n3. 基层材料种类、规格：双层12mm阻燃夹板，局部单层，局部12mm阻燃夹板+9mm阻燃夹板\n4. 面层材料品种、规格、颜色：1.2mm仿铜不锈钢（MT-B04）\n5. 防护材料种类：所有装修用木基层均应进行防火、防腐处理\n6. 施工时面层颜色、样式由甲方和设计单位确认选样，投标人综合考虑报价，加工、切割、折边、损耗等不另计，中标后综合单价不予调整\n7. 未尽事宜详见设计图纸、图集、设计补充说明、招标文件、政府相关文件及规范等其它资料，满足验收要求","1. 部位：3#客房走道等\n4. 面层材料品种、规格、颜色：1.2mm仿铜不锈钢（MT-B04）\n5. 防护材料种类：所有装修用木基层均应进行防火、防腐处理\n6. 施工时面层颜色、样式由甲方和设计单位确认选样，投标人综合考虑报价，加工、切割、折边、损耗等不另计，中标后综合单价不予调整\n7. 未尽事宜详见设计图纸、图集、设计补充说明、招标文件、政府相关文件及规范等其它资料，满足验收要求","不锈钢及玻璃制品","1包","m2",8.66,354.25,3067.81,284,"按深化节点图与实际的展开面积计算（见光面）",8.66,550,4763,"m2",8.66,4763,0,{"v":1,"d":"1.00"},true,1695.19]
[74,"3#","工程名称：3#-公区",285,11502001011,"金属装饰条","1. 部位：墙面\n2. 基层材料种类、规格：阻燃夹板基层，厚度及层数等综合考虑\n3. 嵌条材料品种、规格、颜色：1.2mm仿铜不锈钢(MT-B04)，展开宽度60以内\n4. 施工时面层颜色、样式由甲方和设计单位确认选样，投标人综合考虑报价，加工、切割、折边、损耗等不另计，中标后综合单价不予调整\n5. 未尽事宜详见设计图纸、图集、设计补充说明、招标文件、政府相关文件及规范等其它资料，满足验收要求。","1. 部位：墙面\n3. 嵌条材料品种、规格、颜色：1.2mm仿铜不锈钢(MT-B04)，展开宽度60以内\n4. 施工时面层颜色、样式由甲方和设计单位确认选样，投标人综合考虑报价，加工、切割、折边、损耗等不另计，中标后综合单价不予调整\n5. 未尽事宜详见设计图纸、图集、设计补充说明、招标文件、政府相关文件及规范等其它资料，满足验收要求。","不锈钢及玻璃制品","1包","m",307.18,43.6,13393.05,285,"按现场实际发生量长度计算",355,50,17750,"m",307.18,15359,47.81999999999999,{"v":1.1556741975389022,"d":"1.16"},true,4356.950000000001]
[75,"3#","工程名称：3#-公区",286,11502001012,"金属装饰条","1. 部位：墙面\n2. 龙骨材料种类、规格：局部位置龙骨材质、规格综合考虑\n3. 基层材料种类、规格：阻燃夹板基层，厚度及层数等综合考虑\n4. 嵌条材料品种、规格、颜色：1.2mm仿铜不锈钢(MT-B04)，展开宽度60~100mm以内\n5. 施工时面层颜色、样式由甲方和设计单位确认选样，投标人综合考虑报价，加工、切割、折边、损耗等不另计，中标后综合单价不予调整\n6. 未尽事宜详见设计图纸、图集、设计补充说明、招标文件、政府相关文件及规范等其它资料，满足验收要求。","1. 部位：墙面\n4. 嵌条材料品种、规格、颜色：1.2mm仿铜不锈钢(MT-B04)，展开宽度60~100mm以内\n5. 施工时面层颜色、样式由甲方和设计单位确认选样，投标人综合考虑报价，加工、切割、折边、损耗等不另计，中标后综合单价不予调整\n6. 未尽事宜详见设计图纸、图集、设计补充说明、招标文件、政府相关文件及规范等其它资料，满足验收要求。","不锈钢及玻璃制品","1包","m",440.33,59.95,26397.78,286,"按现场实际发生量长度计算",486,60,29160,"m",440.33,26419.8,45.670000000000016,{"v":1.1037176662957329,"d":"1.10"},true,2762.220000000001]
[76,"3#","工程名称：3#-公区",287,11207001058,"墙面装饰板","1. 部位：客房走道等\n2. 基层材料种类、规格：12mm阻燃夹板\n3. 嵌条材料品种、规格、颜色：1.2mm仿铜不锈钢(MT-B04)，展开宽度综合考虑\n4. 施工时面层颜色、样式由甲方和设计单位确认选样，投标人综合考虑报价，加工、切割、折边、损耗等不另计，中标后综合单价不予调整\n5. 未尽事宜详见设计图纸、图集、设计补充说明、招标文件、政府相关文件及规范等其它资料，满足验收要求。","1. 部位：客房走道等\n3. 嵌条材料品种、规格、颜色：1.2mm仿铜不锈钢(MT-B04)，展开宽度综合考虑\n4. 施工时面层颜色、样式由甲方和设计单位确认选样，投标人综合考虑报价，加工、切割、折边、损耗等不另计，中标后综合单价不予调整\n5. 未尽事宜详见设计图纸、图集、设计补充说明、招标文件、政府相关文件及规范等其它资料，满足验收要求。","不锈钢及玻璃制品","1包","m2",9.71,354.25,3439.77,287,"按深化节点图与实际的展开面积计算（见光面）",12,550,6600,"m2",12,6600,2.289999999999999,{"v":1.2358393408856847,"d":"1.24"},true,3160.23]
[77,"3#","工程名称：3#-公区",288,11207001059,"墙面装饰板","1. 部位：客房走道等\n2. 龙骨材料种类、规格：轻钢龙骨（不分规格型号，投标人综合考虑）\n3. 基层材料种类、规格：双层12mm阻燃夹板，局部12mm阻燃夹板+9mm阻燃夹板\n4. 嵌条材料品种、规格、颜色：1.2mm仿铜不锈钢(MT-B04)，展开宽度综合考虑\n5. 施工时面层颜色、样式由甲方和设计单位确认选样，投标人综合考虑报价，加工、切割、折边、损耗等不另计，中标后综合单价不予调整\n6. 未尽事宜详见设计图纸、图集、设计补充说明、招标文件、政府相关文件及规范等其它资料，满足验收要求。","1. 部位：客房走道等\n4. 嵌条材料品种、规格、颜色：1.2mm仿铜不锈钢(MT-B04)，展开宽度综合考虑\n5. 施工时面层颜色、样式由甲方和设计单位确认选样，投标人综合考虑报价，加工、切割、折边、损耗等不另计，中标后综合单价不予调整\n6. 未尽事宜详见设计图纸、图集、设计补充说明、招标文件、政府相关文件及规范等其它资料，满足验收要求。","不锈钢及玻璃制品","1包","m2",2.79,354.25,988.36,288,"按深化节点图与实际的展开面积计算（见光面）",2.79,550,1534.5,"m2",2.79,1534.5,0,{"v":1,"d":"1.00"},true,546.14]
[78,"3#","工程名称：3#-公区",294,"WB011302005037","天棚不锈钢","1. 部位：客房走道等\n2. 吊杆种类、规格：φ8热镀锌钢筋吊杆间距@≤1200mm，\n3. 龙骨材料种类、规格：CS60主龙骨吊件，CS60主龙骨间距@≤1200mm，C50*20*0.6次龙骨间距@400mm，局部钢龙骨加固\n4. 基层材料种类、规格：双层9mm硅酸钙板\n5. 面层材料品种、规格、颜色:1.2mm仿木纹覆膜不锈钢（MT-B02）\n6. 施工时面层颜色、样式由甲方和设计单位确认选样，切割等加工费不另计，投标人综合考虑报价，中标后综合单价不予调整\n7. 未尽事宜详见设计图纸、图集、设计补充说明、招标文件、政府相关文件及规范等其它资料，满足验收要求","1. 部位：客房走道等\n5. 面层材料品种、规格、颜色:1.2mm仿木纹覆膜不锈钢（MT-B02）\n6. 施工时面层颜色、样式由甲方和设计单位确认选样，切割等加工费不另计，投标人综合考虑报价，中标后综合单价不予调整\n7. 未尽事宜详见设计图纸、图集、设计补充说明、招标文件、政府相关文件及规范等其它资料，满足验收要求","不锈钢及玻璃制品","1包","m2",51.44,354.25,18222.62,294,"按深化节点图与实际的展开面积计算（见光面）",53.5,570,30495,"m2",53.5,30495,2.0600000000000023,{"v":1.0400466562986004,"d":"1.04"},true,12272.380000000001]
[79,"3#","工程名称：3#-公区",295,"WB011302005038","天棚不锈钢","1. 部位：客房走道等\n2. 吊杆种类、规格：φ8热镀锌钢筋吊杆间距@≤1200mm\n3. 龙骨材料种类、规格：CS60主龙骨吊件，CS60主龙骨间距@≤1200mm，C50*20*0.6次龙骨间距@400mm\n4. 基层材料种类、规格：双层9mm硅酸钙板\n5. 面层材料品种、规格、颜色:1.2mm仿木纹覆膜不锈钢吊顶（MT-B02）\n6. 施工时面层颜色、样式由甲方和设计单位确认选样，切割等加工费不另计，投标人综合考虑报价，中标后综合单价不予调整\n7. 未尽事宜详见设计图纸、图集、设计补充说明、招标文件、政府相关文件及规范等其它资料，满足验收要求","1. 部位：客房走道等\n5. 面层材料品种、规格、颜色:1.2mm仿木纹覆膜不锈钢吊顶（MT-B02）\n6. 施工时面层颜色、样式由甲方和设计单位确认选样，切割等加工费不另计，投标人综合考虑报价，中标后综合单价不予调整\n7. 未尽事宜详见设计图纸、图集、设计补充说明、招标文件、政府相关文件及规范等其它资料，满足验收要求","不锈钢及玻璃制品","1包","m2",15.52,354.25,5497.96,295,"按深化节点图与实际的展开面积计算（见光面）",16.2,570,9234,"m2",16.2,9234,0.6799999999999997,{"v":1.0438144329896908,"d":"1.04"},true,3736.04]
[80,"3#","工程名称：3#-公区",296,"WB011302005039","天棚不锈钢（包边）","1. 部位：客房走道等\n2. 基层材料种类、规格：双层9mm硅酸钙板，局部单层\n3. 面层材料品种、规格、颜色:1.2mm仿铜不锈钢(MT-B04)\n4. 施工时面层颜色、样式由甲方和设计单位确认选样，切割等加工费不另计，投标人综合考虑报价，中标后综合单价不予调整\n5. 未尽事宜详见设计图纸、图集、设计补充说明、招标文件、政府相关文件及规范等其它资料，满足验收要求","1. 部位：客房走道等\n3. 面层材料品种、规格、颜色:1.2mm仿铜不锈钢(MT-B04)\n4. 施工时面层颜色、样式由甲方和设计单位确认选样，切割等加工费不另计，投标人综合考虑报价，中标后综合单价不予调整\n5. 未尽事宜详见设计图纸、图集、设计补充说明、招标文件、政府相关文件及规范等其它资料，满足验收要求","不锈钢及玻璃制品","1包","m2",17.36,354.25,6149.78,296,"按深化节点图与实际的展开面积计算（见光面）",18.5,550,10175,"m2",18.5,10175,1.1400000000000006,{"v":1.065668202764977,"d":"1.07"},true,4025.2200000000003]
[81,"3#","工程名称：3#-公区",303,10808001011,"不锈钢门套","1. 部位：客房走道等\n2. 龙骨材料种类、规格：热镀锌钢龙骨（不分规格型号，投标人综合考虑）\n3. 基层材料种类、规格：双层12mm阻燃夹板，局部12mm阻燃夹板+9mm阻燃夹板，局部多层等\n4. 面层材料品种、规格、颜色：1.2mm仿铜不锈钢（MT-B04）\n5. 防护材料种类：所有装修用木材均应进行防火、防腐处理\n6. 施工时面层颜色、样式由甲方和设计单位确认选样，投标人综合考虑报价，加工、切割、折边、损耗等不另计，中标后综合单价不予调整\n7. 未尽事宜详见设计图纸、图集、设计补充说明、招标文件、政府相关文件及规范等其它资料，满足验收要求","1. 部位：客房走道等\n4. 面层材料品种、规格、颜色：1.2mm仿铜不锈钢（MT-B04）\n5. 防护材料种类：所有装修用木材均应进行防火、防腐处理\n6. 施工时面层颜色、样式由甲方和设计单位确认选样，投标人综合考虑报价，加工、切割、折边、损耗等不另计，中标后综合单价不予调整\n7. 未尽事宜详见设计图纸、图集、设计补充说明、招标文件、政府相关文件及规范等其它资料，满足验收要求","不锈钢及玻璃制品","1包","m2",12.71,381.5,4848.87,303,"按深化节点图与实际的展开面积计算（见光面）",12.8,550,7040,"m2",12.8,7040,0.08999999999999986,{"v":1.007081038552321,"d":"1.01"},true,2191.13]
[82,"3#","工程名称：3#-公区",304,10808001012,"不锈钢门套","1.工程部位：客房走道等\n2.龙骨材料种类、规格：10*20木方阻燃龙骨\n3.基层材料种类、规格：双层12mm阻燃夹板，局部多层\n4.面层材料品种、规格、颜色：1.2mm仿铜不锈钢（MT-B04）\n5. 防护材料种类：所有装修用木材均应进行防火、防腐处理\n6.施工时面层颜色、样式由甲方和设计单位确认选样，投标人综合考虑报价，加工、切割、折边、损耗等不另计，中标后综合单价不予调整\n7.未尽事宜详见设计图纸、图集、设计补充说明、招标文件、政府相关文件及规范等其它资料，满足验收要求","1.工程部位：客房走道等\n4.面层材料品种、规格、颜色：1.2mm仿铜不锈钢（MT-B04）\n5. 防护材料种类：所有装修用木材均应进行防火、防腐处理\n6.施工时面层颜色、样式由甲方和设计单位确认选样，投标人综合考虑报价，加工、切割、折边、损耗等不另计，中标后综合单价不予调整\n7.未尽事宜详见设计图纸、图集、设计补充说明、招标文件、政府相关文件及规范等其它资料，满足验收要求","不锈钢及玻璃制品","1包","m2",1.76,381.5,671.44,304,"按深化节点图与实际的展开面积计算（见光面）",1.76,550,968,"m2",1.76,968,0,{"v":1,"d":"1.00"},true,296.55999999999995]
[83,"3#","工程名称：3#-公区",305,11502001013,"金属装饰条","1. 部位：门楣\n2. 嵌条材料品种、规格、颜色：1.2mm仿铜不锈钢(MT-B04)，展开宽度60mm以内\n3. 施工时面层颜色、样式由甲方和设计单位确认选样，投标人综合考虑报价，加工、切割、折边、损耗等不另计，中标后综合单价不予调整\n4. 未尽事宜详见设计图纸、图集、设计补充说明、招标文件、政府相关文件及规范等其它资料，满足验收要求。","1. 部位：门楣\n2. 嵌条材料品种、规格、颜色：1.2mm仿铜不锈钢(MT-B04)，展开宽度60mm以内\n3. 施工时面层颜色、样式由甲方和设计单位确认选样，投标人综合考虑报价，加工、切割、折边、损耗等不另计，中标后综合单价不予调整\n4. 未尽事宜详见设计图纸、图集、设计补充说明、招标文件、政府相关文件及规范等其它资料，满足验收要求。","不锈钢及玻璃制品","1包","m",8,43.6,348.8,305,"按现场实际发生量长度计算",8,50,400,"m",8,400,0,{"v":1,"d":"1.00"},true,51.19999999999999]
[84,"3#","工程名称：3#-公区",307,10801004005,"装饰防火门","1.工程部位：客房走道等\n2.门扇龙骨、基层材质种类、规格：乙级防火门门芯(须满足当地消防部门的防火认证)\n3.门套材料种类、规格：12mm阻燃夹板+9mm阻燃夹板+木纹转印饰面（MT-D05）\n4.面层材料品种、规格、颜色：一侧皮革硬包饰面（UP-B02）一侧木纹转印饰面（MT-B05）\n5.五金品种、规格：包含但不限于成品金属门把手(选样)、成品五金暗铰链(选型一侧三副)等完成此项工作的全部五金配件\n6.施工时面层颜色、样式由甲方和设计单位确认选样，投标人综合考虑报价，加工、损耗等不另计，中标后综合单价不予调整\n7.未尽事宜详见设计图纸、图集、设计补充说明、招标文件、政府相关文件及规范等其它资料，满足验收要求","1.工程部位：客房走道等\n3.门套材料种类、规格：木纹转印饰面（MT-D05）\n4.面层材料品种、规格、颜色：一侧皮革硬包饰面（UP-B02）一侧木纹转印饰面（MT-B05）\n6.施工时面层颜色、样式由甲方和设计单位确认选样，投标人综合考虑报价，加工、损耗等不另计，中标后综合单价不予调整\n7.未尽事宜详见设计图纸、图集、设计补充说明、招标文件、政府相关文件及规范等其它资料，满足验收要求","不锈钢及玻璃制品","1包","m2",11.8,152.6,1800.68,307,"按深化节点图与实际的展开面积计算（见光面）",11.8,570,6726,"m2",11.8,6726,0,{"v":1,"d":"1.00"},true,4925.32]
[85,"3#","工程名称：3#-公区",308,10801004006,"装饰防火门","1.工程部位：客房走道等\n2.门扇龙骨、基层材质种类、规格：乙级防火门门芯(须满足当地消防部门的防火认证)\n3.门套材料种类、规格：12mm阻燃夹板+9mm阻燃夹板+木纹转印饰面（MT-D05）\n4.面层材料品种、规格、颜色：木纹转印饰面（MT-B05）\n5.五金品种、规格：包含但不限于成品金属门把手(选样)、成品五金暗铰链(选型一侧三副)等完成此项工作的全部五金配件\n6.施工时面层颜色、样式由甲方和设计单位确认选样，投标人综合考虑报价，加工、损耗等不另计，中标后综合单价不予调整\n7.未尽事宜详见设计图纸、图集、设计补充说明、招标文件、政府相关文件及规范等其它资料，满足验收要求","1.工程部位：客房走道等\n3.门套材料种类、规格：木纹转印饰面（MT-D05）\n4.面层材料品种、规格、颜色：木纹转印饰面（MT-B05）\n6.施工时面层颜色、样式由甲方和设计单位确认选样，投标人综合考虑报价，加工、损耗等不另计，中标后综合单价不予调整\n7.未尽事宜详见设计图纸、图集、设计补充说明、招标文件、政府相关文件及规范等其它资料，满足验收要求","不锈钢及玻璃制品","1包","m2",8.64,305.2,2636.93,308,"按深化节点图与实际的展开面积计算（见光面）",8.64,550,4752,"m2",8.64,4752,0,{"v":1,"d":"1.00"},true,2115.07]
[86,"3#","工程名称：3#-公区",311,10802001001,"金属门","1. 部位：地下一层客梯厅门\n2. 门窗框类型：断热铝合金型材，氟碳喷涂\n3. 隔断玻璃品种、厚度：高透双银Low-E+12Ar+8防火安全玻璃\n3. 五金品种、规格：包括不限于暗铰链、磁碰、天地轴、拉手等完成此项工作的全部五金配件\n4. 未尽事宜详见设计图纸、图集、设计补充说明、招标文件、政府相关文件及规范等其它资料，满足验收要求","1. 部位：地下一层客梯厅门\n2. 门窗框类型：断热铝合金型材，氟碳喷涂\n3. 隔断玻璃品种、厚度：高透双银Low-E+12Ar+8防火安全玻璃\n3. 五金品种、规格：包括不限于暗铰链、磁碰、天地轴、拉手等完成此项工作的全部五金配件\n4. 未尽事宜详见设计图纸、图集、设计补充说明、招标文件、政府相关文件及规范等其它资料，满足验收要求","不锈钢及玻璃制品","1包","m2",9.6,1373.95,13189.87,null,"按投影面积",{"$nulls":3},"m2",9.6,0,-9.6,{"v":0,"d":"0.00"},false,-13189.87]
[87,"3#","工程名称：3#-公区",313,10808001013,"不锈钢门套","1. 部位：电梯门套、墙面造型等\n2. 龙骨材料种类、规格：热镀锌钢龙骨（不分规格型号，投标人综合考虑）\n3. 基层材料种类、规格：12mm阻燃夹板，局部双层\n4. 面层材料品种、规格、颜色：1.2mm仿铜不锈钢（MT-D01）\n5. 防护材料种类：所有装修用木材均应进行防火、防腐处理\n6. 施工时面层颜色、样式由甲方和设计单位确认选样，投标人综合考虑报价，加工、切割、折边、损耗等不另计，中标后综合单价不予调整\n7. 未尽事宜详见设计图纸、图集、设计补充说明、招标文件、政府相关文件及规范等其它资料，满足验收要求","1. 部位：电梯门套、墙面造型等\n4. 面层材料品种、规格、颜色：1.2mm仿铜不锈钢（MT-D01）\n5. 防护材料种类：所有装修用木材均应进行防火、防腐处理\n6. 施工时面层颜色、样式由甲方和设计单位确认选样，投标人综合考虑报价，加工、切割、折边、损耗等不另计，中标后综合单价不予调整\n7. 未尽事宜详见设计图纸、图集、设计补充说明、招标文件、政府相关文件及规范等其它资料，满足验收要求","不锈钢及玻璃制品","1包","m2",22.51,381.5,8587.57,313,"按深化节点图与实际的展开面积计算（见光面）",24.5,570,13965,"m2",24.5,13965,1.9899999999999984,{"v":1.0884051532652155,"d":"1.09"},true,5377.43]
[88,"3#","工程名称：3#-公区",329,"WB011105006008","成品踢脚线","1. 部位：地下室货梯厅等\n2. 踢脚线高度：50mm高\n3. 基层材料种类、规格：12mm阻燃夹板\n4. 面层材料品种、规格、颜色1.2mm50mm高铝合金踢脚线\n5. 施工时面层颜色、样式由甲方和设计单位确认选样，投标人综合考虑报价，加工、切割、折边、损耗等不另计，中标后综合单价不予调整\n6. 未尽事宜详见设计图纸、图集、设计补充说明、招标文件、政府相关文件及规范等其它资料，满足验收要求","1. 部位：地下室货梯厅等\n2. 踢脚线高度：50mm高\n4. 面层材料品种、规格、颜色1.2mm50mm高铝合金踢脚线\n5. 施工时面层颜色、样式由甲方和设计单位确认选样，投标人综合考虑报价，加工、切割、折边、损耗等不另计，中标后综合单价不予调整\n6. 未尽事宜详见设计图纸、图集、设计补充说明、招标文件、政府相关文件及规范等其它资料，满足验收要求","不锈钢及玻璃制品","1包","m",46.1,"","",329,"按现场实际发生量长度计算",55,45,2475,"m",46.1,2074.5,8.899999999999999,{"v":1.193058568329718,"d":"1.19"},true]
[89,"3#","工程名称：3#-公区",330,"WB011105006009","成品踢脚线","1. 部位：地下室电梯厅等\n2. 踢脚线高度：50mm高\n3. 基层材料种类、规格：12mm阻燃夹板\n4. 面层材料品种、规格、颜色：1.2mm仿铜覆膜不锈钢（MT-D01)\n5. 施工时面层颜色、样式由甲方和设计单位确认选样，投标人综合考虑报价，加工、切割、折边、损耗等不另计，中标后综合单价不予调整\n6. 未尽事宜详见设计图纸、图集、设计补充说明、招标文件、政府相关文件及规范等其它资料，满足验收要求","1. 部位：地下室电梯厅等\n2. 踢脚线高度：50mm高\n4. 面层材料品种、规格、颜色：1.2mm仿铜覆膜不锈钢（MT-D01)\n5. 施工时面层颜色、样式由甲方和设计单位确认选样，投标人综合考虑报价，加工、切割、折边、损耗等不另计，中标后综合单价不予调整\n6. 未尽事宜详见设计图纸、图集、设计补充说明、招标文件、政府相关文件及规范等其它资料，满足验收要求","不锈钢及玻璃制品","1包","m",11.04,43.6,481.34,330,"按现场实际发生量长度计算",15,45,675,"m",11.04,496.79999999999995,3.960000000000001,{"v":1.358695652173913,"d":"1.36"},true,193.66000000000003]
[90,"3#","工程名称：3#-公区",335,11207001062,"墙面装饰板","1. 部位：地下客梯厅电梯门楣\n2. 龙骨材料种类、规格：热镀锌钢龙骨（不分规格型号，投标人综合考虑）\n3. 基层材料种类、规格：12mm阻燃夹板，局部双层\n4. 面层材料品种、规格、颜色：1.2mm仿铜不锈钢（MT-D01）\n5. 防护材料种类：所有装修用木材均应进行防火、防腐处理\n6. 施工时面层颜色、样式由甲方和设计单位确认选样，投标人综合考虑报价，加工、切割、折边、损耗等不另计，中标后综合单价不予调整\n7. 未尽事宜详见设计图纸、图集、设计补充说明、招标文件、政府相关文件及规范等其它资料，满足验收要求","1. 部位：地下客梯厅电梯门楣\n4. 面层材料品种、规格、颜色：1.2mm仿铜不锈钢（MT-D01）\n5. 防护材料种类：所有装修用木材均应进行防火、防腐处理\n6. 施工时面层颜色、样式由甲方和设计单位确认选样，投标人综合考虑报价，加工、切割、折边、损耗等不另计，中标后综合单价不予调整\n7. 未尽事宜详见设计图纸、图集、设计补充说明、招标文件、政府相关文件及规范等其它资料，满足验收要求","不锈钢及玻璃制品","1包","m2",9.65,354.25,3418.51,335,"按深化节点图与实际的展开面积计算（见光面）",9.65,550,5307.5,"m2",9.65,5307.5,0,{"v":1,"d":"1.00"},true,1888.9899999999998]
[91,"3#","工程名称：3#-公区",338,11210006005,"卫生间隔断","1. 部位：公区卫生间\n2. 龙骨材料种类、规格：热镀锌钢龙骨（不分规格型号，投标人综合考虑），底部C20混凝土导墙不另列，报价综合考虑\n3. 基层材料种类、规格：12mm硅酸钙板基层，门扇基层为细木工板+12mm硅酸钙板\n4. 面层材料品种、规格、颜色：双面10mm厚仿木纹防火板（WD-B08），50mm高仿铜不锈钢踢脚线（MT-B04），门上顶面仿铜不锈钢包边(MT-B04）\n5. 施工时面层颜色、样式由甲方和设计单位确认选样，投标人综合考虑报价，加工、切割、折边、损耗等不另计，中标后综合单价不予调整\n6. 未尽事宜详见设计图纸、图集、设计补充说明、招标文件、政府相关文件及规范等其它资料，满足验收要求","1. 部位：公区卫生间\n4. 面层材料品种、规格、颜色：50mm高仿铜不锈钢踢脚线（MT-B04），门上顶面仿铜不锈钢包边(MT-B04）\n5. 施工时面层颜色、样式由甲方和设计单位确认选样，投标人综合考虑报价，加工、切割、折边、损耗等不另计，中标后综合单价不予调整\n6. 未尽事宜详见设计图纸、图集、设计补充说明、招标文件、政府相关文件及规范等其它资料，满足验收要求","不锈钢及玻璃制品","1包","m2",26.49,143.19,3793.19,338,"按深化节点图与实际的展开面积计算（见光面）",12.5,550,6875,"m2",12.5,6875,-13.989999999999998,{"v":0.47187617969044926,"d":"0.47"},true,3081.81]
[92,"3#","工程名称：3#-公区",346,"WB011501001013","镜柜","1. 部位：地下室卫生间\n2. 龙骨材料种类、规格：热镀锌钢龙骨（不分规格型号，投标人综合考虑）\n3. 基层材料种类、规格：12mm阻燃板\n4. 面层材料品种、规格、颜色：5mm银镜饰面（MR-B01）+1.2mm仿铜不锈钢（MT-B04）+四周不锈钢包边\n5. 防护材料种类：所有装修用木基层均应进行防火、防腐处理\n6. 施工时面层颜色、样式由甲方和设计单位确认选样，投标人综合考虑报价，加工、切割、折边、损耗等不另计，中标后综合单价不予调整\n7. 未尽事宜详见设计图纸、图集、设计补充说明、招标文件、政府相关文件及规范等其它资料，满足验收要求","1. 部位：地下室卫生间\n4. 面层材料品种、规格、颜色：5mm银镜饰面（MR-B01）+1.2mm仿铜不锈钢（MT-B04）+四周不锈钢包边\n5. 防护材料种类：所有装修用木基层均应进行防火、防腐处理\n6. 施工时面层颜色、样式由甲方和设计单位确认选样，投标人综合考虑报价，加工、切割、折边、损耗等不另计，中标后综合单价不予调整\n7. 未尽事宜详见设计图纸、图集、设计补充说明、招标文件、政府相关文件及规范等其它资料，满足验收要求","不锈钢及玻璃制品","1包","m2",7.83,887.01,6945.28,346,"按投影面积",7.83,385,3014.55,"m2",7.83,3014.55,0,{"v":1,"d":"1.00"},true,-3930.7299999999996]
[93,"3#","工程名称：3#-公区",347,11502001014,"金属装饰条","1．部位：地下室阳角护角条\n2. 嵌条材料品种、规格、颜色：1.2mm厚不锈钢防撞条(MT-D01)\n3. 施工时面层颜色、样式由甲方和设计单位确认选样，投标人综合考虑报价，加工、切割、折边、损耗等不另计，中标后综合单价不予调整\n4. 未尽事宜详见设计图纸、图集、设计补充说明、招标文件、政府相关文件及规范等其它资料，满足验收要求。","1．部位：地下室阳角护角条\n2. 嵌条材料品种、规格、颜色：1.2mm厚不锈钢防撞条(MT-D01)\n3. 施工时面层颜色、样式由甲方和设计单位确认选样，投标人综合考虑报价，加工、切割、折边、损耗等不另计，中标后综合单价不予调整\n4. 未尽事宜详见设计图纸、图集、设计补充说明、招标文件、政府相关文件及规范等其它资料，满足验收要求。","不锈钢及玻璃制品","1包","m",66,43.6,2877.6,347,"按现场实际发生量长度计算",78,45,3510,"m",66,2970,12,{"v":1.1818181818181819,"d":"1.18"},true,632.4000000000001]
[94,"3#","工程名称：3#-公区",350,10801004007,"装饰防火门","1. 部位：楼梯间\n2. 门扇龙骨、基层材料种类、规格：甲级防火门门芯(须满足当地消防部门的防火认证)+12mm阻燃夹板+四周热镀锌方通固定\n3. 面层材料品种、规格、颜色：皮革硬包（12mm雪弗板内衬板）（UP-B02）+1.2mm木纹转印（MT-D05）+仿铜不锈钢嵌条，定制成品金属门拉手\n4. 五金品种、规格：包含但不限于定制不锈钢天地门轴、暗藏五金合页等完成此项工作的全部五金配件\n5. 施工时面层颜色、样式由甲方和设计单位确认选样，投标人综合考虑报价，加工、损耗等不另计，中标后综合单价不予调整\n6. 未尽事宜详见设计图纸、图集、设计补充说明、招标文件、政府相关文件及规范等其它资料，满足验收要求","1. 部位：楼梯间\n3. 面层材料品种、规格、颜色：皮革硬包（12mm雪弗板内衬板）（UP-B02）+1.2mm木纹转印（MT-D05）+仿铜不锈钢嵌条\n5. 施工时面层颜色、样式由甲方和设计单位确认选样，投标人综合考虑报价，加工、损耗等不另计，中标后综合单价不予调整\n6. 未尽事宜详见设计图纸、图集、设计补充说明、招标文件、政府相关文件及规范等其它资料，满足验收要求","不锈钢及玻璃制品","1包","m2",19.68,152.6,3003.17,350,"按深化节点图与实际的展开面积计算（见光面）",19.68,570,11217.6,"m2",19.68,11217.6,0,{"v":1,"d":"1.00"},true,8214.43]
[95,"3#","工程名称：3#-公区",352,10808001014,"不锈钢门套","1. 部位：楼梯间门套\n2. 基层材料种类、规格：12mm阻燃夹板+9mm阻燃板，局部双层\n3. 面层材料品种、规格、颜色：1.2mm木转印不锈钢（MT-D05）\n4. 防护材料种类：所有装修用木材均应进行防火、防腐处理\n5. 施工时面层颜色、样式由甲方和设计单位确认选样，投标人综合考虑报价，加工、切割、折边、损耗等不另计，中标后综合单价不予调整\n6. 未尽事宜详见设计图纸、图集、设计补充说明、招标文件、政府相关文件及规范等其它资料，满足验收要求","1. 部位：楼梯间门套\n3. 面层材料品种、规格、颜色：1.2mm木转印不锈钢（MT-D05）\n4. 防护材料种类：所有装修用木材均应进行防火、防腐处理\n5. 施工时面层颜色、样式由甲方和设计单位确认选样，投标人综合考虑报价，加工、切割、折边、损耗等不另计，中标后综合单价不予调整\n6. 未尽事宜详见设计图纸、图集、设计补充说明、招标文件、政府相关文件及规范等其它资料，满足验收要求","不锈钢及玻璃制品","1包","m2",5.55,381.5,2117.33,352,"按深化节点图与实际的展开面积计算（见光面）",5.55,570,3163.5,"m2",5.55,3163.5,0,{"v":1,"d":"1.00"},true,1046.17]
[96,"3#","工程名称：3#-DX套房",3,10801001001,"入户门","1．部位：DX套房入户门\n2．门室内侧外框尺寸：1520*3000mm，室外侧外框尺寸详见设计文件\n3．门套材料种类、规格：室内侧15mm阻燃夹板+浅色木饰面门套(WD-A05 )，过道侧1.2mm黄古铜不锈钢线条(MT-A01)\n4．门楣材料种类、规格：15mm阻燃夹板+9mm阻燃夹板+浅色木饰面门楣（WD-A05）\n5．门扇饰面材质种类、规格：浅色木饰面入户门(WD-A05)，包含20mm细木工板成品门芯、镀锌方通钢龙骨，双面9mm阻燃夹板，外侧1.2mm黄古铜不锈钢（防指纹）线条(MT-A01)\n6．五金品种、规格：包含但不限于凸轮暗藏闭门器、门底挡尘条、猫眼、防盗链、门碰、暗藏五金合页(选型一侧三副)、消音胶条等五金件,门锁此处报价不考虑\n7．防护材料种类：所有装修用木材均应进行防火、防腐处理\n8．施工时面层颜色、样式由甲方和设计单位确认选样，投标人综合考虑报价，加工、切割、折边、损耗等不另计，中标后综合单价不予调整\n9．未尽事宜详见设计图纸、图集、设计补充说明、招标文件、政府相关文件及规范等其它资料，满足验收要求","1．部位：DX套房入户门\n2．门室内侧外框尺寸：1520*3000mm，室外侧外框尺寸详见设计文件\n3．门套材料种类、规格：过道侧1.2mm黄古铜不锈钢线条(MT-A01)\n5．门扇饰面材质种类、规格：外侧1.2mm黄古铜不锈钢（防指纹）线条(MT-A01)\n7．防护材料种类：所有装修用木材均应进行防火、防腐处理\n8．施工时面层颜色、样式由甲方和设计单位确认选样，投标人综合考虑报价，加工、切割、折边、损耗等不另计，中标后综合单价不予调整\n9．未尽事宜详见设计图纸、图集、设计补充说明、招标文件、政府相关文件及规范等其它资料，满足验收要求","不锈钢及玻璃制品","2包","樘",1,409.84,409.84,3,null,1,455,455,"樘",1,455,0,{"v":1,"d":"1.00"},true,45.160000000000025]
[97,"3#","工程名称：3#-DX套房",5,10805005001,"玻璃门","1．部位：卧室通往卫生间\n3．门扇饰面材质种类、规格：5+1.52+5mm磨砂夹胶玻璃（GL-A05），四周1.2mm黄古铜不锈钢边框(MT-A01)，哑光防指纹/拉丝直纹\n4．五金品种、规格：单价包含定制金属执手、液压门轴等相应五金件等价格。\n5．施工时面层颜色、样式由业主和设计单位确认选样，投标人综合考虑报价，加工、切割、折边、损耗等不另计，中标后综合单价不予调整\n6．未尽事宜详见设计图纸、图集、设计补充说明、招标文件、政府相关文件及规范等其它资料，满足验收要求","1．部位：卧室通往卫生间\n3．门扇饰面材质种类、规格：5+1.52+5mm磨砂夹胶玻璃（GL-A05），四周1.2mm黄古铜不锈钢边框(MT-A01)，哑光防指纹/拉丝直纹\n4．五金品种、规格：单价包含定制金属执手、液压门轴等相应五金件等价格。\n5．施工时面层颜色、样式由业主和设计单位确认选样，投标人综合考虑报价，加工、切割、折边、损耗等不另计，中标后综合单价不予调整\n6．未尽事宜详见设计图纸、图集、设计补充说明、招标文件、政府相关文件及规范等其它资料，满足验收要求","不锈钢及玻璃制品","2包","m2",4.95,2410.72,11933.07,5,"按投影面积",4.95,1250,6187.5,"m2",4.95,6187.5,0,{"v":1,"d":"1.00"},true,-5745.57]
[98,"3#","工程名称：3#-DX套房",28,"WB011105006001","成品踢脚线","1. 部位：玄关、卧室\n2. 踢脚线高度：50mm高\n3．基层材料种类、规格：9mm阻燃夹板\n4．面层材料品种、规格、颜色：1.2mm乱纹古铜踢脚线（MT-A02）\n5．施工时面层颜色、样式由甲方和设计单位确认选样，投标人综合考虑报价，加工、切割、折边、损耗等不另计，中标后综合单价不予调整\n6．未尽事宜详见设计图纸、图集、设计补充说明、招标文件、政府相关文件及规范等其它资料，满足验收要求","1. 部位：玄关、卧室\n2. 踢脚线高度：50mm高\n4．面层材料品种、规格、颜色：1.2mm乱纹古铜踢脚线（MT-A02）\n5．施工时面层颜色、样式由甲方和设计单位确认选样，投标人综合考虑报价，加工、切割、折边、损耗等不另计，中标后综合单价不予调整\n6．未尽事宜详见设计图纸、图集、设计补充说明、招标文件、政府相关文件及规范等其它资料，满足验收要求","不锈钢及玻璃制品","2包","m",69.1,43.6,3012.76,28,"按现场实际发生量长度计算",75,45,3375,"m",69.1,3109.4999999999995,5.900000000000006,{"v":1.0853835021707672,"d":"1.09"},true,362.2399999999998]
[99,"3#","工程名称：3#-DX套房",47,11207001003,"墙面装饰板","1．部位：窗帘盒立面收边\n2．基层材料种类、规格：双层9mm阻燃夹板\n3．面层材料品种、规格、颜色：1.2mm黄古铜不锈钢（MT-A01）\n4．防护材料种类：所有装修用木材均应进行防火、防腐处理\n5．施工时面层颜色、样式由甲方和设计单位确认选样，加工、排版损耗等不另计，投标人综合考虑报价，中标后综合单价不予调整\n6．未尽事宜详见设计图纸、图集、设计补充说明、招标文件、政府相关文件及规范等其它资料，满足验收要求","1．部位：窗帘盒立面收边\n3．面层材料品种、规格、颜色：1.2mm黄古铜不锈钢（MT-A01）\n4．防护材料种类：所有装修用木材均应进行防火、防腐处理\n5．施工时面层颜色、样式由甲方和设计单位确认选样，加工、排版损耗等不另计，投标人综合考虑报价，中标后综合单价不予调整\n6．未尽事宜详见设计图纸、图集、设计补充说明、招标文件、政府相关文件及规范等其它资料，满足验收要求","不锈钢及玻璃制品","2包","m2",2.14,354.25,758.1,47,"按深化节点图与实际的展开面积计算（见光面）",3.12,550,1716,"m2",3.12,1716,0.98,{"v":1.4579439252336448,"d":"1.46"},true,957.9]
[100,"3#","工程名称：3#-DX套房",48,11207001004,"墙面装饰板","1．部位：电视背景墙\n2．基层材料种类、规格：9mm阻燃夹板\n3．面层材料品种、规格、颜色：1.2mm黄古铜不锈钢（MT-A01）\n4．防护材料种类：所有装修用木材均应进行防火、防腐处理\n5．施工时面层颜色、样式由甲方和设计单位确认选样，加工、排版损耗等不另计，投标人综合考虑报价，中标后综合单价不予调整\n6．未尽事宜详见设计图纸、图集、设计补充说明、招标文件、政府相关文件及规范等其它资料，满足验收要求","1．部位：电视背景墙\n3．面层材料品种、规格、颜色：1.2mm黄古铜不锈钢（MT-A01）\n4．防护材料种类：所有装修用木材均应进行防火、防腐处理\n5．施工时面层颜色、样式由甲方和设计单位确认选样，加工、排版损耗等不另计，投标人综合考虑报价，中标后综合单价不予调整\n6．未尽事宜详见设计图纸、图集、设计补充说明、招标文件、政府相关文件及规范等其它资料，满足验收要求","不锈钢及玻璃制品","2包","m2",0.91,354.25,322.37,48,"按深化节点图与实际的展开面积计算（见光面）",1.72,550,946,"m2",1.72,946,0.8099999999999999,{"v":1.89010989010989,"d":"1.89"},true,623.63]
[101,"3#","工程名称：3#-DX套房",50,11207001006,"墙面装饰板","1. 部位：床头背景墙等\n2. 龙骨材料种类、规格：热镀锌钢龙骨（不分规格型号，投标人综合考虑）\n3. 基层材料种类、规格：9mm阻燃夹板+9.5mm耐火石膏板\n4. 面层材料品种、规格、颜色：一边12mm浅色木饰面（WD-A05）+一边墙布饰面（WC-A04A）+1.2mm黄古铜不锈钢(MT-A01)+40*70不锈钢方通等\n5. 防护材料种类：所有装修用木材均应进行防火、防腐处理\n6．施工时面层颜色、样式由甲方和设计单位确认选样，加工、排版损耗等不另计，投标人综合考虑报价，中标后综合单价不予调整\n7．未尽事宜详见设计图纸、图集、设计补充说明、招标文件、政府相关文件及规范等其它资料，满足验收要求","1. 部位：床头背景墙等\n4. 面层材料品种、规格、颜色：一边墙布饰面（WC-A04A）+1.2mm黄古铜不锈钢(MT-A01)+40*70不锈钢方通等\n5. 防护材料种类：所有装修用木材均应进行防火、防腐处理\n6．施工时面层颜色、样式由甲方和设计单位确认选样，加工、排版损耗等不另计，投标人综合考虑报价，中标后综合单价不予调整\n7．未尽事宜详见设计图纸、图集、设计补充说明、招标文件、政府相关文件及规范等其它资料，满足验收要求","不锈钢及玻璃制品","2包","m2",3.78,227.38,859.51,50,"按深化节点图与实际的展开面积计算（见光面）",3.78,560,2116.7999999999997,"m2",3.78,2116.7999999999997,0,{"v":1,"d":"1.00"},true,1257.2899999999997]
[102,"3#","工程名称：3#-DX套房",51,11207001007,"墙面装饰板","1．部位：淋浴区壁龛盒\n2．基层材料种类、规格：9mm硅酸钙板,层板处双层9mm硅酸钙板\n3．面层材料品种、规格、颜色：5mm茶镜饰面（MR-A02）+黄古铜不锈钢层板(MT-A01)，四周嵌入1.2mm黄古铜不锈钢嵌条\n4. 施工时面层颜色、样式由甲方和设计单位确认选样，投标人综合考虑报价，加工、切割、折边、损耗等不另计，中标后综合单价不予调整\n5．未尽事宜详见设计图纸、图集、设计补充说明、招标文件、政府相关文件及规范等其它资料，满足验收要求","1．部位：淋浴区壁龛盒\n3．面层材料品种、规格、颜色：5mm茶镜饰面（MR-A02）+黄古铜不锈钢层板(MT-A01)，四周嵌入1.2mm黄古铜不锈钢嵌条\n4. 施工时面层颜色、样式由甲方和设计单位确认选样，投标人综合考虑报价，加工、切割、折边、损耗等不另计，中标后综合单价不予调整\n5．未尽事宜详见设计图纸、图集、设计补充说明、招标文件、政府相关文件及规范等其它资料，满足验收要求","不锈钢及玻璃制品","2包","m2",0.3,1264.4,379.32,51,"按投影面积",0.32,1180,377.6,"m2",0.3,354,0.020000000000000018,{"v":1.0666666666666667,"d":"1.07"},true,-1.7199999999999704]
[103,"3#","工程名称：3#-DX套房",55,11207001008,"墙面装饰板","1. 部位：卫生间、餐厅\n2. 龙骨材质种类、规格：镀锌钢龙骨（规格型号综合考虑）\n3. 基层材料种类、规格：18mm阻燃夹板\n4. 面层材料品种、规格、颜色：5mm银镜（MR-01）\n5. 四周黄古铜不锈钢(MT-A01）金属包边\n6. 防护材料种类：所有装修用木材均应进行防火、防腐处理\n7．施工时面层颜色、样式由甲方和设计单位确认选样，加工、排版损耗等不另计，投标人综合考虑报价，中标后综合单价不予调整\n8．未尽事宜详见设计图纸、图集、设计补充说明、招标文件、政府相关文件及规范等其它资料，满足验收要求","1. 部位：卫生间、餐厅\n4. 面层材料品种、规格、颜色：5mm银镜（MR-01）\n5. 四周黄古铜不锈钢(MT-A01）金属包边\n6. 防护材料种类：所有装修用木材均应进行防火、防腐处理\n7．施工时面层颜色、样式由甲方和设计单位确认选样，加工、排版损耗等不另计，投标人综合考虑报价，中标后综合单价不予调整\n8．未尽事宜详见设计图纸、图集、设计补充说明、招标文件、政府相关文件及规范等其它资料，满足验收要求","不锈钢及玻璃制品","2包","m2",6.6,336.24,2219.21,55,"按投影面积",6.6,385,2541,"m2",6.6,2541,0,{"v":1,"d":"1.00"},true,321.78999999999996]
[104,"3#","工程名称：3#-DX套房",56,11207001009,"墙面装饰板","1. 部位：书房背景墙\n2. 基层材料种类、规格：12mm阻燃夹板\n3. 面层材料品种、规格、颜色：6+1.52pvb+6mm夹胶安全超白玻璃（GL-A02）\n4. 四周乱纹古铜(MT-A02）金属包边\n5. 防护材料种类：所有装修用木材均应进行防火、防腐处理\n6．施工时面层颜色、样式由甲方和设计单位确认选样，加工、排版损耗等不另计，投标人综合考虑报价，中标后综合单价不予调整\n7．未尽事宜详见设计图纸、图集、设计补充说明、招标文件、政府相关文件及规范等其它资料，满足验收要求","1. 部位：书房背景墙\n3. 面层材料品种、规格、颜色：6+1.52pvb+6mm夹胶安全超白玻璃（GL-A02）\n4. 四周乱纹古铜(MT-A02）金属包边\n5. 防护材料种类：所有装修用木材均应进行防火、防腐处理\n6．施工时面层颜色、样式由甲方和设计单位确认选样，加工、排版损耗等不另计，投标人综合考虑报价，中标后综合单价不予调整\n7．未尽事宜详见设计图纸、图集、设计补充说明、招标文件、政府相关文件及规范等其它资料，满足验收要求","不锈钢及玻璃制品","2包","m2",8.26,641.67,5300.21,56,"按投影面积",8.26,720,5947.2,"m2",8.26,5947.2,0,{"v":1,"d":"1.00"},true,646.9899999999998]
[105,"3#","工程名称：3#-DX套房",57,11207001010,"墙面装饰板","1．部位：卫生间\n2．基层材料种类、规格：双层9mm硅酸钙板\n3．面层材料品种、规格、颜色：1.2mm深古铜拉丝不锈钢(MT-A03）\n4. 施工时面层颜色、样式由甲方和设计单位确认选样，投标人综合考虑报价，加工、切割、折边、损耗等不另计，中标后综合单价不予调整\n5．未尽事宜详见设计图纸、图集、设计补充说明、招标文件、政府相关文件及规范等其它资料，满足验收要求","1．部位：卫生间\n3．面层材料品种、规格、颜色：1.2mm深古铜拉丝不锈钢(MT-A03）\n4. 施工时面层颜色、样式由甲方和设计单位确认选样，投标人综合考虑报价，加工、切割、折边、损耗等不另计，中标后综合单价不予调整\n5．未尽事宜详见设计图纸、图集、设计补充说明、招标文件、政府相关文件及规范等其它资料，满足验收要求","不锈钢及玻璃制品","2包","m2",0.26,354.25,92.11,57,"按深化节点图与实际的展开面积计算（见光面）",0.26,550,143,"m2",0.26,143,0,{"v":1,"d":"1.00"},true,50.89]
[106,"3#","工程名称：3#-DX套房",58,11210005001,"成品屏风","1. 部位：卫生间\n2．龙骨材料种类、规格：热镀锌方通等钢龙骨规格型号综合考虑\n3．边框材料种类、规格：四周1.2mm黄古铜不锈钢(MT-A01)\n4. 玻璃品种、规格、颜色：6+1.52.pvb+6mm 厚夹丝玻璃（GL-A01）,\n5．施工时面层颜色、样式由甲方和设计单位确认选样，投标人综合考虑报价，加工、切割、折边、损耗等不另计，中标后综合单价不予调整\n6. 按外框投影面积计算\n7．未尽事宜详见设计图纸、图集、设计补充说明、招标文件、政府相关文件及规范等其它资料，满足验收要求","1. 部位：卫生间\n3．边框材料种类、规格：四周1.2mm黄古铜不锈钢(MT-A01)\n4. 玻璃品种、规格、颜色：6+1.52.pvb+6mm 厚夹丝玻璃（GL-A01）,\n5．施工时面层颜色、样式由甲方和设计单位确认选样，投标人综合考虑报价，加工、切割、折边、损耗等不另计，中标后综合单价不予调整\n6. 按外框投影面积计算\n7．未尽事宜详见设计图纸、图集、设计补充说明、招标文件、政府相关文件及规范等其它资料，满足验收要求","不锈钢及玻璃制品","2包","m2",1.68,1147.17,1927.25,58,"按投影面积",1.68,1050,1764,"m2",1.68,1764,0,{"v":1,"d":"1.00"},true,-163.25]
[107,"3#","工程名称：3#-DX套房",59,11210005002,"成品屏风","1. 部位：洗手台旁\n2. 龙骨、基层材料种类、规格：热镀锌钢龙骨（不分规格型号，投标人综合考虑）+9mm阻燃夹板，顶部、底部加固综合考虑\n3. 面层材料品种、规格、颜色：6+1.52.pvb+6mm钢化超白玻（GL-A02），四周1.2mm黄古铜不锈钢（MT-A01）\n4. 施工时面层颜色、样式由甲方和设计单位确认选样，加工、排版损耗等不另计，投标人综合考虑报价，中标后综合单价不予调整\n5．未尽事宜详见设计图纸、图集、设计补充说明、招标文件、政府相关文件及规范等其它资料，满足验收要求","1. 部位：洗手台旁\n3. 面层材料品种、规格、颜色：6+1.52.pvb+6mm钢化超白玻（GL-A02），四周1.2mm黄古铜不锈钢（MT-A01）\n4. 施工时面层颜色、样式由甲方和设计单位确认选样，加工、排版损耗等不另计，投标人综合考虑报价，中标后综合单价不予调整\n5．未尽事宜详见设计图纸、图集、设计补充说明、招标文件、政府相关文件及规范等其它资料，满足验收要求","不锈钢及玻璃制品","2包","m2",3.3,1147.17,3785.66,59,"按投影面积",3.3,950,3135,"m2",3.3,3135,0,{"v":1,"d":"1.00"},true,-650.6599999999999]
[108,"3#","工程名称：3#-DX套房",60,11210003001,"玻璃隔断","1．部位：卫生间淋浴、马桶间\n2．边框材料种类、规格：四周1.2mm黄古铜不锈钢(MT-A01)\n3．玻璃品种、规格、颜色：6+1.52.pvb+6mm 厚夹丝玻璃（GL-A01）\n4. 五金品种、规格：单价包含玻璃门夹、淋浴拉手、挡水胶条等费用\n5．施工时面层颜色、样式由甲方和设计单位确认选样，投标人综合考虑报价，加工、切割、折边、损耗等不另计，中标后综合单价不予调整\n6. 按外框投影面积计算\n7．未尽事宜详见设计图纸、图集、设计补充说明、招标文件、政府相关文件及规范等其它资料，满足验收要求","1．部位：卫生间淋浴、马桶间\n2．边框材料种类、规格：四周1.2mm黄古铜不锈钢(MT-A01)\n3．玻璃品种、规格、颜色：6+1.52.pvb+6mm 厚夹丝玻璃（GL-A01）\n4. 五金品种、规格：单价包含玻璃门夹、淋浴拉手、挡水胶条等费用\n5．施工时面层颜色、样式由甲方和设计单位确认选样，投标人综合考虑报价，加工、切割、折边、损耗等不另计，中标后综合单价不予调整\n6. 按外框投影面积计算\n7．未尽事宜详见设计图纸、图集、设计补充说明、招标文件、政府相关文件及规范等其它资料，满足验收要求","不锈钢及玻璃制品","2包","m2",4.5,850.2,3825.9,60,"按投影面积",4.98,1380,6872.400000000001,"m2",4.5,6210,0.4800000000000004,{"v":1.1066666666666667,"d":"1.11"},true,3046.5000000000005]
[109,"3#","工程名称：3#-DX套房",63,"WB011302005003","天棚面层","1．部位：玄关、卫生间\n2．面层材料品种、规格、颜色：1.2mm黄古铜不锈钢(MT-A01)\n3．施工时面层颜色、样式由甲方和设计单位确认选样，投标人综合考虑报价，加工、切割、折边、损耗等不另计，中标后综合单价不予调整\n4．未尽事宜详见设计图纸、图集、设计补充说明、招标文件、政府相关文件及规范等其它资料，满足验收要求。","1．部位：玄关、卫生间\n2．面层材料品种、规格、颜色：1.2mm黄古铜不锈钢(MT-A01)\n3．施工时面层颜色、样式由甲方和设计单位确认选样，投标人综合考虑报价，加工、切割、折边、损耗等不另计，中标后综合单价不予调整\n4．未尽事宜详见设计图纸、图集、设计补充说明、招标文件、政府相关文件及规范等其它资料，满足验收要求。","不锈钢及玻璃制品","2包","m2",0.86,354.25,304.66,63,"按深化节点图与实际的展开面积计算（见光面）",0.86,550,473,"m2",0.86,473,0,{"v":1,"d":"1.00"},true,168.33999999999997]
[110,"3#","工程名称：3#-DX套房",78,11207001011,"墙面装饰板","1．部位：卧室等\n2．基层材料种类、规格：9mm阻燃夹板\n3.   面层材料品种、规格、颜色：1.2mm青铜色不锈钢（MT-A09）\n4．防护材料种类：所有装修用木基层均应进行防火、防腐处理\n5.   施工时面层颜色、样式由甲方和设计单位确认选样，投标人综合考虑报价，加工、切割、折边、损耗等不另计，中标后综合单价不予调整\n6.  未尽事宜详见设计图纸、图集、设计补充说明、招标文件、政府相关文件及规范等其它资料，满足验收要求","1．部位：卧室等\n3.   面层材料品种、规格、颜色：1.2mm青铜色不锈钢（MT-A09）\n4．防护材料种类：所有装修用木基层均应进行防火、防腐处理\n5.   施工时面层颜色、样式由甲方和设计单位确认选样，投标人综合考虑报价，加工、切割、折边、损耗等不另计，中标后综合单价不予调整\n6.  未尽事宜详见设计图纸、图集、设计补充说明、招标文件、政府相关文件及规范等其它资料，满足验收要求","不锈钢及玻璃制品","2包","m2",1.45,354.25,513.66,78,"按深化节点图与实际的展开面积计算（见光面）",1.48,550,814,"m2",1.48,814,0.030000000000000027,{"v":1.0206896551724138,"d":"1.02"},true,300.34000000000003]
[111,"3#","工程名称：3#-DX套房",79,11207001012,"墙面装饰板","1．部位：卧室等\n2．基层材料种类、规格：9mm阻燃夹板\n3.   面层材料品种、规格、颜色：1.2mm褐色不锈钢（MT-A10）\n4．防护材料种类：所有装修用木基层均应进行防火、防腐处理\n5.   施工时面层颜色、样式由甲方和设计单位确认选样，投标人综合考虑报价，加工、切割、折边、损耗等不另计，中标后综合单价不予调整\n6.  未尽事宜详见设计图纸、图集、设计补充说明、招标文件、政府相关文件及规范等其它资料，满足验收要求","1．部位：卧室等\n3.   面层材料品种、规格、颜色：1.2mm褐色不锈钢（MT-A10）\n4．防护材料种类：所有装修用木基层均应进行防火、防腐处理\n5.   施工时面层颜色、样式由甲方和设计单位确认选样，投标人综合考虑报价，加工、切割、折边、损耗等不另计，中标后综合单价不予调整\n6.  未尽事宜详见设计图纸、图集、设计补充说明、招标文件、政府相关文件及规范等其它资料，满足验收要求","不锈钢及玻璃制品","2包","m2",12.5,354.25,4428.13,79,"按深化节点图与实际的展开面积计算（见光面）",12.5,550,6875,"m2",12.5,6875,0,{"v":1,"d":"1.00"},true,2446.87]
[112,"3#","工程名称：3#-DX套房",83,11502001001,"金属装饰条","1. 部位：卧室背景墙\n2. 基层类型：石膏板\n3. 线条材料种类、规格：1.2mm黄古铜不锈钢(MT-A01)，哑光防指纹/拉丝直纹，展开宽度60mm以内\n4．施工时面层颜色、样式由甲方和设计单位确认选样，投标人综合考虑报价，加工、切割、折边、损耗等不另计，中标后综合单价不予调整\n5．未尽事宜详见设计图纸、图集、设计补充说明、招标文件、政府相关文件及规范等其它资料，满足验收要求。","1. 部位：卧室背景墙\n2. 基层类型：石膏板\n3. 线条材料种类、规格：1.2mm黄古铜不锈钢(MT-A01)，哑光防指纹/拉丝直纹，展开宽度60mm以内\n4．施工时面层颜色、样式由甲方和设计单位确认选样，投标人综合考虑报价，加工、切割、折边、损耗等不另计，中标后综合单价不予调整\n5．未尽事宜详见设计图纸、图集、设计补充说明、招标文件、政府相关文件及规范等其它资料，满足验收要求。","不锈钢及玻璃制品","2包","m",3.85,43.6,167.86,83,"按现场实际发生量长度计算",5,50,250,"m",3.85,192.5,1.15,{"v":1.2987012987012987,"d":"1.30"},true,82.13999999999999]
[113,"3#","工程名称：3#-DX套房",84,11502001002,"金属装饰条","1. 部位：卧室背景墙\n2. 线条材料种类、规格：1.2mm黄古铜不锈钢(MT-A01)，哑光防指纹/拉丝直纹，展开宽度60-100mm以内\n3．施工时面层颜色、样式由甲方和设计单位确认选样，投标人综合考虑报价，加工、切割、折边、损耗等不另计，中标后综合单价不予调整\n4．未尽事宜详见设计图纸、图集、设计补充说明、招标文件、政府相关文件及规范等其它资料，满足验收要求。","1. 部位：卧室背景墙\n2. 线条材料种类、规格：1.2mm黄古铜不锈钢(MT-A01)，哑光防指纹/拉丝直纹，展开宽度60-100mm以内\n3．施工时面层颜色、样式由甲方和设计单位确认选样，投标人综合考虑报价，加工、切割、折边、损耗等不另计，中标后综合单价不予调整\n4．未尽事宜详见设计图纸、图集、设计补充说明、招标文件、政府相关文件及规范等其它资料，满足验收要求。","不锈钢及玻璃制品","2包","m",9.31,59.95,558.13,84,"按现场实际发生量长度计算",12,60,720,"m",9.31,558.6,2.6899999999999995,{"v":1.2889366272824918,"d":"1.29"},true,161.87]
[114,"3#","工程名称：3#-DX套房",85,11502001003,"金属装饰条","1. 部位：卧室背景墙\n2. 线条材料种类、规格：50*10mm黄古铜不锈钢方通1.2mm(MT-A01)，哑光防指纹/拉丝直纹\n3．施工时面层颜色、样式由甲方和设计单位确认选样，投标人综合考虑报价，加工、切割、折边、损耗等不另计，中标后综合单价不予调整\n4．未尽事宜详见设计图纸、图集、设计补充说明、招标文件、政府相关文件及规范等其它资料，满足验收要求。","1. 部位：卧室背景墙\n2. 线条材料种类、规格：50*10mm黄古铜不锈钢方通1.2mm(MT-A01)，哑光防指纹/拉丝直纹\n3．施工时面层颜色、样式由甲方和设计单位确认选样，投标人综合考虑报价，加工、切割、折边、损耗等不另计，中标后综合单价不予调整\n4．未尽事宜详见设计图纸、图集、设计补充说明、招标文件、政府相关文件及规范等其它资料，满足验收要求。","不锈钢及玻璃制品","2包","m",3.85,59.95,230.81,85,"按现场实际发生量长度计算",4,135,540,"m",3.85,519.75,0.1499999999999999,{"v":1.0389610389610389,"d":"1.04"},true,309.19]
[115,"3#","工程名称：3#-DX套房",86,11502001004,"金属装饰条","1．部位：玄关、卫生间天棚\n2．面层材料品种、规格、颜色：小于60mm宽的1.2mm黄古铜不锈钢(MT-A01)\n3．施工时面层颜色、样式由甲方和设计单位确认选样，投标人综合考虑报价，加工、切割、折边、损耗等不另计，中标后综合单价不予调整\n4．未尽事宜详见设计图纸、图集、设计补充说明、招标文件、政府相关文件及规范等其它资料，满足验收要求。","1．部位：玄关、卫生间天棚\n2．面层材料品种、规格、颜色：小于60mm宽的1.2mm黄古铜不锈钢(MT-A01)\n3．施工时面层颜色、样式由甲方和设计单位确认选样，投标人综合考虑报价，加工、切割、折边、损耗等不另计，中标后综合单价不予调整\n4．未尽事宜详见设计图纸、图集、设计补充说明、招标文件、政府相关文件及规范等其它资料，满足验收要求。","不锈钢及玻璃制品","2包","m",30.08,43.6,1311.49,86,"按现场实际发生量长度计算",78,50,3900,"m",30.08,1504,47.92,{"v":2.5930851063829787,"d":"2.59"},true,2588.51]
[116,"3#","工程名称：3#-K标间客房",3,10801001001,"入户门","1．部位：标间客房\n2．门室内侧外框尺寸：1180*3000mm，室外侧外框尺寸详见设计文件\n3．门套材料种类、规格：室内侧15mm阻燃夹板+橡木饰面门套(WD-A01 )，过道侧1.2mm黄古铜不锈钢线条(MT-A01)\n4．门楣材料种类、规格：15mm阻燃夹板+9mm阻燃夹板+橡木饰面门楣（WD-A01）\n5．门扇材料种类、规格：橡木饰面入户门(WD-A01)，包含30mm细木工板成品门芯、20*40mm热镀锌方通钢龙骨，双面9mm阻燃夹板，外侧1.2mm黄古铜不锈钢（防指纹）线条(MT-A01)\n6．五金品种、规格：包含但不限于凸轮暗藏闭门器、门底挡尘条、猫眼、防盗链、门碰、暗藏五金合页(选型一侧三副)、消音胶条等五金件,门锁此处报价不考虑\n7．防护材料种类：所有装修用木材均应进行防火、防腐处理\n8．施工时面层颜色、样式由甲方和设计单位确认选样，投标人综合考虑报价，加工、切割、折边、损耗等不另计，中标后综合单价不予调整\n9．未尽事宜详见设计图纸、图集、设计补充说明、招标文件、政府相关文件及规范等其它资料，满足验收要求","1．部位：标间客房\n2．门室内侧外框尺寸：1180*3000mm，室外侧外框尺寸详见设计文件\n3．门套材料种类、规格：过道侧1.2mm黄古铜不锈钢线条(MT-A01)\n5．门扇材料种类、规格：外侧1.2mm黄古铜不锈钢（防指纹）线条(MT-A01)\n7．防护材料种类：所有装修用木材均应进行防火、防腐处理\n8．施工时面层颜色、样式由甲方和设计单位确认选样，投标人综合考虑报价，加工、切割、折边、损耗等不另计，中标后综合单价不予调整\n9．未尽事宜详见设计图纸、图集、设计补充说明、招标文件、政府相关文件及规范等其它资料，满足验收要求","不锈钢及玻璃制品","2包","樘",24,391.31,9391.44,3,null,24,455,10920,"樘",24,10920,0,{"v":1,"d":"1.00"},true,1528.5599999999995]
[117,"3#","工程名称：3#-K标间客房",4,10805005001,"玻璃门","1．部位：玄关通往卫生间\n2．门代号及洞口尺寸：1200*3000mm卫生间（M-02）\n3.  门扇饰面材质种类、规格：6+1.52.pvb+6mm夹丝玻璃(GL-A01)，四周1.2mm黄古铜不锈钢边框(MT-A01)，哑光防指纹/拉丝直纹\n4． 五金品种、规格：包括但不限于定制金属执手、液压门轴等相应五金件等价格。\n5．施工时面层颜色、样式由甲方和设计单位确认选样，投标人综合考虑报价，加工、切割、折边、损耗等不另计，中标后综合单价不予调整\n6．未尽事宜详见设计图纸、图集、设计补充说明、招标文件、政府相关文件及规范等其它资料，满足验收要求","1．部位：玄关通往卫生间\n2．门代号及洞口尺寸：1200*3000mm卫生间（M-02）\n3.  门扇饰面材质种类、规格：6+1.52.pvb+6mm夹丝玻璃(GL-A01)，四周1.2mm黄古铜不锈钢边框(MT-A01)，哑光防指纹/拉丝直纹\n4． 五金品种、规格：包括但不限于定制金属执手、液压门轴等相应五金件等价格。\n5．施工时面层颜色、样式由甲方和设计单位确认选样，投标人综合考虑报价，加工、切割、折边、损耗等不另计，中标后综合单价不予调整\n6．未尽事宜详见设计图纸、图集、设计补充说明、招标文件、政府相关文件及规范等其它资料，满足验收要求","不锈钢及玻璃制品","2包","m2",89.1,2410.72,214795.18,4,"按投影面积",103,1380,142140,"m2",89.1,122957.99999999999,13.900000000000006,{"v":1.1560044893378227,"d":"1.16"},true,-72655.18]
[118,"3#","工程名称：3#-K标间客房",5,10807001001,"金属窗","1．部位：浴缸处玻璃窗\n2．顶部、底部镀锌钢龙骨加固，规格型号综合考虑\n3．隔断玻璃品种、厚度：6+1.52pvb+6mm夹胶安全超白玻璃（GL-A02）\n4．施工时面层颜色、样式由甲方和设计单位确认选样，加工、排版损耗等不另计，投标人综合考虑报价，中标后综合单价不予调整\n5．未尽事宜详见设计图纸、图集、设计补充说明、招标文件、政府相关文件及规范等其它资料，满足验收要求","1．部位：浴缸处玻璃窗\n2．顶部、底部镀锌钢龙骨加固，规格型号综合考虑\n3．隔断玻璃品种、厚度：6+1.52pvb+6mm夹胶安全超白玻璃（GL-A02）\n4．施工时面层颜色、样式由甲方和设计单位确认选样，加工、排版损耗等不另计，投标人综合考虑报价，中标后综合单价不予调整\n5．未尽事宜详见设计图纸、图集、设计补充说明、招标文件、政府相关文件及规范等其它资料，满足验收要求","不锈钢及玻璃制品","2包","m2",102.62,670.35,68791.32,5,"按投影面积",102.62,530,54388.600000000006,"m2",102.62,54388.600000000006,0,{"v":1,"d":"1.00"},true,-14402.720000000001]
[119,"3#","工程名称：3#-K标间客房",6,10808001001,"不锈钢窗套","1．部位：浴缸处玻璃窗\n2． 基层材料种类、规格：双层9mm硅酸钙板，局部三层\n3．面层材料种类、规格：1.2mm黄古铜不锈钢（MT-A01），哑光防指纹/拉丝直纹\n4．施工时面层颜色、样式由甲方和设计单位确认选样，投标人综合考虑报价，加工、切割、折边、损耗等不另计，中标后综合单价不予调整\n5．未尽事宜详见设计图纸、图集、设计补充说明、招标文件、政府相关文件及规范等其它资料，满足验收要求","1．部位：浴缸处玻璃窗\n3．面层材料种类、规格：1.2mm黄古铜不锈钢（MT-A01），哑光防指纹/拉丝直纹\n4．施工时面层颜色、样式由甲方和设计单位确认选样，投标人综合考虑报价，加工、切割、折边、损耗等不另计，中标后综合单价不予调整\n5．未尽事宜详见设计图纸、图集、设计补充说明、招标文件、政府相关文件及规范等其它资料，满足验收要求","不锈钢及玻璃制品","2包","m2",33.45,381.5,12761.17,6,"按深化节点图与实际的展开面积计算（见光面）",36,550,19800,"m2",36,19800,2.549999999999997,{"v":1.0762331838565022,"d":"1.08"},true,7038.83]
[120,"3#","工程名称：3#-K标间客房",7,10808001002,"不锈钢门套","1．部位：卫生间玻璃门\n2．基层材料种类、规格：双层12mm阻燃夹板\n3．面层材料种类、规格：1.2mm黄古铜不锈钢（MT-A01），哑光防指纹/拉丝直纹\n4．防护材料种类：所有装修用木材均应进行防火、防腐处理\n5．施工时面层颜色、样式由甲方和设计单位确认选样，投标人综合考虑报价，加工、切割、折边、损耗等不另计，中标后综合单价不予调整\n6．未尽事宜详见设计图纸、图集、设计补充说明、招标文件、政府相关文件及规范等其它资料，满足验收要求","1．部位：卫生间玻璃门\n3．面层材料种类、规格：1.2mm黄古铜不锈钢（MT-A01），哑光防指纹/拉丝直纹\n4．防护材料种类：所有装修用木材均应进行防火、防腐处理\n5．施工时面层颜色、样式由甲方和设计单位确认选样，投标人综合考虑报价，加工、切割、折边、损耗等不另计，中标后综合单价不予调整\n6．未尽事宜详见设计图纸、图集、设计补充说明、招标文件、政府相关文件及规范等其它资料，满足验收要求","不锈钢及玻璃制品","2包","m2",43.96,381.5,16770.74,7,"按深化节点图与实际的展开面积计算（见光面）",43.96,550,24178,"m2",43.96,24178,0,{"v":1,"d":"1.00"},true,7407.259999999998]
[121,"3#","工程名称：3#-K标间客房",18,"WB011105006001","成品踢脚线","1. 部位：玄关、卧室\n2. 踢脚线高度：50mm高\n3．基层材料种类、规格：12mm阻燃夹板\n4．面层材料品种、规格、颜色：1.2mm黄古铜不锈钢(MT-A01)，哑光防指纹/拉丝直纹\n5．施工时面层颜色、样式由甲方和设计单位确认选样，投标人综合考虑报价，加工、切割、折边、损耗等不另计，中标后综合单价不予调整\n6．未尽事宜详见设计图纸、图集、设计补充说明、招标文件、政府相关文件及规范等其它资料，满足验收要求","1. 部位：玄关、卧室\n2. 踢脚线高度：50mm高\n4．面层材料品种、规格、颜色：1.2mm黄古铜不锈钢(MT-A01)，哑光防指纹/拉丝直纹\n5．施工时面层颜色、样式由甲方和设计单位确认选样，投标人综合考虑报价，加工、切割、折边、损耗等不另计，中标后综合单价不予调整\n6．未尽事宜详见设计图纸、图集、设计补充说明、招标文件、政府相关文件及规范等其它资料，满足验收要求","不锈钢及玻璃制品","2包","m",636.25,43.6,27740.5,18,"按现场实际发生量长度计算",715,45,32175,"m",636.25,28631.25,78.75,{"v":1.1237721021611002,"d":"1.12"},true,4434.5]
[122,"3#","工程名称：3#-K标间客房",46,11207001001,"墙面装饰板","1．部位：客房区床背景造型\n2．基层材料种类、规格：阻燃肋条调平，局部9mm阻燃夹板\n3．面层材料品种、规格、颜色：造型扪皮硬包饰面(12mm阻燃夹板衬板+扪皮饰面)（UP-A01）+5mm宽黄古铜不锈钢嵌条(MT-A01)，哑光防指纹/拉丝直纹\n4．防护材料种类：所有装修用木材均应进行防火、防腐处理\n6．按立面投影面积计算\n7. 施工时面层颜色、样式由甲方和设计单位确认选样，加工、排版损耗等不另计，投标人综合考虑报价，中标后综合单价不予调整\n8．未尽事宜详见设计图纸、图集、设计补充说明、招标文件、政府相关文件及规范等其它资料，满足验收要求。","1．部位：客房区床背景造型\n3．面层材料品种、规格、颜色：造型扪皮硬包饰面(12mm阻燃夹板衬板+扪皮饰面)（UP-A01）+5mm宽黄古铜不锈钢嵌条(MT-A01)，哑光防指纹/拉丝直纹\n4．防护材料种类：所有装修用木材均应进行防火、防腐处理\n6．按立面投影面积计算\n7. 施工时面层颜色、样式由甲方和设计单位确认选样，加工、排版损耗等不另计，投标人综合考虑报价，中标后综合单价不予调整\n8．未尽事宜详见设计图纸、图集、设计补充说明、招标文件、政府相关文件及规范等其它资料，满足验收要求。","不锈钢及玻璃制品","2包","m2",94.13,93.79,8828.88,46,"按深化节点图与实际的展开面积计算（见光面）",94.13,550,51771.5,"m2",94.13,51771.5,0,{"v":1,"d":"1.00"},true,42942.62]
[123,"3#","工程名称：3#-K标间客房",48,11207001003,"墙面装饰板","1．部位：客房区床背景竖向包边\n2．龙骨材料种类、规格：50mm竖向天地龙骨\n3．基层材料种类、规格：12mm阻燃夹板\n4．面层材料品种、规格、颜色：1.2mm黄古铜不锈钢(MT-A01)，哑光防指纹/拉丝直纹\n5．防护材料种类：所有装修用木材均应进行防火、防腐处理\n6．施工时面层颜色、样式由甲方和设计单位确认选样，加工、排版损耗等不另计，投标人综合考虑报价，中标后综合单价不予调整\n7．未尽事宜详见设计图纸、图集、设计补充说明、招标文件、政府相关文件及规范等其它资料，满足验收要求。","1．部位：客房区床背景竖向包边\n4．面层材料品种、规格、颜色：1.2mm黄古铜不锈钢(MT-A01)，哑光防指纹/拉丝直纹\n5．防护材料种类：所有装修用木材均应进行防火、防腐处理\n6．施工时面层颜色、样式由甲方和设计单位确认选样，加工、排版损耗等不另计，投标人综合考虑报价，中标后综合单价不予调整\n7．未尽事宜详见设计图纸、图集、设计补充说明、招标文件、政府相关文件及规范等其它资料，满足验收要求。","不锈钢及玻璃制品","2包","m2",25.94,354.25,9189.24,48,"按深化节点图与实际的展开面积计算（见光面）",31.1,550,17105,"m2",31.1,17105,5.16,{"v":1.1989205859676175,"d":"1.20"},true,7915.76]
[124,"3#","工程名称：3#-K标间客房",50,11207001005,"墙面装饰板","1．部位：客房区床背景竖向包边\n2．基层材料种类、规格：12mm阻燃夹板\n3．面层材料品种、规格、颜色：1.2mm黄古铜不锈钢(MT-A01)，哑光防指纹/拉丝直纹\n4．防护材料种类：所有装修用木材均应进行防火、防腐处理\n5．施工时面层颜色、样式由甲方和设计单位确认选样，加工、排版损耗等不另计，投标人综合考虑报价，中标后综合单价不予调整\n6．未尽事宜详见设计图纸、图集、设计补充说明、招标文件、政府相关文件及规范等其它资料，满足验收要求。","1．部位：客房区床背景竖向包边\n3．面层材料品种、规格、颜色：1.2mm黄古铜不锈钢(MT-A01)，哑光防指纹/拉丝直纹\n4．防护材料种类：所有装修用木材均应进行防火、防腐处理\n5．施工时面层颜色、样式由甲方和设计单位确认选样，加工、排版损耗等不另计，投标人综合考虑报价，中标后综合单价不予调整\n6．未尽事宜详见设计图纸、图集、设计补充说明、招标文件、政府相关文件及规范等其它资料，满足验收要求。","不锈钢及玻璃制品","2包","m2",16.52,354.25,5852.21,50,"按深化节点图与实际的展开面积计算（见光面）",16.52,550,9086,"m2",16.52,9086,0,{"v":1,"d":"1.00"},true,3233.79]
[125,"3#","工程名称：3#-K标间客房",51,11207001006,"墙面装饰板","1．部位：客房区电视景墙\n2．基层材料种类、规格：9mm阻燃夹板\n3．面层材料品种、规格、颜色：1.2mm黄古铜不锈钢(MT-A01)，哑光防指纹/拉丝直纹\n4．防护材料种类：所有装修用木材均应进行防火、防腐处理\n5．施工时面层颜色、样式由甲方和设计单位确认选样，加工、排版损耗等不另计，投标人综合考虑报价，中标后综合单价不予调整\n6．未尽事宜详见设计图纸、图集、设计补充说明、招标文件、政府相关文件及规范等其它资料，满足验收要求","1．部位：客房区电视景墙\n3．面层材料品种、规格、颜色：1.2mm黄古铜不锈钢(MT-A01)，哑光防指纹/拉丝直纹\n4．防护材料种类：所有装修用木材均应进行防火、防腐处理\n5．施工时面层颜色、样式由甲方和设计单位确认选样，加工、排版损耗等不另计，投标人综合考虑报价，中标后综合单价不予调整\n6．未尽事宜详见设计图纸、图集、设计补充说明、招标文件、政府相关文件及规范等其它资料，满足验收要求","不锈钢及玻璃制品","2包","m2",33.16,354.25,11746.93,51,"按深化节点图与实际的展开面积计算（见光面）",33.16,550,18237.999999999996,"m2",33.16,18237.999999999996,0,{"v":1,"d":"1.00"},true,6491.069999999996]
[126,"3#","工程名称：3#-K标间客房",59,11207001014,"墙面装饰板","1．部位：玄关处\n2．基层材料种类、规格：9mm阻燃夹板\n3．面层材料品种、规格、颜色：5mm银镜饰面(MR-A01），四周10mm宽1.2mm黄古铜不锈钢装饰条（MT-A01）\n4．防护材料种类：所有装修用木材均应进行防火、防腐处理\n5．施工时面层颜色、样式由甲方和设计单位确认选样，加工、排版损耗等不另计，投标人综合考虑报价，中标后综合单价不予调整\n6．未尽事宜详见设计图纸、图集、设计补充说明、招标文件、政府相关文件及规范等其它资料，满足验收要求","1．部位：玄关处\n3．面层材料品种、规格、颜色：5mm银镜饰面(MR-A01），四周10mm宽1.2mm黄古铜不锈钢装饰条（MT-A01）\n4．防护材料种类：所有装修用木材均应进行防火、防腐处理\n5．施工时面层颜色、样式由甲方和设计单位确认选样，加工、排版损耗等不另计，投标人综合考虑报价，中标后综合单价不予调整\n6．未尽事宜详见设计图纸、图集、设计补充说明、招标文件、政府相关文件及规范等其它资料，满足验收要求","不锈钢及玻璃制品","2包","m2",57.54,240.74,13852.03,59,"按投影面积",72,385,27720,"m2",57.54,22152.9,14.46,{"v":1.251303441084463,"d":"1.25"},true,13867.97]
[127,"3#","工程名称：3#-K标间客房",60,11207001015,"墙面装饰板","1．部位：马桶间\n2．基层材料种类、规格：9mm硅酸钙板\n3. 面层材料品种、规格、颜色：1.2mm深色古铜不锈钢(MT-A03)，哑光防指纹/拉丝直纹\n4．防护材料种类：所有装修用木材均应进行防火、防腐处理\n5．施工时面层颜色、样式由甲方和设计单位确认选样，投标人综合考虑报价，加工、切割、折边、损耗等不另计，中标后综合单价不予调整\n6．未尽事宜详见设计图纸、图集、设计补充说明、招标文件、政府相关文件及规范等其它资料，满足验收要求","1．部位：马桶间\n3. 面层材料品种、规格、颜色：1.2mm深色古铜不锈钢(MT-A03)，哑光防指纹/拉丝直纹\n4．防护材料种类：所有装修用木材均应进行防火、防腐处理\n5．施工时面层颜色、样式由甲方和设计单位确认选样，投标人综合考虑报价，加工、切割、折边、损耗等不另计，中标后综合单价不予调整\n6．未尽事宜详见设计图纸、图集、设计补充说明、招标文件、政府相关文件及规范等其它资料，满足验收要求","不锈钢及玻璃制品","2包","m2",5.62,354.25,1990.88,60,"按投影面积",5.62,550,3091,"m2",5.62,3091,0,{"v":1,"d":"1.00"},true,1100.12]
[128,"3#","工程名称：3#-K标间客房",61,11207001016,"墙面装饰板","1．部位：淋浴区壁龛盒\n2．基层材料种类、规格：9mm硅酸钙板,层板处双层9mm硅酸钙板\n3．面层材料品种、规格、颜色：5mm茶镜饰面（MR-A02）+1.2mm黄古铜不锈钢层板(MT-A01)，四周嵌入1.2mm黄古铜不锈钢嵌条\n4. 施工时面层颜色、样式由甲方和设计单位确认选样，投标人综合考虑报价，加工、切割、折边、损耗等不另计，中标后综合单价不予调整\n5．未尽事宜详见设计图纸、图集、设计补充说明、招标文件、政府相关文件及规范等其它资料，满足验收要求","1．部位：淋浴区壁龛盒\n3．面层材料品种、规格、颜色：5mm茶镜饰面（MR-A02）+1.2mm黄古铜不锈钢层板(MT-A01)，四周嵌入1.2mm黄古铜不锈钢嵌条\n4. 施工时面层颜色、样式由甲方和设计单位确认选样，投标人综合考虑报价，加工、切割、折边、损耗等不另计，中标后综合单价不予调整\n5．未尽事宜详见设计图纸、图集、设计补充说明、招标文件、政府相关文件及规范等其它资料，满足验收要求","不锈钢及玻璃制品","2包","m2",7.71,337.06,2598.74,61,"按投影面积",7.71,1180,9097.8,"m2",7.71,9097.8,0,{"v":1,"d":"1.00"},true,6499.0599999999995]
[129,"3#","工程名称：3#-K标间客房",62,11210003001,"玻璃隔断","1．部位：卫生间淋浴、马桶间\n2．边框材料种类、规格：四周1.2mm黄古铜不锈钢(MT-A01)，哑光防指纹/拉丝直纹\n3．玻璃品种、规格、颜色：6+1.52pvb+6mm夹胶安全超白玻璃（GL-A02）\n4. 五金品种、规格：单价包含玻璃门夹、淋浴拉手、挡水胶条等费用\n5．施工时面层颜色、样式由甲方和设计单位确认选样，投标人综合考虑报价，加工、切割、折边、损耗等不另计，中标后综合单价不予调整\n6. 按外框投影面积计算\n7．未尽事宜详见设计图纸、图集、设计补充说明、招标文件、政府相关文件及规范等其它资料，满足验收要求","1．部位：卫生间淋浴、马桶间\n2．边框材料种类、规格：四周1.2mm黄古铜不锈钢(MT-A01)，哑光防指纹/拉丝直纹\n3．玻璃品种、规格、颜色：6+1.52pvb+6mm夹胶安全超白玻璃（GL-A02）\n4. 五金品种、规格：单价包含玻璃门夹、淋浴拉手、挡水胶条等费用\n5．施工时面层颜色、样式由甲方和设计单位确认选样，投标人综合考虑报价，加工、切割、折边、损耗等不另计，中标后综合单价不予调整\n6. 按外框投影面积计算\n7．未尽事宜详见设计图纸、图集、设计补充说明、招标文件、政府相关文件及规范等其它资料，满足验收要求","不锈钢及玻璃制品","2包","m2",153.73,850.2,130701.25,62,"按投影面积",158.4,880,139392,"m2",153.73,135282.4,4.670000000000016,{"v":1.0303779353411826,"d":"1.03"},true,8690.75]
[130,"3#","工程名称：3#-K标间客房",66,"WB011302005003","天棚吊顶","1．部位：玄关、卫生间\n2．面层材料品种、规格、颜色：1.2mm黄古铜不锈钢(MT-A01)，哑光防指纹/拉丝直纹\n3．施工时面层颜色、样式由甲方和设计单位确认选样，投标人综合考虑报价，加工、切割、折边、损耗等不另计，中标后综合单价不予调整\n4．未尽事宜详见设计图纸、图集、设计补充说明、招标文件、政府相关文件及规范等其它资料，满足验收要求。","1．部位：玄关、卫生间\n2．面层材料品种、规格、颜色：1.2mm黄古铜不锈钢(MT-A01)，哑光防指纹/拉丝直纹\n3．施工时面层颜色、样式由甲方和设计单位确认选样，投标人综合考虑报价，加工、切割、折边、损耗等不另计，中标后综合单价不予调整\n4．未尽事宜详见设计图纸、图集、设计补充说明、招标文件、政府相关文件及规范等其它资料，满足验收要求。","不锈钢及玻璃制品","2包","m2",8.98,354.25,3181.16,66,"按深化节点图与实际的展开面积计算（见光面）",8,550,4400,"m2",8,4400,-0.9800000000000004,{"v":0.8908685968819599,"d":"0.89"},true,1218.8400000000001]
[131,"3#","工程名称：3#-K标间客房",81,"WB011501001001","玄关柜","1．规格：长3840mm*宽600mm*高3000mm\n2．龙骨材质种类、规格：热镀锌钢龙骨（不分规格型号，投标人综合考虑）、30*30mm木方/50*30mm木方等(阻燃处理)\n3．基层板材质种类、规格：9mm阻燃夹板、12mm阻燃夹板等基层类型及厚度综合考虑\n4．柜体材料种类、规格：12mm橡木饰面（WD-A01）柜体、布艺硬包饰面(WC-A03)、橡木饰面抽屉柜+6mm超白钢化玻璃、不锈钢门把手、不锈钢踢脚线(MT-A01)等；中间区域柜顶400*900mm木工板加固至少能承重30KG报价综合考虑\n5. 柜门材质种类、规格：木工板基层+12mm橡木饰面（WD-A01），具体柜门由专业厂家二次深化\n6．五金种类、规格：单价包含挂衣杆、雨伞架、U型报纸槽、暗藏合页、抽屉滑轨、阻尼隔振胶垫、烟斗铰链、柜门锁、灯槽成型等\n7．按立面投影面积计算\n8．防护材料种类：所有装修用木材均应进行防火、防腐处理\n9．施工时面层颜色、样式由甲方和设计单位确认选样，加工、排版损耗等不另计，投标人综合考虑报价，中标后综合单价不予调整\n10．未尽事宜详见设计图纸、图集、设计补充说明、招标文件、政府相关文件及规范等其它资料，满足验收要求","1．规格：长3840mm*宽600mm*高3000mm\n4．柜体材料种类、规格：布艺硬包饰面(WC-A03)、不锈钢踢脚线(MT-A01)等；\n7．按立面投影面积计算\n8．防护材料种类：所有装修用木材均应进行防火、防腐处理\n9．施工时面层颜色、样式由甲方和设计单位确认选样，加工、排版损耗等不另计，投标人综合考虑报价，中标后综合单价不予调整\n10．未尽事宜详见设计图纸、图集、设计补充说明、招标文件、政府相关文件及规范等其它资料，满足验收要求","不锈钢及玻璃制品","2包","m2",279.65,15.87,4438.16,81,"按现场实际发生量长度计算",84,45,3780,"m",84,3780,-195.64999999999998,{"v":0.30037546933667086,"d":"0.30"},true,-658.1599999999999]
[132,"3#","工程名称：3#-K标间客房",82,"WB011501001002","镜柜","1. 部位：卫生间\n2．规格：长（240+1215+240）mm*高1630mm\n3．龙骨材料种类、规格：20*45mm木方龙骨(阻燃处理)、热镀锌钢龙骨（不分规格型号，投标人综合考虑）\n4．基层材料种类：12mm硅酸钙板+9mm硅酸钙板等\n5．镜面玻璃品种、规格：5mm银镜饰品（MR-A01）+两侧玻璃整体成品定制5+5mm超白钢化玻璃夹膜0.6mm\n6．镜框材料种类、规格：四周1.2mm黄古铜不锈钢(MT-A01)哑光防指纹/拉丝直纹，单价包含局部灯槽成型\n7．防护材料种类：所有装修用木材均应进行防火、防腐处理\n8．施工时面层颜色、样式由甲方和设计单位确认选样，投标人综合考虑报价，加工、切割、折边、损耗等不另计，中标后综合单价不予调整\n9．未尽事宜详见设计图纸、图集、设计补充说明、招标文件、政府相关文件及规范等其它资料，满足验收要求","1. 部位：卫生间\n2．规格：长（240+1215+240）mm*高1630mm\n5．镜面玻璃品种、规格：5mm银镜饰品（MR-A01）+两侧玻璃整体成品定制5+5mm超白钢化玻璃夹膜0.6mm\n6．镜框材料种类、规格：四周1.2mm黄古铜不锈钢(MT-A01)哑光防指纹/拉丝直纹，单价包含局部灯槽成型\n7．防护材料种类：所有装修用木材均应进行防火、防腐处理\n8．施工时面层颜色、样式由甲方和设计单位确认选样，投标人综合考虑报价，加工、切割、折边、损耗等不另计，中标后综合单价不予调整\n9．未尽事宜详见设计图纸、图集、设计补充说明、招标文件、政府相关文件及规范等其它资料，满足验收要求","不锈钢及玻璃制品","2包","m2",70.29,1079.36,75868.33,82,"按投影面积",70.29,1280,89971.20000000001,"m2",70.29,89971.20000000001,0,{"v":1,"d":"1.00"},true,14102.87000000001]
[133,"3#","工程名称：3#-K标间客房",83,"WB011501001003","洗手台+柜体","1. 部位：卫生间\n2．规格：长1700mm*宽600mm*高870mm\n3．龙骨材料种类、规格：局部热镀锌钢龙骨（不分规格型号，投标人综合考虑）\n4．面层材料品种、规格、颜色：18mm星白大理石(ST-A02)台面及挡水条、橡木饰面柜体及橡木饰面隔板（WD-A01 ）、局部1.2mm黄古铜不锈钢(MT-A01)装饰嵌条、踢脚线及包边，单价包含灯槽成型等\n5．所有石材材料在施工前须做六面防护处理,石材结晶，以保证防水、防腐、防污、防油\n6．施工时面层颜色、样式由甲方和设计单位确认选样，投标人综合考虑报价，加工、切割、折边、损耗等不另计，中标后综合单价不予调整\n7．未尽事宜详见设计图纸、图集、设计补充说明、招标文件、政府相关文件及规范等其它资料，满足验收要求","1. 部位：卫生间\n2．规格：长1700mm*宽600mm*高870mm\n4．面层材料品种、规格、颜色：踢脚线\n5．所有石材材料在施工前须做六面防护处理，以保证防水、防腐、防污、防油、所有石材施工完后需做石材结晶\n6．施工时面层颜色、样式由甲方和设计单位确认选样，投标人综合考虑报价，加工、切割、折边、损耗等不另计，中标后综合单价不予调整\n7．未尽事宜详见设计图纸、图集、设计补充说明、招标文件、政府相关文件及规范等其它资料，满足验收要求","不锈钢及玻璃制品","2包","m",43.25,121.83,5269.12,83,"按现场实际发生量长度计算",68,45,3060,"m",68,3060,24.75,{"v":1.5722543352601157,"d":"1.57"},true,-2209.12]
[134,"3#","工程名称：3#-K标间客房",84,11502001001,"金属装饰条","1．部位：床头背景墙\n2．基层材料种类、规格：双层9mm阻燃夹板\n3．线条材料品种、规格、颜色：1.2mm黄古铜不锈钢(MT-A01)，哑光防指纹/拉丝直纹，展开宽度60~100mm以内\n4．施工时面层颜色、样式由甲方和设计单位确认选样，投标人综合考虑报价，加工、切割、折边、损耗等不另计，中标后综合单价不予调整\n5．未尽事宜详见设计图纸、图集、设计补充说明、招标文件、政府相关文件及规范等其它资料，满足验收要求","1．部位：床头背景墙\n3．线条材料品种、规格、颜色：1.2mm黄古铜不锈钢(MT-A01)，哑光防指纹/拉丝直纹，展开宽度60~100mm以内\n4．施工时面层颜色、样式由甲方和设计单位确认选样，投标人综合考虑报价，加工、切割、折边、损耗等不另计，中标后综合单价不予调整\n5．未尽事宜详见设计图纸、图集、设计补充说明、招标文件、政府相关文件及规范等其它资料，满足验收要求","不锈钢及玻璃制品","2包","m",203.01,59.95,12170.45,84,"按现场实际发生量长度计算",285,60,17100,"m",203.01,12180.599999999999,81.99000000000001,{"v":1.4038717304566277,"d":"1.40"},true,4929.549999999999]
[135,"3#","工程名称：3#-K标间客房",85,11502001002,"金属装饰条","1．部位：卫生间、卧室、玄关天棚等\n2．嵌条材料品种、规格、颜色：1.2mm黄古铜不锈钢(MT-A01)，哑光防指纹/拉丝直纹，展开宽度60mm以内\n3．施工时面层颜色、样式由甲方和设计单位确认选样，投标人综合考虑报价，加工、切割、折边、损耗等不另计，中标后综合单价不予调整\n4．未尽事宜详见设计图纸、图集、设计补充说明、招标文件、政府相关文件及规范等其它资料，满足验收要求。","1．部位：卫生间、卧室、玄关天棚等\n2．嵌条材料品种、规格、颜色：1.2mm黄古铜不锈钢(MT-A01)，哑光防指纹/拉丝直纹，展开宽度60mm以内\n3．施工时面层颜色、样式由甲方和设计单位确认选样，投标人综合考虑报价，加工、切割、折边、损耗等不另计，中标后综合单价不予调整\n4．未尽事宜详见设计图纸、图集、设计补充说明、招标文件、政府相关文件及规范等其它资料，满足验收要求。","不锈钢及玻璃制品","2包","m",1319.57,43.6,57533.25,85,"按现场实际发生量长度计算",1455,50,72750,"m",1319.57,65978.5,135.43000000000006,{"v":1.1026319179732793,"d":"1.10"},true,15216.75]
[136,"3#","工程名称：3#-JS套房",3,10801001001,"入户门","1．部位：JS套房\n2．门室内侧外框尺寸：1520*3000mm，室外侧外框尺寸详见设计文件\n3．门套材料种类、规格：室内侧15mm阻燃夹板+橡木饰面门套(WD-A01 )，过道侧1.2mm黄古铜不锈钢线条(MT-A01)\n4．门楣材料种类、规格：15mm阻燃夹板+9mm阻燃夹板+橡木饰面门楣（WD-A01）\n5．门扇饰面材质种类、规格：橡木饰面入户门(WD-A01)，包含20mm细木工板成品门芯、30*30*3mm热镀锌方通钢龙骨，双面9mm阻燃夹板，外侧1.2mm古铜拉丝不锈钢（防指纹）线条(MT-A01)\n6．五金品种、规格：包含但不限于凸轮暗藏闭门器、门底挡尘条、猫眼、防盗链、门碰、暗藏五金合页(选型一侧三副)、消音胶条等五金件,门锁此处不计入\n7．防护材料种类：所有装修用木材均应进行防火、防腐处理\n8．施工时面层颜色、样式由业主和设计单位确认选样，投标人综合考虑报价，加工、切割、折边、损耗等不另计，中标后综合单价不予调整\n9．未尽事宜详见设计图纸、图集、设计补充说明、招标文件、政府相关文件及规范等其它资料，满足验收要求","1．部位：JS套房\n2．门室内侧外框尺寸：1520*3000mm，室外侧外框尺寸详见设计文件\n3．门套材料种类、规格：过道侧1.2mm黄古铜不锈钢线条(MT-A01)\n5．门扇饰面材质种类、规格：外侧1.2mm古铜拉丝不锈钢（防指纹）线条(MT-A01)\n7．防护材料种类：所有装修用木材均应进行防火、防腐处理\n8．施工时面层颜色、样式由业主和设计单位确认选样，投标人综合考虑报价，加工、切割、折边、损耗等不另计，中标后综合单价不予调整\n9．未尽事宜详见设计图纸、图集、设计补充说明、招标文件、政府相关文件及规范等其它资料，满足验收要求","不锈钢及玻璃制品","2包","樘",5,409.84,2049.2,3,null,5,455,2275,"樘",5,2275,0,{"v":1,"d":"1.00"},true,225.80000000000018]
[137,"3#","工程名称：3#-JS套房",6,10805005001,"玻璃门","1．部位：卧室通往卫生间\n3．门扇饰面材质种类、规格：5+1.52pvb+5mm磨砂夹胶玻璃（GL-A05），四周1.2mm黄古铜不锈钢边框(MT-A01)，哑光防指纹/拉丝直纹\n4．五金品种、规格：单价包含定制金属执手、液压门轴等相应五金件等价格。\n5．施工时面层颜色、样式由业主和设计单位确认选样，投标人综合考虑报价，加工、切割、折边、损耗等不另计，中标后综合单价不予调整\n6．未尽事宜详见设计图纸、图集、设计补充说明、招标文件、政府相关文件及规范等其它资料，满足验收要求","1．部位：卧室通往卫生间\n3．门扇饰面材质种类、规格：5+1.52pvb+5mm磨砂夹胶玻璃（GL-A05），四周1.2mm黄古铜不锈钢边框(MT-A01)，哑光防指纹/拉丝直纹\n4．五金品种、规格：单价包含定制金属执手、液压门轴等相应五金件等价格。\n5．施工时面层颜色、样式由业主和设计单位确认选样，投标人综合考虑报价，加工、切割、折边、损耗等不另计，中标后综合单价不予调整\n6．未尽事宜详见设计图纸、图集、设计补充说明、招标文件、政府相关文件及规范等其它资料，满足验收要求","不锈钢及玻璃制品","2包","m2",21,2410.72,50625.13,6,"按投影面积",21.45,1250,26812.5,"m2",21,26250,0.4499999999999993,{"v":1.0214285714285714,"d":"1.02"},true,-23812.629999999997]
[138,"3#","工程名称：3#-JS套房",7,10808001001,"不锈钢门套","1. 部位：卧室通往卫生间\n2. 基层材料种类、规格：双层12mm阻燃夹板\n3. 面层材料种类、规格：1.2mm黄古铜不锈钢（MT-A01），哑光防指纹/拉丝直纹\n4．防护材料种类：所有装修用木材均应进行防火、防腐处理\n5．施工时面层颜色、样式由业主和设计单位确认选样，投标人综合考虑报价，加工、切割、折边、损耗等不另计，中标后综合单价不予调整\n6．未尽事宜详见设计图纸、图集、设计补充说明、招标文件、政府相关文件及规范等其它资料，满足验收要求","1. 部位：卧室通往卫生间\n3. 面层材料种类、规格：1.2mm黄古铜不锈钢（MT-A01），哑光防指纹/拉丝直纹\n4．防护材料种类：所有装修用木材均应进行防火、防腐处理\n5．施工时面层颜色、样式由业主和设计单位确认选样，投标人综合考虑报价，加工、切割、折边、损耗等不另计，中标后综合单价不予调整\n6．未尽事宜详见设计图纸、图集、设计补充说明、招标文件、政府相关文件及规范等其它资料，满足验收要求","不锈钢及玻璃制品","2包","m2",26.42,381.5,10079.23,7,"按深化节点图与实际的展开面积计算（见光面）",26.42,550,14531.000000000002,"m2",26.42,14531.000000000002,0,{"v":1,"d":"1.00"},true,4451.770000000002]
[139,"3#","工程名称：3#-JS套房",22,"WB011105006001","成品踢脚线","1. 部位：玄关、卧室、客厅、衣帽间等\n2. 踢脚线高度：50mm高\n3．基层材料种类、规格：12mm阻燃夹板\n4．面层材料品种、规格、颜色：1.2mm乱纹古铜(MT-A02)，哑光防指纹/拉丝直纹\n5．施工时面层颜色、样式由业主和设计单位确认选样，投标人综合考虑报价，加工、切割、折边、损耗等不另计，中标后综合单价不予调整\n6．未尽事宜详见设计图纸、图集、设计补充说明、招标文件、政府相关文件及规范等其它资料，满足验收要求","1. 部位：玄关、卧室、客厅、衣帽间等\n2. 踢脚线高度：50mm高\n4．面层材料品种、规格、颜色：1.2mm乱纹古铜(MT-A02)，哑光防指纹/拉丝直纹\n5．施工时面层颜色、样式由业主和设计单位确认选样，投标人综合考虑报价，加工、切割、折边、损耗等不另计，中标后综合单价不予调整\n6．未尽事宜详见设计图纸、图集、设计补充说明、招标文件、政府相关文件及规范等其它资料，满足验收要求","不锈钢及玻璃制品","2包","m",269,43.6,11728.4,22,"按现场实际发生量长度计算",305,45,13725,"m",269,12105,36,{"v":1.1338289962825279,"d":"1.13"},true,1996.6000000000004]
[140,"3#","工程名称：3#-JS套房",51,11207001004,"墙面装饰板","1. 部位：客厅等\n2. 基层材料种类、规格：双层12mm阻燃夹板\n3. 面层材料品种、规格、颜色： 6+1.52pvb+6mm夹胶安全超白玻璃(GL-A02）+四周1.2mm黄古铜不锈钢（MT-A01）\n4. 防护材料种类：所有装修用木材均应进行防火、防腐处理\n5．施工时面层颜色、样式由甲方和设计单位确认选样，加工、排版损耗等不另计，投标人综合考虑报价，中标后综合单价不予调整\n6．未尽事宜详见设计图纸、图集、设计补充说明、招标文件、政府相关文件及规范等其它资料，满足验收要求","1. 部位：客厅等\n3. 面层材料品种、规格、颜色： 6+1.52pvb+6mm夹胶安全超白玻璃(GL-A02）+四周1.2mm黄古铜不锈钢（MT-A01）\n4. 防护材料种类：所有装修用木材均应进行防火、防腐处理\n5．施工时面层颜色、样式由甲方和设计单位确认选样，加工、排版损耗等不另计，投标人综合考虑报价，中标后综合单价不予调整\n6．未尽事宜详见设计图纸、图集、设计补充说明、招标文件、政府相关文件及规范等其它资料，满足验收要求","不锈钢及玻璃制品","2包","m2",46.59,574.15,26749.49,51,"按投影面积",46.59,720,33544.8,"m2",46.59,33544.8,0,{"v":1,"d":"1.00"},true,6795.310000000001]
[141,"3#","工程名称：3#-JS套房",52,11207001005,"墙面装饰板","1. 部位：客厅电视背景、卧室背景墙\n2. 基层材料种类、规格：双层9mm阻燃夹板\n3. 面层材料品种、规格、颜色：1.2mm黄古铜不锈钢（MT-A01），哑光防指纹/拉丝直纹\n4.防护材料种类：所有装修用木材均应进行防火、防腐处理\n5．施工时面层颜色、样式由甲方和设计单位确认选样，加工、排版损耗等不另计，投标人综合考虑报价，中标后综合单价不予调整\n6．未尽事宜详见设计图纸、图集、设计补充说明、招标文件、政府相关文件及规范等其它资料，满足验收要求","1. 部位：客厅电视背景、卧室背景墙\n3. 面层材料品种、规格、颜色：1.2mm黄古铜不锈钢（MT-A01），哑光防指纹/拉丝直纹\n4.防护材料种类：所有装修用木材均应进行防火、防腐处理\n5．施工时面层颜色、样式由甲方和设计单位确认选样，加工、排版损耗等不另计，投标人综合考虑报价，中标后综合单价不予调整\n6．未尽事宜详见设计图纸、图集、设计补充说明、招标文件、政府相关文件及规范等其它资料，满足验收要求","不锈钢及玻璃制品","2包","m2",13.29,354.25,4707.98,52,"按深化节点图与实际的展开面积计算（见光面）",13.29,550,7309.499999999999,"m2",13.29,7309.499999999999,0,{"v":1,"d":"1.00"},true,2601.5199999999995]
[142,"3#","工程名称：3#-JS套房",53,11207001006,"墙面装饰板","1. 部位：客厅电视背景\n2. 基层材料种类、规格：9mm阻燃夹板\n3. 面层材料品种、规格、颜色：1.2mm黄古铜不锈钢（MT-A01），哑光防指纹/拉丝直纹\n4.防护材料种类：所有装修用木材均应进行防火、防腐处理\n5．施工时面层颜色、样式由甲方和设计单位确认选样，加工、排版损耗等不另计，投标人综合考虑报价，中标后综合单价不予调整\n6．未尽事宜详见设计图纸、图集、设计补充说明、招标文件、政府相关文件及规范等其它资料，满足验收要求","1. 部位：客厅电视背景\n3. 面层材料品种、规格、颜色：1.2mm黄古铜不锈钢（MT-A01），哑光防指纹/拉丝直纹\n4.防护材料种类：所有装修用木材均应进行防火、防腐处理\n5．施工时面层颜色、样式由甲方和设计单位确认选样，加工、排版损耗等不另计，投标人综合考虑报价，中标后综合单价不予调整\n6．未尽事宜详见设计图纸、图集、设计补充说明、招标文件、政府相关文件及规范等其它资料，满足验收要求","不锈钢及玻璃制品","2包","m2",28.52,354.25,10103.21,53,"按深化节点图与实际的展开面积计算（见光面）",28.52,550,15686,"m2",28.52,15686,0,{"v":1,"d":"1.00"},true,5582.790000000001]
[143,"3#","工程名称：3#-JS套房",59,11207001011,"墙面装饰板","1. 部位：客厅电视背景等\n2. 龙骨材料种类、规格：50mm竖向天地龙骨，配C50龙骨\n3. 基层材料种类、规格：12mm阻燃夹板+9mm阻燃夹板\n4. 面层材料品种、规格、颜色：5mm银镜饰面（MR-A01）+1.2mm黄古铜不锈钢（MT-A01）\n5．防护材料种类：所有装修用木材均应进行防火、防腐处理\n6．施工时面层颜色、样式由甲方和设计单位确认选样，加工、排版损耗等不另计，投标人综合考虑报价，中标后综合单价不予调整\n7．未尽事宜详见设计图纸、图集、设计补充说明、招标文件、政府相关文件及规范等其它资料，满足验收要求","1. 部位：客厅电视背景等\n4. 面层材料品种、规格、颜色：5mm银镜饰面（MR-A01）+1.2mm黄古铜不锈钢（MT-A01）\n5．防护材料种类：所有装修用木材均应进行防火、防腐处理\n6．施工时面层颜色、样式由甲方和设计单位确认选样，加工、排版损耗等不另计，投标人综合考虑报价，中标后综合单价不予调整\n7．未尽事宜详见设计图纸、图集、设计补充说明、招标文件、政府相关文件及规范等其它资料，满足验收要求","不锈钢及玻璃制品","2包","m2",13.91,760.19,10574.21,59,"按投影面积",13.91,385,5355.35,"m2",13.91,5355.35,0,{"v":1,"d":"1.00"},true,-5218.859999999999]
[144,"3#","工程名称：3#-JS套房",60,11207001012,"墙面装饰板","1. 部位：衣帽间等\n2. 基层材料种类、规格：12mm阻燃夹板+9mm阻燃夹板\n3. 面层材料品种、规格、颜色：5mm银镜饰面（MR-A01）+1.2mm黄古铜不锈钢（MT-A01）\n4．防护材料种类：所有装修用木材均应进行防火、防腐处理\n5．施工时面层颜色、样式由甲方和设计单位确认选样，加工、排版损耗等不另计，投标人综合考虑报价，中标后综合单价不予调整\n6．未尽事宜详见设计图纸、图集、设计补充说明、招标文件、政府相关文件及规范等其它资料，满足验收要求","1. 部位：衣帽间等\n3. 面层材料品种、规格、颜色：5mm银镜饰面（MR-A01）+1.2mm黄古铜不锈钢（MT-A01）\n4．防护材料种类：所有装修用木材均应进行防火、防腐处理\n5．施工时面层颜色、样式由甲方和设计单位确认选样，加工、排版损耗等不另计，投标人综合考虑报价，中标后综合单价不予调整\n6．未尽事宜详见设计图纸、图集、设计补充说明、招标文件、政府相关文件及规范等其它资料，满足验收要求","不锈钢及玻璃制品","2包","m2",4.45,310.65,1382.39,60,"按投影面积",12,385,4620,"m2",4.45,1713.25,7.55,{"v":2.696629213483146,"d":"2.70"},true,3237.6099999999997]
[145,"3#","工程名称：3#-JS套房",62,11210005001,"玻璃隔断","1. 部位：客厅与卧室隔墙\n2. 隔断材料种类、规格：5+1.52+5mm磨砂夹胶玻璃（GL-A05），四周古铜拉丝不锈钢，顶部、底部加固报价综合考虑\n3. 包边基层材料种类、规格：双层9mm阻燃夹板\n4．防护材料种类：所有装修用木材均应进行防火、防腐处理\n5．施工时面层颜色、样式由甲方和设计单位确认选样，加工、排版损耗等不另计，投标人综合考虑报价，中标后综合单价不予调整\n6．未尽事宜详见设计图纸、图集、设计补充说明、招标文件、政府相关文件及规范等其它资料，满足验收要求","1. 部位：客厅与卧室隔墙\n2. 隔断材料种类、规格：5+1.52+5mm磨砂夹胶玻璃（GL-A05），四周古铜拉丝不锈钢，顶部、底部加固报价综合考虑\n3. 包边基层材料种类、规格：双层9mm阻燃夹板\n4．防护材料种类：所有装修用木材均应进行防火、防腐处理\n5．施工时面层颜色、样式由甲方和设计单位确认选样，加工、排版损耗等不另计，投标人综合考虑报价，中标后综合单价不予调整\n6．未尽事宜详见设计图纸、图集、设计补充说明、招标文件、政府相关文件及规范等其它资料，满足验收要求","不锈钢及玻璃制品","2包","m2",9,1147.17,10324.53,62,"按投影面积",45,750,33750,"m2",9,6750,36,{"v":5,"d":"5.00"},true,23425.47]
[146,"3#","工程名称：3#-JS套房",65,11207001016,"墙面装饰板","1. 部位：床头背景墙JS\n2. 龙骨材料种类、规格：热镀锌钢龙骨（不分规格型号，投标人综合考虑）\n3. 基层材料种类、规格：9mm阻燃夹板+9.5mm石膏板\n4. 面层材料品种、规格、颜色：一边12mm橡木饰面（WD-A01）+一边墙布饰面（WC-A04A）+1.2mm黄古铜不锈钢(MT-A01)+40*70不锈钢方通等\n5. 防护材料种类：所有装修用木材均应进行防火、防腐处理\n6．施工时面层颜色、样式由甲方和设计单位确认选样，加工、排版损耗等不另计，投标人综合考虑报价，中标后综合单价不予调整\n7．未尽事宜详见设计图纸、图集、设计补充说明、招标文件、政府相关文件及规范等其它资料，满足验收要求","1. 部位：床头背景墙JS\n4. 面层材料品种、规格、颜色：一边墙布饰面（WC-A04A）+1.2mm黄古铜不锈钢(MT-A01)+40*70不锈钢方通等\n5. 防护材料种类：所有装修用木材均应进行防火、防腐处理\n6．施工时面层颜色、样式由甲方和设计单位确认选样，加工、排版损耗等不另计，投标人综合考虑报价，中标后综合单价不予调整\n7．未尽事宜详见设计图纸、图集、设计补充说明、招标文件、政府相关文件及规范等其它资料，满足验收要求","不锈钢及玻璃制品","2包","m2",18.9,121.11,2288.98,65,"按深化节点图与实际的展开面积计算（见光面）",18.9,560,10584,"m2",18.9,10584,0,{"v":1,"d":"1.00"},true,8295.02]
[147,"3#","工程名称：3#-JS套房",67,11207001017,"墙面装饰板","1. 部位：客厅、卧室电视背景等\n2. 基层材料种类、规格：9mm阻燃夹板\n3. 面层材料品种、规格、颜色：1.2mm乱纹古铜不锈钢包边（MT-A02)\n4.防护材料种类：所有装修用木材均应进行防火、防腐处理\n5．施工时面层颜色、样式由甲方和设计单位确认选样，加工、排版损耗等不另计，投标人综合考虑报价，中标后综合单价不予调整\n6．未尽事宜详见设计图纸、图集、设计补充说明、招标文件、政府相关文件及规范等其它资料，满足验收要求","1. 部位：客厅、卧室电视背景等\n3. 面层材料品种、规格、颜色：1.2mm乱纹古铜不锈钢包边（MT-A02)\n4.防护材料种类：所有装修用木材均应进行防火、防腐处理\n5．施工时面层颜色、样式由甲方和设计单位确认选样，加工、排版损耗等不另计，投标人综合考虑报价，中标后综合单价不予调整\n6．未尽事宜详见设计图纸、图集、设计补充说明、招标文件、政府相关文件及规范等其它资料，满足验收要求","不锈钢及玻璃制品","2包","m2",3.62,354.25,1282.39,67,"按深化节点图与实际的展开面积计算（见光面）",3.85,550,2117.5,"m2",3.85,2117.5,0.22999999999999998,{"v":1.0635359116022098,"d":"1.06"},true,835.1099999999999]
[148,"3#","工程名称：3#-JS套房",69,11207001019,"墙面装饰板","1. 部位：卫生间等\n2. 基层材料种类、规格：9mm硅酸钙板\n3. 面层材料种类、规格：1.2mm仿木纹覆膜不锈钢（MT-A04）\n4．防护材料种类：所有装修用木材均应进行防火、防腐处理\n5．施工时面层颜色、样式由业主和设计单位确认选样，投标人综合考虑报价，加工、切割、折边、损耗等不另计，中标后综合单价不予调整\n6．未尽事宜详见设计图纸、图集、设计补充说明、招标文件、政府相关文件及规范等其它资料，满足验收要求","1. 部位：卫生间等\n3. 面层材料种类、规格：1.2mm仿木纹覆膜不锈钢（MT-A04）\n4．防护材料种类：所有装修用木材均应进行防火、防腐处理\n5．施工时面层颜色、样式由业主和设计单位确认选样，投标人综合考虑报价，加工、切割、折边、损耗等不另计，中标后综合单价不予调整\n6．未尽事宜详见设计图纸、图集、设计补充说明、招标文件、政府相关文件及规范等其它资料，满足验收要求","不锈钢及玻璃制品","2包","m2",18.12,354.25,6419.01,69,"按深化节点图与实际的展开面积计算（见光面）",18.12,590,10690.800000000001,"m2",18.12,10690.800000000001,0,{"v":1,"d":"1.00"},true,4271.790000000001]
[149,"3#","工程名称：3#-JS套房",70,11207001020,"墙面装饰板","1. 部位：马桶纸巾架处、淋浴间\n2. 基层材料种类、规格：双层9mm硅酸钙板\n3. 面层材料品种、规格、颜色：1.2mm深古铜拉丝不锈钢（MT-A03）\n4.防护材料种类：所有装修用木材均应进行防火、防腐处理\n5．施工时面层颜色、样式由甲方和设计单位确认选样，加工、排版损耗等不另计，投标人综合考虑报价，中标后综合单价不予调整\n6．未尽事宜详见设计图纸、图集、设计补充说明、招标文件、政府相关文件及规范等其它资料，满足验收要求","1. 部位：马桶纸巾架处、淋浴间\n3. 面层材料品种、规格、颜色：1.2mm深古铜拉丝不锈钢（MT-A03）\n4.防护材料种类：所有装修用木材均应进行防火、防腐处理\n5．施工时面层颜色、样式由甲方和设计单位确认选样，加工、排版损耗等不另计，投标人综合考虑报价，中标后综合单价不予调整\n6．未尽事宜详见设计图纸、图集、设计补充说明、招标文件、政府相关文件及规范等其它资料，满足验收要求","不锈钢及玻璃制品","2包","m2",1.64,354.25,580.97,70,"按深化节点图与实际的展开面积计算（见光面）",2.05,550,1127.5,"m2",2.05,1127.5,0.4099999999999999,1.25,true,546.53]
[150,"3#","工程名称：3#-JS套房",71,11207001021,"墙面装饰板","1. 部位：卫生间\n2. 基层材料种类、规格：9mm硅酸钙板\n3. 面层材料种类、规格：1.2mm黄古铜不锈钢（MT-A01）\n4．防护材料种类：所有装修用木材均应进行防火、防腐处理\n5．施工时面层颜色、样式由业主和设计单位确认选样，投标人综合考虑报价，加工、切割、折边、损耗等不另计，中标后综合单价不予调整\n6．未尽事宜详见设计图纸、图集、设计补充说明、招标文件、政府相关文件及规范等其它资料，满足验收要求","1. 部位：卫生间\n3. 面层材料种类、规格：1.2mm黄古铜不锈钢（MT-A01）\n4．防护材料种类：所有装修用木材均应进行防火、防腐处理\n5．施工时面层颜色、样式由业主和设计单位确认选样，投标人综合考虑报价，加工、切割、折边、损耗等不另计，中标后综合单价不予调整\n6．未尽事宜详见设计图纸、图集、设计补充说明、招标文件、政府相关文件及规范等其它资料，满足验收要求","不锈钢及玻璃制品","2包","m2",11.6,354.25,4109.3,71,"按深化节点图与实际的展开面积计算（见光面）",11.6,550,6380,"m2",11.6,6380,0,{"v":1,"d":"1.00"},true,2270.7]
[151,"3#","工程名称：3#-JS套房",72,11207001022,"墙面装饰板","1. 基层材料种类、规格：9mm阻燃夹板\n2. 面层材料品种、规格、颜色：1.2mm拉丝黑钛（MT-A08）\n3.防护材料种类：所有装修用木材均应进行防火、防腐处理\n4．施工时面层颜色、样式由甲方和设计单位确认选样，加工、排版损耗等不另计，投标人综合考虑报价，中标后综合单价不予调整\n5．未尽事宜详见设计图纸、图集、设计补充说明、招标文件、政府相关文件及规范等其它资料，满足验收要求","2. 面层材料品种、规格、颜色：1.2mm拉丝黑钛（MT-A08）\n3.防护材料种类：所有装修用木材均应进行防火、防腐处理\n4．施工时面层颜色、样式由甲方和设计单位确认选样，加工、排版损耗等不另计，投标人综合考虑报价，中标后综合单价不予调整\n5．未尽事宜详见设计图纸、图集、设计补充说明、招标文件、政府相关文件及规范等其它资料，满足验收要求","不锈钢及玻璃制品","2包","m2",51.5,354.25,18243.88,72,"按深化节点图与实际的展开面积计算（见光面）",51.5,550,28325,"m2",51.5,28325,0,{"v":1,"d":"1.00"},true,10081.119999999999]
[152,"3#","工程名称：3#-JS套房",73,11207001023,"墙面装饰板","1. 基层材料种类、规格：9mm阻燃夹板\n2. 面层材料品种、规格、颜色：1.2mm青铜色不锈钢（MT-A09）\n3.防护材料种类：所有装修用木材均应进行防火、防腐处理\n4．施工时面层颜色、样式由甲方和设计单位确认选样，加工、排版损耗等不另计，投标人综合考虑报价，中标后综合单价不予调整\n5．未尽事宜详见设计图纸、图集、设计补充说明、招标文件、政府相关文件及规范等其它资料，满足验收要求","2. 面层材料品种、规格、颜色：1.2mm青铜色不锈钢（MT-A09）\n3.防护材料种类：所有装修用木材均应进行防火、防腐处理\n4．施工时面层颜色、样式由甲方和设计单位确认选样，加工、排版损耗等不另计，投标人综合考虑报价，中标后综合单价不予调整\n5．未尽事宜详见设计图纸、图集、设计补充说明、招标文件、政府相关文件及规范等其它资料，满足验收要求","不锈钢及玻璃制品","2包","m2",7,354.25,2479.75,73,"按深化节点图与实际的展开面积计算（见光面）",7,550,3850,"m2",7,3850,0,{"v":1,"d":"1.00"},true,1370.25]
[153,"3#","工程名称：3#-JS套房",74,11207001024,"墙面装饰板","1. 基层材料种类、规格：9mm阻燃夹板\n2. 面层材料品种、规格、颜色：1.2mm褐色不锈钢（MT-A10）\n3.防护材料种类：所有装修用木材均应进行防火、防腐处理\n4．施工时面层颜色、样式由甲方和设计单位确认选样，加工、排版损耗等不另计，投标人综合考虑报价，中标后综合单价不予调整\n5．未尽事宜详见设计图纸、图集、设计补充说明、招标文件、政府相关文件及规范等其它资料，满足验收要求","2. 面层材料品种、规格、颜色：1.2mm褐色不锈钢（MT-A10）\n3.防护材料种类：所有装修用木材均应进行防火、防腐处理\n4．施工时面层颜色、样式由甲方和设计单位确认选样，加工、排版损耗等不另计，投标人综合考虑报价，中标后综合单价不予调整\n5．未尽事宜详见设计图纸、图集、设计补充说明、招标文件、政府相关文件及规范等其它资料，满足验收要求","不锈钢及玻璃制品","2包","m2",86,354.25,30465.5,74,"按深化节点图与实际的展开面积计算（见光面）",86,550,47300,"m2",86,47300,0,{"v":1,"d":"1.00"},true,16834.5]
[154,"3#","工程名称：3#-JS套房",75,11210005002,"成品屏风","1. 部位：卫生间\n2．龙骨材料种类、规格：热镀锌方通等钢龙骨规格型号综合考虑\n3．边框材料种类、规格：四周1.2mm黄古铜不锈钢(MT-A01)\n4. 玻璃品种、规格、颜色：6+1.52.pvb+6mm 夹丝玻璃（GL-A01）,\n5．施工时面层颜色、样式由业主和设计单位确认选样，投标人综合考虑报价，加工、切割、折边、损耗等不另计，中标后综合单价不予调整\n6. 按外框投影面积计算\n7．未尽事宜详见设计图纸、图集、设计补充说明、招标文件、政府相关文件及规范等其它资料，满足验收要求","1. 部位：卫生间\n3．边框材料种类、规格：四周1.2mm黄古铜不锈钢(MT-A01)\n4. 玻璃品种、规格、颜色：6+1.52.pvb+6mm 夹丝玻璃（GL-A01）,\n5．施工时面层颜色、样式由业主和设计单位确认选样，投标人综合考虑报价，加工、切割、折边、损耗等不另计，中标后综合单价不予调整\n6. 按外框投影面积计算\n7．未尽事宜详见设计图纸、图集、设计补充说明、招标文件、政府相关文件及规范等其它资料，满足验收要求","不锈钢及玻璃制品","2包","m2",8.4,1147.17,9636.23,75,"按投影面积",8.6,1050,9030,"m2",8.4,8820,0.1999999999999993,{"v":1.0238095238095237,"d":"1.02"},true,-606.2299999999996]
[155,"3#","工程名称：3#-JS套房",76,11210003001,"玻璃隔断","1. 部位：卫生间\n2．边框材料种类、规格：四周1.2mm黄古铜不锈钢(MT-A01)，哑光防指纹/拉丝直纹\n3．玻璃品种、规格、颜色：6+1.52pvb+6mm厚夹胶安全超白玻璃（GL-A02）,\n4. 五金品种、规格：单价包含玻璃门夹、淋浴拉手、挡水胶条等费用\n5．施工时面层颜色、样式由业主和设计单位确认选样，投标人综合考虑报价，加工、切割、折边、损耗等不另计，中标后综合单价不予调整\n6. 按外框投影面积计算\n7．未尽事宜详见设计图纸、图集、设计补充说明、招标文件、政府相关文件及规范等其它资料，满足验收要求","1. 部位：卫生间\n2．边框材料种类、规格：四周1.2mm黄古铜不锈钢(MT-A01)，哑光防指纹/拉丝直纹\n3．玻璃品种、规格、颜色：6+1.52pvb+6mm厚夹胶安全超白玻璃（GL-A02）,\n4. 五金品种、规格：单价包含玻璃门夹、淋浴拉手、挡水胶条等费用\n5．施工时面层颜色、样式由业主和设计单位确认选样，投标人综合考虑报价，加工、切割、折边、损耗等不另计，中标后综合单价不予调整\n6. 按外框投影面积计算\n7．未尽事宜详见设计图纸、图集、设计补充说明、招标文件、政府相关文件及规范等其它资料，满足验收要求","不锈钢及玻璃制品","2包","m2",24.44,850.2,20778.89,76,"按投影面积",30,1380,41400,"m2",24.44,33727.200000000004,5.559999999999999,{"v":1.227495908346972,"d":"1.23"},true,20621.11]
[156,"3#","工程名称：3#-JS套房",77,11207001025,"墙面装饰板","1. 部位：淋浴壁龛\n2. 基层材料种类、规格：9mm硅酸钙板\n3. 面层材料品种、规格、颜色：5mm茶镜饰面（MR-A02），四周古铜拉丝不锈钢（MT-A01）包边\n4. 施工时面层颜色、样式由业主和设计单位确认选样，投标人综合考虑报价，加工、切割、折边、损耗等不另计，中标后综合单价不予调整\n5.其他：未尽事宜详见式设计图纸、图集、设计补充说明、招标文件、政府相关文件及规范等其它资料，满足验收要求","1. 部位：淋浴壁龛\n3. 面层材料品种、规格、颜色：5mm茶镜饰面（MR-A02），四周古铜拉丝不锈钢（MT-A01）包边\n4. 施工时面层颜色、样式由业主和设计单位确认选样，投标人综合考虑报价，加工、切割、折边、损耗等不另计，中标后综合单价不予调整\n5.其他：未尽事宜详见式设计图纸、图集、设计补充说明、招标文件、政府相关文件及规范等其它资料，满足验收要求","不锈钢及玻璃制品","2包","m2",0.54,388.31,209.69,77,"按投影面积",1.5,1180,1770,"m2",0.54,637.2,0.96,{"v":2.7777777777777777,"d":"2.78"},true,1560.31]
[157,"3#","工程名称：3#-JS套房",78,11210005003,"成品屏风","1. 部位：洗手台旁\n2. 龙骨、基层材料种类、规格：热镀锌钢龙骨（不分规格型号，投标人综合考虑）+9mm阻燃夹板，顶部、底部加固综合考虑\n3. 面层材料品种、规格、颜色： 6+1.52pvb+6mm夹胶安全超白玻璃(GL-A02），四周1.2mm黄古铜不锈钢（MT-A01）\n4. 施工时面层颜色、样式由甲方和设计单位确认选样，加工、排版损耗等不另计，投标人综合考虑报价，中标后综合单价不予调整\n5．未尽事宜详见设计图纸、图集、设计补充说明、招标文件、政府相关文件及规范等其它资料，满足验收要求","1. 部位：洗手台旁\n3. 面层材料品种、规格、颜色： 6+1.52pvb+6mm夹胶安全超白玻璃(GL-A02），四周1.2mm黄古铜不锈钢（MT-A01）\n4. 施工时面层颜色、样式由甲方和设计单位确认选样，加工、排版损耗等不另计，投标人综合考虑报价，中标后综合单价不予调整\n5．未尽事宜详见设计图纸、图集、设计补充说明、招标文件、政府相关文件及规范等其它资料，满足验收要求","不锈钢及玻璃制品","2包","m2",16.5,1147.17,18928.31,78,"按投影面积",16.5,950,15675,"m2",16.5,15675,0,{"v":1,"d":"1.00"},true,-3253.3100000000013]
[158,"3#","工程名称：3#-JS套房",81,"WB011302005003","天棚吊顶","1．部位：玄关、卫生间等\n2．面层材料品种、规格、颜色：1.2mm黄古铜不锈钢(MT-A01)\n3．施工时面层颜色、样式由业主和设计单位确认选样，投标人综合考虑报价，加工、切割、折边、损耗等不另计，中标后综合单价不予调整\n4．未尽事宜详见设计图纸、图集、设计补充说明、招标文件、政府相关文件及规范等其它资料，满足验收要求","1．部位：玄关、卫生间等\n2．面层材料品种、规格、颜色：1.2mm黄古铜不锈钢(MT-A01)\n3．施工时面层颜色、样式由业主和设计单位确认选样，投标人综合考虑报价，加工、切割、折边、损耗等不另计，中标后综合单价不予调整\n4．未尽事宜详见设计图纸、图集、设计补充说明、招标文件、政府相关文件及规范等其它资料，满足验收要求","不锈钢及玻璃制品","2包","m2",4.71,354.25,1668.52,81,"按深化节点图与实际的展开面积计算（见光面）",4.71,550,2590.5,"m2",4.71,2590.5,0,{"v":1,"d":"1.00"},true,921.98]
[159,"3#","工程名称：3#-JS套房",94,"WB011501001002","衣帽间衣柜","1. 部位：衣帽间\n2. 柜体尺寸：650mm*3000mm*长（具体详见设计文件）\n3. 龙骨材质种类、规格：热镀锌钢龙骨（不分规格型号，投标人综合考虑）、木龙骨等\n4．基层板材质种类、规格：基层类型及厚度综合考虑，具体详见设计文件\n5．材料种类：12mm橡木饰面（WD-A01）、墙布饰面(WC-A04)、夹丝玻璃（GL-A01）、星白大理石台面（ST-02）、古铜拉丝不锈钢（MT-A01），橡木饰面抽屉柜、1.2mm黄古铜不锈钢踢脚线(MT-A01)等\n6．五金种类、规格：单价包含挂衣杆、五金合页、抽屉滑轨、阻尼隔振胶垫、暗藏灯槽等\n7．按照立面投影面积计算\n8．防护材料种类：所有装修用木材均应进行防火、防腐处理\n9．施工时面层颜色、样式由甲方和设计单位确认选样，加工、排版损耗等不另计，投标人综合考虑报价，中标后综合单价不予调整\n10．未尽事宜详见设计图纸、图集、设计补充说明、招标文件、政府相关文件及规范等其它资料，满足验收要求","1. 部位：衣帽间\n2. 柜体尺寸：650mm*3000mm*长（具体详见设计文件）\n5．材料种类：墙布饰面(WC-A04)1.2mm黄古铜不锈钢踢脚线(MT-A01)等\n7．按照立面投影面积计算\n8．防护材料种类：所有装修用木材均应进行防火、防腐处理\n9．施工时面层颜色、样式由甲方和设计单位确认选样，加工、排版损耗等不另计，投标人综合考虑报价，中标后综合单价不予调整\n10．未尽事宜详见设计图纸、图集、设计补充说明、招标文件、政府相关文件及规范等其它资料，满足验收要求","不锈钢及玻璃制品","2包","m2",42.78,21.91,937.27,94,"按现场实际发生量长度计算",15,45,675,"m",15,675,-27.78,{"v":0.3506311360448808,"d":"0.35"},true,-262.27]
[160,"3#","工程名称：3#-JS套房",95,"WB011501001003","洗手台+柜体","1. 部位：卫生间\n2．规格：长1200mm*宽600mm*高850mm\n3．龙骨材料种类、规格：局部热镀锌钢龙骨（不分规格型号，投标人综合考虑）\n4．面层材料品种、规格、颜色：18mm鎏金白玉大理石(ST-A04)台面及挡水条、橡木饰面柜体及橡木饰面隔板（WD-A01 ）、局部1.2mm黄古铜不锈钢(MT-A01)装饰嵌条、踢脚线及包边，单价包含灯槽成型等\n5．所有石材材料在施工前须做六面防护处理,石材结晶，以保证防水、防腐、防污、防油\n6．施工时面层颜色、样式由业主和设计单位确认选样，投标人综合考虑报价，加工、切割、折边、损耗、石材结晶等不另计，中标后综合单价不予调整\n7．未尽事宜详见设计图纸、图集、设计补充说明、招标文件、政府相关文件及规范等其它资料，满足验收要求","1. 部位：卫生间\n2．规格：长1200mm*宽600mm*高850mm\n4．面层材料品种、规格、颜色：踢脚线\n6．施工时面层颜色、样式由业主和设计单位确认选样，投标人综合考虑报价，加工、切割、折边、损耗、石材结晶等不另计，中标后综合单价不予调整\n7．未尽事宜详见设计图纸、图集、设计补充说明、招标文件、政府相关文件及规范等其它资料，满足验收要求","不锈钢及玻璃制品","2包","m",13.2,39.63,523.15,95,"按现场实际发生量长度计算",18,45,810,"m",18,810,4.800000000000001,{"v":1.3636363636363638,"d":"1.36"},true,286.85]
[161,"3#","工程名称：3#-JS套房",97,11207001026,"墙面装饰板","1. 部位：卫生间\n2. 龙骨材质种类、规格：镀锌钢龙骨（规格型号综合考虑）\n3. 基层材料种类、规格：18mm阻燃夹板，局部9mm阻燃夹板\n4. 面层材料品种、规格、颜色：5mm银镜饰面（MR-A01）\n5. 四周1.2mm黄古铜不锈钢(MT-A01）金属包边\n6. 防护材料种类：所有装修用木材均应进行防火、防腐处理\n7．施工时面层颜色、样式由甲方和设计单位确认选样，加工、排版损耗等不另计，投标人综合考虑报价，中标后综合单价不予调整\n8．未尽事宜详见设计图纸、图集、设计补充说明、招标文件、政府相关文件及规范等其它资料，满足验收要求","1. 部位：卫生间\n4. 面层材料品种、规格、颜色：5mm银镜饰面（MR-A01）\n5. 四周1.2mm黄古铜不锈钢(MT-A01）金属包边\n6. 防护材料种类：所有装修用木材均应进行防火、防腐处理\n7．施工时面层颜色、样式由甲方和设计单位确认选样，加工、排版损耗等不另计，投标人综合考虑报价，中标后综合单价不予调整\n8．未尽事宜详见设计图纸、图集、设计补充说明、招标文件、政府相关文件及规范等其它资料，满足验收要求","不锈钢及玻璃制品","2包","m2",23.43,259.14,6071.57,97,"按深化节点图与实际的展开面积计算（见光面）",23.43,385,9020.55,"m2",23.43,9020.55,0,{"v":1,"d":"1.00"},true,2948.9799999999996]
[162,"3#","工程名称：3#-JS套房",98,11502001001,"金属装饰条","1．部位：客厅、卫生间、卧室、衣帽间、玄关等天棚处\n2．嵌条材料品种、规格、颜色：1.2mm黄古铜不锈钢(MT-A01)，哑光防指纹/拉丝直纹，展开宽度60mm以内\n3．施工时面层颜色、样式由业主和设计单位确认选样，投标人综合考虑报价，加工、切割、折边、损耗等不另计，中标后综合单价不予调整\n4．未尽事宜详见设计图纸、图集、设计补充说明、招标文件、政府相关文件及规范等其它资料，满足验收要求","1．部位：客厅、卫生间、卧室、衣帽间、玄关等天棚处\n2．嵌条材料品种、规格、颜色：1.2mm黄古铜不锈钢(MT-A01)，哑光防指纹/拉丝直纹，展开宽度60mm以内\n3．施工时面层颜色、样式由业主和设计单位确认选样，投标人综合考虑报价，加工、切割、折边、损耗等不另计，中标后综合单价不予调整\n4．未尽事宜详见设计图纸、图集、设计补充说明、招标文件、政府相关文件及规范等其它资料，满足验收要求","不锈钢及玻璃制品","2包","m",401.3,43.6,17496.68,98,"按现场实际发生量长度计算",435,50,21750,"m",401.3,20065,33.69999999999999,{"v":1.0839770745078494,"d":"1.08"},true,4253.32]
[163,"3#","工程名称：3#-JS套房",99,11502001002,"金属装饰条","1. 部位：卧室背景墙\n2. 线条材料种类、规格：50*10mm黄古铜不锈钢方通(MT-A01)\n3．施工时面层颜色、样式由业主和设计单位确认选样，投标人综合考虑报价，加工、切割、折边、损耗等不另计，中标后综合单价不予调整\n4．未尽事宜详见设计图纸、图集、设计补充说明、招标文件、政府相关文件及规范等其它资料，满足验收要求","1. 部位：卧室背景墙\n2. 线条材料种类、规格：50*10mm黄古铜不锈钢方通(MT-A01)\n3．施工时面层颜色、样式由业主和设计单位确认选样，投标人综合考虑报价，加工、切割、折边、损耗等不另计，中标后综合单价不予调整\n4．未尽事宜详见设计图纸、图集、设计补充说明、招标文件、政府相关文件及规范等其它资料，满足验收要求","不锈钢及玻璃制品","2包","m",19.25,65.4,1258.95,99,"按现场实际发生量长度计算",22,135,2970,"m",19.25,2598.75,2.75,{"v":1.1428571428571428,"d":"1.14"},true,1711.05]
[164,"3#","工程名称：3#-JS套房",100,11502001003,"金属装饰条","1．部位：卧室、电视背景墙、马桶间、客厅等\n2．线条材料品种、规格、颜色：1.2mm黄古铜不锈钢（MT-A01），展开宽度60以内\n3．施工时面层颜色、样式由业主和设计单位确认选样，投标人综合考虑报价，加工、切割、折边、损耗等不另计，中标后综合单价不予调整\n4．未尽事宜详见设计图纸、图集、设计补充说明、招标文件、政府相关文件及规范等其它资料，满足验收要求","1．部位：卧室、电视背景墙、马桶间、客厅等\n2．线条材料品种、规格、颜色：1.2mm黄古铜不锈钢（MT-A01），展开宽度60以内\n3．施工时面层颜色、样式由业主和设计单位确认选样，投标人综合考虑报价，加工、切割、折边、损耗等不另计，中标后综合单价不予调整\n4．未尽事宜详见设计图纸、图集、设计补充说明、招标文件、政府相关文件及规范等其它资料，满足验收要求","不锈钢及玻璃制品","2包","m",52.15,43.6,2273.74,100,"按现场实际发生量长度计算",55,50,2750,"m",52.15,2607.5,2.8500000000000014,{"v":1.0546500479386385,"d":"1.05"},true,476.2600000000002]
[165,"3#","工程名称：3#-JS套房",101,11502001004,"金属装饰条","1. 部位：卧室背景墙等\n2. 线条材料种类、规格：1.2mm黄古铜不锈钢(MT-A01)，展开宽度60-100mm以内\n3．施工时面层颜色、样式由业主和设计单位确认选样，投标人综合考虑报价，加工、切割、折边、损耗等不另计，中标后综合单价不予调整\n4．未尽事宜详见设计图纸、图集、设计补充说明、招标文件、政府相关文件及规范等其它资料，满足验收要求","1. 部位：卧室背景墙等\n2. 线条材料种类、规格：1.2mm黄古铜不锈钢(MT-A01)，展开宽度60-100mm以内\n3．施工时面层颜色、样式由业主和设计单位确认选样，投标人综合考虑报价，加工、切割、折边、损耗等不另计，中标后综合单价不予调整\n4．未尽事宜详见设计图纸、图集、设计补充说明、招标文件、政府相关文件及规范等其它资料，满足验收要求","不锈钢及玻璃制品","2包","m",46.55,59.95,2790.67,101,"按现场实际发生量长度计算",47,60,2820,"m",46.55,2793,0.45000000000000284,{"v":1.0096670247046187,"d":"1.01"},true,29.329999999999927]
[166,"3#","工程名称：3#-JS套房",102,11502001005,"金属装饰条","1．部位：客卫\n2. 基层材料种类、规格：9mm硅酸钙板\n3．嵌条材料品种、规格、颜色：1.2mm仿木纹覆膜不锈钢（MT-A04），展开宽度60mm以内\n4．施工时面层颜色、样式由业主和设计单位确认选样，投标人综合考虑报价，加工、切割、折边、损耗等不另计，中标后综合单价不予调整\n5．未尽事宜详见设计图纸、图集、设计补充说明、招标文件、政府相关文件及规范等其它资料，满足验收要求","1．部位：客卫\n2. 基层材料种类、规格：9mm硅酸钙板\n3．嵌条材料品种、规格、颜色：1.2mm仿木纹覆膜不锈钢（MT-A04），展开宽度60mm以内\n4．施工时面层颜色、样式由业主和设计单位确认选样，投标人综合考虑报价，加工、切割、折边、损耗等不另计，中标后综合单价不予调整\n5．未尽事宜详见设计图纸、图集、设计补充说明、招标文件、政府相关文件及规范等其它资料，满足验收要求","不锈钢及玻璃制品","2包","m",12.82,43.6,558.95,102,"按现场实际发生量长度计算",15,50,750,"m",12.82,641,2.1799999999999997,{"v":1.1700468018720749,"d":"1.17"},true,191.04999999999995]
[167,"3#","工程名称：3#-JES套房",3,10801001001,"入户门","1．部位：JES套房\n2．门室内侧外框尺寸：1520*3000mm，室外侧外框尺寸详见设计文件\n3．门套材料种类、规格：室内侧15mm阻燃夹板+木饰面门套,过道侧1.2mm黄古铜不锈钢线条(MT-A01)\n4．门楣材料种类、规格：15mm阻燃夹板+9mm阻燃夹板+木饰面门楣\n5．门扇饰面材质种类、规格：木饰面，包含20mm细木工板成品门芯、30*30*3mm热镀锌方通钢龙骨，双面9mm阻燃夹板，外侧1.2mm古铜拉丝不锈钢（防指纹）线条(MT-A01)\n6．五金品种、规格：包含但不限于凸轮暗藏闭门器、门底挡尘条、猫眼、防盗链、门碰、暗藏五金合页(选型一侧三副)、消音胶条等五金件,门锁此处不计入\n7．防护材料种类：所有装修用木材均应进行防火、防腐处理\n8．施工时面层颜色、样式由业主和设计单位确认选样，投标人综合考虑报价，加工、切割、折边、损耗等不另计，中标后综合单价不予调整\n9．未尽事宜详见设计图纸、图集、设计补充说明、招标文件、政府相关文件及规范等其它资料，满足验收要求","1．部位：JES套房\n2．门室内侧外框尺寸：1520*3000mm，室外侧外框尺寸详见设计文件\n3．门套材料种类、规格：室内侧15mm阻燃夹板,过道侧1.2mm黄古铜不锈钢线条(MT-A01)\n5．门扇饰面材质种类、规格：外侧1.2mm古铜拉丝不锈钢（防指纹）线条(MT-A01)\n7．防护材料种类：所有装修用木材均应进行防火、防腐处理\n8．施工时面层颜色、样式由业主和设计单位确认选样，投标人综合考虑报价，加工、切割、折边、损耗等不另计，中标后综合单价不予调整\n9．未尽事宜详见设计图纸、图集、设计补充说明、招标文件、政府相关文件及规范等其它资料，满足验收要求","不锈钢及玻璃制品","2包","樘",2,409.84,819.68,3,null,2,455,910,"樘",2,910,0,{"v":1,"d":"1.00"},true,90.32000000000005]
[168,"3#","工程名称：3#-JES套房",5,10805005001,"玻璃门","1．部位：卧室通往卫生间\n3．门扇饰面材质种类、规格：5+1.52pvb+5mm磨砂夹胶玻璃（GL-A05），四周1.2mm黄古铜不锈钢边框(MT-A01)，哑光防指纹/拉丝直纹\n4．五金品种、规格：单价包含定制金属执手、液压门轴等相应五金件等价格。\n5．施工时面层颜色、样式由业主和设计单位确认选样，投标人综合考虑报价，加工、切割、折边、损耗等不另计，中标后综合单价不予调整\n6．未尽事宜详见设计图纸、图集、设计补充说明、招标文件、政府相关文件及规范等其它资料，满足验收要求","1．部位：卧室通往卫生间\n3．门扇饰面材质种类、规格：5+1.52pvb+5mm磨砂夹胶玻璃（GL-A05），四周1.2mm黄古铜不锈钢边框(MT-A01)，哑光防指纹/拉丝直纹\n4．五金品种、规格：单价包含定制金属执手、液压门轴等相应五金件等价格。\n5．施工时面层颜色、样式由业主和设计单位确认选样，投标人综合考虑报价，加工、切割、折边、损耗等不另计，中标后综合单价不予调整\n6．未尽事宜详见设计图纸、图集、设计补充说明、招标文件、政府相关文件及规范等其它资料，满足验收要求","不锈钢及玻璃制品","2包","m2",7.2,2410.72,17357.19,5,"按投影面积",7.2,1250,9000,"m2",7.2,9000,0,{"v":1,"d":"1.00"},true,-8357.189999999999]
[169,"3#","工程名称：3#-JES套房",6,10808001001,"不锈钢门窗套","1. 部位：客厅、卧室、玄关窗边哑口套\n2. 基层材料种类、规格：双层9mm阻燃夹板+5mm阻燃夹板\n3. 面层材料品种、规格、颜色：1.2mm黄古铜不锈钢（MT-A01），哑光防指纹/拉丝直纹\n4.防护材料种类：所有装修用木材均应进行防火、防腐处理\n5．施工时面层颜色、样式由甲方和设计单位确认选样，加工、排版损耗等不另计，投标人综合考虑报价，中标后综合单价不予调整\n6．未尽事宜详见设计图纸、图集、设计补充说明、招标文件、政府相关文件及规范等其它资料，满足验收要求","1. 部位：客厅、卧室、玄关窗边哑口套\n3. 面层材料品种、规格、颜色：1.2mm黄古铜不锈钢（MT-A01），哑光防指纹/拉丝直纹\n4.防护材料种类：所有装修用木材均应进行防火、防腐处理\n5．施工时面层颜色、样式由甲方和设计单位确认选样，加工、排版损耗等不另计，投标人综合考虑报价，中标后综合单价不予调整\n6．未尽事宜详见设计图纸、图集、设计补充说明、招标文件、政府相关文件及规范等其它资料，满足验收要求","不锈钢及玻璃制品","2包","m2",9.3,381.5,3547.95,6,"按深化节点图与实际的展开面积计算（见光面）",9.3,550,5115,"m2",9.3,5115,0,{"v":1,"d":"1.00"},true,1567.0500000000002]
[170,"3#","工程名称：3#-JES套房",7,10808001002,"不锈钢门套","1. 部位：卫生间不锈钢收口\n2. 基层材料种类、规格：双层12mm阻燃夹板\n3. 面层材料种类、规格：1.2mm黄古铜不锈钢（MT-A01），哑光防指纹/拉丝直纹\n4．防护材料种类：所有装修用木材均应进行防火、防腐处理\n5．施工时面层颜色、样式由业主和设计单位确认选样，投标人综合考虑报价，加工、切割、折边、损耗等不另计，中标后综合单价不予调整\n6．未尽事宜详见设计图纸、图集、设计补充说明、招标文件、政府相关文件及规范等其它资料，满足验收要求","1. 部位：卫生间不锈钢收口\n3. 面层材料种类、规格：1.2mm黄古铜不锈钢（MT-A01），哑光防指纹/拉丝直纹\n4．防护材料种类：所有装修用木材均应进行防火、防腐处理\n5．施工时面层颜色、样式由业主和设计单位确认选样，投标人综合考虑报价，加工、切割、折边、损耗等不另计，中标后综合单价不予调整\n6．未尽事宜详见设计图纸、图集、设计补充说明、招标文件、政府相关文件及规范等其它资料，满足验收要求","不锈钢及玻璃制品","2包","m2",9.84,381.5,3753.96,7,"按深化节点图与实际的展开面积计算（见光面）",9.9,550,5445,"m2",9.9,5445,0.0600000000000005,{"v":1.0060975609756098,"d":"1.01"},true,1691.04]
[171,"3#","工程名称：3#-JES套房",18,"WB011105006001","成品踢脚线","1. 部位：玄关、卧室、客厅、衣帽间等\n2. 踢脚线高度：50mm高\n3．基层材料种类、规格：12mm阻燃夹板\n4．面层材料品种、规格、颜色：1.2mm乱纹古铜(MT-A02)，哑光防指纹/拉丝直纹\n5．施工时面层颜色、样式由业主和设计单位确认选样，投标人综合考虑报价，加工、切割、折边、损耗等不另计，中标后综合单价不予调整\n6．未尽事宜详见设计图纸、图集、设计补充说明、招标文件、政府相关文件及规范等其它资料，满足验收要求","1. 部位：玄关、卧室、客厅、衣帽间等\n2. 踢脚线高度：50mm高\n4．面层材料品种、规格、颜色：1.2mm乱纹古铜(MT-A02)，哑光防指纹/拉丝直纹\n5．施工时面层颜色、样式由业主和设计单位确认选样，投标人综合考虑报价，加工、切割、折边、损耗等不另计，中标后综合单价不予调整\n6．未尽事宜详见设计图纸、图集、设计补充说明、招标文件、政府相关文件及规范等其它资料，满足验收要求","不锈钢及玻璃制品","2包","m",177.25,43.6,7728.1,18,"按现场实际发生量长度计算",211,45,9495,"m",177.25,7976.25,33.75,{"v":1.1904090267983074,"d":"1.19"},true,1766.8999999999996]
[172,"3#","工程名称：3#-JES套房",46,11207001006,"墙面装饰板","1．部位：客厅、书房景墙\n2．基层材料种类、规格：双层12mm阻燃夹板\n3．面层材料品种、规格、颜色： 6+1.52pvb+6mm夹胶安全超白玻璃(GL-A02），四周10mm宽1.2mm乱纹古铜不锈钢包边(MT-A02)\n4．防护材料种类：所有装修用木材均应进行防火、防腐处理\n5．施工时面层颜色、样式由甲方和设计单位确认选样，加工、排版损耗等不另计，投标人综合考虑报价，中标后综合单价不予调整\n6．未尽事宜详见设计图纸、图集、设计补充说明、招标文件、政府相关文件及规范等其它资料，满足验收要求","1．部位：客厅、书房景墙\n3．面层材料品种、规格、颜色： 6+1.52pvb+6mm夹胶安全超白玻璃(GL-A02），四周10mm宽1.2mm乱纹古铜不锈钢包边(MT-A02)\n4．防护材料种类：所有装修用木材均应进行防火、防腐处理\n5．施工时面层颜色、样式由甲方和设计单位确认选样，加工、排版损耗等不另计，投标人综合考虑报价，中标后综合单价不予调整\n6．未尽事宜详见设计图纸、图集、设计补充说明、招标文件、政府相关文件及规范等其它资料，满足验收要求","不锈钢及玻璃制品","2包","m2",32.8,574.18,18833.08,46,"按投影面积",32.8,720,23615.999999999996,"m2",32.8,23615.999999999996,0,{"v":1,"d":"1.00"},true,4782.919999999995]
[173,"3#","工程名称：3#-JES套房",51,11207001010,"墙面装饰板","1. 部位：客厅电视背景、卧室背景墙\n2. 基层材料种类、规格：双层9mm阻燃夹板\n3. 面层材料品种、规格、颜色：1.2mm乱纹古铜(MT-A02)\n4.防护材料种类：所有装修用木材均应进行防火、防腐处理\n5．施工时面层颜色、样式由甲方和设计单位确认选样，加工、排版损耗等不另计，投标人综合考虑报价，中标后综合单价不予调整\n6．未尽事宜详见设计图纸、图集、设计补充说明、招标文件、政府相关文件及规范等其它资料，满足验收要求","1. 部位：客厅电视背景、卧室背景墙\n3. 面层材料品种、规格、颜色：1.2mm乱纹古铜(MT-A02)\n4.防护材料种类：所有装修用木材均应进行防火、防腐处理\n5．施工时面层颜色、样式由甲方和设计单位确认选样，加工、排版损耗等不另计，投标人综合考虑报价，中标后综合单价不予调整\n6．未尽事宜详见设计图纸、图集、设计补充说明、招标文件、政府相关文件及规范等其它资料，满足验收要求","不锈钢及玻璃制品","2包","m2",4.02,354.25,1424.08,51,"按深化节点图与实际的展开面积计算（见光面）",4.02,550,2210.9999999999995,"m2",4.02,2210.9999999999995,0,{"v":1,"d":"1.00"},true,786.9199999999996]
[174,"3#","工程名称：3#-JES套房",52,11207001011,"墙面装饰板","1. 基层材料种类、规格：9mm阻燃夹板\n2. 面层材料品种、规格、颜色：1.2mm青铜色不锈钢（MT-A09）\n3.防护材料种类：所有装修用木材均应进行防火、防腐处理\n4．施工时面层颜色、样式由甲方和设计单位确认选样，加工、排版损耗等不另计，投标人综合考虑报价，中标后综合单价不予调整\n5．未尽事宜详见设计图纸、图集、设计补充说明、招标文件、政府相关文件及规范等其它资料，满足验收要求","2. 面层材料品种、规格、颜色：1.2mm青铜色不锈钢（MT-A09）\n3.防护材料种类：所有装修用木材均应进行防火、防腐处理\n4．施工时面层颜色、样式由甲方和设计单位确认选样，加工、排版损耗等不另计，投标人综合考虑报价，中标后综合单价不予调整\n5．未尽事宜详见设计图纸、图集、设计补充说明、招标文件、政府相关文件及规范等其它资料，满足验收要求","不锈钢及玻璃制品","2包","m2",2.8,354.25,991.9,52,"按深化节点图与实际的展开面积计算（见光面）",2.8,550,1540,"m2",2.8,1540,0,{"v":1,"d":"1.00"},true,548.1]
[175,"3#","工程名称：3#-JES套房",53,11207001012,"墙面装饰板","1. 基层材料种类、规格：9mm阻燃夹板\n2. 面层材料品种、规格、颜色：1.2mm褐色不锈钢（MT-A10）\n3.防护材料种类：所有装修用木材均应进行防火、防腐处理\n4．施工时面层颜色、样式由甲方和设计单位确认选样，加工、排版损耗等不另计，投标人综合考虑报价，中标后综合单价不予调整\n5．未尽事宜详见设计图纸、图集、设计补充说明、招标文件、政府相关文件及规范等其它资料，满足验收要求","2. 面层材料品种、规格、颜色：1.2mm褐色不锈钢（MT-A10）\n3.防护材料种类：所有装修用木材均应进行防火、防腐处理\n4．施工时面层颜色、样式由甲方和设计单位确认选样，加工、排版损耗等不另计，投标人综合考虑报价，中标后综合单价不予调整\n5．未尽事宜详见设计图纸、图集、设计补充说明、招标文件、政府相关文件及规范等其它资料，满足验收要求","不锈钢及玻璃制品","2包","m2",26.2,354.25,9281.35,53,"按深化节点图与实际的展开面积计算（见光面）",26.2,550,14410,"m2",26.2,14410,0,{"v":1,"d":"1.00"},true,5128.65]
[176,"3#","工程名称：3#-JES套房",55,11207001014,"墙面装饰板","1. 部位：床头背景墙JES\n2. 龙骨材料种类、规格：热镀锌钢龙骨（不分规格型号，投标人综合考虑）\n3. 基层材料种类、规格：9mm阻燃夹板+9.5mm石膏板\n4. 面层材料品种、规格、颜色：一边12mm橡木饰面（WD-A01）+一边墙布饰面（WC-A04A）+1.2mm黄古铜不锈钢(MT-A01)+40*70不锈钢方通等\n5. 防护材料种类：所有装修用木材均应进行防火、防腐处理\n6．施工时面层颜色、样式由甲方和设计单位确认选样，加工、排版损耗等不另计，投标人综合考虑报价，中标后综合单价不予调整\n7．未尽事宜详见设计图纸、图集、设计补充说明、招标文件、政府相关文件及规范等其它资料，满足验收要求","1. 部位：床头背景墙JES\n4. 面层材料品种、规格、颜色：一边墙布饰面（WC-A04A）+1.2mm黄古铜不锈钢(MT-A01)+40*70不锈钢方通等\n5. 防护材料种类：所有装修用木材均应进行防火、防腐处理\n6．施工时面层颜色、样式由甲方和设计单位确认选样，加工、排版损耗等不另计，投标人综合考虑报价，中标后综合单价不予调整\n7．未尽事宜详见设计图纸、图集、设计补充说明、招标文件、政府相关文件及规范等其它资料，满足验收要求","不锈钢及玻璃制品","2包","m2",7.56,227.38,1719.03,55,"按深化节点图与实际的展开面积计算（见光面）",7.56,560,4233.599999999999,"m2",7.56,4233.599999999999,0,{"v":1,"d":"1.00"},true,2514.5699999999997]
[177,"3#","工程名称：3#-JES套房",56,11502001001,"金属装饰条","1. 部位：卧室背景墙\n2. 基层类型：石膏板\n3. 线条材料种类、规格：1.2mm黄古铜不锈钢(MT-A01)，哑光防指纹/拉丝直纹，展开宽度60mm以内\n4．施工时面层颜色、样式由业主和设计单位确认选样，投标人综合考虑报价，加工、切割、折边、损耗等不另计，中标后综合单价不予调整\n5．未尽事宜详见设计图纸、图集、设计补充说明、招标文件、政府相关文件及规范等其它资料，满足验收要求。","1. 部位：卧室背景墙\n2. 基层类型：石膏板\n3. 线条材料种类、规格：1.2mm黄古铜不锈钢(MT-A01)，哑光防指纹/拉丝直纹，展开宽度60mm以内\n4．施工时面层颜色、样式由业主和设计单位确认选样，投标人综合考虑报价，加工、切割、折边、损耗等不另计，中标后综合单价不予调整\n5．未尽事宜详见设计图纸、图集、设计补充说明、招标文件、政府相关文件及规范等其它资料，满足验收要求。","不锈钢及玻璃制品","2包","m",26.31,43.6,1147.12,56,"按现场实际发生量长度计算",32,50,1600,"m",26.31,1315.5,5.690000000000001,{"v":1.216267578867351,"d":"1.22"},true,452.8800000000001]
[178,"3#","工程名称：3#-JES套房",57,11502001002,"金属装饰条","1. 部位：卧室背景墙\n2. 线条材料种类、规格：50*10mm黄古铜不锈钢方通1.2mm厚(MT-A01)，哑光防指纹/拉丝直纹\n3．施工时面层颜色、样式由业主和设计单位确认选样，投标人综合考虑报价，加工、切割、折边、损耗等不另计，中标后综合单价不予调整\n4．未尽事宜详见设计图纸、图集、设计补充说明、招标文件、政府相关文件及规范等其它资料，满足验收要求。","1. 部位：卧室背景墙\n2. 线条材料种类、规格：50*10mm黄古铜不锈钢方通1.2mm厚(MT-A01)，哑光防指纹/拉丝直纹\n3．施工时面层颜色、样式由业主和设计单位确认选样，投标人综合考虑报价，加工、切割、折边、损耗等不另计，中标后综合单价不予调整\n4．未尽事宜详见设计图纸、图集、设计补充说明、招标文件、政府相关文件及规范等其它资料，满足验收要求。","不锈钢及玻璃制品","2包","m",7.5,65.4,490.5,57,"按现场实际发生量长度计算",8,135,1080,"m",7.5,1012.5,0.5,{"v":1.0666666666666667,"d":"1.07"},true,589.5]
[179,"3#","工程名称：3#-JES套房",60,11207001015,"墙面装饰板","1. 部位：卫生间\n2. 基层材料种类、规格：9mm硅酸钙板\n3. 面层材料种类、规格：1.2mm厚仿木纹覆膜不锈钢（MT-A04）\n4．防护材料种类：所有装修用木材均应进行防火、防腐处理\n5．施工时面层颜色、样式由业主和设计单位确认选样，投标人综合考虑报价，加工、切割、折边、损耗等不另计，中标后综合单价不予调整\n6．未尽事宜详见设计图纸、图集、设计补充说明、招标文件、政府相关文件及规范等其它资料，满足验收要求","1. 部位：卫生间\n3. 面层材料种类、规格：1.2mm厚仿木纹覆膜不锈钢（MT-A04）\n4．防护材料种类：所有装修用木材均应进行防火、防腐处理\n5．施工时面层颜色、样式由业主和设计单位确认选样，投标人综合考虑报价，加工、切割、折边、损耗等不另计，中标后综合单价不予调整\n6．未尽事宜详见设计图纸、图集、设计补充说明、招标文件、政府相关文件及规范等其它资料，满足验收要求","不锈钢及玻璃制品","2包","m2",13.53,354.25,4793,60,"按深化节点图与实际的展开面积计算（见光面）",14.5,560,8120,"m2",14.5,8120,0.9700000000000006,{"v":1.0716925351071693,"d":"1.07"},true,3327]
[180,"3#","工程名称：3#-JES套房",61,11207001016,"墙面装饰板","1. 部位：卫生间\n2. 基层材料种类、规格：9mm硅酸钙板\n3. 面层材料种类、规格：1.2mm黄古铜不锈钢（MT-A01）\n4．防护材料种类：所有装修用木材均应进行防火、防腐处理\n5．施工时面层颜色、样式由业主和设计单位确认选样，投标人综合考虑报价，加工、切割、折边、损耗等不另计，中标后综合单价不予调整\n6．未尽事宜详见设计图纸、图集、设计补充说明、招标文件、政府相关文件及规范等其它资料，满足验收要求","1. 部位：卫生间\n3. 面层材料种类、规格：1.2mm黄古铜不锈钢（MT-A01）\n4．防护材料种类：所有装修用木材均应进行防火、防腐处理\n5．施工时面层颜色、样式由业主和设计单位确认选样，投标人综合考虑报价，加工、切割、折边、损耗等不另计，中标后综合单价不予调整\n6．未尽事宜详见设计图纸、图集、设计补充说明、招标文件、政府相关文件及规范等其它资料，满足验收要求","不锈钢及玻璃制品","2包","m2",0.74,354.25,262.14,61,"按深化节点图与实际的展开面积计算（见光面）",0.74,550,407,"m2",0.74,407,0,{"v":1,"d":"1.00"},true,144.86]
[181,"3#","工程名称：3#-JES套房",63,11207001017,"墙面装饰板","1. 部位：马桶纸巾架处\n2. 基层材料种类、规格：双层9mm硅酸钙板\n3. 面层材料品种、规格、颜色：1.2mm厚深古铜拉丝不锈钢（MT-A03），哑光防指纹/拉丝直纹\n4.防护材料种类：所有装修用木材均应进行防火、防腐处理\n5．施工时面层颜色、样式由甲方和设计单位确认选样，加工、排版损耗等不另计，投标人综合考虑报价，中标后综合单价不予调整\n6．未尽事宜详见设计图纸、图集、设计补充说明、招标文件、政府相关文件及规范等其它资料，满足验收要求","1. 部位：马桶纸巾架处\n3. 面层材料品种、规格、颜色：1.2mm厚深古铜拉丝不锈钢（MT-A03），哑光防指纹/拉丝直纹\n4.防护材料种类：所有装修用木材均应进行防火、防腐处理\n5．施工时面层颜色、样式由甲方和设计单位确认选样，加工、排版损耗等不另计，投标人综合考虑报价，中标后综合单价不予调整\n6．未尽事宜详见设计图纸、图集、设计补充说明、招标文件、政府相关文件及规范等其它资料，满足验收要求","不锈钢及玻璃制品","2包","m2",0.88,354.25,311.74,63,"按深化节点图与实际的展开面积计算（见光面）",0.98,550,539,"m2",0.98,539,0.09999999999999998,{"v":1.1136363636363635,"d":"1.11"},true,227.26]
[182,"3#","工程名称：3#-JES套房",64,11210005001,"玻璃隔断","1. 部位：淋浴、马桶间\n2. 隔断材料种类、规格：6+1.52.pvb+6mm夹丝玻璃（GL-A01）+四周1.2mm黄古铜不锈钢包边（MT-A01）\n3. 报价含U型槽固定件等\n4. 施工时面层颜色、样式由甲方和设计单位确认选样，加工、排版损耗等不另计，投标人综合考虑报价，中标后综合单价不予调整\n5．未尽事宜详见设计图纸、图集、设计补充说明、招标文件、政府相关文件及规范等其它资料，满足验收要求","1. 部位：淋浴、马桶间\n2. 隔断材料种类、规格：6+1.52.pvb+6mm夹丝玻璃（GL-A01）+四周1.2mm黄古铜不锈钢包边（MT-A01）\n3. 报价含U型槽固定件等\n4. 施工时面层颜色、样式由甲方和设计单位确认选样，加工、排版损耗等不另计，投标人综合考虑报价，中标后综合单价不予调整\n5．未尽事宜详见设计图纸、图集、设计补充说明、招标文件、政府相关文件及规范等其它资料，满足验收要求","不锈钢及玻璃制品","2包","m2",8.27,850.2,7031.15,64,"按投影面积",8.27,1380,11412.599999999999,"m2",8.27,11412.599999999999,0,{"v":1,"d":"1.00"},true,4381.449999999999]
[183,"3#","工程名称：3#-JES套房",65,11210005002,"玻璃隔断","1. 部位：公共走廊、卧室处玻璃隔断\n2. 隔断材料种类、规格：6+1.52.pvb+6mm夹丝玻璃（GL-A01）+四周1.2mm黄古铜不锈钢包边（MT-A01）\n3. 报价含U型槽固定件等\n4. 施工时面层颜色、样式由甲方和设计单位确认选样，加工、排版损耗等不另计，投标人综合考虑报价，中标后综合单价不予调整\n5．未尽事宜详见设计图纸、图集、设计补充说明、招标文件、政府相关文件及规范等其它资料，满足验收要求","1. 部位：公共走廊、卧室处玻璃隔断\n2. 隔断材料种类、规格：6+1.52.pvb+6mm夹丝玻璃（GL-A01）+四周1.2mm黄古铜不锈钢包边（MT-A01）\n3. 报价含U型槽固定件等\n4. 施工时面层颜色、样式由甲方和设计单位确认选样，加工、排版损耗等不另计，投标人综合考虑报价，中标后综合单价不予调整\n5．未尽事宜详见设计图纸、图集、设计补充说明、招标文件、政府相关文件及规范等其它资料，满足验收要求","不锈钢及玻璃制品","2包","m2",3.57,850.2,3035.21,65,"按投影面积",3.57,1050,3748.5,"m2",3.57,3748.5,0,{"v":1,"d":"1.00"},true,713.29]
[184,"3#","工程名称：3#-JES套房",66,11210005003,"玻璃隔断","1. 部位：卫生间银镜处\n2. 隔断材料种类、规格：6mm厚锌合金激光雕刻电镀哑光古铜色隔断\n3. 报价含配套固定件等\n4. 施工时面层颜色、样式由甲方和设计单位确认选样，加工、排版损耗等不另计，投标人综合考虑报价，中标后综合单价不予调整\n5．未尽事宜详见设计图纸、图集、设计补充说明、招标文件、政府相关文件及规范等其它资料，满足验收要求","1. 部位：卫生间银镜处\n2. 隔断材料种类、规格：6mm厚锌合金激光雕刻电镀哑光古铜色隔断\n3. 报价含配套固定件等\n4. 施工时面层颜色、样式由甲方和设计单位确认选样，加工、排版损耗等不另计，投标人综合考虑报价，中标后综合单价不予调整\n5．未尽事宜详见设计图纸、图集、设计补充说明、招标文件、政府相关文件及规范等其它资料，满足验收要求","不锈钢及玻璃制品","2包","m2",8.04,2398,19279.92,66,"按投影面积",8.04,950,7637.999999999999,"m2",8.04,7637.999999999999,0,{"v":1,"d":"1.00"},true,-11641.919999999998]
[185,"3#","工程名称：3#-JES套房",69,"WB011302005003","天棚吊顶","1．部位：玄关、卫生间等\n2．面层材料品种、规格、颜色：1.2mm黄古铜不锈钢(MT-A01)\n3．施工时面层颜色、样式由业主和设计单位确认选样，投标人综合考虑报价，加工、切割、折边、损耗等不另计，中标后综合单价不予调整\n4．未尽事宜详见设计图纸、图集、设计补充说明、招标文件、政府相关文件及规范等其它资料，满足验收要求","1．部位：玄关、卫生间等\n2．面层材料品种、规格、颜色：1.2mm黄古铜不锈钢(MT-A01)\n3．施工时面层颜色、样式由业主和设计单位确认选样，投标人综合考虑报价，加工、切割、折边、损耗等不另计，中标后综合单价不予调整\n4．未尽事宜详见设计图纸、图集、设计补充说明、招标文件、政府相关文件及规范等其它资料，满足验收要求","不锈钢及玻璃制品","2包","m2",2.91,354.25,1030.87,69,"按深化节点图与实际的展开面积计算（见光面）",2.91,550,1600.5,"m2",2.91,1600.5,0,{"v":1,"d":"1.00"},true,569.6300000000001]
[186,"3#","工程名称：3#-JES套房",77,11502001003,"金属装饰条","1．部位：客厅、卫生间、卧室、衣帽间、玄关等天棚处\n2．嵌条材料品种、规格、颜色：1.2mm黄古铜不锈钢(MT-A01)，哑光防指纹/拉丝直纹，展开宽度60mm以内\n3．施工时面层颜色、样式由业主和设计单位确认选样，投标人综合考虑报价，加工、切割、折边、损耗等不另计，中标后综合单价不予调整\n4．未尽事宜详见设计图纸、图集、设计补充说明、招标文件、政府相关文件及规范等其它资料，满足验收要求","1．部位：客厅、卫生间、卧室、衣帽间、玄关等天棚处\n2．嵌条材料品种、规格、颜色：1.2mm黄古铜不锈钢(MT-A01)，哑光防指纹/拉丝直纹，展开宽度60mm以内\n3．施工时面层颜色、样式由业主和设计单位确认选样，投标人综合考虑报价，加工、切割、折边、损耗等不另计，中标后综合单价不予调整\n4．未尽事宜详见设计图纸、图集、设计补充说明、招标文件、政府相关文件及规范等其它资料，满足验收要求","不锈钢及玻璃制品","2包","m",291.86,43.6,12725.1,77,"按现场实际发生量长度计算",325,50,16250,"m",291.86,14593,33.139999999999986,{"v":1.1135475913109025,"d":"1.11"},true,3524.8999999999996]
[187,"3#","工程名称：3#-JES套房",84,"WB011501001002","衣帽间衣柜","1. 部位：衣帽间\n2. 柜体尺寸：650mm*3000mm*长（具体详见设计文件）\n3. 龙骨材质种类、规格：热镀锌钢龙骨（不分规格型号，投标人综合考虑）、木龙骨等\n4．基层板材质种类、规格：基层类型及厚度综合考虑，具体详见设计文件\n5．材料种类：12mm木饰面、墙布饰面(WC-A04)、夹丝玻璃（GL-A01）、18mm星白大理石台面（ST-02）、1.2mm黄古铜不锈钢（MT-A01），木饰面抽屉柜、1.2mm不锈钢踢脚线(MT-A01)等\n6．五金种类、规格：单价包含挂衣杆、五金合页、抽屉滑轨、阻尼隔振胶垫、暗藏灯槽等\n7．按照立面投影面积计算\n8．防护材料种类：所有装修用木材均应进行防火、防腐处理\n9．施工时面层颜色、样式由甲方和设计单位确认选样，加工、排版损耗等不另计，投标人综合考虑报价，中标后综合单价不予调整\n10．未尽事宜详见设计图纸、图集、设计补充说明、招标文件、政府相关文件及规范等其它资料，满足验收要求","1. 部位：衣帽间\n2. 柜体尺寸：650mm*3000mm*长（具体详见设计文件）\n5．材料种类：墙布饰面(WC-A04)、1.2mm不锈钢踢脚线(MT-A01)等\n7．按照立面投影面积计算\n8．防护材料种类：所有装修用木材均应进行防火、防腐处理\n9．施工时面层颜色、样式由甲方和设计单位确认选样，加工、排版损耗等不另计，投标人综合考虑报价，中标后综合单价不予调整\n10．未尽事宜详见设计图纸、图集、设计补充说明、招标文件、政府相关文件及规范等其它资料，满足验收要求","不锈钢及玻璃制品","2包","m2",20.28,14.53,294.66,84,"按现场实际发生量长度计算",6,45,270,"m",6,270,-14.280000000000001,{"v":0.29585798816568043,"d":"0.30"},true,-24.660000000000025]
[188,"3#","工程名称：3#-JES套房",85,"WB011501001003","洗手台+柜体","1. 部位：卫生间\n2．规格：宽600mm*高850mm*长（详见设计文件）\n3．龙骨材料种类、规格：局部热镀锌钢龙骨（不分规格型号，投标人综合考虑）\n4．面层材料品种、规格、颜色：18mm鎏金白玉大理石(ST-A04)台面及挡水条、木饰面柜体及木饰面隔板（WD-A01 ）、局部1.2mm黄古铜不锈钢(MT-A01)装饰嵌条、踢脚线及包边，单价包含灯槽成型等\n5．所有石材材料在施工前须做六面防护处理,石材结晶，以保证防水、防腐、防污、防油\n6．施工时面层颜色、样式由甲方和设计单位确认选样，投标人综合考虑报价，加工、切割、折边、损耗等不另计，中标后综合单价不予调整\n7．未尽事宜详见设计图纸、图集、设计补充说明、招标文件、政府相关文件及规范等其它资料，满足验收要求","1. 部位：卫生间\n2．规格：宽600mm*高850mm*长（详见设计文件）\n4．面层材料品种、规格、颜色：踢脚线\n6．施工时面层颜色、样式由甲方和设计单位确认选样，投标人综合考虑报价，加工、切割、折边、损耗等不另计，中标后综合单价不予调整\n7．未尽事宜详见设计图纸、图集、设计补充说明、招标文件、政府相关文件及规范等其它资料，满足验收要求","不锈钢及玻璃制品","2包","m",3.74,82.77,309.58,85,"按现场实际发生量长度计算",3.74,45,168.3,"m",3.74,168.3,0,{"v":1,"d":"1.00"},true,-141.27999999999997]
[189,"3#","工程名称：3#-JES套房",87,11207001018,"墙面装饰板","1. 部位：卫生间\n2. 龙骨材质种类、规格：镀锌钢龙骨（规格型号综合考虑）\n3. 基层材料种类、规格：18mm阻燃夹板，局部9mm阻燃夹板\n4. 面层材料品种、规格、颜色：5mm银镜饰面（MR-A01）\n5. 四周黄古铜不锈钢(MT-A01）金属包边\n6. 防护材料种类：所有装修用木材均应进行防火、防腐处理\n7．施工时面层颜色、样式由甲方和设计单位确认选样，加工、排版损耗等不另计，投标人综合考虑报价，中标后综合单价不予调整\n8．未尽事宜详见设计图纸、图集、设计补充说明、招标文件、政府相关文件及规范等其它资料，满足验收要求","1. 部位：卫生间\n4. 面层材料品种、规格、颜色：5mm银镜饰面（MR-A01）\n5. 四周黄古铜不锈钢(MT-A01）金属包边\n6. 防护材料种类：所有装修用木材均应进行防火、防腐处理\n7．施工时面层颜色、样式由甲方和设计单位确认选样，加工、排版损耗等不另计，投标人综合考虑报价，中标后综合单价不予调整\n8．未尽事宜详见设计图纸、图集、设计补充说明、招标文件、政府相关文件及规范等其它资料，满足验收要求","不锈钢及玻璃制品","2包","m2",8.95,276.4,2473.8,87,"按投影面积",9,385,3465,"m2",8.95,3445.7499999999995,0.05000000000000071,{"v":1.005586592178771,"d":"1.01"},true,991.1999999999998]
[190,"3#","工程名称：3#-JES套房",88,11207001019,"墙面装饰板","1. 部位：台盆柜处墙面\n2. 龙骨材质种类、规格：镀锌钢龙骨（规格型号综合考虑）\n3. 基层材料种类、规格：9mm硅酸钙板\n4. 面层材料品种、规格、颜色：5+1.52pvb+5mm磨砂夹胶玻璃（GL-A05）+四周黄古铜不锈钢(MT-A01）金属包边\n5. 施工时面层颜色、样式由业主和设计单位确认选样，投标人综合考虑报价，加工、切割、折边、损耗等不另计，中标后综合单价不予调整\n6.其他：未尽事宜详见式设计图纸、图集、设计补充说明、招标文件、政府相关文件及规范等其它资料，满足验收要求","1. 部位：台盆柜处墙面\n4. 面层材料品种、规格、颜色：5+1.52pvb+5mm磨砂夹胶玻璃（GL-A05）+四周黄古铜不锈钢(MT-A01）金属包边\n5. 施工时面层颜色、样式由业主和设计单位确认选样，投标人综合考虑报价，加工、切割、折边、损耗等不另计，中标后综合单价不予调整\n6.其他：未尽事宜详见式设计图纸、图集、设计补充说明、招标文件、政府相关文件及规范等其它资料，满足验收要求","不锈钢及玻璃制品","2包","m2",8.04,1211.97,9744.25,88,"按投影面积",8.04,750,6029.999999999999,"m2",8.04,6029.999999999999,0,{"v":1,"d":"1.00"},true,-3714.250000000001]
[191,"3#","工程名称：3#-JES套房",89,11207001020,"墙面装饰板","1. 部位：淋浴壁龛\n2. 基层材料种类、规格：9mm硅酸钙板\n3. 面层材料品种、规格、颜色：5mm茶镜饰面（MR-A02），四周黄古铜不锈钢（MT-A01）包边\n4. 施工时面层颜色、样式由业主和设计单位确认选样，投标人综合考虑报价，加工、切割、折边、损耗等不另计，中标后综合单价不予调整\n5.其他：未尽事宜详见式设计图纸、图集、设计补充说明、招标文件、政府相关文件及规范等其它资料，满足验收要求","1. 部位：淋浴壁龛\n3. 面层材料品种、规格、颜色：5mm茶镜饰面（MR-A02），四周黄古铜不锈钢（MT-A01）包边\n4. 施工时面层颜色、样式由业主和设计单位确认选样，投标人综合考虑报价，加工、切割、折边、损耗等不另计，中标后综合单价不予调整\n5.其他：未尽事宜详见式设计图纸、图集、设计补充说明、招标文件、政府相关文件及规范等其它资料，满足验收要求","不锈钢及玻璃制品","2包","m2",0.71,388.31,275.7,89,"按投影面积",0.71,1180,837.8,"m2",0.71,837.8,0,{"v":1,"d":"1.00"},true,562.0999999999999]
[192,"5#","工程名称：5#-公区",4,10808001001,"不锈钢门套","1. 部位：大堂服务区\n2. 龙骨材料种类、规格：热镀锌钢龙骨（不分规格型号，投标人综合考虑）\n3. 基层材料种类、规格：15mm阻燃夹板+双层18mm阻燃夹板\n4. 面层材料品种、规格、颜色：1.2mm仿铜覆膜不锈钢（MT-B03）\n5. 防护材料种类：所有装修用木材均应进行防火、防腐处理\n6. 施工时面层颜色、样式由甲方和设计单位确认选样，投标人综合考虑报价，加工、切割、折边、损耗等不另计，中标后综合单价不予调整\n7. 未尽事宜详见设计图纸、图集、设计补充说明、招标文件、政府相关文件及规范等其它资料，满足验收要求","1. 部位：大堂服务区\n4. 面层材料品种、规格、颜色：1.2mm仿铜覆膜不锈钢（MT-B03）\n5. 防护材料种类：所有装修用木材均应进行防火、防腐处理\n6. 施工时面层颜色、样式由甲方和设计单位确认选样，投标人综合考虑报价，加工、切割、折边、损耗等不另计，中标后综合单价不予调整\n7. 未尽事宜详见设计图纸、图集、设计补充说明、招标文件、政府相关文件及规范等其它资料，满足验收要求","不锈钢及玻璃制品","1包","m2",17.65,381.5,6733.47,4,"按深化节点图与实际的展开面积计算（见光面）",17.65,550,9707.5,"m2",17.65,9707.5,0,{"v":1,"d":"1.00"},true,2974.0299999999997]
[193,"5#","工程名称：5#-公区",5,10808001002,"不锈钢门套","1.部位：大堂通往服务台\n2.龙骨材料种类、规格：热镀锌钢龙骨（不分规格型号，投标人综合考虑）\n3.基层材料种类、规格：9mm阻燃夹板+12mm阻燃夹板，局部多层\n4.面层材料品种、规格、颜色：1.2mm仿铜不锈钢（MT-B04）\n5.防护材料种类：所有装修用木材均应进行防火、防腐处理\n6.施工时面层颜色、样式由甲方和设计单位确认选样，投标人综合考虑报价，加工、切割、折边、损耗等不另计，中标后综合单价不予调整\n7.未尽事宜详见设计图纸、图集、设计补充说明、招标文件、政府相关文件及规范等其它资料，满足验收要求","1.部位：大堂通往服务台\n4.面层材料品种、规格、颜色：1.2mm仿铜不锈钢（MT-B04）\n5.防护材料种类：所有装修用木材均应进行防火、防腐处理\n6.施工时面层颜色、样式由甲方和设计单位确认选样，投标人综合考虑报价，加工、切割、折边、损耗等不另计，中标后综合单价不予调整\n7.未尽事宜详见设计图纸、图集、设计补充说明、招标文件、政府相关文件及规范等其它资料，满足验收要求","不锈钢及玻璃制品","1包","m2",11.14,381.5,4249.91,5,"按深化节点图与实际的展开面积计算（见光面）",11.14,550,6127,"m2",11.14,6127,0,{"v":1,"d":"1.00"},true,1877.0900000000001]
[194,"5#","工程名称：5#-公区",6,10808001003,"不锈钢门套","1.部位：大堂通往走廊\n2.龙骨材料种类、规格：热镀锌钢龙骨（不分规格型号，投标人综合考虑）\n3.基层材料种类、规格：9mm阻燃夹板+18mm阻燃夹板，局部多层\n4.面层材料品种、规格、颜色：1.2mm仿铜不锈钢（MT-B04）\n5.防护材料种类：所有装修用木材均应进行防火、防腐处理\n6.施工时面层颜色、样式由甲方和设计单位确认选样，投标人综合考虑报价，加工、切割、折边、损耗等不另计，中标后综合单价不予调整\n7.未尽事宜详见设计图纸、图集、设计补充说明、招标文件、政府相关文件及规范等其它资料，满足验收要求","1.部位：大堂通往走廊\n4.面层材料品种、规格、颜色：1.2mm仿铜不锈钢（MT-B04）\n5.防护材料种类：所有装修用木材均应进行防火、防腐处理\n6.施工时面层颜色、样式由甲方和设计单位确认选样，投标人综合考虑报价，加工、切割、折边、损耗等不另计，中标后综合单价不予调整\n7.未尽事宜详见设计图纸、图集、设计补充说明、招标文件、政府相关文件及规范等其它资料，满足验收要求","不锈钢及玻璃制品","1包","m2",11.22,381.5,4280.43,6,"按深化节点图与实际的展开面积计算（见光面）",11.22,550,6171,"m2",11.22,6171,0,{"v":1,"d":"1.00"},true,1890.5699999999997]
[195,"5#","工程名称：5#-公区",7,10808001004,"不锈钢门套","1. 部位：娱乐室、书法室、多功能厅、中包间等过道门套外侧\n2. 龙骨材料种类、规格：10*20mm木方阻燃龙骨\n3. 基层材料种类、规格：双层12mm阻燃夹板，局部多层\n4. 面层材料品种、规格、颜色：1.2mm仿铜不锈钢（MT-B04）\n5. 防护材料种类：所有装修用木材均应进行防火、防腐处理\n6. 施工时面层颜色、样式由甲方和设计单位确认选样，投标人综合考虑报价，加工、切割、折边、损耗等不另计，中标后综合单价不予调整\n7. 未尽事宜详见设计图纸、图集、设计补充说明、招标文件、政府相关文件及规范等其它资料，满足验收要求","1. 部位：娱乐室、书法室、多功能厅、中包间等过道门套外侧\n4. 面层材料品种、规格、颜色：1.2mm仿铜不锈钢（MT-B04）\n5. 防护材料种类：所有装修用木材均应进行防火、防腐处理\n6. 施工时面层颜色、样式由甲方和设计单位确认选样，投标人综合考虑报价，加工、切割、折边、损耗等不另计，中标后综合单价不予调整\n7. 未尽事宜详见设计图纸、图集、设计补充说明、招标文件、政府相关文件及规范等其它资料，满足验收要求","不锈钢及玻璃制品","1包","m2",3.72,381.5,1419.18,7,"按深化节点图与实际的展开面积计算（见光面）",3.72,550,2046,"m2",3.72,2046,0,{"v":1,"d":"1.00"},true,626.8199999999999]
[196,"5#","工程名称：5#-公区",9,11207001002,"墙面装饰板","1. 部位：过道侧门楣\n2. 龙骨材料种类、规格：热镀锌钢龙骨（不分规格型号，投标人综合考虑）\n3. 基层材料种类、规格：双层12mm阻燃夹板\n4. 面层材料品种、规格、颜色：1.2mm仿铜不锈钢（MT-B04）\n5. 防护材料种类：所有装修用木材均应进行防火、防腐处理\n6.施工时面层颜色、样式由甲方和设计单位确认选样，投标人综合考虑报价，加工、损耗等不另计，中标后综合单价不予调整\n7. 未尽事宜详见设计图纸、图集、设计补充说明、招标文件、政府相关文件及规范等其它资料，满足验收要求","1. 部位：过道侧门楣\n4. 面层材料品种、规格、颜色：1.2mm仿铜不锈钢（MT-B04）\n5. 防护材料种类：所有装修用木材均应进行防火、防腐处理\n6.施工时面层颜色、样式由甲方和设计单位确认选样，投标人综合考虑报价，加工、损耗等不另计，中标后综合单价不予调整\n7. 未尽事宜详见设计图纸、图集、设计补充说明、招标文件、政府相关文件及规范等其它资料，满足验收要求","不锈钢及玻璃制品","1包","m2",2.73,354.25,967.1,9,"按深化节点图与实际的展开面积计算（见光面）",2.73,550,1501.5,"m2",2.73,1501.5,0,{"v":1,"d":"1.00"},true,534.4]
[197,"5#","工程名称：5#-公区",10,"WB010801004001","旋转装饰门","1.部位：大堂服务区门\n2.龙骨材料种类、规格：成名门芯+热镀锌钢龙骨（不分规格型号，投标人综合考虑）\n3.门扇基层材料种类、规格：12mm阻燃夹板+双层9mm阻燃夹板等\n4.面层材料品种、规格、颜色：墙布饰面（WC-B01）+1.2mm仿铜不锈钢（MT-B04）+5mm宽仿铜不锈钢嵌条\n5.五金品种、规格：包含但不限于重型上下枢轴、重型天地轴、暗藏五金合页等完成此项工作的全部五金配件\n6.施工时面层颜色、样式由甲方和设计单位确认选样，投标人综合考虑报价，加工、损耗等不另计，中标后综合单价不予调整\n7.未尽事宜详见设计图纸、图集、设计补充说明、招标文件、政府相关文件及规范等其它资料，满足验收要求","1.部位：大堂服务区门\n2.龙骨材料种类、规格：成名门芯+热镀锌钢龙骨（不分规格型号，投标人综合考虑）\n3.门扇基层材料种类、规格：12mm阻燃夹板+双层9mm阻燃夹板等\n4.面层材料品种、规格、颜色：墙布饰面（WC-B01）+1.2mm仿铜不锈钢（MT-B04）+5mm宽仿铜不锈钢嵌条\n5.五金品种、规格：包含但不限于重型上下枢轴、重型天地轴、暗藏五金合页等完成此项工作的全部五金配件\n6.施工时面层颜色、样式由甲方和设计单位确认选样，投标人综合考虑报价，加工、损耗等不另计，中标后综合单价不予调整\n7.未尽事宜详见设计图纸、图集、设计补充说明、招标文件、政府相关文件及规范等其它资料，满足验收要求","旋转门","1包","m2",9.98,1974.72,19707.71,10,"按投影面积",9.98,1580,15768.400000000001,"m2",9.98,15768.400000000001,0,{"v":1,"d":"1.00"},true,-3939.3099999999977]
[198,"5#","工程名称：5#-公区",24,"WB011105006001","成品踢脚线","1．部位：门斗、大堂、走道等\n2．踢脚线高度：50mm高\n3．基层材料种类、规格：12mm阻燃夹板\n4．面层材料品种、规格、颜色：1.2mm仿铜不锈钢（MT-B04)\n5．施工时面层颜色、样式由甲方和设计单位确认选样，投标人综合考虑报价，加工、切割、折边、损耗等不另计，中标后综合单价不予调整\n6．未尽事宜详见设计图纸、图集、设计补充说明、招标文件、政府相关文件及规范等其它资料，满足验收要求","1．部位：门斗、大堂、走道等\n2．踢脚线高度：50mm高\n4．面层材料品种、规格、颜色：1.2mm仿铜不锈钢（MT-B04)\n5．施工时面层颜色、样式由甲方和设计单位确认选样，投标人综合考虑报价，加工、切割、折边、损耗等不另计，中标后综合单价不予调整\n6．未尽事宜详见设计图纸、图集、设计补充说明、招标文件、政府相关文件及规范等其它资料，满足验收要求","不锈钢及玻璃制品","1包","m",169.18,43.6,7376.25,24,"按现场实际发生量长度计算",185,45,8325,"m",169.18,7613.1,15.819999999999993,{"v":1.093509871143161,"d":"1.09"},true,948.75]
[199,"5#","工程名称：5#-公区",32,11207001006,"墙面装饰板","1.部位：大堂\n2.龙骨材料种类、规格：热镀锌钢龙骨（不分规格型号，投标人综合考虑）+热镀锌后置埋板，高强化学锚栓固定\n3.基层材料种类、规格：9mm阻燃夹板+9.5mm耐火石膏板\n4.面层材料品种、规格、颜色：15mm透光白玉大理石（ST-B06）+1.2mm仿铜不锈钢（MT-B04）+暖白色防霉防潮无机涂料（PT-B01）\n5.防护材料种类：所有装修用木材均应进行防火、防腐处理\n6.施工时面层颜色、样式由甲方和设计单位确认选样，投标人综合考虑报价，加工、损耗等不另计，中标后综合单价不予调整\n7.未尽事宜详见设计图纸、图集、设计补充说明、招标文件、政府相关文件及规范等其它资料，满足验收要求","1.部位：大堂\n4.面层材料品种、规格、颜色：15mm透光白玉大理石（ST-B06）+1.2mm仿铜不锈钢（MT-B04）\n5.防护材料种类：所有装修用木材均应进行防火、防腐处理\n6.施工时面层颜色、样式由甲方和设计单位确认选样，投标人综合考虑报价，加工、损耗等不另计，中标后综合单价不予调整\n7.未尽事宜详见设计图纸、图集、设计补充说明、招标文件、政府相关文件及规范等其它资料，满足验收要求","不锈钢及玻璃制品","1包","m2",31.68,283.4,8978.11,32,"按深化节点图与实际的展开面积计算（见光面）",22.4,550,12320,"m2",22.4,12320,-9.280000000000001,{"v":0.7070707070707071,"d":"0.71"},true,3341.8899999999994]
[200,"5#","工程名称：5#-公区",35,11207001009,"墙面装饰板","1．部位：大堂、过道门侧等\n2．龙骨材料种类、规格：热镀锌钢龙骨（不分规格型号，投标人综合考虑）\n3．基层材料种类、规格：双层12mm阻燃夹板+局部单层15mm阻燃夹板+局部18mm阻燃夹板等多种基层板，弯弧处加固基层综合考虑\n4. 面层材料品种、规格、颜色：1.2mm仿铜不锈钢（MT-B04）\n5．防护材料种类：所有装修用木基层均应进行防火、防腐处理\n6. 施工时面层颜色、样式由甲方和设计单位确认选样，投标人综合考虑报价，加工、切割、折边、损耗等不另计，中标后综合单价不予调整\n7．未尽事宜详见设计图纸、图集、设计补充说明、招标文件、政府相关文件及规范等其它资料，满足验收要求","1．部位：大堂、过道门侧等\n4. 面层材料品种、规格、颜色：1.2mm仿铜不锈钢（MT-B04）\n5．防护材料种类：所有装修用木基层均应进行防火、防腐处理\n6. 施工时面层颜色、样式由甲方和设计单位确认选样，投标人综合考虑报价，加工、切割、折边、损耗等不另计，中标后综合单价不予调整\n7．未尽事宜详见设计图纸、图集、设计补充说明、招标文件、政府相关文件及规范等其它资料，满足验收要求","不锈钢及玻璃制品","1包","m2",72.52,354.25,25690.21,35,"按深化节点图与实际的展开面积计算（见光面）",72.52,550,39886,"m2",72.52,39886,0,{"v":1,"d":"1.00"},true,14195.79]
[201,"5#","工程名称：5#-公区",36,11207001010,"墙面装饰板","1．部位：大堂、过道多功能厅、大包间玄关入口门侧等\n2．龙骨材料种类、规格：热镀锌钢龙骨（不分规格型号，投标人综合考虑）\n3．基层材料种类、规格：单层9mm阻燃夹板，弯弧处加固基层综合考虑\n4. 面层材料品种、规格、颜色：1.2mm仿铜不锈钢（MT-B04）\n5．防护材料种类：所有装修用木基层均应进行防火、防腐处理\n6. 施工时面层颜色、样式由甲方和设计单位确认选样，投标人综合考虑报价，加工、切割、折边、损耗等不另计，中标后综合单价不予调整\n7．未尽事宜详见设计图纸、图集、设计补充说明、招标文件、政府相关文件及规范等其它资料，满足验收要求","1．部位：大堂、过道多功能厅、大包间玄关入口门侧等\n4. 面层材料品种、规格、颜色：1.2mm仿铜不锈钢（MT-B04）\n5．防护材料种类：所有装修用木基层均应进行防火、防腐处理\n6. 施工时面层颜色、样式由甲方和设计单位确认选样，投标人综合考虑报价，加工、切割、折边、损耗等不另计，中标后综合单价不予调整\n7．未尽事宜详见设计图纸、图集、设计补充说明、招标文件、政府相关文件及规范等其它资料，满足验收要求","不锈钢及玻璃制品","1包","m2",40.9,354.25,14488.82,36,"按深化节点图与实际的展开面积计算（见光面）",47.7,550,26235,"m2",47.7,26235,6.800000000000004,{"v":1.1662591687041566,"d":"1.17"},true,11746.18]
[202,"5#","工程名称：5#-公区",37,11207001011,"墙面装饰板","1.部位：大堂服务台背景\n2.龙骨材料种类、规格：50系轻钢龙骨\n3.基层材料种类、规格：双层9mm阻燃夹板\n4.面层材料品种、规格、颜色：1.2mm仿铜覆膜不锈钢（MT-B03）\n5.防护材料种类：所有装修用木材均应进行防火、防腐处理\n6.施工时面层颜色、样式由甲方和设计单位确认选样，投标人综合考虑报价，加工、切割、折边、损耗等不另计，中标后综合单价不予调整\n7.未尽事宜详见设计图纸、图集、设计补充说明、招标文件、政府相关文件及规范等其它资料，满足验收要求","1.部位：大堂服务台背景\n4.面层材料品种、规格、颜色：1.2mm仿铜覆膜不锈钢（MT-B03）\n5.防护材料种类：所有装修用木材均应进行防火、防腐处理\n6.施工时面层颜色、样式由甲方和设计单位确认选样，投标人综合考虑报价，加工、切割、折边、损耗等不另计，中标后综合单价不予调整\n7.未尽事宜详见设计图纸、图集、设计补充说明、招标文件、政府相关文件及规范等其它资料，满足验收要求","不锈钢及玻璃制品","1包","m2",17.21,354.25,6096.64,37,"按深化节点图与实际的展开面积计算（见光面）",17.2,550,9460,"m2",17.2,9460,-0.010000000000001563,{"v":0.9994189424753049,"d":"1.00"},true,3363.3599999999997]
[203,"5#","工程名称：5#-公区",38,11210002001,"仿铜覆膜金属格栅屏风","1.部位：大堂\n2.顶部、底部加固：热镀锌钢龙骨（不分规格型号，投标人综合考虑）+热镀锌后置埋板，高强化学锚栓固定\n3.面层材料品种、规格、颜色：外框 60*60*1.2mm仿铜覆膜不锈钢方通+局部横向40*40*1.2mm仿铜覆膜不锈钢方通（MT-B05）+1.2厚外径15mm仿铜覆膜金属圆通\n4. 施工时面层颜色、样式由甲方和设计单位确认选样，投标人综合考虑报价，加工、切割、折边、损耗等不另计，中标后综合单价不予调整\n5. 未尽事宜详见设计图纸、图集、设计补充说明、招标文件、政府相关文件及规范等其它资料，满足验收要求","1.部位：大堂\n3.面层材料品种、规格、颜色：外框 60*60*1.2mm仿铜覆膜不锈钢方通+局部横向40*40*1.2mm仿铜覆膜不锈钢方通（MT-B05）+1.2厚外径15mm仿铜覆膜金属圆通\n4. 施工时面层颜色、样式由甲方和设计单位确认选样，投标人综合考虑报价，加工、切割、折边、损耗等不另计，中标后综合单价不予调整\n5. 未尽事宜详见设计图纸、图集、设计补充说明、招标文件、政府相关文件及规范等其它资料，满足验收要求","不锈钢及玻璃制品","1包","m2",24.28,2677.36,65006.21,38,"按投影面积",24.6,1380,33948,"m2",24.28,33506.4,0.3200000000000003,{"v":1.013179571663921,"d":"1.01"},true,-31058.21]
[204,"5#","工程名称：5#-公区",42,"WB011302005001","透光云石+仿铜不锈钢造型顶","1.部位：大堂\n2.吊杆种类、规格：φ8热镀锌钢筋吊杆间距@≤1200mm\n3.龙骨材料种类、规格：CS60主龙骨间距@≤1200mm，C50*20*0.6次龙骨间距@400mm\n4.基层、侧板材质种类、规格：9mm硅酸钙板+9.5mm耐火石膏板+局部双层硅酸钙板+白色无机涂料刷白\n5.面层材料品种、规格、颜色：6mm透光白玉大理石（ST-B06）+四周1.2mm仿铜不锈钢（MT-B04）+80mm宽350mm高仿铜不锈钢方通等\n6.含检修口制安，以及配套设施开孔、加固\n7.施工时面层颜色、样式由甲方和设计单位确认选样，切割等加工费不另计，投标人综合考虑报价，中标后综合单价不予调整\n8.未尽事宜详见设计图纸、图集、设计补充说明、招标文件、政府相关文件及规范等其它资料，满足验收要求","1.部位：大堂\n5.面层材料品种、规格、颜色：6mm透光白玉大理石（ST-B06）+四周1.2mm仿铜不锈钢（MT-B04）+80mm宽350mm高仿铜不锈钢方通等\n6.含检修口制安，以及配套设施开孔、加固\n7.施工时面层颜色、样式由甲方和设计单位确认选样，切割等加工费不另计，投标人综合考虑报价，中标后综合单价不予调整\n8.未尽事宜详见设计图纸、图集、设计补充说明、招标文件、政府相关文件及规范等其它资料，满足验收要求","不锈钢及玻璃制品","1包","m2",61.98,712.47,44158.74,42,"按深化节点图与实际的展开面积计算（见光面）",71,550,39050,"m2",71,39050,9.020000000000003,{"v":1.1455308163923847,"d":"1.15"},true,-5108.739999999998]
[205,"5#","工程名称：5#-公区",43,"WB011302005002","天棚不锈钢板","1. 部位：门斗、大堂、过道等\n2. 吊杆种类、规格：φ8热镀锌钢筋吊杆间距@≤1200mm，\n3. 龙骨材料种类、规格：CS60主龙骨吊件，CS60主龙骨间距@≤1200mm，C50*20*0.6次龙骨间距@400mm，局部钢龙骨加固\n4. 基层材料种类、规格：双层9mm硅酸钙板\n5. 面层材料品种、规格、颜色:1.2mm仿铜不锈钢（MT-B04）\n6. 施工时面层颜色、样式由甲方和设计单位确认选样，切割等加工费不另计，投标人综合考虑报价，中标后综合单价不予调整\n7. 未尽事宜详见设计图纸、图集、设计补充说明、招标文件、政府相关文件及规范等其它资料，满足验收要求","1. 部位：门斗、大堂、过道等\n5. 面层材料品种、规格、颜色:1.2mm仿铜不锈钢（MT-B04）\n6. 施工时面层颜色、样式由甲方和设计单位确认选样，切割等加工费不另计，投标人综合考虑报价，中标后综合单价不予调整\n7. 未尽事宜详见设计图纸、图集、设计补充说明、招标文件、政府相关文件及规范等其它资料，满足验收要求","不锈钢及玻璃制品","1包","m2",42.03,354.25,14889.13,43,"按深化节点图与实际的展开面积计算（见光面）",45.2,550,24860,"m2",45.2,24860,3.1700000000000017,{"v":1.0754223173923387,"d":"1.08"},true,9970.87]
[206,"5#","工程名称：5#-公区",44,"WB011302005003","仿铜不锈钢+仿木纹覆膜不锈钢艺术造型(MT-B04/MT-B02)","1.部位：大堂\n2.龙骨材料种类、规格：热镀锌钢龙骨（不分规格型号，投标人综合考虑）\n3.造型材料种类、规格：800mm高60*100mm仿铜不锈钢（MT-B02）+500mm高仿木纹覆膜不锈钢（MT-B02），具体详见设计节点5#-DY-A01-02节点\n4.施工时面层颜色、样式由甲方和设计单位确认选样，切割等加工费不另计，投标人综合考虑报价，中标后综合单价不予调整\n5.未尽事宜详见设计图纸、图集、设计补充说明、招标文件、政府相关文件及规范等其它资料，满足验收要求","1.部位：大堂\n3.造型材料种类、规格：800mm高60*100mm仿铜不锈钢（MT-B02）+500mm高仿木纹覆膜不锈钢（MT-B02），具体详见设计节点5#-DY-A01-02节点\n4.施工时面层颜色、样式由甲方和设计单位确认选样，切割等加工费不另计，投标人综合考虑报价，中标后综合单价不予调整\n5.未尽事宜详见设计图纸、图集、设计补充说明、招标文件、政府相关文件及规范等其它资料，满足验收要求","不锈钢及玻璃制品","1包","m",50.4,2408.9,121408.56,44,"按投影面积",64,570,36480,"m",50.4,28728,13.600000000000001,{"v":1.2698412698412698,"d":"1.27"},true,-84928.56]
[207,"5#","工程名称：5#-公区",53,"WB011501001001","服务台","1. 部位：大堂\n2. 台柜规格：4800*1000*1100mm\n3. 龙骨、基层种类、规格：镀锌方管钢架、双层15mm阻燃夹板、12mm阻燃夹板等多种基层板\n4. 面层材料品种、规格、颜色：巴洛克紫大理石（ST-B07）、瑞吉黑大理（ST-B08）、深橡木饰面（WD-B01）柜体、50mm仿铜覆膜不锈钢踢脚线（MT-B03）、灯槽成型\n5. 五金品种、规格：包括但不限于抽屉滑轨、弹簧铰链、合页等完成此项工作的全部五金配件\n6. 施工时面层颜色、样式由甲方和设计单位确认选样，加工、排版损耗等不另计，投标人综合考虑报价，中标后综合单价不予调整\n7 .未尽事宜详见设计图纸、图集、设计补充说明、招标文件、政府相关文件及规范等其它资料，满足验收要求","1. 部位：大堂\n2. 台柜规格：4800*1000*1100mm\n4. 面层材料品种、规格、颜色：50mm仿铜覆膜不锈钢踢脚线（MT-B03）\n6. 施工时面层颜色、样式由甲方和设计单位确认选样，加工、排版损耗等不另计，投标人综合考虑报价，中标后综合单价不予调整\n7 .未尽事宜详见设计图纸、图集、设计补充说明、招标文件、政府相关文件及规范等其它资料，满足验收要求","不锈钢及玻璃制品","1包","m",4.8,61.77,296.5,53,"按现场实际发生量长度计算",6.6,45,297,"m",6.6,297,1.7999999999999998,{"v":1.375,"d":"1.38"},true,0.5]
[208,"5#","工程名称：5#-公区",56,11502001001,"金属装饰条","1．部位：门楣、大堂、过道等收边、嵌条\n2．嵌条材料品种、规格、颜色：1.2mm仿铜不锈钢(MT-B04)，展开宽度60mm以内\n3．施工时面层颜色、样式由甲方和设计单位确认选样，投标人综合考虑报价，加工、切割、折边、损耗等不另计，中标后综合单价不予调整\n4．未尽事宜详见设计图纸、图集、设计补充说明、招标文件、政府相关文件及规范等其它资料，满足验收要求","1．部位：门楣、大堂、过道等收边、嵌条\n2．嵌条材料品种、规格、颜色：1.2mm仿铜不锈钢(MT-B04)，展开宽度60mm以内\n3．施工时面层颜色、样式由甲方和设计单位确认选样，投标人综合考虑报价，加工、切割、折边、损耗等不另计，中标后综合单价不予调整\n4．未尽事宜详见设计图纸、图集、设计补充说明、招标文件、政府相关文件及规范等其它资料，满足验收要求","不锈钢及玻璃制品","1包","m",86.3,43.6,3762.68,56,"按现场实际发生量长度计算",95,50,4750,"m",86.3,4315,8.700000000000003,{"v":1.1008111239860952,"d":"1.10"},true,987.3200000000002]
[209,"5#","工程名称：5#-公区",57,11502001002,"金属装饰条","1.部位：过道\n2.基层类型：阻燃板\n3.面层材料品种、规格、颜色：5mm宽实心铜条饰面，展开尺寸：75mm\n4.未尽事宜详见设计图纸、图集、设计补充说明、招标文件、政府相关文件及规范等其它资料，满足验收要求","1.部位：过道\n2.基层类型：阻燃板\n3.面层材料品种、规格、颜色：5mm宽实心铜条饰面，展开尺寸：75mm\n4.未尽事宜详见设计图纸、图集、设计补充说明、招标文件、政府相关文件及规范等其它资料，满足验收要求","不锈钢及玻璃制品","1包","m",20,47.72,954.4,57,"按现场实际发生量长度计算",25,260,6500,"m",20,5200,5,1.25,true,5545.6]
[210,"5#","工程名称：5#-公区",67,"WB010801004008","装饰门扇安装-2","1. 部位：多功能厅、娱乐室、书法室、中包间、大包间、会见厅、茶艺室等\n2. 门扇龙骨、基层材料种类、规格：25mm细木工板+9mm阻燃夹板+四周热镀锌方通固定\n3. 面层材料品种、规格、颜色：皮革硬包（12mm雪弗板内衬板）（UP-B02）+1.2mm厚仿铜不锈钢（MT-B04）+仿铜不锈钢嵌条，定制成品金属门拉手\n4. 五金品种、规格：包含但不限于门锁、天地轴承、五金合页等完成此项工作的五金配件\n5. 施工时面层颜色、样式由甲方和设计单位确认选样，投标人综合考虑报价，加工、损耗等不另计，中标后综合单价不予调整\n6. 未尽事宜详见设计图纸、图集、设计补充说明、招标文件、政府相关文件及规范等其它资料，满足验收要求","1. 部位：多功能厅、娱乐室、书法室、中包间、大包间、会见厅、茶艺室等\n3. 面层材料品种、规格、颜色：皮革硬包（12mm雪弗板内衬板）（UP-B02）+1.2mm厚仿铜不锈钢（MT-B04）+仿铜不锈钢嵌条\n5. 施工时面层颜色、样式由甲方和设计单位确认选样，投标人综合考虑报价，加工、损耗等不另计，中标后综合单价不予调整\n6. 未尽事宜详见设计图纸、图集、设计补充说明、招标文件、政府相关文件及规范等其它资料，满足验收要求","不锈钢及玻璃制品","1包","m2",53.69,"","",67,"按深化节点图与实际的展开面积计算（见光面）",14.5,550,7975,"m2",14.5,7975,-39.19,{"v":0.27006891413671075,"d":"0.27"},true]
[211,"5#","工程名称：5#-公区",68,"WB010801004009","旋转门","1.部位：多功能厅\n2.龙骨材料种类、规格：成名门芯+热镀锌钢龙骨（不分规格型号，投标人综合考虑）\n3.门扇基层材料种类、规格：12mm阻燃夹板+双层9mm阻燃夹板等\n4.面层材料品种、规格、颜色：布艺硬包（1）（WC-B02）+1.2mm厚仿铜不锈钢（MT-B04）+5mm宽仿铜不锈钢嵌条\n5.五金品种、规格：包含但不限于重型上下枢轴、重型天地轴、暗藏五金合页等完成此项工作的全部五金配件\n6.施工时面层颜色、样式由甲方和设计单位确认选样，投标人综合考虑报价，加工、损耗等不另计，中标后综合单价不予调整\n7.未尽事宜详见设计图纸、图集、设计补充说明、招标文件、政府相关文件及规范等其它资料，满足验收要求","1.部位：多功能厅\n2.龙骨材料种类、规格：成名门芯+热镀锌钢龙骨（不分规格型号，投标人综合考虑）\n3.门扇基层材料种类、规格：12mm阻燃夹板+双层9mm阻燃夹板等\n4.面层材料品种、规格、颜色：布艺硬包（1）（WC-B02）+1.2mm厚仿铜不锈钢（MT-B04）+5mm宽仿铜不锈钢嵌条\n5.五金品种、规格：包含但不限于重型上下枢轴、重型天地轴、暗藏五金合页等完成此项工作的全部五金配件\n6.施工时面层颜色、样式由甲方和设计单位确认选样，投标人综合考虑报价，加工、损耗等不另计，中标后综合单价不予调整\n7.未尽事宜详见设计图纸、图集、设计补充说明、招标文件、政府相关文件及规范等其它资料，满足验收要求","旋转门","1包","m2",51.68,1974.72,102053.54,68,"按投影面积",51.6,1380,71208,"m2",51.68,71318.4,-0.0799999999999983,{"v":0.9984520123839009,"d":"1.00"},true,-30845.539999999994]
[212,"5#","工程名称：5#-公区",69,"WB010801004010","装饰暗门安装","1.部位：多功能厅\n2.龙骨材料种类、规格：木龙骨\n3.基层材料种类、规格：12mm阻燃夹板\n4.面层材料品种、规格、颜色：布艺硬包（1）(12mm雪弗板+扪布饰面)（WC-B02）+1.2mm仿铜不锈钢包边\n5.五金品种、规格：包括不限于暗铰链、磁碰、天地轴、隐藏拉手等完成此项工作的全部五金配件\n6.施工时面层颜色、样式由甲方和设计单位确认选样，投标人综合考虑报价，加工、损耗等不另计，中标后综合单价不予调整\n7.未尽事宜详见设计图纸、图集、设计补充说明、招标文件、政府相关文件及规范等其它资料，满足验收要求","1.部位：多功能厅\n4.面层材料品种、规格、颜色：布艺硬包（1）(12mm雪弗板+扪布饰面)（WC-B02）+1.2mm仿铜不锈钢包边\n6.施工时面层颜色、样式由甲方和设计单位确认选样，投标人综合考虑报价，加工、损耗等不另计，中标后综合单价不予调整\n7.未尽事宜详见设计图纸、图集、设计补充说明、招标文件、政府相关文件及规范等其它资料，满足验收要求","不锈钢及玻璃制品","1包","m2",6.67,106.27,708.85,69,"按深化节点图与实际的展开面积计算（见光面）",2.5,550,1375,"m2",2.5,1375,-4.17,{"v":0.37481259370314846,"d":"0.37"},true,666.15]
[213,"5#","工程名称：5#-公区",71,10808001005,"不锈钢门套","1. 部位：娱乐室、书法室、多功能厅、中包间、会见厅等门套\n2. 龙骨材料种类、规格：10*20mm木方阻燃龙骨\n3. 基层材料种类、规格：双层12mm阻燃夹板，局部多层\n4. 面层材料品种、规格、颜色：1.2mm仿铜不锈钢（MT-B04）\n5. 防护材料种类：所有装修用木材均应进行防火、防腐处理\n6. 施工时面层颜色、样式由甲方和设计单位确认选样，投标人综合考虑报价，加工、切割、折边、损耗等不另计，中标后综合单价不予调整\n7. 未尽事宜详见设计图纸、图集、设计补充说明、招标文件、政府相关文件及规范等其它资料，满足验收要求","1. 部位：娱乐室、书法室、多功能厅、中包间、会见厅等门套\n4. 面层材料品种、规格、颜色：1.2mm仿铜不锈钢（MT-B04）\n5. 防护材料种类：所有装修用木材均应进行防火、防腐处理\n6. 施工时面层颜色、样式由甲方和设计单位确认选样，投标人综合考虑报价，加工、切割、折边、损耗等不另计，中标后综合单价不予调整\n7. 未尽事宜详见设计图纸、图集、设计补充说明、招标文件、政府相关文件及规范等其它资料，满足验收要求","不锈钢及玻璃制品","1包","m2",47.04,381.5,17945.76,71,"按深化节点图与实际的展开面积计算（见光面）",47.4,550,26070,"m2",47.4,26070,0.35999999999999943,{"v":1.0076530612244898,"d":"1.01"},true,8124.240000000002]
[214,"5#","工程名称：5#-公区",72,10808001006,"不锈钢门套","1. 部位：过道、多功能厅、会见厅等\n2. 龙骨材料种类、规格：热镀锌钢龙骨（不分规格型号，投标人综合考虑）\n3. 基层材料种类、规格：双层9mm阻燃夹板\n4. 面层材料品种、规格、颜色：1.2mm仿铜不锈钢（MT-B04）\n5. 防护材料种类：所有装修用木材均应进行防火、防腐处理\n6. 施工时面层颜色、样式由甲方和设计单位确认选样，投标人综合考虑报价，加工、切割、折边、损耗等不另计，中标后综合单价不予调整\n7. 未尽事宜详见设计图纸、图集、设计补充说明、招标文件、政府相关文件及规范等其它资料，满足验收要求","1. 部位：过道、多功能厅、会见厅等\n4. 面层材料品种、规格、颜色：1.2mm仿铜不锈钢（MT-B04）\n5. 防护材料种类：所有装修用木材均应进行防火、防腐处理\n6. 施工时面层颜色、样式由甲方和设计单位确认选样，投标人综合考虑报价，加工、切割、折边、损耗等不另计，中标后综合单价不予调整\n7. 未尽事宜详见设计图纸、图集、设计补充说明、招标文件、政府相关文件及规范等其它资料，满足验收要求","不锈钢及玻璃制品","1包","m2",37.62,381.5,14352.03,72,"按深化节点图与实际的展开面积计算（见光面）",37.62,550,20691,"m2",37.62,20691,0,{"v":1,"d":"1.00"},true,6338.969999999999]
[215,"5#","工程名称：5#-公区",73,10808001007,"不锈钢门窗套","1.部位：会见厅\n2.龙骨材料种类、规格：热镀锌钢龙骨（不分规格型号，投标人综合考虑）\n3.基层材料种类、规格：9mm阻燃夹板，局部双层\n4.面层材料品种、规格、颜色：1.2mm仿铜覆膜不锈钢（MT-B03）\n5.防护材料种类：所有装修用木材均应进行防火、防腐处理\n6.施工时面层颜色、样式由甲方和设计单位确认选样，投标人综合考虑报价，加工、切割、折边、损耗等不另计，中标后综合单价不予调整\n7.未尽事宜详见设计图纸、图集、设计补充说明、招标文件、政府相关文件及规范等其它资料，满足验收要求","1.部位：会见厅\n4.面层材料品种、规格、颜色：1.2mm仿铜覆膜不锈钢（MT-B03）\n5.防护材料种类：所有装修用木材均应进行防火、防腐处理\n6.施工时面层颜色、样式由甲方和设计单位确认选样，投标人综合考虑报价，加工、切割、折边、损耗等不另计，中标后综合单价不予调整\n7.未尽事宜详见设计图纸、图集、设计补充说明、招标文件、政府相关文件及规范等其它资料，满足验收要求","不锈钢及玻璃制品","1包","m2",5.7,381.5,2174.55,73,"按深化节点图与实际的展开面积计算（见光面）",10.4,550,5720,"m2",10.4,5720,4.7,{"v":1.8245614035087718,"d":"1.82"},true,3545.45]
[216,"5#","工程名称：5#-公区",74,10808001008,"不锈钢门套","1. 部位：大包间、茶艺室等\n2. 龙骨材料种类、规格：热镀锌钢龙骨（不分规格型号，投标人综合考虑）\n3. 基层材料种类、规格：9mm阻燃夹板\n4. 面层材料品种、规格、颜色：1.2mm仿铜不锈钢（MT-B04）\n5. 防护材料种类：所有装修用木材均应进行防火、防腐处理\n6. 施工时面层颜色、样式由甲方和设计单位确认选样，投标人综合考虑报价，加工、切割、折边、损耗等不另计，中标后综合单价不予调整\n7. 未尽事宜详见设计图纸、图集、设计补充说明、招标文件、政府相关文件及规范等其它资料，满足验收要求","1. 部位：大包间、茶艺室等\n4. 面层材料品种、规格、颜色：1.2mm仿铜不锈钢（MT-B04）\n5. 防护材料种类：所有装修用木材均应进行防火、防腐处理\n6. 施工时面层颜色、样式由甲方和设计单位确认选样，投标人综合考虑报价，加工、切割、折边、损耗等不另计，中标后综合单价不予调整\n7. 未尽事宜详见设计图纸、图集、设计补充说明、招标文件、政府相关文件及规范等其它资料，满足验收要求","不锈钢及玻璃制品","1包","m2",1.23,381.5,469.24,74,"按深化节点图与实际的展开面积计算（见光面）",1.23,550,676.5,"m2",1.23,676.5,0,{"v":1,"d":"1.00"},true,207.26]
[217,"5#","工程名称：5#-公区",102,"WB011105006002","成品踢脚线","1. 部位：门斗、大堂、多功能厅、茶艺室、娱乐室、书法室、包间等\n2. 踢脚线高度：50mm高\n3．基层材料种类、规格：12mm阻燃夹板\n4．面层材料品种、规格、颜色：1.2mm仿铜不锈钢（MT-B04)\n5．施工时面层颜色、样式由甲方和设计单位确认选样，投标人综合考虑报价，加工、切割、折边、损耗等不另计，中标后综合单价不予调整\n6．未尽事宜详见设计图纸、图集、设计补充说明、招标文件、政府相关文件及规范等其它资料，满足验收要求","1. 部位：门斗、大堂、多功能厅、茶艺室、娱乐室、书法室、包间等\n2. 踢脚线高度：50mm高\n4．面层材料品种、规格、颜色：1.2mm仿铜不锈钢（MT-B04)\n5．施工时面层颜色、样式由甲方和设计单位确认选样，投标人综合考虑报价，加工、切割、折边、损耗等不另计，中标后综合单价不予调整\n6．未尽事宜详见设计图纸、图集、设计补充说明、招标文件、政府相关文件及规范等其它资料，满足验收要求","不锈钢及玻璃制品","1包","m",308.45,43.6,13448.42,102,"按现场实际发生量长度计算",345,45,15525,"m",308.45,13880.25,36.55000000000001,{"v":1.118495704328092,"d":"1.12"},true,2076.58]
[218,"5#","工程名称：5#-公区",127,11207001030,"墙面装饰板","1．部位：会见厅、多功能厅、包间等\n2．龙骨材料种类、规格：热镀锌钢龙骨（不分规格型号，投标人综合考虑），内塞50mm厚岩棉(容重80kg/m3)\n3．基层材料种类、规格：双层9mm阻燃板\n4. 面层材料品种、规格、颜色：1.2mm仿铜不锈钢（MT-B04）\n5．防护材料种类：所有装修用木基层均应进行防火、防腐处理\n6. 施工时面层颜色、样式由甲方和设计单位确认选样，投标人综合考虑报价，加工、切割、折边、损耗等不另计，中标后综合单价不予调整\n7．未尽事宜详见设计图纸、图集、设计补充说明、招标文件、政府相关文件及规范等其它资料，满足验收要求","1．部位：会见厅、多功能厅、包间等\n4. 面层材料品种、规格、颜色：1.2mm仿铜不锈钢（MT-B04）\n5．防护材料种类：所有装修用木基层均应进行防火、防腐处理\n6. 施工时面层颜色、样式由甲方和设计单位确认选样，投标人综合考虑报价，加工、切割、折边、损耗等不另计，中标后综合单价不予调整\n7．未尽事宜详见设计图纸、图集、设计补充说明、招标文件、政府相关文件及规范等其它资料，满足验收要求","不锈钢及玻璃制品","1包","m2",80.27,354.25,28435.65,127,"按深化节点图与实际的展开面积计算（见光面）",72.5,550,39875,"m2",72.5,39875,-7.769999999999996,{"v":0.903201694281799,"d":"0.90"},true,11439.349999999999]
[219,"5#","工程名称：5#-公区",128,11207001031,"墙面装饰板","1．部位：会见厅、多功能厅、包间等\n2．龙骨材料种类、规格：热镀锌钢龙骨（不分规格型号，投标人综合考虑），内塞50mm厚岩棉(容重80kg/m3)\n3．基层材料种类、规格：9mm阻燃板\n4. 面层材料品种、规格、颜色：1.2mm仿铜不锈钢（MT-B04）\n5．防护材料种类：所有装修用木基层均应进行防火、防腐处理\n6. 施工时面层颜色、样式由甲方和设计单位确认选样，投标人综合考虑报价，加工、切割、折边、损耗等不另计，中标后综合单价不予调整\n7．未尽事宜详见设计图纸、图集、设计补充说明、招标文件、政府相关文件及规范等其它资料，满足验收要求","1．部位：会见厅、多功能厅、包间等\n4. 面层材料品种、规格、颜色：1.2mm仿铜不锈钢（MT-B04）\n5．防护材料种类：所有装修用木基层均应进行防火、防腐处理\n6. 施工时面层颜色、样式由甲方和设计单位确认选样，投标人综合考虑报价，加工、切割、折边、损耗等不另计，中标后综合单价不予调整\n7．未尽事宜详见设计图纸、图集、设计补充说明、招标文件、政府相关文件及规范等其它资料，满足验收要求","不锈钢及玻璃制品","1包","m2",41.14,354.25,14573.84,128,"按深化节点图与实际的展开面积计算（见光面）",34.5,550,18975,"m2",34.5,18975,-6.640000000000001,{"v":0.8385999027710258,"d":"0.84"},true,4401.16]
[220,"5#","工程名称：5#-公区",129,11207001032,"墙面装饰板","1.部位：多功能厅等\n2.龙骨材料种类、规格：热镀锌钢龙骨（不分规格型号，投标人综合考虑），内塞50mm厚岩棉(容重80kg/m3)\n3.基层材质种类、规格：15mm阻燃夹板+18mm阻燃夹板\n4.面层材料品种、规格、颜色：1.2mm仿铜不锈钢（MT-B04）\n5.防护材料种类：所有装修用木材均应进行防火、防腐处理\n6.施工时面层颜色、样式由甲方和设计单位确认选样，投标人综合考虑报价，加工、切割、折边、损耗等不另计，中标后综合单价不予调整\n7.未尽事宜详见设计图纸、图集、设计补充说明、招标文件、政府相关文件及规范等其它资料，满足验收要求","1.部位：多功能厅等\n4.面层材料品种、规格、颜色：1.2mm仿铜不锈钢（MT-B04）\n5.防护材料种类：所有装修用木材均应进行防火、防腐处理\n6.施工时面层颜色、样式由甲方和设计单位确认选样，投标人综合考虑报价，加工、切割、折边、损耗等不另计，中标后综合单价不予调整\n7.未尽事宜详见设计图纸、图集、设计补充说明、招标文件、政府相关文件及规范等其它资料，满足验收要求","不锈钢及玻璃制品","1包","m2",9.23,354.25,3269.73,129,"按深化节点图与实际的展开面积计算（见光面）",9.23,550,5076.5,"m2",9.23,5076.5,0,{"v":1,"d":"1.00"},true,1806.77]
[221,"5#","工程名称：5#-公区",130,11207001033,"墙面装饰板","1.部位：大包间等\n2.龙骨材质种类、规格：木龙骨，阻燃处理\n3.基层材质种类、规格：双层9mm阻燃夹板\n4.面层材料品种、规格、颜色：1.2mm仿铜不锈钢（MT-B04）\n5.防护材料种类：所有装修用木材均应进行防火、防腐处理\n6.施工时面层颜色、样式由甲方和设计单位确认选样，投标人综合考虑报价，加工、切割、折边、损耗等不另计，中标后综合单价不予调整\n7.未尽事宜详见设计图纸、图集、设计补充说明、招标文件、政府相关文件及规范等其它资料，满足验收要求","1.部位：大包间等\n4.面层材料品种、规格、颜色：1.2mm仿铜不锈钢（MT-B04）\n5.防护材料种类：所有装修用木材均应进行防火、防腐处理\n6.施工时面层颜色、样式由甲方和设计单位确认选样，投标人综合考虑报价，加工、切割、折边、损耗等不另计，中标后综合单价不予调整\n7.未尽事宜详见设计图纸、图集、设计补充说明、招标文件、政府相关文件及规范等其它资料，满足验收要求","不锈钢及玻璃制品","1包","m2",12.67,354.25,4488.35,130,"按深化节点图与实际的展开面积计算（见光面）",23.6,550,12980,"m2",23.6,12980,10.930000000000001,{"v":1.8626677190213103,"d":"1.86"},true,8491.65]
[222,"5#","工程名称：5#-公区",131,11207001034,"墙面装饰板","1. 部位：茶室卫生间、包间卫生间\n2. 龙骨材料种类、规格：热镀锌钢龙骨（不分规格型号，投标人综合考虑）\n3. 基层材料种类、规格：9mm硅酸钙板\n4. 面层材料品种、规格、颜色：1.2mm仿铜不锈钢（MT-B04）\n5. 施工时面层颜色、样式由甲方和设计单位确认选样，投标人综合考虑报价，加工、切割、折边、损耗等不另计，中标后综合单价不予调整\n6. 未尽事宜详见设计图纸、图集、设计补充说明、招标文件、政府相关文件及规范等其它资料，满足验收要求","1. 部位：茶室卫生间、包间卫生间\n4. 面层材料品种、规格、颜色：1.2mm仿铜不锈钢（MT-B04）\n5. 施工时面层颜色、样式由甲方和设计单位确认选样，投标人综合考虑报价，加工、切割、折边、损耗等不另计，中标后综合单价不予调整\n6. 未尽事宜详见设计图纸、图集、设计补充说明、招标文件、政府相关文件及规范等其它资料，满足验收要求","不锈钢及玻璃制品","1包","m2",3.43,354.25,1215.08,131,"按深化节点图与实际的展开面积计算（见光面）",3.74,550,2057,"m2",3.74,2057,0.31000000000000005,{"v":1.0903790087463556,"d":"1.09"},true,841.9200000000001]
[223,"5#","工程名称：5#-公区",132,11207001035,"墙面装饰板","1.部位：会见厅\n2.龙骨材料种类、规格：50系轻钢龙骨\n3.基层材料种类、规格：双层9mm阻燃夹板\n4.面层材料品种、规格、颜色：1.2mm仿铜覆膜不锈钢（MT-B03）\n5.防护材料种类：所有装修用木材均应进行防火、防腐处理\n6.施工时面层颜色、样式由甲方和设计单位确认选样，投标人综合考虑报价，加工、切割、折边、损耗等不另计，中标后综合单价不予调整\n7.未尽事宜详见设计图纸、图集、设计补充说明、招标文件、政府相关文件及规范等其它资料，满足验收要求","1.部位：会见厅\n4.面层材料品种、规格、颜色：1.2mm仿铜覆膜不锈钢（MT-B03）\n5.防护材料种类：所有装修用木材均应进行防火、防腐处理\n6.施工时面层颜色、样式由甲方和设计单位确认选样，投标人综合考虑报价，加工、切割、折边、损耗等不另计，中标后综合单价不予调整\n7.未尽事宜详见设计图纸、图集、设计补充说明、招标文件、政府相关文件及规范等其它资料，满足验收要求","不锈钢及玻璃制品","1包","m2",11.67,354.25,4134.1,132,"按深化节点图与实际的展开面积计算（见光面）",11.67,550,6418.5,"m2",11.67,6418.5,0,{"v":1,"d":"1.00"},true,2284.3999999999996]
[224,"5#","工程名称：5#-公区",133,11207001036,"墙面装饰板","1.工程部位：会见厅\n2.龙骨材料种类、规格：热镀锌钢龙骨（不分规格型号，投标人综合考虑），内塞50mm厚岩棉(容重80kg/m3)\n3.基层材料种类、规格：15mm阻燃夹板+12mm阻燃夹板\n4.面层材料品种、规格、颜色：1.2mm仿铜覆膜不锈钢（MT-B03）\n5.防护材料种类：所有装修用木材均应进行防火、防腐处理\n6.施工时面层颜色、样式由甲方和设计单位确认选样，投标人综合考虑报价，加工、切割、折边、损耗等不另计，中标后综合单价不予调整\n7.未尽事宜详见设计图纸、图集、设计补充说明、招标文件、政府相关文件及规范等其它资料，满足验收要求","1.工程部位：会见厅\n4.面层材料品种、规格、颜色：1.2mm仿铜覆膜不锈钢（MT-B03）\n5.防护材料种类：所有装修用木材均应进行防火、防腐处理\n6.施工时面层颜色、样式由甲方和设计单位确认选样，投标人综合考虑报价，加工、切割、折边、损耗等不另计，中标后综合单价不予调整\n7.未尽事宜详见设计图纸、图集、设计补充说明、招标文件、政府相关文件及规范等其它资料，满足验收要求","不锈钢及玻璃制品","1包","m2",18.94,354.25,6709.49,133,"按深化节点图与实际的展开面积计算（见光面）",18.94,550,10417,"m2",18.94,10417,0,{"v":1,"d":"1.00"},true,3707.51]
[225,"5#","工程名称：5#-公区",134,11207001037,"墙面装饰板","1. 部位：茶室卫生间、包间卫生间\n2. 龙骨材料种类、规格：热镀锌钢龙骨（不分规格型号，投标人综合考虑）\n3. 基层材料种类、规格：9mm硅酸钙板，局部双层\n4. 面层材料品种、规格、颜色：1.2mm仿木纹覆膜不锈钢（MT-B02）\n5. 施工时面层颜色、样式由甲方和设计单位确认选样，投标人综合考虑报价，加工、切割、折边、损耗等不另计，中标后综合单价不予调整\n6. 未尽事宜详见设计图纸、图集、设计补充说明、招标文件、政府相关文件及规范等其它资料，满足验收要求","1. 部位：茶室卫生间、包间卫生间\n4. 面层材料品种、规格、颜色：1.2mm仿木纹覆膜不锈钢（MT-B02）\n5. 施工时面层颜色、样式由甲方和设计单位确认选样，投标人综合考虑报价，加工、切割、折边、损耗等不另计，中标后综合单价不予调整\n6. 未尽事宜详见设计图纸、图集、设计补充说明、招标文件、政府相关文件及规范等其它资料，满足验收要求","不锈钢及玻璃制品","1包","m2",11.78,354.25,4173.06,134,"按深化节点图与实际的展开面积计算（见光面）",11.92,570,6794.4,"m2",11.92,6794.4,0.14000000000000057,{"v":1.0118845500848896,"d":"1.01"},true,2621.3399999999992]
[226,"5#","工程名称：5#-公区",139,11210002002,"造型屏风","1.部位：大包间\n2.龙骨材质种类、规格：热镀锌钢龙骨（不分规格型号，投标人综合考虑）\n3.基层材质种类、规格：9mm阻燃夹板+12mm阻燃夹板+7mm阻燃夹板+5mm阻燃夹板等多种基层材质\n4.隔断面层：布艺硬包(5)（WC-B05）+仿铜不锈钢（MT-B04）+哑光烤漆玻璃（GL-B02）+仿铜不锈钢格栅造型等\n5.防护材料种类：所有装修用木材均应进行防火、防腐处理\n6.施工时面层颜色、样式由甲方和设计单位确认选样，投标人综合考虑报价，加工、切割、折边、损耗等不另计，中标后综合单价不予调整\n7.未尽事宜详见设计图纸、图集、设计补充说明、招标文件、政府相关文件及规范等其它资料，满足验收要求","1.部位：大包间\n4.隔断面层：布艺硬包(5)（WC-B05）+仿铜不锈钢（MT-B04）+哑光烤漆玻璃（GL-B02）+仿铜不锈钢格栅造型等\n5.防护材料种类：所有装修用木材均应进行防火、防腐处理\n6.施工时面层颜色、样式由甲方和设计单位确认选样，投标人综合考虑报价，加工、切割、折边、损耗等不另计，中标后综合单价不予调整\n7.未尽事宜详见设计图纸、图集、设计补充说明、招标文件、政府相关文件及规范等其它资料，满足验收要求","不锈钢及玻璃制品","1包","m2",34.48,3242.75,111810.02,139,"按投影面积",34.4,2250,77400,"m2",34.48,77580,-0.0799999999999983,{"v":0.9976798143851509,"d":"1.00"},true,-34410.020000000004]
[227,"5#","工程名称：5#-公区",140,11210006001,"玻璃隔断","1. 部位：中包间\n2. 龙骨材料种类、规格：热镀锌钢龙骨（不分规格型号，投标人综合考虑）\n3. 基层材料种类、规格：9mm阻燃夹板\n4. 隔断面层：8mm长虹玻璃（GL-B01）+1.2mm仿古铜不锈钢（MT-B04）\n5. 防护材料种类：所有装修用木基层均应进行防火、防腐处理\n6. 施工时面层颜色、样式由甲方和设计单位确认选样，投标人综合考虑报价，加工、切割、折边、损耗等不另计，中标后综合单价不予调整\n7. 未尽事宜详见设计图纸、图集、设计补充说明、招标文件、政府相关文件及规范等其它资料，满足验收要求","1. 部位：中包间\n4. 隔断面层：8mm长虹玻璃（GL-B01）+1.2mm仿古铜不锈钢（MT-B04）\n5. 防护材料种类：所有装修用木基层均应进行防火、防腐处理\n6. 施工时面层颜色、样式由甲方和设计单位确认选样，投标人综合考虑报价，加工、切割、折边、损耗等不另计，中标后综合单价不予调整\n7. 未尽事宜详见设计图纸、图集、设计补充说明、招标文件、政府相关文件及规范等其它资料，满足验收要求","不锈钢及玻璃制品","1包","m2",10.24,926.5,9487.36,140,"按投影面积",10.4,500,5200,"m2",10.24,5120,0.16000000000000014,{"v":1.015625,"d":"1.02"},true,-4287.360000000001]
[228,"5#","工程名称：5#-公区",141,11210006002,"卫生间隔断","1. 部位：公区卫生间\n2. 龙骨材料种类、规格：热镀锌钢龙骨（不分规格型号，投标人综合考虑），底部C20混凝土导墙不另列，报价综合考虑\n3. 基层材料种类、规格：12mm硅酸钙板基层，门扇基层为细木工板+12mm硅酸钙板\n4. 面层材料品种、规格、颜色：双面10mm厚仿木纹防火板（WD-B08），50mm高仿铜不锈钢踢脚线（MT-B04），门上顶面仿铜不锈钢包边(MT-B04）\n5. 施工时面层颜色、样式由甲方和设计单位确认选样，投标人综合考虑报价，加工、切割、折边、损耗等不另计，中标后综合单价不予调整\n6. 未尽事宜详见设计图纸、图集、设计补充说明、招标文件、政府相关文件及规范等其它资料，满足验收要求","1. 部位：公区卫生间\n4. 面层材料品种、规格、颜色：50mm高仿铜不锈钢踢脚线（MT-B04），门上顶面仿铜不锈钢包边(MT-B04）\n5. 施工时面层颜色、样式由甲方和设计单位确认选样，投标人综合考虑报价，加工、切割、折边、损耗等不另计，中标后综合单价不予调整\n6. 未尽事宜详见设计图纸、图集、设计补充说明、招标文件、政府相关文件及规范等其它资料，满足验收要求","不锈钢及玻璃制品","1包","m2",27.92,131.27,3665.02,141,"按深化节点图与实际的展开面积计算（见光面）",27.92,570,15914.400000000001,"m2",27.92,15914.400000000001,0,{"v":1,"d":"1.00"},true,12249.380000000001]
[229,"5#","工程名称：5#-公区",144,"WB011302005007","天棚不锈钢板","1. 部位：会见室灯箱包边\n4. 基层材料种类、规格：双层9mm硅酸钙板\n5. 面层材料品种、规格、颜色:1.2mm仿铜不锈钢（MT-B04）\n6. 施工时面层颜色、样式由甲方和设计单位确认选样，切割等加工费不另计，投标人综合考虑报价，中标后综合单价不予调整\n7. 未尽事宜详见设计图纸、图集、设计补充说明、招标文件、政府相关文件及规范等其它资料，满足验收要求","1. 部位：会见室灯箱包边\n5. 面层材料品种、规格、颜色:1.2mm仿铜不锈钢（MT-B04）\n6. 施工时面层颜色、样式由甲方和设计单位确认选样，切割等加工费不另计，投标人综合考虑报价，中标后综合单价不予调整\n7. 未尽事宜详见设计图纸、图集、设计补充说明、招标文件、政府相关文件及规范等其它资料，满足验收要求","不锈钢及玻璃制品","1包","m2",12.65,354.25,4481.26,144,"按深化节点图与实际的展开面积计算（见光面）",12.65,550,6957.5,"m2",12.65,6957.5,0,{"v":1,"d":"1.00"},true,2476.24]
[230,"5#","工程名称：5#-公区",145,11302002001,"天棚格栅吊顶","1. 部位：多功能厅\n2. 吊杆种类、规格：φ8热镀锌钢筋吊杆间距@≤1200mm\n3. 龙骨材料种类、规格：，CS60主龙骨间距@≤1200mm，C50*20*0.6次龙骨间距@400mm，配套U型龙骨\n4. 面层材料品种、规格、颜色：100mm高*50mm宽*2mm@50mm仿铜不锈钢定制百叶（MT-B07）\n5.含检修口制安，以及配套设施开孔、加固\n6.施工时面层颜色、样式由甲方和设计单位确认选样，投标人综合考虑报价，加工、切割、折边、损耗等不另计，中标后综合单价不予调整\n7 .未尽事宜详见设计图纸、图集、设计补充说明、招标文件、政府相关文件及规范等其它资料，满足验收要求","1. 部位：多功能厅\n4. 面层材料品种、规格、颜色：100mm高*50mm宽*2mm@50mm仿铜不锈钢定制百叶（MT-B07）\n5.含检修口制安，以及配套设施开孔、加固\n6.施工时面层颜色、样式由甲方和设计单位确认选样，投标人综合考虑报价，加工、切割、折边、损耗等不另计，中标后综合单价不予调整\n7 .未尽事宜详见设计图纸、图集、设计补充说明、招标文件、政府相关文件及规范等其它资料，满足验收要求","不锈钢及玻璃制品","1包","m2",46.12,1000.62,46148.59,145,"按投影面积",46.12,1880,86705.59999999999,"m2",46.12,86705.59999999999,0,{"v":1,"d":"1.00"},true,40557.009999999995]
[231,"5#","工程名称：5#-公区",146,"WB011302005008","天棚不锈钢板","1.部位：多功能厅\n2.龙骨材质种类、规格：热镀锌钢龙骨（不分规格型号，投标人综合考虑）\n3.基层材质种类、规格：双层9mm硅酸钙板\n4.面层材料品种、规格、颜色：1.2mm拉丝黑钢（MT-B12）\n5.含检修口制安，以及配套设施开孔、加固\n6.施工时面层颜色、样式由甲方和设计单位确认选样，投标人综合考虑报价，加工、切割、折边、损耗等不另计，中标后综合单价不予调整\n7.未尽事宜详见设计图纸、图集、设计补充说明、招标文件、政府相关文件及规范等其它资料，满足验收要求","1.部位：多功能厅\n4.面层材料品种、规格、颜色：1.2mm拉丝黑钢（MT-B12）\n5.含检修口制安，以及配套设施开孔、加固\n6.施工时面层颜色、样式由甲方和设计单位确认选样，投标人综合考虑报价，加工、切割、折边、损耗等不另计，中标后综合单价不予调整\n7.未尽事宜详见设计图纸、图集、设计补充说明、招标文件、政府相关文件及规范等其它资料，满足验收要求","不锈钢及玻璃制品","1包","m2",29.85,354.25,10574.36,146,"按深化节点图与实际的展开面积计算（见光面）",29.85,550,16417.5,"m2",29.85,16417.5,0,{"v":1,"d":"1.00"},true,5843.139999999999]
[232,"5#","工程名称：5#-公区",147,"WB011302005009","天棚不锈钢板","1.部位：多功能厅\n2.龙骨材质种类、规格：热镀锌钢龙骨（不分规格型号，投标人综合考虑）\n3.基层材质种类、规格：9mm硅酸钙板\n4.面层材料品种、规格、颜色：1.2mm拉丝黑钢（MT-B12）\n5.含检修口制安，以及配套设施开孔、加固\n6.施工时面层颜色、样式由甲方和设计单位确认选样，投标人综合考虑报价，加工、切割、折边、损耗等不另计，中标后综合单价不予调整\n7.未尽事宜详见设计图纸、图集、设计补充说明、招标文件、政府相关文件及规范等其它资料，满足验收要求","1.部位：多功能厅\n4.面层材料品种、规格、颜色：1.2mm拉丝黑钢（MT-B12）\n5.含检修口制安，以及配套设施开孔、加固\n6.施工时面层颜色、样式由甲方和设计单位确认选样，投标人综合考虑报价，加工、切割、折边、损耗等不另计，中标后综合单价不予调整\n7.未尽事宜详见设计图纸、图集、设计补充说明、招标文件、政府相关文件及规范等其它资料，满足验收要求","不锈钢及玻璃制品","1包","m2",40.19,354.25,14237.31,147,"按深化节点图与实际的展开面积计算（见光面）",40.19,550,22104.5,"m2",40.19,22104.5,0,{"v":1,"d":"1.00"},true,7867.1900000000005]
[233,"5#","工程名称：5#-公区",154,"WB011302005016","天棚不锈钢板","1. 部位：娱乐室、书法室、茶艺室、中包间、大包间等\n2. 吊杆种类、规格：φ8热镀锌钢筋吊杆间距@≤1200mm，\n3. 龙骨材料种类、规格：CS60主龙骨吊件，CS60主龙骨间距@≤1200mm，C50*20*0.6次龙骨间距@400mm，局部钢龙骨加固\n4. 基层材料种类、规格：双层9mm硅酸钙板\n5. 面层材料品种、规格、颜色:1.2mm仿木纹覆膜不锈钢（MT-B02）\n6.含检修口制安，以及配套设施开孔、加固\n7.施工时面层颜色、样式由甲方和设计单位确认选样，投标人综合考虑报价，加工、切割、折边、损耗等不另计，中标后综合单价不予调整\n8. 未尽事宜详见设计图纸、图集、设计补充说明、招标文件、政府相关文件及规范等其它资料，满足验收要求","1. 部位：娱乐室、书法室、茶艺室、中包间、大包间等\n5. 面层材料品种、规格、颜色:1.2mm仿木纹覆膜不锈钢（MT-B02）\n6.含检修口制安，以及配套设施开孔、加固\n7.施工时面层颜色、样式由甲方和设计单位确认选样，投标人综合考虑报价，加工、切割、折边、损耗等不另计，中标后综合单价不予调整\n8. 未尽事宜详见设计图纸、图集、设计补充说明、招标文件、政府相关文件及规范等其它资料，满足验收要求","不锈钢及玻璃制品","1包","m2",193.17,354.25,68430.47,154,"按深化节点图与实际的展开面积计算（见光面）",195.1,570,111207,"m2",195.1,111207,1.9300000000000068,{"v":1.0099911994616142,"d":"1.01"},true,42776.53]
[234,"5#","工程名称：5#-公区",155,"WB011302005017","天棚不锈钢板","1.部位：会见厅、小包间等\n2.龙骨材料种类、规格：热镀锌钢龙骨（不分规格型号，投标人综合考虑）\n3.基层材料种类、规格：双层9mm硅酸钙板\n4.面层材料品种、规格、颜色:1.2mm仿木纹覆膜不锈钢（MT-B02）\n5.施工时面层颜色、样式由甲方和设计单位确认选样，投标人综合考虑报价，加工、切割、折边、损耗等不另计，中标后综合单价不予调整\n6.未尽事宜详见设计图纸、图集、设计补充说明、招标文件、政府相关文件及规范等其它资料，满足验收要求","1.部位：会见厅、小包间等\n4.面层材料品种、规格、颜色:1.2mm仿木纹覆膜不锈钢（MT-B02）\n5.施工时面层颜色、样式由甲方和设计单位确认选样，投标人综合考虑报价，加工、切割、折边、损耗等不另计，中标后综合单价不予调整\n6.未尽事宜详见设计图纸、图集、设计补充说明、招标文件、政府相关文件及规范等其它资料，满足验收要求","不锈钢及玻璃制品","1包","m2",20.03,354.25,7095.63,155,"按深化节点图与实际的展开面积计算（见光面）",33,570,18810,"m2",33,18810,12.969999999999999,{"v":1.6475287069395905,"d":"1.65"},true,11714.369999999999]
[235,"5#","工程名称：5#-公区",156,"WB011302005018","天棚不锈钢板","1.部位：娱乐室、书法室、会见厅等\n2.基层类型：9mm硅酸钙板\n3.面层材料品种、规格、颜色:1.2mm仿木纹覆膜不锈钢（MT-B02）\n4.施工时面层颜色、样式由甲方和设计单位确认选样，投标人综合考虑报价，加工、切割、折边、损耗等不另计，中标后综合单价不予调整\n5.未尽事宜详见设计图纸、图集、设计补充说明、招标文件、政府相关文件及规范等其它资料，满足验收要求","1.部位：娱乐室、书法室、会见厅等\n3.面层材料品种、规格、颜色:1.2mm仿木纹覆膜不锈钢（MT-B02）\n4.施工时面层颜色、样式由甲方和设计单位确认选样，投标人综合考虑报价，加工、切割、折边、损耗等不另计，中标后综合单价不予调整\n5.未尽事宜详见设计图纸、图集、设计补充说明、招标文件、政府相关文件及规范等其它资料，满足验收要求","不锈钢及玻璃制品","1包","m2",11.79,354.25,4176.61,156,"按深化节点图与实际的展开面积计算（见光面）",11.79,570,6720.299999999999,"m2",11.79,6720.299999999999,0,{"v":1,"d":"1.00"},true,2543.6899999999996]
[236,"5#","工程名称：5#-公区",165,11502001005,"金属装饰条","1．部位：门楣、包间、卫生间等收边、嵌条\n2．嵌条材料品种、规格、颜色：1.2mm仿铜不锈钢(MT-B04)，展开宽度60mm以内\n3．施工时面层颜色、样式由甲方和设计单位确认选样，投标人综合考虑报价，加工、切割、折边、损耗等不另计，中标后综合单价不予调整\n4．未尽事宜详见设计图纸、图集、设计补充说明、招标文件、政府相关文件及规范等其它资料，满足验收要求","1．部位：门楣、包间、卫生间等收边、嵌条\n2．嵌条材料品种、规格、颜色：1.2mm仿铜不锈钢(MT-B04)，展开宽度60mm以内\n3．施工时面层颜色、样式由甲方和设计单位确认选样，投标人综合考虑报价，加工、切割、折边、损耗等不另计，中标后综合单价不予调整\n4．未尽事宜详见设计图纸、图集、设计补充说明、招标文件、政府相关文件及规范等其它资料，满足验收要求","不锈钢及玻璃制品","1包","m",70.13,43.6,3057.67,165,"按现场实际发生量长度计算",86,50,4300,"m",70.13,3506.5,15.870000000000005,{"v":1.2262940253814345,"d":"1.23"},true,1242.33]
[237,"5#","工程名称：5#-公区",166,11502001006,"金属装饰条","1．部位：包间及玄关墙面、顶角等收边、嵌条\n2．嵌条材料品种、规格、颜色：1.2mm仿铜不锈钢(MT-B04)，展开宽度60~100mm以内\n3．施工时面层颜色、样式由甲方和设计单位确认选样，投标人综合考虑报价，加工、切割、折边、损耗等不另计，中标后综合单价不予调整\n4．未尽事宜详见设计图纸、图集、设计补充说明、招标文件、政府相关文件及规范等其它资料，满足验收要求。","1．部位：包间及玄关墙面、顶角等收边、嵌条\n2．嵌条材料品种、规格、颜色：1.2mm仿铜不锈钢(MT-B04)，展开宽度60~100mm以内\n3．施工时面层颜色、样式由甲方和设计单位确认选样，投标人综合考虑报价，加工、切割、折边、损耗等不另计，中标后综合单价不予调整\n4．未尽事宜详见设计图纸、图集、设计补充说明、招标文件、政府相关文件及规范等其它资料，满足验收要求。","不锈钢及玻璃制品","1包","m",117.48,59.95,7042.93,166,"按现场实际发生量长度计算",125,60,7500,"m",117.48,7048.8,7.519999999999996,{"v":1.0640108954715697,"d":"1.06"},true,457.0699999999997]
[238,"5#","工程名称：5#-公区",168,11502001007,"金属装饰条","1.部位：多功能厅\n2.基层类型：阻燃板\n3.面层材料品种、规格、颜色：5mm宽实心铜条饰面，展开尺寸：20+5+20mm\n4.未尽事宜详见设计图纸、图集、设计补充说明、招标文件、政府相关文件及规范等其它资料，满足验收要求","1.部位：多功能厅\n3.面层材料品种、规格、颜色：5mm宽实心铜条饰面，展开尺寸：20+5+20mm\n4.未尽事宜详见设计图纸、图集、设计补充说明、招标文件、政府相关文件及规范等其它资料，满足验收要求","不锈钢及玻璃制品","1包","m",178.8,43.6,7795.68,168,"按现场实际发生量长度计算",188,165,31020,"m",178.8,29502.000000000004,9.199999999999989,{"v":1.0514541387024607,"d":"1.05"},true,23224.32]
[239,"5#","工程名称：5#-公区",172,"WB011501001007","衣柜","1．部位：大包厢等\n2．规格：700mm宽以内\n3．龙骨材料种类、规格：热镀锌钢龙骨（不分规格型号，投标人综合考虑）+底部木龙骨调平等多种龙骨\n4．基层板材料种类、规格：15mm阻燃夹板等基层类型及厚度综合考虑\n5．材料种类：12mm深橡木饰面（WD-B01）、抽屉柜、不锈钢门把手、不锈钢踢脚线等\n6．五金种类、规格：单价包含五金合页、抽屉滑轨、阻尼隔振胶垫、暗藏灯槽等\n7．按照立面投影面积计算\n8．防护材料种类：所有装修用木基层均应进行防火、防腐处理\n9．施工时面层颜色、样式由甲方和设计单位确认选样，加工、排版损耗等不另计，投标人综合考虑报价，中标后综合单价不予调整\n10．未尽事宜详见设计图纸、图集、设计补充说明、招标文件、政府相关文件及规范等其它资料，满足验收要求","1．部位：大包厢等\n2．规格：700mm宽以内\n5．材料种类：不锈钢踢脚线等\n7．按照立面投影面积计算\n8．防护材料种类：所有装修用木基层均应进行防火、防腐处理\n9．施工时面层颜色、样式由甲方和设计单位确认选样，加工、排版损耗等不另计，投标人综合考虑报价，中标后综合单价不予调整\n10．未尽事宜详见设计图纸、图集、设计补充说明、招标文件、政府相关文件及规范等其它资料，满足验收要求","不锈钢及玻璃制品","1包","m2",13.92,22.55,313.93,172,"按现场实际发生量长度计算",6.21,45,279.45,"m",6.21,279.45,-7.71,{"v":0.44612068965517243,"d":"0.45"},true,-34.48000000000002]
[240,"5#","工程名称：5#-公区",174,"WB011501001009","洗手台+柜体","1. 部位：会见厅、大包间\n2. 规格尺寸：600mm宽*850mm高*长详见设计文件\n3. 龙骨材料种类、规格：热镀锌钢龙骨（不分规格型号，投标人综合考虑）\n4. 基层材料种类、规格：12mm硅酸钙板\n5. 面层材料品种、规格、颜色：18mm雪花白大理石（ST-B10）台面，10mm仿木纹防火板饰面(WD-B08）、1.2mm仿铜不锈钢（MT-B04）+防火板饰面及柜体、50mm高不锈钢踢脚线等\n6. 所有石材材料在施工前须做六面防护处理,石材结晶，以保证防水、防腐、防污、防油\n7. 施工时面层颜色、样式由甲方和设计单位确认选样，倒角，磨边、切割等加工费不另计，投标人综合考虑报价，中标后综合单价不予调整\n8. 未尽事宜详见设计图纸、图集、设计补充说明、招标文件、政府相关文件及规范等其它资料，满足验收要求","1. 部位：会见厅、大包间\n2. 规格尺寸：600mm宽*850mm高*长详见设计文件\n5. 面层材料品种、规格、颜色：50mm高不锈钢踢脚线等\n7. 施工时面层颜色、样式由甲方和设计单位确认选样，倒角，磨边、切割等加工费不另计，投标人综合考虑报价，中标后综合单价不予调整\n8. 未尽事宜详见设计图纸、图集、设计补充说明、招标文件、政府相关文件及规范等其它资料，满足验收要求","不锈钢及玻璃制品","1包","m",5.22,57.8,301.73,174,"按现场实际发生量长度计算",8,45,360,"m",8,360,2.7800000000000002,{"v":1.5325670498084292,"d":"1.53"},true,58.26999999999998]
[241,"5#","工程名称：5#-公区",175,"WB011501001010","镜柜","1. 部位：会见厅、大包间卫生间\n2. 龙骨材料种类、规格：热镀锌钢龙骨（不分规格型号，投标人综合考虑）+20*40mm木方（阻燃处理）等\n3. 基层材料种类、规格：12mm阻燃板\n4. 面层材料品种、规格、颜色：5mm银镜饰面（MR-B01）+1.2mm仿铜不锈钢（MT-B04）+四周不锈钢包边\n5. 防护材料种类：所有装修用木基层均应进行防火、防腐处理\n6. 施工时面层颜色、样式由甲方和设计单位确认选样，投标人综合考虑报价，加工、切割、折边、损耗等不另计，中标后综合单价不予调整\n7. 未尽事宜详见设计图纸、图集、设计补充说明、招标文件、政府相关文件及规范等其它资料，满足验收要求","1. 部位：会见厅、大包间卫生间\n4. 面层材料品种、规格、颜色：5mm银镜饰面（MR-B01）+1.2mm仿铜不锈钢（MT-B04）+四周不锈钢包边\n5. 防护材料种类：所有装修用木基层均应进行防火、防腐处理\n6. 施工时面层颜色、样式由甲方和设计单位确认选样，投标人综合考虑报价，加工、切割、折边、损耗等不另计，中标后综合单价不予调整\n7. 未尽事宜详见设计图纸、图集、设计补充说明、招标文件、政府相关文件及规范等其它资料，满足验收要求","不锈钢及玻璃制品","1包","m2",6.53,838.99,5478.64,175,"按投影面积",6.53,385,2514.05,"m2",6.53,2514.05,0,{"v":1,"d":"1.00"},true,-2964.59]
[242,"5#","工程名称：5#-公区",177,11207001039,"镜面玻璃","1. 部位：茶室、中小包间卫生间\n2. 龙骨材质种类、规格：镀锌钢龙骨（规格型号综合考虑）\n3. 基层材料种类、规格：18mm阻燃夹板，局部9mm阻燃夹板等\n4. 面层材料品种、规格、颜色：5mm银镜饰面（MR-B01）\n5. 四周仿铜不锈钢(MT-B04）金属包边\n6. 防护材料种类：所有装修用木材均应进行防火、防腐处理\n7．施工时面层颜色、样式由甲方和设计单位确认选样，加工、排版损耗等不另计，投标人综合考虑报价，中标后综合单价不予调整\n8．未尽事宜详见设计图纸、图集、设计补充说明、招标文件、政府相关文件及规范等其它资料，满足验收要求","1. 部位：茶室、中小包间卫生间\n4. 面层材料品种、规格、颜色：5mm银镜饰面（MR-B01）\n5. 四周仿铜不锈钢(MT-B04）金属包边\n6. 防护材料种类：所有装修用木材均应进行防火、防腐处理\n7．施工时面层颜色、样式由甲方和设计单位确认选样，加工、排版损耗等不另计，投标人综合考虑报价，中标后综合单价不予调整\n8．未尽事宜详见设计图纸、图集、设计补充说明、招标文件、政府相关文件及规范等其它资料，满足验收要求","不锈钢及玻璃制品","1包","m2",5.55,382.09,2120.59,177,"按投影面积",5.55,385,2136.75,"m2",5.55,2136.75,0,{"v":1,"d":"1.00"},true,16.159999999999854]
[243,"5#","工程名称：5#-公区",186,10808001009,"不锈钢门套","1. 部位：门套\n2. 龙骨材料种类、规格：热镀锌钢龙骨（不分规格型号，投标人综合考虑）\n3. 基层材料种类、规格：9mm阻燃夹板，局部双层\n4. 面层材料品种、规格、颜色：1.2mm黄古铜不锈钢（MT-A01）\n5. 防护材料种类：所有装修用木材均应进行防火、防腐处理\n6. 施工时面层颜色、样式由甲方和设计单位确认选样，投标人综合考虑报价，加工、切割、折边、损耗等不另计，中标后综合单价不予调整\n7. 未尽事宜详见设计图纸、图集、设计补充说明、招标文件、政府相关文件及规范等其它资料，满足验收要求","1. 部位：门套\n4. 面层材料品种、规格、颜色：1.2mm黄古铜不锈钢（MT-A01）\n5. 防护材料种类：所有装修用木材均应进行防火、防腐处理\n6. 施工时面层颜色、样式由甲方和设计单位确认选样，投标人综合考虑报价，加工、切割、折边、损耗等不另计，中标后综合单价不予调整\n7. 未尽事宜详见设计图纸、图集、设计补充说明、招标文件、政府相关文件及规范等其它资料，满足验收要求","不锈钢及玻璃制品","1包","m2",8.07,381.5,3078.7,186,"按深化节点图与实际的展开面积计算（见光面）",8.07,550,4438.5,"m2",8.07,4438.5,0,{"v":1,"d":"1.00"},true,1359.8000000000002]
[244,"5#","工程名称：5#-公区",196,"WB011105006003","成品踢脚线","1. 部位：客房走廊\n2. 踢脚线高度：50mm高\n3．基层材料种类、规格：12mm阻燃夹板，局部9mm阻燃夹板\n4．面层材料品种、规格、颜色：1.2mm黄古铜不锈钢踢脚线（MT-A01）\n5．施工时面层颜色、样式由甲方和设计单位确认选样，投标人综合考虑报价，加工、切割、折边、损耗等不另计，中标后综合单价不予调整\n6．未尽事宜详见设计图纸、图集、设计补充说明、招标文件、政府相关文件及规范等其它资料，满足验收要求","1. 部位：客房走廊\n2. 踢脚线高度：50mm高\n4．面层材料品种、规格、颜色：1.2mm黄古铜不锈钢踢脚线（MT-A01）\n5．施工时面层颜色、样式由甲方和设计单位确认选样，投标人综合考虑报价，加工、切割、折边、损耗等不另计，中标后综合单价不予调整\n6．未尽事宜详见设计图纸、图集、设计补充说明、招标文件、政府相关文件及规范等其它资料，满足验收要求","不锈钢及玻璃制品","1包","m",100.73,43.6,4391.83,196,"按现场实际发生量长度计算",115,45,5175,"m",100.73,4532.85,14.269999999999996,{"v":1.14166583937258,"d":"1.14"},true,783.1700000000001]
[245,"5#","工程名称：5#-公区",200,11207001041,"墙面装饰板","1. 部位：客房门牌基层\n2. 龙骨材料种类、规格：20*30mm木龙骨\n3. 基层材料种类、规格：9mm阻燃夹板\n4. 面层材料品种、规格、颜色：1.2mm黄古铜不锈钢（MT-A01）\n5. 防护材料种类：所有装修用木材均应进行防火、防腐处理\n6. 施工时面层颜色、样式由甲方和设计单位确认选样，投标人综合考虑报价，加工、切割、折边、损耗等不另计，中标后综合单价不予调整\n7. 未尽事宜详见设计图纸、图集、设计补充说明、招标文件、政府相关文件及规范等其它资料，满足验收要求","1. 部位：客房门牌基层\n4. 面层材料品种、规格、颜色：1.2mm黄古铜不锈钢（MT-A01）\n5. 防护材料种类：所有装修用木材均应进行防火、防腐处理\n6. 施工时面层颜色、样式由甲方和设计单位确认选样，投标人综合考虑报价，加工、切割、折边、损耗等不另计，中标后综合单价不予调整\n7. 未尽事宜详见设计图纸、图集、设计补充说明、招标文件、政府相关文件及规范等其它资料，满足验收要求","不锈钢及玻璃制品","1包","m2",3.02,354.25,1069.83,200,"按深化节点图与实际的展开面积计算（见光面）",3.02,550,1661,"m2",3.02,1661,0,{"v":1,"d":"1.00"},true,591.1700000000001]
[246,"5#","工程名称：5#-公区",201,11207001042,"墙面装饰板","1. 部位：客房走廊壁灯基层\n2. 龙骨材料种类、规格：20*30mm木龙骨等多种\n3. 基层材料种类、规格：9mm阻燃夹板\n4. 面层材料品种、规格、颜色：1.2mm黄古铜不锈钢（MT-A01）防指纹+灯槽处5mm磨砂玻璃（GL-A03）\n5. 防护材料种类：所有装修用木材均应进行防火、防腐处理\n6. 施工时面层颜色、样式由甲方和设计单位确认选样，投标人综合考虑报价，加工、切割、折边、损耗等不另计，中标后综合单价不予调整\n7. 未尽事宜详见设计图纸、图集、设计补充说明、招标文件、政府相关文件及规范等其它资料，满足验收要求","1. 部位：客房走廊壁灯基层\n4. 面层材料品种、规格、颜色：1.2mm黄古铜不锈钢（MT-A01）防指纹+灯槽处5mm磨砂玻璃（GL-A03）\n5. 防护材料种类：所有装修用木材均应进行防火、防腐处理\n6. 施工时面层颜色、样式由甲方和设计单位确认选样，投标人综合考虑报价，加工、切割、折边、损耗等不另计，中标后综合单价不予调整\n7. 未尽事宜详见设计图纸、图集、设计补充说明、招标文件、政府相关文件及规范等其它资料，满足验收要求","不锈钢及玻璃制品","1包","m2",1.14,354.25,403.84,201,"按深化节点图与实际的展开面积计算（见光面）",1.14,550,627,"m2",1.14,627,0,{"v":1,"d":"1.00"},true,223.16000000000003]
[247,"5#","工程名称：5#-公区",202,11207001043,"墙面装饰板","1. 部位：客房走廊\n2. 基层材料种类、规格：双层12mm阻燃夹板\n3. 面层材料种类、规格：1.2mm黄古铜不锈钢（MT-A01）\n4. 防护材料种类：所有装修用木材均应进行防火、防腐处理\n5. 施工时面层颜色、样式由甲方和设计单位确认选样，投标人综合考虑报价，加工、切割、折边、损耗等不另计，中标后综合单价不予调整\n6. 未尽事宜详见设计图纸、图集、设计补充说明、招标文件、政府相关文件及规范等其它资料，满足验收要求","1. 部位：客房走廊\n3. 面层材料种类、规格：1.2mm黄古铜不锈钢（MT-A01）\n4. 防护材料种类：所有装修用木材均应进行防火、防腐处理\n5. 施工时面层颜色、样式由甲方和设计单位确认选样，投标人综合考虑报价，加工、切割、折边、损耗等不另计，中标后综合单价不予调整\n6. 未尽事宜详见设计图纸、图集、设计补充说明、招标文件、政府相关文件及规范等其它资料，满足验收要求","不锈钢及玻璃制品","1包","m2",2.41,354.25,853.74,202,"按深化节点图与实际的展开面积计算（见光面）",2.41,550,1325.5,"m2",2.41,1325.5,0,{"v":1,"d":"1.00"},true,471.76]
[248,"5#","工程名称：5#-公区",215,11502001008,"金属装饰条","1．部位：过道暗门处收边、嵌条\n2．嵌条材料品种、规格、颜色：1.2mm黄古铜不锈钢（MT-A01），展开宽度60mm以内\n3．施工时面层颜色、样式由甲方和设计单位确认选样，投标人综合考虑报价，加工、切割、折边、损耗等不另计，中标后综合单价不予调整\n4．未尽事宜详见设计图纸、图集、设计补充说明、招标文件、政府相关文件及规范等其它资料，满足验收要求","1．部位：过道暗门处收边、嵌条\n2．嵌条材料品种、规格、颜色：1.2mm黄古铜不锈钢（MT-A01），展开宽度60mm以内\n3．施工时面层颜色、样式由甲方和设计单位确认选样，投标人综合考虑报价，加工、切割、折边、损耗等不另计，中标后综合单价不予调整\n4．未尽事宜详见设计图纸、图集、设计补充说明、招标文件、政府相关文件及规范等其它资料，满足验收要求","不锈钢及玻璃制品","1包","m",6.3,43.6,274.68,215,"按现场实际发生量长度计算",8,50,400,"m",6.3,315,1.7000000000000002,{"v":1.2698412698412698,"d":"1.27"},true,125.32]
[249,"5#","工程名称：5#-公区",216,11502001009,"金属装饰条","1．部位：过道暗门处收边、嵌条\n2．嵌条材料品种、规格、颜色：1.2mm黄古铜不锈钢（MT-A01），展开宽度60~100mm以内\n3．施工时面层颜色、样式由甲方和设计单位确认选样，投标人综合考虑报价，加工、切割、折边、损耗等不另计，中标后综合单价不予调整\n4．未尽事宜详见设计图纸、图集、设计补充说明、招标文件、政府相关文件及规范等其它资料，满足验收要求。","1．部位：过道暗门处收边、嵌条\n2．嵌条材料品种、规格、颜色：1.2mm黄古铜不锈钢（MT-A01），展开宽度60~100mm以内\n3．施工时面层颜色、样式由甲方和设计单位确认选样，投标人综合考虑报价，加工、切割、折边、损耗等不另计，中标后综合单价不予调整\n4．未尽事宜详见设计图纸、图集、设计补充说明、招标文件、政府相关文件及规范等其它资料，满足验收要求。","不锈钢及玻璃制品","1包","m",11.3,59.95,677.43,216,"按现场实际发生量长度计算",12,60,720,"m",11.3,678,0.6999999999999993,{"v":1.0619469026548671,"d":"1.06"},true,42.57000000000005]
[250,"5#","工程名称：5#-公区",227,"WB011105006004","成品踢脚线","1. 部位：公共卫生间\n2. 踢脚线高度：50mm高\n3．基层材料种类、规格：12mm阻燃夹板\n4．面层材料品种、规格、颜色：1.2mm仿铜不锈钢踢脚线 （MT-B04）\n5．施工时面层颜色、样式由甲方和设计单位确认选样，投标人综合考虑报价，加工、切割、折边、损耗等不另计，中标后综合单价不予调整\n6．未尽事宜详见设计图纸、图集、设计补充说明、招标文件、政府相关文件及规范等其它资料，满足验收要求","1. 部位：公共卫生间\n2. 踢脚线高度：50mm高\n3．基层材料种类、规格：12mm阻燃夹板\n4．面层材料品种、规格、颜色：1.2mm仿铜不锈钢踢脚线 （MT-B04）\n5．施工时面层颜色、样式由甲方和设计单位确认选样，投标人综合考虑报价，加工、切割、折边、损耗等不另计，中标后综合单价不予调整\n6．未尽事宜详见设计图纸、图集、设计补充说明、招标文件、政府相关文件及规范等其它资料，满足验收要求","不锈钢及玻璃制品","1包","m",2.58,43.6,112.49,227,"按现场实际发生量长度计算",5,45,225,"m",2.58,116.10000000000001,2.42,{"v":1.937984496124031,"d":"1.94"},true,112.51]
[251,"5#","工程名称：5#-公区",235,11210003001,"小便斗玻璃隔断","1.部位：公卫\n2.龙骨材料种类、规格：热镀锌钢龙骨（不分规格型号，投标人综合考虑）\n3.基层材料种类、规格：9mm阻燃夹板\n4.隔断面层：6+1.52pvb+6mm夹丝玻璃（GL-B04）+1.2mm仿铜不锈钢（MT-B04）\n5.防护材料种类：所有装修用木基层均应进行防火、防腐处理\n6.施工时面层颜色、样式由甲方和设计单位确认选样，投标人综合考虑报价，加工、切割、折边、损耗等不另计，中标后综合单价不予调整\n7.未尽事宜详见设计图纸、图集、设计补充说明、招标文件、政府相关文件及规范等其它资料，满足验收要求","1.部位：公卫\n4.隔断面层：6+1.52pvb+6mm夹丝玻璃（GL-B04）+1.2mm仿铜不锈钢（MT-B04）\n5.防护材料种类：所有装修用木基层均应进行防火、防腐处理\n6.施工时面层颜色、样式由甲方和设计单位确认选样，投标人综合考虑报价，加工、切割、折边、损耗等不另计，中标后综合单价不予调整\n7.未尽事宜详见设计图纸、图集、设计补充说明、招标文件、政府相关文件及规范等其它资料，满足验收要求","不锈钢及玻璃制品","1包","m2",1.26,1090,1373.4,235,"按投影面积",1.26,950,1197,"m2",1.26,1197,0,{"v":1,"d":"1.00"},true,-176.4000000000001]
[252,"5#","工程名称：5#-公区",236,11210006003,"卫生间隔断","1. 部位：公区卫生间\n2. 龙骨材料种类、规格：热镀锌钢龙骨（不分规格型号，投标人综合考虑），底部C20混凝土导墙不另列，报价综合考虑\n3. 基层材料种类、规格：12mm硅酸钙板基层，门扇基层为细木工板+12mm硅酸钙板\n4. 面层材料品种、规格、颜色：双面10mm厚仿木纹防火板（WD-B08），50mm高仿铜不锈钢踢脚线（MT-B04），门上顶面仿铜不锈钢包边(MT-B04）\n5. 施工时面层颜色、样式由甲方和设计单位确认选样，投标人综合考虑报价，加工、切割、折边、损耗等不另计，中标后综合单价不予调整\n6. 未尽事宜详见设计图纸、图集、设计补充说明、招标文件、政府相关文件及规范等其它资料，满足验收要求","1. 部位：公区卫生间\n4. 面层材料品种、规格、颜色：50mm高仿铜不锈钢踢脚线（MT-B04），门上顶面仿铜不锈钢包边(MT-B04）\n5. 施工时面层颜色、样式由甲方和设计单位确认选样，投标人综合考虑报价，加工、切割、折边、损耗等不另计，中标后综合单价不予调整\n6. 未尽事宜详见设计图纸、图集、设计补充说明、招标文件、政府相关文件及规范等其它资料，满足验收要求","不锈钢及玻璃制品","1包","m2",32.2,130.32,4196.32,236,"按深化节点图与实际的展开面积计算（见光面）",18.6,560,10416,"m2",18.6,10416,-13.600000000000001,{"v":0.577639751552795,"d":"0.58"},true,6219.68]
[253,"5#","工程名称：5#-公区",243,"WB011501001011","洗手台+柜体","1. 部位：公共卫生间\n2. 规格尺寸：600mm宽*850mm高*长详见设计文件\n3. 龙骨材料种类、规格：热镀锌钢龙骨（不分规格型号，投标人综合考虑）\n4. 基层材料种类、规格：12mm硅酸钙板\n5. 面层材料品种、规格、颜色：18mm雪花白大理石（ST-B10）台面，10mm仿木纹防火板饰面(WD-B08）、1.2mm仿铜不锈钢（MT-B04）+防火板饰面及柜体、50mm高不锈钢踢脚线等\n6. 所有石材材料在施工前须做六面防护处理,石材结晶，以保证防水、防腐、防污、防油\n7. 施工时面层颜色、样式由甲方和设计单位确认选样，倒角，磨边、切割等加工费不另计，投标人综合考虑报价，中标后综合单价不予调整\n8. 未尽事宜详见设计图纸、图集、设计补充说明、招标文件、政府相关文件及规范等其它资料，满足验收要求","1. 部位：公共卫生间\n2. 规格尺寸：600mm宽*850mm高*长详见设计文件\n5. 面层材料品种、规格、颜色：50mm高不锈钢踢脚线等\n7. 施工时面层颜色、样式由甲方和设计单位确认选样，倒角，磨边、切割等加工费不另计，投标人综合考虑报价，中标后综合单价不予调整\n8. 未尽事宜详见设计图纸、图集、设计补充说明、招标文件、政府相关文件及规范等其它资料，满足验收要求","不锈钢及玻璃制品","1包","m",5.57,43.6,242.85,243,"按现场实际发生量长度计算",6,45,270,"m",6,270,0.4299999999999997,{"v":1.0771992818671454,"d":"1.08"},true,27.150000000000006]
[254,"5#","工程名称：5#-公区",244,"WB011501001012","镜柜","1. 部位：公共卫生间\n2. 龙骨材料种类、规格：热镀锌钢龙骨（不分规格型号，投标人综合考虑）+20*40mm木方（阻燃处理）等\n3. 基层材料种类、规格：12mm阻燃板\n4. 面层材料品种、规格、颜色：5mm银镜饰面（MR-B01）+1.2mm仿铜不锈钢（MT-B04）+四周不锈钢包边\n5. 防护材料种类：所有装修用木基层均应进行防火、防腐处理\n6. 施工时面层颜色、样式由甲方和设计单位确认选样，投标人综合考虑报价，加工、切割、折边、损耗等不另计，中标后综合单价不予调整\n7. 未尽事宜详见设计图纸、图集、设计补充说明、招标文件、政府相关文件及规范等其它资料，满足验收要求","1. 部位：公共卫生间\n4. 面层材料品种、规格、颜色：5mm银镜饰面（MR-B01）+1.2mm仿铜不锈钢（MT-B04）+四周不锈钢包边\n5. 防护材料种类：所有装修用木基层均应进行防火、防腐处理\n6. 施工时面层颜色、样式由甲方和设计单位确认选样，投标人综合考虑报价，加工、切割、折边、损耗等不另计，中标后综合单价不予调整\n7. 未尽事宜详见设计图纸、图集、设计补充说明、招标文件、政府相关文件及规范等其它资料，满足验收要求","不锈钢及玻璃制品","1包","m2",6.95,880.94,6122.52,244,"按投影面积",6.95,385,2675.75,"m2",6.95,2675.75,0,{"v":1,"d":"1.00"},true,-3446.7700000000004]
[255,"5#","工程名称：5#-公区",245,11505010001,"镜面玻璃","1．部位：残卫\n2．面层材料品种、规格、颜色：5mm成品银镜不锈钢包框\n3．施工时面层颜色、样式由甲方和设计单位确认选样，投标人综合考虑报价，加工、切割、折边、损耗等不另计，中标后综合单价不予调整\n4．未尽事宜详见设计图纸、图集、设计补充说明、招标文件、政府相关文件及规范等其它资料，满足验收要求。","1．部位：残卫\n2．面层材料品种、规格、颜色：5mm成品银镜不锈钢包框\n3．施工时面层颜色、样式由甲方和设计单位确认选样，投标人综合考虑报价，加工、切割、折边、损耗等不另计，中标后综合单价不予调整\n4．未尽事宜详见设计图纸、图集、设计补充说明、招标文件、政府相关文件及规范等其它资料，满足验收要求。","不锈钢及玻璃制品","1包","m2",0.56,304.81,170.69,245,"按投影面积",0.56,385,215.60000000000002,"m2",0.56,215.60000000000002,0,{"v":1,"d":"1.00"},true,44.910000000000025]
[256,"5#","工程名称：5#-公区",251,10807002001,"金属防火窗","1.部位：厨房\n2.窗名称：防火推拉窗（收污口）\n3.窗材质：铝合金型材，型材壁厚、隔热条规格尺寸及表面处理等要求详见图纸设计\n4.玻璃品种、厚度：12mm防火玻璃，满足2小时耐火等级\n5.单价包含与门窗相关的金属材料、铝合金型材、副框、玻璃、五金件、钢板、固定件、防锈处理、防火隔离与封堵、安装辅材、塞缝、洞口周边防水、打胶、收边收口、加强处理等一切制作安装的相关内容\n6.未尽事宜详见设计图纸、图集、设计补充说明、招标文件、政府相关文件及规范等其它资料，满足验收要求","1.部位：厨房\n2.窗名称：防火推拉窗（收污口）\n3.窗材质：铝合金型材，型材壁厚、隔热条规格尺寸及表面处理等要求详见图纸设计\n4.玻璃品种、厚度：12mm防火玻璃，满足2小时耐火等级\n5.单价包含与门窗相关的金属材料、铝合金型材、副框、玻璃、五金件、钢板、固定件、防锈处理、防火隔离与封堵、安装辅材、塞缝、洞口周边防水、打胶、收边收口、加强处理等一切制作安装的相关内容\n6.未尽事宜详见设计图纸、图集、设计补充说明、招标文件、政府相关文件及规范等其它资料，满足验收要求","不锈钢及玻璃制品","1包","m2",2.47,1177.2,2907.68,251,"按投影面积",2.47,755,1864.8500000000001,"m2",2.47,1864.8500000000001,0,{"v":1,"d":"1.00"},true,-1042.8299999999997]
[257,"5#","工程名称：5#-公区",252,10807001001,"金属窗","1.部位：厨房\n2.窗名称：定制上拉窗（传菜口）\n3.窗套基层、材质：9mm硅酸钙板+1.2mm本色304不锈钢\n4.玻璃品种、厚度：6+6mm夹胶钢化玻璃\n5.单价包含与门窗相关的不锈钢金属、副框、玻璃、五金件、钢板、固定件、防锈处理、防火隔离与封堵、安装辅材、塞缝、洞口周边防水、打胶、收边收口、加强处理等一切制作安装的相关内容\n6.未尽事宜详见设计图纸、图集、设计补充说明、招标文件、政府相关文件及规范等其它资料，满足验收要求","1.部位：厨房\n2.窗名称：定制上拉窗（传菜口）\n3.窗套基层、材质：1.2mm本色304不锈钢\n4.玻璃品种、厚度：6+6mm夹胶钢化玻璃\n5.单价包含与门窗相关的不锈钢金属、副框、玻璃、五金件、钢板、固定件、防锈处理、防火隔离与封堵、安装辅材、塞缝、洞口周边防水、打胶、收边收口、加强处理等一切制作安装的相关内容\n6.未尽事宜详见设计图纸、图集、设计补充说明、招标文件、政府相关文件及规范等其它资料，满足验收要求","不锈钢及玻璃制品","1包","m2",0.42,1635,686.7,252,"按投影面积",0.42,650,273,"m2",0.42,273,0,{"v":1,"d":"1.00"},true,-413.70000000000005]
[258,"5#","工程名称：5#-公区",268,11505010002,"镜面玻璃","1. 部位：卫生间\n2. 龙骨材料种类、规格：镀锌钢龙骨（规格型号综合考虑）\n3. 基层材料种类、规格：12mm阻燃夹板\n4. 面层材料品种、规格、颜色：5mm银镜饰面（MR-B01）\n5. 四周仿铜不锈钢(MT-B04）金属包边\n6. 防护材料种类：所有装修用木材均应进行防火、防腐处理\n7．施工时面层颜色、样式由甲方和设计单位确认选样，加工、排版损耗等不另计，投标人综合考虑报价，中标后综合单价不予调整\n8．未尽事宜详见设计图纸、图集、设计补充说明、招标文件、政府相关文件及规范等其它资料，满足验收要求","1. 部位：卫生间\n4. 面层材料品种、规格、颜色：5mm银镜饰面（MR-B01）\n5. 四周仿铜不锈钢(MT-B04）金属包边\n6. 防护材料种类：所有装修用木材均应进行防火、防腐处理\n7．施工时面层颜色、样式由甲方和设计单位确认选样，加工、排版损耗等不另计，投标人综合考虑报价，中标后综合单价不予调整\n8．未尽事宜详见设计图纸、图集、设计补充说明、招标文件、政府相关文件及规范等其它资料，满足验收要求","不锈钢及玻璃制品","1包","m2",1.86,381.27,709.16,268,"按投影面积",1.86,385,716.1,"m2",1.86,716.1,0,{"v":1,"d":"1.00"},true,6.940000000000055]
[259,"5#","工程名称：5#-公区",275,10808001010,"不锈钢窗套","1.部位：办公室\n2.龙骨材料种类、规格：热镀锌钢龙骨（不分规格型号，投标人综合考虑）\n3.基层材料种类、规格：15mm阻燃夹板+双层18mm阻燃夹板\n4.面层材料品种、规格、颜色：1.2mm仿铜不锈钢（MT-B04）\n5.防护材料种类：所有装修用木材均应进行防火、防腐处理\n6.施工时面层颜色、样式由甲方和设计单位确认选样，投标人综合考虑报价，加工、切割、折边、损耗等不另计，中标后综合单价不予调整\n7.未尽事宜详见设计图纸、图集、设计补充说明、招标文件、政府相关文件及规范等其它资料，满足验收要求","1.部位：办公室\n4.面层材料品种、规格、颜色：1.2mm仿铜不锈钢（MT-B04）\n5.防护材料种类：所有装修用木材均应进行防火、防腐处理\n6.施工时面层颜色、样式由甲方和设计单位确认选样，投标人综合考虑报价，加工、切割、折边、损耗等不另计，中标后综合单价不予调整\n7.未尽事宜详见设计图纸、图集、设计补充说明、招标文件、政府相关文件及规范等其它资料，满足验收要求","不锈钢及玻璃制品","1包","m2",5.71,381.5,2178.36,275,"按深化节点图与实际的展开面积计算（见光面）",5.71,550,3140.5,"m2",5.71,3140.5,0,{"v":1,"d":"1.00"},true,962.1399999999999]
[260,"5#","工程名称：5#-公区",283,"WB011105006005","成品踢脚线","1. 部位：办公室、值班室、走道等\n2. 踢脚线高度：50mm高\n3．基层材料种类、规格：12mm阻燃夹板\n4．面层材料品种、规格、颜色：1.2mm仿铜不锈钢（MT-B04)\n5．施工时面层颜色、样式由甲方和设计单位确认选样，投标人综合考虑报价，加工、切割、折边、损耗等不另计，中标后综合单价不予调整\n6．未尽事宜详见设计图纸、图集、设计补充说明、招标文件、政府相关文件及规范等其它资料，满足验收要求","1. 部位：办公室、值班室、走道等\n2. 踢脚线高度：50mm高\n4．面层材料品种、规格、颜色：1.2mm仿铜不锈钢（MT-B04)\n5．施工时面层颜色、样式由甲方和设计单位确认选样，投标人综合考虑报价，加工、切割、折边、损耗等不另计，中标后综合单价不予调整\n6．未尽事宜详见设计图纸、图集、设计补充说明、招标文件、政府相关文件及规范等其它资料，满足验收要求","不锈钢及玻璃制品","1包","m",68.84,43.6,3001.42,283,"按现场实际发生量长度计算",72,45,3240,"m",68.84,3097.8,3.1599999999999966,{"v":1.0459035444509006,"d":"1.05"},true,238.57999999999993]
[261,"5#","工程名称：5#-DX套房",3,10801001001,"入户门","1. 部位：DX套房入户门\n2．门室内侧外框尺寸：1520*3000mm，室外侧外框尺寸详见设计文件\n3．门套材料种类、规格：室内侧15mm阻燃夹板+浅色木饰面门套(WD-A05 )，过道侧1.2mm黄古铜不锈钢线条(MT-A01)\n4．门楣材料种类、规格：15mm阻燃夹板+9mm阻燃夹板+浅色木饰面门楣（WD-A05）\n5．门扇饰面材质种类、规格：浅色木饰面入户门(WD-A05)，包含20mm细木工板成品门芯、镀锌方通钢龙骨，双面9mm阻燃夹板，外侧1.2mm黄古铜不锈钢（防指纹）线条(MT-A01)\n6．五金品种、规格：包含但不限于凸轮暗藏闭门器、门底挡尘条、猫眼、防盗链、门碰、暗藏五金合页(选型一侧三副)、消音胶条等五金件,门锁此处报价不考虑\n7．防护材料种类：所有装修用木材均应进行防火、防腐处理\n8．施工时面层颜色、样式由甲方和设计单位确认选样，投标人综合考虑报价，加工、切割、折边、损耗等不另计，中标后综合单价不予调整\n9．未尽事宜详见设计图纸、图集、设计补充说明、招标文件、政府相关文件及规范等其它资料，满足验收要求","1. 部位：DX套房入户门\n2．门室内侧外框尺寸：1520*3000mm，室外侧外框尺寸详见设计文件\n3．门套材料种类、规格：过道侧1.2mm黄古铜不锈钢线条(MT-A01)\n5．门扇饰面材质种类、规格：外侧1.2mm黄古铜不锈钢（防指纹）线条(MT-A01)\n7．防护材料种类：所有装修用木材均应进行防火、防腐处理\n8．施工时面层颜色、样式由甲方和设计单位确认选样，投标人综合考虑报价，加工、切割、折边、损耗等不另计，中标后综合单价不予调整\n9．未尽事宜详见设计图纸、图集、设计补充说明、招标文件、政府相关文件及规范等其它资料，满足验收要求","不锈钢及玻璃制品","2包","樘",1,409.84,409.84,3,null,1,455,455,"樘",1,455,0,{"v":1,"d":"1.00"},true,45.160000000000025]
[262,"5#","工程名称：5#-DX套房",5,10805005001,"玻璃门","1. 部位：卧室通往卫生间\n2. 门代号及洞口尺寸：1650*3000mm\n3. 门扇饰面材质种类、规格：5+1.52pvb+5mm磨砂夹胶玻璃（GL-A05），四周1.2mm黄古铜不锈钢边框(MT-A01)，哑光防指纹/拉丝直纹\n4. 五金品种、规格：单价包含定制金属执手、液压门轴等相应五金件等价格。\n5. 施工时面层颜色、样式由甲方和设计单位确认选样，投标人综合考虑报价，加工、切割、折边、损耗等不另计，中标后综合单价不予调整\n6. 未尽事宜详见设计图纸、图集、设计补充说明、招标文件、政府相关文件及规范等其它资料，满足验收要求","1. 部位：卧室通往卫生间\n2. 门代号及洞口尺寸：1650*3000mm\n3. 门扇饰面材质种类、规格：5+1.52pvb+5mm磨砂夹胶玻璃（GL-A05），四周1.2mm黄古铜不锈钢边框(MT-A01)，哑光防指纹/拉丝直纹\n4. 五金品种、规格：单价包含定制金属执手、液压门轴等相应五金件等价格。\n5. 施工时面层颜色、样式由甲方和设计单位确认选样，投标人综合考虑报价，加工、切割、折边、损耗等不另计，中标后综合单价不予调整\n6. 未尽事宜详见设计图纸、图集、设计补充说明、招标文件、政府相关文件及规范等其它资料，满足验收要求","不锈钢及玻璃制品","2包","m2",4.95,2410.72,11933.07,5,"按投影面积",4.95,1250,6187.5,"m2",4.95,6187.5,0,{"v":1,"d":"1.00"},true,-5745.57]
[263,"5#","工程名称：5#-DX套房",28,"WB011105006001","成品踢脚线","1. 部位：玄关、卧室\n2. 踢脚线高度：50mm高\n3．基层材料种类、规格：9mm阻燃夹板\n4．面层材料品种、规格、颜色：1.2mm乱纹古铜踢脚线（MT-A02）\n5．施工时面层颜色、样式由甲方和设计单位确认选样，投标人综合考虑报价，加工、切割、折边、损耗等不另计，中标后综合单价不予调整\n6．未尽事宜详见设计图纸、图集、设计补充说明、招标文件、政府相关文件及规范等其它资料，满足验收要求","1. 部位：玄关、卧室\n2. 踢脚线高度：50mm高\n4．面层材料品种、规格、颜色：1.2mm乱纹古铜踢脚线（MT-A02）\n5．施工时面层颜色、样式由甲方和设计单位确认选样，投标人综合考虑报价，加工、切割、折边、损耗等不另计，中标后综合单价不予调整\n6．未尽事宜详见设计图纸、图集、设计补充说明、招标文件、政府相关文件及规范等其它资料，满足验收要求","不锈钢及玻璃制品","2包","m",66.39,43.6,2894.6,28,"按现场实际发生量长度计算",75,45,3375,"m",66.39,2987.55,8.61,{"v":1.1296882060551288,"d":"1.13"},true,480.4000000000001]
[264,"5#","工程名称：5#-DX套房",47,11207001003,"墙面装饰板","1．部位：窗帘盒立面收边\n2．基层材料种类、规格：双层9mm阻燃夹板\n3．面层材料品种、规格、颜色：1.2mm黄古铜不锈钢（MT-A01）\n4．防护材料种类：所有装修用木材均应进行防火、防腐处理\n5．施工时面层颜色、样式由甲方和设计单位确认选样，加工、排版损耗等不另计，投标人综合考虑报价，中标后综合单价不予调整\n6．未尽事宜详见设计图纸、图集、设计补充说明、招标文件、政府相关文件及规范等其它资料，满足验收要求","1．部位：窗帘盒立面收边\n3．面层材料品种、规格、颜色：1.2mm黄古铜不锈钢（MT-A01）\n4．防护材料种类：所有装修用木材均应进行防火、防腐处理\n5．施工时面层颜色、样式由甲方和设计单位确认选样，加工、排版损耗等不另计，投标人综合考虑报价，中标后综合单价不予调整\n6．未尽事宜详见设计图纸、图集、设计补充说明、招标文件、政府相关文件及规范等其它资料，满足验收要求","不锈钢及玻璃制品","2包","m2",4.43,354.25,1569.33,47,"按深化节点图与实际的展开面积计算（见光面）",4.43,550,2436.5,"m2",4.43,2436.5,0,{"v":1,"d":"1.00"},true,867.1700000000001]
[265,"5#","工程名称：5#-DX套房",48,11207001004,"墙面装饰板","1．部位：电视背景墙\n2．基层材料种类、规格：9mm阻燃夹板\n3．面层材料品种、规格、颜色：1.2mm黄古铜不锈钢（MT-A01）\n4．防护材料种类：所有装修用木材均应进行防火、防腐处理\n5．施工时面层颜色、样式由甲方和设计单位确认选样，加工、排版损耗等不另计，投标人综合考虑报价，中标后综合单价不予调整\n6．未尽事宜详见设计图纸、图集、设计补充说明、招标文件、政府相关文件及规范等其它资料，满足验收要求","1．部位：电视背景墙\n3．面层材料品种、规格、颜色：1.2mm黄古铜不锈钢（MT-A01）\n4．防护材料种类：所有装修用木材均应进行防火、防腐处理\n5．施工时面层颜色、样式由甲方和设计单位确认选样，加工、排版损耗等不另计，投标人综合考虑报价，中标后综合单价不予调整\n6．未尽事宜详见设计图纸、图集、设计补充说明、招标文件、政府相关文件及规范等其它资料，满足验收要求","不锈钢及玻璃制品","2包","m2",1.4,354.25,495.95,48,"按深化节点图与实际的展开面积计算（见光面）",1.4,550,770,"m2",1.4,770,0,{"v":1,"d":"1.00"},true,274.05]
[266,"5#","工程名称：5#-DX套房",50,11207001006,"墙面装饰板","1. 部位：床头背景墙等\n2. 龙骨材料种类、规格：热镀锌钢龙骨（不分规格型号，投标人综合考虑）\n3. 基层材料种类、规格：9mm阻燃夹板+9.5mm耐火石膏板\n4. 面层材料品种、规格、颜色：一边12mm浅色木饰面（WD-A05）+一边墙布饰面（WC-A04A）+1.2mm黄古铜不锈钢(MT-A01)+40*70不锈钢方通等\n5. 防护材料种类：所有装修用木材均应进行防火、防腐处理\n6．施工时面层颜色、样式由甲方和设计单位确认选样，加工、排版损耗等不另计，投标人综合考虑报价，中标后综合单价不予调整\n7．未尽事宜详见设计图纸、图集、设计补充说明、招标文件、政府相关文件及规范等其它资料，满足验收要求","1. 部位：床头背景墙等\n4. 面层材料品种、规格、颜色：一边墙布饰面（WC-A04A）+1.2mm黄古铜不锈钢(MT-A01)+40*70不锈钢方通等\n5. 防护材料种类：所有装修用木材均应进行防火、防腐处理\n6．施工时面层颜色、样式由甲方和设计单位确认选样，加工、排版损耗等不另计，投标人综合考虑报价，中标后综合单价不予调整\n7．未尽事宜详见设计图纸、图集、设计补充说明、招标文件、政府相关文件及规范等其它资料，满足验收要求","不锈钢及玻璃制品","2包","m2",3.78,227.38,859.51,50,"按深化节点图与实际的展开面积计算（见光面）",3.78,560,2116.7999999999997,"m2",3.78,2116.7999999999997,0,{"v":1,"d":"1.00"},true,1257.2899999999997]
[267,"5#","工程名称：5#-DX套房",51,11207001007,"墙面装饰板","1．部位：淋浴区壁龛盒\n2．基层材料种类、规格：9mm硅酸钙板,层板处双层9mm硅酸钙板\n3．面层材料品种、规格、颜色：5mm茶镜饰面（MR-A02）+黄古铜不锈钢层板(MT-A01)，四周嵌入1.2mm黄古铜不锈钢嵌条\n4. 施工时面层颜色、样式由甲方和设计单位确认选样，投标人综合考虑报价，加工、切割、折边、损耗等不另计，中标后综合单价不予调整\n5．未尽事宜详见设计图纸、图集、设计补充说明、招标文件、政府相关文件及规范等其它资料，满足验收要求","1．部位：淋浴区壁龛盒\n3．面层材料品种、规格、颜色：5mm茶镜饰面（MR-A02）+黄古铜不锈钢层板(MT-A01)，四周嵌入1.2mm黄古铜不锈钢嵌条\n4. 施工时面层颜色、样式由甲方和设计单位确认选样，投标人综合考虑报价，加工、切割、折边、损耗等不另计，中标后综合单价不予调整\n5．未尽事宜详见设计图纸、图集、设计补充说明、招标文件、政府相关文件及规范等其它资料，满足验收要求","不锈钢及玻璃制品","2包","m2",0.3,437.81,131.34,51,"按投影面积",0.3,1180,354,"m2",0.3,354,0,{"v":1,"d":"1.00"},true,222.66]
[268,"5#","工程名称：5#-DX套房",55,11207001008,"墙面装饰板","1. 部位：卫生间、餐厅\n2. 龙骨材质种类、规格：镀锌钢龙骨（规格型号综合考虑）\n3. 基层材料种类、规格：18mm阻燃夹板\n4. 面层材料品种、规格、颜色：5mm银镜（MR-01）\n5. 四周黄古铜不锈钢(MT-A01）金属包边\n6. 防护材料种类：所有装修用木材均应进行防火、防腐处理\n7．施工时面层颜色、样式由甲方和设计单位确认选样，加工、排版损耗等不另计，投标人综合考虑报价，中标后综合单价不予调整\n8．未尽事宜详见设计图纸、图集、设计补充说明、招标文件、政府相关文件及规范等其它资料，满足验收要求","1. 部位：卫生间、餐厅\n4. 面层材料品种、规格、颜色：5mm银镜（MR-01）\n5. 四周黄古铜不锈钢(MT-A01）金属包边\n6. 防护材料种类：所有装修用木材均应进行防火、防腐处理\n7．施工时面层颜色、样式由甲方和设计单位确认选样，加工、排版损耗等不另计，投标人综合考虑报价，中标后综合单价不予调整\n8．未尽事宜详见设计图纸、图集、设计补充说明、招标文件、政府相关文件及规范等其它资料，满足验收要求","不锈钢及玻璃制品","2包","m2",6.6,293.31,1935.83,55,"按投影面积",6.6,385,2541,"m2",6.6,2541,0,{"v":1,"d":"1.00"},true,605.1700000000001]
[269,"5#","工程名称：5#-DX套房",56,11207001009,"墙面装饰板","1. 部位：书房背景墙\n2. 基层材料种类、规格：12mm阻燃夹板\n3. 面层材料品种、规格、颜色：6+1.52pvb+6mm夹胶安全超白玻璃(GL-A02）\n4. 四周乱纹古铜(MT-A02）金属包边\n5. 防护材料种类：所有装修用木材均应进行防火、防腐处理\n6．施工时面层颜色、样式由甲方和设计单位确认选样，加工、排版损耗等不另计，投标人综合考虑报价，中标后综合单价不予调整\n7．未尽事宜详见设计图纸、图集、设计补充说明、招标文件、政府相关文件及规范等其它资料，满足验收要求","1. 部位：书房背景墙\n3. 面层材料品种、规格、颜色：6+1.52pvb+6mm夹胶安全超白玻璃(GL-A02）\n4. 四周乱纹古铜(MT-A02）金属包边\n5. 防护材料种类：所有装修用木材均应进行防火、防腐处理\n6．施工时面层颜色、样式由甲方和设计单位确认选样，加工、排版损耗等不另计，投标人综合考虑报价，中标后综合单价不予调整\n7．未尽事宜详见设计图纸、图集、设计补充说明、招标文件、政府相关文件及规范等其它资料，满足验收要求","不锈钢及玻璃制品","2包","m2",8.26,574.53,4745.6,56,"按投影面积",8.26,720,5947.2,"m2",8.26,5947.2,0,{"v":1,"d":"1.00"},true,1201.5999999999995]
[270,"5#","工程名称：5#-DX套房",57,11207001010,"墙面装饰板","1．部位：卫生间\n2．基层材料种类、规格：双层9mm硅酸钙板\n3．面层材料品种、规格、颜色：1.2mm深古铜拉丝不锈钢(MT-A03）\n4. 施工时面层颜色、样式由甲方和设计单位确认选样，投标人综合考虑报价，加工、切割、折边、损耗等不另计，中标后综合单价不予调整\n5．未尽事宜详见设计图纸、图集、设计补充说明、招标文件、政府相关文件及规范等其它资料，满足验收要求","1．部位：卫生间\n3．面层材料品种、规格、颜色：1.2mm深古铜拉丝不锈钢(MT-A03）\n4. 施工时面层颜色、样式由甲方和设计单位确认选样，投标人综合考虑报价，加工、切割、折边、损耗等不另计，中标后综合单价不予调整\n5．未尽事宜详见设计图纸、图集、设计补充说明、招标文件、政府相关文件及规范等其它资料，满足验收要求","不锈钢及玻璃制品","2包","m2",0.26,354.25,92.1,57,"按深化节点图与实际的展开面积计算（见光面）",0.26,550,143,"m2",0.26,143,0,{"v":1,"d":"1.00"},true,50.900000000000006]
[271,"5#","工程名称：5#-DX套房",58,11210005001,"成品屏风","1. 部位：卫生间\n2．龙骨材料种类、规格：热镀锌方通等钢龙骨规格型号综合考虑\n3．边框材料种类、规格：四周1.2mm黄古铜不锈钢(MT-A01)\n4. 玻璃品种、规格、颜色：6+1.52.pvb+6mm夹丝玻璃(GL-A01)\n5．施工时面层颜色、样式由甲方和设计单位确认选样，投标人综合考虑报价，加工、切割、折边、损耗等不另计，中标后综合单价不予调整\n6. 按外框投影面积计算\n7．未尽事宜详见设计图纸、图集、设计补充说明、招标文件、政府相关文件及规范等其它资料，满足验收要求","1. 部位：卫生间\n3．边框材料种类、规格：四周1.2mm黄古铜不锈钢(MT-A01)\n4. 玻璃品种、规格、颜色：6+1.52.pvb+6mm夹丝玻璃(GL-A01)\n5．施工时面层颜色、样式由甲方和设计单位确认选样，投标人综合考虑报价，加工、切割、折边、损耗等不另计，中标后综合单价不予调整\n6. 按外框投影面积计算\n7．未尽事宜详见设计图纸、图集、设计补充说明、招标文件、政府相关文件及规范等其它资料，满足验收要求","不锈钢及玻璃制品","2包","m2",1.68,1147.17,1927.25,58,"按投影面积",1.68,1050,1764,"m2",1.68,1764,0,{"v":1,"d":"1.00"},true,-163.25]
[272,"5#","工程名称：5#-DX套房",59,11210005002,"成品屏风","1. 部位：洗手台旁\n2. 龙骨、基层材料种类、规格：热镀锌钢龙骨（不分规格型号，投标人综合考虑）+9mm阻燃夹板，顶部、底部加固综合考虑\n3. 面层材料品种、规格、颜色：6+1.52pvb+6mm夹胶安全超白玻璃(GL-A02），四周1.2mm黄古铜不锈钢（MT-A01）\n4. 施工时面层颜色、样式由甲方和设计单位确认选样，加工、排版损耗等不另计，投标人综合考虑报价，中标后综合单价不予调整\n5．未尽事宜详见设计图纸、图集、设计补充说明、招标文件、政府相关文件及规范等其它资料，满足验收要求","1. 部位：洗手台旁\n3. 面层材料品种、规格、颜色：6+1.52pvb+6mm夹胶安全超白玻璃(GL-A02），四周1.2mm黄古铜不锈钢（MT-A01）\n4. 施工时面层颜色、样式由甲方和设计单位确认选样，加工、排版损耗等不另计，投标人综合考虑报价，中标后综合单价不予调整\n5．未尽事宜详见设计图纸、图集、设计补充说明、招标文件、政府相关文件及规范等其它资料，满足验收要求","不锈钢及玻璃制品","2包","m2",3.3,1147.17,3785.66,59,"按投影面积",3.3,950,3135,"m2",3.3,3135,0,{"v":1,"d":"1.00"},true,-650.6599999999999]
[273,"5#","工程名称：5#-DX套房",60,11210003001,"玻璃隔断","1．部位：卫生间淋浴、马桶间\n2．边框材料种类、规格：四周1.2mm黄古铜不锈钢(MT-A01)\n3．玻璃品种、规格、颜色：6+1.52.pvb+6mm夹丝玻璃(GL-A01)\n4. 五金品种、规格：单价包含玻璃门夹、淋浴拉手、挡水胶条等费用\n5．施工时面层颜色、样式由甲方和设计单位确认选样，投标人综合考虑报价，加工、切割、折边、损耗等不另计，中标后综合单价不予调整\n6. 按外框投影面积计算\n7．未尽事宜详见设计图纸、图集、设计补充说明、招标文件、政府相关文件及规范等其它资料，满足验收要求","1．部位：卫生间淋浴、马桶间\n2．边框材料种类、规格：四周1.2mm黄古铜不锈钢(MT-A01)\n3．玻璃品种、规格、颜色：6+1.52.pvb+6mm夹丝玻璃(GL-A01)\n4. 五金品种、规格：单价包含玻璃门夹、淋浴拉手、挡水胶条等费用\n5．施工时面层颜色、样式由甲方和设计单位确认选样，投标人综合考虑报价，加工、切割、折边、损耗等不另计，中标后综合单价不予调整\n6. 按外框投影面积计算\n7．未尽事宜详见设计图纸、图集、设计补充说明、招标文件、政府相关文件及规范等其它资料，满足验收要求","不锈钢及玻璃制品","2包","m2",4.5,850.2,3825.9,60,"按投影面积",4.5,1380,6210,"m2",4.5,6210,0,{"v":1,"d":"1.00"},true,2384.1]
[274,"5#","工程名称：5#-DX套房",61,11207001011,"墙面装饰板","1．部位：卧室等\n2．基层材料种类、规格：9mm阻燃夹板\n3.   面层材料品种、规格、颜色：1.2mm青铜色不锈钢（MT-A09）\n4．防护材料种类：所有装修用木基层均应进行防火、防腐处理\n5.   施工时面层颜色、样式由甲方和设计单位确认选样，投标人综合考虑报价，加工、切割、折边、损耗等不另计，中标后综合单价不予调整\n6.  未尽事宜详见设计图纸、图集、设计补充说明、招标文件、政府相关文件及规范等其它资料，满足验收要求","1．部位：卧室等\n3.   面层材料品种、规格、颜色：1.2mm青铜色不锈钢（MT-A09）\n4．防护材料种类：所有装修用木基层均应进行防火、防腐处理\n5.   施工时面层颜色、样式由甲方和设计单位确认选样，投标人综合考虑报价，加工、切割、折边、损耗等不另计，中标后综合单价不予调整\n6.  未尽事宜详见设计图纸、图集、设计补充说明、招标文件、政府相关文件及规范等其它资料，满足验收要求","不锈钢及玻璃制品","2包","m2",1.45,354.25,513.66,61,"按深化节点图与实际的展开面积计算（见光面）",1.45,550,797.5,"m2",1.45,797.5,0,{"v":1,"d":"1.00"},true,283.84000000000003]
[275,"5#","工程名称：5#-DX套房",62,11207001012,"墙面装饰板","1．部位：卧室等\n2．基层材料种类、规格：9mm阻燃夹板\n3.   面层材料品种、规格、颜色：1.2mm褐色不锈钢（MT-A10）\n4．防护材料种类：所有装修用木基层均应进行防火、防腐处理\n5.   施工时面层颜色、样式由甲方和设计单位确认选样，投标人综合考虑报价，加工、切割、折边、损耗等不另计，中标后综合单价不予调整\n6.  未尽事宜详见设计图纸、图集、设计补充说明、招标文件、政府相关文件及规范等其它资料，满足验收要求","1．部位：卧室等\n3.   面层材料品种、规格、颜色：1.2mm褐色不锈钢（MT-A10）\n4．防护材料种类：所有装修用木基层均应进行防火、防腐处理\n5.   施工时面层颜色、样式由甲方和设计单位确认选样，投标人综合考虑报价，加工、切割、折边、损耗等不另计，中标后综合单价不予调整\n6.  未尽事宜详见设计图纸、图集、设计补充说明、招标文件、政府相关文件及规范等其它资料，满足验收要求","不锈钢及玻璃制品","2包","m2",12.5,354.25,4428.12,62,"按深化节点图与实际的展开面积计算（见光面）",12.5,550,6875,"m2",12.5,6875,0,{"v":1,"d":"1.00"},true,2446.88]
[276,"5#","工程名称：5#-DX套房",65,"WB011302005003","天棚面层","1．部位：玄关、卫生间\n2．面层材料品种、规格、颜色：1.2mm黄古铜不锈钢(MT-A01)\n3．施工时面层颜色、样式由甲方和设计单位确认选样，投标人综合考虑报价，加工、切割、折边、损耗等不另计，中标后综合单价不予调整\n4．未尽事宜详见设计图纸、图集、设计补充说明、招标文件、政府相关文件及规范等其它资料，满足验收要求。","1．部位：玄关、卫生间\n2．面层材料品种、规格、颜色：1.2mm黄古铜不锈钢(MT-A01)\n3．施工时面层颜色、样式由甲方和设计单位确认选样，投标人综合考虑报价，加工、切割、折边、损耗等不另计，中标后综合单价不予调整\n4．未尽事宜详见设计图纸、图集、设计补充说明、招标文件、政府相关文件及规范等其它资料，满足验收要求。","不锈钢及玻璃制品","2包","m2",0.62,354.25,219.63,65,"按深化节点图与实际的展开面积计算（见光面）",0.62,550,341,"m2",0.62,341,0,{"v":1,"d":"1.00"},true,121.37]
[277,"5#","工程名称：5#-DX套房",83,"WB011501001003","洗手台+柜体","1. 部位：卫生间、餐厅\n2．规格：宽600mm*高850mm\n3．龙骨材料种类、规格：局部热镀锌方通等钢龙骨规格型号综合考虑\n4．面层材料品种、规格、颜色：18mm星白大理石(ST-A02)台面及挡水条、木饰面柜体及木饰面隔板（WD-A01）、局部1.2mm古黄古铜不锈钢(MT-A01)装饰嵌条及包边\n5．所有石材材料在施工前须做六面防护处理石材结晶，以保证防水、防腐、防污、防油\n6．施工时面层颜色、样式由甲方和设计单位确认选样，投标人综合考虑报价，加工、切割、折边、损耗等不另计，中标后综合单价不予调整\n7．未尽事宜详见设计图纸、图集、设计补充说明、招标文件、政府相关文件及规范等其它资料，满足验收要求","1. 部位：卫生间、餐厅\n2．规格：宽600mm*高850mm\n3．龙骨材料种类、规格：局部热镀锌方通等钢龙骨规格型号综合考虑\n4．面层材料品种、规格、颜色：局部1.2mm古黄古铜不锈钢(MT-A01)装饰嵌条及包边\n5．所有石材材料在施工前须做六面防护处理石材结晶，以保证防水、防腐、防污、防油\n6．施工时面层颜色、样式由甲方和设计单位确认选样，投标人综合考虑报价，加工、切割、折边、损耗等不另计，中标后综合单价不予调整\n7．未尽事宜详见设计图纸、图集、设计补充说明、招标文件、政府相关文件及规范等其它资料，满足验收要求","不锈钢及玻璃制品","2包","m",5.25,27.25,143.06,null,"按现场实际发生量长度计算",{"$nulls":3},"m",5.25,0,-5.25,{"v":0,"d":"0.00"},false,-143.06]
[278,"5#","工程名称：5#-DX套房",84,11502001001,"金属装饰条","1. 部位：卧室背景墙\n2. 基层类型：石膏板\n3. 线条材料种类、规格：1.2mm黄古铜不锈钢(MT-A01)，哑光防指纹/拉丝直纹，展开宽度60mm以内\n4．施工时面层颜色、样式由甲方和设计单位确认选样，投标人综合考虑报价，加工、切割、折边、损耗等不另计，中标后综合单价不予调整\n5．未尽事宜详见设计图纸、图集、设计补充说明、招标文件、政府相关文件及规范等其它资料，满足验收要求。","1. 部位：卧室背景墙\n2. 基层类型：石膏板\n3. 线条材料种类、规格：1.2mm黄古铜不锈钢(MT-A01)，哑光防指纹/拉丝直纹，展开宽度60mm以内\n4．施工时面层颜色、样式由甲方和设计单位确认选样，投标人综合考虑报价，加工、切割、折边、损耗等不另计，中标后综合单价不予调整\n5．未尽事宜详见设计图纸、图集、设计补充说明、招标文件、政府相关文件及规范等其它资料，满足验收要求。","不锈钢及玻璃制品","2包","m",3.85,43.6,167.86,84,"按现场实际发生量长度计算",3.85,50,192.5,"m",3.85,192.5,0,{"v":1,"d":"1.00"},true,24.639999999999986]
[279,"5#","工程名称：5#-DX套房",85,11502001002,"金属装饰条","1. 部位：卧室背景墙\n2. 线条材料种类、规格：1.2mm黄古铜不锈钢(MT-A01)，哑光防指纹/拉丝直纹，展开宽度60-100mm以内\n3．施工时面层颜色、样式由甲方和设计单位确认选样，投标人综合考虑报价，加工、切割、折边、损耗等不另计，中标后综合单价不予调整\n4．未尽事宜详见设计图纸、图集、设计补充说明、招标文件、政府相关文件及规范等其它资料，满足验收要求。","1. 部位：卧室背景墙\n2. 线条材料种类、规格：1.2mm黄古铜不锈钢(MT-A01)，哑光防指纹/拉丝直纹，展开宽度60-100mm以内\n3．施工时面层颜色、样式由甲方和设计单位确认选样，投标人综合考虑报价，加工、切割、折边、损耗等不另计，中标后综合单价不予调整\n4．未尽事宜详见设计图纸、图集、设计补充说明、招标文件、政府相关文件及规范等其它资料，满足验收要求。","不锈钢及玻璃制品","2包","m",9.31,59.95,558.13,85,"按现场实际发生量长度计算",9.31,60,558.6,"m",9.31,558.6,0,{"v":1,"d":"1.00"},true,0.4700000000000273]
[280,"5#","工程名称：5#-DX套房",86,11502001003,"金属装饰条","1. 部位：卧室背景墙\n2. 线条材料种类、规格：50*10mm黄古铜不锈钢方通1.2mm(MT-A01)，哑光防指纹/拉丝直纹\n3．施工时面层颜色、样式由甲方和设计单位确认选样，投标人综合考虑报价，加工、切割、折边、损耗等不另计，中标后综合单价不予调整\n4．未尽事宜详见设计图纸、图集、设计补充说明、招标文件、政府相关文件及规范等其它资料，满足验收要求。","1. 部位：卧室背景墙\n2. 线条材料种类、规格：50*10mm黄古铜不锈钢方通1.2mm(MT-A01)，哑光防指纹/拉丝直纹\n3．施工时面层颜色、样式由甲方和设计单位确认选样，投标人综合考虑报价，加工、切割、折边、损耗等不另计，中标后综合单价不予调整\n4．未尽事宜详见设计图纸、图集、设计补充说明、招标文件、政府相关文件及规范等其它资料，满足验收要求。","不锈钢及玻璃制品","2包","m",3.85,65.4,251.79,86,"按现场实际发生量长度计算",3.85,135,519.75,"m",3.85,519.75,0,{"v":1,"d":"1.00"},true,267.96000000000004]
[281,"5#","工程名称：5#-DX套房",87,11502001004,"金属装饰条","1．部位：玄关、卫生间天棚\n2．面层材料品种、规格、颜色：小于60mm宽的1.2mm黄古铜不锈钢(MT-A01)\n3．施工时面层颜色、样式由甲方和设计单位确认选样，投标人综合考虑报价，加工、切割、折边、损耗等不另计，中标后综合单价不予调整\n4．未尽事宜详见设计图纸、图集、设计补充说明、招标文件、政府相关文件及规范等其它资料，满足验收要求。","1．部位：玄关、卫生间天棚\n2．面层材料品种、规格、颜色：小于60mm宽的1.2mm黄古铜不锈钢(MT-A01)\n3．施工时面层颜色、样式由甲方和设计单位确认选样，投标人综合考虑报价，加工、切割、折边、损耗等不另计，中标后综合单价不予调整\n4．未尽事宜详见设计图纸、图集、设计补充说明、招标文件、政府相关文件及规范等其它资料，满足验收要求。","不锈钢及玻璃制品","2包","m",27.06,65.4,1769.72,87,"按现场实际发生量长度计算",35,50,1750,"m",27.06,1353,7.940000000000001,{"v":1.2934220251293422,"d":"1.29"},true,-19.720000000000027]
[282,"5#","工程名称：5#-JS套房",3,10801001001,"入户门","1．部位：JS套房\n2．门室内侧外框尺寸：1520*3000mm，室外侧外框尺寸详见设计文件\n3．门套材料种类、规格：室内侧15mm阻燃夹板+橡木饰面门套(WD-A01 )，过道侧1.2mm黄古铜不锈钢线条(MT-A01)\n4．门楣材料种类、规格：15mm阻燃夹板+9mm阻燃夹板+橡木饰面门楣（WD-A01）\n5．门扇饰面材质种类、规格：橡木饰面入户门(WD-A01)，包含20mm细木工板成品门芯、30*30*3mm热镀锌方通钢龙骨，双面9mm阻燃夹板，外侧1.2mm黄古铜不锈钢（防指纹）线条(MT-A01)\n6．五金品种、规格：包含但不限于凸轮暗藏闭门器、门底挡尘条、猫眼、防盗链、门碰、暗藏五金合页(选型一侧三副)、消音胶条等五金件,门锁此处报价不考虑\n7．防护材料种类：所有装修用木材均应进行防火、防腐处理\n8．施工时面层颜色、样式由甲方和设计单位确认选样，投标人综合考虑报价，加工、切割、折边、损耗等不另计，中标后综合单价不予调整\n9．未尽事宜详见设计图纸、图集、设计补充说明、招标文件、政府相关文件及规范等其它资料，满足验收要求","1．部位：JS套房\n2．门室内侧外框尺寸：1520*3000mm，室外侧外框尺寸详见设计文件\n3．门套材料种类、规格：过道侧1.2mm黄古铜不锈钢线条(MT-A01)\n5．门扇饰面材质种类、规格：外侧1.2mm黄古铜不锈钢（防指纹）线条(MT-A01)\n7．防护材料种类：所有装修用木材均应进行防火、防腐处理\n8．施工时面层颜色、样式由甲方和设计单位确认选样，投标人综合考虑报价，加工、切割、折边、损耗等不另计，中标后综合单价不予调整\n9．未尽事宜详见设计图纸、图集、设计补充说明、招标文件、政府相关文件及规范等其它资料，满足验收要求","不锈钢及玻璃制品","2包","樘",2,409.84,819.68,3,null,2,455,910,"樘",2,910,0,{"v":1,"d":"1.00"},true,90.32000000000005]
[283,"5#","工程名称：5#-JS套房",6,10805005001,"玻璃门","1．部位：卧室通往卫生间\n3．门扇饰面材质种类、规格：5+1.52pvb+5mm磨砂夹胶玻璃（GL-A05），四周1.2mm黄古铜不锈钢边框(MT-A01)，哑光防指纹/拉丝直纹\n4．五金品种、规格：单价包含定制金属执手、液压门轴等相应五金件等价格。\n5．施工时面层颜色、样式由甲方和设计单位确认选样，投标人综合考虑报价，加工、切割、折边、损耗等不另计，中标后综合单价不予调整\n6．未尽事宜详见设计图纸、图集、设计补充说明、招标文件、政府相关文件及规范等其它资料，满足验收要求","1．部位：卧室通往卫生间\n3．门扇饰面材质种类、规格：5+1.52pvb+5mm磨砂夹胶玻璃（GL-A05），四周1.2mm黄古铜不锈钢边框(MT-A01)，哑光防指纹/拉丝直纹\n4．五金品种、规格：单价包含定制金属执手、液压门轴等相应五金件等价格。\n5．施工时面层颜色、样式由甲方和设计单位确认选样，投标人综合考虑报价，加工、切割、折边、损耗等不另计，中标后综合单价不予调整\n6．未尽事宜详见设计图纸、图集、设计补充说明、招标文件、政府相关文件及规范等其它资料，满足验收要求","不锈钢及玻璃制品","2包","m2",8.72,2410.72,21021.48,6,"按投影面积",8.72,1250,10900,"m2",8.72,10900,0,{"v":1,"d":"1.00"},true,-10121.48]
[284,"5#","工程名称：5#-JS套房",7,10808001001,"不锈钢门套","1. 部位：卧室通往卫生间\n2. 基层材料种类、规格：双层12mm阻燃夹板\n3. 面层材料种类、规格：1.2mm黄古铜不锈钢（MT-A01），哑光防指纹/拉丝直纹\n4．防护材料种类：所有装修用木材均应进行防火、防腐处理\n5．施工时面层颜色、样式由甲方和设计单位确认选样，投标人综合考虑报价，加工、切割、折边、损耗等不另计，中标后综合单价不予调整\n6．未尽事宜详见设计图纸、图集、设计补充说明、招标文件、政府相关文件及规范等其它资料，满足验收要求","1. 部位：卧室通往卫生间\n3. 面层材料种类、规格：1.2mm黄古铜不锈钢（MT-A01），哑光防指纹/拉丝直纹\n4．防护材料种类：所有装修用木材均应进行防火、防腐处理\n5．施工时面层颜色、样式由甲方和设计单位确认选样，投标人综合考虑报价，加工、切割、折边、损耗等不另计，中标后综合单价不予调整\n6．未尽事宜详见设计图纸、图集、设计补充说明、招标文件、政府相关文件及规范等其它资料，满足验收要求","不锈钢及玻璃制品","2包","m2",2.91,381.5,1110.17,7,"按深化节点图与实际的展开面积计算（见光面）",3,550,1650,"m2",3,1650,0.08999999999999986,{"v":1.0309278350515463,"d":"1.03"},true,539.8299999999999]
[285,"5#","工程名称：5#-JS套房",8,10808001002,"不锈钢门套","1. 部位：客厅、卧室、玄关等\n2. 基层材料种类、规格：双层9mm阻燃夹板+局部5mm阻燃夹板\n3. 面层材料品种、规格、颜色：1.2mm黄古铜不锈钢（MT-A01），哑光防指纹/拉丝直纹\n4.防护材料种类：所有装修用木材均应进行防火、防腐处理\n5．施工时面层颜色、样式由甲方和设计单位确认选样，加工、排版损耗等不另计，投标人综合考虑报价，中标后综合单价不予调整\n6．未尽事宜详见设计图纸、图集、设计补充说明、招标文件、政府相关文件及规范等其它资料，满足验收要求","1. 部位：客厅、卧室、玄关等\n2. 基层材料种类、规格：双层9mm阻燃夹板+局部5mm阻燃夹板\n3. 面层材料品种、规格、颜色：1.2mm黄古铜不锈钢（MT-A01），哑光防指纹/拉丝直纹\n4.防护材料种类：所有装修用木材均应进行防火、防腐处理\n5．施工时面层颜色、样式由甲方和设计单位确认选样，加工、排版损耗等不另计，投标人综合考虑报价，中标后综合单价不予调整\n6．未尽事宜详见设计图纸、图集、设计补充说明、招标文件、政府相关文件及规范等其它资料，满足验收要求","不锈钢及玻璃制品","2包","m2",7.41,381.5,2826.92,8,"按深化节点图与实际的展开面积计算（见光面）",7.41,550,4075.5,"m2",7.41,4075.5,0,{"v":1,"d":"1.00"},true,1248.58]
[286,"5#","工程名称：5#-JS套房",21,"WB011105006001","成品踢脚线","1. 部位：玄关、卧室、客厅、衣帽间等\n2. 踢脚线高度：50mm高\n3．基层材料种类、规格：12mm阻燃夹板\n4．面层材料品种、规格、颜色：1.2mm乱纹古铜(MT-A02)，哑光防指纹/拉丝直纹\n5．施工时面层颜色、样式由甲方和设计单位确认选样，投标人综合考虑报价，加工、切割、折边、损耗等不另计，中标后综合单价不予调整\n6．未尽事宜详见设计图纸、图集、设计补充说明、招标文件、政府相关文件及规范等其它资料，满足验收要求","1. 部位：玄关、卧室、客厅、衣帽间等\n2. 踢脚线高度：50mm高\n4．面层材料品种、规格、颜色：1.2mm乱纹古铜(MT-A02)，哑光防指纹/拉丝直纹\n5．施工时面层颜色、样式由甲方和设计单位确认选样，投标人综合考虑报价，加工、切割、折边、损耗等不另计，中标后综合单价不予调整\n6．未尽事宜详见设计图纸、图集、设计补充说明、招标文件、政府相关文件及规范等其它资料，满足验收要求","不锈钢及玻璃制品","2包","m",118.25,43.6,5155.7,21,"按现场实际发生量长度计算",135,45,6075,"m",118.25,5321.25,16.75,{"v":1.1416490486257929,"d":"1.14"},true,919.3000000000002]
[287,"5#","工程名称：5#-JS套房",51,11207001005,"墙面装饰板","1. 部位：客厅电视背景等\n2. 龙骨材料种类、规格：50mm竖向天地龙骨，配C50龙骨\n3. 基层材料种类、规格：12mm阻燃夹板+9mm阻燃夹板\n4. 面层材料品种、规格、颜色：5mm银镜饰面（MR-A01）+1.2mm黄古铜不锈钢（MT-A01）\n5．防护材料种类：所有装修用木材均应进行防火、防腐处理\n6．施工时面层颜色、样式由甲方和设计单位确认选样，加工、排版损耗等不另计，投标人综合考虑报价，中标后综合单价不予调整\n7．未尽事宜详见设计图纸、图集、设计补充说明、招标文件、政府相关文件及规范等其它资料，满足验收要求","1. 部位：客厅电视背景等\n4. 面层材料品种、规格、颜色：5mm银镜饰面（MR-A01）+1.2mm黄古铜不锈钢（MT-A01）\n5．防护材料种类：所有装修用木材均应进行防火、防腐处理\n6．施工时面层颜色、样式由甲方和设计单位确认选样，加工、排版损耗等不另计，投标人综合考虑报价，中标后综合单价不予调整\n7．未尽事宜详见设计图纸、图集、设计补充说明、招标文件、政府相关文件及规范等其它资料，满足验收要求","不锈钢及玻璃制品","2包","m2",5.73,275.27,1577.29,51,"按投影面积",5.73,385,2206.05,"m2",5.73,2206.05,0,{"v":1,"d":"1.00"},true,628.7600000000002]
[288,"5#","工程名称：5#-JS套房",52,11207001006,"墙面装饰板","1. 部位：衣帽间等\n2. 基层材料种类、规格：12mm阻燃夹板+9mm阻燃夹板\n3. 面层材料品种、规格、颜色：5mm银镜饰面（MR-A01）+1.2mm黄古铜不锈钢（MT-A01）\n4．防护材料种类：所有装修用木材均应进行防火、防腐处理\n5．施工时面层颜色、样式由甲方和设计单位确认选样，加工、排版损耗等不另计，投标人综合考虑报价，中标后综合单价不予调整\n6．未尽事宜详见设计图纸、图集、设计补充说明、招标文件、政府相关文件及规范等其它资料，满足验收要求","1. 部位：衣帽间等\n3. 面层材料品种、规格、颜色：5mm银镜饰面（MR-A01）+1.2mm黄古铜不锈钢（MT-A01）\n4．防护材料种类：所有装修用木材均应进行防火、防腐处理\n5．施工时面层颜色、样式由甲方和设计单位确认选样，加工、排版损耗等不另计，投标人综合考虑报价，中标后综合单价不予调整\n6．未尽事宜详见设计图纸、图集、设计补充说明、招标文件、政府相关文件及规范等其它资料，满足验收要求","不锈钢及玻璃制品","2包","m2",4.31,302.88,1305.41,52,"按投影面积",4.31,385,1659.35,"m2",4.31,1659.35,0,{"v":1,"d":"1.00"},true,353.9399999999998]
[289,"5#","工程名称：5#-JS套房",53,11210005001,"玻璃隔断","1. 部位：客厅与卧室隔墙\n2. 隔断材料种类、规格：5+1.52pvb+5mm磨砂夹胶玻璃（GL-A05），四周黄古铜不锈钢，顶部、底部加固报价综合考虑\n3. 包边基层材料种类、规格：双层9mm阻燃夹板\n4．防护材料种类：所有装修用木材均应进行防火、防腐处理\n5．施工时面层颜色、样式由甲方和设计单位确认选样，加工、排版损耗等不另计，投标人综合考虑报价，中标后综合单价不予调整\n6．未尽事宜详见设计图纸、图集、设计补充说明、招标文件、政府相关文件及规范等其它资料，满足验收要求","1. 部位：客厅与卧室隔墙\n2. 隔断材料种类、规格：5+1.52pvb+5mm磨砂夹胶玻璃（GL-A05），四周黄古铜不锈钢，顶部、底部加固报价综合考虑\n3. 包边基层材料种类、规格：双层9mm阻燃夹板\n4．防护材料种类：所有装修用木材均应进行防火、防腐处理\n5．施工时面层颜色、样式由甲方和设计单位确认选样，加工、排版损耗等不另计，投标人综合考虑报价，中标后综合单价不予调整\n6．未尽事宜详见设计图纸、图集、设计补充说明、招标文件、政府相关文件及规范等其它资料，满足验收要求","不锈钢及玻璃制品","2包","m2",3.15,1054.52,3321.74,53,"按投影面积",3.15,750,2362.5,"m2",3.15,2362.5,0,{"v":1,"d":"1.00"},true,-959.2399999999998]
[290,"5#","工程名称：5#-JS套房",59,11207001012,"墙面装饰板","1. 部位：客厅电视背景、卧室背景墙等\n2. 基层材料种类、规格：双层9mm阻燃夹板\n3. 面层材料品种、规格、颜色：1.2mm黄古铜不锈钢（MT-A01），哑光防指纹/拉丝直纹\n4.防护材料种类：所有装修用木材均应进行防火、防腐处理\n5．施工时面层颜色、样式由甲方和设计单位确认选样，加工、排版损耗等不另计，投标人综合考虑报价，中标后综合单价不予调整\n6．未尽事宜详见设计图纸、图集、设计补充说明、招标文件、政府相关文件及规范等其它资料，满足验收要求","1. 部位：客厅电视背景、卧室背景墙等\n3. 面层材料品种、规格、颜色：1.2mm黄古铜不锈钢（MT-A01），哑光防指纹/拉丝直纹\n4.防护材料种类：所有装修用木材均应进行防火、防腐处理\n5．施工时面层颜色、样式由甲方和设计单位确认选样，加工、排版损耗等不另计，投标人综合考虑报价，中标后综合单价不予调整\n6．未尽事宜详见设计图纸、图集、设计补充说明、招标文件、政府相关文件及规范等其它资料，满足验收要求","不锈钢及玻璃制品","2包","m2",7.62,354.25,2699.39,59,"按深化节点图与实际的展开面积计算（见光面）",7.62,550,4191,"m2",7.62,4191,0,{"v":1,"d":"1.00"},true,1491.6100000000001]
[291,"5#","工程名称：5#-JS套房",60,11207001013,"墙面装饰板","1. 部位：客厅、卧室电视背景等\n2. 基层材料种类、规格：9mm阻燃夹板\n3. 面层材料品种、规格、颜色：1.2mm黄古铜不锈钢（MT-A01），哑光防指纹/拉丝直纹\n4.防护材料种类：所有装修用木材均应进行防火、防腐处理\n5．施工时面层颜色、样式由甲方和设计单位确认选样，加工、排版损耗等不另计，投标人综合考虑报价，中标后综合单价不予调整\n6．未尽事宜详见设计图纸、图集、设计补充说明、招标文件、政府相关文件及规范等其它资料，满足验收要求","1. 部位：客厅、卧室电视背景等\n2. 基层材料种类、规格：9mm阻燃夹板\n3. 面层材料品种、规格、颜色：1.2mm黄古铜不锈钢（MT-A01），哑光防指纹/拉丝直纹\n4.防护材料种类：所有装修用木材均应进行防火、防腐处理\n5．施工时面层颜色、样式由甲方和设计单位确认选样，加工、排版损耗等不另计，投标人综合考虑报价，中标后综合单价不予调整\n6．未尽事宜详见设计图纸、图集、设计补充说明、招标文件、政府相关文件及规范等其它资料，满足验收要求","不锈钢及玻璃制品","2包","m2",5.26,354.25,1863.36,60,"按深化节点图与实际的展开面积计算（见光面）",5.26,550,2893,"m2",5.26,2893,0,{"v":1,"d":"1.00"},true,1029.64]
[292,"5#","工程名称：5#-JS套房",63,11207001015,"墙面装饰板","1. 部位：5#JS客厅等\n2. 基层材料种类、规格：双层12mm阻燃夹板\n3. 面层材料品种、规格、颜色：6+1.52pvb+6mm夹胶安全超白玻璃(GL-A02）+四周1.2mm黄古铜不锈钢（MT-A01）\n4. 防护材料种类：所有装修用木材均应进行防火、防腐处理\n5．施工时面层颜色、样式由甲方和设计单位确认选样，加工、排版损耗等不另计，投标人综合考虑报价，中标后综合单价不予调整\n6．未尽事宜详见设计图纸、图集、设计补充说明、招标文件、政府相关文件及规范等其它资料，满足验收要求","1. 部位：5#JS客厅等\n2. 基层材料种类、规格：双层12mm阻燃夹板\n3. 面层材料品种、规格、颜色：6+1.52pvb+6mm夹胶安全超白玻璃(GL-A02）+四周1.2mm黄古铜不锈钢（MT-A01）\n4. 防护材料种类：所有装修用木材均应进行防火、防腐处理\n5．施工时面层颜色、样式由甲方和设计单位确认选样，加工、排版损耗等不另计，投标人综合考虑报价，中标后综合单价不予调整\n6．未尽事宜详见设计图纸、图集、设计补充说明、招标文件、政府相关文件及规范等其它资料，满足验收要求","不锈钢及玻璃制品","2包","m2",17.44,574.18,10013.69,63,"按投影面积",17.44,720,12556.800000000001,"m2",17.44,12556.800000000001,0,{"v":1,"d":"1.00"},true,2543.1100000000006]
[293,"5#","工程名称：5#-JS套房",67,11207001019,"墙面装饰板","1. 部位：床头背景墙等\n2. 龙骨材料种类、规格：热镀锌钢龙骨（不分规格型号，投标人综合考虑）\n3. 基层材料种类、规格：9mm阻燃夹板+9.5mm耐火石膏板\n4. 面层材料品种、规格、颜色：一边12mm橡木饰面（WD-A01）+一边墙布饰面（WC-A05）+1.2mm黄古铜不锈钢(MT-A01)+40*70不锈钢方通等\n5. 防护材料种类：所有装修用木材均应进行防火、防腐处理\n6．施工时面层颜色、样式由甲方和设计单位确认选样，加工、排版损耗等不另计，投标人综合考虑报价，中标后综合单价不予调整\n7．未尽事宜详见设计图纸、图集、设计补充说明、招标文件、政府相关文件及规范等其它资料，满足验收要求","1. 部位：床头背景墙等\n4. 面层材料品种、规格、颜色：一边墙布饰面（WC-A05）+1.2mm黄古铜不锈钢(MT-A01)+40*70不锈钢方通等\n5. 防护材料种类：所有装修用木材均应进行防火、防腐处理\n6．施工时面层颜色、样式由甲方和设计单位确认选样，加工、排版损耗等不另计，投标人综合考虑报价，中标后综合单价不予调整\n7．未尽事宜详见设计图纸、图集、设计补充说明、招标文件、政府相关文件及规范等其它资料，满足验收要求","不锈钢及玻璃制品","2包","m2",7.56,227.38,1719.03,67,"按深化节点图与实际的展开面积计算（见光面）",7.56,560,4233.599999999999,"m2",7.56,4233.599999999999,0,{"v":1,"d":"1.00"},true,2514.5699999999997]
[294,"5#","工程名称：5#-JS套房",68,11207001020,"墙面装饰板","1. 部位：卫生间等\n2. 基层材料种类、规格：9mm硅酸钙板\n3. 面层材料种类、规格：1.2mm仿木纹覆膜不锈钢（MT-A04）\n4．防护材料种类：所有装修用木材均应进行防火、防腐处理\n5．施工时面层颜色、样式由甲方和设计单位确认选样，投标人综合考虑报价，加工、切割、折边、损耗等不另计，中标后综合单价不予调整\n6．未尽事宜详见设计图纸、图集、设计补充说明、招标文件、政府相关文件及规范等其它资料，满足验收要求","1. 部位：卫生间等\n3. 面层材料种类、规格：1.2mm仿木纹覆膜不锈钢（MT-A04）\n4．防护材料种类：所有装修用木材均应进行防火、防腐处理\n5．施工时面层颜色、样式由甲方和设计单位确认选样，投标人综合考虑报价，加工、切割、折边、损耗等不另计，中标后综合单价不予调整\n6．未尽事宜详见设计图纸、图集、设计补充说明、招标文件、政府相关文件及规范等其它资料，满足验收要求","不锈钢及玻璃制品","2包","m2",9.11,816.61,7439.28,68,"按深化节点图与实际的展开面积计算（见光面）",9.11,560,5101.599999999999,"m2",9.11,5101.599999999999,0,{"v":1,"d":"1.00"},true,-2337.6800000000003]
[295,"5#","工程名称：5#-JS套房",69,11207001021,"墙面装饰板","1．部位：客卫、淋浴间等\n2．基层材料种类、规格：双层9mm硅酸钙板\n3．面层材料品种、规格、颜色：1.2mm黄古铜不锈钢（MT-A01）\n4. 施工时面层颜色、样式由甲方和设计单位确认选样，投标人综合考虑报价，加工、切割、折边、损耗等不另计，中标后综合单价不予调整\n5．未尽事宜详见设计图纸、图集、设计补充说明、招标文件、政府相关文件及规范等其它资料，满足验收要求","1．部位：客卫、淋浴间等\n3．面层材料品种、规格、颜色：1.2mm黄古铜不锈钢（MT-A01）\n4. 施工时面层颜色、样式由甲方和设计单位确认选样，投标人综合考虑报价，加工、切割、折边、损耗等不另计，中标后综合单价不予调整\n5．未尽事宜详见设计图纸、图集、设计补充说明、招标文件、政府相关文件及规范等其它资料，满足验收要求","不锈钢及玻璃制品","2包","m2",5.84,1273.84,7439.22,69,"按深化节点图与实际的展开面积计算（见光面）",5.84,550,3212,"m2",5.84,3212,0,{"v":1,"d":"1.00"},true,-4227.22]
[296,"5#","工程名称：5#-JS套房",70,11207001022,"墙面装饰板","1. 部位：马桶纸巾架处等\n2. 基层材料种类、规格：双层9mm硅酸钙板\n3. 面层材料品种、规格、颜色：1.2mm深古铜拉丝不锈钢（MT-A03）\n4.防护材料种类：所有装修用木材均应进行防火、防腐处理\n5．施工时面层颜色、样式由甲方和设计单位确认选样，加工、排版损耗等不另计，投标人综合考虑报价，中标后综合单价不予调整\n6．未尽事宜详见设计图纸、图集、设计补充说明、招标文件、政府相关文件及规范等其它资料，满足验收要求","1. 部位：马桶纸巾架处等\n3. 面层材料品种、规格、颜色：1.2mm深古铜拉丝不锈钢（MT-A03）\n4.防护材料种类：所有装修用木材均应进行防火、防腐处理\n5．施工时面层颜色、样式由甲方和设计单位确认选样，加工、排版损耗等不另计，投标人综合考虑报价，中标后综合单价不予调整\n6．未尽事宜详见设计图纸、图集、设计补充说明、招标文件、政府相关文件及规范等其它资料，满足验收要求","不锈钢及玻璃制品","2包","m2",0.84,8856.25,7439.25,70,"按深化节点图与实际的展开面积计算（见光面）",0.84,550,462,"m2",0.84,462,0,{"v":1,"d":"1.00"},true,-6977.25]
[297,"5#","工程名称：5#-JS套房",71,11207001023,"墙面装饰板","1. 部位：淋浴壁龛\n2. 基层材料种类、规格：9mm硅酸钙板\n3. 面层材料品种、规格、颜色：5mm茶镜饰面（MR-A02），四周黄古铜不锈钢（MT-A01）包边\n4. 施工时面层颜色、样式由甲方和设计单位确认选样，投标人综合考虑报价，加工、切割、折边、损耗等不另计，中标后综合单价不予调整\n5.其他：未尽事宜详见式设计图纸、图集、设计补充说明、招标文件、政府相关文件及规范等其它资料，满足验收要求","1. 部位：淋浴壁龛\n3. 面层材料品种、规格、颜色：5mm茶镜饰面（MR-A02），四周黄古铜不锈钢（MT-A01）包边\n4. 施工时面层颜色、样式由甲方和设计单位确认选样，投标人综合考虑报价，加工、切割、折边、损耗等不另计，中标后综合单价不予调整\n5.其他：未尽事宜详见式设计图纸、图集、设计补充说明、招标文件、政府相关文件及规范等其它资料，满足验收要求","不锈钢及玻璃制品","2包","m2",0.49,395.18,193.64,71,"按投影面积",0.49,1180,578.2,"m2",0.49,578.2,0,{"v":1,"d":"1.00"},true,384.56000000000006]
[298,"5#","工程名称：5#-JS套房",72,11210005002,"玻璃隔断","1. 部位：淋浴、马桶间\n2. 隔断材料种类、规格：6+1.52.pvb+6mm夹丝玻璃(GL-A01)+四周黄古铜不锈钢包边（MT-A01）\n3. 报价含U型槽固定件等\n4. 施工时面层颜色、样式由甲方和设计单位确认选样，加工、排版损耗等不另计，投标人综合考虑报价，中标后综合单价不予调整\n5．未尽事宜详见设计图纸、图集、设计补充说明、招标文件、政府相关文件及规范等其它资料，满足验收要求","1. 部位：淋浴、马桶间\n2. 隔断材料种类、规格：6+1.52.pvb+6mm夹丝玻璃(GL-A01)+四周黄古铜不锈钢包边（MT-A01）\n3. 报价含U型槽固定件等\n4. 施工时面层颜色、样式由甲方和设计单位确认选样，加工、排版损耗等不另计，投标人综合考虑报价，中标后综合单价不予调整\n5．未尽事宜详见设计图纸、图集、设计补充说明、招标文件、政府相关文件及规范等其它资料，满足验收要求","不锈钢及玻璃制品","2包","m2",3.12,850.2,2652.62,72,"按投影面积",3.12,1380,4305.6,"m2",3.12,4305.6,0,{"v":1,"d":"1.00"},true,1652.9800000000005]
[299,"5#","工程名称：5#-JS套房",73,11210005003,"成品屏风","1. 部位：洗手台旁\n2. 龙骨、基层材料种类、规格：热镀锌钢龙骨（不分规格型号，投标人综合考虑）+9mm阻燃夹板，顶部、底部加固综合考虑\n3. 面层材料品种、规格、颜色：6+1.52pvb+6mm夹胶安全超白玻璃(GL-A02），四周1.2mm黄古铜不锈钢（MT-A01）\n4. 施工时面层颜色、样式由甲方和设计单位确认选样，加工、排版损耗等不另计，投标人综合考虑报价，中标后综合单价不予调整\n5．未尽事宜详见设计图纸、图集、设计补充说明、招标文件、政府相关文件及规范等其它资料，满足验收要求","1. 部位：洗手台旁\n3. 面层材料品种、规格、颜色：6+1.52pvb+6mm夹胶安全超白玻璃(GL-A02），四周1.2mm黄古铜不锈钢（MT-A01）\n4. 施工时面层颜色、样式由甲方和设计单位确认选样，加工、排版损耗等不另计，投标人综合考虑报价，中标后综合单价不予调整\n5．未尽事宜详见设计图纸、图集、设计补充说明、招标文件、政府相关文件及规范等其它资料，满足验收要求","不锈钢及玻璃制品","2包","m2",6.6,1147.17,7571.33,73,"按投影面积",6.6,950,6270,"m2",6.6,6270,0,{"v":1,"d":"1.00"},true,-1301.33]
[300,"5#","工程名称：5#-JS套房",74,11210003001,"玻璃隔断","1．部位：卫生间淋浴、马桶间\n2．边框材料种类、规格：四周1.2mm黄古铜不锈钢(MT-A01)\n3．玻璃品种、规格、颜色：6+1.52.pvb+6mm夹丝玻璃(GL-A01)\n4. 五金品种、规格：单价包含玻璃门夹、淋浴拉手、挡水胶条等费用\n5．施工时面层颜色、样式由甲方和设计单位确认选样，投标人综合考虑报价，加工、切割、折边、损耗等不另计，中标后综合单价不予调整\n6. 按外框投影面积计算\n7．未尽事宜详见设计图纸、图集、设计补充说明、招标文件、政府相关文件及规范等其它资料，满足验收要求","1．部位：卫生间淋浴、马桶间\n2．边框材料种类、规格：四周1.2mm黄古铜不锈钢(MT-A01)\n3．玻璃品种、规格、颜色：6+1.52.pvb+6mm夹丝玻璃(GL-A01)\n4. 五金品种、规格：单价包含玻璃门夹、淋浴拉手、挡水胶条等费用\n5．施工时面层颜色、样式由甲方和设计单位确认选样，投标人综合考虑报价，加工、切割、折边、损耗等不另计，中标后综合单价不予调整\n6. 按外框投影面积计算\n7．未尽事宜详见设计图纸、图集、设计补充说明、招标文件、政府相关文件及规范等其它资料，满足验收要求","不锈钢及玻璃制品","2包","m2",10.98,850.2,9335.2,74,"按投影面积",11,1050,11550,"m2",10.98,11529,0.019999999999999574,{"v":1.0018214936247722,"d":"1.00"},true,2214.7999999999993]
[301,"5#","工程名称：5#-JS套房",75,11207001024,"墙面装饰板","1．部位：卧室等\n2．基层材料种类、规格：9mm阻燃夹板\n3.   面层材料品种、规格、颜色：1.2mm拉丝黑钛（MT-A08）\n4．防护材料种类：所有装修用木基层均应进行防火、防腐处理\n5.   施工时面层颜色、样式由甲方和设计单位确认选样，投标人综合考虑报价，加工、切割、折边、损耗等不另计，中标后综合单价不予调整\n6.  未尽事宜详见设计图纸、图集、设计补充说明、招标文件、政府相关文件及规范等其它资料，满足验收要求","1．部位：卧室等\n3.   面层材料品种、规格、颜色：1.2mm拉丝黑钛（MT-A08）\n4．防护材料种类：所有装修用木基层均应进行防火、防腐处理\n5.   施工时面层颜色、样式由甲方和设计单位确认选样，投标人综合考虑报价，加工、切割、折边、损耗等不另计，中标后综合单价不予调整\n6.  未尽事宜详见设计图纸、图集、设计补充说明、招标文件、政府相关文件及规范等其它资料，满足验收要求","不锈钢及玻璃制品","2包","m2",20.6,354.25,7297.55,75,"按深化节点图与实际的展开面积计算（见光面）",20.6,550,11330,"m2",20.6,11330,0,{"v":1,"d":"1.00"},true,4032.45]
[302,"5#","工程名称：5#-JS套房",76,11207001025,"墙面装饰板","1．部位：卧室等\n2．基层材料种类、规格：9mm阻燃夹板\n3.   面层材料品种、规格、颜色：1.2mm青铜色不锈钢（MT-A09）\n4．防护材料种类：所有装修用木基层均应进行防火、防腐处理\n5.   施工时面层颜色、样式由甲方和设计单位确认选样，投标人综合考虑报价，加工、切割、折边、损耗等不另计，中标后综合单价不予调整\n6.  未尽事宜详见设计图纸、图集、设计补充说明、招标文件、政府相关文件及规范等其它资料，满足验收要求","1．部位：卧室等\n3.   面层材料品种、规格、颜色：1.2mm青铜色不锈钢（MT-A09）\n4．防护材料种类：所有装修用木基层均应进行防火、防腐处理\n5.   施工时面层颜色、样式由甲方和设计单位确认选样，投标人综合考虑报价，加工、切割、折边、损耗等不另计，中标后综合单价不予调整\n6.  未尽事宜详见设计图纸、图集、设计补充说明、招标文件、政府相关文件及规范等其它资料，满足验收要求","不锈钢及玻璃制品","2包","m2",2.8,354.25,991.9,76,"按深化节点图与实际的展开面积计算（见光面）",2.8,550,1540,"m2",2.8,1540,0,{"v":1,"d":"1.00"},true,548.1]
[303,"5#","工程名称：5#-JS套房",77,11207001026,"墙面装饰板","1．部位：卧室等\n2．基层材料种类、规格：9mm阻燃夹板\n3.   面层材料品种、规格、颜色：1.2mm褐色不锈钢（MT-A10）\n4．防护材料种类：所有装修用木基层均应进行防火、防腐处理\n5.   施工时面层颜色、样式由甲方和设计单位确认选样，投标人综合考虑报价，加工、切割、折边、损耗等不另计，中标后综合单价不予调整\n6.  未尽事宜详见设计图纸、图集、设计补充说明、招标文件、政府相关文件及规范等其它资料，满足验收要求","1．部位：卧室等\n3.   面层材料品种、规格、颜色：1.2mm褐色不锈钢（MT-A10）\n4．防护材料种类：所有装修用木基层均应进行防火、防腐处理\n5.   施工时面层颜色、样式由甲方和设计单位确认选样，投标人综合考虑报价，加工、切割、折边、损耗等不另计，中标后综合单价不予调整\n6.  未尽事宜详见设计图纸、图集、设计补充说明、招标文件、政府相关文件及规范等其它资料，满足验收要求","不锈钢及玻璃制品","2包","m2",34.4,354.25,12186.2,77,"按深化节点图与实际的展开面积计算（见光面）",34.4,550,18920,"m2",34.4,18920,0,{"v":1,"d":"1.00"},true,6733.799999999999]
[304,"5#","工程名称：5#-JS套房",80,"WB011302005003","天棚吊顶","1．部位：玄关、卫生间等\n2．面层材料品种、规格、颜色：1.2mm黄古铜不锈钢(MT-A01)\n3．施工时面层颜色、样式由甲方和设计单位确认选样，投标人综合考虑报价，加工、切割、折边、损耗等不另计，中标后综合单价不予调整\n4．未尽事宜详见设计图纸、图集、设计补充说明、招标文件、政府相关文件及规范等其它资料，满足验收要求","1．部位：玄关、卫生间等\n2．面层材料品种、规格、颜色：1.2mm黄古铜不锈钢(MT-A01)\n3．施工时面层颜色、样式由甲方和设计单位确认选样，投标人综合考虑报价，加工、切割、折边、损耗等不另计，中标后综合单价不予调整\n4．未尽事宜详见设计图纸、图集、设计补充说明、招标文件、政府相关文件及规范等其它资料，满足验收要求","不锈钢及玻璃制品","2包","m2",1.89,354.25,669.53,80,"按深化节点图与实际的展开面积计算（见光面）",1.89,550,1039.5,"m2",1.89,1039.5,0,{"v":1,"d":"1.00"},true,369.97]
[305,"5#","工程名称：5#-JS套房",93,"WB011501001002","衣帽间衣柜","1. 部位：衣帽间\n2. 柜体尺寸：650mm*3000mm*长（具体详见设计文件）\n3. 龙骨材质种类、规格：热镀锌钢龙骨（不分规格型号，投标人综合考虑）、木龙骨等\n4．基层板材质种类、规格：基层类型及厚度综合考虑，具体详见设计文件\n5．材料种类：12mm橡木饰面（WD-A01）、墙布饰面(WC-A04B)、夹丝玻璃（GL-A01）、星白大理石台面（ST-02）、黄古铜不锈钢（MT-A01），橡木饰面抽屉柜、不锈钢踢脚线(MT-A01)等\n6．五金种类、规格：单价包含挂衣杆、五金合页、抽屉滑轨、阻尼隔振胶垫、暗藏灯槽等\n7．按照立面投影面积计算\n8．防护材料种类：所有装修用木材均应进行防火、防腐处理\n9．施工时面层颜色、样式由甲方和设计单位确认选样，加工、排版损耗等不另计，投标人综合考虑报价，中标后综合单价不予调整\n10．未尽事宜详见设计图纸、图集、设计补充说明、招标文件、政府相关文件及规范等其它资料，满足验收要求","1. 部位：衣帽间\n2. 柜体尺寸：650mm*3000mm*长（具体详见设计文件）\n5．材料种类：墙布饰面(WC-A04B)不锈钢踢脚线(MT-A01)\n7．按照立面投影面积计算\n8．防护材料种类：所有装修用木材均应进行防火、防腐处理\n9．施工时面层颜色、样式由甲方和设计单位确认选样，加工、排版损耗等不另计，投标人综合考虑报价，中标后综合单价不予调整\n10．未尽事宜详见设计图纸、图集、设计补充说明、招标文件、政府相关文件及规范等其它资料，满足验收要求","不锈钢及玻璃制品","2包","m2",14.13,22.53,318.35,93,"按现场实际发生量长度计算",6,45,270,"m",6,270,-8.13,{"v":0.4246284501061571,"d":"0.42"},true,-48.35000000000002]
[306,"5#","工程名称：5#-JS套房",94,"WB011501001003","洗手台+柜体","1. 部位：卫生间\n2．规格：长1200mm*宽600mm*高850mm\n3．龙骨材料种类、规格：局部热镀锌钢龙骨（不分规格型号，投标人综合考虑）\n4．面层材料品种、规格、颜色：18mm鎏金白玉大理石(ST-A04)台面及挡水条、橡木饰面柜体及橡木饰面隔板（WD-A01 ）、局部1.2mm黄古铜不锈钢(MT-A01)装饰嵌条、踢脚线及包边，单价包含灯槽成型等\n5．所有石材材料在施工前须做六面防护处理石材结晶，以保证防水、防腐、防污、防油\n6．施工时面层颜色、样式由甲方和设计单位确认选样，投标人综合考虑报价，加工、切割、折边、损耗等不另计，中标后综合单价不予调整\n7．未尽事宜详见设计图纸、图集、设计补充说明、招标文件、政府相关文件及规范等其它资料，满足验收要求","1. 部位：卫生间\n2．规格：长1200mm*宽600mm*高850mm\n4．面层材料品种、规格、颜色：踢脚线\n6．施工时面层颜色、样式由甲方和设计单位确认选样，投标人综合考虑报价，加工、切割、折边、损耗等不另计，中标后综合单价不予调整\n7．未尽事宜详见设计图纸、图集、设计补充说明、招标文件、政府相关文件及规范等其它资料，满足验收要求","不锈钢及玻璃制品","2包","m",4.8,43.6,209.28,94,"按现场实际发生量长度计算",4.8,45,216,"m",4.8,216,0,{"v":1,"d":"1.00"},true,6.719999999999999]
[307,"5#","工程名称：5#-JS套房",96,11207001027,"墙面装饰板","1. 部位：卫生间\n2. 龙骨材质种类、规格：镀锌钢龙骨（规格型号综合考虑）\n3. 基层材料种类、规格：18mm阻燃夹板，局部9mm阻燃夹板\n4. 面层材料品种、规格、颜色：5mm银镜饰面（MR-A01）\n5. 四周黄古铜不锈钢(MT-A01）金属包边\n6. 防护材料种类：所有装修用木材均应进行防火、防腐处理\n7．施工时面层颜色、样式由甲方和设计单位确认选样，加工、排版损耗等不另计，投标人综合考虑报价，中标后综合单价不予调整\n8．未尽事宜详见设计图纸、图集、设计补充说明、招标文件、政府相关文件及规范等其它资料，满足验收要求","1. 部位：卫生间\n4. 面层材料品种、规格、颜色：5mm银镜饰面（MR-A01）\n5. 四周黄古铜不锈钢(MT-A01）金属包边\n6. 防护材料种类：所有装修用木材均应进行防火、防腐处理\n7．施工时面层颜色、样式由甲方和设计单位确认选样，加工、排版损耗等不另计，投标人综合考虑报价，中标后综合单价不予调整\n8．未尽事宜详见设计图纸、图集、设计补充说明、招标文件、政府相关文件及规范等其它资料，满足验收要求","不锈钢及玻璃制品","2包","m2",8.9,292.59,2604.04,96,"按投影面积",8.9,385,3426.5,"m2",8.9,3426.5,0,{"v":1,"d":"1.00"},true,822.46]
[308,"5#","工程名称：5#-JS套房",97,11502001001,"金属装饰条","1. 部位：卧室背景墙等\n2. 线条材料种类、规格：1.2mm黄古铜不锈钢(MT-A01)，展开宽度60-100mm以内\n3．施工时面层颜色、样式由甲方和设计单位确认选样，投标人综合考虑报价，加工、切割、折边、损耗等不另计，中标后综合单价不予调整\n4．未尽事宜详见设计图纸、图集、设计补充说明、招标文件、政府相关文件及规范等其它资料，满足验收要求","1. 部位：卧室背景墙等\n2. 线条材料种类、规格：1.2mm黄古铜不锈钢(MT-A01)，展开宽度60-100mm以内\n3．施工时面层颜色、样式由甲方和设计单位确认选样，投标人综合考虑报价，加工、切割、折边、损耗等不另计，中标后综合单价不予调整\n4．未尽事宜详见设计图纸、图集、设计补充说明、招标文件、政府相关文件及规范等其它资料，满足验收要求","不锈钢及玻璃制品","2包","m",18.62,59.95,1116.27,97,"按现场实际发生量长度计算",18.62,60,1117.2,"m",18.62,1117.2,0,{"v":1,"d":"1.00"},true,0.9300000000000637]
[309,"5#","工程名称：5#-JS套房",98,11502001002,"金属装饰条","1．部位：卧室、电视背景墙、马桶间、客厅等\n2．线条材料品种、规格、颜色：1.2mm黄古铜不锈钢（MT-A01），展开宽度60以内\n3．施工时面层颜色、样式由甲方和设计单位确认选样，投标人综合考虑报价，加工、切割、折边、损耗等不另计，中标后综合单价不予调整\n4．未尽事宜详见设计图纸、图集、设计补充说明、招标文件、政府相关文件及规范等其它资料，满足验收要求","1．部位：卧室、电视背景墙、马桶间、客厅等\n2．线条材料品种、规格、颜色：1.2mm黄古铜不锈钢（MT-A01），展开宽度60以内\n3．施工时面层颜色、样式由甲方和设计单位确认选样，投标人综合考虑报价，加工、切割、折边、损耗等不另计，中标后综合单价不予调整\n4．未尽事宜详见设计图纸、图集、设计补充说明、招标文件、政府相关文件及规范等其它资料，满足验收要求","不锈钢及玻璃制品","2包","m",20.9,43.6,911.24,98,"按现场实际发生量长度计算",28,50,1400,"m",20.9,1045,7.100000000000001,{"v":1.3397129186602872,"d":"1.34"},true,488.76]
[310,"5#","工程名称：5#-JS套房",99,11502001003,"金属装饰条","1．部位：客厅、卫生间、卧室、衣帽间、玄关等天棚处\n2．嵌条材料品种、规格、颜色：1.2mm黄古铜不锈钢(MT-A01)，哑光防指纹/拉丝直纹，展开宽度60mm以内\n3．施工时面层颜色、样式由甲方和设计单位确认选样，投标人综合考虑报价，加工、切割、折边、损耗等不另计，中标后综合单价不予调整\n4．未尽事宜详见设计图纸、图集、设计补充说明、招标文件、政府相关文件及规范等其它资料，满足验收要求","1．部位：客厅、卫生间、卧室、衣帽间、玄关等天棚处\n2．嵌条材料品种、规格、颜色：1.2mm黄古铜不锈钢(MT-A01)，哑光防指纹/拉丝直纹，展开宽度60mm以内\n3．施工时面层颜色、样式由甲方和设计单位确认选样，投标人综合考虑报价，加工、切割、折边、损耗等不另计，中标后综合单价不予调整\n4．未尽事宜详见设计图纸、图集、设计补充说明、招标文件、政府相关文件及规范等其它资料，满足验收要求","不锈钢及玻璃制品","2包","m",155.76,43.6,6791.14,99,"按现场实际发生量长度计算",165,50,8250,"m",155.76,7788,9.240000000000009,{"v":1.0593220338983051,"d":"1.06"},true,1458.8599999999997]
[311,"5#","工程名称：5#-JS套房",100,11502001004,"金属装饰条","1. 部位：卧室背景墙\n2. 线条材料种类、规格：50*10mm黄古铜不锈钢方通(MT-A01)\n3．施工时面层颜色、样式由甲方和设计单位确认选样，投标人综合考虑报价，加工、切割、折边、损耗等不另计，中标后综合单价不予调整\n4．未尽事宜详见设计图纸、图集、设计补充说明、招标文件、政府相关文件及规范等其它资料，满足验收要求","1. 部位：卧室背景墙\n2. 线条材料种类、规格：50*10mm黄古铜不锈钢方通(MT-A01)\n3．施工时面层颜色、样式由甲方和设计单位确认选样，投标人综合考虑报价，加工、切割、折边、损耗等不另计，中标后综合单价不予调整\n4．未尽事宜详见设计图纸、图集、设计补充说明、招标文件、政府相关文件及规范等其它资料，满足验收要求","不锈钢及玻璃制品","2包","m",7.7,65.4,503.58,100,"按现场实际发生量长度计算",7.7,135,1039.5,"m",7.7,1039.5,0,{"v":1,"d":"1.00"},true,535.9200000000001]
[312,"5#","工程名称：5#-K标间客房",3,10801001001,"入户门","1．部位：标间客房\n2．门室内侧外框尺寸：1180*3000mm，室外侧外框尺寸详见设计文件\n3．门套材料种类、规格：室内侧15mm阻燃夹板+橡木饰面门套(WD-A01 )，过道侧1.2mm黄古铜不锈钢线条(MT-A01)\n4．门楣材料种类、规格：15mm阻燃夹板+9mm阻燃夹板+橡木饰面门楣（WD-A01）\n5．门扇材料种类、规格：橡木饰面入户门(WD-A01)，包含30mm细木工板成品门芯、20*40mm热镀锌方通钢龙骨，双面9mm阻燃夹板，外侧1.2mm黄古铜不锈钢（防指纹）线条(MT-A01)\n6．五金品种、规格：包含但不限于凸轮暗藏闭门器、门底挡尘条、猫眼、防盗链、门碰、暗藏五金合页(选型一侧三副)、消音胶条等五金件,门锁此处报价不考虑\n7．防护材料种类：所有装修用木材均应进行防火、防腐处理\n8．施工时面层颜色、样式由甲方和设计单位确认选样，投标人综合考虑报价，加工、切割、折边、损耗等不另计，中标后综合单价不予调整\n9．未尽事宜详见设计图纸、图集、设计补充说明、招标文件、政府相关文件及规范等其它资料，满足验收要求","1．部位：标间客房\n2．门室内侧外框尺寸：1180*3000mm，室外侧外框尺寸详见设计文件\n3．门套材料种类、规格：过道侧1.2mm黄古铜不锈钢线条(MT-A01)\n7．防护材料种类：所有装修用木材均应进行防火、防腐处理\n5．门扇材料种类、规格：外侧1.2mm黄古铜不锈钢（防指纹）线条(MT-A01)\n8．施工时面层颜色、样式由甲方和设计单位确认选样，投标人综合考虑报价，加工、切割、折边、损耗等不另计，中标后综合单价不予调整\n9．未尽事宜详见设计图纸、图集、设计补充说明、招标文件、政府相关文件及规范等其它资料，满足验收要求","不锈钢及玻璃制品","2包","樘",13,401.12,5214.56,3,null,13,455,5915,"樘",13,5915,0,{"v":1,"d":"1.00"},true,700.4399999999996]
[313,"5#","工程名称：5#-K标间客房",4,10805005001,"玻璃门","1．部位：玄关通往卫生间\n2．门代号及洞口尺寸：1200*3000mm卫生间（M-02）\n3.  门扇饰面材质种类、规格：6+1.52.pvb+6mm夹丝玻璃(GL-A01)，四周1.2mm黄古铜不锈钢边框(MT-A01)，哑光防指纹/拉丝直纹\n4． 五金品种、规格：包括但不限于定制金属执手、液压门轴等相应五金件等价格。\n5．施工时面层颜色、样式由甲方和设计单位确认选样，投标人综合考虑报价，加工、切割、折边、损耗等不另计，中标后综合单价不予调整\n6．未尽事宜详见设计图纸、图集、设计补充说明、招标文件、政府相关文件及规范等其它资料，满足验收要求","1．部位：玄关通往卫生间\n2．门代号及洞口尺寸：1200*3000mm卫生间（M-02）\n3.  门扇饰面材质种类、规格：6+1.52.pvb+6mm夹丝玻璃(GL-A01)，四周1.2mm黄古铜不锈钢边框(MT-A01)，哑光防指纹/拉丝直纹\n4． 五金品种、规格：包括但不限于定制金属执手、液压门轴等相应五金件等价格。\n5．施工时面层颜色、样式由甲方和设计单位确认选样，投标人综合考虑报价，加工、切割、折边、损耗等不另计，中标后综合单价不予调整\n6．未尽事宜详见设计图纸、图集、设计补充说明、招标文件、政府相关文件及规范等其它资料，满足验收要求","不锈钢及玻璃制品","2包","m2",46.1,2410.72,111134.21,4,"按投影面积",46.1,1380,63618,"m2",46.1,63618,0,{"v":1,"d":"1.00"},true,-47516.21000000001]
[314,"5#","工程名称：5#-K标间客房",5,10807001001,"金属窗","1．部位：浴缸处玻璃窗\n2．顶部、底部镀锌钢龙骨加固，规格型号综合考虑\n3．隔断玻璃品种、厚度：6+1.52pvb+6mm夹胶安全超白玻璃（GL-A02）\n4．施工时面层颜色、样式由甲方和设计单位确认选样，加工、排版损耗等不另计，投标人综合考虑报价，中标后综合单价不予调整\n5．未尽事宜详见设计图纸、图集、设计补充说明、招标文件、政府相关文件及规范等其它资料，满足验收要求","1．部位：浴缸处玻璃窗\n2．顶部、底部镀锌钢龙骨加固，规格型号综合考虑\n3．隔断玻璃品种、厚度：6+1.52pvb+6mm夹胶安全超白玻璃（GL-A02）\n4．施工时面层颜色、样式由甲方和设计单位确认选样，加工、排版损耗等不另计，投标人综合考虑报价，中标后综合单价不予调整\n5．未尽事宜详见设计图纸、图集、设计补充说明、招标文件、政府相关文件及规范等其它资料，满足验收要求","不锈钢及玻璃制品","2包","m2",52.44,670.35,35153.15,5,"按投影面积",53,530,28090,"m2",52.44,27793.199999999997,0.5600000000000023,{"v":1.0106788710907704,"d":"1.01"},true,-7063.1500000000015]
[315,"5#","工程名称：5#-K标间客房",6,10808001001,"不锈钢窗套","1．部位：浴缸处玻璃窗\n2． 基层材料种类、规格：双层9mm硅酸钙板，局部三层\n3．面层材料种类、规格：1.2mm黄古铜不锈钢（MT-A01），哑光防指纹/拉丝直纹\n4．施工时面层颜色、样式由甲方和设计单位确认选样，投标人综合考虑报价，加工、切割、折边、损耗等不另计，中标后综合单价不予调整\n5．未尽事宜详见设计图纸、图集、设计补充说明、招标文件、政府相关文件及规范等其它资料，满足验收要求","1．部位：浴缸处玻璃窗\n3．面层材料种类、规格：1.2mm黄古铜不锈钢（MT-A01），哑光防指纹/拉丝直纹\n4．施工时面层颜色、样式由甲方和设计单位确认选样，投标人综合考虑报价，加工、切割、折边、损耗等不另计，中标后综合单价不予调整\n5．未尽事宜详见设计图纸、图集、设计补充说明、招标文件、政府相关文件及规范等其它资料，满足验收要求","不锈钢及玻璃制品","2包","m2",17.1,381.5,6523.65,6,"按深化节点图与实际的展开面积计算（见光面）",18.5,550,10175,"m2",18.5,10175,1.3999999999999986,{"v":1.0818713450292397,"d":"1.08"},true,3651.3500000000004]
[316,"5#","工程名称：5#-K标间客房",7,10808001002,"不锈钢门套","1．部位：卫生间玻璃门\n2．基层材料种类、规格：双层12mm阻燃夹板\n3．面层材料种类、规格：1.2mm黄古铜不锈钢（MT-A01），哑光防指纹/拉丝直纹\n4．防护材料种类：所有装修用木材均应进行防火、防腐处理\n5．施工时面层颜色、样式由甲方和设计单位确认选样，投标人综合考虑报价，加工、切割、折边、损耗等不另计，中标后综合单价不予调整\n6．未尽事宜详见设计图纸、图集、设计补充说明、招标文件、政府相关文件及规范等其它资料，满足验收要求","1．部位：卫生间玻璃门\n3．面层材料种类、规格：1.2mm黄古铜不锈钢（MT-A01），哑光防指纹/拉丝直纹\n4．防护材料种类：所有装修用木材均应进行防火、防腐处理\n5．施工时面层颜色、样式由甲方和设计单位确认选样，投标人综合考虑报价，加工、切割、折边、损耗等不另计，中标后综合单价不予调整\n6．未尽事宜详见设计图纸、图集、设计补充说明、招标文件、政府相关文件及规范等其它资料，满足验收要求","不锈钢及玻璃制品","2包","m2",22.46,381.5,8568.49,7,"按深化节点图与实际的展开面积计算（见光面）",22.64,550,12452,"m2",22.64,12452,0.17999999999999972,{"v":1.0080142475512022,"d":"1.01"},true,3883.51]
[317,"5#","工程名称：5#-K标间客房",18,"WB011105006001","成品踢脚线","1. 部位：玄关、卧室\n2. 踢脚线高度：50mm高\n3．基层材料种类、规格：12mm阻燃夹板\n4．面层材料品种、规格、颜色：1.2mm黄古铜不锈钢(MT-A01)，哑光防指纹/拉丝直纹\n5．施工时面层颜色、样式由甲方和设计单位确认选样，投标人综合考虑报价，加工、切割、折边、损耗等不另计，中标后综合单价不予调整\n6．未尽事宜详见设计图纸、图集、设计补充说明、招标文件、政府相关文件及规范等其它资料，满足验收要求","1. 部位：玄关、卧室\n2. 踢脚线高度：50mm高\n4．面层材料品种、规格、颜色：1.2mm黄古铜不锈钢(MT-A01)，哑光防指纹/拉丝直纹\n5．施工时面层颜色、样式由甲方和设计单位确认选样，投标人综合考虑报价，加工、切割、折边、损耗等不另计，中标后综合单价不予调整\n6．未尽事宜详见设计图纸、图集、设计补充说明、招标文件、政府相关文件及规范等其它资料，满足验收要求","不锈钢及玻璃制品","2包","m",325.13,43.6,14175.67,18,"按现场实际发生量长度计算",355,45,15975,"m",325.13,14630.85,29.870000000000005,{"v":1.0918709439301202,"d":"1.09"},true,1799.33]
[318,"5#","工程名称：5#-K标间客房",46,11207001001,"墙面装饰板","1．部位：5#K客房区床背景造型\n2．基层材料种类、规格： 阻燃肋条调平，局部9mm阻燃夹板\n3．面层材料品种、规格、颜色：造型扪皮硬包饰面(12mm阻燃夹板衬板+扪皮饰面)（UP-A01）+5mm宽黄古铜不锈钢嵌条(MT-A01)，哑光防指纹/拉丝直纹\n4．防护材料种类：所有装修用木材均应进行防火、防腐处理\n6．按立面投影面积计算\n7. 施工时面层颜色、样式由甲方和设计单位确认选样，加工、排版损耗等不另计，投标人综合考虑报价，中标后综合单价不予调整\n8．未尽事宜详见设计图纸、图集、设计补充说明、招标文件、政府相关文件及规范等其它资料，满足验收要求。","1．部位：5#K客房区床背景造型\n3．面层材料品种、规格、颜色：造型扪皮硬包饰面(12mm阻燃夹板衬板+扪皮饰面)（UP-A01）+5mm宽黄古铜不锈钢嵌条(MT-A01)，哑光防指纹/拉丝直纹\n4．防护材料种类：所有装修用木材均应进行防火、防腐处理\n6．按立面投影面积计算\n7. 施工时面层颜色、样式由甲方和设计单位确认选样，加工、排版损耗等不另计，投标人综合考虑报价，中标后综合单价不予调整\n8．未尽事宜详见设计图纸、图集、设计补充说明、招标文件、政府相关文件及规范等其它资料，满足验收要求。","不锈钢及玻璃制品","2包","m2",48.1,9.94,478.15,46,"按深化节点图与实际的展开面积计算（见光面）",48.1,550,26455,"m2",48.1,26455,0,{"v":1,"d":"1.00"},true,25976.85]
[319,"5#","工程名称：5#-K标间客房",48,11207001003,"墙面装饰板","1．部位：客房区床背景竖向造型\n2．龙骨材料种类、规格：50mm竖向天地龙骨\n3．基层材料种类、规格：12mm阻燃夹板\n4．面层材料品种、规格、颜色：1.2mm黄古铜不锈钢(MT-A01)，哑光防指纹/拉丝直纹\n5．防护材料种类：所有装修用木材均应进行防火、防腐处理\n6．施工时面层颜色、样式由甲方和设计单位确认选样，加工、排版损耗等不另计，投标人综合考虑报价，中标后综合单价不予调整\n7．未尽事宜详见设计图纸、图集、设计补充说明、招标文件、政府相关文件及规范等其它资料，满足验收要求。","1．部位：客房区床背景竖向造型\n4．面层材料品种、规格、颜色：1.2mm黄古铜不锈钢(MT-A01)，哑光防指纹/拉丝直纹\n5．防护材料种类：所有装修用木材均应进行防火、防腐处理\n6．施工时面层颜色、样式由甲方和设计单位确认选样，加工、排版损耗等不另计，投标人综合考虑报价，中标后综合单价不予调整\n7．未尽事宜详见设计图纸、图集、设计补充说明、招标文件、政府相关文件及规范等其它资料，满足验收要求。","不锈钢及玻璃制品","2包","m2",13.26,354.25,4697.36,48,"按深化节点图与实际的展开面积计算（见光面）",13.26,550,7293,"m2",13.26,7293,0,{"v":1,"d":"1.00"},true,2595.6400000000003]
[320,"5#","工程名称：5#-K标间客房",50,11207001005,"墙面装饰板","1．部位：客房区床背景竖向包边\n2．基层材料种类、规格：12mm阻燃夹板\n3．面层材料品种、规格、颜色：1.2mm黄古铜不锈钢(MT-A01)，哑光防指纹/拉丝直纹\n4．防护材料种类：所有装修用木材均应进行防火、防腐处理\n5．施工时面层颜色、样式由甲方和设计单位确认选样，加工、排版损耗等不另计，投标人综合考虑报价，中标后综合单价不予调整\n6．未尽事宜详见设计图纸、图集、设计补充说明、招标文件、政府相关文件及规范等其它资料，满足验收要求。","1．部位：客房区床背景竖向包边\n3．面层材料品种、规格、颜色：1.2mm黄古铜不锈钢(MT-A01)，哑光防指纹/拉丝直纹\n4．防护材料种类：所有装修用木材均应进行防火、防腐处理\n5．施工时面层颜色、样式由甲方和设计单位确认选样，加工、排版损耗等不另计，投标人综合考虑报价，中标后综合单价不予调整\n6．未尽事宜详见设计图纸、图集、设计补充说明、招标文件、政府相关文件及规范等其它资料，满足验收要求。","不锈钢及玻璃制品","2包","m2",8.44,354.25,2989.87,50,"按深化节点图与实际的展开面积计算（见光面）",8.44,550,4642,"m2",8.44,4642,0,{"v":1,"d":"1.00"},true,1652.13]
[321,"5#","工程名称：5#-K标间客房",51,11207001006,"墙面装饰板","1．部位：客房区电视景墙\n2．基层材料种类、规格：9mm阻燃夹板\n3．面层材料品种、规格、颜色：1.2mm黄古铜不锈钢(MT-A01)，哑光防指纹/拉丝直纹\n4．防护材料种类：所有装修用木材均应进行防火、防腐处理\n5．施工时面层颜色、样式由甲方和设计单位确认选样，加工、排版损耗等不另计，投标人综合考虑报价，中标后综合单价不予调整\n6．未尽事宜详见设计图纸、图集、设计补充说明、招标文件、政府相关文件及规范等其它资料，满足验收要求","1．部位：客房区电视景墙\n3．面层材料品种、规格、颜色：1.2mm黄古铜不锈钢(MT-A01)，哑光防指纹/拉丝直纹\n4．防护材料种类：所有装修用木材均应进行防火、防腐处理\n5．施工时面层颜色、样式由甲方和设计单位确认选样，加工、排版损耗等不另计，投标人综合考虑报价，中标后综合单价不予调整\n6．未尽事宜详见设计图纸、图集、设计补充说明、招标文件、政府相关文件及规范等其它资料，满足验收要求","不锈钢及玻璃制品","2包","m2",16.94,354.25,6001,51,"按深化节点图与实际的展开面积计算（见光面）",16.94,550,9317,"m2",16.94,9317,0,{"v":1,"d":"1.00"},true,3316]
[322,"5#","工程名称：5#-K标间客房",59,11207001014,"墙面装饰板","1．部位：玄关处\n2．基层材料种类、规格：9mm阻燃夹板\n3．面层材料品种、规格、颜色：5mm银镜饰面(MR-A01），四周10mm宽1.2mm黄古铜不锈钢装饰条（MT-A01）\n4．防护材料种类：所有装修用木材均应进行防火、防腐处理\n5．施工时面层颜色、样式由甲方和设计单位确认选样，加工、排版损耗等不另计，投标人综合考虑报价，中标后综合单价不予调整\n6．未尽事宜详见设计图纸、图集、设计补充说明、招标文件、政府相关文件及规范等其它资料，满足验收要求","1．部位：玄关处\n3．面层材料品种、规格、颜色：5mm银镜饰面(MR-A01），四周10mm宽1.2mm黄古铜不锈钢装饰条（MT-A01）\n4．防护材料种类：所有装修用木材均应进行防火、防腐处理\n5．施工时面层颜色、样式由甲方和设计单位确认选样，加工、排版损耗等不另计，投标人综合考虑报价，中标后综合单价不予调整\n6．未尽事宜详见设计图纸、图集、设计补充说明、招标文件、政府相关文件及规范等其它资料，满足验收要求","不锈钢及玻璃制品","2包","m2",30.68,394.01,12088.33,59,"按投影面积",30.68,385,11811.8,"m2",30.68,11811.8,0,{"v":1,"d":"1.00"},true,-276.53000000000065]
[323,"5#","工程名称：5#-K标间客房",60,11207001015,"墙面装饰板","1．部位：马桶间\n2．基层材料种类、规格：9mm硅酸钙板\n3. 面层材料品种、规格、颜色：1.2mm深色古铜不锈钢(MT-A03)，哑光防指纹/拉丝直纹\n4．防护材料种类：所有装修用木材均应进行防火、防腐处理\n5．施工时面层颜色、样式由甲方和设计单位确认选样，投标人综合考虑报价，加工、切割、折边、损耗等不另计，中标后综合单价不予调整\n6．未尽事宜详见设计图纸、图集、设计补充说明、招标文件、政府相关文件及规范等其它资料，满足验收要求","1．部位：马桶间\n3. 面层材料品种、规格、颜色：1.2mm深色古铜不锈钢(MT-A03)，哑光防指纹/拉丝直纹\n4．防护材料种类：所有装修用木材均应进行防火、防腐处理\n5．施工时面层颜色、样式由甲方和设计单位确认选样，投标人综合考虑报价，加工、切割、折边、损耗等不另计，中标后综合单价不予调整\n6．未尽事宜详见设计图纸、图集、设计补充说明、招标文件、政府相关文件及规范等其它资料，满足验收要求","不锈钢及玻璃制品","2包","m2",2.87,1765.08,5065.78,60,"按深化节点图与实际的展开面积计算（见光面）",2.87,550,1578.5,"m2",2.87,1578.5,0,{"v":1,"d":"1.00"},true,-3487.2799999999997]
[324,"5#","工程名称：5#-K标间客房",61,11207001016,"墙面装饰板","1．部位：5#K客房淋浴区壁龛盒\n2．基层材料种类、规格：9mm硅酸钙板,层板处双层9mm硅酸钙板\n3．面层材料品种、规格、颜色： 5mm茶镜饰面（MR-A02）+1.2mm黄古铜不锈钢层板(MT-A01)，四周嵌入1.2mm厚黄古铜不锈钢嵌条\n4.   施工时面层颜色、样式由甲方和设计单位确认选样，投标人综合考虑报价，加工、切割、折边、损耗等不另计，中标后综合单价不予调整\n5．未尽事宜详见设计图纸、图集、设计补充说明、招标文件、政府相关文件及规范等其它资料，满足验收要求","1．部位：5#K客房淋浴区壁龛盒\n3．面层材料品种、规格、颜色： 5mm茶镜饰面（MR-A02）+1.2mm黄古铜不锈钢层板(MT-A01)，四周嵌入1.2mm厚黄古铜不锈钢嵌条\n4.   施工时面层颜色、样式由甲方和设计单位确认选样，投标人综合考虑报价，加工、切割、折边、损耗等不另计，中标后综合单价不予调整\n5．未尽事宜详见设计图纸、图集、设计补充说明、招标文件、政府相关文件及规范等其它资料，满足验收要求","不锈钢及玻璃制品","2包","m2",3.94,352.89,1390.38,61,"按投影面积",3.94,1180,4649.2,"m2",3.94,4649.2,0,{"v":1,"d":"1.00"},true,3258.8199999999997]
[325,"5#","工程名称：5#-K标间客房",62,11210003001,"玻璃隔断","1．部位：卫生间淋浴、马桶间\n2．边框材料种类、规格：四周1.2mm黄古铜不锈钢(MT-A01)，哑光防指纹/拉丝直纹\n3．玻璃品种、规格、颜色：6+1.52pvb+6mm夹胶安全超白玻璃（GL-A02）\n4. 五金品种、规格：单价包含玻璃门夹、淋浴拉手、挡水胶条等费用\n5．施工时面层颜色、样式由甲方和设计单位确认选样，投标人综合考虑报价，加工、切割、折边、损耗等不另计，中标后综合单价不予调整\n6. 按外框投影面积计算\n7．未尽事宜详见设计图纸、图集、设计补充说明、招标文件、政府相关文件及规范等其它资料，满足验收要求","1．部位：卫生间淋浴、马桶间\n2．边框材料种类、规格：四周1.2mm黄古铜不锈钢(MT-A01)，哑光防指纹/拉丝直纹\n3．玻璃品种、规格、颜色：6+1.52pvb+6mm夹胶安全超白玻璃（GL-A02）\n4. 五金品种、规格：单价包含玻璃门夹、淋浴拉手、挡水胶条等费用\n5．施工时面层颜色、样式由甲方和设计单位确认选样，投标人综合考虑报价，加工、切割、折边、损耗等不另计，中标后综合单价不予调整\n6. 按外框投影面积计算\n7．未尽事宜详见设计图纸、图集、设计补充说明、招标文件、政府相关文件及规范等其它资料，满足验收要求","不锈钢及玻璃制品","2包","m2",78.56,850.2,66791.71,62,"按投影面积",78.56,880,69132.8,"m2",78.56,69132.8,0,{"v":1,"d":"1.00"},true,2341.0899999999965]
[326,"5#","工程名称：5#-K标间客房",66,"WB011302005003","天棚吊顶","1．部位：玄关、卫生间\n2．面层材料品种、规格、颜色：1.2mm黄古铜不锈钢(MT-A01)，哑光防指纹/拉丝直纹\n3．施工时面层颜色、样式由甲方和设计单位确认选样，投标人综合考虑报价，加工、切割、折边、损耗等不另计，中标后综合单价不予调整\n4．未尽事宜详见设计图纸、图集、设计补充说明、招标文件、政府相关文件及规范等其它资料，满足验收要求。","1．部位：玄关、卫生间\n2．面层材料品种、规格、颜色：1.2mm黄古铜不锈钢(MT-A01)，哑光防指纹/拉丝直纹\n3．施工时面层颜色、样式由甲方和设计单位确认选样，投标人综合考虑报价，加工、切割、折边、损耗等不另计，中标后综合单价不予调整\n4．未尽事宜详见设计图纸、图集、设计补充说明、招标文件、政府相关文件及规范等其它资料，满足验收要求。","不锈钢及玻璃制品","2包","m2",4.59,354.25,1626.01,66,"按深化节点图与实际的展开面积计算（见光面）",4.59,550,2524.5,"m2",4.59,2524.5,0,{"v":1,"d":"1.00"},true,898.49]
[327,"5#","工程名称：5#-K标间客房",81,"WB011501001001","玄关柜","1．规格：长3840mm*宽600mm*高3000mm\n2．龙骨材质种类、规格：热镀锌钢龙骨（不分规格型号，投标人综合考虑）、30*30mm木方/50*30mm木方等(阻燃处理)\n3．基层板材质种类、规格：9mm阻燃夹板、12mm阻燃夹板等基层类型及厚度综合考虑\n4．柜体材料种类、规格：12mm橡木饰面（WD-A01）柜体、布艺硬包饰面(WC-A03)、橡木饰面抽屉柜+6mm超白钢化玻璃、不锈钢门把手、不锈钢踢脚线(MT-A01)等；中间区域柜顶400*900mm木工板加固至少能承重30KG报价综合考虑\n5. 柜门材质种类、规格：木工板基层+12mm橡木饰面（WD-A01），具体柜门由专业厂家二次深化\n6．五金种类、规格：单价包含挂衣杆、雨伞架、U型报纸槽、暗藏合页、抽屉滑轨、阻尼隔振胶垫、烟斗铰链、柜门锁、灯槽成型等\n7．按立面投影面积计算\n8．防护材料种类：所有装修用木材均应进行防火、防腐处理\n9．施工时面层颜色、样式由甲方和设计单位确认选样，加工、排版损耗等不另计，投标人综合考虑报价，中标后综合单价不予调整\n10．未尽事宜详见设计图纸、图集、设计补充说明、招标文件、政府相关文件及规范等其它资料，满足验收要求","1．规格：长3840mm*宽600mm*高3000mm\n4．柜体材料种类、规格：布艺硬包饰面(WC-A03)不锈钢踢脚线(MT-A01)\n7．按立面投影面积计算\n8．防护材料种类：所有装修用木材均应进行防火、防腐处理\n9．施工时面层颜色、样式由甲方和设计单位确认选样，加工、排版损耗等不另计，投标人综合考虑报价，中标后综合单价不予调整\n10．未尽事宜详见设计图纸、图集、设计补充说明、招标文件、政府相关文件及规范等其它资料，满足验收要求","不锈钢及玻璃制品","2包","m2",149.37,14.54,2171.93,81,"按现场实际发生量长度计算",50,45,2250,"m",50,2250,-99.37,{"v":0.334739238133494,"d":"0.33"},true,78.07000000000016]
[328,"5#","工程名称：5#-K标间客房",82,"WB011501001002","镜柜","1. 部位：卫生间\n2．规格：长（240+1215+240）mm*高1630mm\n3．龙骨材料种类、规格：20*45mm木方龙骨(阻燃处理)、热镀锌钢龙骨（不分规格型号，投标人综合考虑）\n4．基层材料种类：12mm硅酸钙板+9mm硅酸钙板等\n5．镜面玻璃品种、规格：5mm银镜饰品（MR-A01）+两侧玻璃整体成品定制5+5mm超白钢化玻璃夹膜0.6mm\n6．镜框材料种类、规格：四周1.2mm黄古铜不锈钢(MT-A01)哑光防指纹/拉丝直纹，单价包含局部灯槽成型\n7．防护材料种类：所有装修用木材均应进行防火、防腐处理\n8．施工时面层颜色、样式由甲方和设计单位确认选样，投标人综合考虑报价，加工、切割、折边、损耗等不另计，中标后综合单价不予调整\n9．未尽事宜详见设计图纸、图集、设计补充说明、招标文件、政府相关文件及规范等其它资料，满足验收要求","1. 部位：卫生间\n2．规格：长（240+1215+240）mm*高1630mm\n5．镜面玻璃品种、规格：5mm银镜饰品（MR-A01）+两侧玻璃整体成品定制5+5mm超白钢化玻璃夹膜0.6mm\n6．镜框材料种类、规格：四周1.2mm黄古铜不锈钢(MT-A01)哑光防指纹/拉丝直纹，单价包含局部灯槽成型\n7．防护材料种类：所有装修用木材均应进行防火、防腐处理\n8．施工时面层颜色、样式由甲方和设计单位确认选样，投标人综合考虑报价，加工、切割、折边、损耗等不另计，中标后综合单价不予调整\n9．未尽事宜详见设计图纸、图集、设计补充说明、招标文件、政府相关文件及规范等其它资料，满足验收要求","不锈钢及玻璃制品","2包","m2",35.92,1112.26,39952.3,82,"按投影面积",35.92,1280,45977.600000000006,"m2",35.92,45977.600000000006,0,{"v":1,"d":"1.00"},true,6025.300000000003]
[329,"5#","工程名称：5#-K标间客房",83,"WB011501001003","洗手台+柜体","1. 部位：卫生间\n2．规格：长1700mm*宽600mm*高870mm\n3．龙骨材料种类、规格：局部热镀锌钢龙骨（不分规格型号，投标人综合考虑）\n4．面层材料品种、规格、颜色：18mm星白大理石(ST-A02)台面及挡水条、橡木饰面柜体及橡木饰面隔板（WD-A01 ）、局部1.2mm厚黄古铜不锈钢(MT-A01)装饰嵌条、踢脚线及包边，单价包含灯槽成型等\n5．所有石材材料在施工前须做六面防护处理石材结晶，以保证防水、防腐、防污、防油\n6．施工时面层颜色、样式由甲方和设计单位确认选样，投标人综合考虑报价，加工、切割、折边、损耗等不另计，中标后综合单价不予调整\n7．未尽事宜详见设计图纸、图集、设计补充说明、招标文件、政府相关文件及规范等其它资料，满足验收要求","1. 部位：卫生间\n2．规格：长1700mm*宽600mm*高870mm\n4．面层材料品种、规格、颜色：踢脚线\n6．施工时面层颜色、样式由甲方和设计单位确认选样，投标人综合考虑报价，加工、切割、折边、损耗等不另计，中标后综合单价不予调整\n7．未尽事宜详见设计图纸、图集、设计补充说明、招标文件、政府相关文件及规范等其它资料，满足验收要求","不锈钢及玻璃制品","2包","m",22.1,43.6,963.56,83,"按现场实际发生量长度计算",28,45,1260,"m",28,1260,5.899999999999999,{"v":1.2669683257918551,"d":"1.27"},true,296.44000000000005]
[330,"5#","工程名称：5#-K标间客房",84,11502001001,"金属装饰条","1．部位：床头背景墙\n2．基层材料种类、规格：双层9mm阻燃夹板\n3．线条材料品种、规格、颜色：1.2mm黄古铜不锈钢(MT-A01)，哑光防指纹/拉丝直纹，展开宽度60~100mm以内\n4．施工时面层颜色、样式由甲方和设计单位确认选样，投标人综合考虑报价，加工、切割、折边、损耗等不另计，中标后综合单价不予调整\n5．未尽事宜详见设计图纸、图集、设计补充说明、招标文件、政府相关文件及规范等其它资料，满足验收要求","1．部位：床头背景墙\n3．线条材料品种、规格、颜色：1.2mm黄古铜不锈钢(MT-A01)，哑光防指纹/拉丝直纹，展开宽度60~100mm以内\n4．施工时面层颜色、样式由甲方和设计单位确认选样，投标人综合考虑报价，加工、切割、折边、损耗等不另计，中标后综合单价不予调整\n5．未尽事宜详见设计图纸、图集、设计补充说明、招标文件、政府相关文件及规范等其它资料，满足验收要求","不锈钢及玻璃制品","2包","m",103.74,59.95,6219.21,84,"按现场实际发生量长度计算",115,60,6900,"m",103.74,6224.4,11.260000000000005,{"v":1.108540582224793,"d":"1.11"},true,680.79]
[331,"5#","工程名称：5#-K标间客房",85,11502001002,"金属装饰条","1．部位：卫生间、卧室、玄关天棚等\n2．嵌条材料品种、规格、颜色：1.2mm黄古铜不锈钢(MT-A01)，哑光防指纹/拉丝直纹，展开宽度60mm以内\n3．施工时面层颜色、样式由甲方和设计单位确认选样，投标人综合考虑报价，加工、切割、折边、损耗等不另计，中标后综合单价不予调整\n4．未尽事宜详见设计图纸、图集、设计补充说明、招标文件、政府相关文件及规范等其它资料，满足验收要求。","1．部位：卫生间、卧室、玄关天棚等\n2．嵌条材料品种、规格、颜色：1.2mm黄古铜不锈钢(MT-A01)，哑光防指纹/拉丝直纹，展开宽度60mm以内\n3．施工时面层颜色、样式由甲方和设计单位确认选样，投标人综合考虑报价，加工、切割、折边、损耗等不另计，中标后综合单价不予调整\n4．未尽事宜详见设计图纸、图集、设计补充说明、招标文件、政府相关文件及规范等其它资料，满足验收要求。","不锈钢及玻璃制品","2包","m",674.31,43.6,29399.92,85,"按现场实际发生量长度计算",698,50,34900,"m",674.31,33715.5,23.690000000000055,{"v":1.035132209221278,"d":"1.04"},true,5500.080000000002]
[332,"7#","工程名称：7#-公区",3,"WB010801004001","装饰门扇安装","1. 部位：家具间等\n2. 门扇龙骨、基层材料种类、规格：25mm细木工板+9mm阻燃夹板+四周热镀锌方通固定\n3. 面层材料品种、规格、颜色：皮革硬包（12mm雪弗板内衬板）（UP-B02）+1.2mm厚仿铜不锈钢（MT-B04）+仿铜不锈钢嵌条，定制成品金属门拉手\n4. 五金品种、规格：包含但不限于门锁、天地轴承、五金合页等完成此项工作的五金配件\n5. 施工时面层颜色、样式由甲方和设计单位确认选样，投标人综合考虑报价，加工、损耗等不另计，中标后综合单价不予调整\n6. 未尽事宜详见设计图纸、图集、设计补充说明、招标文件、政府相关文件及规范等其它资料，满足验收要求","1. 部位：家具间等\n3. 面层材料品种、规格、颜色：皮革硬包（12mm雪弗板内衬板）（UP-B02）+1.2mm厚仿铜不锈钢（MT-B04）+仿铜不锈钢嵌条\n5. 施工时面层颜色、样式由甲方和设计单位确认选样，投标人综合考虑报价，加工、损耗等不另计，中标后综合单价不予调整\n6. 未尽事宜详见设计图纸、图集、设计补充说明、招标文件、政府相关文件及规范等其它资料，满足验收要求","不锈钢及玻璃制品","1包","m2",7.2,"","",3,"按深化节点图与实际的展开面积计算（见光面）",7.2,560,4032,"m2",7.2,4032,0,{"v":1,"d":"1.00"},true,{"$error":"#VALUE!"}]
[333,"7#","工程名称：7#-公区",4,10801004001,"装饰防火门","1. 部位：家具间等\n2. 门扇龙骨、基层材料种类、规格：甲级防火门门芯(须满足当地消防部门的防火认证)+12mm阻燃夹板+四周热镀锌方通固定\n3. 面层材料品种、规格、颜色：木转印+皮革硬包造型，定制成品金属门拉手，包含木转印门套\n4. 五金品种、规格：包含但不限于门锁、五金、合页等完成此项工作的五金配件\n5. 施工时面层颜色、样式由甲方和设计单位确认选样，投标人综合考虑报价，加工、损耗等不另计，中标后综合单价不予调整\n6. 未尽事宜详见设计图纸、图集、设计补充说明、招标文件、政府相关文件及规范等其它资料，满足验收要求","1. 部位：家具间等\n3. 面层材料品种、规格、颜色：木转印+皮革硬包造型，包含木转印门套\n5. 施工时面层颜色、样式由甲方和设计单位确认选样，投标人综合考虑报价，加工、损耗等不另计，中标后综合单价不予调整\n6. 未尽事宜详见设计图纸、图集、设计补充说明、招标文件、政府相关文件及规范等其它资料，满足验收要求","不锈钢及玻璃制品","1包","m2",3.45,152.6,526.47,4,"按深化节点图与实际的展开面积计算（见光面）",3.45,560,1932,"m2",3.45,1932,0,{"v":1,"d":"1.00"},true,1405.53]
[334,"7#","工程名称：7#-公区",5,"WB010801004002","旋转门","1.工程部位：门厅等\n2.门龙骨材质种类、规格：成品门芯+40*40*4mm镀锌方钢\n3.门基层材质种类、规格：12mm阻燃夹板+局部双层9mm阻燃夹板等\n4.面层材料品种、规格、颜色：皮革硬包（UP-B02）+1.2mm厚仿铜不锈钢（MT-B04）+5mm宽仿铜不锈钢嵌条\n5.五金品种、规格：包含但不限于重型上下枢轴、重型天地轴、暗藏五金合页等完成此项工作的全部五金配件\n6.施工时面层颜色、样式由甲方和设计单位确认选样，投标人综合考虑报价，加工、损耗等不另计，中标后综合单价不予调整\n7.未尽事宜详见设计图纸、图集、设计补充说明、招标文件、政府相关文件及规范等其它资料，满足验收要求","1.工程部位：门厅等\n2.门龙骨材质种类、规格：成品门芯+40*40*4mm镀锌方钢\n3.门基层材质种类、规格：12mm阻燃夹板+局部双层9mm阻燃夹板等\n4.面层材料品种、规格、颜色：皮革硬包（UP-B02）+1.2mm厚仿铜不锈钢（MT-B04）+5mm宽仿铜不锈钢嵌条\n5.五金品种、规格：包含但不限于重型上下枢轴、重型天地轴、暗藏五金合页等完成此项工作的全部五金配件\n6.施工时面层颜色、样式由甲方和设计单位确认选样，投标人综合考虑报价，加工、损耗等不另计，中标后综合单价不予调整\n7.未尽事宜详见设计图纸、图集、设计补充说明、招标文件、政府相关文件及规范等其它资料，满足验收要求","旋转门","1包","m2",9.56,1974.72,18878.33,null,"按投影面积",{"$nulls":3},"m2",9.56,0,-9.56,{"v":0,"d":"0.00"},false,-18878.33]
[335,"7#","工程名称：7#-公区",6,10808001001,"不锈钢门套","1. 部位：门套、垭口套等\n2. 龙骨材料种类、规格：热镀锌钢龙骨（不分规格型号，投标人综合考虑）\n3. 基层材料种类、规格：双层12mm阻燃夹板，局\n4. 面层材料品种、规格、颜色：1.2mm仿铜不锈钢（MT-B04）\n5. 防护材料种类：所有装修用木材均应进行防火、防腐处理\n6. 施工时面层颜色、样式由甲方和设计单位确认选样，投标人综合考虑报价，加工、切割、折边、损耗等不另计，中标后综合单价不予调整\n7. 未尽事宜详见设计图纸、图集、设计补充说明、招标文件、政府相关文件及规范等其它资料，满足验收要求","1. 部位：门套、垭口套等\n4. 面层材料品种、规格、颜色：1.2mm仿铜不锈钢（MT-B04）\n5. 防护材料种类：所有装修用木材均应进行防火、防腐处理\n6. 施工时面层颜色、样式由甲方和设计单位确认选样，投标人综合考虑报价，加工、切割、折边、损耗等不另计，中标后综合单价不予调整\n7. 未尽事宜详见设计图纸、图集、设计补充说明、招标文件、政府相关文件及规范等其它资料，满足验收要求","不锈钢及玻璃制品","1包","m2",32.59,381.5,12433.08,6,"按深化节点图与实际的展开面积计算（见光面）",33,550,18150,"m2",33,18150,0.4099999999999966,{"v":1.0125805461798096,"d":"1.01"},true,5716.92]
[336,"7#","工程名称：7#-公区",16,"WB011105006001","成品踢脚线","1. 部位：门斗、门厅、中庭、走道等\n2. 踢脚线高度：50mm高\n3．基层材料种类、规格：12mm阻燃夹板\n4．面层材料品种、规格、颜色：1.2mm仿铜不锈钢（MT-B04)\n5．施工时面层颜色、样式由甲方和设计单位确认选样，投标人综合考虑报价，加工、切割、折边、损耗等不另计，中标后综合单价不予调整\n6．未尽事宜详见设计图纸、图集、设计补充说明、招标文件、政府相关文件及规范等其它资料，满足验收要求","1. 部位：门斗、门厅、中庭、走道等\n2. 踢脚线高度：50mm高\n4．面层材料品种、规格、颜色：1.2mm仿铜不锈钢（MT-B04)\n5．施工时面层颜色、样式由甲方和设计单位确认选样，投标人综合考虑报价，加工、切割、折边、损耗等不另计，中标后综合单价不予调整\n6．未尽事宜详见设计图纸、图集、设计补充说明、招标文件、政府相关文件及规范等其它资料，满足验收要求","不锈钢及玻璃制品","1包","m",197.73,43.6,8621.03,16,"按现场实际发生量长度计算",216,45,9720,"m",197.73,8897.85,18.27000000000001,{"v":1.0923987255348202,"d":"1.09"},true,1098.9699999999993]
[337,"7#","工程名称：7#-公区",19,11207001002,"墙面装饰板","1．部位：门斗、门厅、中庭、走道等\n2．龙骨材料种类、规格：热镀锌钢龙骨（不分规格型号，投标人综合考虑）\n3．基层材料种类、规格：双层12mm阻燃夹板，局部层数增减\n4. 面层材料品种、规格、颜色：1.2mm仿铜不锈钢（MT-B04）\n5．防护材料种类：所有装修用木基层均应进行防火、防腐处理\n6. 施工时面层颜色、样式由甲方和设计单位确认选样，投标人综合考虑报价，加工、切割、折边、损耗等不另计，中标后综合单价不予调整\n7．未尽事宜详见设计图纸、图集、设计补充说明、招标文件、政府相关文件及规范等其它资料，满足验收要求","1．部位：门斗、门厅、中庭、走道等\n4. 面层材料品种、规格、颜色：1.2mm仿铜不锈钢（MT-B04）\n5．防护材料种类：所有装修用木基层均应进行防火、防腐处理\n6. 施工时面层颜色、样式由甲方和设计单位确认选样，投标人综合考虑报价，加工、切割、折边、损耗等不另计，中标后综合单价不予调整\n7．未尽事宜详见设计图纸、图集、设计补充说明、招标文件、政府相关文件及规范等其它资料，满足验收要求","不锈钢及玻璃制品","1包","m2",551.04,354.25,195205.92,19,"按深化节点图与实际的展开面积计算（见光面）",435,550,239250,"m2",435,239250,-116.03999999999996,{"v":0.7894163763066203,"d":"0.79"},true,44044.07999999999]
[338,"7#","工程名称：7#-公区",20,11207001003,"墙面装饰板","1．部位：门厅等\n2．龙骨材料种类、规格：轻钢龙骨，规格尺寸满足现场和规范要求\n3．基层材料种类、规格：双层12mm阻燃夹板，局部层数增减\n4. 面层材料品种、规格、颜色：1.2mm仿铜不锈钢（MT-B04）\n5．防护材料种类：所有装修用木基层均应进行防火、防腐处理\n6. 施工时面层颜色、样式由甲方和设计单位确认选样，投标人综合考虑报价，加工、切割、折边、损耗等不另计，中标后综合单价不予调整\n7．未尽事宜详见设计图纸、图集、设计补充说明、招标文件、政府相关文件及规范等其它资料，满足验收要求","1．部位：门厅等\n4. 面层材料品种、规格、颜色：1.2mm仿铜不锈钢（MT-B04）\n5．防护材料种类：所有装修用木基层均应进行防火、防腐处理\n6. 施工时面层颜色、样式由甲方和设计单位确认选样，投标人综合考虑报价，加工、切割、折边、损耗等不另计，中标后综合单价不予调整\n7．未尽事宜详见设计图纸、图集、设计补充说明、招标文件、政府相关文件及规范等其它资料，满足验收要求","不锈钢及玻璃制品","1包","m2",15.2,354.25,5384.6,20,"按深化节点图与实际的展开面积计算（见光面）",16,550,8800,"m2",16,8800,0.8000000000000007,{"v":1.0526315789473684,"d":"1.05"},true,3415.3999999999996]
[339,"7#","工程名称：7#-公区",34,11204001001,"石材墙面","1. 部位：门厅等\n2. 埋板：热镀锌后置埋板，高强化学锚栓固定\n3. 钢骨架材料、间距：热浸镀锌钢方管立柱，综合考虑镀锌钢骨架规格尺寸，满足现场和规范要求，施工时提供受力计算书\n4. 基层材料种类、规格：双层9mm阻燃夹板\n5. 面层材料品种、规格、品牌、颜色：1.2mm仿铜不锈钢（MT-B04）包边，15mm透光白玉大理石（ST-B06），专用卡固件固定\n6. 所有石材材料在施工前须做六面防护处理,石材结晶，以保证防水、防腐、防污、防油\n7. 施工时面层颜色、样式由甲方和设计单位确认选样，倒角，磨边、切割等加工费不另计，投标人综合考虑报价，中标后综合单价不予调整\n8．未尽事宜详见设计图纸、图集、设计补充说明、招标文件、政府相关文件及规范等其它资料，满足验收要求","1. 部位：门厅等\n5. 面层材料品种、规格、品牌、颜色：1.2mm仿铜不锈钢（MT-B04）包边\n7. 施工时面层颜色、样式由甲方和设计单位确认选样，倒角，磨边、切割等加工费不另计，投标人综合考虑报价，中标后综合单价不予调整\n8．未尽事宜详见设计图纸、图集、设计补充说明、招标文件、政府相关文件及规范等其它资料，满足验收要求","不锈钢及玻璃制品","1包","m2",29.05,230.26,6689.13,34,"按深化节点图与实际的展开面积计算（见光面）",24.5,550,13475,"m2",24.5,13475,-4.550000000000001,{"v":0.8433734939759036,"d":"0.84"},true,6785.87]
[340,"7#","工程名称：7#-公区",35,11210006001,"不锈钢屏风","1.部位：门厅\n2. 面层材料种类、规格：边框1.2mm60*60仿铜不锈钢方通（MT-B04），局部横向1.2mm40*40仿铜不锈钢方通（MT-B04）、1.2mm外径15mm仿铜不锈钢圆通（MT-B04）、1.2mm60*20*120仿铜不锈钢（MT-B04）\n3. 立面投影面积计算\n4.防护材料种类：所有装修用木基层均应进行防火、防腐处理\n5.施工时面层颜色、样式由甲方和设计单位确认选样，投标人综合考虑报价，加工、切割、折边、损耗等不另计，中标后综合单价不予调整\n7.未尽事宜详见设计图纸、图集、设计补充说明、招标文件、政府相关文件及规范等其它资料，满足验收要求","1.部位：门厅\n2. 面层材料种类、规格：边框1.2mm60*60仿铜不锈钢方通（MT-B04），局部横向1.2mm40*40仿铜不锈钢方通（MT-B04）、1.2mm外径15mm仿铜不锈钢圆通（MT-B04）、1.2mm60*20*120仿铜不锈钢（MT-B04）\n3. 立面投影面积计算\n4.防护材料种类：所有装修用木基层均应进行防火、防腐处理\n5.施工时面层颜色、样式由甲方和设计单位确认选样，投标人综合考虑报价，加工、切割、折边、损耗等不另计，中标后综合单价不予调整\n7.未尽事宜详见设计图纸、图集、设计补充说明、招标文件、政府相关文件及规范等其它资料，满足验收要求","不锈钢及玻璃制品","1包","m2",19.28,1517.77,29262.62,35,"按投影面积",19.6,1380,27048.000000000004,"m2",19.28,26606.4,0.3200000000000003,{"v":1.016597510373444,"d":"1.02"},true,-2214.6199999999953]
[341,"7#","工程名称：7#-公区",37,11502001001,"金属装饰条","1. 部位：公共走道等\n2. 龙骨材料种类、规格：20x20热镀锌方通、热镀锌角钢等热镀锌钢龙骨\n3. 嵌条材料品种、规格、颜色：直径80mm仿铜不锈钢圆形线条（MT-B04）\n4．施工时面层颜色、样式由甲方和设计单位确认选样，投标人综合考虑报价，加工、切割、折边、损耗等不另计，中标后综合单价不予调整\n5．未尽事宜详见设计图纸、图集、设计补充说明、招标文件、政府相关文件及规范等其它资料，满足验收要求。","1. 部位：公共走道等\n3. 嵌条材料品种、规格、颜色：直径80mm仿铜不锈钢圆形线条（MT-B04）\n4．施工时面层颜色、样式由甲方和设计单位确认选样，投标人综合考虑报价，加工、切割、折边、损耗等不另计，中标后综合单价不予调整\n5．未尽事宜详见设计图纸、图集、设计补充说明、招标文件、政府相关文件及规范等其它资料，满足验收要求。","不锈钢及玻璃制品","1包","m",13,49.05,637.65,37,"按现场实际发生量长度计算",13,220,2860,"m",13,2860,0,{"v":1,"d":"1.00"},true,2222.35]
[342,"7#","工程名称：7#-公区",44,"WB011302005006","天棚不锈钢板","1. 部位：门斗、门厅等\n2. 吊杆种类、规格：φ8热镀锌钢筋吊杆间距@≤1200mm，\n3. 龙骨材料种类、规格：CS60主龙骨吊件，CS60主龙骨间距@≤1200mm，C50*20*0.6次龙骨间距@400mm，局部钢龙骨加固\n4. 基层材料种类、规格：双层9mm硅酸钙板\n5. 面层材料品种、规格、颜色:1.2mm仿铜不锈钢（MT-B04）\n6. 施工时面层颜色、样式由甲方和设计单位确认选样，切割等加工费不另计，投标人综合考虑报价，中标后综合单价不予调整\n7. 未尽事宜详见设计图纸、图集、设计补充说明、招标文件、政府相关文件及规范等其它资料，满足验收要求","1. 部位：门斗、门厅等\n5. 面层材料品种、规格、颜色:1.2mm仿铜不锈钢（MT-B04）\n6. 施工时面层颜色、样式由甲方和设计单位确认选样，切割等加工费不另计，投标人综合考虑报价，中标后综合单价不予调整\n7. 未尽事宜详见设计图纸、图集、设计补充说明、招标文件、政府相关文件及规范等其它资料，满足验收要求","不锈钢及玻璃制品","1包","m2",13.03,354.25,4615.88,44,"按深化节点图与实际的展开面积计算（见光面）",13.2,550,7260,"m2",13.2,7260,0.16999999999999993,{"v":1.0130468150422103,"d":"1.01"},true,2644.12]
[343,"7#","工程名称：7#-公区",54,"WB011501001001","服务台","1.部位：门厅\n2 台柜规格：长4800*高1100*宽1000mm\n3. 材料种类、规格：镀锌方管钢架、双层9mm阻燃夹板基层+12mm深橡木饰面（WD-B01）\n4. 外饰面：25mm巴洛克紫大理石（ST-B07）、瑞吉黑大理石（ST-B08）、1.2mm仿铜覆膜不锈钢踢脚（MT-B03）\n5. 台面材料、规格：25mm巴洛克紫大理石（ST-B07）、瑞吉黑大理石（ST-B08）\n6. 五金种类、规格：含所有配套不锈钢五金件\n7. 施工时面层颜色、样式由甲方和设计单位确认选样，加工、排版损耗等不另计，投标人综合考虑报价，中标后综合单价不予调整\n8. 未尽事宜详见设计图纸、图集、设计补充说明、招标文件、政府相关文件及规范等其它资料，满足验收要求","1.部位：门厅\n2 台柜规格：长4800*高1100*宽1000mm\n4. 外饰面：1.2mm仿铜覆膜不锈钢踢脚（MT-B03）\n7. 施工时面层颜色、样式由甲方和设计单位确认选样，加工、排版损耗等不另计，投标人综合考虑报价，中标后综合单价不予调整\n8. 未尽事宜详见设计图纸、图集、设计补充说明、招标文件、政府相关文件及规范等其它资料，满足验收要求","不锈钢及玻璃制品","1包","m",4.8,43.6,209.28,54,"按现场实际发生量长度计算",5,45,225,"m",5,225,0.20000000000000018,{"v":1.0416666666666667,"d":"1.04"},true,15.719999999999999]
[344,"7#","工程名称：7#-公区",55,11502001002,"金属装饰条","1．部位：收边、嵌条\n2．嵌条材料品种、规格、颜色：1.2mm仿铜不锈钢(MT-B04)，展开宽度60以内\n3．施工时面层颜色、样式由甲方和设计单位确认选样，投标人综合考虑报价，加工、切割、折边、损耗等不另计，中标后综合单价不予调整\n4．未尽事宜详见设计图纸、图集、设计补充说明、招标文件、政府相关文件及规范等其它资料，满足验收要求。","1．部位：收边、嵌条\n2．嵌条材料品种、规格、颜色：1.2mm仿铜不锈钢(MT-B04)，展开宽度60以内\n3．施工时面层颜色、样式由甲方和设计单位确认选样，投标人综合考虑报价，加工、切割、折边、损耗等不另计，中标后综合单价不予调整\n4．未尽事宜详见设计图纸、图集、设计补充说明、招标文件、政府相关文件及规范等其它资料，满足验收要求。","不锈钢及玻璃制品","1包","m",129.56,43.6,5648.82,55,"按现场实际发生量长度计算",135,50,6750,"m",129.56,6478,5.439999999999998,{"v":1.0419882679839456,"d":"1.04"},true,1101.1800000000003]
[345,"7#","工程名称：7#-公区",56,11502001003,"金属装饰条","1．部位：收边、嵌条\n2．嵌条材料品种、规格、颜色：1.2mm仿铜不锈钢(MT-B04)，展开宽度60~100mm以内\n3．施工时面层颜色、样式由甲方和设计单位确认选样，投标人综合考虑报价，加工、切割、折边、损耗等不另计，中标后综合单价不予调整\n4．未尽事宜详见设计图纸、图集、设计补充说明、招标文件、政府相关文件及规范等其它资料，满足验收要求。","1．部位：收边、嵌条\n2．嵌条材料品种、规格、颜色：1.2mm仿铜不锈钢(MT-B04)，展开宽度60~100mm以内\n3．施工时面层颜色、样式由甲方和设计单位确认选样，投标人综合考虑报价，加工、切割、折边、损耗等不另计，中标后综合单价不予调整\n4．未尽事宜详见设计图纸、图集、设计补充说明、招标文件、政府相关文件及规范等其它资料，满足验收要求。","不锈钢及玻璃制品","1包","m",45.24,59.95,2712.14,56,"按现场实际发生量长度计算",48,60,2880,"m",45.24,2714.4,2.759999999999998,{"v":1.0610079575596816,"d":"1.06"},true,167.86000000000013]
[346,"7#","工程名称：7#-公区",62,"WB010801004003","装饰门扇安装","1. 部位：多功能厅、餐厅、会见厅、会议室等\n2. 门扇龙骨、基层材料种类、规格：25mm细木工板+9mm阻燃夹板+四周热镀锌方通固定\n3. 面层材料品种、规格、颜色：皮革硬包（12mm雪弗板内衬板）（UP-B02）+1.2mm厚仿铜不锈钢（MT-B04）+仿铜不锈钢嵌条，定制成品金属门拉手\n4. 五金品种、规格：包含但不限于门锁、天地轴承、五金合页等完成此项工作的五金配件\n5. 施工时面层颜色、样式由甲方和设计单位确认选样，投标人综合考虑报价，加工、损耗等不另计，中标后综合单价不予调整\n6. 未尽事宜详见设计图纸、图集、设计补充说明、招标文件、政府相关文件及规范等其它资料，满足验收要求","1. 部位：多功能厅、餐厅、会见厅、会议室等\n3. 面层材料品种、规格、颜色：皮革硬包（12mm雪弗板内衬板）（UP-B02）+1.2mm厚仿铜不锈钢（MT-B04）+仿铜不锈钢嵌条\n5. 施工时面层颜色、样式由甲方和设计单位确认选样，投标人综合考虑报价，加工、损耗等不另计，中标后综合单价不予调整\n6. 未尽事宜详见设计图纸、图集、设计补充说明、招标文件、政府相关文件及规范等其它资料，满足验收要求","不锈钢及玻璃制品","1包","m2",120,"","",62,"按深化节点图与实际的展开面积计算（见光面）",48.8,560,27328,"m2",48.8,27328,-71.2,{"v":0.4066666666666666,"d":"0.41"},true]
[347,"7#","工程名称：7#-公区",63,10801004002,"装饰防火门","1. 部位：音控室等\n2. 门扇龙骨、基层材料种类、规格：甲级防火门门芯(须满足当地消防部门的防火认证)+12mm阻燃夹板+四周热镀锌方通固定\n3. 面层材料品种、规格、颜色：木转印+硬包造型、木饰面手扫漆，定制成品金属门拉手，包含木转印门套\n4. 五金品种、规格：包含但不限于门锁、五金、合页等完成此项工作的五金配件\n5. 施工时面层颜色、样式由甲方和设计单位确认选样，投标人综合考虑报价，加工、损耗等不另计，中标后综合单价不予调整\n6. 未尽事宜详见设计图纸、图集、设计补充说明、招标文件、政府相关文件及规范等其它资料，满足验收要求","1. 部位：音控室等\n3. 面层材料品种、规格、颜色：木转印+硬包造型，包含木转印门套\n5. 施工时面层颜色、样式由甲方和设计单位确认选样，投标人综合考虑报价，加工、损耗等不另计，中标后综合单价不予调整\n6. 未尽事宜详见设计图纸、图集、设计补充说明、招标文件、政府相关文件及规范等其它资料，满足验收要求","不锈钢及玻璃制品","1包","m2",4.28,152.6,653.13,63,"按深化节点图与实际的展开面积计算（见光面）",4.3,560,2408,"m2",4.3,2408,0.019999999999999574,{"v":1.0046728971962615,"d":"1.00"},true,1754.87]
[348,"7#","工程名称：7#-公区",64,10801004003,"装饰防火门","1. 部位：配套房间等\n2. 门扇龙骨、基层材料种类、规格：乙级防火门门芯(须满足当地消防部门的防火认证)+12mm阻燃夹板+四周热镀锌方通固定\n3. 面层材料品种、规格、颜色：木转印，定制成品金属门拉手，包含木转印门套\n4. 五金品种、规格：包含但不限于门锁、五金、合页等完成此项工作的五金配件\n5. 施工时面层颜色、样式由甲方和设计单位确认选样，投标人综合考虑报价，加工、损耗等不另计，中标后综合单价不予调整\n6. 未尽事宜详见设计图纸、图集、设计补充说明、招标文件、政府相关文件及规范等其它资料，满足验收要求","1. 部位：配套房间等\n3. 面层材料品种、规格、颜色：木转印，包含木转印门套\n5. 施工时面层颜色、样式由甲方和设计单位确认选样，投标人综合考虑报价，加工、损耗等不另计，中标后综合单价不予调整\n6. 未尽事宜详见设计图纸、图集、设计补充说明、招标文件、政府相关文件及规范等其它资料，满足验收要求","不锈钢及玻璃制品","1包","m2",1.86,305.2,567.67,64,"按深化节点图与实际的展开面积计算（见光面）",1.86,560,1041.6000000000001,"m2",1.86,1041.6000000000001,0,{"v":1,"d":"1.00"},true,473.9300000000002]
[349,"7#","工程名称：7#-公区",65,"WB010801004004","旋转门","1.工程部位：多功能厅等\n2.门龙骨材质种类、规格：成品门芯+40*40*4mm镀锌方钢\n3.门基层材质种类、规格：12mm阻燃夹板+局部双层9mm阻燃夹板等\n4.面层材料品种、规格、颜色：皮革硬包（UP-B02）+1.2mm厚仿铜不锈钢（MT-B04）+5mm宽仿铜不锈钢嵌条\n5.五金品种、规格：包含但不限于重型上下枢轴、重型天地轴、暗藏五金合页等完成此项工作的全部五金配件\n6.施工时面层颜色、样式由甲方和设计单位确认选样，投标人综合考虑报价，加工、损耗等不另计，中标后综合单价不予调整\n7.未尽事宜详见设计图纸、图集、设计补充说明、招标文件、政府相关文件及规范等其它资料，满足验收要求","1.工程部位：多功能厅等\n2.门龙骨材质种类、规格：成品门芯+40*40*4mm镀锌方钢\n3.门基层材质种类、规格：12mm阻燃夹板+局部双层9mm阻燃夹板等\n4.面层材料品种、规格、颜色：皮革硬包（UP-B02）+1.2mm厚仿铜不锈钢（MT-B04）+5mm宽仿铜不锈钢嵌条\n5.五金品种、规格：包含但不限于重型上下枢轴、重型天地轴、暗藏五金合页等完成此项工作的全部五金配件\n6.施工时面层颜色、样式由甲方和设计单位确认选样，投标人综合考虑报价，加工、损耗等不另计，中标后综合单价不予调整\n7.未尽事宜详见设计图纸、图集、设计补充说明、招标文件、政府相关文件及规范等其它资料，满足验收要求","旋转门","1包","m2",52.48,1974.72,103633.32,65,"按投影面积",52.48,1380,72422.4,"m2",52.48,72422.4,0,{"v":1,"d":"1.00"},true,-31210.920000000013]
[350,"7#","工程名称：7#-公区",66,10808001002,"不锈钢门套","1. 部位：各功能房间等\n2. 龙骨材料种类、规格：热镀锌钢龙骨（不分规格型号，投标人综合考虑）\n3. 基层材料种类、规格：双层12mm阻燃夹板\n4. 面层材料品种、规格、颜色：1.2mm仿铜不锈钢（MT-B04）\n5. 防护材料种类：所有装修用木材均应进行防火、防腐处理\n6. 施工时面层颜色、样式由甲方和设计单位确认选样，投标人综合考虑报价，加工、切割、折边、损耗等不另计，中标后综合单价不予调整\n7. 未尽事宜详见设计图纸、图集、设计补充说明、招标文件、政府相关文件及规范等其它资料，满足验收要求","1. 部位：各功能房间等\n4. 面层材料品种、规格、颜色：1.2mm仿铜不锈钢（MT-B04）\n5. 防护材料种类：所有装修用木材均应进行防火、防腐处理\n6. 施工时面层颜色、样式由甲方和设计单位确认选样，投标人综合考虑报价，加工、切割、折边、损耗等不另计，中标后综合单价不予调整\n7. 未尽事宜详见设计图纸、图集、设计补充说明、招标文件、政府相关文件及规范等其它资料，满足验收要求","不锈钢及玻璃制品","1包","m2",98.97,381.5,37757.05,66,"按深化节点图与实际的展开面积计算（见光面）",99.8,550,54890,"m2",99.8,54890,0.8299999999999983,{"v":1.0083863797110235,"d":"1.01"},true,17132.949999999997]
[351,"7#","工程名称：7#-公区",83,"WB011105006002","成品踢脚线","1. 部位：会议、餐厅、多功能、会见室等\n2. 踢脚线高度：50mm高\n3．基层材料种类、规格：12mm阻燃夹板\n4．面层材料品种、规格、颜色：1.2mm仿铜不锈钢（MT-B04)\n5．施工时面层颜色、样式由甲方和设计单位确认选样，投标人综合考虑报价，加工、切割、折边、损耗等不另计，中标后综合单价不予调整\n6．未尽事宜详见设计图纸、图集、设计补充说明、招标文件、政府相关文件及规范等其它资料，满足验收要求","1. 部位：会议、餐厅、多功能、会见室等\n2. 踢脚线高度：50mm高\n4．面层材料品种、规格、颜色：1.2mm仿铜不锈钢（MT-B04)\n5．施工时面层颜色、样式由甲方和设计单位确认选样，投标人综合考虑报价，加工、切割、折边、损耗等不另计，中标后综合单价不予调整\n6．未尽事宜详见设计图纸、图集、设计补充说明、招标文件、政府相关文件及规范等其它资料，满足验收要求","不锈钢及玻璃制品","1包","m",658.6,43.6,28714.96,83,"按现场实际发生量长度计算",715,45,32175,"m",658.6,29637,56.39999999999998,{"v":1.0856361979957485,"d":"1.09"},true,3460.040000000001]
[352,"7#","工程名称：7#-公区",92,11207001012,"墙面装饰板","1．部位：餐厅、会议、会见、活动室等\n2．龙骨材料种类、规格：热镀锌钢龙骨（不分规格型号，投标人综合考虑），内塞50mm厚岩棉(容重80kg/m3)\n3．基层材料种类、规格：双层12mm阻燃夹板\n4. 面层材料品种、规格、颜色：1.2mm仿铜不锈钢（MT-B04）\n5．防护材料种类：所有装修用木基层均应进行防火、防腐处理\n6. 施工时面层颜色、样式由甲方和设计单位确认选样，投标人综合考虑报价，加工、切割、折边、损耗等不另计，中标后综合单价不予调整\n7．未尽事宜详见设计图纸、图集、设计补充说明、招标文件、政府相关文件及规范等其它资料，满足验收要求","1．部位：餐厅、会议、会见、活动室等\n4. 面层材料品种、规格、颜色：1.2mm仿铜不锈钢（MT-B04）\n5．防护材料种类：所有装修用木基层均应进行防火、防腐处理\n6. 施工时面层颜色、样式由甲方和设计单位确认选样，投标人综合考虑报价，加工、切割、折边、损耗等不另计，中标后综合单价不予调整\n7．未尽事宜详见设计图纸、图集、设计补充说明、招标文件、政府相关文件及规范等其它资料，满足验收要求","不锈钢及玻璃制品","1包","m2",101.85,354.25,36080.36,92,"按深化节点图与实际的展开面积计算（见光面）",102.5,550,56375,"m2",102.5,56375,0.6500000000000057,{"v":1.0063819342169857,"d":"1.01"},true,20294.64]
[353,"7#","工程名称：7#-公区",107,11210003001,"小便斗玻璃隔断","1.部位：卫生间\n2.龙骨材料种类、规格：热镀锌钢龙骨（不分规格型号，投标人综合考虑）\n3.基层材料种类、规格：9mm阻燃夹板\n4.隔断面层：6+1.52pvb+6mm夹丝玻璃（GL-B04）+1.2mm仿铜不锈钢（MT-B04）\n5.防护材料种类：所有装修用木基层均应进行防火、防腐处理\n6.施工时面层颜色、样式由甲方和设计单位确认选样，投标人综合考虑报价，加工、切割、折边、损耗等不另计，中标后综合单价不予调整\n7.未尽事宜详见设计图纸、图集、设计补充说明、招标文件、政府相关文件及规范等其它资料，满足验收要求","1.部位：卫生间\n4.隔断面层：6+1.52pvb+6mm夹丝玻璃（GL-B04）+1.2mm仿铜不锈钢（MT-B04）\n5.防护材料种类：所有装修用木基层均应进行防火、防腐处理\n6.施工时面层颜色、样式由甲方和设计单位确认选样，投标人综合考虑报价，加工、切割、折边、损耗等不另计，中标后综合单价不予调整\n7.未尽事宜详见设计图纸、图集、设计补充说明、招标文件、政府相关文件及规范等其它资料，满足验收要求","不锈钢及玻璃制品","1包","m2",6.3,1090,6867,107,"按投影面积",7.3,950,6935,"m2",6.3,5985,1,{"v":1.1587301587301588,"d":"1.16"},true,68]
[354,"7#","工程名称：7#-公区",111,"WB011302005010","天棚不锈钢","1. 部位：多功能厅等\n2. 龙骨材料种类、规格：热镀锌钢龙骨（不分规格型号，投标人综合考虑）\n3. 基层材料种类、规格：双层9mm硅酸钙板\n5. 面层材料品种、规格、颜色:1.2mm仿木纹覆膜不锈钢（MT-B02），局部圆形造型综合考虑报价\n6. 施工时面层颜色、样式由甲方和设计单位确认选样，切割等加工费不另计，投标人综合考虑报价，中标后综合单价不予调整\n7. 未尽事宜详见设计图纸、图集、设计补充说明、招标文件、政府相关文件及规范等其它资料，满足验收要求","1. 部位：多功能厅等\n5. 面层材料品种、规格、颜色:1.2mm仿木纹覆膜不锈钢（MT-B02），局部圆形造型综合考虑报价\n6. 施工时面层颜色、样式由甲方和设计单位确认选样，切割等加工费不另计，投标人综合考虑报价，中标后综合单价不予调整\n7. 未尽事宜详见设计图纸、图集、设计补充说明、招标文件、政府相关文件及规范等其它资料，满足验收要求","不锈钢及玻璃制品","1包","m2",349.14,354.25,123682.84,111,"按深化节点图与实际的展开面积计算（见光面）",349,570,198930,"m2",349,198930,-0.13999999999998636,{"v":0.9995990147218881,"d":"1.00"},true,75247.16]
[355,"7#","工程名称：7#-公区",115,"WB011302005014","天棚不锈钢板","1. 部位：活动室\n2. 吊杆种类、规格：φ8热镀锌钢筋吊杆间距@≤1200mm，\n3. 龙骨材料种类、规格：CS60主龙骨吊件，CS60主龙骨间距@≤1200mm，C50*20*0.6次龙骨间距@400mm，局部钢龙骨加固\n4. 基层材料种类、规格：双层9mm硅酸钙板\n5. 面层材料品种、规格、颜色:1.2mm仿木纹覆膜不锈钢（MT-B02）\n6. 施工时面层颜色、样式由甲方和设计单位确认选样，切割等加工费不另计，投标人综合考虑报价，中标后综合单价不予调整\n7. 未尽事宜详见设计图纸、图集、设计补充说明、招标文件、政府相关文件及规范等其它资料，满足验收要求","1. 部位：活动室\n5. 面层材料品种、规格、颜色:1.2mm仿木纹覆膜不锈钢（MT-B02）\n6. 施工时面层颜色、样式由甲方和设计单位确认选样，切割等加工费不另计，投标人综合考虑报价，中标后综合单价不予调整\n7. 未尽事宜详见设计图纸、图集、设计补充说明、招标文件、政府相关文件及规范等其它资料，满足验收要求","不锈钢及玻璃制品","1包","m2",80.79,354.25,28619.86,115,"按深化节点图与实际的展开面积计算（见光面）",80.7,570,45999,"m2",80.7,45999,-0.09000000000000341,{"v":0.9988860007426661,"d":"1.00"},true,17379.14]
[356,"7#","工程名称：7#-公区",116,"WB011302005015","天棚不锈钢板（弧形）","1. 部位：餐厅圆顶\n2. 吊杆种类、规格：φ8热镀锌钢筋吊杆间距@≤1200mm，\n3. 龙骨材料种类、规格：CS60主龙骨吊件，CS60主龙骨间距@≤1200mm，C50*20*0.6次龙骨间距@400mm，局部钢龙骨加固\n4. 基层材料种类、规格：双层9mm硅酸钙板\n5. 面层材料品种、规格、颜色:1.2mm仿铜不锈钢（MT-B04）\n6. 施工时面层颜色、样式由甲方和设计单位确认选样，切割等加工费不另计，投标人综合考虑报价，中标后综合单价不予调整\n7. 未尽事宜详见设计图纸、图集、设计补充说明、招标文件、政府相关文件及规范等其它资料，满足验收要求","1. 部位：餐厅圆顶\n5. 面层材料品种、规格、颜色:1.2mm仿铜不锈钢（MT-B04）\n6. 施工时面层颜色、样式由甲方和设计单位确认选样，切割等加工费不另计，投标人综合考虑报价，中标后综合单价不予调整\n7. 未尽事宜详见设计图纸、图集、设计补充说明、招标文件、政府相关文件及规范等其它资料，满足验收要求","不锈钢及玻璃制品","1包","m2",76.78,354.25,27199.31,116,"按深化节点图与实际的展开面积计算（见光面）",76.8,2380,182784,"m2",76.8,182784,0.01999999999999602,{"v":1.0002604845011722,"d":"1.00"},true,155584.69]
[357,"7#","工程名称：7#-公区",117,"WB011302005016","天棚不锈钢板","1. 部位：餐厅、会见室等\n2. 吊杆种类、规格：φ8热镀锌钢筋吊杆间距@≤1200mm，\n3. 龙骨材料种类、规格：CS60主龙骨吊件，CS60主龙骨间距@≤1200mm，C50*20*0.6次龙骨间距@400mm，局部钢龙骨加固\n4. 基层材料种类、规格：双层9mm硅酸钙板\n5. 面层材料品种、规格、颜色:1.2mm仿铜不锈钢（MT-B04）\n6. 施工时面层颜色、样式由甲方和设计单位确认选样，切割等加工费不另计，投标人综合考虑报价，中标后综合单价不予调整\n7. 未尽事宜详见设计图纸、图集、设计补充说明、招标文件、政府相关文件及规范等其它资料，满足验收要求","1. 部位：餐厅、会见室等\n5. 面层材料品种、规格、颜色:1.2mm仿铜不锈钢（MT-B04）\n6. 施工时面层颜色、样式由甲方和设计单位确认选样，切割等加工费不另计，投标人综合考虑报价，中标后综合单价不予调整\n7. 未尽事宜详见设计图纸、图集、设计补充说明、招标文件、政府相关文件及规范等其它资料，满足验收要求","不锈钢及玻璃制品","1包","m2",69.02,354.25,24450.33,117,"按深化节点图与实际的展开面积计算（见光面）",69,550,37950,"m2",69,37950,-0.01999999999999602,{"v":0.999710228919154,"d":"1.00"},true,13499.669999999998]
[358,"7#","工程名称：7#-公区",118,"WB011302005017","天棚不锈钢板","1. 部位：会议室\n2.基层材料种类、规格：双层9mm硅酸钙板\n3. 面层材料品种、规格、颜色:1.2mm仿铜覆膜不锈钢（MT-B02）\n4. 施工时面层颜色、样式由甲方和设计单位确认选样，切割等加工费不另计，投标人综合考虑报价，中标后综合单价不予调整\n5. 未尽事宜详见设计图纸、图集、设计补充说明、招标文件、政府相关文件及规范等其它资料，满足验收要求","1. 部位：会议室\n3. 面层材料品种、规格、颜色:1.2mm仿铜覆膜不锈钢（MT-B02）\n4. 施工时面层颜色、样式由甲方和设计单位确认选样，切割等加工费不另计，投标人综合考虑报价，中标后综合单价不予调整\n5. 未尽事宜详见设计图纸、图集、设计补充说明、招标文件、政府相关文件及规范等其它资料，满足验收要求","不锈钢及玻璃制品","1包","m2",6.54,354.25,2316.79,118,"按深化节点图与实际的展开面积计算（见光面）",8.1,550,4455,"m2",8.1,4455,1.5599999999999996,{"v":1.238532110091743,"d":"1.24"},true,2138.21]
[359,"7#","工程名称：7#-公区",119,"WB011302005018","天棚不锈钢板","1. 部位：休息室\n2.基层材料种类、规格：双层9mm硅酸钙板\n3. 面层材料品种、规格、颜色:1.2mm拉丝黑钢（MT-B12）\n4. 施工时面层颜色、样式由甲方和设计单位确认选样，切割等加工费不另计，投标人综合考虑报价，中标后综合单价不予调整\n5. 未尽事宜详见设计图纸、图集、设计补充说明、招标文件、政府相关文件及规范等其它资料，满足验收要求","1. 部位：休息室\n3. 面层材料品种、规格、颜色:1.2mm拉丝黑钢（MT-B12）\n4. 施工时面层颜色、样式由甲方和设计单位确认选样，切割等加工费不另计，投标人综合考虑报价，中标后综合单价不予调整\n5. 未尽事宜详见设计图纸、图集、设计补充说明、招标文件、政府相关文件及规范等其它资料，满足验收要求","不锈钢及玻璃制品","1包","m2",5.01,354.25,1774.79,119,"按深化节点图与实际的展开面积计算（见光面）",5,550,2750,"m2",5,2750,-0.009999999999999787,{"v":0.9980039920159681,"d":"1.00"},true,975.21]
[360,"7#","工程名称：7#-公区",126,"ZB011304002002","定制百叶","1. 部位：多功能厅等\n2. 百叶材料品种、规格：仿铜不锈钢定制百叶（MT-B07）\n3．未尽事宜详见设计图纸、图集、设计补充说明、招标文件、政府相关文件及规范等其它资料，满足验收要求","1. 部位：多功能厅等\n2. 百叶材料品种、规格：仿铜不锈钢定制百叶（MT-B07）\n3．未尽事宜详见设计图纸、图集、设计补充说明、招标文件、政府相关文件及规范等其它资料，满足验收要求","不锈钢及玻璃制品","1包","m2",8.44,1000.62,8445.23,126,"按投影面积",8.44,950,8017.999999999999,"m2",8.44,8017.999999999999,0,{"v":1,"d":"1.00"},true,-427.2300000000005]
[361,"7#","工程名称：7#-公区",132,"WB011501001003","镜柜","1. 部位：卫生间等\n2. 龙骨材料种类、规格：热镀锌钢龙骨（不分规格型号，投标人综合考虑）+20*40mm木方（阻燃处理）等\n3. 基层材料种类、规格：12mm阻燃板\n4. 面层材料品种、规格、颜色：5mm银镜饰面（MR-B01）+1.2mm仿铜不锈钢（MT-B04）+四周不锈钢包边\n5. 防护材料种类：所有装修用木基层均应进行防火、防腐处理\n6. 施工时面层颜色、样式由甲方和设计单位确认选样，投标人综合考虑报价，加工、切割、折边、损耗等不另计，中标后综合单价不予调整\n7. 未尽事宜详见设计图纸、图集、设计补充说明、招标文件、政府相关文件及规范等其它资料，满足验收要求","1. 部位：卫生间等\n4. 面层材料品种、规格、颜色：5mm银镜饰面（MR-B01）+1.2mm仿铜不锈钢（MT-B04）+四周不锈钢包边\n5. 防护材料种类：所有装修用木基层均应进行防火、防腐处理\n6. 施工时面层颜色、样式由甲方和设计单位确认选样，投标人综合考虑报价，加工、切割、折边、损耗等不另计，中标后综合单价不予调整\n7. 未尽事宜详见设计图纸、图集、设计补充说明、招标文件、政府相关文件及规范等其它资料，满足验收要求","不锈钢及玻璃制品","1包","m2",21.08,849.52,17907.97,132,"按投影面积",22.6,385,8701,"m2",21.08,8115.799999999999,1.5200000000000031,{"v":1.0721062618595827,"d":"1.07"},true,-9206.970000000001]
[362,"7#","工程名称：7#-公区",135,"WB011501001006","衣柜","1．部位：会议室二\n2．规格：650mm宽\n3．龙骨材料种类、规格：热镀锌钢龙骨（不分规格型号，投标人综合考虑）、30*30mm木方(阻燃处理)\n4．基层板材料种类、规格：15mm阻燃夹板等基层类型及厚度综合考虑\n5．材料种类：12mm深橡木饰面（WD-B01）、抽屉柜、不锈钢门把手、不锈钢踢脚线等\n6．五金种类、规格：单价包含五金合页、抽屉滑轨、阻尼隔振胶垫、暗藏灯槽等\n7．按照立面投影面积计算\n8．防护材料种类：所有装修用木基层均应进行防火、防腐处理\n9．施工时面层颜色、样式由甲方和设计单位确认选样，加工、排版损耗等不另计，投标人综合考虑报价，中标后综合单价不予调整\n10．未尽事宜详见设计图纸、图集、设计补充说明、招标文件、政府相关文件及规范等其它资料，满足验收要求","1．部位：会议室二\n2．规格：650mm宽\n5．材料种类：不锈钢踢脚线等\n7．按照立面投影面积计算\n8．防护材料种类：所有装修用木基层均应进行防火、防腐处理\n9．施工时面层颜色、样式由甲方和设计单位确认选样，加工、排版损耗等不另计，投标人综合考虑报价，中标后综合单价不予调整\n10．未尽事宜详见设计图纸、图集、设计补充说明、招标文件、政府相关文件及规范等其它资料，满足验收要求","不锈钢及玻璃制品","1包","m2",9.49,25.27,239.78,135,"按现场实际发生量长度计算",2.9,45,130.5,"m",2.9,130.5,-6.59,{"v":0.3055848261327713,"d":"0.31"},true,-109.28]
[363,"7#","工程名称：7#-公区",136,"WB011501001007","设备柜","1．部位：会议室二\n2．规格：650mm宽\n3．龙骨材料种类、规格：热镀锌钢龙骨（不分规格型号，投标人综合考虑）、30*30mm木方(阻燃处理)\n4．基层板材料种类、规格：15mm阻燃夹板等基层类型及厚度综合考虑\n5．材料种类：12mm深橡木饰面（WD-B01）、抽屉柜、不锈钢门把手、不锈钢踢脚线等\n6．五金种类、规格：单价包含五金合页、抽屉滑轨、阻尼隔振胶垫、暗藏灯槽等\n7．按照立面投影面积计算\n8．防护材料种类：所有装修用木基层均应进行防火、防腐处理\n9．施工时面层颜色、样式由甲方和设计单位确认选样，加工、排版损耗等不另计，投标人综合考虑报价，中标后综合单价不予调整\n10．未尽事宜详见设计图纸、图集、设计补充说明、招标文件、政府相关文件及规范等其它资料，满足验收要求","1．部位：会议室二\n2．规格：650mm宽\n5．材料种类：不锈钢踢脚线等\n7．按照立面投影面积计算\n8．防护材料种类：所有装修用木基层均应进行防火、防腐处理\n9．施工时面层颜色、样式由甲方和设计单位确认选样，加工、排版损耗等不另计，投标人综合考虑报价，中标后综合单价不予调整\n10．未尽事宜详见设计图纸、图集、设计补充说明、招标文件、政府相关文件及规范等其它资料，满足验收要求","不锈钢及玻璃制品","1包","m2",9.49,19.29,183.09,136,"按现场实际发生量长度计算",2.8,45,125.99999999999999,"m",2.8,125.99999999999999,-6.69,{"v":0.2950474183350895,"d":"0.30"},true,-57.09000000000002]
[364,"7#","工程名称：7#-公区",137,"WB011501001008","衣柜","1．部位：餐厅等\n2．规格：600mm宽\n3．龙骨材料种类、规格：热镀锌钢龙骨（不分规格型号，投标人综合考虑）、30*30mm木方(阻燃处理)\n4．基层板材料种类、规格：15mm阻燃夹板等基层类型及厚度综合考虑\n5．材料种类：12mm深橡木饰面（WD-B01）、抽屉柜、不锈钢门把手、不锈钢踢脚线等\n6．五金种类、规格：单价包含五金合页、抽屉滑轨、阻尼隔振胶垫、暗藏灯槽等\n7．按照立面投影面积计算\n8．防护材料种类：所有装修用木基层均应进行防火、防腐处理\n9．施工时面层颜色、样式由甲方和设计单位确认选样，加工、排版损耗等不另计，投标人综合考虑报价，中标后综合单价不予调整\n10．未尽事宜详见设计图纸、图集、设计补充说明、招标文件、政府相关文件及规范等其它资料，满足验收要求","1．部位：餐厅等\n2．规格：600mm宽\n5．材料种类：不锈钢踢脚线等\n7．按照立面投影面积计算\n8．防护材料种类：所有装修用木基层均应进行防火、防腐处理\n9．施工时面层颜色、样式由甲方和设计单位确认选样，加工、排版损耗等不另计，投标人综合考虑报价，中标后综合单价不予调整\n10．未尽事宜详见设计图纸、图集、设计补充说明、招标文件、政府相关文件及规范等其它资料，满足验收要求","不锈钢及玻璃制品","1包","m2",8.18,17.06,139.54,137,"按现场实际发生量长度计算",3.54,45,159.3,"m",3.54,159.3,-4.64,{"v":0.43276283618581907,"d":"0.43"},true,19.76000000000002]
[365,"7#","工程名称：7#-公区",138,11210006002,"不锈钢屏风","1. 部位：餐厅等\n2. 龙骨材料种类、规格：热镀锌钢龙骨（不分规格型号，投标人综合考虑） \n3. 基层材料种类、规格：12mm阻燃夹板+5厘板基层，局部双层或单层12mm阻燃夹板\n4. 面层材料种类、规格：仿铜不锈钢屏风（MT-04）\n5. 防护材料种类：所有装修用木基层均应进行防火、防腐处理\n6. 施工时面层颜色、样式由甲方和设计单位确认选样，投标人综合考虑报价，加工、切割、折边、损耗等不另计，中标后综合单价不予调整\n7. 未尽事宜详见设计图纸、图集、设计补充说明、招标文件、政府相关文件及规范等其它资料，满足验收要求","1. 部位：餐厅等\n4. 面层材料种类、规格：仿铜不锈钢屏风（MT-04）\n5. 防护材料种类：所有装修用木基层均应进行防火、防腐处理\n6. 施工时面层颜色、样式由甲方和设计单位确认选样，投标人综合考虑报价，加工、切割、折边、损耗等不另计，中标后综合单价不予调整\n7. 未尽事宜详见设计图纸、图集、设计补充说明、招标文件、政府相关文件及规范等其它资料，满足验收要求","不锈钢及玻璃制品","1包","m2",42.12,4247.41,178901.07,138,"按投影面积",42.2,2250,94950,"m2",42.12,94770,0.0800000000000054,{"v":1.0018993352326686,"d":"1.00"},true,-83951.07]
[366,"7#","工程名称：7#-公区",140,11502001004,"金属装饰条","1．部位：收边、嵌条\n2．嵌条材料品种、规格、颜色：1.2mm仿铜不锈钢(MT-B04)，展开宽度60以内\n3．施工时面层颜色、样式由甲方和设计单位确认选样，投标人综合考虑报价，加工、切割、折边、损耗等不另计，中标后综合单价不予调整\n4．未尽事宜详见设计图纸、图集、设计补充说明、招标文件、政府相关文件及规范等其它资料，满足验收要求。","1．部位：收边、嵌条\n2．嵌条材料品种、规格、颜色：1.2mm仿铜不锈钢(MT-B04)，展开宽度60以内\n3．施工时面层颜色、样式由甲方和设计单位确认选样，投标人综合考虑报价，加工、切割、折边、损耗等不另计，中标后综合单价不予调整\n4．未尽事宜详见设计图纸、图集、设计补充说明、招标文件、政府相关文件及规范等其它资料，满足验收要求。","不锈钢及玻璃制品","1包","m",946.09,43.6,41249.52,140,"按现场实际发生量长度计算",988,50,49400,"m",946.09,47304.5,41.90999999999997,{"v":1.0442981111733556,"d":"1.04"},true,8150.480000000003]
[367,"7#","工程名称：7#-公区",141,11502001005,"金属装饰条","1．部位：收边、嵌条\n2．嵌条材料品种、规格、颜色：1.2mm仿铜不锈钢(MT-B04)，展开宽度60~100mm以内\n3．施工时面层颜色、样式由甲方和设计单位确认选样，投标人综合考虑报价，加工、切割、折边、损耗等不另计，中标后综合单价不予调整\n4．未尽事宜详见设计图纸、图集、设计补充说明、招标文件、政府相关文件及规范等其它资料，满足验收要求。","1．部位：收边、嵌条\n2．嵌条材料品种、规格、颜色：1.2mm仿铜不锈钢(MT-B04)，展开宽度60~100mm以内\n3．施工时面层颜色、样式由甲方和设计单位确认选样，投标人综合考虑报价，加工、切割、折边、损耗等不另计，中标后综合单价不予调整\n4．未尽事宜详见设计图纸、图集、设计补充说明、招标文件、政府相关文件及规范等其它资料，满足验收要求。","不锈钢及玻璃制品","1包","m",63.92,59.95,3832,141,"按现场实际发生量长度计算",65,60,3900,"m",63.92,3835.2000000000003,1.0799999999999983,{"v":1.0168961201501876,"d":"1.02"},true,68]
[368,"7#","工程名称：7#-公区",158,"WB011501001010","镜柜","1. 部位：卫生间等\n2. 龙骨材料种类、规格：热镀锌钢龙骨（不分规格型号，投标人综合考虑）+20*40mm木方（阻燃处理）等\n3. 基层材料种类、规格：12mm阻燃板\n4. 面层材料品种、规格、颜色：5mm银镜饰面（MR-B01）+1.2mm仿铜不锈钢（MT-B04）+四周不锈钢包边\n5. 防护材料种类：所有装修用木基层均应进行防火、防腐处理\n6. 施工时面层颜色、样式由甲方和设计单位确认选样，投标人综合考虑报价，加工、切割、折边、损耗等不另计，中标后综合单价不予调整\n7. 未尽事宜详见设计图纸、图集、设计补充说明、招标文件、政府相关文件及规范等其它资料，满足验收要求","1. 部位：卫生间等\n4. 面层材料品种、规格、颜色：5mm银镜饰面（MR-B01）+1.2mm仿铜不锈钢（MT-B04）+四周不锈钢包边\n5. 防护材料种类：所有装修用木基层均应进行防火、防腐处理\n6. 施工时面层颜色、样式由甲方和设计单位确认选样，投标人综合考虑报价，加工、切割、折边、损耗等不另计，中标后综合单价不予调整\n7. 未尽事宜详见设计图纸、图集、设计补充说明、招标文件、政府相关文件及规范等其它资料，满足验收要求","不锈钢及玻璃制品","1包","m2",6.88,866.58,5962.09,158,"按投影面积",6.88,385,2648.8,"m2",6.88,2648.8,0,{"v":1,"d":"1.00"},true,-3313.29]
[369,"7#","工程名称：7#-公区",159,11210003002,"小便斗玻璃隔断","1.部位：卫生间\n2.龙骨材料种类、规格：热镀锌钢龙骨（不分规格型号，投标人综合考虑）\n3.基层材料种类、规格：9mm阻燃夹板\n4.隔断面层：6+1.52pvb+6mm夹丝玻璃（GL-B04）+1.2mm仿铜不锈钢（MT-B04）\n5.防护材料种类：所有装修用木基层均应进行防火、防腐处理\n6.施工时面层颜色、样式由甲方和设计单位确认选样，投标人综合考虑报价，加工、切割、折边、损耗等不另计，中标后综合单价不予调整\n7.未尽事宜详见设计图纸、图集、设计补充说明、招标文件、政府相关文件及规范等其它资料，满足验收要求","1.部位：卫生间\n4.隔断面层：6+1.52pvb+6mm夹丝玻璃（GL-B04）+1.2mm仿铜不锈钢（MT-B04）\n5.防护材料种类：所有装修用木基层均应进行防火、防腐处理\n6.施工时面层颜色、样式由甲方和设计单位确认选样，投标人综合考虑报价，加工、切割、折边、损耗等不另计，中标后综合单价不予调整\n7.未尽事宜详见设计图纸、图集、设计补充说明、招标文件、政府相关文件及规范等其它资料，满足验收要求","不锈钢及玻璃制品","1包","m2",4.05,1090,4414.5,159,"按投影面积",5.9,950,5605,"m2",4.05,3847.5,1.8500000000000005,{"v":1.4567901234567904,"d":"1.46"},true,1190.5]
[370,"7#","工程名称：7#-公区",160,11210006003,"卫生间隔断","1. 部位：卫生间\n2. 面层材料品种、规格、颜色：40mm仿木纹不锈钢蜂窝铝板（MT-B10），50mm高仿铜不锈钢踢脚线（MT-B04）\n3. 施工时面层颜色、样式由甲方和设计单位确认选样，投标人综合考虑报价，加工、切割、折边、损耗等不另计，中标后综合单价不予调整\n4. 未尽事宜详见设计图纸、图集、设计补充说明、招标文件、政府相关文件及规范等其它资料，满足验收要求","1. 部位：卫生间\n2. 面层材料品种、规格、颜色：50mm高仿铜不锈钢踢脚线（MT-B04）\n3. 施工时面层颜色、样式由甲方和设计单位确认选样，投标人综合考虑报价，加工、切割、折边、损耗等不另计，中标后综合单价不予调整\n4. 未尽事宜详见设计图纸、图集、设计补充说明、招标文件、政府相关文件及规范等其它资料，满足验收要求","不锈钢及玻璃制品","1包","m2",49.56,13.2,654.19,null,"按深化节点图与实际的展开面积计算（见光面）",{"$nulls":3},"m2",49.56,0,-49.56,{"v":0,"d":"0.00"},false,-654.19]
[371,"7#","工程名称：7#-公区",167,"WB011501001011","洗手台+柜体","1. 部位：公共卫生间\n2. 规格尺寸：台面宽600*高300mm\n3. 龙骨材料种类、规格：热镀锌钢龙骨（不分规格型号，投标人综合考虑）\n4. 基层材料种类、规格：12mm硅酸钙板\n5. 面层材料品种、规格、颜色：18mm雪花白大理石（ST-B10）台面，10mm仿木纹防火板饰面(WD-B08）、1.2mm仿铜不锈钢（MT-B04）+防火板饰面柜体、50mm高不锈钢踢脚线等\n6. 所有石材材料在施工前须做六面防护处理,石材结晶，以保证防水、防腐、防污、防油\n7. 施工时面层颜色、样式由甲方和设计单位确认选样，倒角，磨边、切割等加工费不另计，投标人综合考虑报价，中标后综合单价不予调整\n8. 未尽事宜详见设计图纸、图集、设计补充说明、招标文件、政府相关文件及规范等其它资料，满足验收要求","1. 部位：公共卫生间\n2. 规格尺寸：台面宽600*高300mm\n5. 面层材料品种、规格、颜色：1.2mm仿铜不锈钢（MT-B04）、50mm高不锈钢踢脚线等\n6. 所有石材材料在施工前须做六面防护处理，以保证防水、防腐、防污、防油、所有石材施工完后需做石材结晶\n7. 施工时面层颜色、样式由甲方和设计单位确认选样，倒角，磨边、切割等加工费不另计，投标人综合考虑报价，中标后综合单价不予调整\n8. 未尽事宜详见设计图纸、图集、设计补充说明、招标文件、政府相关文件及规范等其它资料，满足验收要求","不锈钢及玻璃制品","1包","m",4.36,43.6,190.1,167,"按投影面积",5,45,225,"m",4.36,196.20000000000002,0.6399999999999997,{"v":1.146788990825688,"d":"1.15"},true,34.900000000000006]
[372,"7#","工程名称：7#-公区",178,"WB011105006003","成品踢脚线","1. 部位：后勤区域\n2. 踢脚线高度：50mm高\n3．基层材料种类、规格：12mm阻燃夹板\n4．面层材料品种、规格、颜色：1.2mm仿铜不锈钢（MT-B04)\n5．施工时面层颜色、样式由甲方和设计单位确认选样，投标人综合考虑报价，加工、切割、折边、损耗等不另计，中标后综合单价不予调整\n6．未尽事宜详见设计图纸、图集、设计补充说明、招标文件、政府相关文件及规范等其它资料，满足验收要求","1. 部位：后勤区域\n2. 踢脚线高度：50mm高\n4．面层材料品种、规格、颜色：1.2mm仿铜不锈钢（MT-B04)\n5．施工时面层颜色、样式由甲方和设计单位确认选样，投标人综合考虑报价，加工、切割、折边、损耗等不另计，中标后综合单价不予调整\n6．未尽事宜详见设计图纸、图集、设计补充说明、招标文件、政府相关文件及规范等其它资料，满足验收要求","不锈钢及玻璃制品","1包","m",185.78,43.6,8100.01,178,"按现场实际发生量长度计算",198,45,8910,"m",185.78,8360.1,12.219999999999999,{"v":1.06577672515879,"d":"1.07"},true,809.9899999999998]
[373,"7#","工程名称：7#-公区",179,10808001003,"不锈钢门套","1. 部位：电梯二\n2. 龙骨材料种类、规格：热镀锌钢龙骨（不分规格型号，投标人综合考虑）\n3. 基层材料种类、规格：双层12mm阻燃夹板，局\n4. 面层材料品种、规格、颜色：1.2mm仿铜不锈钢（MT-B04）\n5. 防护材料种类：所有装修用木材均应进行防火、防腐处理\n6. 施工时面层颜色、样式由甲方和设计单位确认选样，投标人综合考虑报价，加工、切割、折边、损耗等不另计，中标后综合单价不予调整\n7. 未尽事宜详见设计图纸、图集、设计补充说明、招标文件、政府相关文件及规范等其它资料，满足验收要求","1. 部位：电梯二\n4. 面层材料品种、规格、颜色：1.2mm仿铜不锈钢（MT-B04）\n5. 防护材料种类：所有装修用木材均应进行防火、防腐处理\n6. 施工时面层颜色、样式由甲方和设计单位确认选样，投标人综合考虑报价，加工、切割、折边、损耗等不另计，中标后综合单价不予调整\n7. 未尽事宜详见设计图纸、图集、设计补充说明、招标文件、政府相关文件及规范等其它资料，满足验收要求","不锈钢及玻璃制品","1包","m2",2.53,381.5,965.19,179,"按深化节点图与实际的展开面积计算（见光面）",6,550,3300,"m2",6,3300,3.47,{"v":2.3715415019762847,"d":"2.37"},true,2334.81]
[374,"7#","工程名称：7#-公区",201,"WB011105006004","成品踢脚线","1. 部位：客房走道等\n2. 踢脚线高度：50mm高\n3．基层材料种类、规格：12mm阻燃夹板，或12mm阻燃夹板+9mm阻燃夹板，综合考虑\n4．面层材料品种、规格、颜色：1.2mm仿铜不锈钢（MT-B04)\n5．施工时面层颜色、样式由甲方和设计单位确认选样，投标人综合考虑报价，加工、切割、折边、损耗等不另计，中标后综合单价不予调整\n6．未尽事宜详见设计图纸、图集、设计补充说明、招标文件、政府相关文件及规范等其它资料，满足验收要求","1. 部位：客房走道等\n2. 踢脚线高度：50mm高\n4．面层材料品种、规格、颜色：1.2mm仿铜不锈钢（MT-B04)\n5．施工时面层颜色、样式由甲方和设计单位确认选样，投标人综合考虑报价，加工、切割、折边、损耗等不另计，中标后综合单价不予调整\n6．未尽事宜详见设计图纸、图集、设计补充说明、招标文件、政府相关文件及规范等其它资料，满足验收要求","不锈钢及玻璃制品","1包","m",213.29,43.6,9299.44,201,"按现场实际发生量长度计算",245,45,11025,"m",213.29,9598.05,31.710000000000008,{"v":1.1486708237610765,"d":"1.15"},true,1725.5599999999995]
[375,"7#","工程名称：7#-公区",204,11207001028,"硬包暗门","1. 部位：客房走道等\n2．龙骨材料种类、规格：热镀锌钢龙骨（不分规格型号，投标人综合考虑）\n3．基层材料种类、规格：12mm阻燃夹板，背侧封1mm厚镀锌铁板\n4. 面层材料品种、规格、颜色：布艺硬包饰面暗门（WC-B01），1.2mm仿铜不锈钢线条收边（MT-B04），展开尺寸：4+19+10+22mm\n5. 五金品种、规格：包括不限于隐藏式暗铰链、磁碰、天地轴、隐藏拉手等完成此项工作的全部五金配件\n6. 施工时面层颜色、样式由甲方和设计单位确认选样，投标人综合考虑报价，加工、损耗等不另计，中标后综合单价不予调整\n7. 未尽事宜详见设计图纸、图集、设计补充说明、招标文件、政府相关文件及规范等其它资料，满足验收要求","1. 部位：客房走道等\n4. 面层材料品种、规格、颜色：布艺硬包饰面暗门（WC-B01），1.2mm仿铜不锈钢线条收边（MT-B04），展开尺寸：4+19+10+22mm\n6. 施工时面层颜色、样式由甲方和设计单位确认选样，投标人综合考虑报价，加工、损耗等不另计，中标后综合单价不予调整\n7. 未尽事宜详见设计图纸、图集、设计补充说明、招标文件、政府相关文件及规范等其它资料，满足验收要求","不锈钢及玻璃制品","1包","m2",80.73,41.42,3343.84,204,"按深化节点图与实际的展开面积计算（见光面）",36.8,550,20240,"m2",36.8,20240,-43.93000000000001,{"v":0.4558404558404558,"d":"0.46"},true,16896.16]
[376,"7#","工程名称：7#-公区",214,11207001036,"墙面装饰板","1. 部位：客房走道等\n2．龙骨材料种类、规格：热镀锌钢龙骨（不分规格型号，投标人综合考虑）\n3．基层材料种类、规格：双层12mm阻燃夹板，局部单层，局部12mm阻燃夹板+9mm阻燃夹板\n4. 面层材料品种、规格、颜色：1.2mm仿铜不锈钢（MT-B04）\n5．防护材料种类：所有装修用木基层均应进行防火、防腐处理\n6. 施工时面层颜色、样式由甲方和设计单位确认选样，投标人综合考虑报价，加工、切割、折边、损耗等不另计，中标后综合单价不予调整\n7．未尽事宜详见设计图纸、图集、设计补充说明、招标文件、政府相关文件及规范等其它资料，满足验收要求","1. 部位：客房走道等\n4. 面层材料品种、规格、颜色：1.2mm仿铜不锈钢（MT-B04）\n5．防护材料种类：所有装修用木基层均应进行防火、防腐处理\n6. 施工时面层颜色、样式由甲方和设计单位确认选样，投标人综合考虑报价，加工、切割、折边、损耗等不另计，中标后综合单价不予调整\n7．未尽事宜详见设计图纸、图集、设计补充说明、招标文件、政府相关文件及规范等其它资料，满足验收要求","不锈钢及玻璃制品","1包","m2",10.27,354.25,3638.15,214,"按深化节点图与实际的展开面积计算（见光面）",11,550,6050,"m2",11,6050,0.7300000000000004,{"v":1.071080817916261,"d":"1.07"},true,2411.85]
[377,"7#","工程名称：7#-公区",215,11502001006,"金属装饰条","1. 部位：墙面\n2．基层材料种类、规格：阻燃夹板基层，厚度及层数等综合考虑\n3．嵌条材料品种、规格、颜色：1.2mm仿铜不锈钢(MT-B04)，展开宽度60以内\n4．施工时面层颜色、样式由甲方和设计单位确认选样，投标人综合考虑报价，加工、切割、折边、损耗等不另计，中标后综合单价不予调整\n5．未尽事宜详见设计图纸、图集、设计补充说明、招标文件、政府相关文件及规范等其它资料，满足验收要求。","1. 部位：墙面\n2．基层材料种类、规格：阻燃夹板基层，厚度及层数等综合考虑\n3．嵌条材料品种、规格、颜色：1.2mm仿铜不锈钢(MT-B04)，展开宽度60以内\n4．施工时面层颜色、样式由甲方和设计单位确认选样，投标人综合考虑报价，加工、切割、折边、损耗等不另计，中标后综合单价不予调整\n5．未尽事宜详见设计图纸、图集、设计补充说明、招标文件、政府相关文件及规范等其它资料，满足验收要求。","不锈钢及玻璃制品","1包","m",163,43.6,7106.8,215,"按现场实际发生量长度计算",186,50,9300,"m",163,8150,23,{"v":1.1411042944785277,"d":"1.14"},true,2193.2]
[378,"7#","工程名称：7#-公区",216,11502001007,"金属装饰条","1. 部位：墙面\n2. 龙骨材料种类、规格：局部位置龙骨材质、规格综合考虑\n3．基层材料种类、规格：阻燃夹板基层，厚度及层数等综合考虑\n4．嵌条材料品种、规格、颜色：1.2mm仿铜不锈钢(MT-B04)，展开宽度60~100mm以内\n5．施工时面层颜色、样式由甲方和设计单位确认选样，投标人综合考虑报价，加工、切割、折边、损耗等不另计，中标后综合单价不予调整\n6．未尽事宜详见设计图纸、图集、设计补充说明、招标文件、政府相关文件及规范等其它资料，满足验收要求。","1. 部位：墙面\n4．嵌条材料品种、规格、颜色：1.2mm仿铜不锈钢(MT-B04)，展开宽度60~100mm以内\n5．施工时面层颜色、样式由甲方和设计单位确认选样，投标人综合考虑报价，加工、切割、折边、损耗等不另计，中标后综合单价不予调整\n6．未尽事宜详见设计图纸、图集、设计补充说明、招标文件、政府相关文件及规范等其它资料，满足验收要求。","不锈钢及玻璃制品","1包","m",396.48,43.6,17286.53,216,"按现场实际发生量长度计算",415,60,24900,"m",396.48,23788.800000000003,18.519999999999982,{"v":1.0467110573042775,"d":"1.05"},true,7613.470000000001]
[379,"7#","工程名称：7#-公区",217,11207001037,"墙面装饰板","1. 部位：客房走道等\n2．基层材料种类、规格：12mm阻燃夹板\n3．嵌条材料品种、规格、颜色：1.2mm仿铜不锈钢(MT-B04)，展开宽度综合考虑\n4．施工时面层颜色、样式由甲方和设计单位确认选样，投标人综合考虑报价，加工、切割、折边、损耗等不另计，中标后综合单价不予调整\n5．未尽事宜详见设计图纸、图集、设计补充说明、招标文件、政府相关文件及规范等其它资料，满足验收要求。","1. 部位：客房走道等\n3．嵌条材料品种、规格、颜色：1.2mm仿铜不锈钢(MT-B04)，展开宽度综合考虑\n4．施工时面层颜色、样式由甲方和设计单位确认选样，投标人综合考虑报价，加工、切割、折边、损耗等不另计，中标后综合单价不予调整\n5．未尽事宜详见设计图纸、图集、设计补充说明、招标文件、政府相关文件及规范等其它资料，满足验收要求。","不锈钢及玻璃制品","1包","m2",9,354.25,3188.25,217,"按深化节点图与实际的展开面积计算（见光面）",9.5,550,5225,"m2",9.5,5225,0.5,{"v":1.0555555555555556,"d":"1.06"},true,2036.75]
[380,"7#","工程名称：7#-公区",218,11207001038,"墙面装饰板","1. 部位：客房走道等\n2. 龙骨材料种类、规格：轻钢龙骨（不分规格型号，投标人综合考虑）\n3．基层材料种类、规格：双层12mm阻燃夹板，局部12mm阻燃夹板+9mm阻燃夹板\n4．嵌条材料品种、规格、颜色：1.2mm仿铜不锈钢(MT-B04)，展开宽度综合考虑\n5．施工时面层颜色、样式由甲方和设计单位确认选样，投标人综合考虑报价，加工、切割、折边、损耗等不另计，中标后综合单价不予调整\n6．未尽事宜详见设计图纸、图集、设计补充说明、招标文件、政府相关文件及规范等其它资料，满足验收要求。","1. 部位：客房走道等\n4．嵌条材料品种、规格、颜色：1.2mm仿铜不锈钢(MT-B04)，展开宽度综合考虑\n5．施工时面层颜色、样式由甲方和设计单位确认选样，投标人综合考虑报价，加工、切割、折边、损耗等不另计，中标后综合单价不予调整\n6．未尽事宜详见设计图纸、图集、设计补充说明、招标文件、政府相关文件及规范等其它资料，满足验收要求。","不锈钢及玻璃制品","1包","m2",3.02,354.25,1069.83,218,"按深化节点图与实际的展开面积计算（见光面）",3.3,550,1815,"m2",3.3,1815,0.2799999999999998,{"v":1.0927152317880795,"d":"1.09"},true,745.1700000000001]
[381,"7#","工程名称：7#-公区",223,"WB011302005031","天棚不锈钢","1. 部位：客房走道等\n2. 吊杆种类、规格：φ8热镀锌钢筋吊杆间距@≤1200mm，\n3. 龙骨材料种类、规格：CS60主龙骨吊件，CS60主龙骨间距@≤1200mm，C50*20*0.6次龙骨间距@400mm，局部钢龙骨加固\n4. 基层材料种类、规格：双层9mm硅酸钙板\n5. 面层材料品种、规格、颜色:1.2mm仿木纹覆膜不锈钢（MT-B02）\n6. 施工时面层颜色、样式由甲方和设计单位确认选样，切割等加工费不另计，投标人综合考虑报价，中标后综合单价不予调整\n7. 未尽事宜详见设计图纸、图集、设计补充说明、招标文件、政府相关文件及规范等其它资料，满足验收要求","1. 部位：客房走道等\n5. 面层材料品种、规格、颜色:1.2mm仿木纹覆膜不锈钢（MT-B02）\n6. 施工时面层颜色、样式由甲方和设计单位确认选样，切割等加工费不另计，投标人综合考虑报价，中标后综合单价不予调整\n7. 未尽事宜详见设计图纸、图集、设计补充说明、招标文件、政府相关文件及规范等其它资料，满足验收要求","不锈钢及玻璃制品","1包","m2",53.5,354.25,18952.37,223,"按深化节点图与实际的展开面积计算（见光面）",55.5,570,31635,"m2",55.5,31635,2,{"v":1.0373831775700935,"d":"1.04"},true,12682.630000000001]
[382,"7#","工程名称：7#-公区",224,"WB011302005032","天棚不锈钢（包边）","1. 部位：客房走道等\n2. 基层材料种类、规格：双层9mm硅酸钙板，局部单层\n3. 面层材料品种、规格、颜色:1.2mm仿铜不锈钢(MT-B04)\n4. 施工时面层颜色、样式由甲方和设计单位确认选样，切割等加工费不另计，投标人综合考虑报价，中标后综合单价不予调整\n5. 未尽事宜详见设计图纸、图集、设计补充说明、招标文件、政府相关文件及规范等其它资料，满足验收要求","1. 部位：客房走道等\n3. 面层材料品种、规格、颜色:1.2mm仿铜不锈钢(MT-B04)\n4. 施工时面层颜色、样式由甲方和设计单位确认选样，切割等加工费不另计，投标人综合考虑报价，中标后综合单价不予调整\n5. 未尽事宜详见设计图纸、图集、设计补充说明、招标文件、政府相关文件及规范等其它资料，满足验收要求","不锈钢及玻璃制品","1包","m2",18.42,354.25,6525.28,224,"按深化节点图与实际的展开面积计算（见光面）",20.3,550,11165,"m2",20.3,11165,1.879999999999999,{"v":1.1020629750271445,"d":"1.10"},true,4639.72]
[383,"7#","工程名称：7#-公区",231,10808001004,"不锈钢门套","1. 部位：客房走道等\n2. 龙骨材料种类、规格：热镀锌钢龙骨（不分规格型号，投标人综合考虑）\n3. 基层材料种类、规格：双层12mm阻燃夹板，局部12mm阻燃夹板+9mm阻燃夹板，局部多层等\n4. 面层材料品种、规格、颜色：1.2mm仿铜不锈钢（MT-B04）\n5. 防护材料种类：所有装修用木材均应进行防火、防腐处理\n6. 施工时面层颜色、样式由甲方和设计单位确认选样，投标人综合考虑报价，加工、切割、折边、损耗等不另计，中标后综合单价不予调整\n7. 未尽事宜详见设计图纸、图集、设计补充说明、招标文件、政府相关文件及规范等其它资料，满足验收要求","1. 部位：客房走道等\n4. 面层材料品种、规格、颜色：1.2mm仿铜不锈钢（MT-B04）\n5. 防护材料种类：所有装修用木材均应进行防火、防腐处理\n6. 施工时面层颜色、样式由甲方和设计单位确认选样，投标人综合考虑报价，加工、切割、折边、损耗等不另计，中标后综合单价不予调整\n7. 未尽事宜详见设计图纸、图集、设计补充说明、招标文件、政府相关文件及规范等其它资料，满足验收要求","不锈钢及玻璃制品","1包","m2",11.44,381.5,4364.36,231,"按深化节点图与实际的展开面积计算（见光面）",12,550,6600,"m2",12,6600,0.5600000000000005,{"v":1.048951048951049,"d":"1.05"},true,2235.6400000000003]
[384,"7#","工程名称：7#-公区",243,"WB011105006005","成品踢脚线","1. 部位：后场房间等\n2. 踢脚线高度：50mm高\n3．基层材料种类、规格：12mm阻燃夹板，或12mm阻燃夹板+9mm阻燃夹板，综合考虑\n4．面层材料品种、规格、颜色：1.2mm仿铜不锈钢（MT-B04)\n5．施工时面层颜色、样式由甲方和设计单位确认选样，投标人综合考虑报价，加工、切割、折边、损耗等不另计，中标后综合单价不予调整\n6．未尽事宜详见设计图纸、图集、设计补充说明、招标文件、政府相关文件及规范等其它资料，满足验收要求","1. 部位：后场房间等\n2. 踢脚线高度：50mm高\n4．面层材料品种、规格、颜色：1.2mm仿铜不锈钢（MT-B04)\n5．施工时面层颜色、样式由甲方和设计单位确认选样，投标人综合考虑报价，加工、切割、折边、损耗等不另计，中标后综合单价不予调整\n6．未尽事宜详见设计图纸、图集、设计补充说明、招标文件、政府相关文件及规范等其它资料，满足验收要求","不锈钢及玻璃制品","1包","m",114.84,43.6,5007.02,243,"按现场实际发生量长度计算",125,45,5625,"m",114.84,5167.8,10.159999999999997,{"v":1.0884709160571229,"d":"1.09"},true,617.9799999999996]
[385,"7#","工程名称：7#-公区",251,10808001005,"不锈钢门套","1. 部位：货梯厅等\n2. 龙骨材料种类、规格：热镀锌钢龙骨（不分规格型号，投标人综合考虑）\n3. 基层材料种类、规格：12mm阻燃夹板，局部双层\n4. 面层材料品种、规格、颜色：1.2mm仿铜不锈钢（MT-B04）\n5. 防护材料种类：所有装修用木材均应进行防火、防腐处理\n6. 施工时面层颜色、样式由甲方和设计单位确认选样，投标人综合考虑报价，加工、切割、折边、损耗等不另计，中标后综合单价不予调整\n7. 未尽事宜详见设计图纸、图集、设计补充说明、招标文件、政府相关文件及规范等其它资料，满足验收要求","1. 部位：货梯厅等\n4. 面层材料品种、规格、颜色：1.2mm仿铜不锈钢（MT-B04）\n5. 防护材料种类：所有装修用木材均应进行防火、防腐处理\n6. 施工时面层颜色、样式由甲方和设计单位确认选样，投标人综合考虑报价，加工、切割、折边、损耗等不另计，中标后综合单价不予调整\n7. 未尽事宜详见设计图纸、图集、设计补充说明、招标文件、政府相关文件及规范等其它资料，满足验收要求","不锈钢及玻璃制品","1包","m2",2.17,381.5,827.85,251,"按深化节点图与实际的展开面积计算（见光面）",2.5,550,1375,"m2",2.5,1375,0.33000000000000007,{"v":1.1520737327188941,"d":"1.15"},true,547.15]
[386,"7#","工程名称：7#-公区",252,11502001008,"金属装饰条","1. 部位：门楣\n2．嵌条材料品种、规格、颜色：1.2mm仿铜不锈钢(MT-B04)，展开宽度60mm以内\n3．施工时面层颜色、样式由甲方和设计单位确认选样，投标人综合考虑报价，加工、切割、折边、损耗等不另计，中标后综合单价不予调整\n4．未尽事宜详见设计图纸、图集、设计补充说明、招标文件、政府相关文件及规范等其它资料，满足验收要求。","1. 部位：门楣\n2．嵌条材料品种、规格、颜色：1.2mm仿铜不锈钢(MT-B04)，展开宽度60mm以内\n3．施工时面层颜色、样式由甲方和设计单位确认选样，投标人综合考虑报价，加工、切割、折边、损耗等不另计，中标后综合单价不予调整\n4．未尽事宜详见设计图纸、图集、设计补充说明、招标文件、政府相关文件及规范等其它资料，满足验收要求。","不锈钢及玻璃制品","1包","m",8.93,43.6,389.35,252,"按现场实际发生量长度计算",9,50,450,"m",8.93,446.5,0.07000000000000028,{"v":1.007838745800672,"d":"1.01"},true,60.64999999999998]
[387,"7#","工程名称：7#-公区",256,10801004006,"装饰防火门","1.工程部位：后场房间等\n2.门扇龙骨、基层材质种类、规格：乙级防火门门芯(须满足当地消防部门的防火认证)\n3.门套材料种类、规格：12mm阻燃夹板+9mm阻燃夹板+木纹转印饰面（MT-D05）\n4.面层材料品种、规格、颜色：木纹转印饰面（MT-D05）\n5.五金品种、规格：包含但不限于成品金属门把手(选样)、成品五金暗铰链(选型一侧三副)等完成此项工作的全部五金配件\n6.施工时面层颜色、样式由甲方和设计单位确认选样，投标人综合考虑报价，加工、损耗等不另计，中标后综合单价不予调整\n7.未尽事宜详见设计图纸、图集、设计补充说明、招标文件、政府相关文件及规范等其它资料，满足验收要求","1.工程部位：后场房间等\n3.门套材料种类、规格：木纹转印饰面（MT-D05）\n4.面层材料品种、规格、颜色：木纹转印饰面（MT-D05）\n6.施工时面层颜色、样式由甲方和设计单位确认选样，投标人综合考虑报价，加工、损耗等不另计，中标后综合单价不予调整\n7.未尽事宜详见设计图纸、图集、设计补充说明、招标文件、政府相关文件及规范等其它资料，满足验收要求","不锈钢及玻璃制品","1包","m2",10.81,305.2,3299.21,256,"按深化节点图与实际的展开面积计算（见光面）",10.8,560,6048,"m2",10.8,6048,-0.009999999999999787,{"v":0.9990749306197965,"d":"1.00"},true,2748.79]
[388,"7#","工程名称：7#-公区",258,"WB011501001013","镜柜","1. 部位：后场卫生间等\n2. 龙骨材料种类、规格：热镀锌钢龙骨（不分规格型号，投标人综合考虑）\n3. 基层材料种类、规格：12mm阻燃夹板基层，局部多层\n4. 面层材料品种、规格、颜色：5mm银镜饰面（MR-B01），四周1.2mm仿铜不锈钢饰面灯槽（MT-B04）\n5. 防护材料种类：所有装修用木基层均应进行防火、防腐处理\n6. 施工时面层颜色、样式由甲方和设计单位确认选样，投标人综合考虑报价，加工、切割、折边、损耗等不另计，中标后综合单价不予调整\n7. 未尽事宜详见设计图纸、图集、设计补充说明、招标文件、政府相关文件及规范等其它资料，满足验收要求","1. 部位：后场卫生间等\n4. 面层材料品种、规格、颜色：5mm银镜饰面（MR-B01），四周1.2mm仿铜不锈钢饰面灯槽（MT-B04）\n5. 防护材料种类：所有装修用木基层均应进行防火、防腐处理\n6. 施工时面层颜色、样式由甲方和设计单位确认选样，投标人综合考虑报价，加工、切割、折边、损耗等不另计，中标后综合单价不予调整\n7. 未尽事宜详见设计图纸、图集、设计补充说明、招标文件、政府相关文件及规范等其它资料，满足验收要求","不锈钢及玻璃制品","1包","m2",1.92,944.21,1812.89,258,"按投影面积",2.5,385,962.5,"m2",1.92,739.1999999999999,0.5800000000000001,{"v":1.3020833333333335,"d":"1.30"},true,-850.3900000000001]
[389,"7#","工程名称：7#-公区",261,10801004007,"装饰防火门","1. 部位：地下一层客梯厅门\n2. 门扇龙骨材料种类、规格：甲级防火门门芯(须满足当地消防部门的防火认证)\n3. 面层材料种类、规格：1.2mm仿木纹覆膜不锈钢（MT-D05）\n4. 五金品种、规格：包括不限于暗铰链、磁碰、天地轴、拉手等完成此项工作的全部五金配件\n5. 未尽事宜详见设计图纸、图集、设计补充说明、招标文件、政府相关文件及规范等其它资料，满足验收要求","1. 部位：地下一层客梯厅门\n3. 面层材料种类、规格：1.2mm仿木纹覆膜不锈钢（MT-D05）\n5. 未尽事宜详见设计图纸、图集、设计补充说明、招标文件、政府相关文件及规范等其它资料，满足验收要求","不锈钢及玻璃制品","1包","m2",4.8,708.5,3400.8,261,"按深化节点图与实际的展开面积计算（见光面）",4.8,560,2688,"m2",4.8,2688,0,{"v":1,"d":"1.00"},true,-712.8000000000002]
[390,"7#","工程名称：7#-公区",263,10808001006,"不锈钢门套","1. 部位：电梯门套、墙面造型等\n2. 龙骨材料种类、规格：热镀锌钢龙骨（不分规格型号，投标人综合考虑）\n3. 基层材料种类、规格：12mm阻燃夹板，局部双层\n4. 面层材料品种、规格、颜色：1.2mm仿铜不锈钢（MT-D01）\n5. 防护材料种类：所有装修用木材均应进行防火、防腐处理\n6. 施工时面层颜色、样式由甲方和设计单位确认选样，投标人综合考虑报价，加工、切割、折边、损耗等不另计，中标后综合单价不予调整\n7. 未尽事宜详见设计图纸、图集、设计补充说明、招标文件、政府相关文件及规范等其它资料，满足验收要求","1. 部位：电梯门套、墙面造型等\n4. 面层材料品种、规格、颜色：1.2mm仿铜不锈钢（MT-D01）\n5. 防护材料种类：所有装修用木材均应进行防火、防腐处理\n6. 施工时面层颜色、样式由甲方和设计单位确认选样，投标人综合考虑报价，加工、切割、折边、损耗等不另计，中标后综合单价不予调整\n7. 未尽事宜详见设计图纸、图集、设计补充说明、招标文件、政府相关文件及规范等其它资料，满足验收要求","不锈钢及玻璃制品","1包","m2",24.43,381.5,9320.04,263,"按深化节点图与实际的展开面积计算（见光面）",26.3,550,14465,"m2",26.3,14465,1.870000000000001,{"v":1.076545231273025,"d":"1.08"},true,5144.959999999999]
[391,"7#","工程名称：7#-公区",277,"WB011105006007","成品踢脚线","1. 部位：地下室电梯厅等\n2. 踢脚线高度：50mm高\n3．基层材料种类、规格：12mm阻燃夹板\n4．面层材料品种、规格、颜色：1.2mm仿铜覆膜不锈钢（MT-D01)\n5．施工时面层颜色、样式由甲方和设计单位确认选样，投标人综合考虑报价，加工、切割、折边、损耗等不另计，中标后综合单价不予调整\n6．未尽事宜详见设计图纸、图集、设计补充说明、招标文件、政府相关文件及规范等其它资料，满足验收要求","1. 部位：地下室电梯厅等\n2. 踢脚线高度：50mm高\n4．面层材料品种、规格、颜色：1.2mm仿铜覆膜不锈钢（MT-D01)\n5．施工时面层颜色、样式由甲方和设计单位确认选样，投标人综合考虑报价，加工、切割、折边、损耗等不另计，中标后综合单价不予调整\n6．未尽事宜详见设计图纸、图集、设计补充说明、招标文件、政府相关文件及规范等其它资料，满足验收要求","不锈钢及玻璃制品","1包","m",17.6,43.6,767.36,277,"按现场实际发生量长度计算",18,45,810,"m",17.6,792.0000000000001,0.3999999999999986,{"v":1.0227272727272727,"d":"1.02"},true,42.639999999999986]
[392,"7#","工程名称：7#-公区",282,11207001041,"墙面装饰板","1. 部位：地下客梯厅电梯门楣\n2. 龙骨材料种类、规格：热镀锌钢龙骨（不分规格型号，投标人综合考虑）\n3. 基层材料种类、规格：12mm阻燃夹板，局部双层\n4. 面层材料品种、规格、颜色：1.2mm仿铜不锈钢（MT-D01）\n5. 防护材料种类：所有装修用木材均应进行防火、防腐处理\n6. 施工时面层颜色、样式由甲方和设计单位确认选样，投标人综合考虑报价，加工、切割、折边、损耗等不另计，中标后综合单价不予调整\n7. 未尽事宜详见设计图纸、图集、设计补充说明、招标文件、政府相关文件及规范等其它资料，满足验收要求","1. 部位：地下客梯厅电梯门楣\n4. 面层材料品种、规格、颜色：1.2mm仿铜不锈钢（MT-D01）\n5. 防护材料种类：所有装修用木材均应进行防火、防腐处理\n6. 施工时面层颜色、样式由甲方和设计单位确认选样，投标人综合考虑报价，加工、切割、折边、损耗等不另计，中标后综合单价不予调整\n7. 未尽事宜详见设计图纸、图集、设计补充说明、招标文件、政府相关文件及规范等其它资料，满足验收要求","不锈钢及玻璃制品","1包","m2",7.64,354.25,2706.47,282,"按深化节点图与实际的展开面积计算（见光面）",8.6,550,4730,"m2",8.6,4730,0.96,{"v":1.12565445026178,"d":"1.13"},true,2023.5300000000002]
[393,"7#","工程名称：7#-公区",287,11210002001,"哑光不锈钢挡板","1. 部位：卫生间小便斗隔断上\n2. 龙骨材料种类、规格：热镀锌钢龙骨（不分规格型号，投标人综合考虑）\n3. 面层材料种类、规格：1.2mm哑光不锈钢\n5. 施工时面层颜色、样式由甲方和设计单位确认选样，投标人综合考虑报价，加工、切割、折边、损耗等不另计，中标后综合单价不予调整\n6. 未尽事宜详见设计图纸、图集、设计补充说明、招标文件、政府相关文件及规范等其它资料，满足验收要求","1. 部位：卫生间小便斗隔断上\n3. 面层材料种类、规格：1.2mm哑光不锈钢\n5. 施工时面层颜色、样式由甲方和设计单位确认选样，投标人综合考虑报价，加工、切割、折边、损耗等不另计，中标后综合单价不予调整\n6. 未尽事宜详见设计图纸、图集、设计补充说明、招标文件、政府相关文件及规范等其它资料，满足验收要求","不锈钢及玻璃制品","1包","m2",1.04,"","",287,"按投影面积",1.1,550,605,"m2",1.04,572,0.06000000000000005,{"v":1.0576923076923077,"d":"1.06"},true,{"$error":"#VALUE!"}]
[394,"7#","工程名称：7#-公区",295,"WB011501001015","镜柜","1. 部位：地下室卫生间\n2. 龙骨材料种类、规格：热镀锌钢龙骨（不分规格型号，投标人综合考虑）\n3. 基层材料种类、规格：12mm阻燃板\n4. 面层材料品种、规格、颜色：5mm银镜饰面（MR-B01）+1.2mm仿铜不锈钢（MT-B04）+四周不锈钢包边\n5. 防护材料种类：所有装修用木基层均应进行防火、防腐处理\n6. 施工时面层颜色、样式由甲方和设计单位确认选样，投标人综合考虑报价，加工、切割、折边、损耗等不另计，中标后综合单价不予调整\n7. 未尽事宜详见设计图纸、图集、设计补充说明、招标文件、政府相关文件及规范等其它资料，满足验收要求","1. 部位：地下室卫生间\n4. 面层材料品种、规格、颜色：5mm银镜饰面（MR-B01）+1.2mm仿铜不锈钢（MT-B04）+四周不锈钢包边\n5. 防护材料种类：所有装修用木基层均应进行防火、防腐处理\n6. 施工时面层颜色、样式由甲方和设计单位确认选样，投标人综合考虑报价，加工、切割、折边、损耗等不另计，中标后综合单价不予调整\n7. 未尽事宜详见设计图纸、图集、设计补充说明、招标文件、政府相关文件及规范等其它资料，满足验收要求","不锈钢及玻璃制品","1包","m2",10.33,849.35,8773.78,295,"按投影面积",10.4,385,4004,"m2",10.33,3977.05,0.07000000000000028,{"v":1.0067763794772508,"d":"1.01"},true,-4769.780000000001]
[395,"7#","工程名称：7#-公区",296,11502001009,"金属装饰条","1．部位：地下室阳角护角条\n2．嵌条材料品种、规格、颜色：1.2mm厚不锈钢防撞条(MT-D01)\n3．施工时面层颜色、样式由甲方和设计单位确认选样，投标人综合考虑报价，加工、切割、折边、损耗等不另计，中标后综合单价不予调整\n4．未尽事宜详见设计图纸、图集、设计补充说明、招标文件、政府相关文件及规范等其它资料，满足验收要求。","1．部位：地下室阳角护角条\n2．嵌条材料品种、规格、颜色：1.2mm厚不锈钢防撞条(MT-D01)\n3．施工时面层颜色、样式由甲方和设计单位确认选样，投标人综合考虑报价，加工、切割、折边、损耗等不另计，中标后综合单价不予调整\n4．未尽事宜详见设计图纸、图集、设计补充说明、招标文件、政府相关文件及规范等其它资料，满足验收要求。","不锈钢及玻璃制品","1包","m",75,43.6,3270,296,"按现场实际发生量长度计算",82,45,3690,"m",75,3375,7,{"v":1.0933333333333333,"d":"1.09"},true,420]
[396,"7#","工程名称：7#-公区",299,10801004008,"装饰防火门","1. 部位：楼梯间\n2. 门扇龙骨、基层材料种类、规格：甲级防火门门芯(须满足当地消防部门的防火认证)+12mm阻燃夹板+四周热镀锌方通固定\n3. 面层材料品种、规格、颜色：皮革硬包（12mm雪弗板内衬板）（UP-B02）+1.2mm仿铜不锈钢（MT-B04）+仿铜不锈钢嵌条，定制成品金属门拉手\n4. 五金品种、规格：包含但不限于定制不锈钢天地门轴、暗藏五金合页等完成此项工作的全部五金配件\n5. 施工时面层颜色、样式由甲方和设计单位确认选样，投标人综合考虑报价，加工、损耗等不另计，中标后综合单价不予调整\n6. 未尽事宜详见设计图纸、图集、设计补充说明、招标文件、政府相关文件及规范等其它资料，满足验收要求","1. 部位：楼梯间\n3. 面层材料品种、规格、颜色：皮革硬包（12mm雪弗板内衬板）（UP-B02）+1.2mm仿铜不锈钢（MT-B04）+仿铜不锈钢嵌条\n5. 施工时面层颜色、样式由甲方和设计单位确认选样，投标人综合考虑报价，加工、损耗等不另计，中标后综合单价不予调整\n6. 未尽事宜详见设计图纸、图集、设计补充说明、招标文件、政府相关文件及规范等其它资料，满足验收要求","不锈钢及玻璃制品","1包","m2",7.2,"","",299,"按深化节点图与实际的展开面积计算（见光面）",8.3,560,4648,"m2",8.3,4648,1.1000000000000005,{"v":1.152777777777778,"d":"1.15"},true,{"$error":"#VALUE!"}]
[397,"7#","工程名称：7#-公区",301,10808001007,"不锈钢门套","1. 部位：楼梯间门套\n2. 基层材料种类、规格：12mm阻燃夹板+9mm阻燃板，局部双层\n3. 面层材料品种、规格、颜色：1.2mm木转印不锈钢（MT-D05）\n4. 防护材料种类：所有装修用木材均应进行防火、防腐处理\n5. 施工时面层颜色、样式由甲方和设计单位确认选样，投标人综合考虑报价，加工、切割、折边、损耗等不另计，中标后综合单价不予调整\n6. 未尽事宜详见设计图纸、图集、设计补充说明、招标文件、政府相关文件及规范等其它资料，满足验收要求","1. 部位：楼梯间门套\n3. 面层材料品种、规格、颜色：1.2mm木转印不锈钢（MT-D05）\n4. 防护材料种类：所有装修用木材均应进行防火、防腐处理\n5. 施工时面层颜色、样式由甲方和设计单位确认选样，投标人综合考虑报价，加工、切割、折边、损耗等不另计，中标后综合单价不予调整\n6. 未尽事宜详见设计图纸、图集、设计补充说明、招标文件、政府相关文件及规范等其它资料，满足验收要求","不锈钢及玻璃制品","1包","m2",2.52,381.5,961.38,301,"按深化节点图与实际的展开面积计算（见光面）",2.6,550,1430,"m2",2.6,1430,0.08000000000000007,{"v":1.0317460317460319,"d":"1.03"},true,468.62]
[398,"7#","工程名称：7#-JES套房",3,10801001001,"入户门","1．部位：JES套房\n2．门室内侧外框尺寸：1520*3000mm，室外侧外框尺寸详见设计文件\n3．门套材料种类、规格：室内侧15mm阻燃夹板+木饰面门套,过道侧1.2mm黄古铜不锈钢线条(MT-A01)\n4．门楣材料种类、规格：15mm阻燃夹板+9mm阻燃夹板+木饰面门楣\n5．门扇饰面材质种类、规格：木饰面，包含20mm细木工板成品门芯、30*30*3mm热镀锌方通钢龙骨，双面9mm阻燃夹板，外侧1.2mm古铜拉丝不锈钢（防指纹）线条(MT-A01)\n6．五金品种、规格：包含但不限于凸轮暗藏闭门器、门底挡尘条、猫眼、防盗链、门碰、暗藏五金合页(选型一侧三副)、消音胶条等五金件,门锁此处不计入\n7．防护材料种类：所有装修用木材均应进行防火、防腐处理\n8．施工时面层颜色、样式由甲方和设计单位确认选样，投标人综合考虑报价，加工、切割、折边、损耗等不另计，中标后综合单价不予调整\n9．未尽事宜详见设计图纸、图集、设计补充说明、招标文件、政府相关文件及规范等其它资料，满足验收要求","1．部位：JES套房\n2．门室内侧外框尺寸：1520*3000mm，室外侧外框尺寸详见设计文件\n3．门套材料种类、规格：,过道侧1.2mm黄古铜不锈钢线条(MT-A01)\n5．门扇饰面材质种类、规格：外侧1.2mm古铜拉丝不锈钢（防指纹）线条(MT-A01)\n7．防护材料种类：所有装修用木材均应进行防火、防腐处理\n8．施工时面层颜色、样式由甲方和设计单位确认选样，投标人综合考虑报价，加工、切割、折边、损耗等不另计，中标后综合单价不予调整\n9．未尽事宜详见设计图纸、图集、设计补充说明、招标文件、政府相关文件及规范等其它资料，满足验收要求","不锈钢及玻璃制品","2包","樘",2,409.84,819.68,3,null,2,455,910,"樘",2,910,0,{"v":1,"d":"1.00"},true,90.32000000000005]
[399,"7#","工程名称：7#-JES套房",5,10805005001,"玻璃门","1．部位：卧室通往卫生间\n3．门扇饰面材质种类、规格：5+1.52pvb+5mm磨砂夹胶玻璃（GL-A05），四周1.2mm黄古铜不锈钢边框(MT-A01)，哑光防指纹/拉丝直纹\n4．五金品种、规格：单价包含定制金属执手、液压门轴等相应五金件等价格。\n5．施工时面层颜色、样式由甲方和设计单位确认选样，投标人综合考虑报价，加工、切割、折边、损耗等不另计，中标后综合单价不予调整\n6．未尽事宜详见设计图纸、图集、设计补充说明、招标文件、政府相关文件及规范等其它资料，满足验收要求","1．部位：卧室通往卫生间\n3．门扇饰面材质种类、规格：5+1.52pvb+5mm磨砂夹胶玻璃（GL-A05），四周1.2mm黄古铜不锈钢边框(MT-A01)，哑光防指纹/拉丝直纹\n4．五金品种、规格：单价包含定制金属执手、液压门轴等相应五金件等价格。\n5．施工时面层颜色、样式由甲方和设计单位确认选样，投标人综合考虑报价，加工、切割、折边、损耗等不另计，中标后综合单价不予调整\n6．未尽事宜详见设计图纸、图集、设计补充说明、招标文件、政府相关文件及规范等其它资料，满足验收要求","不锈钢及玻璃制品","2包","m2",7.2,2410.72,17357.19,5,"按投影面积",8.6,1250,10750,"m2",7.2,9000,1.3999999999999995,{"v":1.1944444444444444,"d":"1.19"},true,-6607.189999999999]
[400,"7#","工程名称：7#-JES套房",6,10808001001,"不锈钢门窗套","1. 部位：客厅、卧室、玄关窗边哑口套\n2. 基层材料种类、规格：双层9mm阻燃夹板+5mm阻燃夹板\n3. 面层材料品种、规格、颜色：1.2mm黄古铜不锈钢（MT-A01），哑光防指纹/拉丝直纹\n4.防护材料种类：所有装修用木材均应进行防火、防腐处理\n5．施工时面层颜色、样式由甲方和设计单位确认选样，加工、排版损耗等不另计，投标人综合考虑报价，中标后综合单价不予调整\n6．未尽事宜详见设计图纸、图集、设计补充说明、招标文件、政府相关文件及规范等其它资料，满足验收要求","1. 部位：客厅、卧室、玄关窗边哑口套\n3. 面层材料品种、规格、颜色：1.2mm黄古铜不锈钢（MT-A01），哑光防指纹/拉丝直纹\n4.防护材料种类：所有装修用木材均应进行防火、防腐处理\n5．施工时面层颜色、样式由甲方和设计单位确认选样，加工、排版损耗等不另计，投标人综合考虑报价，中标后综合单价不予调整\n6．未尽事宜详见设计图纸、图集、设计补充说明、招标文件、政府相关文件及规范等其它资料，满足验收要求","不锈钢及玻璃制品","2包","m2",9.3,381.5,3547.95,6,"按深化节点图与实际的展开面积计算（见光面）",9.3,550,5115,"m2",9.3,5115,0,{"v":1,"d":"1.00"},true,1567.0500000000002]
[401,"7#","工程名称：7#-JES套房",7,10808001002,"不锈钢门套","1. 部位：卫生间不锈钢收口\n2. 基层材料种类、规格：双层12mm阻燃夹板\n3. 面层材料种类、规格：1.2mm黄古铜不锈钢（MT-A01），哑光防指纹/拉丝直纹\n4．防护材料种类：所有装修用木材均应进行防火、防腐处理\n5．施工时面层颜色、样式由甲方和设计单位确认选样，投标人综合考虑报价，加工、切割、折边、损耗等不另计，中标后综合单价不予调整\n6．未尽事宜详见设计图纸、图集、设计补充说明、招标文件、政府相关文件及规范等其它资料，满足验收要求","1. 部位：卫生间不锈钢收口\n3. 面层材料种类、规格：1.2mm黄古铜不锈钢（MT-A01），哑光防指纹/拉丝直纹\n4．防护材料种类：所有装修用木材均应进行防火、防腐处理\n5．施工时面层颜色、样式由甲方和设计单位确认选样，投标人综合考虑报价，加工、切割、折边、损耗等不另计，中标后综合单价不予调整\n6．未尽事宜详见设计图纸、图集、设计补充说明、招标文件、政府相关文件及规范等其它资料，满足验收要求","不锈钢及玻璃制品","2包","m2",9.96,381.5,3799.74,7,"按深化节点图与实际的展开面积计算（见光面）",9.96,550,5478.000000000001,"m2",9.96,5478.000000000001,0,{"v":1,"d":"1.00"},true,1678.2600000000011]
[402,"7#","工程名称：7#-JES套房",18,"WB011105006001","成品踢脚线","1. 部位：玄关、卧室、客厅、衣帽间等\n2. 踢脚线高度：50mm高\n3．基层材料种类、规格：12mm阻燃夹板\n4．面层材料品种、规格、颜色：1.2mm乱纹古铜(MT-A02)，哑光防指纹/拉丝直纹\n5．施工时面层颜色、样式由甲方和设计单位确认选样，投标人综合考虑报价，加工、切割、折边、损耗等不另计，中标后综合单价不予调整\n6．未尽事宜详见设计图纸、图集、设计补充说明、招标文件、政府相关文件及规范等其它资料，满足验收要求","1. 部位：玄关、卧室、客厅、衣帽间等\n2. 踢脚线高度：50mm高\n4．面层材料品种、规格、颜色：1.2mm乱纹古铜(MT-A02)，哑光防指纹/拉丝直纹\n5．施工时面层颜色、样式由甲方和设计单位确认选样，投标人综合考虑报价，加工、切割、折边、损耗等不另计，中标后综合单价不予调整\n6．未尽事宜详见设计图纸、图集、设计补充说明、招标文件、政府相关文件及规范等其它资料，满足验收要求","不锈钢及玻璃制品","2包","m",180.57,43.6,7872.85,18,"按现场实际发生量长度计算",218,45,9810,"m",180.57,8125.65,37.43000000000001,{"v":1.207288032342028,"d":"1.21"},true,1937.1499999999996]
[403,"7#","工程名称：7#-JES套房",31,11210005001,"玻璃隔断","1. 部位：卫生间银镜处\n2. 隔断材料种类、规格：6mm厚锌合金激光雕刻电镀哑光古铜色隔断\n3. 报价含配套固定件等\n4. 施工时面层颜色、样式由甲方和设计单位确认选样，加工、排版损耗等不另计，投标人综合考虑报价，中标后综合单价不予调整\n5．未尽事宜详见设计图纸、图集、设计补充说明、招标文件、政府相关文件及规范等其它资料，满足验收要求","1. 部位：卫生间银镜处\n2. 隔断材料种类、规格：6mm厚锌合金激光雕刻电镀哑光古铜色隔断\n3. 报价含配套固定件等\n4. 施工时面层颜色、样式由甲方和设计单位确认选样，加工、排版损耗等不另计，投标人综合考虑报价，中标后综合单价不予调整\n5．未尽事宜详见设计图纸、图集、设计补充说明、招标文件、政府相关文件及规范等其它资料，满足验收要求","不锈钢及玻璃制品","2包","m2",8.04,2725,21909,31,"按投影面积",8.04,950,7637.999999999999,"m2",8.04,7637.999999999999,0,{"v":1,"d":"1.00"},true,-14271]
[404,"7#","工程名称：7#-JES套房",47,11207001005,"墙面装饰板","1．部位：客厅、书房景墙\n2．基层材料种类、规格：双层12mm阻燃夹板\n3．面层材料品种、规格、颜色： 6+1.52pvb+6mm夹胶安全超白玻璃(GL-A02），四周10mm宽1.2mm乱纹古铜不锈钢包边(MT-A02)\n4．防护材料种类：所有装修用木材均应进行防火、防腐处理\n5．施工时面层颜色、样式由甲方和设计单位确认选样，加工、排版损耗等不另计，投标人综合考虑报价，中标后综合单价不予调整\n6．未尽事宜详见设计图纸、图集、设计补充说明、招标文件、政府相关文件及规范等其它资料，满足验收要求","1．部位：客厅、书房景墙\n3．面层材料品种、规格、颜色： 6+1.52pvb+6mm夹胶安全超白玻璃(GL-A02），四周10mm宽1.2mm乱纹古铜不锈钢包边(MT-A02)\n4．防护材料种类：所有装修用木材均应进行防火、防腐处理\n5．施工时面层颜色、样式由甲方和设计单位确认选样，加工、排版损耗等不另计，投标人综合考虑报价，中标后综合单价不予调整\n6．未尽事宜详见设计图纸、图集、设计补充说明、招标文件、政府相关文件及规范等其它资料，满足验收要求","不锈钢及玻璃制品","2包","m2",32.98,574.18,18936.43,47,"按投影面积",32.98,720,23745.6,"m2",32.98,23745.6,0,{"v":1,"d":"1.00"},true,4809.169999999998]
[405,"7#","工程名称：7#-JES套房",52,11207001009,"墙面装饰板","1. 部位：客厅电视背景、卧室背景墙\n2. 基层材料种类、规格：双层9mm阻燃夹板\n3. 面层材料品种、规格、颜色：1.2mm乱纹古铜(MT-A02)\n4.防护材料种类：所有装修用木材均应进行防火、防腐处理\n5．施工时面层颜色、样式由甲方和设计单位确认选样，加工、排版损耗等不另计，投标人综合考虑报价，中标后综合单价不予调整\n6．未尽事宜详见设计图纸、图集、设计补充说明、招标文件、政府相关文件及规范等其它资料，满足验收要求","1. 部位：客厅电视背景、卧室背景墙\n3. 面层材料品种、规格、颜色：1.2mm乱纹古铜(MT-A02)\n4.防护材料种类：所有装修用木材均应进行防火、防腐处理\n5．施工时面层颜色、样式由甲方和设计单位确认选样，加工、排版损耗等不另计，投标人综合考虑报价，中标后综合单价不予调整\n6．未尽事宜详见设计图纸、图集、设计补充说明、招标文件、政府相关文件及规范等其它资料，满足验收要求","不锈钢及玻璃制品","2包","m2",4.02,354.25,1424.08,52,"按深化节点图与实际的展开面积计算（见光面）",4.02,550,2210.9999999999995,"m2",4.02,2210.9999999999995,0,{"v":1,"d":"1.00"},true,786.9199999999996]
[406,"7#","工程名称：7#-JES套房",53,11207001010,"墙面装饰板","1. 基层材料种类、规格：9mm阻燃夹板\n2. 面层材料品种、规格、颜色：1.2mm青铜色不锈钢（MT-A09）\n3.防护材料种类：所有装修用木材均应进行防火、防腐处理\n4．施工时面层颜色、样式由甲方和设计单位确认选样，加工、排版损耗等不另计，投标人综合考虑报价，中标后综合单价不予调整\n5．未尽事宜详见设计图纸、图集、设计补充说明、招标文件、政府相关文件及规范等其它资料，满足验收要求","2. 面层材料品种、规格、颜色：1.2mm青铜色不锈钢（MT-A09）\n3.防护材料种类：所有装修用木材均应进行防火、防腐处理\n4．施工时面层颜色、样式由甲方和设计单位确认选样，加工、排版损耗等不另计，投标人综合考虑报价，中标后综合单价不予调整\n5．未尽事宜详见设计图纸、图集、设计补充说明、招标文件、政府相关文件及规范等其它资料，满足验收要求","不锈钢及玻璃制品","2包","m2",2.8,354.25,991.9,53,"按深化节点图与实际的展开面积计算（见光面）",2.8,550,1540,"m2",2.8,1540,0,{"v":1,"d":"1.00"},true,548.1]
[407,"7#","工程名称：7#-JES套房",54,11207001011,"墙面装饰板","1. 基层材料种类、规格：9mm阻燃夹板\n2. 面层材料品种、规格、颜色：1.2mm褐色不锈钢（MT-A10）\n3.防护材料种类：所有装修用木材均应进行防火、防腐处理\n4．施工时面层颜色、样式由甲方和设计单位确认选样，加工、排版损耗等不另计，投标人综合考虑报价，中标后综合单价不予调整\n5．未尽事宜详见设计图纸、图集、设计补充说明、招标文件、政府相关文件及规范等其它资料，满足验收要求","2. 面层材料品种、规格、颜色：1.2mm褐色不锈钢（MT-A10）\n3.防护材料种类：所有装修用木材均应进行防火、防腐处理\n4．施工时面层颜色、样式由甲方和设计单位确认选样，加工、排版损耗等不另计，投标人综合考虑报价，中标后综合单价不予调整\n5．未尽事宜详见设计图纸、图集、设计补充说明、招标文件、政府相关文件及规范等其它资料，满足验收要求","不锈钢及玻璃制品","2包","m2",26.2,354.25,9281.35,54,"按深化节点图与实际的展开面积计算（见光面）",26.2,550,14410,"m2",26.2,14410,0,{"v":1,"d":"1.00"},true,5128.65]
[408,"7#","工程名称：7#-JES套房",56,11207001013,"墙面装饰板","1. 部位：床头背景墙JES\n2. 龙骨材料种类、规格：热镀锌钢龙骨（不分规格型号，投标人综合考虑）\n3. 基层材料种类、规格：9mm阻燃夹板+9.5mm石膏板\n4. 面层材料品种、规格、颜色：一边12mm橡木饰面（WD-A01）+一边墙布饰面（WC-A04A）+1.2mm黄古铜不锈钢(MT-A01)+40*70不锈钢方通等\n5. 防护材料种类：所有装修用木材均应进行防火、防腐处理\n6．施工时面层颜色、样式由甲方和设计单位确认选样，加工、排版损耗等不另计，投标人综合考虑报价，中标后综合单价不予调整\n7．未尽事宜详见设计图纸、图集、设计补充说明、招标文件、政府相关文件及规范等其它资料，满足验收要求","1. 部位：床头背景墙JES\n4. 面层材料品种、规格、颜色：一边墙布饰面（WC-A04A）+1.2mm黄古铜不锈钢(MT-A01)+40*70不锈钢方通等\n5. 防护材料种类：所有装修用木材均应进行防火、防腐处理\n6．施工时面层颜色、样式由甲方和设计单位确认选样，加工、排版损耗等不另计，投标人综合考虑报价，中标后综合单价不予调整\n7．未尽事宜详见设计图纸、图集、设计补充说明、招标文件、政府相关文件及规范等其它资料，满足验收要求","不锈钢及玻璃制品","2包","m2",7.56,475.36,3593.72,56,"按深化节点图与实际的展开面积计算（见光面）",7.56,560,4233.599999999999,"m2",7.56,4233.599999999999,0,{"v":1,"d":"1.00"},true,639.8799999999997]
[409,"7#","工程名称：7#-JES套房",57,11502001001,"金属装饰条","1. 部位：卧室背景墙\n2. 基层类型：石膏板\n3. 线条材料种类、规格：1.2mm黄古铜不锈钢(MT-A01)，哑光防指纹/拉丝直纹，展开宽度60mm以内\n4．施工时面层颜色、样式由甲方和设计单位确认选样，投标人综合考虑报价，加工、切割、折边、损耗等不另计，中标后综合单价不予调整\n5．未尽事宜详见设计图纸、图集、设计补充说明、招标文件、政府相关文件及规范等其它资料，满足验收要求。","1. 部位：卧室背景墙\n3. 线条材料种类、规格：1.2mm黄古铜不锈钢(MT-A01)，哑光防指纹/拉丝直纹，展开宽度60mm以内\n4．施工时面层颜色、样式由甲方和设计单位确认选样，投标人综合考虑报价，加工、切割、折边、损耗等不另计，中标后综合单价不予调整\n5．未尽事宜详见设计图纸、图集、设计补充说明、招标文件、政府相关文件及规范等其它资料，满足验收要求。","不锈钢及玻璃制品","2包","m",26.312,43.6,1147.2,57,"按现场实际发生量长度计算",32,50,1600,"m",26.312,1315.6000000000001,5.687999999999999,{"v":1.2161751292186074,"d":"1.22"},true,452.79999999999995]
[410,"7#","工程名称：7#-JES套房",58,11502001002,"金属装饰条","1. 部位：卧室背景墙\n2. 线条材料种类、规格：50*10mm黄古铜不锈钢方通1.2mm厚(MT-A01)，哑光防指纹/拉丝直纹\n3．施工时面层颜色、样式由甲方和设计单位确认选样，投标人综合考虑报价，加工、切割、折边、损耗等不另计，中标后综合单价不予调整\n4．未尽事宜详见设计图纸、图集、设计补充说明、招标文件、政府相关文件及规范等其它资料，满足验收要求。","1. 部位：卧室背景墙\n2. 线条材料种类、规格：50*10mm黄古铜不锈钢方通1.2mm厚(MT-A01)，哑光防指纹/拉丝直纹\n3．施工时面层颜色、样式由甲方和设计单位确认选样，投标人综合考虑报价，加工、切割、折边、损耗等不另计，中标后综合单价不予调整\n4．未尽事宜详见设计图纸、图集、设计补充说明、招标文件、政府相关文件及规范等其它资料，满足验收要求。","不锈钢及玻璃制品","2包","m",7.5,65.4,490.5,58,"按现场实际发生量长度计算",8,45,360,"m",7.5,337.5,0.5,{"v":1.0666666666666667,"d":"1.07"},true,-130.5]
[411,"7#","工程名称：7#-JES套房",61,11207001014,"墙面装饰板","1. 部位：卫生间\n2. 基层材料种类、规格：9mm硅酸钙板\n3. 面层材料种类、规格：1.2mm厚仿木纹覆膜不锈钢（MT-A04）\n4．防护材料种类：所有装修用木材均应进行防火、防腐处理\n5．施工时面层颜色、样式由甲方和设计单位确认选样，投标人综合考虑报价，加工、切割、折边、损耗等不另计，中标后综合单价不予调整\n6．未尽事宜详见设计图纸、图集、设计补充说明、招标文件、政府相关文件及规范等其它资料，满足验收要求","1. 部位：卫生间\n3. 面层材料种类、规格：1.2mm厚仿木纹覆膜不锈钢（MT-A04）\n4．防护材料种类：所有装修用木材均应进行防火、防腐处理\n5．施工时面层颜色、样式由甲方和设计单位确认选样，投标人综合考虑报价，加工、切割、折边、损耗等不另计，中标后综合单价不予调整\n6．未尽事宜详见设计图纸、图集、设计补充说明、招标文件、政府相关文件及规范等其它资料，满足验收要求","不锈钢及玻璃制品","2包","m2",13.47,354.25,4771.75,61,"按深化节点图与实际的展开面积计算（见光面）",12.5,590,7375,"m2",12.5,7375,-0.9700000000000006,{"v":0.9279881217520415,"d":"0.93"},true,2603.25]
[412,"7#","工程名称：7#-JES套房",62,11207001015,"墙面装饰板","1. 部位：卫生间\n2. 基层材料种类、规格：9mm硅酸钙板\n3. 面层材料种类、规格：1.2mm黄古铜不锈钢（MT-A01）\n4．防护材料种类：所有装修用木材均应进行防火、防腐处理\n5．施工时面层颜色、样式由甲方和设计单位确认选样，投标人综合考虑报价，加工、切割、折边、损耗等不另计，中标后综合单价不予调整\n6．未尽事宜详见设计图纸、图集、设计补充说明、招标文件、政府相关文件及规范等其它资料，满足验收要求","1. 部位：卫生间\n3. 面层材料种类、规格：1.2mm黄古铜不锈钢（MT-A01）\n4．防护材料种类：所有装修用木材均应进行防火、防腐处理\n5．施工时面层颜色、样式由甲方和设计单位确认选样，投标人综合考虑报价，加工、切割、折边、损耗等不另计，中标后综合单价不予调整\n6．未尽事宜详见设计图纸、图集、设计补充说明、招标文件、政府相关文件及规范等其它资料，满足验收要求","不锈钢及玻璃制品","2包","m2",0.92,354.25,325.91,62,"按深化节点图与实际的展开面积计算（见光面）",0.94,550,517,"m2",0.94,517,0.019999999999999907,{"v":1.0217391304347825,"d":"1.02"},true,191.08999999999997]
[413,"7#","工程名称：7#-JES套房",64,11207001016,"墙面装饰板","1. 部位：马桶纸巾架处\n2. 基层材料种类、规格：双层9mm硅酸钙板\n3. 面层材料品种、规格、颜色：1.2mm厚深古铜拉丝不锈钢（MT-A03），哑光防指纹/拉丝直纹\n4.防护材料种类：所有装修用木材均应进行防火、防腐处理\n5．施工时面层颜色、样式由甲方和设计单位确认选样，加工、排版损耗等不另计，投标人综合考虑报价，中标后综合单价不予调整\n6．未尽事宜详见设计图纸、图集、设计补充说明、招标文件、政府相关文件及规范等其它资料，满足验收要求","1. 部位：马桶纸巾架处\n3. 面层材料品种、规格、颜色：1.2mm厚深古铜拉丝不锈钢（MT-A03），哑光防指纹/拉丝直纹\n4.防护材料种类：所有装修用木材均应进行防火、防腐处理\n5．施工时面层颜色、样式由甲方和设计单位确认选样，加工、排版损耗等不另计，投标人综合考虑报价，中标后综合单价不予调整\n6．未尽事宜详见设计图纸、图集、设计补充说明、招标文件、政府相关文件及规范等其它资料，满足验收要求","不锈钢及玻璃制品","2包","m2",0.88,354.25,311.74,64,"按深化节点图与实际的展开面积计算（见光面）",0.9,550,495,"m2",0.9,495,0.020000000000000018,{"v":1.0227272727272727,"d":"1.02"},true,183.26]
[414,"7#","工程名称：7#-JES套房",65,11210005002,"玻璃隔断","1. 部位：淋浴、马桶间\n2. 隔断材料种类、规格：6+1.52.pvb+6mm夹丝玻璃（GL-A01）+四周黄古铜不锈钢包边（MT-A01）\n3. 报价含U型槽固定件等\n4. 施工时面层颜色、样式由甲方和设计单位确认选样，加工、排版损耗等不另计，投标人综合考虑报价，中标后综合单价不予调整\n5．未尽事宜详见设计图纸、图集、设计补充说明、招标文件、政府相关文件及规范等其它资料，满足验收要求","1. 部位：淋浴、马桶间\n2. 隔断材料种类、规格：6+1.52.pvb+6mm夹丝玻璃（GL-A01）+四周黄古铜不锈钢包边（MT-A01）\n3. 报价含U型槽固定件等\n4. 施工时面层颜色、样式由甲方和设计单位确认选样，加工、排版损耗等不另计，投标人综合考虑报价，中标后综合单价不予调整\n5．未尽事宜详见设计图纸、图集、设计补充说明、招标文件、政府相关文件及规范等其它资料，满足验收要求","不锈钢及玻璃制品","2包","m2",9,850.2,7651.8,65,"按投影面积",9,1380,12420,"m2",9,12420,0,{"v":1,"d":"1.00"},true,4768.2]
[415,"7#","工程名称：7#-JES套房",66,11210005003,"玻璃隔断","1. 部位：公共走廊、卧室处玻璃隔断\n2. 隔断材料种类、规格：6+1.52.pvb+6mm夹丝玻璃（GL-A01）+四周黄古铜不锈钢包边（MT-A01）\n3. 报价含U型槽固定件等\n4. 施工时面层颜色、样式由甲方和设计单位确认选样，加工、排版损耗等不另计，投标人综合考虑报价，中标后综合单价不予调整\n5．未尽事宜详见设计图纸、图集、设计补充说明、招标文件、政府相关文件及规范等其它资料，满足验收要求","1. 部位：公共走廊、卧室处玻璃隔断\n2. 隔断材料种类、规格：6+1.52.pvb+6mm夹丝玻璃（GL-A01）+四周黄古铜不锈钢包边（MT-A01）\n3. 报价含U型槽固定件等\n4. 施工时面层颜色、样式由甲方和设计单位确认选样，加工、排版损耗等不另计，投标人综合考虑报价，中标后综合单价不予调整\n5．未尽事宜详见设计图纸、图集、设计补充说明、招标文件、政府相关文件及规范等其它资料，满足验收要求","不锈钢及玻璃制品","2包","m2",3.57,850.2,3035.21,66,"按投影面积",3.4,1050,3570,"m2",3.57,3748.5,-0.16999999999999993,{"v":0.9523809523809524,"d":"0.95"},true,534.79]
[416,"7#","工程名称：7#-JES套房",69,"WB011302005003","天棚吊顶","1．部位：玄关、卫生间等\n2．面层材料品种、规格、颜色：1.2mm黄古铜不锈钢(MT-A01)\n3．施工时面层颜色、样式由甲方和设计单位确认选样，投标人综合考虑报价，加工、切割、折边、损耗等不另计，中标后综合单价不予调整\n4．未尽事宜详见设计图纸、图集、设计补充说明、招标文件、政府相关文件及规范等其它资料，满足验收要求","1．部位：玄关、卫生间等\n2．面层材料品种、规格、颜色：1.2mm黄古铜不锈钢(MT-A01)\n3．施工时面层颜色、样式由甲方和设计单位确认选样，投标人综合考虑报价，加工、切割、折边、损耗等不另计，中标后综合单价不予调整\n4．未尽事宜详见设计图纸、图集、设计补充说明、招标文件、政府相关文件及规范等其它资料，满足验收要求","不锈钢及玻璃制品","2包","m2",2.79,354.25,988.36,69,"按深化节点图与实际的展开面积计算（见光面）",2.8,550,1540,"m2",2.8,1540,0.009999999999999787,{"v":1.003584229390681,"d":"1.00"},true,551.64]
[417,"7#","工程名称：7#-JES套房",77,11502001003,"金属装饰条","1．部位：客厅、卫生间、卧室、衣帽间、玄关等天棚处\n2．嵌条材料品种、规格、颜色：1.2mm黄古铜不锈钢(MT-A01)，哑光防指纹/拉丝直纹，展开宽度60mm以内\n3．施工时面层颜色、样式由甲方和设计单位确认选样，投标人综合考虑报价，加工、切割、折边、损耗等不另计，中标后综合单价不予调整\n4．未尽事宜详见设计图纸、图集、设计补充说明、招标文件、政府相关文件及规范等其它资料，满足验收要求","1．部位：客厅、卫生间、卧室、衣帽间、玄关等天棚处\n2．嵌条材料品种、规格、颜色：1.2mm黄古铜不锈钢(MT-A01)，哑光防指纹/拉丝直纹，展开宽度60mm以内\n3．施工时面层颜色、样式由甲方和设计单位确认选样，投标人综合考虑报价，加工、切割、折边、损耗等不另计，中标后综合单价不予调整\n4．未尽事宜详见设计图纸、图集、设计补充说明、招标文件、政府相关文件及规范等其它资料，满足验收要求","不锈钢及玻璃制品","2包","m",291.79,43.6,12722.04,77,"按现场实际发生量长度计算",325,50,16250,"m",291.79,14589.500000000002,33.20999999999998,{"v":1.113814729771411,"d":"1.11"},true,3527.959999999999]
[418,"7#","工程名称：7#-JES套房",84,"WB011501001002","衣帽间衣柜","1. 部位：衣帽间\n2. 柜体尺寸：650mm*3000mm*长（具体详见设计文件）\n3. 龙骨材质种类、规格：热镀锌钢龙骨（不分规格型号，投标人综合考虑）、木龙骨等\n4．基层板材质种类、规格：基层类型及厚度综合考虑，具体详见设计文件\n5．材料种类：12mm木饰面、墙布饰面(WC-A04)、夹丝玻璃（GL-A01）、18mm星白大理石台面（ST-02）、1.2mm古铜拉丝不锈钢（MT-A01），木饰面抽屉柜、1.2mm黄古铜不锈钢踢脚线(MT-A01)等\n6．五金种类、规格：单价包含挂衣杆、五金合页、抽屉滑轨、阻尼隔振胶垫、暗藏灯槽等\n7．按照立面投影面积计算\n8．防护材料种类：所有装修用木材均应进行防火、防腐处理\n9．施工时面层颜色、样式由甲方和设计单位确认选样，加工、排版损耗等不另计，投标人综合考虑报价，中标后综合单价不予调整\n10．未尽事宜详见设计图纸、图集、设计补充说明、招标文件、政府相关文件及规范等其它资料，满足验收要求","1. 部位：衣帽间\n2. 柜体尺寸：650mm*3000mm*长（具体详见设计文件）\n5．材料种类：墙布饰面(WC-A04)、1.2mm黄古铜不锈钢踢脚线(MT-A01)等\n7．按照立面投影面积计算\n8．防护材料种类：所有装修用木材均应进行防火、防腐处理\n9．施工时面层颜色、样式由甲方和设计单位确认选样，加工、排版损耗等不另计，投标人综合考虑报价，中标后综合单价不予调整\n10．未尽事宜详见设计图纸、图集、设计补充说明、招标文件、政府相关文件及规范等其它资料，满足验收要求","不锈钢及玻璃制品","2包","m2",20.28,17.63,357.44,84,"按现场实际发生量长度计算",6,45,270,"m",6,270,-14.280000000000001,{"v":0.29585798816568043,"d":"0.30"},true,-87.44]
[419,"7#","工程名称：7#-JES套房",85,"WB011501001003","洗手台+柜体","1. 部位：卫生间\n2．规格：宽600mm*高850mm*长（详见设计文件）\n3．龙骨材料种类、规格：局部热镀锌钢龙骨（不分规格型号，投标人综合考虑）\n4．面层材料品种、规格、颜色：18mm鎏金白玉大理石(ST-A04)台面及挡水条、木饰面柜体及木饰面隔板（WD-A01 ）、局部1.2mm黄古铜不锈钢(MT-A01)装饰嵌条、踢脚线及包边，单价包含灯槽成型等\n5. 所有石材材料在施工前须做六面防护处理,石材结晶，以保证防水、防腐、防污、防油\n6. 施工时面层颜色、样式由甲方和设计单位确认选样，倒角，磨边、切割等加工费不另计，投标人综合考虑报价，中标后综合单价不予调整\n7. 未尽事宜详见设计图纸、图集、设计补充说明、招标文件、政府相关文件及规范等其它资料，满足验收要求","1. 部位：卫生间\n2．规格：宽600mm*高850mm*长（详见设计文件）\n4．面层材料品种、规格、颜色：踢脚线\n6. 施工时面层颜色、样式由甲方和设计单位确认选样，倒角，磨边、切割等加工费不另计，投标人综合考虑报价，中标后综合单价不予调整\n7. 未尽事宜详见设计图纸、图集、设计补充说明、招标文件、政府相关文件及规范等其它资料，满足验收要求","不锈钢及玻璃制品","2包","m",3.74,43.6,163.06,85,"按现场实际发生量长度计算",4,45,180,"m",4,180,0.2599999999999998,{"v":1.06951871657754,"d":"1.07"},true,16.939999999999998]
[420,"7#","工程名称：7#-JES套房",87,11207001017,"墙面装饰板","1. 部位：卫生间\n2. 龙骨材质种类、规格：镀锌钢龙骨（规格型号综合考虑）\n3. 基层材料种类、规格：18mm阻燃夹板，局部9mm阻燃夹板\n4. 面层材料品种、规格、颜色：5mm银镜饰面（MR-A01）\n5. 四周1.2mm黄古铜不锈钢(MT-A01）金属包边\n6. 防护材料种类：所有装修用木材均应进行防火、防腐处理\n7．施工时面层颜色、样式由甲方和设计单位确认选样，加工、排版损耗等不另计，投标人综合考虑报价，中标后综合单价不予调整\n8．未尽事宜详见设计图纸、图集、设计补充说明、招标文件、政府相关文件及规范等其它资料，满足验收要求","1. 部位：卫生间\n4. 面层材料品种、规格、颜色：5mm银镜饰面（MR-A01）\n5. 四周1.2mm黄古铜不锈钢(MT-A01）金属包边\n6. 防护材料种类：所有装修用木材均应进行防火、防腐处理\n7．施工时面层颜色、样式由甲方和设计单位确认选样，加工、排版损耗等不另计，投标人综合考虑报价，中标后综合单价不予调整\n8．未尽事宜详见设计图纸、图集、设计补充说明、招标文件、政府相关文件及规范等其它资料，满足验收要求","不锈钢及玻璃制品","2包","m2",8.45,291.78,2465.56,87,"按投影面积",8.5,385,3272.5,"m2",8.45,3253.2499999999995,0.05000000000000071,{"v":1.0059171597633136,"d":"1.01"},true,806.94]
[421,"7#","工程名称：7#-JES套房",88,11207001018,"墙面装饰板","1. 部位：台盆柜处墙面\n2. 龙骨材质种类、规格：镀锌钢龙骨（规格型号综合考虑）\n3. 基层材料种类、规格：9mm硅酸钙板\n4. 面层材料品种、规格、颜色：5+1.52pvb+5mm磨砂夹胶玻璃（GL-A05）+四周黄古铜不锈钢(MT-A01）金属包边\n5. 施工时面层颜色、样式由甲方和设计单位确认选样，投标人综合考虑报价，加工、切割、折边、损耗等不另计，中标后综合单价不予调整\n6.其他：未尽事宜详见式设计图纸、图集、设计补充说明、招标文件、政府相关文件及规范等其它资料，满足验收要求","1. 部位：台盆柜处墙面\n4. 面层材料品种、规格、颜色：5+1.52pvb+5mm磨砂夹胶玻璃（GL-A05）+四周黄古铜不锈钢(MT-A01）金属包边\n5. 施工时面层颜色、样式由甲方和设计单位确认选样，投标人综合考虑报价，加工、切割、折边、损耗等不另计，中标后综合单价不予调整\n6.其他：未尽事宜详见式设计图纸、图集、设计补充说明、招标文件、政府相关文件及规范等其它资料，满足验收要求","不锈钢及玻璃制品","2包","m2",8.04,1079.91,8682.45,88,"按投影面积",8,750,6000,"m2",8.04,6029.999999999999,-0.03999999999999915,{"v":0.9950248756218907,"d":"1.00"},true,-2682.4500000000007]
[422,"7#","工程名称：7#-JES套房",89,11207001019,"墙面装饰板","1. 部位：淋浴壁龛\n2. 基层材料种类、规格：9mm硅酸钙板\n3. 面层材料品种、规格、颜色：5mm茶镜饰面（MR-A02），四周1.2mm黄古铜不锈钢（MT-A01）包边\n4. 施工时面层颜色、样式由甲方和设计单位确认选样，投标人综合考虑报价，加工、切割、折边、损耗等不另计，中标后综合单价不予调整\n5.其他：未尽事宜详见式设计图纸、图集、设计补充说明、招标文件、政府相关文件及规范等其它资料，满足验收要求","1. 部位：淋浴壁龛\n3. 面层材料品种、规格、颜色：5mm茶镜饰面（MR-A02），四周1.2mm黄古铜不锈钢（MT-A01）包边\n4. 施工时面层颜色、样式由甲方和设计单位确认选样，投标人综合考虑报价，加工、切割、折边、损耗等不另计，中标后综合单价不予调整\n5.其他：未尽事宜详见式设计图纸、图集、设计补充说明、招标文件、政府相关文件及规范等其它资料，满足验收要求","不锈钢及玻璃制品","2包","m2",0.71,388.31,275.7,89,"按投影面积",0.71,1180,837.8,"m2",0.71,837.8,0,{"v":1,"d":"1.00"},true,562.0999999999999]
[423,"7#","工程名称：7#-JS套房",3,10801001001,"入户门","1．部位：JS套房\n2．门室内侧外框尺寸：1520*3000mm，室外侧外框尺寸详见设计文件\n3．门套材料种类、规格：室内侧15mm阻燃夹板+橡木饰面门套(WD-A01 )，过道侧1.2mm黄古铜不锈钢线条(MT-A01)\n4．门楣材料种类、规格：15mm阻燃夹板+9mm阻燃夹板+橡木饰面门楣（WD-A01）\n5．门扇饰面材质种类、规格：橡木饰面入户门(WD-A01)，包含20mm细木工板成品门芯、30*30*3mm热镀锌方通钢龙骨，双面9mm阻燃夹板，外侧1.2mm古铜拉丝不锈钢（防指纹）线条(MT-A01)\n6．五金品种、规格：包含但不限于凸轮暗藏闭门器、门底挡尘条、猫眼、防盗链、门碰、暗藏五金合页(选型一侧三副)、消音胶条等五金件,门锁此处不计入\n7．防护材料种类：所有装修用木材均应进行防火、防腐处理\n8．施工时面层颜色、样式由甲方和设计单位确认选样，投标人综合考虑报价，加工、切割、折边、损耗等不另计，中标后综合单价不予调整\n9．未尽事宜详见设计图纸、图集、设计补充说明、招标文件、政府相关文件及规范等其它资料，满足验收要求","1．部位：JS套房\n2．门室内侧外框尺寸：1520*3000mm，室外侧外框尺寸详见设计文件\n3．门套材料种类、规格：过道侧1.2mm黄古铜不锈钢线条(MT-A01)\n5．门扇饰面材质种类、规格：外侧1.2mm古铜拉丝不锈钢（防指纹）线条(MT-A01)\n7．防护材料种类：所有装修用木材均应进行防火、防腐处理\n8．施工时面层颜色、样式由甲方和设计单位确认选样，投标人综合考虑报价，加工、切割、折边、损耗等不另计，中标后综合单价不予调整\n9．未尽事宜详见设计图纸、图集、设计补充说明、招标文件、政府相关文件及规范等其它资料，满足验收要求","不锈钢及玻璃制品","2包","樘",4,409.84,1639.36,3,null,4,455,1820,"樘",4,1820,0,{"v":1,"d":"1.00"},true,180.6400000000001]
[424,"7#","工程名称：7#-JS套房",6,10805005001,"玻璃门","1．部位：卧室通往卫生间\n3．门扇饰面材质种类、规格：5+1.52pvb+5mm磨砂夹胶玻璃（GL-A05），四周1.2mm黄古铜不锈钢边框(MT-A01)，哑光防指纹/拉丝直纹\n4．五金品种、规格：单价包含定制金属执手、液压门轴等相应五金件等价格。\n5．施工时面层颜色、样式由甲方和设计单位确认选样，投标人综合考虑报价，加工、切割、折边、损耗等不另计，中标后综合单价不予调整\n6．未尽事宜详见设计图纸、图集、设计补充说明、招标文件、政府相关文件及规范等其它资料，满足验收要求","1．部位：卧室通往卫生间\n3．门扇饰面材质种类、规格：5+1.52pvb+5mm磨砂夹胶玻璃（GL-A05），四周1.2mm黄古铜不锈钢边框(MT-A01)，哑光防指纹/拉丝直纹\n4．五金品种、规格：单价包含定制金属执手、液压门轴等相应五金件等价格。\n5．施工时面层颜色、样式由甲方和设计单位确认选样，投标人综合考虑报价，加工、切割、折边、损耗等不另计，中标后综合单价不予调整\n6．未尽事宜详见设计图纸、图集、设计补充说明、招标文件、政府相关文件及规范等其它资料，满足验收要求","不锈钢及玻璃制品","2包","m2",16.8,2410.72,40500.1,6,"按投影面积",18.12,1250,22650,"m2",16.8,21000,1.3200000000000003,{"v":1.0785714285714285,"d":"1.08"},true,-17850.1]
[425,"7#","工程名称：7#-JS套房",7,10808001001,"不锈钢门套","1. 部位：卧室通往卫生间\n2. 基层材料种类、规格：双层12mm阻燃夹板\n3. 面层材料种类、规格：1.2mm黄古铜不锈钢（MT-A01），哑光防指纹/拉丝直纹\n4．防护材料种类：所有装修用木材均应进行防火、防腐处理\n5．施工时面层颜色、样式由甲方和设计单位确认选样，投标人综合考虑报价，加工、切割、折边、损耗等不另计，中标后综合单价不予调整\n6．未尽事宜详见设计图纸、图集、设计补充说明、招标文件、政府相关文件及规范等其它资料，满足验收要求","1. 部位：卧室通往卫生间\n3. 面层材料种类、规格：1.2mm黄古铜不锈钢（MT-A01），哑光防指纹/拉丝直纹\n4．防护材料种类：所有装修用木材均应进行防火、防腐处理\n5．施工时面层颜色、样式由甲方和设计单位确认选样，投标人综合考虑报价，加工、切割、折边、损耗等不另计，中标后综合单价不予调整\n6．未尽事宜详见设计图纸、图集、设计补充说明、招标文件、政府相关文件及规范等其它资料，满足验收要求","不锈钢及玻璃制品","2包","m2",21.08,381.5,8042.02,7,"按深化节点图与实际的展开面积计算（见光面）",26.5,550,14575,"m2",26.5,14575,5.420000000000002,{"v":1.2571157495256169,"d":"1.26"},true,6532.98]
[426,"7#","工程名称：7#-JS套房",22,"WB011105006001","成品踢脚线","1. 部位：玄关、卧室、客厅、衣帽间等\n2. 踢脚线高度：50mm高\n3．基层材料种类、规格：12mm阻燃夹板\n4．面层材料品种、规格、颜色：1.2mm乱纹古铜(MT-A02)，哑光防指纹/拉丝直纹\n5．施工时面层颜色、样式由甲方和设计单位确认选样，投标人综合考虑报价，加工、切割、折边、损耗等不另计，中标后综合单价不予调整\n6．未尽事宜详见设计图纸、图集、设计补充说明、招标文件、政府相关文件及规范等其它资料，满足验收要求","1. 部位：玄关、卧室、客厅、衣帽间等\n2. 踢脚线高度：50mm高\n4．面层材料品种、规格、颜色：1.2mm乱纹古铜(MT-A02)，哑光防指纹/拉丝直纹\n5．施工时面层颜色、样式由甲方和设计单位确认选样，投标人综合考虑报价，加工、切割、折边、损耗等不另计，中标后综合单价不予调整\n6．未尽事宜详见设计图纸、图集、设计补充说明、招标文件、政府相关文件及规范等其它资料，满足验收要求","不锈钢及玻璃制品","2包","m",211.06,43.6,9202.22,22,"按现场实际发生量长度计算",211.06,45,9497.7,"m",211.06,9497.7,0,{"v":1,"d":"1.00"},true,295.4800000000014]
[427,"7#","工程名称：7#-JS套房",51,11207001004,"墙面装饰板","1. 部位：客厅等\n2. 基层材料种类、规格：双层12mm阻燃夹板\n3. 面层材料品种、规格、颜色： 6+1.52pvb+6mm夹胶安全超白玻璃(GL-A02）+四周1.2mm黄古铜不锈钢（MT-A01）\n4. 防护材料种类：所有装修用木材均应进行防火、防腐处理\n5．施工时面层颜色、样式由甲方和设计单位确认选样，加工、排版损耗等不另计，投标人综合考虑报价，中标后综合单价不予调整\n6．未尽事宜详见设计图纸、图集、设计补充说明、招标文件、政府相关文件及规范等其它资料，满足验收要求","1. 部位：客厅等\n3. 面层材料品种、规格、颜色： 6+1.52pvb+6mm夹胶安全超白玻璃(GL-A02）+四周1.2mm黄古铜不锈钢（MT-A01）\n4. 防护材料种类：所有装修用木材均应进行防火、防腐处理\n5．施工时面层颜色、样式由甲方和设计单位确认选样，加工、排版损耗等不另计，投标人综合考虑报价，中标后综合单价不予调整\n6．未尽事宜详见设计图纸、图集、设计补充说明、招标文件、政府相关文件及规范等其它资料，满足验收要求","不锈钢及玻璃制品","2包","m2",36.3,574.18,20842.71,51,"按投影面积",36.3,720,26135.999999999996,"m2",36.3,26135.999999999996,0,{"v":1,"d":"1.00"},true,5293.289999999997]
[428,"7#","工程名称：7#-JS套房",52,11207001005,"墙面装饰板","1. 部位：客厅电视背景、卧室背景墙\n2. 基层材料种类、规格：双层9mm阻燃夹板\n3. 面层材料品种、规格、颜色：1.2mm黄古铜不锈钢（MT-A01），哑光防指纹/拉丝直纹\n4.防护材料种类：所有装修用木材均应进行防火、防腐处理\n5．施工时面层颜色、样式由甲方和设计单位确认选样，加工、排版损耗等不另计，投标人综合考虑报价，中标后综合单价不予调整\n6．未尽事宜详见设计图纸、图集、设计补充说明、招标文件、政府相关文件及规范等其它资料，满足验收要求","1. 部位：客厅电视背景、卧室背景墙\n3. 面层材料品种、规格、颜色：1.2mm黄古铜不锈钢（MT-A01），哑光防指纹/拉丝直纹\n4.防护材料种类：所有装修用木材均应进行防火、防腐处理\n5．施工时面层颜色、样式由甲方和设计单位确认选样，加工、排版损耗等不另计，投标人综合考虑报价，中标后综合单价不予调整\n6．未尽事宜详见设计图纸、图集、设计补充说明、招标文件、政府相关文件及规范等其它资料，满足验收要求","不锈钢及玻璃制品","2包","m2",14.48,354.25,5129.54,52,"按深化节点图与实际的展开面积计算（见光面）",14.48,550,7964,"m2",14.48,7964,0,{"v":1,"d":"1.00"},true,2834.46]
[429,"7#","工程名称：7#-JS套房",53,11207001006,"墙面装饰板","1. 部位：客厅电视背景\n2. 基层材料种类、规格：9mm阻燃夹板\n3. 面层材料品种、规格、颜色：1.2mm黄古铜不锈钢（MT-A01），哑光防指纹/拉丝直纹\n4.防护材料种类：所有装修用木材均应进行防火、防腐处理\n5．施工时面层颜色、样式由甲方和设计单位确认选样，加工、排版损耗等不另计，投标人综合考虑报价，中标后综合单价不予调整\n6．未尽事宜详见设计图纸、图集、设计补充说明、招标文件、政府相关文件及规范等其它资料，满足验收要求","1. 部位：客厅电视背景\n3. 面层材料品种、规格、颜色：1.2mm黄古铜不锈钢（MT-A01），哑光防指纹/拉丝直纹\n4.防护材料种类：所有装修用木材均应进行防火、防腐处理\n5．施工时面层颜色、样式由甲方和设计单位确认选样，加工、排版损耗等不另计，投标人综合考虑报价，中标后综合单价不予调整\n6．未尽事宜详见设计图纸、图集、设计补充说明、招标文件、政府相关文件及规范等其它资料，满足验收要求","不锈钢及玻璃制品","2包","m2",23.24,354.25,8232.77,53,"按深化节点图与实际的展开面积计算（见光面）",23.24,550,12782,"m2",23.24,12782,0,{"v":1,"d":"1.00"},true,4549.23]
[430,"7#","工程名称：7#-JS套房",59,11207001011,"墙面装饰板","1. 部位：客厅电视背景等\n2. 龙骨材料种类、规格：50mm竖向天地龙骨，配C50龙骨\n3. 基层材料种类、规格：12mm阻燃夹板+9mm阻燃夹板\n4. 面层材料品种、规格、颜色：5mm银镜饰面（MR-A01）+1.2mm黄古铜不锈钢（MT-A01）\n5．防护材料种类：所有装修用木材均应进行防火、防腐处理\n6．施工时面层颜色、样式由甲方和设计单位确认选样，加工、排版损耗等不另计，投标人综合考虑报价，中标后综合单价不予调整\n7．未尽事宜详见设计图纸、图集、设计补充说明、招标文件、政府相关文件及规范等其它资料，满足验收要求","1. 部位：客厅电视背景等\n4. 面层材料品种、规格、颜色：5mm银镜饰面（MR-A01）+1.2mm黄古铜不锈钢（MT-A01）\n5．防护材料种类：所有装修用木材均应进行防火、防腐处理\n6．施工时面层颜色、样式由甲方和设计单位确认选样，加工、排版损耗等不另计，投标人综合考虑报价，中标后综合单价不予调整\n7．未尽事宜详见设计图纸、图集、设计补充说明、招标文件、政府相关文件及规范等其它资料，满足验收要求","不锈钢及玻璃制品","2包","m2",11.73,297.97,3495.23,59,"按投影面积",11.73,385,4516.05,"m2",11.73,4516.05,0,{"v":1,"d":"1.00"},true,1020.8200000000002]
[431,"7#","工程名称：7#-JS套房",61,11210005001,"玻璃隔断","1. 部位：客厅与卧室隔墙\n2. 隔断材料种类、规格：5+1.52+5mm磨砂夹胶玻璃（GL-A05），四周古铜拉丝不锈钢，顶部、底部加固报价综合考虑\n3. 包边基层材料种类、规格：双层9mm阻燃夹板\n4．防护材料种类：所有装修用木材均应进行防火、防腐处理\n5．施工时面层颜色、样式由甲方和设计单位确认选样，加工、排版损耗等不另计，投标人综合考虑报价，中标后综合单价不予调整\n6．未尽事宜详见设计图纸、图集、设计补充说明、招标文件、政府相关文件及规范等其它资料，满足验收要求","1. 部位：客厅与卧室隔墙\n2. 隔断材料种类、规格：5+1.52+5mm磨砂夹胶玻璃（GL-A05），四周古铜拉丝不锈钢，顶部、底部加固报价综合考虑\n3. 包边基层材料种类、规格：双层9mm阻燃夹板\n4．防护材料种类：所有装修用木材均应进行防火、防腐处理\n5．施工时面层颜色、样式由甲方和设计单位确认选样，加工、排版损耗等不另计，投标人综合考虑报价，中标后综合单价不予调整\n6．未尽事宜详见设计图纸、图集、设计补充说明、招标文件、政府相关文件及规范等其它资料，满足验收要求","不锈钢及玻璃制品","2包","m2",6,1147.17,6883.02,61,"按投影面积",6.72,750,5040,"m2",6,4500,0.7199999999999998,{"v":1.1199999999999999,"d":"1.12"},true,-1843.0200000000004]
[432,"7#","工程名称：7#-JS套房",64,11207001015,"墙面装饰板","1. 部位：床头背景墙\n2. 龙骨材料种类、规格：热镀锌钢龙骨（不分规格型号，投标人综合考虑）\n3. 基层材料种类、规格：9mm阻燃夹板+9.5mm石膏板\n4. 面层材料品种、规格、颜色：一边12mm橡木饰面（WD-A01）+一边墙布饰面（WC-A04A）+1.2mm黄古铜不锈钢(MT-A01)+40*70不锈钢方通等\n5. 防护材料种类：所有装修用木材均应进行防火、防腐处理\n6．施工时面层颜色、样式由甲方和设计单位确认选样，加工、排版损耗等不另计，投标人综合考虑报价，中标后综合单价不予调整\n7．未尽事宜详见设计图纸、图集、设计补充说明、招标文件、政府相关文件及规范等其它资料，满足验收要求","1. 部位：床头背景墙\n4. 面层材料品种、规格、颜色：一边墙布饰面（WC-A04A）+1.2mm黄古铜不锈钢(MT-A01)+40*70不锈钢方通等\n5. 防护材料种类：所有装修用木材均应进行防火、防腐处理\n6．施工时面层颜色、样式由甲方和设计单位确认选样，加工、排版损耗等不另计，投标人综合考虑报价，中标后综合单价不予调整\n7．未尽事宜详见设计图纸、图集、设计补充说明、招标文件、政府相关文件及规范等其它资料，满足验收要求","不锈钢及玻璃制品","2包","m2",15.12,136.56,2064.71,64,"按深化节点图与实际的展开面积计算（见光面）",15.12,560,8467.199999999999,"m2",15.12,8467.199999999999,0,{"v":1,"d":"1.00"},true,6402.489999999999]
[433,"7#","工程名称：7#-JS套房",65,11207001016,"墙面装饰板","1. 部位：客厅、卧室电视背景等\n2. 基层材料种类、规格：9mm阻燃夹板\n3. 面层材料品种、规格、颜色：1.2mm乱纹古铜不锈钢包边（MT-A02)\n4.防护材料种类：所有装修用木材均应进行防火、防腐处理\n5．施工时面层颜色、样式由甲方和设计单位确认选样，加工、排版损耗等不另计，投标人综合考虑报价，中标后综合单价不予调整\n6．未尽事宜详见设计图纸、图集、设计补充说明、招标文件、政府相关文件及规范等其它资料，满足验收要求","1. 部位：客厅、卧室电视背景等\n3. 面层材料品种、规格、颜色：1.2mm乱纹古铜不锈钢包边（MT-A02)\n4.防护材料种类：所有装修用木材均应进行防火、防腐处理\n5．施工时面层颜色、样式由甲方和设计单位确认选样，加工、排版损耗等不另计，投标人综合考虑报价，中标后综合单价不予调整\n6．未尽事宜详见设计图纸、图集、设计补充说明、招标文件、政府相关文件及规范等其它资料，满足验收要求","不锈钢及玻璃制品","2包","m2",4.11,354.25,1455.97,65,"按深化节点图与实际的展开面积计算（见光面）",4.11,550,2260.5,"m2",4.11,2260.5,0,{"v":1,"d":"1.00"},true,804.53]
[434,"7#","工程名称：7#-JS套房",67,11207001018,"墙面装饰板","1. 部位：卫生间等\n2. 基层材料种类、规格：9mm硅酸钙板\n3. 面层材料种类、规格：1.2mm仿木纹覆膜不锈钢（MT-A04）\n4．防护材料种类：所有装修用木材均应进行防火、防腐处理\n5．施工时面层颜色、样式由甲方和设计单位确认选样，投标人综合考虑报价，加工、切割、折边、损耗等不另计，中标后综合单价不予调整\n6．未尽事宜详见设计图纸、图集、设计补充说明、招标文件、政府相关文件及规范等其它资料，满足验收要求","1. 部位：卫生间等\n3. 面层材料种类、规格：1.2mm仿木纹覆膜不锈钢（MT-A04）\n4．防护材料种类：所有装修用木材均应进行防火、防腐处理\n5．施工时面层颜色、样式由甲方和设计单位确认选样，投标人综合考虑报价，加工、切割、折边、损耗等不另计，中标后综合单价不予调整\n6．未尽事宜详见设计图纸、图集、设计补充说明、招标文件、政府相关文件及规范等其它资料，满足验收要求","不锈钢及玻璃制品","2包","m2",19.96,354.25,7070.83,67,"按深化节点图与实际的展开面积计算（见光面）",22,590,12980,"m2",22,12980,2.039999999999999,{"v":1.1022044088176353,"d":"1.10"},true,5909.17]
[435,"7#","工程名称：7#-JS套房",68,11207001019,"墙面装饰板","1. 部位：马桶纸巾架处、淋浴间\n2. 基层材料种类、规格：双层9mm硅酸钙板\n3. 面层材料品种、规格、颜色：1.2mm深古铜拉丝不锈钢（MT-A03）\n4.防护材料种类：所有装修用木材均应进行防火、防腐处理\n5．施工时面层颜色、样式由甲方和设计单位确认选样，加工、排版损耗等不另计，投标人综合考虑报价，中标后综合单价不予调整\n6．未尽事宜详见设计图纸、图集、设计补充说明、招标文件、政府相关文件及规范等其它资料，满足验收要求","1. 部位：马桶纸巾架处、淋浴间\n3. 面层材料品种、规格、颜色：1.2mm深古铜拉丝不锈钢（MT-A03）\n4.防护材料种类：所有装修用木材均应进行防火、防腐处理\n5．施工时面层颜色、样式由甲方和设计单位确认选样，加工、排版损耗等不另计，投标人综合考虑报价，中标后综合单价不予调整\n6．未尽事宜详见设计图纸、图集、设计补充说明、招标文件、政府相关文件及规范等其它资料，满足验收要求","不锈钢及玻璃制品","2包","m2",1.39,354.25,492.41,68,"按深化节点图与实际的展开面积计算（见光面）",1.5,550,825,"m2",1.5,825,0.1100000000000001,{"v":1.0791366906474822,"d":"1.08"},true,332.59]
[436,"7#","工程名称：7#-JS套房",69,11207001020,"墙面装饰板","1. 部位：卫生间\n2. 基层材料种类、规格：9mm硅酸钙板\n3. 面层材料种类、规格：1.2mm黄古铜不锈钢（MT-A01）\n4．防护材料种类：所有装修用木材均应进行防火、防腐处理\n5．施工时面层颜色、样式由业主和设计单位确认选样，投标人综合考虑报价，加工、切割、折边、损耗等不另计，中标后综合单价不予调整\n6．未尽事宜详见设计图纸、图集、设计补充说明、招标文件、政府相关文件及规范等其它资料，满足验收要求","1. 部位：卫生间\n3. 面层材料种类、规格：1.2mm黄古铜不锈钢（MT-A01）\n4．防护材料种类：所有装修用木材均应进行防火、防腐处理\n5．施工时面层颜色、样式由业主和设计单位确认选样，投标人综合考虑报价，加工、切割、折边、损耗等不另计，中标后综合单价不予调整\n6．未尽事宜详见设计图纸、图集、设计补充说明、招标文件、政府相关文件及规范等其它资料，满足验收要求","不锈钢及玻璃制品","2包","m2",7.56,354.25,2678.13,69,"按深化节点图与实际的展开面积计算（见光面）",7.7,550,4235,"m2",7.7,4235,0.14000000000000057,{"v":1.0185185185185186,"d":"1.02"},true,1556.87]
[437,"7#","工程名称：7#-JS套房",70,11207001021,"墙面装饰板","1. 基层材料种类、规格：9mm阻燃夹板\n2. 面层材料品种、规格、颜色：1.2mm拉丝黑钛（MT-A08）\n3.防护材料种类：所有装修用木材均应进行防火、防腐处理\n4．施工时面层颜色、样式由甲方和设计单位确认选样，加工、排版损耗等不另计，投标人综合考虑报价，中标后综合单价不予调整\n5．未尽事宜详见设计图纸、图集、设计补充说明、招标文件、政府相关文件及规范等其它资料，满足验收要求","2. 面层材料品种、规格、颜色：1.2mm拉丝黑钛（MT-A08）\n3.防护材料种类：所有装修用木材均应进行防火、防腐处理\n4．施工时面层颜色、样式由甲方和设计单位确认选样，加工、排版损耗等不另计，投标人综合考虑报价，中标后综合单价不予调整\n5．未尽事宜详见设计图纸、图集、设计补充说明、招标文件、政府相关文件及规范等其它资料，满足验收要求","不锈钢及玻璃制品","2包","m2",41.2,354.25,14595.1,70,"按深化节点图与实际的展开面积计算（见光面）",42,550,23100,"m2",42,23100,0.7999999999999972,{"v":1.0194174757281553,"d":"1.02"},true,8504.9]
[438,"7#","工程名称：7#-JS套房",71,11207001022,"墙面装饰板","1. 基层材料种类、规格：9mm阻燃夹板\n2. 面层材料品种、规格、颜色：1.2mm青铜色不锈钢（MT-A09）\n3.防护材料种类：所有装修用木材均应进行防火、防腐处理\n4．施工时面层颜色、样式由甲方和设计单位确认选样，加工、排版损耗等不另计，投标人综合考虑报价，中标后综合单价不予调整\n5．未尽事宜详见设计图纸、图集、设计补充说明、招标文件、政府相关文件及规范等其它资料，满足验收要求","2. 面层材料品种、规格、颜色：1.2mm青铜色不锈钢（MT-A09）\n3.防护材料种类：所有装修用木材均应进行防火、防腐处理\n4．施工时面层颜色、样式由甲方和设计单位确认选样，加工、排版损耗等不另计，投标人综合考虑报价，中标后综合单价不予调整\n5．未尽事宜详见设计图纸、图集、设计补充说明、招标文件、政府相关文件及规范等其它资料，满足验收要求","不锈钢及玻璃制品","2包","m2",5.6,354.25,1983.8,71,"按深化节点图与实际的展开面积计算（见光面）",6.3,550,3465,"m2",6.3,3465,0.7000000000000002,{"v":1.125,"d":"1.13"},true,1481.2]
[439,"7#","工程名称：7#-JS套房",72,11207001023,"墙面装饰板","1. 基层材料种类、规格：9mm阻燃夹板\n2. 面层材料品种、规格、颜色：1.2mm褐色不锈钢（MT-A10）\n3.防护材料种类：所有装修用木材均应进行防火、防腐处理\n4．施工时面层颜色、样式由甲方和设计单位确认选样，加工、排版损耗等不另计，投标人综合考虑报价，中标后综合单价不予调整\n5．未尽事宜详见设计图纸、图集、设计补充说明、招标文件、政府相关文件及规范等其它资料，满足验收要求","2. 面层材料品种、规格、颜色：1.2mm褐色不锈钢（MT-A10）\n3.防护材料种类：所有装修用木材均应进行防火、防腐处理\n4．施工时面层颜色、样式由甲方和设计单位确认选样，加工、排版损耗等不另计，投标人综合考虑报价，中标后综合单价不予调整\n5．未尽事宜详见设计图纸、图集、设计补充说明、招标文件、政府相关文件及规范等其它资料，满足验收要求","不锈钢及玻璃制品","2包","m2",68.8,354.25,24372.4,72,"按深化节点图与实际的展开面积计算（见光面）",72,550,39600,"m2",72,39600,3.200000000000003,{"v":1.0465116279069768,"d":"1.05"},true,15227.599999999999]
[440,"7#","工程名称：7#-JS套房",73,11210005002,"成品屏风","1. 部位：卫生间\n2．龙骨材料种类、规格：热镀锌方通等钢龙骨规格型号综合考虑\n3．边框材料种类、规格：四周1.2mm黄古铜不锈钢(MT-A01)\n4. 玻璃品种、规格、颜色：6+1.52.pvb+6mm 夹丝玻璃（GL-A01）,\n5．施工时面层颜色、样式由甲方和设计单位确认选样，投标人综合考虑报价，加工、切割、折边、损耗等不另计，中标后综合单价不予调整\n6. 按外框投影面积计算\n7．未尽事宜详见设计图纸、图集、设计补充说明、招标文件、政府相关文件及规范等其它资料，满足验收要求","1. 部位：卫生间\n3．边框材料种类、规格：四周1.2mm黄古铜不锈钢(MT-A01)\n4. 玻璃品种、规格、颜色：6+1.52.pvb+6mm 夹丝玻璃（GL-A01）,\n5．施工时面层颜色、样式由甲方和设计单位确认选样，投标人综合考虑报价，加工、切割、折边、损耗等不另计，中标后综合单价不予调整\n6. 按外框投影面积计算\n7．未尽事宜详见设计图纸、图集、设计补充说明、招标文件、政府相关文件及规范等其它资料，满足验收要求","不锈钢及玻璃制品","2包","m2",6.72,1147.17,7708.99,73,"按投影面积",6.72,1050,7056,"m2",6.72,7056,0,{"v":1,"d":"1.00"},true,-652.9899999999998]
[441,"7#","工程名称：7#-JS套房",74,11210003001,"玻璃隔断","1. 部位：卫生间\n2．边框材料种类、规格：四周1.2mm黄古铜不锈钢(MT-A01)，哑光防指纹/拉丝直纹\n3．玻璃品种、规格、颜色：6+1.52pvb+6mm厚夹胶安全超白玻璃（GL-A02）,\n4. 五金品种、规格：单价包含玻璃门夹、淋浴拉手、挡水胶条等费用\n5．施工时面层颜色、样式由甲方和设计单位确认选样，投标人综合考虑报价，加工、切割、折边、损耗等不另计，中标后综合单价不予调整\n6. 按外框投影面积计算\n7．未尽事宜详见设计图纸、图集、设计补充说明、招标文件、政府相关文件及规范等其它资料，满足验收要求","1. 部位：卫生间\n2．边框材料种类、规格：四周1.2mm黄古铜不锈钢(MT-A01)，哑光防指纹/拉丝直纹\n3．玻璃品种、规格、颜色：6+1.52pvb+6mm厚夹胶安全超白玻璃（GL-A02）,\n4. 五金品种、规格：单价包含玻璃门夹、淋浴拉手、挡水胶条等费用\n5．施工时面层颜色、样式由甲方和设计单位确认选样，投标人综合考虑报价，加工、切割、折边、损耗等不另计，中标后综合单价不予调整\n6. 按外框投影面积计算\n7．未尽事宜详见设计图纸、图集、设计补充说明、招标文件、政府相关文件及规范等其它资料，满足验收要求","不锈钢及玻璃制品","2包","m2",19.55,850.2,16621.41,74,"按投影面积",21.6,1380,29808.000000000004,"m2",19.55,26979,2.0500000000000007,{"v":1.1048593350383633,"d":"1.10"},true,13186.590000000004]
[442,"7#","工程名称：7#-JS套房",75,11207001024,"墙面装饰板","1. 部位：淋浴壁龛\n2. 基层材料种类、规格：9mm硅酸钙板\n3. 面层材料品种、规格、颜色：5mm茶镜饰面（MR-A02），四周1.2mm黄古铜不锈钢（MT-A01）包边\n4. 施工时面层颜色、样式由甲方和设计单位确认选样，投标人综合考虑报价，加工、切割、折边、损耗等不另计，中标后综合单价不予调整\n5.其他：未尽事宜详见式设计图纸、图集、设计补充说明、招标文件、政府相关文件及规范等其它资料，满足验收要求","1. 部位：淋浴壁龛\n3. 面层材料品种、规格、颜色：5mm茶镜饰面（MR-A02），四周1.2mm黄古铜不锈钢（MT-A01）包边\n4. 施工时面层颜色、样式由甲方和设计单位确认选样，投标人综合考虑报价，加工、切割、折边、损耗等不另计，中标后综合单价不予调整\n5.其他：未尽事宜详见式设计图纸、图集、设计补充说明、招标文件、政府相关文件及规范等其它资料，满足验收要求","不锈钢及玻璃制品","2包","m2",1.08,388.31,419.38,75,"按投影面积",1.08,1180,1274.4,"m2",1.08,1274.4,0,{"v":1,"d":"1.00"},true,855.0200000000001]
[443,"7#","工程名称：7#-JS套房",76,11210005003,"成品屏风","1. 部位：洗手台旁\n2. 龙骨、基层材料种类、规格：热镀锌钢龙骨（不分规格型号，投标人综合考虑）+9mm阻燃夹板，顶部、底部加固综合考虑\n3. 面层材料品种、规格、颜色： 6+1.52pvb+6mm夹胶安全超白玻璃(GL-A02），四周1.2mm黄古铜不锈钢（MT-A01）\n4. 施工时面层颜色、样式由甲方和设计单位确认选样，加工、排版损耗等不另计，投标人综合考虑报价，中标后综合单价不予调整\n5．未尽事宜详见设计图纸、图集、设计补充说明、招标文件、政府相关文件及规范等其它资料，满足验收要求","1. 部位：洗手台旁\n3. 面层材料品种、规格、颜色： 6+1.52pvb+6mm夹胶安全超白玻璃(GL-A02），四周1.2mm黄古铜不锈钢（MT-A01）\n4. 施工时面层颜色、样式由甲方和设计单位确认选样，加工、排版损耗等不另计，投标人综合考虑报价，中标后综合单价不予调整\n5．未尽事宜详见设计图纸、图集、设计补充说明、招标文件、政府相关文件及规范等其它资料，满足验收要求","不锈钢及玻璃制品","2包","m2",13.2,1147.17,15142.65,76,"按投影面积",13.2,950,12540,"m2",13.2,12540,0,{"v":1,"d":"1.00"},true,-2602.6499999999996]
[444,"7#","工程名称：7#-JS套房",79,"WB011302005003","天棚吊顶","1．部位：玄关、卫生间等\n2．面层材料品种、规格、颜色：1.2mm黄古铜不锈钢(MT-A01)\n3．施工时面层颜色、样式由甲方和设计单位确认选样，投标人综合考虑报价，加工、切割、折边、损耗等不另计，中标后综合单价不予调整\n4．未尽事宜详见设计图纸、图集、设计补充说明、招标文件、政府相关文件及规范等其它资料，满足验收要求","1．部位：玄关、卫生间等\n2．面层材料品种、规格、颜色：1.2mm黄古铜不锈钢(MT-A01)\n3．施工时面层颜色、样式由甲方和设计单位确认选样，投标人综合考虑报价，加工、切割、折边、损耗等不另计，中标后综合单价不予调整\n4．未尽事宜详见设计图纸、图集、设计补充说明、招标文件、政府相关文件及规范等其它资料，满足验收要求","不锈钢及玻璃制品","2包","m2",4.25,354.25,1505.56,79,"按深化节点图与实际的展开面积计算（见光面）",4.25,550,2337.5,"m2",4.25,2337.5,0,{"v":1,"d":"1.00"},true,831.94]
[445,"7#","工程名称：7#-JS套房",91,"WB011501001001","玄关柜","1. 部位：玄关\n2. 柜体尺寸：1100*600*3000mm\n3. 龙骨材料种类、规格：热镀锌钢龙骨（不分规格型号，投标人综合考虑）、30*30mm木方(阻燃处理)等\n4．基层板材料种类、规格：9mm阻燃夹板、15mm阻燃夹板、9mm硅酸钙板等基层类型及厚度综合考虑\n5．材料种类：12mm厚橡木饰面（WD-A01）、墙布饰面(WC-A04)、1.2mm黄古铜不锈钢（MT-A01）、橡木饰面抽屉柜、不锈钢门把手、夹丝玻璃（GL-A01）等\n6．五金种类、规格：单价包含挂衣杆、五金合页、抽屉滑轨、阻尼隔振胶垫、暗藏灯槽等\n7．按照立面投影面积计算\n8．防护材料种类：所有装修用木材均应进行防火、防腐处理\n9．施工时面层颜色、样式由甲方和设计单位确认选样，加工、排版损耗等不另计，投标人综合考虑报价，中标后综合单价不予调整\n10．未尽事宜详见设计图纸、图集、设计补充说明、招标文件、政府相关文件及规范等其它资料，满足验收要求","1. 部位：玄关\n2. 柜体尺寸：1100*600*3000mm\n5．材料种类：墙布饰面(WC-A04)\n7．按照立面投影面积计算\n8．防护材料种类：所有装修用木材均应进行防火、防腐处理\n9．施工时面层颜色、样式由甲方和设计单位确认选样，加工、排版损耗等不另计，投标人综合考虑报价，中标后综合单价不予调整\n10．未尽事宜详见设计图纸、图集、设计补充说明、招标文件、政府相关文件及规范等其它资料，满足验收要求","不锈钢及玻璃制品","2包","m2",9,16.47,148.23,null,"按现场实际发生量长度计算",{"$nulls":3},"m",3.3,0,-9,{"v":0,"d":"0.00"},false,-148.23]
[446,"7#","工程名称：7#-JS套房",92,"WB011501001002","衣帽间衣柜","1. 部位：衣帽间\n2. 柜体尺寸：650mm*3000mm*长（具体详见设计文件）\n3. 龙骨材质种类、规格：热镀锌钢龙骨（不分规格型号，投标人综合考虑）、木龙骨等\n4．基层板材质种类、规格：基层类型及厚度综合考虑，具体详见设计文件\n5．材料种类：12mm橡木饰面面（WD-A01）、墙布饰面(WC-A04)、夹丝玻璃（GL-A01）、星白大理石台面（ST-02）、古铜拉丝不锈钢（MT-A01），橡木饰面抽屉柜、1.2mm黄古铜不锈钢踢脚线(MT-A01)等\n6．五金种类、规格：单价包含挂衣杆、五金合页、抽屉滑轨、阻尼隔振胶垫、暗藏灯槽等\n7．按照立面投影面积计算\n8．防护材料种类：所有装修用木材均应进行防火、防腐处理\n9．施工时面层颜色、样式由甲方和设计单位确认选样，加工、排版损耗等不另计，投标人综合考虑报价，中标后综合单价不予调整\n10．未尽事宜详见设计图纸、图集、设计补充说明、招标文件、政府相关文件及规范等其它资料，满足验收要求","1. 部位：衣帽间\n2. 柜体尺寸：650mm*3000mm*长（具体详见设计文件）\n4．基层板材质种类、规格：基层类型及厚度综合考虑，具体详见设计文件\n5．材料种类：墙布饰面(WC-A04)、1.2mm黄古铜不锈钢踢脚线(MT-A01)等\n7．按照立面投影面积计算\n8．防护材料种类：所有装修用木材均应进行防火、防腐处理\n9．施工时面层颜色、样式由甲方和设计单位确认选样，加工、排版损耗等不另计，投标人综合考虑报价，中标后综合单价不予调整\n10．未尽事宜详见设计图纸、图集、设计补充说明、招标文件、政府相关文件及规范等其它资料，满足验收要求","不锈钢及玻璃制品","2包","m2",42.72,14.29,610.46,92,"按现场实际发生量长度计算",12,45,540,"m",12,540,-30.72,{"v":0.2808988764044944,"d":"0.28"},true,-70.46000000000004]
[447,"7#","工程名称：7#-JS套房",93,"WB011501001003","洗手台+柜体","1. 部位：卫生间\n2．规格：长1200mm*宽600mm*高850mm\n3．龙骨材料种类、规格：局部热镀锌钢龙骨（不分规格型号，投标人综合考虑）\n4．面层材料品种、规格、颜色：18mm鎏金白玉大理石(ST-A04)台面及挡水条、橡木饰面柜体及橡木饰面隔板（WD-A01 ）、局部1.2mm黄古铜不锈钢(MT-A01)装饰嵌条、踢脚线及包边，单价包含灯槽成型等\n5. 所有石材材料在施工前须做六面防护处理,石材结晶，以保证防水、防腐、防污、防油\n6. 施工时面层颜色、样式由甲方和设计单位确认选样，倒角，磨边、切割等加工费不另计，投标人综合考虑报价，中标后综合单价不予调整\n7. 未尽事宜详见设计图纸、图集、设计补充说明、招标文件、政府相关文件及规范等其它资料，满足验收要求","1. 部位：卫生间\n2．规格：长1200mm*宽600mm*高850mm\n4．面层材料品种、规格、颜色：踢脚线\n6. 施工时面层颜色、样式由甲方和设计单位确认选样，倒角，磨边、切割等加工费不另计，投标人综合考虑报价，中标后综合单价不予调整\n7. 未尽事宜详见设计图纸、图集、设计补充说明、招标文件、政府相关文件及规范等其它资料，满足验收要求","不锈钢及玻璃制品","2包","m",9.6,65.4,627.84,93,"按现场实际发生量长度计算",11,45,495,"m",11,495,1.4000000000000004,{"v":1.1458333333333335,"d":"1.15"},true,-132.84000000000003]
[448,"7#","工程名称：7#-JS套房",95,11207001025,"墙面装饰板","1. 部位：卫生间\n2. 龙骨材质种类、规格：镀锌钢龙骨（规格型号综合考虑）\n3. 基层材料种类、规格：18mm阻燃夹板，局部9mm阻燃夹板\n4. 面层材料品种、规格、颜色：5mm银镜饰面（MR-A01）\n5. 四周1.2mm黄古铜不锈钢(MT-A01）金属包边\n6. 防护材料种类：所有装修用木材均应进行防火、防腐处理\n7．施工时面层颜色、样式由甲方和设计单位确认选样，加工、排版损耗等不另计，投标人综合考虑报价，中标后综合单价不予调整\n8．未尽事宜详见设计图纸、图集、设计补充说明、招标文件、政府相关文件及规范等其它资料，满足验收要求","1. 部位：卫生间\n4. 面层材料品种、规格、颜色：5mm银镜饰面（MR-A01）\n5. 四周1.2mm黄古铜不锈钢(MT-A01）金属包边\n6. 防护材料种类：所有装修用木材均应进行防火、防腐处理\n7．施工时面层颜色、样式由甲方和设计单位确认选样，加工、排版损耗等不另计，投标人综合考虑报价，中标后综合单价不予调整\n8．未尽事宜详见设计图纸、图集、设计补充说明、招标文件、政府相关文件及规范等其它资料，满足验收要求","不锈钢及玻璃制品","2包","m2",19.49,297.97,5807.5,95,"按投影面积",19.49,385,7503.65,"m2",19.49,7503.65,0,{"v":1,"d":"1.00"},true,1696.1499999999996]
[449,"7#","工程名称：7#-JS套房",96,11502001001,"金属装饰条","1．部位：客厅、卫生间、卧室、衣帽间、玄关等天棚处\n2．嵌条材料品种、规格、颜色：1.2mm黄古铜不锈钢(MT-A01)，哑光防指纹/拉丝直纹，展开宽度60mm以内\n3．施工时面层颜色、样式由甲方和设计单位确认选样，投标人综合考虑报价，加工、切割、折边、损耗等不另计，中标后综合单价不予调整\n4．未尽事宜详见设计图纸、图集、设计补充说明、招标文件、政府相关文件及规范等其它资料，满足验收要求","1．部位：客厅、卫生间、卧室、衣帽间、玄关等天棚处\n2．嵌条材料品种、规格、颜色：1.2mm黄古铜不锈钢(MT-A01)，哑光防指纹/拉丝直纹，展开宽度60mm以内\n3．施工时面层颜色、样式由甲方和设计单位确认选样，投标人综合考虑报价，加工、切割、折边、损耗等不另计，中标后综合单价不予调整\n4．未尽事宜详见设计图纸、图集、设计补充说明、招标文件、政府相关文件及规范等其它资料，满足验收要求","不锈钢及玻璃制品","2包","m",338.86,43.6,14774.3,96,"按现场实际发生量长度计算",356,50,17800,"m",338.86,16943,17.139999999999986,{"v":1.0505813610340553,"d":"1.05"},true,3025.7000000000007]
[450,"7#","工程名称：7#-JS套房",97,11502001002,"金属装饰条","1. 部位：卧室背景墙\n2. 线条材料种类、规格：50*10mm黄古铜不锈钢方通(MT-A01)\n3．施工时面层颜色、样式由甲方和设计单位确认选样，投标人综合考虑报价，加工、切割、折边、损耗等不另计，中标后综合单价不予调整\n4．未尽事宜详见设计图纸、图集、设计补充说明、招标文件、政府相关文件及规范等其它资料，满足验收要求","1. 部位：卧室背景墙\n2. 线条材料种类、规格：50*10mm黄古铜不锈钢方通(MT-A01)\n3．施工时面层颜色、样式由甲方和设计单位确认选样，投标人综合考虑报价，加工、切割、折边、损耗等不另计，中标后综合单价不予调整\n4．未尽事宜详见设计图纸、图集、设计补充说明、招标文件、政府相关文件及规范等其它资料，满足验收要求","不锈钢及玻璃制品","2包","m",15.4,65.4,1007.16,97,"按现场实际发生量长度计算",16,135,2160,"m",15.4,2079,0.5999999999999996,{"v":1.0389610389610389,"d":"1.04"},true,1152.8400000000001]
[451,"7#","工程名称：7#-JS套房",98,11502001003,"金属装饰条","1．部位：卧室、电视背景墙、马桶间、客厅等\n2．线条材料品种、规格、颜色：1.2mm黄古铜不锈钢（MT-A01），展开宽度60以内\n3．施工时面层颜色、样式由甲方和设计单位确认选样，投标人综合考虑报价，加工、切割、折边、损耗等不另计，中标后综合单价不予调整\n4．未尽事宜详见设计图纸、图集、设计补充说明、招标文件、政府相关文件及规范等其它资料，满足验收要求","1．部位：卧室、电视背景墙、马桶间、客厅等\n2．线条材料品种、规格、颜色：1.2mm黄古铜不锈钢（MT-A01），展开宽度60以内\n3．施工时面层颜色、样式由甲方和设计单位确认选样，投标人综合考虑报价，加工、切割、折边、损耗等不另计，中标后综合单价不予调整\n4．未尽事宜详见设计图纸、图集、设计补充说明、招标文件、政府相关文件及规范等其它资料，满足验收要求","不锈钢及玻璃制品","2包","m",42.92,43.6,1871.31,98,"按现场实际发生量长度计算",55,50,2750,"m",42.92,2146,12.079999999999998,{"v":1.281453867660764,"d":"1.28"},true,878.69]
[452,"7#","工程名称：7#-JS套房",99,11502001004,"金属装饰条","1. 部位：卧室背景墙等\n2. 线条材料种类、规格：1.2mm黄古铜不锈钢(MT-A01)，展开宽度60-100mm以内\n3．施工时面层颜色、样式由甲方和设计单位确认选样，投标人综合考虑报价，加工、切割、折边、损耗等不另计，中标后综合单价不予调整\n4．未尽事宜详见设计图纸、图集、设计补充说明、招标文件、政府相关文件及规范等其它资料，满足验收要求","1. 部位：卧室背景墙等\n2. 线条材料种类、规格：1.2mm黄古铜不锈钢(MT-A01)，展开宽度60-100mm以内\n3．施工时面层颜色、样式由甲方和设计单位确认选样，投标人综合考虑报价，加工、切割、折边、损耗等不另计，中标后综合单价不予调整\n4．未尽事宜详见设计图纸、图集、设计补充说明、招标文件、政府相关文件及规范等其它资料，满足验收要求","不锈钢及玻璃制品","2包","m",37.24,59.95,2232.54,99,"按现场实际发生量长度计算",42,60,2520,"m",37.24,2234.4,4.759999999999998,{"v":1.1278195488721805,"d":"1.13"},true,287.46000000000004]
[453,"7#","工程名称：7#-JS套房",100,11502001005,"金属装饰条","1．部位：客卫\n2. 基层材料种类、规格：9mm硅酸钙板\n3．嵌条材料品种、规格、颜色：1.2mm仿木纹覆膜不锈钢（MT-A04），展开宽度60mm以内\n4．施工时面层颜色、样式由甲方和设计单位确认选样，投标人综合考虑报价，加工、切割、折边、损耗等不另计，中标后综合单价不予调整\n5．未尽事宜详见设计图纸、图集、设计补充说明、招标文件、政府相关文件及规范等其它资料，满足验收要求","1．部位：客卫\n3．嵌条材料品种、规格、颜色：1.2mm仿木纹覆膜不锈钢（MT-A04），展开宽度60mm以内\n4．施工时面层颜色、样式由甲方和设计单位确认选样，投标人综合考虑报价，加工、切割、折边、损耗等不另计，中标后综合单价不予调整\n5．未尽事宜详见设计图纸、图集、设计补充说明、招标文件、政府相关文件及规范等其它资料，满足验收要求","不锈钢及玻璃制品","2包","m",14.08,43.6,613.89,100,"按现场实际发生量长度计算",16,60,960,"m",14.08,844.8,1.92,{"v":1.1363636363636365,"d":"1.14"},true,346.11]
[454,"7#","工程名称：7#-K标间客房",3,10801001001,"入户门","1．部位：标间客房\n2．门室内侧外框尺寸：1180*3000mm，室外侧外框尺寸详见设计文件\n3．门套材料种类、规格：室内侧15mm阻燃夹板+橡木饰面门套(WD-A01 )，过道侧1.2mm黄古铜不锈钢线条(MT-A01)\n4．门楣材料种类、规格：15mm阻燃夹板+9mm阻燃夹板+橡木饰面门楣（WD-A01）\n5．门扇材料种类、规格：橡木饰面入户门(WD-A01)，包含30mm细木工板成品门芯、20*40mm热镀锌方通钢龙骨，双面9mm阻燃夹板，外侧1.2mm黄古铜不锈钢（防指纹）线条(MT-A01)\n6．五金品种、规格：包含但不限于凸轮暗藏闭门器、门底挡尘条、猫眼、防盗链、门碰、暗藏五金合页(选型一侧三副)、消音胶条等五金件,门锁此处报价不考虑\n7．防护材料种类：所有装修用木材均应进行防火、防腐处理\n8．施工时面层颜色、样式由甲方和设计单位确认选样，投标人综合考虑报价，加工、切割、折边、损耗等不另计，中标后综合单价不予调整\n9．未尽事宜详见设计图纸、图集、设计补充说明、招标文件、政府相关文件及规范等其它资料，满足验收要求","1．部位：标间客房\n2．门室内侧外框尺寸：1180*3000mm，室外侧外框尺寸详见设计文件\n3．门套材料种类、规格：过道侧1.2mm黄古铜不锈钢线条(MT-A01)\n5．门扇材料种类、规格：外侧1.2mm黄古铜不锈钢（防指纹）线条(MT-A01)\n7．防护材料种类：所有装修用木材均应进行防火、防腐处理\n8．施工时面层颜色、样式由甲方和设计单位确认选样，投标人综合考虑报价，加工、切割、折边、损耗等不另计，中标后综合单价不予调整\n9．未尽事宜详见设计图纸、图集、设计补充说明、招标文件、政府相关文件及规范等其它资料，满足验收要求","不锈钢及玻璃制品","2包","樘",20,401.12,8022.4,3,null,20,455,9100,"樘",20,9100,0,{"v":1,"d":"1.00"},true,1077.6000000000004]
[455,"7#","工程名称：7#-K标间客房",4,10805005001,"玻璃门","1．部位：玄关通往卫生间\n2．门代号及洞口尺寸：1200*3000mm卫生间（M-02）\n3.  门扇饰面材质种类、规格：6+1.52.pvb+6mm夹丝玻璃(GL-A01)，四周1.2mm黄古铜不锈钢边框(MT-A01)，哑光防指纹/拉丝直纹\n4． 五金品种、规格：包括但不限于定制金属执手、液压门轴等相应五金件等价格。\n5．施工时面层颜色、样式由甲方和设计单位确认选样，投标人综合考虑报价，加工、切割、折边、损耗等不另计，中标后综合单价不予调整\n6．未尽事宜详见设计图纸、图集、设计补充说明、招标文件、政府相关文件及规范等其它资料，满足验收要求","1．部位：玄关通往卫生间\n2．门代号及洞口尺寸：1200*3000mm卫生间（M-02）\n3.  门扇饰面材质种类、规格：6+1.52.pvb+6mm夹丝玻璃(GL-A01)，四周1.2mm黄古铜不锈钢边框(MT-A01)，哑光防指纹/拉丝直纹\n4． 五金品种、规格：包括但不限于定制金属执手、液压门轴等相应五金件等价格。\n5．施工时面层颜色、样式由甲方和设计单位确认选样，投标人综合考虑报价，加工、切割、折边、损耗等不另计，中标后综合单价不予调整\n6．未尽事宜详见设计图纸、图集、设计补充说明、招标文件、政府相关文件及规范等其它资料，满足验收要求","不锈钢及玻璃制品","2包","m2",75.18,2410.72,181237.95,4,"按投影面积",75.18,1380,103748.40000000001,"m2",75.18,103748.40000000001,0,{"v":1,"d":"1.00"},true,-77489.55]
[456,"7#","工程名称：7#-K标间客房",5,10807001001,"金属窗","1．部位：浴缸处玻璃窗\n2．顶部、底部镀锌钢龙骨加固，规格型号综合考虑\n3．隔断玻璃品种、厚度：6+1.52pvb+6mm夹胶安全超白玻璃（GL-A02）\n4．施工时面层颜色、样式由甲方和设计单位确认选样，加工、排版损耗等不另计，投标人综合考虑报价，中标后综合单价不予调整\n5．未尽事宜详见设计图纸、图集、设计补充说明、招标文件、政府相关文件及规范等其它资料，满足验收要求","1．部位：浴缸处玻璃窗\n2．顶部、底部镀锌钢龙骨加固，规格型号综合考虑\n3．隔断玻璃品种、厚度：6+1.52pvb+6mm夹胶安全超白玻璃（GL-A02）\n4．施工时面层颜色、样式由甲方和设计单位确认选样，加工、排版损耗等不另计，投标人综合考虑报价，中标后综合单价不予调整\n5．未尽事宜详见设计图纸、图集、设计补充说明、招标文件、政府相关文件及规范等其它资料，满足验收要求","不锈钢及玻璃制品","2包","m2",85.52,670.35,57328.33,5,"按投影面积",85.52,530,45325.6,"m2",85.52,45325.6,0,{"v":1,"d":"1.00"},true,-12002.730000000003]
[457,"7#","工程名称：7#-K标间客房",6,10808001001,"不锈钢窗套","1．部位：浴缸处玻璃窗\n2． 基层材料种类、规格：双层9mm硅酸钙板，局部三层\n3．面层材料种类、规格：1.2mm黄古铜不锈钢（MT-A01），哑光防指纹/拉丝直纹\n4．施工时面层颜色、样式由甲方和设计单位确认选样，投标人综合考虑报价，加工、切割、折边、损耗等不另计，中标后综合单价不予调整\n5．未尽事宜详见设计图纸、图集、设计补充说明、招标文件、政府相关文件及规范等其它资料，满足验收要求","1．部位：浴缸处玻璃窗\n3．面层材料种类、规格：1.2mm黄古铜不锈钢（MT-A01），哑光防指纹/拉丝直纹\n4．施工时面层颜色、样式由甲方和设计单位确认选样，投标人综合考虑报价，加工、切割、折边、损耗等不另计，中标后综合单价不予调整\n5．未尽事宜详见设计图纸、图集、设计补充说明、招标文件、政府相关文件及规范等其它资料，满足验收要求","不锈钢及玻璃制品","2包","m2",27.88,381.5,10636.22,6,"按深化节点图与实际的展开面积计算（见光面）",28,550,15400,"m2",28,15400,0.120000000000001,{"v":1.0043041606886658,"d":"1.00"},true,4763.780000000001]
[458,"7#","工程名称：7#-K标间客房",7,10808001002,"不锈钢门套","1．部位：卫生间玻璃门\n2．基层材料种类、规格：双层12mm阻燃夹板\n3．面层材料种类、规格：1.2mm黄古铜不锈钢（MT-A01），哑光防指纹/拉丝直纹\n4．防护材料种类：所有装修用木材均应进行防火、防腐处理\n5．施工时面层颜色、样式由甲方和设计单位确认选样，投标人综合考虑报价，加工、切割、折边、损耗等不另计，中标后综合单价不予调整\n6．未尽事宜详见设计图纸、图集、设计补充说明、招标文件、政府相关文件及规范等其它资料，满足验收要求","1．部位：卫生间玻璃门\n3．面层材料种类、规格：1.2mm黄古铜不锈钢（MT-A01），哑光防指纹/拉丝直纹\n4．防护材料种类：所有装修用木材均应进行防火、防腐处理\n5．施工时面层颜色、样式由甲方和设计单位确认选样，投标人综合考虑报价，加工、切割、折边、损耗等不另计，中标后综合单价不予调整\n6．未尽事宜详见设计图纸、图集、设计补充说明、招标文件、政府相关文件及规范等其它资料，满足验收要求","不锈钢及玻璃制品","2包","m2",36.63,381.5,13974.35,7,"按深化节点图与实际的展开面积计算（见光面）",38.2,550,21010,"m2",38.2,21010,1.5700000000000003,{"v":1.042861042861043,"d":"1.04"},true,7035.65]
[459,"7#","工程名称：7#-K标间客房",18,"WB011105006001","成品踢脚线","1. 部位：玄关、卧室\n2. 踢脚线高度：50mm高\n3．基层材料种类、规格：12mm阻燃夹板\n4．面层材料品种、规格、颜色：1.2mm黄古铜不锈钢(MT-A01)，哑光防指纹/拉丝直纹\n5．施工时面层颜色、样式由甲方和设计单位确认选样，投标人综合考虑报价，加工、切割、折边、损耗等不另计，中标后综合单价不予调整\n6．未尽事宜详见设计图纸、图集、设计补充说明、招标文件、政府相关文件及规范等其它资料，满足验收要求","1. 部位：玄关、卧室\n2. 踢脚线高度：50mm高\n4．面层材料品种、规格、颜色：1.2mm黄古铜不锈钢(MT-A01)，哑光防指纹/拉丝直纹\n5．施工时面层颜色、样式由甲方和设计单位确认选样，投标人综合考虑报价，加工、切割、折边、损耗等不另计，中标后综合单价不予调整\n6．未尽事宜详见设计图纸、图集、设计补充说明、招标文件、政府相关文件及规范等其它资料，满足验收要求","不锈钢及玻璃制品","2包","m",530.21,43.6,23117.16,18,"按现场实际发生量长度计算",586,45,26370,"m",530.21,23859.45,55.789999999999964,{"v":1.105222459025669,"d":"1.11"},true,3252.84]
[460,"7#","工程名称：7#-K标间客房",46,11207001001,"墙面装饰板","1．部位：客房区床背景造型\n2．基层材料种类、规格：阻燃肋条调平，局部9mm阻燃夹板\n3．面层材料品种、规格、颜色：造型扪皮硬包饰面(12mm阻燃夹板衬板+扪皮饰面)（UP-A01）+5mm宽黄古铜不锈钢嵌条(MT-A01)，哑光防指纹/拉丝直纹\n4．防护材料种类：所有装修用木材均应进行防火、防腐处理\n6．按立面投影面积计算\n7. 施工时面层颜色、样式由甲方和设计单位确认选样，加工、排版损耗等不另计，投标人综合考虑报价，中标后综合单价不予调整\n8．未尽事宜详见设计图纸、图集、设计补充说明、招标文件、政府相关文件及规范等其它资料，满足验收要求。","1．部位：客房区床背景造型\n3．面层材料品种、规格、颜色：造型扪皮硬包饰面(12mm阻燃夹板衬板+扪皮饰面)（UP-A01）+5mm宽黄古铜不锈钢嵌条(MT-A01)，哑光防指纹/拉丝直纹\n4．防护材料种类：所有装修用木材均应进行防火、防腐处理\n6．按立面投影面积计算\n7. 施工时面层颜色、样式由甲方和设计单位确认选样，加工、排版损耗等不另计，投标人综合考虑报价，中标后综合单价不予调整\n8．未尽事宜详见设计图纸、图集、设计补充说明、招标文件、政府相关文件及规范等其它资料，满足验收要求。","不锈钢及玻璃制品","2包","m2",78.44,93.79,7357.24,46,"按深化节点图与实际的展开面积计算（见光面）",78,550,42900,"m2",78,42900,-0.4399999999999977,{"v":0.9943906170321265,"d":"0.99"},true,35542.76]
[461,"7#","工程名称：7#-K标间客房",48,11207001003,"墙面装饰板","1．部位：客房区床背景竖向包边\n2．龙骨材料种类、规格：50mm竖向天地龙骨\n3．基层材料种类、规格：12mm阻燃夹板\n4．面层材料品种、规格、颜色：1.2mm黄古铜不锈钢(MT-A01)，哑光防指纹/拉丝直纹\n5．防护材料种类：所有装修用木材均应进行防火、防腐处理\n6．施工时面层颜色、样式由甲方和设计单位确认选样，加工、排版损耗等不另计，投标人综合考虑报价，中标后综合单价不予调整\n7．未尽事宜详见设计图纸、图集、设计补充说明、招标文件、政府相关文件及规范等其它资料，满足验收要求。","1．部位：客房区床背景竖向包边\n4．面层材料品种、规格、颜色：1.2mm黄古铜不锈钢(MT-A01)，哑光防指纹/拉丝直纹\n5．防护材料种类：所有装修用木材均应进行防火、防腐处理\n6．施工时面层颜色、样式由甲方和设计单位确认选样，加工、排版损耗等不另计，投标人综合考虑报价，中标后综合单价不予调整\n7．未尽事宜详见设计图纸、图集、设计补充说明、招标文件、政府相关文件及规范等其它资料，满足验收要求。","不锈钢及玻璃制品","2包","m2",21.61,354.25,7655.34,48,"按深化节点图与实际的展开面积计算（见光面）",18,550,9900,"m2",18,9900,-3.6099999999999994,{"v":0.8329477093937991,"d":"0.83"},true,2244.66]
[462,"7#","工程名称：7#-K标间客房",50,11207001005,"墙面装饰板","1．部位：客房区床背景竖向包边\n2．基层材料种类、规格：12mm阻燃夹板\n3．面层材料品种、规格、颜色：1.2mm黄古铜不锈钢(MT-A01)，哑光防指纹/拉丝直纹\n4．防护材料种类：所有装修用木材均应进行防火、防腐处理\n5．施工时面层颜色、样式由甲方和设计单位确认选样，加工、排版损耗等不另计，投标人综合考虑报价，中标后综合单价不予调整\n6．未尽事宜详见设计图纸、图集、设计补充说明、招标文件、政府相关文件及规范等其它资料，满足验收要求。","1．部位：客房区床背景竖向包边\n3．面层材料品种、规格、颜色：1.2mm黄古铜不锈钢(MT-A01)，哑光防指纹/拉丝直纹\n4．防护材料种类：所有装修用木材均应进行防火、防腐处理\n5．施工时面层颜色、样式由甲方和设计单位确认选样，加工、排版损耗等不另计，投标人综合考虑报价，中标后综合单价不予调整\n6．未尽事宜详见设计图纸、图集、设计补充说明、招标文件、政府相关文件及规范等其它资料，满足验收要求。","不锈钢及玻璃制品","2包","m2",13.76,354.25,4874.48,50,"按深化节点图与实际的展开面积计算（见光面）",12.8,550,7040,"m2",12.8,7040,-0.9599999999999991,{"v":0.930232558139535,"d":"0.93"},true,2165.5200000000004]
[463,"7#","工程名称：7#-K标间客房",51,11207001006,"墙面装饰板","1．部位：客房区电视景墙\n2．基层材料种类、规格：9mm阻燃夹板\n3．面层材料品种、规格、颜色：1.2mm黄古铜不锈钢(MT-A01)，哑光防指纹/拉丝直纹\n4．防护材料种类：所有装修用木材均应进行防火、防腐处理\n5．施工时面层颜色、样式由甲方和设计单位确认选样，加工、排版损耗等不另计，投标人综合考虑报价，中标后综合单价不予调整\n6．未尽事宜详见设计图纸、图集、设计补充说明、招标文件、政府相关文件及规范等其它资料，满足验收要求","1．部位：客房区电视景墙\n3．面层材料品种、规格、颜色：1.2mm黄古铜不锈钢(MT-A01)，哑光防指纹/拉丝直纹\n4．防护材料种类：所有装修用木材均应进行防火、防腐处理\n5．施工时面层颜色、样式由甲方和设计单位确认选样，加工、排版损耗等不另计，投标人综合考虑报价，中标后综合单价不予调整\n6．未尽事宜详见设计图纸、图集、设计补充说明、招标文件、政府相关文件及规范等其它资料，满足验收要求","不锈钢及玻璃制品","2包","m2",27.62,354.25,9784.39,51,"按深化节点图与实际的展开面积计算（见光面）",28.5,550,15675,"m2",28.5,15675,0.879999999999999,{"v":1.0318609703113686,"d":"1.03"},true,5890.610000000001]
[464,"7#","工程名称：7#-K标间客房",59,11207001014,"墙面装饰板","1．部位：玄关处\n2．基层材料种类、规格：9mm阻燃夹板\n3．面层材料品种、规格、颜色：5mm银镜饰面(MR-A01），四周10mm宽1.2mm黄古铜不锈钢装饰条（MT-A01）\n4．防护材料种类：所有装修用木材均应进行防火、防腐处理\n5．施工时面层颜色、样式由甲方和设计单位确认选样，加工、排版损耗等不另计，投标人综合考虑报价，中标后综合单价不予调整\n6．未尽事宜详见设计图纸、图集、设计补充说明、招标文件、政府相关文件及规范等其它资料，满足验收要求","1．部位：玄关处\n3．面层材料品种、规格、颜色：5mm银镜饰面(MR-A01），四周10mm宽1.2mm黄古铜不锈钢装饰条（MT-A01）\n4．防护材料种类：所有装修用木材均应进行防火、防腐处理\n5．施工时面层颜色、样式由甲方和设计单位确认选样，加工、排版损耗等不另计，投标人综合考虑报价，中标后综合单价不予调整\n6．未尽事宜详见设计图纸、图集、设计补充说明、招标文件、政府相关文件及规范等其它资料，满足验收要求","不锈钢及玻璃制品","2包","m2",50.03,313.87,15702.69,59,"按投影面积",52,385,20020,"m2",50.03,19261.55,1.9699999999999989,{"v":1.0393763741754947,"d":"1.04"},true,4317.3099999999995]
[465,"7#","工程名称：7#-K标间客房",60,11207001015,"墙面装饰板","1．部位：马桶间\n2．基层材料种类、规格：9mm硅酸钙板\n3. 面层材料品种、规格、颜色：1.2mm深色古铜不锈钢(MT-A03)，哑光防指纹/拉丝直纹\n4．防护材料种类：所有装修用木材均应进行防火、防腐处理\n5．施工时面层颜色、样式由甲方和设计单位确认选样，投标人综合考虑报价，加工、切割、折边、损耗等不另计，中标后综合单价不予调整\n6．未尽事宜详见设计图纸、图集、设计补充说明、招标文件、政府相关文件及规范等其它资料，满足验收要求","1．部位：马桶间\n3. 面层材料品种、规格、颜色：1.2mm深色古铜不锈钢(MT-A03)，哑光防指纹/拉丝直纹\n4．防护材料种类：所有装修用木材均应进行防火、防腐处理\n5．施工时面层颜色、样式由甲方和设计单位确认选样，投标人综合考虑报价，加工、切割、折边、损耗等不另计，中标后综合单价不予调整\n6．未尽事宜详见设计图纸、图集、设计补充说明、招标文件、政府相关文件及规范等其它资料，满足验收要求","不锈钢及玻璃制品","2包","m2",4.69,354.25,1661.43,60,"按深化节点图与实际的展开面积计算（见光面）",5,550,2750,"m2",5,2750,0.3099999999999996,{"v":1.0660980810234542,"d":"1.07"},true,1088.57]
[466,"7#","工程名称：7#-K标间客房",61,11207001016,"墙面装饰板","1．部位：淋浴区壁龛盒\n2．基层材料种类、规格：9mm硅酸钙板,层板处双层9mm硅酸钙板\n3．面层材料品种、规格、颜色：5mm茶镜饰面（MR-A02）+1.2mm黄古铜不锈钢层板(MT-A01)，四周嵌入1.2mm厚黄古铜不锈钢嵌条\n4. 施工时面层颜色、样式由甲方和设计单位确认选样，投标人综合考虑报价，加工、切割、折边、损耗等不另计，中标后综合单价不予调整\n5．未尽事宜详见设计图纸、图集、设计补充说明、招标文件、政府相关文件及规范等其它资料，满足验收要求","1．部位：淋浴区壁龛盒\n3．面层材料品种、规格、颜色：5mm茶镜饰面（MR-A02）+1.2mm黄古铜不锈钢层板(MT-A01)，四周嵌入1.2mm厚黄古铜不锈钢嵌条\n4. 施工时面层颜色、样式由甲方和设计单位确认选样，投标人综合考虑报价，加工、切割、折边、损耗等不另计，中标后综合单价不予调整\n5．未尽事宜详见设计图纸、图集、设计补充说明、招标文件、政府相关文件及规范等其它资料，满足验收要求","不锈钢及玻璃制品","2包","m2",6.42,352.89,2265.54,61,"按投影面积",6.5,1180,7670,"m2",6.42,7575.6,0.08000000000000007,{"v":1.0124610591900312,"d":"1.01"},true,5404.46]
[467,"7#","工程名称：7#-K标间客房",62,11210003001,"玻璃隔断","1．部位：卫生间淋浴、马桶间\n2．边框材料种类、规格：四周1.2mm黄古铜不锈钢(MT-A01)，哑光防指纹/拉丝直纹\n3．玻璃品种、规格、颜色：6+1.52pvb+6mm夹胶安全超白玻璃（GL-A02）\n4. 五金品种、规格：单价包含玻璃门夹、淋浴拉手、挡水胶条等费用\n5．施工时面层颜色、样式由甲方和设计单位确认选样，投标人综合考虑报价，加工、切割、折边、损耗等不另计，中标后综合单价不予调整\n6. 按外框投影面积计算\n7．未尽事宜详见设计图纸、图集、设计补充说明、招标文件、政府相关文件及规范等其它资料，满足验收要求","1．部位：卫生间淋浴、马桶间\n2．边框材料种类、规格：四周1.2mm黄古铜不锈钢(MT-A01)，哑光防指纹/拉丝直纹\n3．玻璃品种、规格、颜色：6+1.52pvb+6mm夹胶安全超白玻璃（GL-A02）\n4. 五金品种、规格：单价包含玻璃门夹、淋浴拉手、挡水胶条等费用\n5．施工时面层颜色、样式由甲方和设计单位确认选样，投标人综合考虑报价，加工、切割、折边、损耗等不另计，中标后综合单价不予调整\n6. 按外框投影面积计算\n7．未尽事宜详见设计图纸、图集、设计补充说明、招标文件、政府相关文件及规范等其它资料，满足验收要求","不锈钢及玻璃制品","2包","m2",128.11,850.2,108919.12,62,"按投影面积",128,880,112640,"m2",128.11,112736.80000000002,-0.11000000000001364,{"v":0.9991413628912652,"d":"1.00"},true,3720.8800000000047]
[468,"7#","工程名称：7#-K标间客房",66,"WB011302005003","天棚吊顶","1．部位：玄关、卫生间\n2．面层材料品种、规格、颜色：1.2mm黄古铜不锈钢(MT-A01)，哑光防指纹/拉丝直纹\n3．施工时面层颜色、样式由甲方和设计单位确认选样，投标人综合考虑报价，加工、切割、折边、损耗等不另计，中标后综合单价不予调整\n4．未尽事宜详见设计图纸、图集、设计补充说明、招标文件、政府相关文件及规范等其它资料，满足验收要求。","1．部位：玄关、卫生间\n2．面层材料品种、规格、颜色：1.2mm黄古铜不锈钢(MT-A01)，哑光防指纹/拉丝直纹\n3．施工时面层颜色、样式由甲方和设计单位确认选样，投标人综合考虑报价，加工、切割、折边、损耗等不另计，中标后综合单价不予调整\n4．未尽事宜详见设计图纸、图集、设计补充说明、招标文件、政府相关文件及规范等其它资料，满足验收要求。","不锈钢及玻璃制品","2包","m2",7.48,354.25,2649.79,66,"按深化节点图与实际的展开面积计算（见光面）",7.5,550,4125,"m2",7.5,4125,0.019999999999999574,{"v":1.0026737967914439,"d":"1.00"},true,1475.21]
[469,"7#","工程名称：7#-K标间客房",81,"WB011501001001","玄关柜","1．规格：长3840mm*宽600mm*高3000mm\n2．龙骨材质种类、规格：热镀锌钢龙骨（不分规格型号，投标人综合考虑）、30*30mm木方/50*30mm木方等(阻燃处理)\n3．基层板材质种类、规格：9mm阻燃夹板、12mm阻燃夹板等基层类型及厚度综合考虑\n4．柜体材料种类、规格：12mm橡木饰面（WD-A01）柜体、布艺硬包饰面(WC-A03)、橡木饰面抽屉柜+6mm超白钢化玻璃、不锈钢门把手、不锈钢踢脚线(MT-A01)等；中间区域柜顶400*900mm木工板加固至少能承重30KG报价综合考虑\n5. 柜门材质种类、规格：木工板基层+12mm橡木饰面（WD-A01），具体柜门由专业厂家二次深化\n6．五金种类、规格：单价包含挂衣杆、雨伞架、U型报纸槽、暗藏合页、抽屉滑轨、阻尼隔振胶垫、烟斗铰链、柜门锁、灯槽成型等\n7．按立面投影面积计算\n8．防护材料种类：所有装修用木材均应进行防火、防腐处理\n9．施工时面层颜色、样式由甲方和设计单位确认选样，加工、排版损耗等不另计，投标人综合考虑报价，中标后综合单价不予调整\n10．未尽事宜详见设计图纸、图集、设计补充说明、招标文件、政府相关文件及规范等其它资料，满足验收要求","1．规格：长3840mm*宽600mm*高3000mm\n4．柜体材料种类、规格：布艺硬包饰面(WC-A03)、不锈钢踢脚线(MT-A01)等；\n7．按立面投影面积计算\n8．防护材料种类：所有装修用木材均应进行防火、防腐处理\n9．施工时面层颜色、样式由甲方和设计单位确认选样，加工、排版损耗等不另计，投标人综合考虑报价，中标后综合单价不予调整\n10．未尽事宜详见设计图纸、图集、设计补充说明、招标文件、政府相关文件及规范等其它资料，满足验收要求","不锈钢及玻璃制品","2包","m2",243.59,18.04,4394.24,81,"按现场实际发生量长度计算",76.8,45,3456,"m",76.8,3456,-166.79000000000002,{"v":0.3152838786485488,"d":"0.32"},true,-938.2399999999998]
[470,"7#","工程名称：7#-K标间客房",82,"WB011501001002","镜柜","1. 部位：卫生间\n2．规格：长（240+1215+240）mm*高1630mm\n3．龙骨材料种类、规格：20*45mm木方龙骨(阻燃处理)、热镀锌钢龙骨（不分规格型号，投标人综合考虑）\n4．基层材料种类：12mm硅酸钙板+9mm硅酸钙板等\n5．镜面玻璃品种、规格：5mm银镜饰品（MR-A01）+两侧玻璃整体成品定制5+5mm超白钢化玻璃夹膜0.6mm\n6．镜框材料种类、规格：四周1.2mm黄古铜不锈钢(MT-A01)哑光防指纹/拉丝直纹，单价包含局部灯槽成型\n7．防护材料种类：所有装修用木材均应进行防火、防腐处理\n8．施工时面层颜色、样式由甲方和设计单位确认选样，投标人综合考虑报价，加工、切割、折边、损耗等不另计，中标后综合单价不予调整\n9．未尽事宜详见设计图纸、图集、设计补充说明、招标文件、政府相关文件及规范等其它资料，满足验收要求","1. 部位：卫生间\n2．规格：长（240+1215+240）mm*高1630mm\n5．镜面玻璃品种、规格：5mm银镜饰品（MR-A01）+两侧玻璃整体成品定制5+5mm超白钢化玻璃夹膜0.6mm\n6．镜框材料种类、规格：四周1.2mm黄古铜不锈钢(MT-A01)哑光防指纹/拉丝直纹，单价包含局部灯槽成型\n7．防护材料种类：所有装修用木材均应进行防火、防腐处理\n8．施工时面层颜色、样式由甲方和设计单位确认选样，投标人综合考虑报价，加工、切割、折边、损耗等不另计，中标后综合单价不予调整\n9．未尽事宜详见设计图纸、图集、设计补充说明、招标文件、政府相关文件及规范等其它资料，满足验收要求","不锈钢及玻璃制品","2包","m2",58.58,1140.77,66826.44,82,"按投影面积",58.6,1280,75008,"m2",58.58,74982.4,0.020000000000003126,{"v":1.0003414134516901,"d":"1.00"},true,8181.559999999998]
[471,"7#","工程名称：7#-K标间客房",83,"WB011501001003","洗手台+柜体","1. 部位：卫生间\n2．规格：长1700mm*宽600mm*高870mm\n3．龙骨材料种类、规格：局部热镀锌钢龙骨（不分规格型号，投标人综合考虑）\n4．面层材料品种、规格、颜色：18mm星白大理石(ST-A02)台面及挡水条、橡木饰面柜体及橡木饰面隔板（WD-A01 ）、局部1.2mm厚黄古铜不锈钢(MT-A01)装饰嵌条、踢脚线及包边，单价包含灯槽成型等\n5. 所有石材材料在施工前须做六面防护处理,石材结晶，以保证防水、防腐、防污、防油\n6. 施工时面层颜色、样式由甲方和设计单位确认选样，倒角，磨边、切割等加工费不另计，投标人综合考虑报价，中标后综合单价不予调整\n7. 未尽事宜详见设计图纸、图集、设计补充说明、招标文件、政府相关文件及规范等其它资料，满足验收要求","1. 部位：卫生间\n2．规格：长1700mm*宽600mm*高870mm\n4．面层材料品种、规格、颜色：踢脚线\n6. 施工时面层颜色、样式由甲方和设计单位确认选样，倒角，磨边、切割等加工费不另计，投标人综合考虑报价，中标后综合单价不予调整\n7. 未尽事宜详见设计图纸、图集、设计补充说明、招标文件、政府相关文件及规范等其它资料，满足验收要求","不锈钢及玻璃制品","2包","m",36.04,43.6,1571.34,83,"按现场实际发生量长度计算",48,45,2160,"m",48,2160,11.96,{"v":1.3318534961154274,"d":"1.33"},true,588.6600000000001]
[472,"7#","工程名称：7#-K标间客房",84,11502001001,"金属装饰条","1．部位：床头背景墙\n2．基层材料种类、规格：双层9mm阻燃夹板\n3．线条材料品种、规格、颜色：1.2mm黄古铜不锈钢(MT-A01)，哑光防指纹/拉丝直纹，展开宽度60~100mm以内\n4．施工时面层颜色、样式由甲方和设计单位确认选样，投标人综合考虑报价，加工、切割、折边、损耗等不另计，中标后综合单价不予调整\n5．未尽事宜详见设计图纸、图集、设计补充说明、招标文件、政府相关文件及规范等其它资料，满足验收要求","1．部位：床头背景墙\n3．线条材料品种、规格、颜色：1.2mm黄古铜不锈钢(MT-A01)，哑光防指纹/拉丝直纹，展开宽度60~100mm以内\n4．施工时面层颜色、样式由甲方和设计单位确认选样，投标人综合考虑报价，加工、切割、折边、损耗等不另计，中标后综合单价不予调整\n5．未尽事宜详见设计图纸、图集、设计补充说明、招标文件、政府相关文件及规范等其它资料，满足验收要求","不锈钢及玻璃制品","2包","m",169.18,59.95,10142.34,84,"按现场实际发生量长度计算",175,60,10500,"m",169.18,10150.800000000001,5.819999999999993,{"v":1.0344012294597469,"d":"1.03"},true,357.65999999999985]
[473,"7#","工程名称：7#-K标间客房",85,11502001002,"金属装饰条","1．部位：卫生间、卧室、玄关天棚等\n2．嵌条材料品种、规格、颜色：1.2mm黄古铜不锈钢(MT-A01)，哑光防指纹/拉丝直纹，展开宽度60mm以内\n3．施工时面层颜色、样式由甲方和设计单位确认选样，投标人综合考虑报价，加工、切割、折边、损耗等不另计，中标后综合单价不予调整\n4．未尽事宜详见设计图纸、图集、设计补充说明、招标文件、政府相关文件及规范等其它资料，满足验收要求。","1．部位：卫生间、卧室、玄关天棚等\n2．嵌条材料品种、规格、颜色：1.2mm黄古铜不锈钢(MT-A01)，哑光防指纹/拉丝直纹，展开宽度60mm以内\n3．施工时面层颜色、样式由甲方和设计单位确认选样，投标人综合考虑报价，加工、切割、折边、损耗等不另计，中标后综合单价不予调整\n4．未尽事宜详见设计图纸、图集、设计补充说明、招标文件、政府相关文件及规范等其它资料，满足验收要求。","不锈钢及玻璃制品","2包","m",1099.64,43.6,47944.3,85,"按现场实际发生量长度计算",1254,50,62700,"m",1099.64,54982.00000000001,154.3599999999999,{"v":1.140373213051544,"d":"1.14"},true,14755.699999999997]
[474,"9#","工程名称：9#-公区",1,10808001001,"不锈钢门套","1. 部位：电梯门套、墙面造型等\n2. 龙骨材料种类、规格：热镀锌钢龙骨（不分规格型号，投标人综合考虑）\n3. 基层材料种类、规格：12mm阻燃夹板，局部双层\n4. 面层材料品种、规格、颜色：1.2mm仿铜不锈钢（MT-B04）\n5. 防护材料种类：所有装修用木材均应进行防火、防腐处理\n6. 施工时面层颜色、样式由甲方和设计单位确认选样，投标人综合考虑报价，加工、切割、折边、损耗等不另计，中标后综合单价不予调整\n7. 未尽事宜详见设计图纸、图集、设计补充说明、招标文件、政府相关文件及规范等其它资料，满足验收要求","1. 部位：电梯门套、墙面造型等\n4. 面层材料品种、规格、颜色：1.2mm仿铜不锈钢（MT-B04）\n6. 施工时面层颜色、样式由甲方和设计单位确认选样，投标人综合考虑报价，加工、切割、折边、损耗等不另计，中标后综合单价不予调整\n7. 未尽事宜详见设计图纸、图集、设计补充说明、招标文件、政府相关文件及规范等其它资料，满足验收要求","不锈钢及玻璃制品","1包","m2",81.07,381.5,30928.2,1,"按深化节点图与实际的展开面积计算（见光面）",86.2,550,47410,"m2",86.2,47410,5.13000000000001,{"v":1.0632786480819048,"d":"1.06"},true,16481.8]
[475,"9#","工程名称：9#-公区",9,"WB011105006001","成品踢脚线","1. 部位：门厅中庭等\n2. 踢脚线高度：50mm高\n3．基层材料种类、规格：12mm阻燃夹板\n4．面层材料品种、规格、颜色：1.2mm仿铜不锈钢（MT-B04)\n5．施工时面层颜色、样式由甲方和设计单位确认选样，投标人综合考虑报价，加工、切割、折边、损耗等不另计，中标后综合单价不予调整\n6．未尽事宜详见设计图纸、图集、设计补充说明、招标文件、政府相关文件及规范等其它资料，满足验收要求","1. 部位：门厅中庭等\n2. 踢脚线高度：50mm高\n4．面层材料品种、规格、颜色：1.2mm仿铜不锈钢（MT-B04)\n5．施工时面层颜色、样式由甲方和设计单位确认选样，投标人综合考虑报价，加工、切割、折边、损耗等不另计，中标后综合单价不予调整\n6．未尽事宜详见设计图纸、图集、设计补充说明、招标文件、政府相关文件及规范等其它资料，满足验收要求","不锈钢及玻璃制品","1包","m",255.61,43.6,11144.6,9,"按现场实际发生量长度计算",298,45,13410,"m",255.61,11502.45,42.389999999999986,{"v":1.1658385822150932,"d":"1.17"},true,2265.3999999999996]
[476,"9#","工程名称：9#-公区",11,11204001001,"石材墙面","1. 部位：门厅、中庭等\n2. 埋板：热镀锌后置埋板，高强化学锚栓固定\n3. 钢骨架材料、间距：热浸镀锌钢方管立柱，综合考虑镀锌钢骨架规格尺寸，满足现场和规范要求，施工时提供受力计算书\n4. 基层材料种类、规格：双层9mm阻燃夹板\n5. 面层材料品种、规格、品牌、颜色：1.2mm仿铜不锈钢（MT-B04）包边，15mm透光白玉大理石（ST-B06），专用卡固件固定\n6. 所有石材材料在施工前须做六面防护处理,石材结晶，以保证防水、防腐、防污、防油\n7. 施工时面层颜色、样式由甲方和设计单位确认选样，倒角，磨边、切割等加工费不另计，投标人综合考虑报价，中标后综合单价不予调整\n8．未尽事宜详见设计图纸、图集、设计补充说明、招标文件、政府相关文件及规范等其它资料，满足验收要求","1. 部位：门厅、中庭等\n5. 面层材料品种、规格、品牌、颜色：1.2mm仿铜不锈钢（MT-B04）包边\n7. 施工时面层颜色、样式由甲方和设计单位确认选样，倒角，磨边、切割等加工费不另计，投标人综合考虑报价，中标后综合单价不予调整\n8．未尽事宜详见设计图纸、图集、设计补充说明、招标文件、政府相关文件及规范等其它资料，满足验收要求","不锈钢及玻璃制品","1包","m2",138.27,70.85,9796.43,11,"按深化节点图与实际的展开面积计算（见光面）",155.5,550,85525,"m2",155.5,85525,17.22999999999999,{"v":1.1246112678093585,"d":"1.12"},true,75728.57]
[477,"9#","工程名称：9#-公区",13,11207001002,"墙面装饰板","1．部位：中庭、门厅、走道等\n2．龙骨材料种类、规格：热镀锌钢龙骨（不分规格型号，投标人综合考虑)\n3．基层材料种类、规格：12mm阻燃夹板，局部双层\n4. 面层材料品种、规格、颜色：1.2mm仿铜不锈钢（MT-B04）\n5．防护材料种类：所有装修用木基层均应进行防火、防腐处理\n6. 施工时面层颜色、样式由甲方和设计单位确认选样，投标人综合考虑报价，加工、切割、折边、损耗等不另计，中标后综合单价不予调整\n7．未尽事宜详见设计图纸、图集、设计补充说明、招标文件、政府相关文件及规范等其它资料，满足验收要求","1．部位：中庭、门厅、走道等\n4. 面层材料品种、规格、颜色：1.2mm仿铜不锈钢（MT-B04）\n6. 施工时面层颜色、样式由甲方和设计单位确认选样，投标人综合考虑报价，加工、切割、折边、损耗等不另计，中标后综合单价不予调整\n7．未尽事宜详见设计图纸、图集、设计补充说明、招标文件、政府相关文件及规范等其它资料，满足验收要求","不锈钢及玻璃制品","1包","m2",610.53,354.25,216280.25,13,"按深化节点图与实际的展开面积计算（见光面）",421.5,560,236040,"m2",421.5,236040,-189.02999999999997,{"v":0.6903837649255565,"d":"0.69"},true,19759.75]
[478,"9#","工程名称：9#-公区",34,"WB011302005004","天棚不锈钢板","1. 部位：门斗、门厅\n2. 吊杆种类、规格：φ8热镀锌钢筋吊杆间距@≤1200mm，\n3. 龙骨材料种类、规格：CS60主龙骨吊件，CS60主龙骨间距@≤1200mm，C50*20*0.6次龙骨间距@400mm，局部钢龙骨加固\n4. 基层材料种类、规格：双层9mm硅酸钙板\n5. 面层材料品种、规格、颜色:1.2mm白色烤漆不锈钢（MT-B01）\n6. 施工时面层颜色、样式由甲方和设计单位确认选样，切割等加工费不另计，投标人综合考虑报价，中标后综合单价不予调整\n7. 未尽事宜详见设计图纸、图集、设计补充说明、招标文件、政府相关文件及规范等其它资料，满足验收要求","1. 部位：门斗、门厅\n5. 面层材料品种、规格、颜色:1.2mm白色烤漆不锈钢（MT-B01）\n6. 施工时面层颜色、样式由甲方和设计单位确认选样，切割等加工费不另计，投标人综合考虑报价，中标后综合单价不予调整\n7. 未尽事宜详见设计图纸、图集、设计补充说明、招标文件、政府相关文件及规范等其它资料，满足验收要求","不锈钢及玻璃制品","1包","m2",3.44,354.25,1218.62,34,"按深化节点图与实际的展开面积计算（见光面）",3.44,550,1892,"m2",3.44,1892,0,{"v":1,"d":"1.00"},true,673.3800000000001]
[479,"9#","工程名称：9#-公区",35,"WB011302005005","天棚不锈钢板","1. 部位：门斗、门厅\n2. 吊杆种类、规格：φ8热镀锌钢筋吊杆间距@≤1200mm，\n3. 龙骨材料种类、规格：CS60主龙骨吊件，CS60主龙骨间距@≤1200mm，C50*20*0.6次龙骨间距@400mm，局部钢龙骨加固\n4. 基层材料种类、规格：双层9mm硅酸钙板\n5. 面层材料品种、规格、颜色:1.2mm仿铜覆膜不锈钢（MT-B03）\n6. 施工时面层颜色、样式由甲方和设计单位确认选样，切割等加工费不另计，投标人综合考虑报价，中标后综合单价不予调整\n7. 未尽事宜详见设计图纸、图集、设计补充说明、招标文件、政府相关文件及规范等其它资料，满足验收要求","1. 部位：门斗、门厅\n5. 面层材料品种、规格、颜色:1.2mm仿铜覆膜不锈钢（MT-B03）\n6. 施工时面层颜色、样式由甲方和设计单位确认选样，切割等加工费不另计，投标人综合考虑报价，中标后综合单价不予调整\n7. 未尽事宜详见设计图纸、图集、设计补充说明、招标文件、政府相关文件及规范等其它资料，满足验收要求","不锈钢及玻璃制品","1包","m2",100.77,354.25,35697.77,35,"按深化节点图与实际的展开面积计算（见光面）",101.3,550,55715,"m2",101.3,55715,0.5300000000000011,{"v":1.0052595018358639,"d":"1.01"},true,20017.230000000003]
[480,"9#","工程名称：9#-公区",44,11502001001,"金属装饰条","1．部位：收边、嵌条\n2．嵌条材料品种、规格、颜色：1.2mm仿木纹覆膜不锈钢(MT-B02)，展开宽度60mm以内\n3．施工时面层颜色、样式由甲方和设计单位确认选样，投标人综合考虑报价，加工、切割、折边、损耗等不另计，中标后综合单价不予调整\n4．未尽事宜详见设计图纸、图集、设计补充说明、招标文件、政府相关文件及规范等其它资料，满足验收要求。","1．部位：收边、嵌条\n2．嵌条材料品种、规格、颜色：1.2mm仿木纹覆膜不锈钢(MT-B02)，展开宽度60mm以内\n3．施工时面层颜色、样式由甲方和设计单位确认选样，投标人综合考虑报价，加工、切割、折边、损耗等不另计，中标后综合单价不予调整\n4．未尽事宜详见设计图纸、图集、设计补充说明、招标文件、政府相关文件及规范等其它资料，满足验收要求。","不锈钢及玻璃制品","1包","m",56.07,43.6,2444.65,44,"按现场实际发生量长度计算",57,60,3420,"m",56.07,3364.2,0.9299999999999997,{"v":1.0165864098448367,"d":"1.02"},true,975.3499999999999]
[481,"9#","工程名称：9#-公区",45,11502001002,"金属装饰条","1．部位：收边、嵌条\n2．嵌条材料品种、规格、颜色：1.2mm仿铜不锈钢(MT-B04)，展开宽度60~100mm以内\n3．施工时面层颜色、样式由甲方和设计单位确认选样，投标人综合考虑报价，加工、切割、折边、损耗等不另计，中标后综合单价不予调整\n4．未尽事宜详见设计图纸、图集、设计补充说明、招标文件、政府相关文件及规范等其它资料，满足验收要求。","1．部位：收边、嵌条\n2．嵌条材料品种、规格、颜色：1.2mm仿铜不锈钢(MT-B04)，展开宽度60~100mm以内\n3．施工时面层颜色、样式由甲方和设计单位确认选样，投标人综合考虑报价，加工、切割、折边、损耗等不另计，中标后综合单价不予调整\n4．未尽事宜详见设计图纸、图集、设计补充说明、招标文件、政府相关文件及规范等其它资料，满足验收要求。","不锈钢及玻璃制品","1包","m",61.8,59.95,3704.91,45,"按现场实际发生量长度计算",68,60,4080,"m",61.8,3708,6.200000000000003,{"v":1.1003236245954693,"d":"1.10"},true,375.09000000000015]
[482,"9#","工程名称：9#-公区",46,11502001003,"金属装饰柱","1．部位：走道\n2．基层材料：龙骨材料种类、规格：热镀锌钢龙骨（不分规格型号，投标人综合考虑）                                                                                                                3．品种、规格、颜色：仿铜不锈钢80mm直径圆柱(定制)\n4．施工时面层颜色、样式由甲方和设计单位确认选样，投标人综合考虑报价，加工、切割、折边、损耗等不另计，中标后综合单价不予调整\n5．未尽事宜详见设计图纸、图集、设计补充说明、招标文件、政府相关文件及规范等其它资料，满足验收要求。","1．部位：走道\n2．基层材料：龙骨材料种类、规格：热镀锌钢龙骨（不分规格型号，投标人综合考虑）                                                                                                                3．品种、规格、颜色：仿铜不锈钢80mm直径圆柱(定制)\n4．施工时面层颜色、样式由甲方和设计单位确认选样，投标人综合考虑报价，加工、切割、折边、损耗等不另计，中标后综合单价不予调整\n5．未尽事宜详见设计图纸、图集、设计补充说明、招标文件、政府相关文件及规范等其它资料，满足验收要求。","不锈钢及玻璃制品","1包","m",6.6,49.05,323.73,46,"按深化节点图与实际的展开面积计算（见光面）",7,235,1645,"m2",7,1645,0.40000000000000036,{"v":1.0606060606060606,"d":"1.06"},true,1321.27]
[483,"9#","工程名称：9#-公区",51,"WB010801004001","装饰门扇安装","1. 部位：过道等\n2. 门扇龙骨、基层材料种类、规格：25mm细木工板+9mm阻燃夹板+四周热镀锌方通固定\n3. 面层材料品种、规格、颜色：皮革硬包（12mm雪弗板内衬板）（UP-B02）+1.2mm厚仿铜不锈钢（MT-B04）+仿铜不锈钢嵌条，定制成品金属门拉手\n4. 五金品种、规格：包含但不限于门锁、天地轴承、五金合页等完成此项工作的五金配件\n5. 施工时面层颜色、样式由甲方和设计单位确认选样，投标人综合考虑报价，加工、损耗等不另计，中标后综合单价不予调整\n6. 未尽事宜详见设计图纸、图集、设计补充说明、招标文件、政府相关文件及规范等其它资料，满足验收要求","1. 部位：过道等\n3. 面层材料品种、规格、颜色：皮革硬包（12mm雪弗板内衬板）（UP-B02）+1.2mm厚仿铜不锈钢（MT-B04）+仿铜不锈钢嵌条\n5. 施工时面层颜色、样式由甲方和设计单位确认选样，投标人综合考虑报价，加工、损耗等不另计，中标后综合单价不予调整\n6. 未尽事宜详见设计图纸、图集、设计补充说明、招标文件、政府相关文件及规范等其它资料，满足验收要求","不锈钢及玻璃制品","1包","m2",22.9,"","",51,"按深化节点图与实际的展开面积计算（见光面）",22.9,560,12824,"m2",22.9,12824,0,{"v":1,"d":"1.00"},true,{"$error":"#VALUE!"}]
[484,"9#","工程名称：9#-公区",52,10801004001,"装饰防火门","1. 部位：机房\n2. 门扇龙骨、基层材料种类、规格：甲级防火门门芯(须满足当地消防部门的防火认证)+12mm阻燃夹板+四周热镀锌方通固定\n3. 面层材料品种、规格、颜色：皮革硬包（12mm雪弗板内衬板）（UP-B02）+1.2mm仿铜不锈钢（MT-B04）+仿铜不锈钢嵌条，定制成品金属门拉手\n4. 五金品种、规格：包含但不限于定制不锈钢天地门轴、暗藏五金合页等完成此项工作的全部五金配件\n5. 施工时面层颜色、样式由甲方和设计单位确认选样，投标人综合考虑报价，加工、损耗等不另计，中标后综合单价不予调整\n6. 未尽事宜详见设计图纸、图集、设计补充说明、招标文件、政府相关文件及规范等其它资料，满足验收要求","1. 部位：机房\n3. 面层材料品种、规格、颜色：皮革硬包（12mm雪弗板内衬板）（UP-B02）+1.2mm仿铜不锈钢（MT-B04）+仿铜不锈钢嵌条\n5. 施工时面层颜色、样式由甲方和设计单位确认选样，投标人综合考虑报价，加工、损耗等不另计，中标后综合单价不予调整\n6. 未尽事宜详见设计图纸、图集、设计补充说明、招标文件、政府相关文件及规范等其它资料，满足验收要求","不锈钢及玻璃制品","1包","m2",6.6,90.83,599.48,52,"按深化节点图与实际的展开面积计算（见光面）",6.6,560,3696,"m2",6.6,3696,0,{"v":1,"d":"1.00"},true,3096.52]
[485,"9#","工程名称：9#-公区",53,10808001002,"不锈钢窗套","1. 部位：门套\n2. 龙骨材料种类、规格：10*20mm木方阻燃龙骨\n3. 基层材料种类、规格：双层12mm阻燃夹板，局部多层\n4. 面层材料品种、规格、颜色：1.2mm仿铜不锈钢（MT-B04）\n5. 防护材料种类：所有装修用木材均应进行防火、防腐处理\n6. 施工时面层颜色、样式由甲方和设计单位确认选样，投标人综合考虑报价，加工、切割、折边、损耗等不另计，中标后综合单价不予调整\n7. 未尽事宜详见设计图纸、图集、设计补充说明、招标文件、政府相关文件及规范等其它资料，满足验收要求","1. 部位：门套\n4. 面层材料品种、规格、颜色：1.2mm仿铜不锈钢（MT-B04）\n5. 防护材料种类：所有装修用木材均应进行防火、防腐处理\n6. 施工时面层颜色、样式由甲方和设计单位确认选样，投标人综合考虑报价，加工、切割、折边、损耗等不另计，中标后综合单价不予调整\n7. 未尽事宜详见设计图纸、图集、设计补充说明、招标文件、政府相关文件及规范等其它资料，满足验收要求","不锈钢及玻璃制品","1包","m2",31.58,381.5,12047.77,53,"按深化节点图与实际的展开面积计算（见光面）",35.5,550,19525,"m2",35.5,19525,3.9200000000000017,{"v":1.124129195693477,"d":"1.12"},true,7477.23]
[486,"9#","工程名称：9#-公区",54,10808001003,"不锈钢窗套","1. 部位：过道\n2. 龙骨材料种类、规格：热镀锌钢龙骨（不分规格型号，投标人综合考虑）\n3. 基层材料种类、规格：双层9mm阻燃夹板\n4. 面层材料品种、规格、颜色：1.2mm仿铜不锈钢（MT-B04）\n5. 防护材料种类：所有装修用木材均应进行防火、防腐处理\n6. 施工时面层颜色、样式由甲方和设计单位确认选样，投标人综合考虑报价，加工、切割、折边、损耗等不另计，中标后综合单价不予调整\n7. 未尽事宜详见设计图纸、图集、设计补充说明、招标文件、政府相关文件及规范等其它资料，满足验收要求","1. 部位：过道\n4. 面层材料品种、规格、颜色：1.2mm仿铜不锈钢（MT-B04）\n5. 防护材料种类：所有装修用木材均应进行防火、防腐处理\n6. 施工时面层颜色、样式由甲方和设计单位确认选样，投标人综合考虑报价，加工、切割、折边、损耗等不另计，中标后综合单价不予调整\n7. 未尽事宜详见设计图纸、图集、设计补充说明、招标文件、政府相关文件及规范等其它资料，满足验收要求","不锈钢及玻璃制品","1包","m2",5.25,381.5,2002.87,54,"按深化节点图与实际的展开面积计算（见光面）",5.3,550,2915,"m2",5.3,2915,0.04999999999999982,{"v":1.0095238095238095,"d":"1.01"},true,912.1300000000001]
[487,"9#","工程名称：9#-公区",55,10808001004,"不锈钢门套","1. 部位：电梯门套、墙面造型等\n2. 龙骨材料种类、规格：热镀锌钢龙骨（不分规格型号，投标人综合考虑）\n3. 基层材料种类、规格：12mm阻燃夹板，局部双层\n4. 面层材料品种、规格、颜色：1.2mm仿铜不锈钢（MT-B04）\n5. 防护材料种类：所有装修用木材均应进行防火、防腐处理\n6. 施工时面层颜色、样式由甲方和设计单位确认选样，投标人综合考虑报价，加工、切割、折边、损耗等不另计，中标后综合单价不予调整\n7. 未尽事宜详见设计图纸、图集、设计补充说明、招标文件、政府相关文件及规范等其它资料，满足验收要求","1. 部位：电梯门套、墙面造型等\n4. 面层材料品种、规格、颜色：1.2mm仿铜不锈钢（MT-B04）\n5. 防护材料种类：所有装修用木材均应进行防火、防腐处理\n6. 施工时面层颜色、样式由甲方和设计单位确认选样，投标人综合考虑报价，加工、切割、折边、损耗等不另计，中标后综合单价不予调整\n7. 未尽事宜详见设计图纸、图集、设计补充说明、招标文件、政府相关文件及规范等其它资料，满足验收要求","不锈钢及玻璃制品","1包","m2",48.18,381.5,18380.67,55,"按深化节点图与实际的展开面积计算（见光面）",49.5,550,27225,"m2",49.5,27225,1.3200000000000003,{"v":1.0273972602739727,"d":"1.03"},true,8844.330000000002]
[488,"9#","工程名称：9#-公区",69,"WB011105006002","成品踢脚线","1. 部位：二层、三层过道\n2. 踢脚线高度：50mm高\n3．基层材料种类、规格：12mm阻燃夹板\n4．面层材料品种、规格、颜色：1.2mm仿铜不锈钢（MT-B04)\n5．施工时面层颜色、样式由甲方和设计单位确认选样，投标人综合考虑报价，加工、切割、折边、损耗等不另计，中标后综合单价不予调整\n6．未尽事宜详见设计图纸、图集、设计补充说明、招标文件、政府相关文件及规范等其它资料，满足验收要求","1. 部位：二层、三层过道\n2. 踢脚线高度：50mm高\n4．面层材料品种、规格、颜色：1.2mm仿铜不锈钢（MT-B04)\n5．施工时面层颜色、样式由甲方和设计单位确认选样，投标人综合考虑报价，加工、切割、折边、损耗等不另计，中标后综合单价不予调整\n6．未尽事宜详见设计图纸、图集、设计补充说明、招标文件、政府相关文件及规范等其它资料，满足验收要求","不锈钢及玻璃制品","1包","m",647.25,43.6,28220.1,69,"按现场实际发生量长度计算",688,45,30960,"m",647.25,29126.25,40.75,{"v":1.0629586713016608,"d":"1.06"},true,2739.9000000000015]
[489,"9#","工程名称：9#-公区",74,11207001009,"硬包暗门","1. 部位：公区过道\n2. 龙骨材料种类、规格：：热镀锌钢龙骨（不分规格型号，投标人综合考虑）+1.0mm厚镀锌铁皮包封\n3. 基层材料种类、规格：12mm阻燃夹板\n4. 面层材料品种、规格、颜色：布艺硬包（WC-B01）+12mm阻燃内衬板+1.2mm仿铜不锈钢包边\n5. 五金品种、规格：包括不限于暗铰链、磁碰、天地轴、隐藏拉手等完成此项工作的全部五金配件\n6. 施工时面层颜色、样式由甲方和设计单位确认选样，投标人综合考虑报价，加工、损耗等不另计，中标后综合单价不予调整\n7. 未尽事宜详见设计图纸、图集、设计补充说明、招标文件、政府相关文件及规范等其它资料，满足验收要求","1. 部位：公区过道\n4. 面层材料品种、规格、颜色：布艺硬包（WC-B01）+12mm阻燃内衬板+1.2mm仿铜不锈钢包边\n5. 五金品种、规格：包括不限于暗铰链、磁碰、天地轴、隐藏拉手等完成此项工作的全部五金配件\n6. 施工时面层颜色、样式由甲方和设计单位确认选样，投标人综合考虑报价，加工、损耗等不另计，中标后综合单价不予调整\n7. 未尽事宜详见设计图纸、图集、设计补充说明、招标文件、政府相关文件及规范等其它资料，满足验收要求","不锈钢及玻璃制品","1包","m2",148.92,109,16232.28,74,"按深化节点图与实际的展开面积计算（见光面）",45.5,550,25025,"m2",45.5,25025,-103.41999999999999,{"v":0.3055331721729788,"d":"0.31"},true,8792.72]
[490,"9#","工程名称：9#-公区",76,11207001011,"墙面装饰板","1．部位：走道等\n2．龙骨材料种类、规格：热镀锌钢龙骨（不分规格型号，投标人综合考虑）\n3．基层材料种类、规格：12mm阻燃夹板，局部双层\n4. 面层材料品种、规格、颜色：1.2mm仿铜不锈钢（MT-B04）\n5．防护材料种类：所有装修用木基层均应进行防火、防腐处理\n6. 施工时面层颜色、样式由甲方和设计单位确认选样，投标人综合考虑报价，加工、切割、折边、损耗等不另计，中标后综合单价不予调整\n7．未尽事宜详见设计图纸、图集、设计补充说明、招标文件、政府相关文件及规范等其它资料，满足验收要求","1．部位：走道等\n4. 面层材料品种、规格、颜色：1.2mm仿铜不锈钢（MT-B04）\n6. 施工时面层颜色、样式由甲方和设计单位确认选样，投标人综合考虑报价，加工、切割、折边、损耗等不另计，中标后综合单价不予调整\n7．未尽事宜详见设计图纸、图集、设计补充说明、招标文件、政府相关文件及规范等其它资料，满足验收要求","不锈钢及玻璃制品","1包","m2",117.08,354.25,41475.59,76,"按深化节点图与实际的展开面积计算（见光面）",117.1,550,64405,"m2",117.1,64405,0.01999999999999602,{"v":1.0001708233686368,"d":"1.00"},true,22929.410000000003]
[491,"9#","工程名称：9#-公区",77,11207001012,"墙面装饰板","1．部位：走道等\n2．龙骨材料种类、规格：轻钢龙骨，规格尺寸满足现场和规范要求\n3．基层材料种类、规格：12mm阻燃夹板，局部双层\n4. 面层材料品种、规格、颜色：1.2mm仿铜不锈钢（MT-B04）\n5．防护材料种类：所有装修用木基层均应进行防火、防腐处理\n6. 施工时面层颜色、样式由甲方和设计单位确认选样，投标人综合考虑报价，加工、切割、折边、损耗等不另计，中标后综合单价不予调整\n7．未尽事宜详见设计图纸、图集、设计补充说明、招标文件、政府相关文件及规范等其它资料，满足验收要求","1．部位：走道等\n4. 面层材料品种、规格、颜色：1.2mm仿铜不锈钢（MT-B04）\n6. 施工时面层颜色、样式由甲方和设计单位确认选样，投标人综合考虑报价，加工、切割、折边、损耗等不另计，中标后综合单价不予调整\n7．未尽事宜详见设计图纸、图集、设计补充说明、招标文件、政府相关文件及规范等其它资料，满足验收要求","不锈钢及玻璃制品","1包","m2",4.39,354.25,1555.16,77,"按深化节点图与实际的展开面积计算（见光面）",4.4,550,2420,"m2",4.4,2420,0.010000000000000675,{"v":1.0022779043280183,"d":"1.00"},true,864.8399999999999]
[492,"9#","工程名称：9#-公区",89,"WB011302005012","天棚不锈钢板","1. 部位：走道\n2. 吊杆种类、规格：φ8热镀锌钢筋吊杆间距@≤1200mm，\n3. 龙骨材料种类、规格：CS60主龙骨吊件，CS60主龙骨间距@≤1200mm，C50*20*0.6次龙骨间距@400mm，局部钢龙骨加固\n4. 基层材料种类、规格：双层9mm硅酸钙板\n5. 面层材料品种、规格、颜色:1.2mm仿木纹覆膜不锈钢（MT-B02）\n6. 施工时面层颜色、样式由甲方和设计单位确认选样，切割等加工费不另计，投标人综合考虑报价，中标后综合单价不予调整\n7. 未尽事宜详见设计图纸、图集、设计补充说明、招标文件、政府相关文件及规范等其它资料，满足验收要求","1. 部位：走道\n5. 面层材料品种、规格、颜色:1.2mm仿木纹覆膜不锈钢（MT-B02）\n6. 施工时面层颜色、样式由甲方和设计单位确认选样，切割等加工费不另计，投标人综合考虑报价，中标后综合单价不予调整\n7. 未尽事宜详见设计图纸、图集、设计补充说明、招标文件、政府相关文件及规范等其它资料，满足验收要求","不锈钢及玻璃制品","1包","m2",13.66,354.25,4839.05,89,"按深化节点图与实际的展开面积计算（见光面）",13.7,570,7809,"m2",13.7,7809,0.03999999999999915,{"v":1.0029282576866763,"d":"1.00"},true,2969.95]
[493,"9#","工程名称：9#-公区",90,"WB011302005013","天棚不锈钢板","1. 部位：电梯厅\n2. 吊杆种类、规格：φ8热镀锌钢筋吊杆间距@≤1200mm，\n3. 龙骨材料种类、规格：CS60主龙骨吊件，CS60主龙骨间距@≤1200mm，C50*20*0.6次龙骨间距@400mm，局部钢龙骨加固\n4. 基层材料种类、规格：双层9mm硅酸钙板\n5. 面层材料品种、规格、颜色:1.2mm仿铜覆膜不锈钢（MT-B03）\n6. 施工时面层颜色、样式由甲方和设计单位确认选样，切割等加工费不另计，投标人综合考虑报价，中标后综合单价不予调整\n7. 未尽事宜详见设计图纸、图集、设计补充说明、招标文件、政府相关文件及规范等其它资料，满足验收要求","1. 部位：电梯厅\n4. 基层材料种类、规格：双层9mm硅酸钙板\n5. 面层材料品种、规格、颜色:1.2mm仿铜覆膜不锈钢（MT-B03）\n6. 施工时面层颜色、样式由甲方和设计单位确认选样，切割等加工费不另计，投标人综合考虑报价，中标后综合单价不予调整\n7. 未尽事宜详见设计图纸、图集、设计补充说明、招标文件、政府相关文件及规范等其它资料，满足验收要求","不锈钢及玻璃制品","1包","m2",80.06,354.25,28361.25,90,"按深化节点图与实际的展开面积计算（见光面）",89.1,550,49005,"m2",89.1,49005,9.039999999999992,{"v":1.1129153135148637,"d":"1.11"},true,20643.75]
[494,"9#","工程名称：9#-公区",96,"WB011501001001","服务台","1. 台柜规格：长2400*高1100*宽900mm\n2. 材料种类、规格：镀锌方管钢架、双层9mm阻燃夹板基层+12mm深橡木饰面（WD-B01）\n3. 外饰面：25mm巴洛克紫大理石（ST-B07）、1.2mm仿铜覆膜不锈钢踢脚（MT-B03）\n4. 台面材料、规格：25mm巴洛克紫大理石（ST-B07）台面\n5. 五金种类、规格：含所有配套不锈钢五金件\n6. 施工时面层颜色、样式由甲方和设计单位确认选样，加工、排版损耗等不另计，投标人综合考虑报价，中标后综合单价不予调整\n7. 未尽事宜详见设计图纸、图集、设计补充说明、招标文件、政府相关文件及规范等其它资料，满足验收要求","1. 台柜规格：长2400*高1100*宽900mm\n3. 外饰面：1.2mm仿铜覆膜不锈钢踢脚（MT-B03）\n6. 施工时面层颜色、样式由甲方和设计单位确认选样，加工、排版损耗等不另计，投标人综合考虑报价，中标后综合单价不予调整\n7. 未尽事宜详见设计图纸、图集、设计补充说明、招标文件、政府相关文件及规范等其它资料，满足验收要求","不锈钢及玻璃制品","1包","m",2.4,43.6,104.64,96,"按现场实际发生量长度计算",2.4,45,108,"m",2.4,108,0,{"v":1,"d":"1.00"},true,3.3599999999999994]
[495,"9#","工程名称：9#-公区",97,11502001004,"金属装饰条","1．部位：收边、嵌条\n2．嵌条材料品种、规格、颜色：1.2mm仿铜不锈钢(MT-B04)，展开宽度60以内\n3．施工时面层颜色、样式由甲方和设计单位确认选样，投标人综合考虑报价，加工、切割、折边、损耗等不另计，中标后综合单价不予调整\n4．未尽事宜详见设计图纸、图集、设计补充说明、招标文件、政府相关文件及规范等其它资料，满足验收要求。","1．部位：收边、嵌条\n2．嵌条材料品种、规格、颜色：1.2mm仿铜不锈钢(MT-B04)，展开宽度60以内\n3．施工时面层颜色、样式由甲方和设计单位确认选样，投标人综合考虑报价，加工、切割、折边、损耗等不另计，中标后综合单价不予调整\n4．未尽事宜详见设计图纸、图集、设计补充说明、招标文件、政府相关文件及规范等其它资料，满足验收要求。","不锈钢及玻璃制品","1包","m",633.62,43.6,27625.83,97,"按现场实际发生量长度计算",665,50,33250,"m",633.62,31681,31.379999999999995,{"v":1.0495249518638932,"d":"1.05"},true,5624.169999999998]
[496,"9#","工程名称：9#-公区",98,11502001005,"金属装饰条","1．部位：收边、嵌条\n2．嵌条材料品种、规格、颜色：1.2mm仿铜不锈钢(MT-B04)，展开宽度60~100mm以内\n3．施工时面层颜色、样式由甲方和设计单位确认选样，投标人综合考虑报价，加工、切割、折边、损耗等不另计，中标后综合单价不予调整\n4．未尽事宜详见设计图纸、图集、设计补充说明、招标文件、政府相关文件及规范等其它资料，满足验收要求。","1．部位：收边、嵌条\n2．嵌条材料品种、规格、颜色：1.2mm仿铜不锈钢(MT-B04)，展开宽度60~100mm以内\n3．施工时面层颜色、样式由甲方和设计单位确认选样，投标人综合考虑报价，加工、切割、折边、损耗等不另计，中标后综合单价不予调整\n4．未尽事宜详见设计图纸、图集、设计补充说明、招标文件、政府相关文件及规范等其它资料，满足验收要求。","不锈钢及玻璃制品","1包","m",390.97,59.95,23438.65,98,"按现场实际发生量长度计算",415,60,24900,"m",390.97,23458.2,24.029999999999973,{"v":1.0614625163055988,"d":"1.06"},true,1461.3499999999985]
[497,"9#","工程名称：9#-公区",103,10801004002,"装饰防火门","1. 部位：化妆间等\n2. 门扇龙骨、基层材料种类、规格：甲级防火门门芯(须满足当地消防部门的防火认证)+12mm阻燃夹板+四周热镀锌方通固定\n3. 面层材料品种、规格、颜色：木转印，定制成品金属门拉手，包含木转印门套\n4. 五金品种、规格：包含但不限于门锁、五金、合页等完成此项工作的五金配件\n5. 施工时面层颜色、样式由甲方和设计单位确认选样，投标人综合考虑报价，加工、损耗等不另计，中标后综合单价不予调整\n6. 未尽事宜详见设计图纸、图集、设计补充说明、招标文件、政府相关文件及规范等其它资料，满足验收要求","1. 部位：化妆间等\n3. 面层材料品种、规格、颜色：木转印，包含木转印门套\n5. 施工时面层颜色、样式由甲方和设计单位确认选样，投标人综合考虑报价，加工、损耗等不另计，中标后综合单价不予调整\n6. 未尽事宜详见设计图纸、图集、设计补充说明、招标文件、政府相关文件及规范等其它资料，满足验收要求","不锈钢及玻璃制品","1包","m2",8.53,152.6,1301.68,103,"按深化节点图与实际的展开面积计算（见光面）",8.53,570,4862.099999999999,"m2",8.53,4862.099999999999,0,{"v":1,"d":"1.00"},true,3560.419999999999]
[498,"9#","工程名称：9#-公区",104,"WB010801004002","装饰门扇安装-1","1. 部位：多功能厅、大包间、会见厅、宴会等\n2. 门扇龙骨、基层材料种类、规格：25mm细木工板+9mm阻燃夹板+四周热镀锌方通固定\n3. 面层材料品种、规格、颜色：皮革硬包（12mm雪弗板内衬板）（UP-B02）+1.2mm厚仿铜不锈钢（MT-B04）+仿铜不锈钢嵌条，定制成品金属门拉手\n4. 五金品种、规格：包含但不限于门锁、天地轴承、五金合页等完成此项工作的五金配件\n5. 施工时面层颜色、样式由甲方和设计单位确认选样，投标人综合考虑报价，加工、损耗等不另计，中标后综合单价不予调整\n6. 未尽事宜详见设计图纸、图集、设计补充说明、招标文件、政府相关文件及规范等其它资料，满足验收要求","1. 部位：多功能厅、大包间、会见厅、宴会等\n3. 面层材料品种、规格、颜色：皮革硬包（12mm雪弗板内衬板）（UP-B02）+1.2mm厚仿铜不锈钢（MT-B04）+仿铜不锈钢嵌条\n5. 施工时面层颜色、样式由甲方和设计单位确认选样，投标人综合考虑报价，加工、损耗等不另计，中标后综合单价不予调整\n6. 未尽事宜详见设计图纸、图集、设计补充说明、招标文件、政府相关文件及规范等其它资料，满足验收要求","不锈钢及玻璃制品","1包","m2",69.87,"","",104,"按深化节点图与实际的展开面积计算（见光面）",35.2,560,19712,"m2",35.2,19712,-34.67,{"v":0.5037927579791041,"d":"0.50"},true]
[499,"9#","工程名称：9#-公区",106,10801004003,"装饰防火门","1. 部位：多功能厅过道\n2. 门扇龙骨材料种类、规格：甲级防火门门芯(须满足当地消防部门的防火认证)\n3. 面层材料种类、规格：1.2mm仿木纹覆膜不锈钢（MT-B02）+25mm维纳斯白大理石（ST-B09）\n4. 五金品种、规格：包括不限于暗铰链、磁碰、天地轴、拉手等完成此项工作的全部五金配件\n5. 未尽事宜详见设计图纸、图集、设计补充说明、招标文件、政府相关文件及规范等其它资料，满足验收要求","1. 部位：多功能厅过道\n3. 面层材料种类、规格：1.2mm仿木纹覆膜不锈钢（MT-B02）\n5. 未尽事宜详见设计图纸、图集、设计补充说明、招标文件、政府相关文件及规范等其它资料，满足验收要求","不锈钢及玻璃制品","1包","m2",2.76,566.8,1564.37,106,"按深化节点图与实际的展开面积计算（见光面）",2.76,570,1573.1999999999998,"m2",2.76,1573.1999999999998,0,{"v":1,"d":"1.00"},true,8.829999999999927]
[500,"9#","工程名称：9#-公区",107,10801004004,"装饰防火门","1. 部位：会见室\n2. 门扇龙骨、基层材料种类、规格：乙级防火门门芯(须满足当地消防部门的防火认证)+12mm阻燃夹板+四周热镀锌方通固定\n3. 面层材料品种、规格、颜色：皮革硬包（12mm雪弗板内衬板）（UP-B02）+1.2mm厚仿铜不锈钢（MT-B04）+仿铜不锈钢嵌条，定制成品金属门拉手\n4. 五金品种、规格：包含但不限于定制不锈钢天地门轴、暗藏五金合页等完成此项工作的全部五金配件\n5. 施工时面层颜色、样式由甲方和设计单位确认选样，投标人综合考虑报价，加工、损耗等不另计，中标后综合单价不予调整\n6. 未尽事宜详见设计图纸、图集、设计补充说明、招标文件、政府相关文件及规范等其它资料，满足验收要求","1. 部位：会见室\n3. 面层材料品种、规格、颜色：皮革硬包（12mm雪弗板内衬板）（UP-B02）+1.2mm厚仿铜不锈钢（MT-B04）+仿铜不锈钢嵌条\n5. 施工时面层颜色、样式由甲方和设计单位确认选样，投标人综合考虑报价，加工、损耗等不另计，中标后综合单价不予调整\n6. 未尽事宜详见设计图纸、图集、设计补充说明、招标文件、政府相关文件及规范等其它资料，满足验收要求","不锈钢及玻璃制品","1包","m2",15.3,375.62,5747.06,107,"按深化节点图与实际的展开面积计算（见光面）",12.5,560,7000,"m2",12.5,7000,-2.8000000000000007,{"v":0.8169934640522876,"d":"0.82"},true,1252.9399999999996]
[501,"9#","工程名称：9#-公区",108,10808001005,"不锈钢窗套","1. 部位：门套\n2. 龙骨材料种类、规格：10*20mm木方阻燃龙骨\n3. 基层材料种类、规格：双层12mm阻燃夹板，局部多层\n4. 面层材料品种、规格、颜色：1.2mm仿铜不锈钢（MT-B04）\n5. 防护材料种类：所有装修用木材均应进行防火、防腐处理\n6. 施工时面层颜色、样式由甲方和设计单位确认选样，投标人综合考虑报价，加工、切割、折边、损耗等不另计，中标后综合单价不予调整\n7. 未尽事宜详见设计图纸、图集、设计补充说明、招标文件、政府相关文件及规范等其它资料，满足验收要求","1. 部位：门套\n4. 面层材料品种、规格、颜色：1.2mm仿铜不锈钢（MT-B04）\n6. 施工时面层颜色、样式由甲方和设计单位确认选样，投标人综合考虑报价，加工、切割、折边、损耗等不另计，中标后综合单价不予调整\n7. 未尽事宜详见设计图纸、图集、设计补充说明、招标文件、政府相关文件及规范等其它资料，满足验收要求","不锈钢及玻璃制品","1包","m2",82.28,381.5,31389.82,108,"按深化节点图与实际的展开面积计算（见光面）",82,550,45100,"m2",82,45100,-0.28000000000000114,{"v":0.9965969859017987,"d":"1.00"},true,13710.18]
[502,"9#","工程名称：9#-公区",133,"WB011105006003","成品踢脚线","1. 部位：多功能厅等\n2. 踢脚线高度：50mm高\n3．基层材料种类、规格：12mm阻燃夹板\n4．面层材料品种、规格、颜色：1.2mm仿木纹覆膜不锈钢（MT-B02)\n5．施工时面层颜色、样式由甲方和设计单位确认选样，投标人综合考虑报价，加工、切割、折边、损耗等不另计，中标后综合单价不予调整\n6．未尽事宜详见设计图纸、图集、设计补充说明、招标文件、政府相关文件及规范等其它资料，满足验收要求","1. 部位：多功能厅等\n2. 踢脚线高度：50mm高\n4．面层材料品种、规格、颜色：1.2mm仿木纹覆膜不锈钢（MT-B02)\n5．施工时面层颜色、样式由甲方和设计单位确认选样，投标人综合考虑报价，加工、切割、折边、损耗等不另计，中标后综合单价不予调整\n6．未尽事宜详见设计图纸、图集、设计补充说明、招标文件、政府相关文件及规范等其它资料，满足验收要求","不锈钢及玻璃制品","1包","m",486.79,43.6,21224.04,133,"按现场实际发生量长度计算",498,45,22410,"m",486.79,21905.55,11.20999999999998,{"v":1.0230284106082705,"d":"1.02"},true,1185.9599999999991]
[503,"9#","工程名称：9#-公区",134,"WB011105006004","成品踢脚线","1. 部位：会见室等\n2. 踢脚线高度：50mm高\n3．基层材料种类、规格：12mm阻燃夹板\n4．面层材料品种、规格、颜色：1.2mm仿铜覆膜不锈钢（MT-B03)\n5．施工时面层颜色、样式由甲方和设计单位确认选样，投标人综合考虑报价，加工、切割、折边、损耗等不另计，中标后综合单价不予调整\n6．未尽事宜详见设计图纸、图集、设计补充说明、招标文件、政府相关文件及规范等其它资料，满足验收要求","1. 部位：会见室等\n2. 踢脚线高度：50mm高\n4．面层材料品种、规格、颜色：1.2mm仿铜覆膜不锈钢（MT-B03)\n5．施工时面层颜色、样式由甲方和设计单位确认选样，投标人综合考虑报价，加工、切割、折边、损耗等不另计，中标后综合单价不予调整\n6．未尽事宜详见设计图纸、图集、设计补充说明、招标文件、政府相关文件及规范等其它资料，满足验收要求","不锈钢及玻璃制品","1包","m",57.25,43.6,2496.1,134,"按现场实际发生量长度计算",65,45,2925,"m",57.25,2576.25,7.75,{"v":1.1353711790393013,"d":"1.14"},true,428.9000000000001]
[504,"9#","工程名称：9#-公区",135,"WB011105006005","成品踢脚线","1. 部位：会客厅等\n2. 踢脚线高度：50mm高\n3．基层材料种类、规格：12mm阻燃夹板\n4．面层材料品种、规格、颜色：1.2mm仿铜不锈钢（MT-B04)\n5．施工时面层颜色、样式由甲方和设计单位确认选样，投标人综合考虑报价，加工、切割、折边、损耗等不另计，中标后综合单价不予调整\n6．未尽事宜详见设计图纸、图集、设计补充说明、招标文件、政府相关文件及规范等其它资料，满足验收要求","1. 部位：会客厅等\n2. 踢脚线高度：50mm高\n4．面层材料品种、规格、颜色：1.2mm仿铜不锈钢（MT-B04)\n5．施工时面层颜色、样式由甲方和设计单位确认选样，投标人综合考虑报价，加工、切割、折边、损耗等不另计，中标后综合单价不予调整\n6．未尽事宜详见设计图纸、图集、设计补充说明、招标文件、政府相关文件及规范等其它资料，满足验收要求","不锈钢及玻璃制品","1包","m",94.71,43.6,4129.36,135,"按现场实际发生量长度计算",98,45,4410,"m",94.71,4261.95,3.2900000000000063,{"v":1.034737620103474,"d":"1.03"},true,280.6400000000003]
[505,"9#","工程名称：9#-公区",144,11207001019,"墙面装饰板","1．部位：多功能厅等\n2．龙骨材料种类、规格：热镀锌钢龙骨（不分规格型号，投标人综合考虑），内塞50mm厚岩棉(容重80kg/m3)\n3．基层材料种类、规格：12mm阻燃夹板，局部双层\n4. 面层材料品种、规格、颜色：1.2mm仿木纹覆膜不锈钢（MT-B02）\n5．防护材料种类：所有装修用木基层均应进行防火、防腐处理\n6. 施工时面层颜色、样式由甲方和设计单位确认选样，投标人综合考虑报价，加工、切割、折边、损耗等不另计，中标后综合单价不予调整\n7．未尽事宜详见设计图纸、图集、设计补充说明、招标文件、政府相关文件及规范等其它资料，满足验收要求","1．部位：多功能厅等\n4. 面层材料品种、规格、颜色：1.2mm仿木纹覆膜不锈钢（MT-B02）\n6. 施工时面层颜色、样式由甲方和设计单位确认选样，投标人综合考虑报价，加工、切割、折边、损耗等不另计，中标后综合单价不予调整\n7．未尽事宜详见设计图纸、图集、设计补充说明、招标文件、政府相关文件及规范等其它资料，满足验收要求","不锈钢及玻璃制品","1包","m2",1157.8,354.25,410150.65,144,"按深化节点图与实际的展开面积计算（见光面）",455.6,560,255136,"m2",455.6,255136,-702.1999999999999,{"v":0.3935049231300743,"d":"0.39"},true,-155014.65000000002]
[506,"9#","工程名称：9#-公区",145,11207001020,"墙面装饰板","1．部位：大包厢、会见室等\n2．龙骨材料种类、规格：热镀锌钢龙骨（不分规格型号，投标人综合考虑），内塞50mm厚岩棉(容重80kg/m3)\n3．基层材料种类、规格：12mm阻燃夹板，局部双层\n4. 面层材料品种、规格、颜色：1.2mm仿铜覆膜不锈钢（MT-B03）\n5．防护材料种类：所有装修用木基层均应进行防火、防腐处理\n6. 施工时面层颜色、样式由甲方和设计单位确认选样，投标人综合考虑报价，加工、切割、折边、损耗等不另计，中标后综合单价不予调整\n7．未尽事宜详见设计图纸、图集、设计补充说明、招标文件、政府相关文件及规范等其它资料，满足验收要求","1．部位：大包厢、会见室等\n4. 面层材料品种、规格、颜色：1.2mm仿铜覆膜不锈钢（MT-B03）\n6. 施工时面层颜色、样式由甲方和设计单位确认选样，投标人综合考虑报价，加工、切割、折边、损耗等不另计，中标后综合单价不予调整\n7．未尽事宜详见设计图纸、图集、设计补充说明、招标文件、政府相关文件及规范等其它资料，满足验收要求","不锈钢及玻璃制品","1包","m2",482.47,354.25,170915,145,"按深化节点图与实际的展开面积计算（见光面）",312.1,560,174776,"m2",312.1,174776,-170.37,{"v":0.6468795987315273,"d":"0.65"},true,3861]
[507,"9#","工程名称：9#-公区",146,11207001021,"墙面装饰板","1．部位：卫生间等\n2．龙骨材料种类、规格：热镀锌钢龙骨（不分规格型号，投标人综合考虑），内塞50mm厚岩棉(容重80kg/m3)\n3．基层材料种类、规格：12mm阻燃夹板，局部双层\n4. 面层材料品种、规格、颜色：1.2mm仿铜不锈钢（MT-B04）\n5．防护材料种类：所有装修用木基层均应进行防火、防腐处理\n6. 施工时面层颜色、样式由甲方和设计单位确认选样，投标人综合考虑报价，加工、切割、折边、损耗等不另计，中标后综合单价不予调整\n7．未尽事宜详见设计图纸、图集、设计补充说明、招标文件、政府相关文件及规范等其它资料，满足验收要求","1．部位：卫生间等\n4. 面层材料品种、规格、颜色：1.2mm仿铜不锈钢（MT-B04）\n6. 施工时面层颜色、样式由甲方和设计单位确认选样，投标人综合考虑报价，加工、切割、折边、损耗等不另计，中标后综合单价不予调整\n7．未尽事宜详见设计图纸、图集、设计补充说明、招标文件、政府相关文件及规范等其它资料，满足验收要求","不锈钢及玻璃制品","1包","m2",3.14,354.25,1112.34,146,"按深化节点图与实际的展开面积计算（见光面）",4.26,550,2343,"m2",4.26,2343,1.1199999999999997,{"v":1.356687898089172,"d":"1.36"},true,1230.66]
[508,"9#","工程名称：9#-公区",164,11210002001,"仿木纹覆膜不锈钢方通","1. 部位：多功能厅，宴会厅等\n2．规格：45*20*1.2mm仿木纹覆膜不锈钢方通（MT-B02），间距@30mm，焊接固定\n3. 施工时面层颜色、样式由甲方和设计单位确认选样，投标人综合考虑报价，加工、切割、折边、损耗等不另计，中标后综合单价不予调整\n4．未尽事宜详见设计图纸、图集、设计补充说明、招标文件、政府相关文件及规范等其它资料，满足验收要求","1. 部位：多功能厅，宴会厅等\n2．规格：45*20*1.2mm仿木纹覆膜不锈钢方通（MT-B02），间距@30mm，焊接固定\n3. 施工时面层颜色、样式由甲方和设计单位确认选样，投标人综合考虑报价，加工、切割、折边、损耗等不另计，中标后综合单价不予调整\n4．未尽事宜详见设计图纸、图集、设计补充说明、招标文件、政府相关文件及规范等其它资料，满足验收要求","不锈钢及玻璃制品","1包","m2",91.63,1417,129839.71,164,"按投影面积",91.63,1280,117286.4,"m2",91.63,117286.4,0,{"v":1,"d":"1.00"},true,-12553.310000000012]
[509,"9#","工程名称：9#-公区",165,11210006001,"卫生间隔断","1. 部位：卫生间\n2. 龙骨材料种类、规格：热镀锌钢龙骨（不分规格型号，投标人综合考虑），底部C20混凝土导墙不另列，报价综合考虑\n3. 基层材料种类、规格：12mm硅酸钙板基层，门扇基层为细木工板+12mm硅酸钙板\n4. 面层材料品种、规格、颜色：双面10mm厚仿木纹防火板（WD-B08），50mm高仿铜不锈钢踢脚线（MT-B04），门上顶面仿铜不锈钢包边(MT-B04）\n5. 施工时面层颜色、样式由甲方和设计单位确认选样，投标人综合考虑报价，加工、切割、折边、损耗等不另计，中标后综合单价不予调整\n6. 未尽事宜详见设计图纸、图集、设计补充说明、招标文件、政府相关文件及规范等其它资料，满足验收要求","1. 部位：卫生间\n4. 面层材料品种、规格、颜色：50mm高仿铜不锈钢踢脚线（MT-B04），门上顶面仿铜不锈钢包边(MT-B04）\n5. 施工时面层颜色、样式由甲方和设计单位确认选样，投标人综合考虑报价，加工、切割、折边、损耗等不另计，中标后综合单价不予调整\n6. 未尽事宜详见设计图纸、图集、设计补充说明、招标文件、政府相关文件及规范等其它资料，满足验收要求","不锈钢及玻璃制品","1包","m2",18.2,82.5,1501.54,165,"按深化节点图与实际的展开面积计算（见光面）",18.2,550,10010,"m2",18.2,10010,0,{"v":1,"d":"1.00"},true,8508.46]
[510,"9#","工程名称：9#-公区",166,11210006002,"玻璃隔断","1. 部位：大包间、会见室\n2. 龙骨材料种类、规格：热镀锌钢龙骨（不分规格型号，投标人综合考虑）\n3. 基层材料种类、规格：9mm阻燃夹板\n4. 隔断面层：8mm长虹玻璃（GL-B01）+1.2mm仿木纹覆膜不锈钢（MT-B02）\n5. 防护材料种类：所有装修用木基层均应进行防火、防腐处理\n6. 施工时面层颜色、样式由甲方和设计单位确认选样，投标人综合考虑报价，加工、切割、折边、损耗等不另计，中标后综合单价不予调整\n7. 未尽事宜详见设计图纸、图集、设计补充说明、招标文件、政府相关文件及规范等其它资料，满足验收要求","1. 部位：大包间、会见室\n4. 隔断面层：8mm长虹玻璃（GL-B01）+1.2mm仿木纹覆膜不锈钢（MT-B02）\n5. 防护材料种类：所有装修用木基层均应进行防火、防腐处理\n6. 施工时面层颜色、样式由甲方和设计单位确认选样，投标人综合考虑报价，加工、切割、折边、损耗等不另计，中标后综合单价不予调整\n7. 未尽事宜详见设计图纸、图集、设计补充说明、招标文件、政府相关文件及规范等其它资料，满足验收要求","不锈钢及玻璃制品","1包","m2",131.01,850.2,111384.7,166,"按投影面积",131.1,600,78660,"m2",131.01,78606,0.09000000000000341,{"v":1.0006869704602703,"d":"1.00"},true,-32724.699999999997]
[511,"9#","工程名称：9#-公区",167,11210006003,"不锈钢屏风","1.部位：大包厢\n2.龙骨材料种类、规格：热镀锌钢龙骨（不分规格型号，投标人综合考虑）\n3.基层材料种类、规格：9mm阻燃夹板\n4.屏风面层：仿木纹覆膜不锈钢（MT-B02），镂空造型\n5.防护材料种类：所有装修用木基层均应进行防火、防腐处理\n6.施工时面层颜色、样式由甲方和设计单位确认选样，投标人综合考虑报价，加工、切割、折边、损耗等不另计，中标后综合单价不予调整\n7.未尽事宜详见设计图纸、图集、设计补充说明、招标文件、政府相关文件及规范等其它资料，满足验收要求","1.部位：大包厢\n4.屏风面层：仿木纹覆膜不锈钢（MT-B02），镂空造型\n5.防护材料种类：所有装修用木基层均应进行防火、防腐处理\n6.施工时面层颜色、样式由甲方和设计单位确认选样，投标人综合考虑报价，加工、切割、折边、损耗等不另计，中标后综合单价不予调整\n7.未尽事宜详见设计图纸、图集、设计补充说明、招标文件、政府相关文件及规范等其它资料，满足验收要求","不锈钢及玻璃制品","1包","m2",19.24,3556.07,68418.8,167,"按投影面积",19.3,1780,34354,"m2",19.24,34247.2,0.060000000000002274,{"v":1.0031185031185033,"d":"1.00"},true,-34064.8]
[512,"9#","工程名称：9#-公区",172,"WB011302005017","天棚不锈钢板","1. 部位：多功能厅等\n2. 吊杆种类、规格：φ8热镀锌钢筋吊杆间距@≤1200mm，\n3. 龙骨材料种类、规格：CS60主龙骨吊件，CS60主龙骨间距@≤1200mm，C50*20*0.6次龙骨间距@400mm，局部钢龙骨加固\n4. 基层材料种类、规格：双层9mm硅酸钙板\n5. 面层材料品种、规格、颜色:1.2mm白色烤漆不锈钢（MT-B01）\n6. 施工时面层颜色、样式由甲方和设计单位确认选样，切割等加工费不另计，投标人综合考虑报价，中标后综合单价不予调整\n7. 未尽事宜详见设计图纸、图集、设计补充说明、招标文件、政府相关文件及规范等其它资料，满足验收要求","1. 部位：多功能厅等\n5. 面层材料品种、规格、颜色:1.2mm白色烤漆不锈钢（MT-B01）\n6. 施工时面层颜色、样式由甲方和设计单位确认选样，切割等加工费不另计，投标人综合考虑报价，中标后综合单价不予调整\n7. 未尽事宜详见设计图纸、图集、设计补充说明、招标文件、政府相关文件及规范等其它资料，满足验收要求","不锈钢及玻璃制品","1包","m2",68.38,354.25,24223.61,172,"按深化节点图与实际的展开面积计算（见光面）",68.4,550,37620,"m2",68.4,37620,0.020000000000010232,{"v":1.000292483182217,"d":"1.00"},true,13396.39]
[513,"9#","工程名称：9#-公区",173,"WB011302005018","天棚不锈钢板","1. 部位：多功能厅等\n2. 吊杆种类、规格：φ8热镀锌钢筋吊杆间距@≤1200mm，\n3. 龙骨材料种类、规格：CS60主龙骨吊件，CS60主龙骨间距@≤1200mm，C50*20*0.6次龙骨间距@400mm，局部钢龙骨加固\n4. 基层材料种类、规格：双层9mm硅酸钙板\n5. 面层材料品种、规格、颜色:1.2mm仿木纹覆膜不锈钢（MT-B02）\n6. 施工时面层颜色、样式由甲方和设计单位确认选样，切割等加工费不另计，投标人综合考虑报价，中标后综合单价不予调整\n7. 未尽事宜详见设计图纸、图集、设计补充说明、招标文件、政府相关文件及规范等其它资料，满足验收要求","1. 部位：多功能厅等\n5. 面层材料品种、规格、颜色:1.2mm仿木纹覆膜不锈钢（MT-B02）\n6. 施工时面层颜色、样式由甲方和设计单位确认选样，切割等加工费不另计，投标人综合考虑报价，中标后综合单价不予调整\n7. 未尽事宜详见设计图纸、图集、设计补充说明、招标文件、政府相关文件及规范等其它资料，满足验收要求","不锈钢及玻璃制品","1包","m2",363.47,354.25,128759.25,173,"按深化节点图与实际的展开面积计算（见光面）",368.2,570,209874,"m2",368.2,209874,4.729999999999961,{"v":1.013013453655047,"d":"1.01"},true,81114.75]
[514,"9#","工程名称：9#-公区",174,"WB011302005019","天棚不锈钢板","1. 部位：宴会厅等\n2. 吊杆种类、规格：φ8热镀锌钢筋吊杆间距@≤1200mm，\n3. 龙骨材料种类、规格：CS60主龙骨吊件，CS60主龙骨间距@≤1200mm，C50*20*0.6次龙骨间距@400mm，局部钢龙骨加固\n4. 基层材料种类、规格：双层9mm硅酸钙板\n5. 面层材料品种、规格、颜色:1.2mm仿铜覆膜不锈钢（MT-B03）\n6. 施工时面层颜色、样式由甲方和设计单位确认选样，切割等加工费不另计，投标人综合考虑报价，中标后综合单价不予调整\n7. 未尽事宜详见设计图纸、图集、设计补充说明、招标文件、政府相关文件及规范等其它资料，满足验收要求","1. 部位：宴会厅等\n5. 面层材料品种、规格、颜色:1.2mm仿铜覆膜不锈钢（MT-B03）\n6. 施工时面层颜色、样式由甲方和设计单位确认选样，切割等加工费不另计，投标人综合考虑报价，中标后综合单价不予调整\n7. 未尽事宜详见设计图纸、图集、设计补充说明、招标文件、政府相关文件及规范等其它资料，满足验收要求","不锈钢及玻璃制品","1包","m2",387.73,354.25,137353.35,174,"按深化节点图与实际的展开面积计算（见光面）",367.3,560,205688,"m2",367.3,205688,-20.430000000000007,{"v":0.9473086941944137,"d":"0.95"},true,68334.65]
[515,"9#","工程名称：9#-公区",175,"WB011302005020","天棚不锈钢板","1. 部位：会见室\n2. 吊杆种类、规格：φ8热镀锌钢筋吊杆间距@≤1200mm，\n3. 龙骨材料种类、规格：CS60主龙骨吊件，CS60主龙骨间距@≤1200mm，C50*20*0.6次龙骨间距@400mm，局部钢龙骨加固\n4. 基层材料种类、规格：双层9mm硅酸钙板\n5. 面层材料品种、规格、颜色:1.2mm仿铜不锈钢（MT-B04）\n6. 施工时面层颜色、样式由甲方和设计单位确认选样，切割等加工费不另计，投标人综合考虑报价，中标后综合单价不予调整\n7. 未尽事宜详见设计图纸、图集、设计补充说明、招标文件、政府相关文件及规范等其它资料，满足验收要求","1. 部位：会见室\n5. 面层材料品种、规格、颜色:1.2mm仿铜不锈钢（MT-B04）\n6. 施工时面层颜色、样式由甲方和设计单位确认选样，切割等加工费不另计，投标人综合考虑报价，中标后综合单价不予调整\n7. 未尽事宜详见设计图纸、图集、设计补充说明、招标文件、政府相关文件及规范等其它资料，满足验收要求","不锈钢及玻璃制品","1包","m2",21.62,354.25,7658.88,175,"按深化节点图与实际的展开面积计算（见光面）",25.3,550,13915,"m2",25.3,13915,3.6799999999999997,{"v":1.1702127659574468,"d":"1.17"},true,6256.12]
[516,"9#","工程名称：9#-公区",186,"WB011501001002","洗手台+柜体","1. 部位：会见室卫生间\n2. 规格尺寸：600*300mm\n3. 龙骨材料种类、规格：热镀锌钢龙骨（不分规格型号，投标人综合考虑）\n4. 基层材料种类、规格：12mm硅酸钙板\n5. 面层材料品种、规格、颜色：25mm水晶米黄大理石（ST-B01）台面，10mm仿木纹防火板饰面(WD-B08）、1.2mm仿铜不锈钢（MT-B04）+防火板饰面柜体、50mm高不锈钢踢脚线等\n6. 所有石材材料在施工前须做六面防护处理,石材结晶，以保证防水、防腐、防污、防油\n7. 施工时面层颜色、样式由甲方和设计单位确认选样，倒角，磨边、切割等加工费不另计，投标人综合考虑报价，中标后综合单价不予调整\n8. 未尽事宜详见设计图纸、图集、设计补充说明、招标文件、政府相关文件及规范等其它资料，满足验收要求","1. 部位：会见室卫生间\n2. 规格尺寸：600*300mm\n5. 面层材料品种、规格、颜色：1.2mm仿铜不锈钢（MT-B04）、50mm高不锈钢踢脚线等\n7. 施工时面层颜色、样式由甲方和设计单位确认选样，倒角，磨边、切割等加工费不另计，投标人综合考虑报价，中标后综合单价不予调整\n8. 未尽事宜详见设计图纸、图集、设计补充说明、招标文件、政府相关文件及规范等其它资料，满足验收要求","不锈钢及玻璃制品","1包","m",2.2,43.6,95.92,186,"按现场实际发生量长度计算",3,45,135,"m",3,135,0.7999999999999998,{"v":1.3636363636363635,"d":"1.36"},true,39.08]
[517,"9#","工程名称：9#-公区",187,"WB011501001003","洗手台+柜体","1. 部位：宴会卫生间\n2. 规格尺寸：600*300mm\n3. 龙骨材料种类、规格：热镀锌钢龙骨（不分规格型号，投标人综合考虑）\n4. 基层材料种类、规格：12mm硅酸钙板\n5. 面层材料品种、规格、颜色：18mm紫云烟大理石（ST-B02）台面，10mm仿木纹防火板饰面(WD-B08）、1.2mm仿铜不锈钢（MT-B04）+防火板饰面柜体、50mm高不锈钢踢脚线等\n6. 所有石材材料在施工前须做六面防护处理,石材结晶，以保证防水、防腐、防污、防油\n7. 施工时面层颜色、样式由甲方和设计单位确认选样，倒角，磨边、切割等加工费不另计，投标人综合考虑报价，中标后综合单价不予调整\n8. 未尽事宜详见设计图纸、图集、设计补充说明、招标文件、政府相关文件及规范等其它资料，满足验收要求","1. 部位：宴会卫生间\n2. 规格尺寸：600*300mm\n5. 面层材料品种、规格、颜色：1.2mm仿铜不锈钢（MT-B04）、50mm高不锈钢踢脚线等\n7. 施工时面层颜色、样式由甲方和设计单位确认选样，倒角，磨边、切割等加工费不另计，投标人综合考虑报价，中标后综合单价不予调整\n8. 未尽事宜详见设计图纸、图集、设计补充说明、招标文件、政府相关文件及规范等其它资料，满足验收要求","不锈钢及玻璃制品","1包","m",5.4,43.6,235.44,187,"按现场实际发生量长度计算",6,45,270,"m",6,270,0.5999999999999996,{"v":1.111111111111111,"d":"1.11"},true,34.56]
[518,"9#","工程名称：9#-公区",188,"WB011501001004","镜柜","1. 部位：会见厅卫生间、大包间卫生间、公卫等\n2. 龙骨材料种类、规格：热镀锌钢龙骨（不分规格型号，投标人综合考虑）+20*40mm木方（阻燃处理）等\n3. 基层材料种类、规格：12mm阻燃板\n4. 面层材料品种、规格、颜色：5mm银镜饰面（MR-B01）+1.2mm仿铜不锈钢（MT-B04）+四周不锈钢包边\n5. 防护材料种类：所有装修用木基层均应进行防火、防腐处理\n6. 施工时面层颜色、样式由甲方和设计单位确认选样，投标人综合考虑报价，加工、切割、折边、损耗等不另计，中标后综合单价不予调整\n7. 未尽事宜详见设计图纸、图集、设计补充说明、招标文件、政府相关文件及规范等其它资料，满足验收要求","1. 部位：会见厅卫生间、大包间卫生间、公卫等\n4. 面层材料品种、规格、颜色：5mm银镜饰面（MR-B01）+1.2mm仿铜不锈钢（MT-B04）+四周不锈钢包边\n5. 防护材料种类：所有装修用木基层均应进行防火、防腐处理\n6. 施工时面层颜色、样式由甲方和设计单位确认选样，投标人综合考虑报价，加工、切割、折边、损耗等不另计，中标后综合单价不予调整\n7. 未尽事宜详见设计图纸、图集、设计补充说明、招标文件、政府相关文件及规范等其它资料，满足验收要求","不锈钢及玻璃制品","1包","m2",22.06,1111.8,24526.31,188,"按投影面积",22.1,385,8508.5,"m2",22.06,8493.1,0.0400000000000027,{"v":1.00181323662738,"d":"1.00"},true,-16017.810000000001]
[519,"9#","工程名称：9#-公区",191,"WB011501001007","衣柜","1．部位：卫生间过道等\n2．规格：400mm宽\n3．龙骨材料种类、规格：热镀锌钢龙骨（不分规格型号，投标人综合考虑）、30*30mm木方(阻燃处理)\n4．基层板材料种类、规格：15mm阻燃夹板等基层类型及厚度综合考虑\n5．材料种类：12mm深橡木饰面（WD-B01）、抽屉柜、不锈钢门把手、不锈钢踢脚线等\n6．五金种类、规格：单价包含五金合页、抽屉滑轨、阻尼隔振胶垫、暗藏灯槽等\n7．按照立面投影面积计算\n8．防护材料种类：所有装修用木基层均应进行防火、防腐处理\n9．施工时面层颜色、样式由甲方和设计单位确认选样，加工、排版损耗等不另计，投标人综合考虑报价，中标后综合单价不予调整\n10．未尽事宜详见设计图纸、图集、设计补充说明、招标文件、政府相关文件及规范等其它资料，满足验收要求","1．部位：卫生间过道等\n2．规格：400mm宽\n5．材料种类：不锈钢踢脚线等\n7．按照立面投影面积计算\n8．防护材料种类：所有装修用木基层均应进行防火、防腐处理\n9．施工时面层颜色、样式由甲方和设计单位确认选样，加工、排版损耗等不另计，投标人综合考虑报价，中标后综合单价不予调整\n10．未尽事宜详见设计图纸、图集、设计补充说明、招标文件、政府相关文件及规范等其它资料，满足验收要求","不锈钢及玻璃制品","1包","m2",7.8,27.95,217.99,191,"按现场实际发生量长度计算",2.9,45,130.5,"m",2.9,130.5,-4.9,{"v":0.3717948717948718,"d":"0.37"},true,-87.49000000000001]
[520,"9#","工程名称：9#-公区",192,11502001006,"金属装饰条","1．部位：收边、嵌条\n2．嵌条材料品种、规格、颜色：1.2mm仿木纹覆膜不锈钢(MT-B02)，展开宽度60mm以内\n3．施工时面层颜色、样式由甲方和设计单位确认选样，投标人综合考虑报价，加工、切割、折边、损耗等不另计，中标后综合单价不予调整\n4．未尽事宜详见设计图纸、图集、设计补充说明、招标文件、政府相关文件及规范等其它资料，满足验收要求。","1．部位：收边、嵌条\n2．嵌条材料品种、规格、颜色：1.2mm仿木纹覆膜不锈钢(MT-B02)，展开宽度60mm以内\n3．施工时面层颜色、样式由甲方和设计单位确认选样，投标人综合考虑报价，加工、切割、折边、损耗等不另计，中标后综合单价不予调整\n4．未尽事宜详见设计图纸、图集、设计补充说明、招标文件、政府相关文件及规范等其它资料，满足验收要求。","不锈钢及玻璃制品","1包","m",57.6,43.6,2511.36,192,"按现场实际发生量长度计算",62,60,3720,"m",57.6,3456,4.399999999999999,{"v":1.0763888888888888,"d":"1.08"},true,1208.6399999999999]
[521,"9#","工程名称：9#-公区",193,11502001007,"金属装饰条","1．部位：收边、嵌条\n2．嵌条材料品种、规格、颜色：1.2mm仿铜覆膜不锈钢(MT-B03)，展开宽度60mm以内\n3．施工时面层颜色、样式由甲方和设计单位确认选样，投标人综合考虑报价，加工、切割、折边、损耗等不另计，中标后综合单价不予调整\n4．未尽事宜详见设计图纸、图集、设计补充说明、招标文件、政府相关文件及规范等其它资料，满足验收要求。","1．部位：收边、嵌条\n2．嵌条材料品种、规格、颜色：1.2mm仿铜覆膜不锈钢(MT-B03)，展开宽度60mm以内\n3．施工时面层颜色、样式由甲方和设计单位确认选样，投标人综合考虑报价，加工、切割、折边、损耗等不另计，中标后综合单价不予调整\n4．未尽事宜详见设计图纸、图集、设计补充说明、招标文件、政府相关文件及规范等其它资料，满足验收要求。","不锈钢及玻璃制品","1包","m",191.32,43.6,8341.55,193,"按现场实际发生量长度计算",198,50,9900,"m",191.32,9566,6.680000000000007,{"v":1.0349153251097638,"d":"1.03"},true,1558.4500000000007]
[522,"9#","工程名称：9#-公区",194,11502001008,"金属装饰条","1．部位：收边、嵌条\n2．嵌条材料品种、规格、颜色：1.2mm仿铜不锈钢(MT-B04)，展开宽度60以内\n3．施工时面层颜色、样式由甲方和设计单位确认选样，投标人综合考虑报价，加工、切割、折边、损耗等不另计，中标后综合单价不予调整\n4．未尽事宜详见设计图纸、图集、设计补充说明、招标文件、政府相关文件及规范等其它资料，满足验收要求。","1．部位：收边、嵌条\n2．嵌条材料品种、规格、颜色：1.2mm仿铜不锈钢(MT-B04)，展开宽度60以内\n3．施工时面层颜色、样式由甲方和设计单位确认选样，投标人综合考虑报价，加工、切割、折边、损耗等不另计，中标后综合单价不予调整\n4．未尽事宜详见设计图纸、图集、设计补充说明、招标文件、政府相关文件及规范等其它资料，满足验收要求。","不锈钢及玻璃制品","1包","m",254.02,43.6,11075.27,194,"按现场实际发生量长度计算",286,50,14300,"m",254.02,12701,31.97999999999999,{"v":1.1258955987717503,"d":"1.13"},true,3224.7299999999996]
[523,"9#","工程名称：9#-公区",196,11505010001,"镜面玻璃","1．部位：残卫\n2．面层材料品种、规格、颜色：5mm成品银镜不锈钢包框\n3．施工时面层颜色、样式由甲方和设计单位确认选样，投标人综合考虑报价，加工、切割、折边、损耗等不另计，中标后综合单价不予调整\n4．未尽事宜详见设计图纸、图集、设计补充说明、招标文件、政府相关文件及规范等其它资料，满足验收要求。","1．部位：残卫\n2．面层材料品种、规格、颜色：5mm成品银镜不锈钢包框\n3．施工时面层颜色、样式由甲方和设计单位确认选样，投标人综合考虑报价，加工、切割、折边、损耗等不另计，中标后综合单价不予调整\n4．未尽事宜详见设计图纸、图集、设计补充说明、招标文件、政府相关文件及规范等其它资料，满足验收要求。","不锈钢及玻璃制品","1包","m2",2.08,490.5,1020.24,196,"按投影面积",2.1,385,808.5,"m2",2.08,800.8000000000001,0.020000000000000018,{"v":1.0096153846153846,"d":"1.01"},true,-211.74]
[524,"9#","工程名称：9#-公区",202,10808001007,"不锈钢窗套","1. 部位：门套\n2. 龙骨材料种类、规格：10*20mm木方阻燃龙骨\n3. 基层材料种类、规格：双层12mm阻燃夹板，局部多层\n4. 面层材料品种、规格、颜色：1.2mm仿铜不锈钢（MT-B04）\n5. 防护材料种类：所有装修用木材均应进行防火、防腐处理\n6. 施工时面层颜色、样式由甲方和设计单位确认选样，投标人综合考虑报价，加工、切割、折边、损耗等不另计，中标后综合单价不予调整\n7. 未尽事宜详见设计图纸、图集、设计补充说明、招标文件、政府相关文件及规范等其它资料，满足验收要求","1. 部位：门套\n4. 面层材料品种、规格、颜色：1.2mm仿铜不锈钢（MT-B04）\n6. 施工时面层颜色、样式由甲方和设计单位确认选样，投标人综合考虑报价，加工、切割、折边、损耗等不另计，中标后综合单价不予调整\n7. 未尽事宜详见设计图纸、图集、设计补充说明、招标文件、政府相关文件及规范等其它资料，满足验收要求","不锈钢及玻璃制品","1包","m2",2.21,381.5,843.11,202,"按深化节点图与实际的展开面积计算（见光面）",2.3,550,1265,"m2",2.3,1265,0.08999999999999986,{"v":1.0407239819004523,"d":"1.04"},true,421.89]
[525,"9#","工程名称：9#-公区",209,"WB011105006006","成品踢脚线","1. 部位：公共卫生间\n2. 踢脚线高度：50mm高\n3．基层材料种类、规格：12mm阻燃夹板\n4．面层材料品种、规格、颜色：1.2mm仿木纹覆膜不锈钢（MT-B02)\n5．施工时面层颜色、样式由甲方和设计单位确认选样，投标人综合考虑报价，加工、切割、折边、损耗等不另计，中标后综合单价不予调整\n6．未尽事宜详见设计图纸、图集、设计补充说明、招标文件、政府相关文件及规范等其它资料，满足验收要求","1. 部位：公共卫生间\n2. 踢脚线高度：50mm高\n4．面层材料品种、规格、颜色：1.2mm仿木纹覆膜不锈钢（MT-B02)\n5．施工时面层颜色、样式由甲方和设计单位确认选样，投标人综合考虑报价，加工、切割、折边、损耗等不另计，中标后综合单价不予调整\n6．未尽事宜详见设计图纸、图集、设计补充说明、招标文件、政府相关文件及规范等其它资料，满足验收要求","不锈钢及玻璃制品","1包","m",4.52,43.6,197.07,209,"按现场实际发生量长度计算",5,45,225,"m",4.52,203.39999999999998,0.4800000000000004,{"v":1.106194690265487,"d":"1.11"},true,27.930000000000007]
[526,"9#","工程名称：9#-公区",213,11210003001,"小便斗玻璃隔断","1.部位：公卫\n2.龙骨材料种类、规格：热镀锌钢龙骨（不分规格型号，投标人综合考虑）\n3.基层材料种类、规格：9mm阻燃夹板\n4.隔断面层：6+1.52pvb+6mm夹丝玻璃（GL-B04）+1.2mm仿铜不锈钢（MT-B04）\n5.防护材料种类：所有装修用木基层均应进行防火、防腐处理\n6.施工时面层颜色、样式由甲方和设计单位确认选样，投标人综合考虑报价，加工、切割、折边、损耗等不另计，中标后综合单价不予调整\n7.未尽事宜详见设计图纸、图集、设计补充说明、招标文件、政府相关文件及规范等其它资料，满足验收要求","1.部位：公卫\n2.龙骨材料种类、规格：热镀锌钢龙骨（不分规格型号，投标人综合考虑）\n3.基层材料种类、规格：9mm阻燃夹板\n4.隔断面层：6+1.52pvb+6mm夹丝玻璃（GL-B04）+1.2mm仿铜不锈钢（MT-B04）\n5.防护材料种类：所有装修用木基层均应进行防火、防腐处理\n6.施工时面层颜色、样式由甲方和设计单位确认选样，投标人综合考虑报价，加工、切割、折边、损耗等不另计，中标后综合单价不予调整\n7.未尽事宜详见设计图纸、图集、设计补充说明、招标文件、政府相关文件及规范等其它资料，满足验收要求","不锈钢及玻璃制品","1包","m2",3.69,1090,4022.1,213,"按投影面积",3.7,950,3515,"m2",3.69,3505.5,0.010000000000000231,{"v":1.0027100271002711,"d":"1.00"},true,-507.0999999999999]
[527,"9#","工程名称：9#-公区",214,11210006004,"卫生间隔断","1. 部位：公区卫生间\n2. 龙骨材料种类、规格：热镀锌钢龙骨（不分规格型号，投标人综合考虑），底部C20混凝土导墙不另列，报价综合考虑\n3. 基层材料种类、规格：12mm硅酸钙板基层，门扇基层为细木工板+12mm硅酸钙板\n4. 面层材料品种、规格、颜色：双面10mm厚仿木纹防火板（WD-B08），50mm高仿铜不锈钢踢脚线（MT-B04），门上顶面仿铜不锈钢包边(MT-B04）\n5. 施工时面层颜色、样式由甲方和设计单位确认选样，投标人综合考虑报价，加工、切割、折边、损耗等不另计，中标后综合单价不予调整\n6. 未尽事宜详见设计图纸、图集、设计补充说明、招标文件、政府相关文件及规范等其它资料，满足验收要求","4. 面层材料品种、规格、颜色：50mm高仿铜不锈钢踢脚线（MT-B04），门上顶面仿铜不锈钢包边(MT-B04）","不锈钢及玻璃制品","1包","m2",48.58,132.43,6433.69,214,"按深化节点图与实际的展开面积计算（见光面）",12.5,550,6875,"m2",12.5,6875,-36.08,{"v":0.2573075339645945,"d":"0.26"},true,441.3100000000004]
[528,"9#","工程名称：9#-公区",219,"WB011501001008","洗手台+柜体","1. 部位：公共卫生间\n2. 规格尺寸：600*300mm\n3. 龙骨材料种类、规格：热镀锌钢龙骨（不分规格型号，投标人综合考虑）\n4. 基层材料种类、规格：12mm硅酸钙板\n5. 面层材料品种、规格、颜色：18mm雪花白大理石（ST-B10）台面，10mm仿木纹防火板饰面(WD-B08）、1.2mm仿铜不锈钢（MT-B04）+防火板饰面柜体、50mm高不锈钢踢脚线等\n6. 所有石材材料在施工前须做六面防护处理,石材结晶，以保证防水、防腐、防污、防油\n7. 施工时面层颜色、样式由甲方和设计单位确认选样，倒角，磨边、切割等加工费不另计，投标人综合考虑报价，中标后综合单价不予调整\n8. 未尽事宜详见设计图纸、图集、设计补充说明、招标文件、政府相关文件及规范等其它资料，满足验收要求","5. 面层材料品种、规格、颜色：1.2mm仿铜不锈钢（MT-B04）、50mm高不锈钢踢脚线","不锈钢及玻璃制品","1包","m",4.52,43.6,197.07,219,"按现场实际发生量长度计算",5,45,225,"m",5,225,0.4800000000000004,{"v":1.106194690265487,"d":"1.11"},true,27.930000000000007]
[529,"9#","工程名称：9#-公区",220,"WB011501001009","镜柜","1. 部位：公共卫生间\n2. 龙骨材料种类、规格：热镀锌钢龙骨（不分规格型号，投标人综合考虑）+20*40mm木方（阻燃处理）等\n3. 基层材料种类、规格：12mm阻燃板\n4. 面层材料品种、规格、颜色：5mm银镜饰面（MR-B01）+1.2mm仿铜不锈钢（MT-B04）+四周不锈钢包边\n5. 防护材料种类：所有装修用木基层均应进行防火、防腐处理\n6. 施工时面层颜色、样式由甲方和设计单位确认选样，投标人综合考虑报价，加工、切割、折边、损耗等不另计，中标后综合单价不予调整\n7. 未尽事宜详见设计图纸、图集、设计补充说明、招标文件、政府相关文件及规范等其它资料，满足验收要求","1. 部位：公共卫生间\n色：5mm银镜饰面（MR-B01）+1.2mm仿铜不锈钢（MT-B04）+四周不锈钢包边\n5. 防护材料种类：所有装修用木基层均应进行防火、防腐处理\n6. 施工时面层颜色、样式由甲方和设计单位确认选样，投标人综合考虑报价，加工、切割、折边、损耗等不另计，中标后综合单价不予调整\n7. 未尽事宜详见设计图纸、图集、设计补充说明、招标文件、政府相关文件及规范等其它资料，满足验收要求","不锈钢及玻璃制品","1包","m2",5.88,1111.8,6537.38,220,"按投影面积",5.9,385,2271.5,"m2",5.88,2263.8,0.020000000000000462,{"v":1.0034013605442178,"d":"1.00"},true,-4265.88]
[530,"9#","工程名称：9#-公区",221,11505010002,"镜面玻璃","1．部位：残卫\n2．面层材料品种、规格、颜色：5mm成品银镜不锈钢包框\n3．施工时面层颜色、样式由甲方和设计单位确认选样，投标人综合考虑报价，加工、切割、折边、损耗等不另计，中标后综合单价不予调整\n4．未尽事宜详见设计图纸、图集、设计补充说明、招标文件、政府相关文件及规范等其它资料，满足验收要求。","1．部位：残卫\n2．面层材料品种、规格、颜色：5mm成品银镜不锈钢包框\n3．施工时面层颜色、样式由甲方和设计单位确认选样，投标人综合考虑报价，加工、切割、折边、损耗等不另计，中标后综合单价不予调整\n4．未尽事宜详见设计图纸、图集、设计补充说明、招标文件、政府相关文件及规范等其它资料，满足验收要求。","不锈钢及玻璃制品","1包","m2",1.04,490.5,510.12,221,"按投影面积",1.2,385,462,"m2",1.04,400.40000000000003,0.15999999999999992,{"v":1.1538461538461537,"d":"1.15"},true,-48.120000000000005]
[531,"9#","工程名称：9#-公区",229,10801004005,"装饰防火门","1. 部位：存放、行李、休息等\n2. 门扇龙骨、基层材料种类、规格：甲级防火门门芯(须满足当地消防部门的防火认证)+12mm阻燃夹板+四周热镀锌方通固定\n3. 面层材料品种、规格、颜色：木转印，定制成品金属门拉手，包含木转印门套\n4. 五金品种、规格：包含但不限于门锁、五金、合页等完成此项工作的五金配件\n5. 施工时面层颜色、样式由甲方和设计单位确认选样，投标人综合考虑报价，加工、损耗等不另计，中标后综合单价不予调整\n6. 未尽事宜详见设计图纸、图集、设计补充说明、招标文件、政府相关文件及规范等其它资料，满足验收要求","1. 部位：存放、行李、休息等\n3. 面层材料品种、规格、颜色：木转印，包含木转印门套\n5. 施工时面层颜色、样式由甲方和设计单位确认选样，投标人综合考虑报价，加工、损耗等不另计，中标后综合单价不予调整\n6. 未尽事宜详见设计图纸、图集、设计补充说明、招标文件、政府相关文件及规范等其它资料，满足验收要求","不锈钢及玻璃制品","1包","m2",20.65,152.6,3151.19,229,"按深化节点图与实际的展开面积计算（见光面）",20.65,570,11770.5,"m2",20.65,11770.5,0,{"v":1,"d":"1.00"},true,8619.31]
[532,"9#","工程名称：9#-公区",230,"WB010801004005","装饰门扇安装","1. 部位：通道门\n2. 门扇龙骨、基层材料种类、规格：25mm细木工板+9mm阻燃夹板+四周热镀锌方通固定\n3. 面层材料品种、规格、颜色：皮革硬包（12mm雪弗板内衬板）（UP-B02）+1.2mm厚仿铜不锈钢（MT-B04）+仿铜不锈钢嵌条，定制成品金属门拉手\n4. 五金品种、规格：包含但不限于门锁、天地轴承、五金合页等完成此项工作的五金配件\n5. 施工时面层颜色、样式由甲方和设计单位确认选样，投标人综合考虑报价，加工、损耗等不另计，中标后综合单价不予调整\n6. 未尽事宜详见设计图纸、图集、设计补充说明、招标文件、政府相关文件及规范等其它资料，满足验收要求","1. 部位：通道门\n2. 门扇龙骨、基层材料种类、规\n3. 面层材料品种、规格、颜色：皮革硬包（12mm雪弗板内衬板）（UP-B02）+1.2mm厚仿铜不锈钢（MT-B04）+仿铜不锈钢嵌条\n5. 施工时面层颜色、样式由甲方和设计单位确认选样，投标人综合考虑报价，加工、损耗等不另计，中标后综合单价不予调整\n6. 未尽事宜详见设计图纸、图集、设计补充说明、招标文件、政府相关文件及规范等其它资料，满足验收要求","不锈钢及玻璃制品","1包","m2",3.91,"","",230,"按深化节点图与实际的展开面积计算（见光面）",3.91,550,2150.5,"m2",3.91,2150.5,0,{"v":1,"d":"1.00"},true,{"$error":"#VALUE!"}]
[533,"9#","工程名称：9#-公区",231,10808001008,"不锈钢门套","1. 部位：门套\n2. 龙骨材料种类、规格：热镀锌钢龙骨（不分规格型号，投标人综合考虑）\n3. 基层材料种类、规格：12mm阻燃夹板，局部双层\n4. 面层材料品种、规格、颜色：1.2mm仿铜不锈钢（MT-B04）\n5. 防护材料种类：所有装修用木材均应进行防火、防腐处理\n6. 施工时面层颜色、样式由甲方和设计单位确认选样，投标人综合考虑报价，加工、切割、折边、损耗等不另计，中标后综合单价不予调整\n7. 未尽事宜详见设计图纸、图集、设计补充说明、招标文件、政府相关文件及规范等其它资料，满足验收要求","1. 部位：门套\n4. 面层材料品种、规格、颜色：1.2mm仿铜不锈钢（MT-B04）\n6. 施工时面层颜色、样式由甲方和设计单位确认选样，投标人综合考虑报价，加工、切割、折边、损耗等不另计，中标后综合单价不予调整\n7. 未尽事宜详见设计图纸、图集、设计补充说明、招标文件、政府相关文件及规范等其它资料，满足验收要求","不锈钢及玻璃制品","1包","m2",3.54,381.5,1350.51,231,"按深化节点图与实际的展开面积计算（见光面）",3.54,550,1947,"m2",3.54,1947,0,{"v":1,"d":"1.00"},true,596.49]
[534,"9#","工程名称：9#-公区",246,"WB011105006007","成品踢脚线","1. 部位：警卫等\n2. 踢脚线高度：50mm高\n3．基层材料种类、规格：12mm阻燃夹板\n4．面层材料品种、规格、颜色：1.2mm仿木纹覆膜不锈钢（MT-B02)\n5．施工时面层颜色、样式由甲方和设计单位确认选样，投标人综合考虑报价，加工、切割、折边、损耗等不另计，中标后综合单价不予调整\n6．未尽事宜详见设计图纸、图集、设计补充说明、招标文件、政府相关文件及规范等其它资料，满足验收要求","1. 部位：警卫等\n2. 踢脚线高度：50mm高\n4．面层材料品种、规格、颜色：1.2mm仿木纹覆膜不锈钢（MT-B02)\n5．施工时面层颜色、样式由甲方和设计单位确认选样，投标人综合考虑报价，加工、切割、折边、损耗等不另计，中标后综合单价不予调整\n6．未尽事宜详见设计图纸、图集、设计补充说明、招标文件、政府相关文件及规范等其它资料，满足验收要求","不锈钢及玻璃制品","1包","m",24.33,43.6,1060.79,246,"按现场实际发生量长度计算",26,45,1170,"m",24.33,1094.85,1.6700000000000017,{"v":1.0686395396629675,"d":"1.07"},true,109.21000000000004]
[535,"9#","工程名称：9#-公区",247,"WB011105006008","成品踢脚线","1. 部位：走道等\n2. 踢脚线高度：50mm高\n3．基层材料种类、规格：12mm阻燃夹板\n4．面层材料品种、规格、颜色：1.2mm仿铜不锈钢（MT-B04)\n5．施工时面层颜色、样式由甲方和设计单位确认选样，投标人综合考虑报价，加工、切割、折边、损耗等不另计，中标后综合单价不予调整\n6．未尽事宜详见设计图纸、图集、设计补充说明、招标文件、政府相关文件及规范等其它资料，满足验收要求","1. 部位：走道等\n2. 踢脚线高度：50mm高\n4．面层材料品种、规格、颜色：1.2mm仿铜不锈钢（MT-B04)\n5．施工时面层颜色、样式由甲方和设计单位确认选样，投标人综合考虑报价，加工、切割、折边、损耗等不另计，中标后综合单价不予调整\n6．未尽事宜详见设计图纸、图集、设计补充说明、招标文件、政府相关文件及规范等其它资料，满足验收要求","不锈钢及玻璃制品","1包","m",104.29,43.6,4547.04,247,"按现场实际发生量长度计算",116,45,5220,"m",104.29,4693.05,11.709999999999994,{"v":1.112283056860677,"d":"1.11"},true,672.96]
[536,"9#","工程名称：9#-公区",248,"WB011105006009","成品踢脚线","1. 部位：存放室等\n2. 踢脚线高度：50mm高\n3．基层材料种类、规格：12mm阻燃夹板\n4．面层材料品种、规格、颜色：1.2mm仿铜不锈钢（MT-D01）\n5．施工时面层颜色、样式由甲方和设计单位确认选样，投标人综合考虑报价，加工、切割、折边、损耗等不另计，中标后综合单价不予调整\n6．未尽事宜详见设计图纸、图集、设计补充说明、招标文件、政府相关文件及规范等其它资料，满足验收要求","1. 部位：存放室等\n2. 踢脚线高度：50mm高\n4．面层材料品种、规格、颜色：1.2mm仿铜不锈钢（MT-D01）\n5．施工时面层颜色、样式由甲方和设计单位确认选样，投标人综合考虑报价，加工、切割、折边、损耗等不另计，中标后综合单价不予调整\n6．未尽事宜详见设计图纸、图集、设计补充说明、招标文件、政府相关文件及规范等其它资料，满足验收要求","不锈钢及玻璃制品","1包","m",112.68,43.6,4912.85,248,"按现场实际发生量长度计算",115,45,5175,"m",112.68,5070.6,2.319999999999993,{"v":1.0205892793752218,"d":"1.02"},true,262.14999999999964]
[537,"9#","工程名称：9#-公区",255,11207001037,"墙面装饰板","1．部位：后勤电梯厅等\n2．龙骨材料种类、规格：热镀锌钢龙骨（不分规格型号，投标人综合考虑）\n3．基层材料种类、规格：12mm阻燃夹板，局部双层\n4. 面层材料品种、规格、颜色：1.2mm仿铜不锈钢（MT-D01）\n5．防护材料种类：所有装修用木基层均应进行防火、防腐处理\n6. 施工时面层颜色、样式由甲方和设计单位确认选样，投标人综合考虑报价，加工、切割、折边、损耗等不另计，中标后综合单价不予调整\n7．未尽事宜详见设计图纸、图集、设计补充说明、招标文件、政府相关文件及规范等其它资料，满足验收要求","1．部位：后勤电梯厅等\n4. 面层材料品种、规格、颜色：1.2mm仿铜不锈钢（MT-D01）\n6. 施工时面层颜色、样式由甲方和设计单位确认选样，投标人综合考虑报价，加工、切割、折边、损耗等不另计，中标后综合单价不予调整\n7．未尽事宜详见设计图纸、图集、设计补充说明、招标文件、政府相关文件及规范等其它资料，满足验收要求","不锈钢及玻璃制品","1包","m2",3.33,354.25,1179.65,255,"按深化节点图与实际的展开面积计算（见光面）",3.33,550,1831.5,"m2",3.33,1831.5,0,{"v":1,"d":"1.00"},true,651.8499999999999]
[538,"9#","工程名称：9#-公区",257,11210003002,"玻璃隔断","1. 部位：随员卫生间\n2．边框材料种类、规格：四周1.2mm黄古铜不锈钢(MT-A01)，哑光防指纹/拉丝直纹\n3．玻璃品种、规格、颜色：6+1.52pvb+6mm夹胶安全超白玻璃（GL-A02）,\n4. 五金品种、规格：单价包含玻璃门夹、淋浴拉手、挡水胶条等费用\n5．施工时面层颜色、样式由甲方和设计单位确认选样，投标人综合考虑报价，加工、切割、折边、损耗等不另计，中标后综合单价不予调整\n6. 按外框投影面积计算\n7．未尽事宜详见设计图纸、图集、设计补充说明、招标文件、政府相关文件及规范等其它资料，满足验收要求","1. 部位：随员卫生间\n2．边框材料种类、规格：四周1.2mm黄古铜不锈钢(MT-A01)，哑光防指纹/拉丝直纹\n3．玻璃品种、规格、颜色：6+1.52pvb+6mm夹胶安全超白玻璃（GL-A02）,\n4. 五金品种、规格：单价包含玻璃门夹、淋浴拉手、挡水胶条等费用\n5．施工时面层颜色、样式由甲方和设计单位确认选样，投标人综合考虑报价，加工、切割、折边、损耗等不另计，中标后综合单价不予调整\n6. 按外框投影面积计算\n7．未尽事宜详见设计图纸、图集、设计补充说明、招标文件、政府相关文件及规范等其它资料，满足验收要求","不锈钢及玻璃制品","1包","m2",3.052,850.2,2594.81,257,"按投影面积",3.2,750,2400,"m2",3.052,2289,0.14800000000000013,{"v":1.0484927916120577,"d":"1.05"},true,-194.80999999999995]
[539,"9#","工程名称：9#-公区",266,"WB011501001010","镜柜","1. 部位：卫生间等\n2. 龙骨材料种类、规格：热镀锌钢龙骨（不分规格型号，投标人综合考虑）+20*40mm木方（阻燃处理）等\n3. 基层材料种类、规格：12mm阻燃板\n4. 面层材料品种、规格、颜色：5mm银镜饰面（MR-B01）+1.2mm仿铜不锈钢（MT-B04）+四周不锈钢包边\n5. 防护材料种类：所有装修用木基层均应进行防火、防腐处理\n6. 施工时面层颜色、样式由甲方和设计单位确认选样，投标人综合考虑报价，加工、切割、折边、损耗等不另计，中标后综合单价不予调整\n7. 未尽事宜详见设计图纸、图集、设计补充说明、招标文件、政府相关文件及规范等其它资料，满足验收要求","1. 部位：卫生间等\n4. 面层材料品种、规格、颜色：5mm银镜饰面（MR-B01）+1.2mm仿铜不锈钢（MT-B04）+四周不锈钢包边\n5. 防护材料种类：所有装修用木基层均应进行防火、防腐处理\n6. 施工时面层颜色、样式由甲方和设计单位确认选样，投标人综合考虑报价，加工、切割、折边、损耗等不另计，中标后综合单价不予调整\n7. 未尽事宜详见设计图纸、图集、设计补充说明、招标文件、政府相关文件及规范等其它资料，满足验收要求","不锈钢及玻璃制品","1包","m2",1.81,1111.8,2012.36,266,"按投影面积",1.9,385,731.5,"m2",1.81,696.85,0.08999999999999986,{"v":1.0497237569060773,"d":"1.05"},true,-1280.86]
[540,"9#","工程名称：9#-公区",267,"WB011501001011","衣柜","1．部位：警卫等\n2．规格：600mm宽\n3．龙骨材料种类、规格：热镀锌钢龙骨（不分规格型号，投标人综合考虑）、30*30mm木方(阻燃处理)\n4．基层板材料种类、规格：15mm阻燃夹板等基层类型及厚度综合考虑\n5．材料种类：12mm深橡木饰面（WD-B01）、抽屉柜、不锈钢门把手、不锈钢踢脚线等\n6．五金种类、规格：单价包含五金合页、抽屉滑轨、阻尼隔振胶垫、暗藏灯槽等\n7．按照立面投影面积计算\n8．防护材料种类：所有装修用木基层均应进行防火、防腐处理\n9．施工时面层颜色、样式由甲方和设计单位确认选样，加工、排版损耗等不另计，投标人综合考虑报价，中标后综合单价不予调整\n10．未尽事宜详见设计图纸、图集、设计补充说明、招标文件、政府相关文件及规范等其它资料，满足验收要求","1．部位：警卫等\n2．规格：600mm宽\n5．材料种类：不锈钢踢脚线\n7．按照立面投影面积计算\n8．防护材料种类：所有装修用木基层均应进行防火、防腐处理\n9．施工时面层颜色、样式由甲方和设计单位确认选样，加工、排版损耗等不另计，投标人综合考虑报价，中标后综合单价不予调整\n10．未尽事宜详见设计图纸、图集、设计补充说明、招标文件、政府相关文件及规范等其它资料，满足验收要求","不锈钢及玻璃制品","1包","m2",7.92,17.61,139.51,267,"按现场实际发生量长度计算",13.11,45,589.9499999999999,"m",13.11,589.9499999999999,5.1899999999999995,{"v":1.6553030303030303,"d":"1.66"},true,450.43999999999994]
[541,"9#","工程名称：9#-公区",268,11502001009,"金属装饰条","1．部位：收边、嵌条\n2．嵌条材料品种、规格、颜色：1.2mm仿铜不锈钢(MT-B04)，展开宽度60以内\n3．施工时面层颜色、样式由甲方和设计单位确认选样，投标人综合考虑报价，加工、切割、折边、损耗等不另计，中标后综合单价不予调整\n4．未尽事宜详见设计图纸、图集、设计补充说明、招标文件、政府相关文件及规范等其它资料，满足验收要求。","1．部位：收边、嵌条\n2．嵌条材料品种、规格、颜色：1.2mm仿铜不锈钢(MT-B04)，展开宽度60以内\n3．施工时面层颜色、样式由甲方和设计单位确认选样，投标人综合考虑报价，加工、切割、折边、损耗等不另计，中标后综合单价不予调整\n4．未尽事宜详见设计图纸、图集、设计补充说明、招标文件、政府相关文件及规范等其它资料，满足验收要求。","不锈钢及玻璃制品","1包","m",10.24,43.6,446.46,268,"按现场实际发生量长度计算",12,50,600,"m",10.24,512,1.7599999999999998,{"v":1.171875,"d":"1.17"},true,153.54000000000002]
[542,"9#","工程名称：9#-公区",292,10801004006,"装饰防火门","1. 部位：楼梯间\n2. 门扇龙骨、基层材料种类、规格：甲级防火门门芯(须满足当地消防部门的防火认证)+12mm阻燃夹板+四周热镀锌方通固定\n3. 面层材料品种、规格、颜色：皮革硬包（12mm雪弗板内衬板）（UP-B02）+1.2mm仿铜不锈钢（MT-B04）+仿铜不锈钢嵌条，定制成品金属门拉手\n4. 五金品种、规格：包含但不限于定制不锈钢天地门轴、暗藏五金合页等完成此项工作的全部五金配件\n5. 施工时面层颜色、样式由甲方和设计单位确认选样，投标人综合考虑报价，加工、损耗等不另计，中标后综合单价不予调整\n6. 未尽事宜详见设计图纸、图集、设计补充说明、招标文件、政府相关文件及规范等其它资料，满足验收要求","1. 部位：楼梯间\n3. 面层材料品种、规格、颜色：皮革硬包（12mm雪弗板内衬板）（UP-B02）+1.2mm仿铜不锈钢（MT-B04）+仿铜不锈钢嵌条\n5. 施工时面层颜色、样式由甲方和设计单位确认选样，投标人综合考虑报价，加工、损耗等不另计，中标后综合单价不予调整\n6. 未尽事宜详见设计图纸、图集、设计补充说明、招标文件、政府相关文件及规范等其它资料，满足验收要求","不锈钢及玻璃制品","1包","m2",6.6,354.25,2338.05,292,"按深化节点图与实际的展开面积计算（见光面）",6.6,560,3696,"m2",6.6,3696,0,{"v":1,"d":"1.00"},true,1357.9499999999998]
[543,"9#","工程名称：9#-公区",294,10808001009,"不锈钢窗套","1. 部位：门套\n2. 龙骨材料种类、规格：10*20mm木方阻燃龙骨\n3. 基层材料种类、规格：双层12mm阻燃夹板，局部多层\n4. 面层材料品种、规格、颜色：1.2mm仿铜不锈钢（MT-B04）\n5. 防护材料种类：所有装修用木材均应进行防火、防腐处理\n6. 施工时面层颜色、样式由甲方和设计单位确认选样，投标人综合考虑报价，加工、切割、折边、损耗等不另计，中标后综合单价不予调整\n7. 未尽事宜详见设计图纸、图集、设计补充说明、招标文件、政府相关文件及规范等其它资料，满足验收要求","1. 部位：门套\n4. 面层材料品种、规格、颜色：1.2mm仿铜不锈钢（MT-B04）\n5. 防护材料种类：所有装修用木材均应进行防火、防腐处理\n6. 施工时面层颜色、样式由甲方和设计单位确认选样，投标人综合考虑报价，加工、切割、折边、损耗等不另计，中标后综合单价不予调整\n7. 未尽事宜详见设计图纸、图集、设计补充说明、招标文件、政府相关文件及规范等其它资料，满足验收要求","不锈钢及玻璃制品","1包","m2",6.05,381.5,2308.07,294,"按深化节点图与实际的展开面积计算（见光面）",6.2,550,3410,"m2",6.2,3410,0.15000000000000036,{"v":1.0247933884297522,"d":"1.02"},true,1101.9299999999998]
[544,"9#","工程名称：9#-公区",295,10807001001,"金属窗","1. 部位：楼梯间玻璃窗\n2. 窗框类型：断热铝合金型材，氟碳喷涂\n3. 隔断玻璃品种、厚度：高透双银LowE+12Ar+8透明中空玻璃\n4. 施工时面层颜色、样式由甲方和设计单位确认选样，加工、排版损耗等不另计，投标人综合考虑报价，中标后综合单价不予调整\n5. 未尽事宜详见设计图纸、图集、设计补充说明、招标文件、政府相关文件及规范等其它资料，满足验收要求","1. 部位：楼梯间玻璃窗\n2. 窗框类型：断热铝合金型材，氟碳喷涂\n3. 隔断玻璃品种、厚度：高透双银LowE+12Ar+8透明中空玻璃\n4. 施工时面层颜色、样式由甲方和设计单位确认选样，加工、排版损耗等不另计，投标人综合考虑报价，中标后综合单价不予调整\n5. 未尽事宜详见设计图纸、图集、设计补充说明、招标文件、政府相关文件及规范等其它资料，满足验收要求","不锈钢及玻璃制品","1包","m2",32.49,872,28331.28,null,"按投影面积",{"$nulls":3},"m2",32.49,0,-32.49,{"v":0,"d":"0.00"},false,-28331.28]
[545,"9#","工程名称：9#-DX套房",3,10801001001,"入户门","1. 部位：套房入户门\n2．门室内侧外框尺寸：1520*3000mm，室外侧外框尺寸详见设计文件\n3．门套材料种类、规格：室内侧15mm阻燃夹板+木饰面门套(WD-A05 )，过道侧1.2mm厚黄古铜不锈钢线条(MT-A01)\n4．门楣材料种类、规格：15mm阻燃夹板+9mm阻燃夹板+木饰面门楣（WD-A05）\n5．门扇饰面材质种类、规格：木饰面入户门(WD-A05)，包含20mm细木工板成品门芯、镀锌方通钢龙骨，双面9mm阻燃夹板，外侧1.2mm厚黄古铜不锈钢线条(MT-A01)\n6．五金品种、规格：包含但不限于凸轮暗藏闭门器、门底挡尘条、猫眼、防盗链、门碰、暗藏五金合页(选型一侧三副)、消音胶条等五金件,门锁此处不计入\n7．防护材料种类：所有装修用木材均应进行防火、防腐处理\n8．施工时面层颜色、样式由甲方和设计单位确认选样，投标人综合考虑报价，加工、切割、折边、损耗等不另计，中标后综合单价不予调整\n9．未尽事宜详见设计图纸、图集、设计补充说明、招标文件、政府相关文件及规范等其它资料，满足验收要求","1. 部位：套房入户门\n2．门室内侧外框尺寸：1520*3000mm，室外侧外框尺寸详见设计文件\n3．门套材料种类、规格：过道侧1.2mm厚黄古铜不锈钢线条(MT-A01)\n5．门扇饰面材质种类、规格：外侧1.2mm厚黄古铜不锈钢线条(MT-A01)\n7．防护材料种类：所有装修用木材均应进行防火、防腐处理\n8．施工时面层颜色、样式由甲方和设计单位确认选样，投标人综合考虑报价，加工、切割、折边、损耗等不另计，中标后综合单价不予调整\n9．未尽事宜详见设计图纸、图集、设计补充说明、招标文件、政府相关文件及规范等其它资料，满足验收要求","不锈钢及玻璃制品","2包","樘",2,409.84,819.68,3,null,2,455,910,"樘",2,910,0,{"v":1,"d":"1.00"},true,90.32000000000005]
[546,"9#","工程名称：9#-DX套房",5,10808001001,"不锈钢门套","1. 部位：卧室通往卫生间\n2. 基层材料种类、规格：双层12mm阻燃夹板\n3. 面层材料种类、规格：1.2mm黄古铜不锈钢（MT-A01），哑光防指纹/拉丝直纹\n4．防护材料种类：所有装修用木材均应进行防火、防腐处理\n5．施工时面层颜色、样式由甲方和设计单位确认选样，投标人综合考虑报价，加工、切割、折边、损耗等不另计，中标后综合单价不予调整\n6．未尽事宜详见设计图纸、图集、设计补充说明、招标文件、政府相关文件及规范等其它资料，满足验收要求","1. 部位：卧室通往卫生间\n3. 面层材料种类、规格：1.2mm黄古铜不锈钢（MT-A01），哑光防指纹/拉丝直纹\n4．防护材料种类：所有装修用木材均应进行防火、防腐处理\n5．施工时面层颜色、样式由甲方和设计单位确认选样，投标人综合考虑报价，加工、切割、折边、损耗等不另计，中标后综合单价不予调整\n6．未尽事宜详见设计图纸、图集、设计补充说明、招标文件、政府相关文件及规范等其它资料，满足验收要求","不锈钢及玻璃制品","2包","m2",2.75,381.5,1049.12,5,"按深化节点图与实际的展开面积计算（见光面）",3.2,550,1760,"m2",3.2,1760,0.4500000000000002,{"v":1.1636363636363638,"d":"1.16"},true,710.8800000000001]
[547,"9#","工程名称：9#-DX套房",6,10805005001,"玻璃门","1. 部位：卧室通往卫生间\n2. 门代号及洞口尺寸：1650*3000mm\n3. 门扇饰面材质种类、规格：5+1.52pvb+5mm磨砂夹胶玻璃（GL-A05），四周1.2mm厚黄古铜不锈钢边框(MT-A01)，哑光防指纹/拉丝直纹\n4. 五金品种、规格：单价包含定制金属执手、液压门轴等相应五金件等价格。\n5. 施工时面层颜色、样式由甲方和设计单位确认选样，投标人综合考虑报价，加工、切割、折边、损耗等不另计，中标后综合单价不予调整\n6. 未尽事宜详见设计图纸、图集、设计补充说明、招标文件、政府相关文件及规范等其它资料，满足验收要求","1. 部位：卧室通往卫生间\n2. 门代号及洞口尺寸：1650*3000mm\n3. 门扇饰面材质种类、规格：5+1.52pvb+5mm磨砂夹胶玻璃（GL-A05），四周1.2mm厚黄古铜不锈钢边框(MT-A01)，哑光防指纹/拉丝直纹\n4. 五金品种、规格：单价包含定制金属执手、液压门轴等相应五金件等价格。\n5. 施工时面层颜色、样式由甲方和设计单位确认选样，投标人综合考虑报价，加工、切割、折边、损耗等不另计，中标后综合单价不予调整\n6. 未尽事宜详见设计图纸、图集、设计补充说明、招标文件、政府相关文件及规范等其它资料，满足验收要求","不锈钢及玻璃制品","2包","m2",9.9,2410.72,23866.13,6,"按投影面积",9.9,1250,12375,"m2",9.9,12375,0,{"v":1,"d":"1.00"},true,-11491.130000000001]
[548,"9#","工程名称：9#-DX套房",28,"WB011105006001","成品踢脚线","1. 部位：玄关、卧室\n2. 踢脚线高度：50mm高\n3．基层材料种类、规格：9mm阻燃夹板\n4．面层材料品种、规格、颜色：1.2mm乱纹古铜踢脚线（MT-A02）\n5．施工时面层颜色、样式由甲方和设计单位确认选样，投标人综合考虑报价，加工、切割、折边、损耗等不另计，中标后综合单价不予调整\n6．未尽事宜详见设计图纸、图集、设计补充说明、招标文件、政府相关文件及规范等其它资料，满足验收要求","1. 部位：玄关、卧室\n2. 踢脚线高度：50mm高\n4．面层材料品种、规格、颜色：1.2mm乱纹古铜踢脚线（MT-A02）\n5．施工时面层颜色、样式由甲方和设计单位确认选样，投标人综合考虑报价，加工、切割、折边、损耗等不另计，中标后综合单价不予调整\n6．未尽事宜详见设计图纸、图集、设计补充说明、招标文件、政府相关文件及规范等其它资料，满足验收要求","不锈钢及玻璃制品","2包","m",132.12,43.6,5760.43,28,"按现场实际发生量长度计算",145,45,6525,"m",132.12,5945.400000000001,12.879999999999995,{"v":1.0974871329094762,"d":"1.10"},true,764.5699999999997]
[549,"9#","工程名称：9#-DX套房",47,11207001003,"墙面装饰板","1．部位：窗帘盒立面收边\n2．基层材料种类、规格：双层9mm阻燃夹板\n3．面层材料品种、规格、颜色：1.2mm黄古铜不锈钢（MT-A01）\n4．防护材料种类：所有装修用木材均应进行防火、防腐处理\n5．施工时面层颜色、样式由甲方和设计单位确认选样，加工、排版损耗等不另计，投标人综合考虑报价，中标后综合单价不予调整\n6．未尽事宜详见设计图纸、图集、设计补充说明、招标文件、政府相关文件及规范等其它资料，满足验收要求","1．部位：窗帘盒立面收边\n3．面层材料品种、规格、颜色：1.2mm黄古铜不锈钢（MT-A01）\n4．防护材料种类：所有装修用木材均应进行防火、防腐处理\n5．施工时面层颜色、样式由甲方和设计单位确认选样，加工、排版损耗等不另计，投标人综合考虑报价，中标后综合单价不予调整\n6．未尽事宜详见设计图纸、图集、设计补充说明、招标文件、政府相关文件及规范等其它资料，满足验收要求","不锈钢及玻璃制品","2包","m2",8.87,354.25,3142.2,47,"按深化节点图与实际的展开面积计算（见光面）",9.2,550,5060,"m2",9.2,5060,0.33000000000000007,{"v":1.0372040586245772,"d":"1.04"},true,1917.8000000000002]
[550,"9#","工程名称：9#-DX套房",48,11207001004,"墙面装饰板","1．部位：电视背景墙\n2．基层材料种类、规格：9mm阻燃夹板\n3．面层材料品种、规格、颜色：1.2mm黄古铜不锈钢（MT-A01）\n4．防护材料种类：所有装修用木材均应进行防火、防腐处理\n5．施工时面层颜色、样式由甲方和设计单位确认选样，加工、排版损耗等不另计，投标人综合考虑报价，中标后综合单价不予调整\n6．未尽事宜详见设计图纸、图集、设计补充说明、招标文件、政府相关文件及规范等其它资料，满足验收要求","1．部位：电视背景墙\n3．面层材料品种、规格、颜色：1.2mm黄古铜不锈钢（MT-A01）\n4．防护材料种类：所有装修用木材均应进行防火、防腐处理\n5．施工时面层颜色、样式由甲方和设计单位确认选样，加工、排版损耗等不另计，投标人综合考虑报价，中标后综合单价不予调整\n6．未尽事宜详见设计图纸、图集、设计补充说明、招标文件、政府相关文件及规范等其它资料，满足验收要求","不锈钢及玻璃制品","2包","m2",2.71,354.25,960.02,48,"按深化节点图与实际的展开面积计算（见光面）",2.71,550,1490.5,"m2",2.71,1490.5,0,{"v":1,"d":"1.00"},true,530.48]
[551,"9#","工程名称：9#-DX套房",50,11207001006,"墙面装饰板","1. 部位：床头背景墙\n2. 龙骨材料种类、规格：热镀锌钢龙骨（不分规格型号，投标人综合考虑）\n3. 基层材料种类、规格：9mm阻燃夹板+9.5mm耐火石膏板\n4. 面层材料品种、规格、颜色：一边12mm橡木饰面（WD-A01）+一边墙布饰面（WC-A04A）+1.2mm厚黄古铜不锈钢(MT-A01)+40*70不锈钢方通等\n5. 防护材料种类：所有装修用木材均应进行防火、防腐处理\n6．施工时面层颜色、样式由甲方和设计单位确认选样，加工、排版损耗等不另计，投标人综合考虑报价，中标后综合单价不予调整\n7．未尽事宜详见设计图纸、图集、设计补充说明、招标文件、政府相关文件及规范等其它资料，满足验收要求","1. 部位：床头背景墙\n4. 面层材料品种、规格、颜色：一边墙布饰面（WC-A04A）+1.2mm厚黄古铜不锈钢(MT-A01)+40*70不锈钢方通等\n5. 防护材料种类：所有装修用木材均应进行防火、防腐处理\n6．施工时面层颜色、样式由甲方和设计单位确认选样，加工、排版损耗等不另计，投标人综合考虑报价，中标后综合单价不予调整\n7．未尽事宜详见设计图纸、图集、设计补充说明、招标文件、政府相关文件及规范等其它资料，满足验收要求","不锈钢及玻璃制品","2包","m2",7.56,121.11,915.59,50,"按深化节点图与实际的展开面积计算（见光面）",7.6,560,4256,"m2",7.6,4256,0.040000000000000036,{"v":1.0052910052910053,"d":"1.01"},true,3340.41]
[552,"9#","工程名称：9#-DX套房",51,11207001007,"墙面装饰板","1．部位：淋浴区壁龛盒\n2．基层材料种类、规格：9mm硅酸钙板,层板处双层9mm硅酸钙板\n3．面层材料品种、规格、颜色：5mm茶镜饰面（MR-A02）+不锈钢层板(MT-A01)，四周嵌入1.2mm厚黄古铜不锈钢嵌条\n4. 施工时面层颜色、样式由甲方和设计单位确认选样，投标人综合考虑报价，加工、切割、折边、损耗等不另计，中标后综合单价不予调整\n5．未尽事宜详见设计图纸、图集、设计补充说明、招标文件、政府相关文件及规范等其它资料，满足验收要求","1．部位：淋浴区壁龛盒\n3．面层材料品种、规格、颜色：5mm茶镜饰面（MR-A02）+不锈钢层板(MT-A01)，四周嵌入1.2mm厚黄古铜不锈钢嵌条\n4. 施工时面层颜色、样式由甲方和设计单位确认选样，投标人综合考虑报价，加工、切割、折边、损耗等不另计，中标后综合单价不予调整\n5．未尽事宜详见设计图纸、图集、设计补充说明、招标文件、政府相关文件及规范等其它资料，满足验收要求","不锈钢及玻璃制品","2包","m2",0.61,352.89,215.26,51,"按投影面积",0.61,1180,719.8,"m2",0.61,719.8,0,{"v":1,"d":"1.00"},true,504.53999999999996]
[553,"9#","工程名称：9#-DX套房",55,11207001008,"墙面装饰板","1. 部位：卫生间、餐厅\n2. 龙骨材质种类、规格：镀锌钢龙骨（规格型号综合考虑）\n3. 基层材料种类、规格：18mm阻燃夹板\n4. 面层材料品种、规格、颜色：5mm银镜（MR-01）\n5. 四周黄古铜不锈钢(MT-A01）金属包边\n6. 防护材料种类：所有装修用木材均应进行防火、防腐处理\n7．施工时面层颜色、样式由甲方和设计单位确认选样，加工、排版损耗等不另计，投标人综合考虑报价，中标后综合单价不予调整\n8．未尽事宜详见设计图纸、图集、设计补充说明、招标文件、政府相关文件及规范等其它资料，满足验收要求","1. 部位：卫生间、餐厅\n4. 面层材料品种、规格、颜色：5mm银镜（MR-01）\n5. 四周黄古铜不锈钢(MT-A01）金属包边\n6. 防护材料种类：所有装修用木材均应进行防火、防腐处理\n7．施工时面层颜色、样式由甲方和设计单位确认选样，加工、排版损耗等不另计，投标人综合考虑报价，中标后综合单价不予调整\n8．未尽事宜详见设计图纸、图集、设计补充说明、招标文件、政府相关文件及规范等其它资料，满足验收要求","不锈钢及玻璃制品","2包","m2",12.45,271.58,3381.23,55,"按投影面积",12.5,385,4812.5,"m2",12.45,4793.25,0.05000000000000071,{"v":1.0040160642570282,"d":"1.00"},true,1431.27]
[554,"9#","工程名称：9#-DX套房",56,11207001009,"墙面装饰板","1. 部位：行李间\n2. 基层材料种类、规格：双层9mm阻燃夹板\n4. 面层材料品种、规格、颜色：5mm银镜（MR-01）\n5. 四周黄古铜不锈钢(MT-A01）金属包边\n6. 防护材料种类：所有装修用木材均应进行防火、防腐处理\n7．施工时面层颜色、样式由甲方和设计单位确认选样，加工、排版损耗等不另计，投标人综合考虑报价，中标后综合单价不予调整\n8．未尽事宜详见设计图纸、图集、设计补充说明、招标文件、政府相关文件及规范等其它资料，满足验收要求","1. 部位：行李间\n4. 面层材料品种、规格、颜色：5mm银镜（MR-01）\n5. 四周黄古铜不锈钢(MT-A01）金属包边\n6. 防护材料种类：所有装修用木材均应进行防火、防腐处理\n7．施工时面层颜色、样式由甲方和设计单位确认选样，加工、排版损耗等不另计，投标人综合考虑报价，中标后综合单价不予调整\n8．未尽事宜详见设计图纸、图集、设计补充说明、招标文件、政府相关文件及规范等其它资料，满足验收要求","不锈钢及玻璃制品","2包","m2",5.49,286.98,1575.49,56,"按深化节点图与实际的展开面积计算（见光面）",5.5,385,2117.5,"m2",5.5,2117.5,0.009999999999999787,{"v":1.0018214936247722,"d":"1.00"},true,542.01]
[555,"9#","工程名称：9#-DX套房",57,11207001010,"墙面装饰板","1. 部位：书房背景墙\n2. 基层材料种类、规格：12mm阻燃夹板\n3. 面层材料品种、规格、颜色：6+1.52pvb+6mm夹胶安全超白玻璃（GL-A02）\n4. 四周乱纹古铜(MT-A02）金属包边\n5. 防护材料种类：所有装修用木材均应进行防火、防腐处理\n6．施工时面层颜色、样式由甲方和设计单位确认选样，加工、排版损耗等不另计，投标人综合考虑报价，中标后综合单价不予调整\n7．未尽事宜详见设计图纸、图集、设计补充说明、招标文件、政府相关文件及规范等其它资料，满足验收要求","1. 部位：书房背景墙\n3. 面层材料品种、规格、颜色：6+1.52pvb+6mm夹胶安全超白玻璃（GL-A02）\n4. 四周乱纹古铜(MT-A02）金属包边\n5. 防护材料种类：所有装修用木材均应进行防火、防腐处理\n6．施工时面层颜色、样式由甲方和设计单位确认选样，加工、排版损耗等不另计，投标人综合考虑报价，中标后综合单价不予调整\n7．未尽事宜详见设计图纸、图集、设计补充说明、招标文件、政府相关文件及规范等其它资料，满足验收要求","不锈钢及玻璃制品","2包","m2",17.11,574.54,9830.36,57,"按投影面积",17.11,720,12319.199999999999,"m2",17.11,12319.199999999999,0,{"v":1,"d":"1.00"},true,2488.8399999999983]
[556,"9#","工程名称：9#-DX套房",58,11207001011,"墙面装饰板","1．部位：卫生间\n2．基层材料种类、规格：双层9mm硅酸钙板\n3．面层材料品种、规格、颜色：1.2mm厚深古铜拉丝不锈钢(MT-A03）\n4. 施工时面层颜色、样式由甲方和设计单位确认选样，投标人综合考虑报价，加工、切割、折边、损耗等不另计，中标后综合单价不予调整\n5．未尽事宜详见设计图纸、图集、设计补充说明、招标文件、政府相关文件及规范等其它资料，满足验收要求","1．部位：卫生间\n3．面层材料品种、规格、颜色：1.2mm厚深古铜拉丝不锈钢(MT-A03）\n4. 施工时面层颜色、样式由甲方和设计单位确认选样，投标人综合考虑报价，加工、切割、折边、损耗等不另计，中标后综合单价不予调整\n5．未尽事宜详见设计图纸、图集、设计补充说明、招标文件、政府相关文件及规范等其它资料，满足验收要求","不锈钢及玻璃制品","2包","m2",0.31,354.25,109.82,58,"按深化节点图与实际的展开面积计算（见光面）",0.31,550,170.5,"m2",0.31,170.5,0,{"v":1,"d":"1.00"},true,60.68000000000001]
[557,"9#","工程名称：9#-DX套房",59,11207001012,"墙面装饰板","1．部位：客卫\n2．基层材料种类、规格：双层9mm硅酸钙板\n3．面层材料品种、规格、颜色：1.2mm仿木纹膜不锈钢（MT-A04）\n4. 施工时面层颜色、样式由甲方和设计单位确认选样，投标人综合考虑报价，加工、切割、折边、损耗等不另计，中标后综合单价不予调整\n5．未尽事宜详见设计图纸、图集、设计补充说明、招标文件、政府相关文件及规范等其它资料，满足验收要求","1．部位：客卫\n3．面层材料品种、规格、颜色：1.2mm仿木纹膜不锈钢（MT-A04）\n4. 施工时面层颜色、样式由甲方和设计单位确认选样，投标人综合考虑报价，加工、切割、折边、损耗等不另计，中标后综合单价不予调整\n5．未尽事宜详见设计图纸、图集、设计补充说明、招标文件、政府相关文件及规范等其它资料，满足验收要求","不锈钢及玻璃制品","2包","m2",10.86,354.25,3847.15,59,"按深化节点图与实际的展开面积计算（见光面）",11.5,590,6785,"m2",11.5,6785,0.6400000000000006,{"v":1.0589318600368325,"d":"1.06"},true,2937.85]
[558,"9#","工程名称：9#-DX套房",60,11207001013,"墙面装饰板","1．部位：客卫\n2．基层材料种类、规格：双层9mm硅酸钙板\n3．面层材料品种、规格、颜色：1.2mm黄古铜不锈钢（MT-A01）\n4. 施工时面层颜色、样式由甲方和设计单位确认选样，投标人综合考虑报价，加工、切割、折边、损耗等不另计，中标后综合单价不予调整\n5．未尽事宜详见设计图纸、图集、设计补充说明、招标文件、政府相关文件及规范等其它资料，满足验收要求","1．部位：客卫\n3．面层材料品种、规格、颜色：1.2mm黄古铜不锈钢（MT-A01）\n4. 施工时面层颜色、样式由甲方和设计单位确认选样，投标人综合考虑报价，加工、切割、折边、损耗等不另计，中标后综合单价不予调整\n5．未尽事宜详见设计图纸、图集、设计补充说明、招标文件、政府相关文件及规范等其它资料，满足验收要求","不锈钢及玻璃制品","2包","m2",3.81,354.25,1349.69,60,"按深化节点图与实际的展开面积计算（见光面）",3.95,550,2172.5,"m2",3.95,2172.5,0.14000000000000012,{"v":1.036745406824147,"d":"1.04"},true,822.81]
[559,"9#","工程名称：9#-DX套房",61,11210005001,"成品屏风","1. 部位：卫生间\n2．龙骨材料种类、规格：热镀锌方通等钢龙骨规格型号综合考虑\n3．边框材料种类、规格：四周1.2mm厚黄古铜不锈钢(MT-A01)\n4. 玻璃品种、规格、颜色：6+1.52.pvb+6mm夹丝玻璃(GL-A01)\n5．施工时面层颜色、样式由甲方和设计单位确认选样，投标人综合考虑报价，加工、切割、折边、损耗等不另计，中标后综合单价不予调整\n6. 按外框投影面积计算\n7．未尽事宜详见设计图纸、图集、设计补充说明、招标文件、政府相关文件及规范等其它资料，满足验收要求","1. 部位：卫生间\n3．边框材料种类、规格：四周1.2mm厚黄古铜不锈钢(MT-A01)\n4. 玻璃品种、规格、颜色：6+1.52.pvb+6mm夹丝玻璃(GL-A01)\n5．施工时面层颜色、样式由甲方和设计单位确认选样，投标人综合考虑报价，加工、切割、折边、损耗等不另计，中标后综合单价不予调整\n6. 按外框投影面积计算\n7．未尽事宜详见设计图纸、图集、设计补充说明、招标文件、政府相关文件及规范等其它资料，满足验收要求","不锈钢及玻璃制品","2包","m2",9.96,1147.17,11425.82,61,"按投影面积",9.96,1050,10458,"m2",9.96,10458,0,{"v":1,"d":"1.00"},true,-967.8199999999997]
[560,"9#","工程名称：9#-DX套房",62,11210003001,"玻璃隔断","1. 部位：卫生间\n2．边框材料种类、规格：四周1.2mm厚黄古铜不锈钢(MT-A01)，哑光防指纹/拉丝直纹\n3．玻璃品种、规格、颜色：6+1.52pvb+6mm夹胶安全超白玻璃（GL-A02）,\n4. 五金品种、规格：单价包含玻璃门夹、淋浴拉手、挡水胶条等费用\n5．施工时面层颜色、样式由甲方和设计单位确认选样，投标人综合考虑报价，加工、切割、折边、损耗等不另计，中标后综合单价不予调整\n6. 按外框投影面积计算\n7．未尽事宜详见设计图纸、图集、设计补充说明、招标文件、政府相关文件及规范等其它资料，满足验收要求","1. 部位：卫生间\n2．边框材料种类、规格：四周1.2mm厚黄古铜不锈钢(MT-A01)，哑光防指纹/拉丝直纹\n3．玻璃品种、规格、颜色：6+1.52pvb+6mm夹胶安全超白玻璃（GL-A02）,\n4. 五金品种、规格：单价包含玻璃门夹、淋浴拉手、挡水胶条等费用\n5．施工时面层颜色、样式由甲方和设计单位确认选样，投标人综合考虑报价，加工、切割、折边、损耗等不另计，中标后综合单价不予调整\n6. 按外框投影面积计算\n7．未尽事宜详见设计图纸、图集、设计补充说明、招标文件、政府相关文件及规范等其它资料，满足验收要求","不锈钢及玻璃制品","2包","m2",9,850.2,7651.8,62,"按投影面积",10.8,1380,14904.000000000002,"m2",9,12420,1.8000000000000007,{"v":1.2000000000000002,"d":"1.20"},true,7252.200000000002]
[561,"9#","工程名称：9#-DX套房",63,11207001014,"墙面装饰板","1．部位：卧室等\n2．基层材料种类、规格：9mm阻燃夹板\n3.   面层材料品种、规格、颜色：1.2mm青铜色不锈钢（MT-A09）\n4．防护材料种类：所有装修用木基层均应进行防火、防腐处理\n5.   施工时面层颜色、样式由甲方和设计单位确认选样，投标人综合考虑报价，加工、切割、折边、损耗等不另计，中标后综合单价不予调整\n6.  未尽事宜详见设计图纸、图集、设计补充说明、招标文件、政府相关文件及规范等其它资料，满足验收要求","1．部位：卧室等\n3.   面层材料品种、规格、颜色：1.2mm青铜色不锈钢（MT-A09）\n4．防护材料种类：所有装修用木基层均应进行防火、防腐处理\n5.   施工时面层颜色、样式由甲方和设计单位确认选样，投标人综合考虑报价，加工、切割、折边、损耗等不另计，中标后综合单价不予调整\n6.  未尽事宜详见设计图纸、图集、设计补充说明、招标文件、政府相关文件及规范等其它资料，满足验收要求","不锈钢及玻璃制品","2包","m2",2.9,354.25,1027.32,63,"按深化节点图与实际的展开面积计算（见光面）",3.2,550,1760,"m2",3.2,1760,0.30000000000000027,{"v":1.103448275862069,"d":"1.10"},true,732.6800000000001]
[562,"9#","工程名称：9#-DX套房",64,11207001015,"墙面装饰板","1．部位：卧室等\n2．基层材料种类、规格：9mm阻燃夹板\n3.   面层材料品种、规格、颜色：1.2mm褐色不锈钢（MT-A10）\n4．防护材料种类：所有装修用木基层均应进行防火、防腐处理\n5.   施工时面层颜色、样式由甲方和设计单位确认选样，投标人综合考虑报价，加工、切割、折边、损耗等不另计，中标后综合单价不予调整\n6.  未尽事宜详见设计图纸、图集、设计补充说明、招标文件、政府相关文件及规范等其它资料，满足验收要求","1．部位：卧室等\n3.   面层材料品种、规格、颜色：1.2mm褐色不锈钢（MT-A10）\n4．防护材料种类：所有装修用木基层均应进行防火、防腐处理\n5.   施工时面层颜色、样式由甲方和设计单位确认选样，投标人综合考虑报价，加工、切割、折边、损耗等不另计，中标后综合单价不予调整\n6.  未尽事宜详见设计图纸、图集、设计补充说明、招标文件、政府相关文件及规范等其它资料，满足验收要求","不锈钢及玻璃制品","2包","m2",25,354.25,8856.25,64,"按深化节点图与实际的展开面积计算（见光面）",25,550,13750,"m2",25,13750,0,{"v":1,"d":"1.00"},true,4893.75]
[563,"9#","工程名称：9#-DX套房",67,"WB011302005003","天棚面层","1．部位：玄关、卫生间\n2．面层材料品种、规格、颜色：1.2mm黄古铜不锈钢(MT-A01)\n3．施工时面层颜色、样式由甲方和设计单位确认选样，投标人综合考虑报价，加工、切割、折边、损耗等不另计，中标后综合单价不予调整\n4．未尽事宜详见设计图纸、图集、设计补充说明、招标文件、政府相关文件及规范等其它资料，满足验收要求","1．部位：玄关、卫生间\n2．面层材料品种、规格、颜色：1.2mm黄古铜不锈钢(MT-A01)\n3．施工时面层颜色、样式由甲方和设计单位确认选样，投标人综合考虑报价，加工、切割、折边、损耗等不另计，中标后综合单价不予调整\n4．未尽事宜详见设计图纸、图集、设计补充说明、招标文件、政府相关文件及规范等其它资料，满足验收要求。","不锈钢及玻璃制品","2包","m2",0.99,354.25,350.71,null,"按深化节点图与实际的展开面积计算（见光面）",{"$nulls":3},"m2",0.99,0,-0.99,{"v":0,"d":"0.00"},false,-350.71]
[564,"9#","工程名称：9#-DX套房",87,11502001001,"金属装饰条","1. 部位：卧室背景墙\n2. 基层类型：石膏板\n3. 线条材料种类、规格：1.2mm黄古铜不锈钢(MT-A01)，哑光防指纹/拉丝直纹，展开宽度60mm以内\n4．施工时面层颜色、样式由甲方和设计单位确认选样，投标人综合考虑报价，加工、切割、折边、损耗等不另计，中标后综合单价不予调整\n5．未尽事宜详见设计图纸、图集、设计补充说明、招标文件、政府相关文件及规范等其它资料，满足验收要求","1. 部位：卧室背景墙\n3. 线条材料种类、规格：1.2mm黄古铜不锈钢(MT-A01)，哑光防指纹/拉丝直纹，展开宽度60mm以内\n4．施工时面层颜色、样式由甲方和设计单位确认选样，投标人综合考虑报价，加工、切割、折边、损耗等不另计，中标后综合单价不予调整\n5．未尽事宜详见设计图纸、图集、设计补充说明、招标文件、政府相关文件及规范等其它资料，满足验收要求","不锈钢及玻璃制品","2包","m",7.7,43.6,335.72,87,"按现场实际发生量长度计算",8,50,400,"m",7.7,385,0.2999999999999998,{"v":1.0389610389610389,"d":"1.04"},true,64.27999999999997]
[565,"9#","工程名称：9#-DX套房",88,11502001002,"金属装饰条","1. 部位：卧室背景墙\n2. 线条材料种类、规格：1.2mm黄古铜不锈钢(MT-A01)，哑光防指纹/拉丝直纹，展开宽度60-100mm以内\n3．施工时面层颜色、样式由甲方和设计单位确认选样，投标人综合考虑报价，加工、切割、折边、损耗等不另计，中标后综合单价不予调整\n4．未尽事宜详见设计图纸、图集、设计补充说明、招标文件、政府相关文件及规范等其它资料，满足验收要求","1. 部位：卧室背景墙\n2. 线条材料种类、规格：1.2mm黄古铜不锈钢(MT-A01)，哑光防指纹/拉丝直纹，展开宽度60-100mm以内\n3．施工时面层颜色、样式由甲方和设计单位确认选样，投标人综合考虑报价，加工、切割、折边、损耗等不另计，中标后综合单价不予调整\n4．未尽事宜详见设计图纸、图集、设计补充说明、招标文件、政府相关文件及规范等其它资料，满足验收要求","不锈钢及玻璃制品","2包","m",18.62,59.95,1116.27,88,"按现场实际发生量长度计算",19,60,1140,"m",18.62,1117.2,0.379999999999999,{"v":1.0204081632653061,"d":"1.02"},true,23.730000000000018]
[566,"9#","工程名称：9#-DX套房",89,11502001003,"金属装饰条-DX","1. 部位：卧室背景墙\n2. 线条材料种类、规格：50*10mm黄古铜不锈钢方通1.2mm厚(MT-A01)，哑光防指纹/拉丝直纹纹\n3．施工时面层颜色、样式由甲方和设计单位确认选样，投标人综合考虑报价，加工、切割、折边、损耗等不另计，中标后综合单价不予调整\n4．未尽事宜详见设计图纸、图集、设计补充说明、招标文件、政府相关文件及规范等其它资料，满足验收要求","1. 部位：卧室背景墙\n2. 线条材料种类、规格：50*10mm黄古铜不锈钢方通1.2mm厚(MT-A01)，哑光防指纹/拉丝直纹纹\n3．施工时面层颜色、样式由甲方和设计单位确认选样，投标人综合考虑报价，加工、切割、折边、损耗等不另计，中标后综合单价不予调整\n4．未尽事宜详见设计图纸、图集、设计补充说明、招标文件、政府相关文件及规范等其它资料，满足验收要求","不锈钢及玻璃制品","2包","m",7.7,65.4,503.58,89,"按现场实际发生量长度计算",8,135,1080,"m",7.7,1039.5,0.2999999999999998,{"v":1.0389610389610389,"d":"1.04"},true,576.4200000000001]
[567,"9#","工程名称：9#-DX套房",90,11502001004,"金属装饰条","1．部位：玄关、卫生间天棚\n2．面层材料品种、规格、颜色：小于60mm宽的1.2mm黄古铜不锈钢(MT-A01)\n3．施工时面层颜色、样式由甲方和设计单位确认选样，投标人综合考虑报价，加工、切割、折边、损耗等不另计，中标后综合单价不予调整\n4．未尽事宜详见设计图纸、图集、设计补充说明、招标文件、政府相关文件及规范等其它资料，满足验收要求","1．部位：玄关、卫生间天棚\n2．面层材料品种、规格、颜色：小于60mm宽的1.2mm黄古铜不锈钢(MT-A01)\n3．施工时面层颜色、样式由甲方和设计单位确认选样，投标人综合考虑报价，加工、切割、折边、损耗等不另计，中标后综合单价不予调整\n4．未尽事宜详见设计图纸、图集、设计补充说明、招标文件、政府相关文件及规范等其它资料，满足验收要求","不锈钢及玻璃制品","2包","m",54.11,43.6,2359.2,90,"按现场实际发生量长度计算",58,50,2900,"m",54.11,2705.5,3.8900000000000006,{"v":1.0718905932360008,"d":"1.07"},true,540.8000000000002]
[568,"9#","工程名称：9#-JS-1套房",3,10801001001,"入户门","1．部位：套房入户门\n2．门室内侧外框尺寸：1520*3000mm，室外侧外框尺寸详见设计文件\n3．门套材料种类、规格：室内侧15mm阻燃夹板+橡木饰面门套(WD-A01 )，过道侧1.2mm厚黄古铜不锈钢线条(MT-A01)\n4．门楣材料种类、规格：15mm阻燃夹板+9mm阻燃夹板+橡木饰面门楣（WD-A01）\n5．门扇饰面材质种类、规格：橡木饰面入户门(WD-A01)，包含20mm细木工板成品门芯、30*30*3mm热镀锌方通钢龙骨，双面9mm阻燃夹板，外侧1.2mm黄古铜不锈钢（防指纹）线条(MT-A01)\n6．五金品种、规格：包含但不限于凸轮暗藏闭门器、门底挡尘条、猫眼、防盗链、门碰、暗藏五金合页(选型一侧三副)、消音胶条等五金件,门锁此处不计入\n7．防护材料种类：所有装修用木材均应进行防火、防腐处理\n8．施工时面层颜色、样式由甲方和设计单位确认选样，投标人综合考虑报价，加工、切割、折边、损耗等不另计，中标后综合单价不予调整\n9．未尽事宜详见设计图纸、图集、设计补充说明、招标文件、政府相关文件及规范等其它资料，满足验收要求","1．部位：套房入户门\n2．门室内侧外框尺寸：1520*3000mm，室外侧外框尺寸详见设计文件\n3．门套材料种类、规格：过道侧1.2mm厚黄古铜不锈钢线条(MT-A01)1）\n5．门扇饰面材质种类、规格：外侧1.2mm黄古铜不锈钢（防指纹）线条(MT-A01)\n8．施工时面层颜色、样式由甲方和设计单位确认选样，投标人综合考虑报价，加工、切割、折边、损耗等不另计，中标后综合单价不予调整\n9．未尽事宜详见设计图纸、图集、设计补充说明、招标文件、政府相关文件及规范等其它资料，满足验收要求","不锈钢及玻璃制品","2包","樘",2,409.84,819.68,3,null,2,455,910,"樘",2,910,0,{"v":1,"d":"1.00"},true,90.32000000000005]
[569,"9#","工程名称：9#-JS-1套房",6,10805005001,"玻璃门","1．部位：卧室通往卫生间\n3．门扇饰面材质种类、规格：5+1.52pvb+5mm磨砂夹胶玻璃（GL-A05），四周1.2mm黄古铜不锈钢边框(MT-A01)，哑光防指纹/拉丝直纹\n4．五金品种、规格：单价包含定制金属执手、液压门轴等相应五金件等价格。\n5．施工时面层颜色、样式由甲方和设计单位确认选样，投标人综合考虑报价，加工、切割、折边、损耗等不另计，中标后综合单价不予调整\n6．未尽事宜详见设计图纸、图集、设计补充说明、招标文件、政府相关文件及规范等其它资料，满足验收要求","1．部位：卧室通往卫生间\n3．门扇饰面材质种类、规格：5+1.52pvb+5mm磨砂夹胶玻璃（GL-A05），四周1.2mm黄古铜不锈钢边框(MT-A01)，哑光防指纹/拉丝直纹\n4．五金品种、规格：单价包含定制金属执手、液压门轴等相应五金件等价格。\n5．施工时面层颜色、样式由甲方和设计单位确认选样，投标人综合考虑报价，加工、切割、折边、损耗等不另计，中标后综合单价不予调整\n6．未尽事宜详见设计图纸、图集、设计补充说明、招标文件、政府相关文件及规范等其它资料，满足验收要求","不锈钢及玻璃制品","2包","m2",9,2410.72,21696.48,6,"按投影面积",9.24,1250,11550,"m2",9,11250,0.2400000000000002,{"v":1.0266666666666666,"d":"1.03"},true,-10146.48]
[570,"9#","工程名称：9#-JS-1套房",7,10808001001,"不锈钢门套","1. 部位：卧室通往卫生间\n2. 基层材料种类、规格：双层12mm阻燃夹板\n3. 面层材料种类、规格：1.2mm黄古铜不锈钢（MT-A01），哑光防指纹/拉丝直纹\n4．防护材料种类：所有装修用木材均应进行防火、防腐处理\n5．施工时面层颜色、样式由甲方和设计单位确认选样，投标人综合考虑报价，加工、切割、折边、损耗等不另计，中标后综合单价不予调整\n6．未尽事宜详见设计图纸、图集、设计补充说明、招标文件、政府相关文件及规范等其它资料，满足验收要求","1. 部位：卧室通往卫生间\n3. 面层材料种类、规格：1.2mm黄古铜不锈钢（MT-A01），哑光防指纹/拉丝直纹\n4．防护材料种类：所有装修用木材均应进行防火、防腐处理\n5．施工时面层颜色、样式由甲方和设计单位确认选样，投标人综合考虑报价，加工、切割、折边、损耗等不另计，中标后综合单价不予调整\n6．未尽事宜详见设计图纸、图集、设计补充说明、招标文件、政府相关文件及规范等其它资料，满足验收要求","不锈钢及玻璃制品","2包","m2",3,381.5,1144.5,7,"按深化节点图与实际的展开面积计算（见光面）",3,550,1650,"m2",3,1650,0,{"v":1,"d":"1.00"},true,505.5]
[571,"9#","工程名称：9#-JS-1套房",8,10808001002,"不锈钢门套","1. 部位：客厅、卧室、玄关等\n2. 基层材料种类、规格：双层9mm阻燃夹板+局部5mm阻燃夹板\n3. 面层材料品种、规格、颜色：1.2mm黄古铜不锈钢（MT-A01），哑光防指纹/拉丝直纹\n4.防护材料种类：所有装修用木材均应进行防火、防腐处理\n5．施工时面层颜色、样式由甲方和设计单位确认选样，加工、排版损耗等不另计，投标人综合考虑报价，中标后综合单价不予调整\n6．未尽事宜详见设计图纸、图集、设计补充说明、招标文件、政府相关文件及规范等其它资料，满足验收要求","1. 部位：客厅、卧室、玄关等\n3. 面层材料品种、规格、颜色：1.2mm黄古铜不锈钢（MT-A01），哑光防指纹/拉丝直纹\n4.防护材料种类：所有装修用木材均应进行防火、防腐处理\n5．施工时面层颜色、样式由甲方和设计单位确认选样，加工、排版损耗等不另计，投标人综合考虑报价，中标后综合单价不予调整\n6．未尽事宜详见设计图纸、图集、设计补充说明、招标文件、政府相关文件及规范等其它资料，满足验收要求","不锈钢及玻璃制品","2包","m2",7.44,381.5,2838.36,8,"按深化节点图与实际的展开面积计算（见光面）",7.54,550,4147,"m2",7.54,4147,0.09999999999999964,{"v":1.0134408602150538,"d":"1.01"},true,1308.6399999999999]
[572,"9#","工程名称：9#-JS-1套房",21,"WB011105006001","成品踢脚线","1. 部位：玄关、卧室、客厅、衣帽间等\n2. 踢脚线高度：50mm高\n3．基层材料种类、规格：12mm阻燃夹板\n4．面层材料品种、规格、颜色：1.2mm乱纹古铜(MT-A02)，哑光防指纹/拉丝直纹\n5．施工时面层颜色、样式由甲方和设计单位确认选样，投标人综合考虑报价，加工、切割、折边、损耗等不另计，中标后综合单价不予调整\n6．未尽事宜详见设计图纸、图集、设计补充说明、招标文件、政府相关文件及规范等其它资料，满足验收要求","1. 部位：玄关、卧室、客厅、衣帽间等\n2. 踢脚线高度：50mm高\n4．面层材料品种、规格、颜色：1.2mm乱纹古铜(MT-A02)，哑光防指纹/拉丝直纹\n5．施工时面层颜色、样式由甲方和设计单位确认选样，投标人综合考虑报价，加工、切割、折边、损耗等不另计，中标后综合单价不予调整\n6．未尽事宜详见设计图纸、图集、设计补充说明、招标文件、政府相关文件及规范等其它资料，满足验收要求","不锈钢及玻璃制品","2包","m",109.71,43.6,4783.36,21,"按现场实际发生量长度计算",125,45,5625,"m",109.71,4936.95,15.290000000000006,{"v":1.1393674232066358,"d":"1.14"},true,841.6400000000003]
[573,"9#","工程名称：9#-JS-1套房",47,11207001003,"墙面装饰板","1. 部位：客厅电视背景等\n2. 龙骨材料种类、规格：50mm竖向天地龙骨，配C50龙骨\n3. 基层材料种类、规格：12mm阻燃夹板+9mm阻燃夹板\n4. 面层材料品种、规格、颜色：5mm银镜饰面（MR-A01）+1.2mm黄古铜不锈钢（MT-A01）\n5．防护材料种类：所有装修用木材均应进行防火、防腐处理\n6．施工时面层颜色、样式由甲方和设计单位确认选样，加工、排版损耗等不另计，投标人综合考虑报价，中标后综合单价不予调整\n7．未尽事宜详见设计图纸、图集、设计补充说明、招标文件、政府相关文件及规范等其它资料，满足验收要求","1. 部位：客厅电视背景等\n4. 面层材料品种、规格、颜色：5mm银镜饰面（MR-A01）+1.2mm黄古铜不锈钢（MT-A01）\n5．防护材料种类：所有装修用木材均应进行防火、防腐处理\n6．施工时面层颜色、样式由甲方和设计单位确认选样，加工、排版损耗等不另计，投标人综合考虑报价，中标后综合单价不予调整\n7．未尽事宜详见设计图纸、图集、设计补充说明、招标文件、政府相关文件及规范等其它资料，满足验收要求","不锈钢及玻璃制品","2包","m2",6.35,295.85,1878.63,47,"按投影面积",6.4,385,2464,"m2",6.35,2444.75,0.05000000000000071,{"v":1.0078740157480317,"d":"1.01"},true,585.3699999999999]
[574,"9#","工程名称：9#-JS-1套房",48,11210005001,"玻璃隔断","1. 部位：客厅与卧室隔墙\n2. 隔断材料种类、规格：5+1.52pvb+5mm磨砂夹胶玻璃（GL-A05），四周黄古铜不锈钢，顶部、底部加固报价综合考虑\n3. 包边基层材料种类、规格：双层9mm阻燃夹板\n4．防护材料种类：所有装修用木材均应进行防火、防腐处理\n5．施工时面层颜色、样式由甲方和设计单位确认选样，加工、排版损耗等不另计，投标人综合考虑报价，中标后综合单价不予调整\n6．未尽事宜详见设计图纸、图集、设计补充说明、招标文件、政府相关文件及规范等其它资料，满足验收要求","1. 部位：客厅与卧室隔墙\n2. 隔断材料种类、规格：5+1.52pvb+5mm磨砂夹胶玻璃（GL-A05），四周黄古铜不锈钢，顶部、底部加固报价综合考虑\n4．防护材料种类：所有装修用木材均应进行防火、防腐处理\n5．施工时面层颜色、样式由甲方和设计单位确认选样，加工、排版损耗等不另计，投标人综合考虑报价，中标后综合单价不予调整\n6．未尽事宜详见设计图纸、图集、设计补充说明、招标文件、政府相关文件及规范等其它资料，满足验收要求","不锈钢及玻璃制品","2包","m2",4.2,1054.52,4428.99,48,"按投影面积",4.2,750,3150,"m2",4.2,3150,0,{"v":1,"d":"1.00"},true,-1278.9899999999998]
[575,"9#","工程名称：9#-JS-1套房",54,11207001009,"墙面装饰板","1. 部位：客厅电视背景、卧室背景墙等\n2. 基层材料种类、规格：双层9mm阻燃夹板\n3. 面层材料品种、规格、颜色：1.2mm黄古铜不锈钢（MT-A01），哑光防指纹/拉丝直纹\n4.防护材料种类：所有装修用木材均应进行防火、防腐处理\n5．施工时面层颜色、样式由甲方和设计单位确认选样，加工、排版损耗等不另计，投标人综合考虑报价，中标后综合单价不予调整\n6．未尽事宜详见设计图纸、图集、设计补充说明、招标文件、政府相关文件及规范等其它资料，满足验收要求","1. 部位：客厅电视背景、卧室背景墙等\n3. 面层材料品种、规格、颜色：1.2mm黄古铜不锈钢（MT-A01），哑光防指纹/拉丝直纹\n4.防护材料种类：所有装修用木材均应进行防火、防腐处理\n5．施工时面层颜色、样式由甲方和设计单位确认选样，加工、排版损耗等不另计，投标人综合考虑报价，中标后综合单价不予调整\n6．未尽事宜详见设计图纸、图集、设计补充说明、招标文件、政府相关文件及规范等其它资料，满足验收要求","不锈钢及玻璃制品","2包","m2",1.28,354.25,453.44,54,"按深化节点图与实际的展开面积计算（见光面）",1.35,550,742.5,"m2",1.35,742.5,0.07000000000000006,{"v":1.0546875,"d":"1.05"},true,289.06]
[576,"9#","工程名称：9#-JS-1套房",55,11207001010,"墙面装饰板","1. 部位：客厅、卧室电视背景等\n2. 基层材料种类、规格：9mm阻燃夹板\n3. 面层材料品种、规格、颜色：1.2mm黄古铜不锈钢（MT-A01），哑光防指纹/拉丝直纹\n4.防护材料种类：所有装修用木材均应进行防火、防腐处理\n5．施工时面层颜色、样式由甲方和设计单位确认选样，加工、排版损耗等不另计，投标人综合考虑报价，中标后综合单价不予调整\n6．未尽事宜详见设计图纸、图集、设计补充说明、招标文件、政府相关文件及规范等其它资料，满足验收要求","1. 部位：客厅、卧室电视背景等\n3. 面层材料品种、规格、颜色：1.2mm黄古铜不锈钢（MT-A01），哑光防指纹/拉丝直纹\n4.防护材料种类：所有装修用木材均应进行防火、防腐处理\n5．施工时面层颜色、样式由甲方和设计单位确认选样，加工、排版损耗等不另计，投标人综合考虑报价，中标后综合单价不予调整\n6．未尽事宜详见设计图纸、图集、设计补充说明、招标文件、政府相关文件及规范等其它资料，满足验收要求","不锈钢及玻璃制品","2包","m2",9.9,354.25,3507.08,55,"按深化节点图与实际的展开面积计算（见光面）",9.8,550,5390,"m2",9.8,5390,-0.09999999999999964,{"v":0.98989898989899,"d":"0.99"},true,1882.92]
[577,"9#","工程名称：9#-JS-1套房",58,11207001012,"墙面装饰板","1. 部位：客厅等\n2. 基层材料种类、规格：双层12mm阻燃夹板\n3. 面层材料品种、规格、颜色：6+1.52pvb+6mm夹胶安全超白玻璃（GL-A02）+四周1.2mm厚黄古铜不锈钢（MT-A01）\n4. 防护材料种类：所有装修用木材均应进行防火、防腐处理\n5．施工时面层颜色、样式由甲方和设计单位确认选样，加工、排版损耗等不另计，投标人综合考虑报价，中标后综合单价不予调整\n6．未尽事宜详见设计图纸、图集、设计补充说明、招标文件、政府相关文件及规范等其它资料，满足验收要求","1. 部位：客厅等\n3. 面层材料品种、规格、颜色：6+1.52pvb+6mm夹胶安全超白玻璃（GL-A02）+四周1.2mm厚黄古铜不锈钢（MT-A01）\n4. 防护材料种类：所有装修用木材均应进行防火、防腐处理\n5．施工时面层颜色、样式由甲方和设计单位确认选样，加工、排版损耗等不另计，投标人综合考虑报价，中标后综合单价不予调整\n6．未尽事宜详见设计图纸、图集、设计补充说明、招标文件、政府相关文件及规范等其它资料，满足验收要求","不锈钢及玻璃制品","2包","m2",7.62,574.18,4375.25,58,"按投影面积",7.62,720,5486.4,"m2",7.62,5486.4,0,{"v":1,"d":"1.00"},true,1111.1499999999996]
[578,"9#","工程名称：9#-JS-1套房",61,11207001015,"墙面装饰板","1. 部位：床头背景墙等\n2. 龙骨材料种类、规格：热镀锌钢龙骨（不分规格型号，投标人综合考虑）\n3. 基层材料种类、规格：9mm阻燃夹板+9.5mm耐火石膏板\n4. 面层材料品种、规格、颜色：一边12mm橡木饰面（WD-A01）+一边墙布饰面（WC-A04A）+1.2mm黄古铜不锈钢(MT-A01)+40*70不锈钢方通等\n5. 防护材料种类：所有装修用木材均应进行防火、防腐处理\n6．施工时面层颜色、样式由甲方和设计单位确认选样，加工、排版损耗等不另计，投标人综合考虑报价，中标后综合单价不予调整\n7．未尽事宜详见设计图纸、图集、设计补充说明、招标文件、政府相关文件及规范等其它资料，满足验收要求","1. 部位：床头背景墙等\n4. 面层材料品种、规格、颜色：一边墙布饰面（WC-A04A）+1.2mm黄古铜不锈钢(MT-A01)+40*70不锈钢方通等\n5. 防护材料种类：所有装修用木材均应进行防火、防腐处理\n6．施工时面层颜色、样式由甲方和设计单位确认选样，加工、排版损耗等不另计，投标人综合考虑报价，中标后综合单价不予调整\n7．未尽事宜详见设计图纸、图集、设计补充说明、招标文件、政府相关文件及规范等其它资料，满足验收要求","不锈钢及玻璃制品","2包","m2",7.56,227.38,1719.03,61,"按深化节点图与实际的展开面积计算（见光面）",7.6,560,4256,"m2",7.6,4256,0.040000000000000036,{"v":1.0052910052910053,"d":"1.01"},true,2536.9700000000003]
[579,"9#","工程名称：9#-JS-1套房",62,11207001016,"墙面装饰板","1. 部位：卫生间等\n2. 基层材料种类、规格：9mm硅酸钙板\n3. 面层材料种类、规格：1.2mm仿木纹覆膜不锈钢（MT-A04）\n4．防护材料种类：所有装修用木材均应进行防火、防腐处理\n5．施工时面层颜色、样式由甲方和设计单位确认选样，投标人综合考虑报价，加工、切割、折边、损耗等不另计，中标后综合单价不予调整\n6．未尽事宜详见设计图纸、图集、设计补充说明、招标文件、政府相关文件及规范等其它资料，满足验收要求","1. 部位：卫生间等\n3. 面层材料种类、规格：1.2mm仿木纹覆膜不锈钢（MT-A04）\n4．防护材料种类：所有装修用木材均应进行防火、防腐处理\n5．施工时面层颜色、样式由甲方和设计单位确认选样，投标人综合考虑报价，加工、切割、折边、损耗等不另计，中标后综合单价不予调整\n6．未尽事宜详见设计图纸、图集、设计补充说明、招标文件、政府相关文件及规范等其它资料，满足验收要求","不锈钢及玻璃制品","2包","m2",11.05,354.25,3914.46,62,"按深化节点图与实际的展开面积计算（见光面）",11.05,590,6519.5,"m2",11.05,6519.5,0,{"v":1,"d":"1.00"},true,2605.04]
[580,"9#","工程名称：9#-JS-1套房",63,11207001017,"墙面装饰板","1．部位：客卫、淋浴间等\n2．基层材料种类、规格：双层9mm硅酸钙板\n3．面层材料品种、规格、颜色：1.2mm黄古铜不锈钢（MT-A01）\n4. 施工时面层颜色、样式由甲方和设计单位确认选样，投标人综合考虑报价，加工、切割、折边、损耗等不另计，中标后综合单价不予调整\n5．未尽事宜详见设计图纸、图集、设计补充说明、招标文件、政府相关文件及规范等其它资料，满足验收要求","1．部位：客卫、淋浴间等\n3．面层材料品种、规格、颜色：1.2mm黄古铜不锈钢（MT-A01）\n4. 施工时面层颜色、样式由甲方和设计单位确认选样，投标人综合考虑报价，加工、切割、折边、损耗等不另计，中标后综合单价不予调整\n5．未尽事宜详见设计图纸、图集、设计补充说明、招标文件、政府相关文件及规范等其它资料，满足验收要求","不锈钢及玻璃制品","2包","m2",3.84,354.25,1360.32,63,"按深化节点图与实际的展开面积计算（见光面）",3.84,550,2112,"m2",3.84,2112,0,{"v":1,"d":"1.00"},true,751.6800000000001]
[581,"9#","工程名称：9#-JS-1套房",64,11207001018,"墙面装饰板","1. 部位：马桶纸巾架处等\n2. 基层材料种类、规格：双层9mm硅酸钙板\n3. 面层材料品种、规格、颜色：1.2mm深古铜拉丝不锈钢（MT-A03）\n4.防护材料种类：所有装修用木材均应进行防火、防腐处理\n5．施工时面层颜色、样式由甲方和设计单位确认选样，加工、排版损耗等不另计，投标人综合考虑报价，中标后综合单价不予调整\n6．未尽事宜详见设计图纸、图集、设计补充说明、招标文件、政府相关文件及规范等其它资料，满足验收要求","1. 部位：马桶纸巾架处等\n3. 面层材料品种、规格、颜色：1.2mm深古铜拉丝不锈钢（MT-A03）\n4.防护材料种类：所有装修用木材均应进行防火、防腐处理\n5．施工时面层颜色、样式由甲方和设计单位确认选样，加工、排版损耗等不另计，投标人综合考虑报价，中标后综合单价不予调整\n6．未尽事宜详见设计图纸、图集、设计补充说明、招标文件、政府相关文件及规范等其它资料，满足验收要求","不锈钢及玻璃制品","2包","m2",0.84,354.25,297.57,64,"按深化节点图与实际的展开面积计算（见光面）",0.84,550,462,"m2",0.84,462,0,{"v":1,"d":"1.00"},true,164.43]
[582,"9#","工程名称：9#-JS-1套房",65,11210005002,"玻璃隔断","1. 部位：淋浴、马桶间\n2. 隔断材料种类、规格：6+1.52.pvb+6mm夹丝玻璃(GL-A01)+四周黄古铜不锈钢包边（MT-A01）\n3. 报价含U型槽固定件等\n4. 施工时面层颜色、样式由甲方和设计单位确认选样，加工、排版损耗等不另计，投标人综合考虑报价，中标后综合单价不予调整\n5．未尽事宜详见设计图纸、图集、设计补充说明、招标文件、政府相关文件及规范等其它资料，满足验收要求","1. 部位：淋浴、马桶间\n2. 隔断材料种类、规格：6+1.52.pvb+6mm夹丝玻璃(GL-A01)+四周黄古铜不锈钢包边（MT-A01）\n3. 报价含U型槽固定件等\n4. 施工时面层颜色、样式由甲方和设计单位确认选样，加工、排版损耗等不另计，投标人综合考虑报价，中标后综合单价不予调整\n5．未尽事宜详见设计图纸、图集、设计补充说明、招标文件、政府相关文件及规范等其它资料，满足验收要求","不锈钢及玻璃制品","2包","m2",3.36,850.2,2856.67,65,"按投影面积",3.36,1050,3528,"m2",3.36,3528,0,{"v":1,"d":"1.00"},true,671.3299999999999]
[583,"9#","工程名称：9#-JS-1套房",66,11210005003,"成品屏风","1. 部位：洗手台旁\n2. 龙骨、基层材料种类、规格：热镀锌钢龙骨（不分规格型号，投标人综合考虑）+9mm阻燃夹板，顶部、底部加固综合考虑\n3. 面层材料品种、规格、颜色：6+1.52pvb+6mm夹胶安全超白玻璃（GL-A02），四周1.2mm黄古铜不锈钢（MT-A01）\n4. 施工时面层颜色、样式由甲方和设计单位确认选样，加工、排版损耗等不另计，投标人综合考虑报价，中标后综合单价不予调整\n5．未尽事宜详见设计图纸、图集、设计补充说明、招标文件、政府相关文件及规范等其它资料，满足验收要求","1. 部位：洗手台旁\n3. 面层材料品种、规格、颜色：6+1.52pvb+6mm夹胶安全超白玻璃（GL-A02），四周1.2mm黄古铜不锈钢（MT-A01）\n4. 施工时面层颜色、样式由甲方和设计单位确认选样，加工、排版损耗等不另计，投标人综合考虑报价，中标后综合单价不予调整\n5．未尽事宜详见设计图纸、图集、设计补充说明、招标文件、政府相关文件及规范等其它资料，满足验收要求","不锈钢及玻璃制品","2包","m2",6.6,1147.17,7571.33,66,"按投影面积",6.6,950,6270,"m2",6.6,6270,0,{"v":1,"d":"1.00"},true,-1301.33]
[584,"9#","工程名称：9#-JS-1套房",67,11210003001,"玻璃隔断","1．部位：卫生间淋浴、马桶间\n2．边框材料种类、规格：四周1.2mm黄古铜不锈钢(MT-A01)\n3．玻璃品种、规格、颜色：6+1.52.pvb+6mm夹丝玻璃(GL-A01)\n4. 五金品种、规格：单价包含玻璃门夹、淋浴拉手、挡水胶条等费用\n5．施工时面层颜色、样式由甲方和设计单位确认选样，投标人综合考虑报价，加工、切割、折边、损耗等不另计，中标后综合单价不予调整\n6. 按外框投影面积计算\n7．未尽事宜详见设计图纸、图集、设计补充说明、招标文件、政府相关文件及规范等其它资料，满足验收要求","1．部位：卫生间淋浴、马桶间\n2．边框材料种类、规格：四周1.2mm黄古铜不锈钢(MT-A01)\n3．玻璃品种、规格、颜色：6+1.52.pvb+6mm夹丝玻璃(GL-A01)\n4. 五金品种、规格：单价包含玻璃门夹、淋浴拉手、挡水胶条等费用\n5．施工时面层颜色、样式由甲方和设计单位确认选样，投标人综合考虑报价，加工、切割、折边、损耗等不另计，中标后综合单价不予调整\n6. 按外框投影面积计算\n7．未尽事宜详见设计图纸、图集、设计补充说明、招标文件、政府相关文件及规范等其它资料，满足验收要求","不锈钢及玻璃制品","2包","m2",11.52,850.2,9794.3,67,"按投影面积",13.8,1380,19044,"m2",11.52,15897.599999999999,2.280000000000001,{"v":1.1979166666666667,"d":"1.20"},true,9249.7]
[585,"9#","工程名称：9#-JS-1套房",68,11207001019,"墙面装饰板","1．部位：卧室等\n2．基层材料种类、规格：9mm阻燃夹板\n3.   面层材料品种、规格、颜色：1.2mm拉丝黑钛（MT-A08）\n4．防护材料种类：所有装修用木基层均应进行防火、防腐处理\n5.   施工时面层颜色、样式由甲方和设计单位确认选样，投标人综合考虑报价，加工、切割、折边、损耗等不另计，中标后综合单价不予调整\n6.  未尽事宜详见设计图纸、图集、设计补充说明、招标文件、政府相关文件及规范等其它资料，满足验收要求","1．部位：卧室等\n3.   面层材料品种、规格、颜色：1.2mm拉丝黑钛（MT-A08）\n4．防护材料种类：所有装修用木基层均应进行防火、防腐处理\n5.   施工时面层颜色、样式由甲方和设计单位确认选样，投标人综合考虑报价，加工、切割、折边、损耗等不另计，中标后综合单价不予调整\n6.  未尽事宜详见设计图纸、图集、设计补充说明、招标文件、政府相关文件及规范等其它资料，满足验收要求","不锈钢及玻璃制品","2包","m2",20.6,354.25,7297.55,68,"按深化节点图与实际的展开面积计算（见光面）",22,550,12100,"m2",22,12100,1.3999999999999986,{"v":1.0679611650485437,"d":"1.07"},true,4802.45]
[586,"9#","工程名称：9#-JS-1套房",69,11207001020,"墙面装饰板","1．部位：卧室等\n2．基层材料种类、规格：9mm阻燃夹板\n3.   面层材料品种、规格、颜色：1.2mm青铜色不锈钢（MT-A09）\n4．防护材料种类：所有装修用木基层均应进行防火、防腐处理\n5.   施工时面层颜色、样式由甲方和设计单位确认选样，投标人综合考虑报价，加工、切割、折边、损耗等不另计，中标后综合单价不予调整\n6.  未尽事宜详见设计图纸、图集、设计补充说明、招标文件、政府相关文件及规范等其它资料，满足验收要求","1．部位：卧室等\n3.   面层材料品种、规格、颜色：1.2mm青铜色不锈钢（MT-A09）\n4．防护材料种类：所有装修用木基层均应进行防火、防腐处理\n5.   施工时面层颜色、样式由甲方和设计单位确认选样，投标人综合考虑报价，加工、切割、折边、损耗等不另计，中标后综合单价不予调整\n6.  未尽事宜详见设计图纸、图集、设计补充说明、招标文件、政府相关文件及规范等其它资料，满足验收要求","不锈钢及玻璃制品","2包","m2",2.8,354.25,991.9,69,"按深化节点图与实际的展开面积计算（见光面）",2.8,550,1540,"m2",2.8,1540,0,{"v":1,"d":"1.00"},true,548.1]
[587,"9#","工程名称：9#-JS-1套房",70,11207001021,"墙面装饰板","1．部位：卧室等\n2．基层材料种类、规格：9mm阻燃夹板\n3.   面层材料品种、规格、颜色：1.2mm褐色不锈钢（MT-A10）\n4．防护材料种类：所有装修用木基层均应进行防火、防腐处理\n5.   施工时面层颜色、样式由甲方和设计单位确认选样，投标人综合考虑报价，加工、切割、折边、损耗等不另计，中标后综合单价不予调整\n6.  未尽事宜详见设计图纸、图集、设计补充说明、招标文件、政府相关文件及规范等其它资料，满足验收要求","1．部位：卧室等\n3.   面层材料品种、规格、颜色：1.2mm褐色不锈钢（MT-A10）\n4．防护材料种类：所有装修用木基层均应进行防火、防腐处理\n5.   施工时面层颜色、样式由甲方和设计单位确认选样，投标人综合考虑报价，加工、切割、折边、损耗等不另计，中标后综合单价不予调整\n6.  未尽事宜详见设计图纸、图集、设计补充说明、招标文件、政府相关文件及规范等其它资料，满足验收要求","不锈钢及玻璃制品","2包","m2",34.4,354.25,12186.2,70,"按深化节点图与实际的展开面积计算（见光面）",36.5,550,20075,"m2",36.5,20075,2.1000000000000014,{"v":1.061046511627907,"d":"1.06"},true,7888.799999999999]
[588,"9#","工程名称：9#-JS-1套房",73,"WB011302005003","天棚吊顶","1．部位：玄关、卫生间等\n2．面层材料品种、规格、颜色：1.2mm黄古铜不锈钢(MT-A01)\n3．施工时面层颜色、样式由甲方和设计单位确认选样，投标人综合考虑报价，加工、切割、折边、损耗等不另计，中标后综合单价不予调整\n4．未尽事宜详见设计图纸、图集、设计补充说明、招标文件、政府相关文件及规范等其它资料，满足验收要求","1．部位：玄关、卫生间等\n2．面层材料品种、规格、颜色：1.2mm黄古铜不锈钢(MT-A01)\n3．施工时面层颜色、样式由甲方和设计单位确认选样，投标人综合考虑报价，加工、切割、折边、损耗等不另计，中标后综合单价不予调整\n4．未尽事宜详见设计图纸、图集、设计补充说明、招标文件、政府相关文件及规范等其它资料，满足验收要求","不锈钢及玻璃制品","2包","m2",1.86,354.25,658.91,73,"按深化节点图与实际的展开面积计算（见光面）",1.86,550,1023,"m2",1.86,1023,0,{"v":1,"d":"1.00"},true,364.09000000000003]
[589,"9#","工程名称：9#-JS-1套房",86,"WB011501001002","衣帽间衣柜","1. 部位：衣帽间\n2. 柜体尺寸：650mm*3000mm*长（具体详见设计文件）\n3. 龙骨材质种类、规格：热镀锌钢龙骨（不分规格型号，投标人综合考虑）、木龙骨等\n4．基层板材质种类、规格：基层类型及厚度综合考虑，具体详见设计文件\n5．材料种类：12mm橡木饰面（WD-A01）、墙布饰面(WC-A04B)、6+1.52.pvb+6mm夹丝玻璃(GL-A01)、星白大理石台面（ST-02）、黄古铜不锈钢（MT-A01），橡木饰面抽屉柜、不锈钢踢脚线(MT-A01)等\n6．五金种类、规格：单价包含挂衣杆、五金合页、抽屉滑轨、阻尼隔振胶垫、暗藏灯槽等\n7．按照立面投影面积计算\n8．防护材料种类：所有装修用木材均应进行防火、防腐处理\n9．施工时面层颜色、样式由甲方和设计单位确认选样，加工、排版损耗等不另计，投标人综合考虑报价，中标后综合单价不予调整\n10．未尽事宜详见设计图纸、图集、设计补充说明、招标文件、政府相关文件及规范等其它资料，满足验收要求","1. 部位：衣帽间\n2. 柜体尺寸：650mm*3000mm*长（具体详见设计文件）\n5．材料种类：墙布饰面(WC-A04B)、不锈钢踢脚线(MT-A01)等\n7．按照立面投影面积计算\n8．防护材料种类：所有装修用木材均应进行防火、防腐处理\n9．施工时面层颜色、样式由甲方和设计单位确认选样，加工、排版损耗等不另计，投标人综合考虑报价，中标后综合单价不予调整\n10．未尽事宜详见设计图纸、图集、设计补充说明、招标文件、政府相关文件及规范等其它资料，满足验收要求","不锈钢及玻璃制品","2包","m2",13.2,17.18,226.75,86,"按现场实际发生量长度计算",9,45,405,"m",9,405,-4.199999999999999,{"v":0.6818181818181819,"d":"0.68"},true,178.25]
[590,"9#","工程名称：9#-JS-1套房",87,"WB011501001003","洗手台+柜体","1. 部位：卫生间\n2．规格：长1200mm*宽600mm*高850mm\n3．龙骨材料种类、规格：局部热镀锌钢龙骨（不分规格型号，投标人综合考虑）\n4．面层材料品种、规格、颜色：18mm鎏金白玉大理石(ST-A04)台面及挡水条、橡木饰面柜体及橡木饰面隔板（WD-A01 ）、局部1.2mm厚黄古铜不锈钢(MT-A01)装饰嵌条、踢脚线及包边，单价包含灯槽成型等\n5. 所有石材材料在施工前须做六面防护处理,石材结晶，以保证防水、防腐、防污、防油\n6. 施工时面层颜色、样式由甲方和设计单位确认选样，倒角，磨边、切割等加工费不另计，投标人综合考虑报价，中标后综合单价不予调整\n7. 未尽事宜详见设计图纸、图集、设计补充说明、招标文件、政府相关文件及规范等其它资料，满足验收要求","1. 部位：卫生间\n2．规格：长1200mm*宽600mm*高850mm\n4．面层材料品种、规格、颜色：踢脚线\n6. 施工时面层颜色、样式由甲方和设计单位确认选样，倒角，磨边、切割等加工费不另计，投标人综合考虑报价，中标后综合单价不予调整\n7. 未尽事宜详见设计图纸、图集、设计补充说明、招标文件、政府相关文件及规范等其它资料，满足验收要求","不锈钢及玻璃制品","2包","m",4.8,43.6,209.28,87,"按现场实际发生量长度计算",6,45,270,"m",6,270,1.2000000000000002,1.25,true,60.72]
[591,"9#","工程名称：9#-JS-1套房",89,11207001022,"墙面装饰板","1. 部位：卫生间\n2. 龙骨材质种类、规格：镀锌钢龙骨（规格型号综合考虑）\n3. 基层材料种类、规格：18mm阻燃夹板，局部9mm阻燃夹板\n4. 面层材料品种、规格、颜色：5mm银镜饰面（MR-A01）\n5. 四周黄古铜不锈钢(MT-A01）金属包边\n6. 防护材料种类：所有装修用木材均应进行防火、防腐处理\n7．施工时面层颜色、样式由甲方和设计单位确认选样，加工、排版损耗等不另计，投标人综合考虑报价，中标后综合单价不予调整\n8．未尽事宜详见设计图纸、图集、设计补充说明、招标文件、政府相关文件及规范等其它资料，满足验收要求","1. 部位：卫生间\n4. 面层材料品种、规格、颜色：5mm银镜饰面（MR-A01）\n5. 四周黄古铜不锈钢(MT-A01）金属包边\n6. 防护材料种类：所有装修用木材均应进行防火、防腐处理\n7．施工时面层颜色、样式由甲方和设计单位确认选样，加工、排版损耗等不另计，投标人综合考虑报价，中标后综合单价不予调整\n8．未尽事宜详见设计图纸、图集、设计补充说明、招标文件、政府相关文件及规范等其它资料，满足验收要求","不锈钢及玻璃制品","2包","m2",9.54,273.46,2608.8,89,"按深化节点图与实际的展开面积计算（见光面）",9.65,550,5307.5,"m2",9.65,5307.5,0.11000000000000121,{"v":1.0115303983228512,"d":"1.01"},true,2698.7]
[592,"9#","工程名称：9#-JS-1套房",90,11502001001,"金属装饰条","1. 部位：卧室背景墙等\n2. 线条材料种类、规格：1.2mm厚黄古铜不锈钢(MT-A01)，展开宽度60-100mm以内\n3．施工时面层颜色、样式由甲方和设计单位确认选样，投标人综合考虑报价，加工、切割、折边、损耗等不另计，中标后综合单价不予调整\n4．未尽事宜详见设计图纸、图集、设计补充说明、招标文件、政府相关文件及规范等其它资料，满足验收要求","1. 部位：卧室背景墙等\n2. 线条材料种类、规格：1.2mm厚黄古铜不锈钢(MT-A01)，展开宽度60-100mm以内\n3．施工时面层颜色、样式由甲方和设计单位确认选样，投标人综合考虑报价，加工、切割、折边、损耗等不另计，中标后综合单价不予调整\n4．未尽事宜详见设计图纸、图集、设计补充说明、招标文件、政府相关文件及规范等其它资料，满足验收要求","不锈钢及玻璃制品","2包","m",18.62,59.95,1116.27,90,"按现场实际发生量长度计算",20,60,1200,"m",18.62,1117.2,1.379999999999999,{"v":1.0741138560687433,"d":"1.07"},true,83.73000000000002]
[593,"9#","工程名称：9#-JS-1套房",91,11502001002,"金属装饰条","1．部位：卧室、电视背景墙、马桶间、客厅等\n2．线条材料品种、规格、颜色：1.2mm厚黄古铜不锈钢（MT-A01），展开宽度60以内\n3．施工时面层颜色、样式由甲方和设计单位确认选样，投标人综合考虑报价，加工、切割、折边、损耗等不另计，中标后综合单价不予调整\n4．未尽事宜详见设计图纸、图集、设计补充说明、招标文件、政府相关文件及规范等其它资料，满足验收要求","1．部位：卧室、电视背景墙、马桶间、客厅等\n2．线条材料品种、规格、颜色：1.2mm厚黄古铜不锈钢（MT-A01），展开宽度60以内\n3．施工时面层颜色、样式由甲方和设计单位确认选样，投标人综合考虑报价，加工、切割、折边、损耗等不另计，中标后综合单价不予调整\n4．未尽事宜详见设计图纸、图集、设计补充说明、招标文件、政府相关文件及规范等其它资料，满足验收要求","不锈钢及玻璃制品","2包","m",30.64,43.6,1335.9,91,"按现场实际发生量长度计算",35,50,1750,"m",30.64,1532,4.359999999999999,{"v":1.1422976501305482,"d":"1.14"},true,414.0999999999999]
[594,"9#","工程名称：9#-JS-1套房",92,11502001003,"金属装饰条","1．部位：客厅、卫生间、卧室、衣帽间、玄关等天棚处\n2．嵌条材料品种、规格、颜色：1.2mm厚黄古铜不锈钢(MT-A01)，哑光防指纹/拉丝直纹，展开宽度60mm以内\n3．施工时面层颜色、样式由甲方和设计单位确认选样，投标人综合考虑报价，加工、切割、折边、损耗等不另计，中标后综合单价不予调整\n4．未尽事宜详见设计图纸、图集、设计补充说明、招标文件、政府相关文件及规范等其它资料，满足验收要求","1．部位：客厅、卫生间、卧室、衣帽间、玄关等天棚处\n2．嵌条材料品种、规格、颜色：1.2mm厚黄古铜不锈钢(MT-A01)，哑光防指纹/拉丝直纹，展开宽度60mm以内\n3．施工时面层颜色、样式由甲方和设计单位确认选样，投标人综合考虑报价，加工、切割、折边、损耗等不另计，中标后综合单价不予调整\n4．未尽事宜详见设计图纸、图集、设计补充说明、招标文件、政府相关文件及规范等其它资料，满足验收要求","不锈钢及玻璃制品","2包","m",166.32,43.6,7251.55,92,"按现场实际发生量长度计算",185,50,9250,"m",166.32,8316,18.680000000000007,{"v":1.1123136123136124,"d":"1.11"},true,1998.4499999999998]
[595,"9#","工程名称：9#-JS-1套房",93,11502001004,"金属装饰条","1. 部位：卧室背景墙\n2. 线条材料种类、规格：50*10mm黄古铜不锈钢方通(MT-A01)\n3．施工时面层颜色、样式由甲方和设计单位确认选样，投标人综合考虑报价，加工、切割、折边、损耗等不另计，中标后综合单价不予调整\n4．未尽事宜详见设计图纸、图集、设计补充说明、招标文件、政府相关文件及规范等其它资料，满足验收要求","1. 部位：卧室背景墙\n2. 线条材料种类、规格：50*10mm黄古铜不锈钢方通(MT-A01)\n3．施工时面层颜色、样式由甲方和设计单位确认选样，投标人综合考虑报价，加工、切割、折边、损耗等不另计，中标后综合单价不予调整\n4．未尽事宜详见设计图纸、图集、设计补充说明、招标文件、政府相关文件及规范等其它资料，满足验收要求","不锈钢及玻璃制品","2包","m",7.7,65.4,503.58,93,"按现场实际发生量长度计算",8,135,1080,"m",7.7,1039.5,0.2999999999999998,{"v":1.0389610389610389,"d":"1.04"},true,576.4200000000001]
[596,"9#","工程名称：9#-JS-2套房",3,10801001001,"入户门","1．部位：JS套房\n2．门室内侧外框尺寸：1520*3000mm，室外侧外框尺寸详见设计文件\n3．门套材料种类、规格：室内侧15mm阻燃夹板+橡木饰面门套(WD-A01 )，过道侧1.2mm黄古铜不锈钢线条(MT-A01)\n4．门楣材料种类、规格：15mm阻燃夹板+9mm阻燃夹板+橡木饰面门楣（WD-A01）\n5．门扇饰面材质种类、规格：橡木饰面入户门(WD-A01)，包含20mm细木工板成品门芯、30*30*3mm热镀锌方通钢龙骨，双面9mm阻燃夹板，外侧1.2mm古铜拉丝不锈钢（防指纹）线条(MT-A01)\n6．五金品种、规格：包含但不限于凸轮暗藏闭门器、门底挡尘条、猫眼、防盗链、门碰、暗藏五金合页(选型一侧三副)、消音胶条等五金件,门锁此处不计入\n7．防护材料种类：所有装修用木材均应进行防火、防腐处理\n8．施工时面层颜色、样式由业主和设计单位确认选样，投标人综合考虑报价，加工、切割、折边、损耗等不另计，中标后综合单价不予调整\n9．未尽事宜详见设计图纸、图集、设计补充说明、招标文件、政府相关文件及规范等其它资料，满足验收要求","1．部位：JS套房\n2．门室内侧外框尺寸：1520*3000mm，室外侧外框尺寸详见设计文件\n3．门套材料种类、规格：过道侧1.2mm黄古铜不锈钢线条(MT-A01)\n5．门扇饰面材质种类、规格：外侧1.2mm古铜拉丝不锈钢（防指纹）线条(MT-A01)\n8．施工时面层颜色、样式由业主和设计单位确认选样，投标人综合考虑报价，加工、切割、折边、损耗等不另计，中标后综合单价不予调整\n9．未尽事宜详见设计图纸、图集、设计补充说明、招标文件、政府相关文件及规范等其它资料，满足验收要求","不锈钢及玻璃制品","2包","樘",3,409.84,1229.52,3,null,3,455,1365,"樘",3,1365,0,{"v":1,"d":"1.00"},true,135.48000000000002]
[597,"9#","工程名称：9#-JS-2套房",6,10805005001,"玻璃门","1．部位：卧室通往卫生间\n3．门扇饰面材质种类、规格：5+1.52pvb+5mm磨砂夹胶玻璃（GL-A05），四周1.2mm黄古铜不锈钢边框(MT-A01)，哑光防指纹/拉丝直纹\n4．五金品种、规格：单价包含定制金属执手、液压门轴等相应五金件等价格。\n5．施工时面层颜色、样式由业主和设计单位确认选样，投标人综合考虑报价，加工、切割、折边、损耗等不另计，中标后综合单价不予调整\n6．未尽事宜详见设计图纸、图集、设计补充说明、招标文件、政府相关文件及规范等其它资料，满足验收要求","1．部位：卧室通往卫生间\n3．门扇饰面材质种类、规格：5+1.52pvb+5mm磨砂夹胶玻璃（GL-A05），四周1.2mm黄古铜不锈钢边框(MT-A01)，哑光防指纹/拉丝直纹\n4．五金品种、规格：单价包含定制金属执手、液压门轴等相应五金件等价格。\n5．施工时面层颜色、样式由业主和设计单位确认选样，投标人综合考虑报价，加工、切割、折边、损耗等不另计，中标后综合单价不予调整\n6．未尽事宜详见设计图纸、图集、设计补充说明、招标文件、政府相关文件及规范等其它资料，满足验收要求","不锈钢及玻璃制品","2包","m2",12.52,2410.72,30182.22,6,"按投影面积",12.6,1250,15750,"m2",12.52,15650,0.08000000000000007,{"v":1.0063897763578276,"d":"1.01"},true,-14432.220000000001]
[598,"9#","工程名称：9#-JS-2套房",7,10808001001,"不锈钢门套","1. 部位：卧室通往卫生间\n2. 基层材料种类、规格：双层12mm阻燃夹板\n3. 面层材料种类、规格：1.2mm黄古铜不锈钢（MT-A01），哑光防指纹/拉丝直纹\n4．防护材料种类：所有装修用木材均应进行防火、防腐处理\n5．施工时面层颜色、样式由业主和设计单位确认选样，投标人综合考虑报价，加工、切割、折边、损耗等不另计，中标后综合单价不予调整\n6．未尽事宜详见设计图纸、图集、设计补充说明、招标文件、政府相关文件及规范等其它资料，满足验收要求","1. 部位：卧室通往卫生间\n3. 面层材料种类、规格：1.2mm黄古铜不锈钢（MT-A01），哑光防指纹/拉丝直纹\n5．施工时面层颜色、样式由业主和设计单位确认选样，投标人综合考虑报价，加工、切割、折边、损耗等不另计，中标后综合单价不予调整\n6．未尽事宜详见设计图纸、图集、设计补充说明、招标文件、政府相关文件及规范等其它资料，满足验收要求","不锈钢及玻璃制品","2包","m2",4.44,381.5,1693.86,7,"按深化节点图与实际的展开面积计算（见光面）",4.44,550,2442,"m2",4.44,2442,0,{"v":1,"d":"1.00"},true,748.1400000000001]
[599,"9#","工程名称：9#-JS-2套房",8,10808001002,"不锈钢门套","1. 部位：客厅、卧室、玄关等\n2. 基层材料种类、规格：双层9mm阻燃夹板+局部5mm阻燃夹板\n3. 面层材料品种、规格、颜色：1.2mm黄古铜不锈钢（MT-A01），哑光防指纹/拉丝直纹\n4.防护材料种类：所有装修用木材均应进行防火、防腐处理\n5．施工时面层颜色、样式由甲方和设计单位确认选样，加工、排版损耗等不另计，投标人综合考虑报价，中标后综合单价不予调整\n6．未尽事宜详见设计图纸、图集、设计补充说明、招标文件、政府相关文件及规范等其它资料，满足验收要求","1. 部位：客厅、卧室、玄关等\n3. 面层材料品种、规格、颜色：1.2mm黄古铜不锈钢（MT-A01），哑光防指纹/拉丝直纹\n5．施工时面层颜色、样式由甲方和设计单位确认选样，加工、排版损耗等不另计，投标人综合考虑报价，中标后综合单价不予调整\n6．未尽事宜详见设计图纸、图集、设计补充说明、招标文件、政府相关文件及规范等其它资料，满足验收要求","不锈钢及玻璃制品","2包","m2",7.02,381.5,2678.13,8,"按深化节点图与实际的展开面积计算（见光面）",7.02,550,3860.9999999999995,"m2",7.02,3860.9999999999995,0,{"v":1,"d":"1.00"},true,1182.8699999999994]
[600,"9#","工程名称：9#-JS-2套房",21,"WB011105006001","成品踢脚线","1. 部位：玄关、卧室、客厅、衣帽间等\n2. 踢脚线高度：50mm高\n3．基层材料种类、规格：12mm阻燃夹板\n4．面层材料品种、规格、颜色：1.2mm乱纹古铜(MT-A02)，哑光防指纹/拉丝直纹\n5．施工时面层颜色、样式由业主和设计单位确认选样，投标人综合考虑报价，加工、切割、折边、损耗等不另计，中标后综合单价不予调整\n6．未尽事宜详见设计图纸、图集、设计补充说明、招标文件、政府相关文件及规范等其它资料，满足验收要求","1. 部位：玄关、卧室、客厅、衣帽间等\n2. 踢脚线高度：50mm高\n4．面层材料品种、规格、颜色：1.2mm乱纹古铜(MT-A02)，哑光防指纹/拉丝直纹\n5．施工时面层颜色、样式由业主和设计单位确认选样，投标人综合考虑报价，加工、切割、折边、损耗等不另计，中标后综合单价不予调整\n6．未尽事宜详见设计图纸、图集、设计补充说明、招标文件、政府相关文件及规范等其它资料，满足验收要求","不锈钢及玻璃制品","2包","m",151.36,43.6,6599.3,null,"按现场实际发生量长度计算",{"$nulls":3},"m",151.36,0,-151.36,{"v":0,"d":"0.00"},false,-6599.3]
[601,"9#","工程名称：9#-JS-2套房",45,11207001003,"墙面装饰板","1. 部位：客厅电视背景等\n2. 龙骨材料种类、规格：50mm竖向天地龙骨，配C50龙骨\n3. 基层材料种类、规格：12mm阻燃夹板+9mm阻燃夹板\n4. 面层材料品种、规格、颜色：5mm银镜饰面（MR-A01）+1.2mm黄古铜不锈钢（MT-A01）\n5．防护材料种类：所有装修用木材均应进行防火、防腐处理\n6．施工时面层颜色、样式由甲方和设计单位确认选样，加工、排版损耗等不另计，投标人综合考虑报价，中标后综合单价不予调整\n7．未尽事宜详见设计图纸、图集、设计补充说明、招标文件、政府相关文件及规范等其它资料，满足验收要求","1. 部位：客厅电视背景等\n4. 面层材料品种、规格、颜色：5mm银镜饰面（MR-A01）+1.2mm黄古铜不锈钢（MT-A01）\n6．施工时面层颜色、样式由甲方和设计单位确认选样，加工、排版损耗等不另计，投标人综合考虑报价，中标后综合单价不予调整\n7．未尽事宜详见设计图纸、图集、设计补充说明、招标文件、政府相关文件及规范等其它资料，满足验收要求","不锈钢及玻璃制品","2包","m2",7.12,298.55,2125.68,45,"按深化节点图与实际的展开面积计算（见光面）",7.22,385,2779.7,"m2",7.22,2779.7,0.09999999999999964,{"v":1.0140449438202246,"d":"1.01"},true,654.02]
[602,"9#","工程名称：9#-JS-2套房",46,11207001004,"墙面装饰板","1. 部位：衣帽间等\n2. 基层材料种类、规格：12mm阻燃夹板+9mm阻燃夹板\n3. 面层材料品种、规格、颜色：5mm银镜饰面（MR-A01）+1.2mm黄古铜不锈钢（MT-A01）\n4．防护材料种类：所有装修用木材均应进行防火、防腐处理\n5．施工时面层颜色、样式由甲方和设计单位确认选样，加工、排版损耗等不另计，投标人综合考虑报价，中标后综合单价不予调整\n6．未尽事宜详见设计图纸、图集、设计补充说明、招标文件、政府相关文件及规范等其它资料，满足验收要求","1. 部位：衣帽间等\n3. 面层材料品种、规格、颜色：5mm银镜饰面（MR-A01）+1.2mm黄古铜不锈钢（MT-A01）\n5．施工时面层颜色、样式由甲方和设计单位确认选样，加工、排版损耗等不另计，投标人综合考虑报价，中标后综合单价不予调整\n6．未尽事宜详见设计图纸、图集、设计补充说明、招标文件、政府相关文件及规范等其它资料，满足验收要求","不锈钢及玻璃制品","2包","m2",13.28,335.6,4456.77,46,"按投影面积",13.28,385,5112.8,"m2",13.28,5112.8,0,{"v":1,"d":"1.00"},true,656.0299999999997]
[603,"9#","工程名称：9#-JS-2套房",51,11207001009,"墙面装饰板","1. 部位：客厅电视背景、卧室背景墙等\n2. 基层材料种类、规格：双层9mm阻燃夹板\n3. 面层材料品种、规格、颜色：1.2mm黄古铜不锈钢（MT-A01），哑光防指纹/拉丝直纹\n4.防护材料种类：所有装修用木材均应进行防火、防腐处理\n5．施工时面层颜色、样式由甲方和设计单位确认选样，加工、排版损耗等不另计，投标人综合考虑报价，中标后综合单价不予调整\n6．未尽事宜详见设计图纸、图集、设计补充说明、招标文件、政府相关文件及规范等其它资料，满足验收要求","1. 部位：客厅电视背景、卧室背景墙等\n3. 面层材料品种、规格、颜色：1.2mm黄古铜不锈钢（MT-A01），哑光防指纹/拉丝直纹\n5．施工时面层颜色、样式由甲方和设计单位确认选样，加工、排版损耗等不另计，投标人综合考虑报价，中标后综合单价不予调整\n6．未尽事宜详见设计图纸、图集、设计补充说明、招标文件、政府相关文件及规范等其它资料，满足验收要求","不锈钢及玻璃制品","2包","m2",10.32,354.25,3655.86,51,"按深化节点图与实际的展开面积计算（见光面）",10.32,550,5676,"m2",10.32,5676,0,{"v":1,"d":"1.00"},true,2020.1399999999999]
[604,"9#","工程名称：9#-JS-2套房",52,11207001010,"墙面装饰板","1. 基层材料种类、规格：9mm阻燃夹板\n2. 面层材料品种、规格、颜色：1.2mm拉丝黑钛（MT-A08）\n3.防护材料种类：所有装修用木材均应进行防火、防腐处理\n4．施工时面层颜色、样式由甲方和设计单位确认选样，加工、排版损耗等不另计，投标人综合考虑报价，中标后综合单价不予调整\n5．未尽事宜详见设计图纸、图集、设计补充说明、招标文件、政府相关文件及规范等其它资料，满足验收要求","2. 面层材料品种、规格、颜色：1.2mm拉丝黑钛（MT-A08）\n3.防护材料种类：所有装修用木材均应进行防火、防腐处理\n4．施工时面层颜色、样式由甲方和设计单位确认选样，加工、排版损耗等不另计，投标人综合考虑报价，中标后综合单价不予调整\n5．未尽事宜详见设计图纸、图集、设计补充说明、招标文件、政府相关文件及规范等其它资料，满足验收要求","不锈钢及玻璃制品","2包","m2",30.9,354.25,10946.33,null,"按投影面积",{"$nulls":3},"m2",30.9,0,-30.9,{"v":0,"d":"0.00"},false,-10946.33]
[605,"9#","工程名称：9#-JS-2套房",53,11207001011,"墙面装饰板","1. 基层材料种类、规格：9mm阻燃夹板\n2. 面层材料品种、规格、颜色：1.2mm青铜色不锈钢（MT-A09）\n3.防护材料种类：所有装修用木材均应进行防火、防腐处理\n4．施工时面层颜色、样式由甲方和设计单位确认选样，加工、排版损耗等不另计，投标人综合考虑报价，中标后综合单价不予调整\n5．未尽事宜详见设计图纸、图集、设计补充说明、招标文件、政府相关文件及规范等其它资料，满足验收要求","2. 面层材料品种、规格、颜色：1.2mm青铜色不锈钢（MT-A09）\n3.防护材料种类：所有装修用木材均应进行防火、防腐处理\n4．施工时面层颜色、样式由甲方和设计单位确认选样，加工、排版损耗等不另计，投标人综合考虑报价，中标后综合单价不予调整\n5．未尽事宜详见设计图纸、图集、设计补充说明、招标文件、政府相关文件及规范等其它资料，满足验收要求","不锈钢及玻璃制品","2包","m2",4.2,354.25,1487.85,53,"按深化节点图与实际的展开面积计算（见光面）",4.5,550,2475,"m2",4.5,2475,0.2999999999999998,{"v":1.0714285714285714,"d":"1.07"},true,987.1500000000001]
[606,"9#","工程名称：9#-JS-2套房",54,11207001012,"墙面装饰板","1. 基层材料种类、规格：9mm阻燃夹板\n2. 面层材料品种、规格、颜色：1.2mm褐色不锈钢（MT-A10）\n3.防护材料种类：所有装修用木材均应进行防火、防腐处理\n4．施工时面层颜色、样式由甲方和设计单位确认选样，加工、排版损耗等不另计，投标人综合考虑报价，中标后综合单价不予调整\n5．未尽事宜详见设计图纸、图集、设计补充说明、招标文件、政府相关文件及规范等其它资料，满足验收要求","2. 面层材料品种、规格、颜色：1.2mm褐色不锈钢（MT-A10）\n3.防护材料种类：所有装修用木材均应进行防火、防腐处理\n4．施工时面层颜色、样式由甲方和设计单位确认选样，加工、排版损耗等不另计，投标人综合考虑报价，中标后综合单价不予调整\n5．未尽事宜详见设计图纸、图集、设计补充说明、招标文件、政府相关文件及规范等其它资料，满足验收要求","不锈钢及玻璃制品","2包","m2",51.6,354.25,18279.3,54,"按深化节点图与实际的展开面积计算（见光面）",52.5,550,28875,"m2",52.5,28875,0.8999999999999986,{"v":1.0174418604651163,"d":"1.02"},true,10595.7]
[607,"9#","工程名称：9#-JS-2套房",55,11502001001,"金属装饰条","1．部位：卧室、电视背景墙、马桶间、客厅等\n2．线条材料品种、规格、颜色：1.2mm黄古铜不锈钢（MT-A01），展开宽度60以内\n3．施工时面层颜色、样式由业主和设计单位确认选样，投标人综合考虑报价，加工、切割、折边、损耗等不另计，中标后综合单价不予调整\n4．未尽事宜详见设计图纸、图集、设计补充说明、招标文件、政府相关文件及规范等其它资料，满足验收要求","1．部位：卧室、电视背景墙、马桶间、客厅等\n2．线条材料品种、规格、颜色：1.2mm黄古铜不锈钢（MT-A01），展开宽度60以内\n3．施工时面层颜色、样式由业主和设计单位确认选样，投标人综合考虑报价，加工、切割、折边、损耗等不另计，中标后综合单价不予调整\n4．未尽事宜详见设计图纸、图集、设计补充说明、招标文件、政府相关文件及规范等其它资料，满足验收要求","不锈钢及玻璃制品","2包","m",12.84,43.6,559.82,55,"按现场实际发生量长度计算",13.2,50,660,"m",12.84,642,0.35999999999999943,{"v":1.02803738317757,"d":"1.03"},true,100.17999999999995]
[608,"9#","工程名称：9#-JS-2套房",58,11207001014,"墙面装饰板","1. 部位：JS-2客厅等\n2. 基层材料种类、规格：双层12mm阻燃夹板\n3. 面层材料品种、规格、颜色： 6+1.52pvb+6mm夹胶安全超白玻璃(GL-A02）+四周1.2mm黄古铜不锈钢（MT-A01）\n4. 防护材料种类：所有装修用木材均应进行防火、防腐处理\n5．施工时面层颜色、样式由甲方和设计单位确认选样，加工、排版损耗等不另计，投标人综合考虑报价，中标后综合单价不予调整\n6．未尽事宜详见设计图纸、图集、设计补充说明、招标文件、政府相关文件及规范等其它资料，满足验收要求","1. 部位：JS-2客厅等\n3. 面层材料品种、规格、颜色： 6+1.52pvb+6mm夹胶安全超白玻璃(GL-A02）+四周1.2mm黄古铜不锈钢（MT-A01）\n4. 防护材料种类：所有装修用木材均应进行防火、防腐处理\n5．施工时面层颜色、样式由甲方和设计单位确认选样，加工、排版损耗等不另计，投标人综合考虑报价，中标后综合单价不予调整\n6．未尽事宜详见设计图纸、图集、设计补充说明、招标文件、政府相关文件及规范等其它资料，满足验收要求","不锈钢及玻璃制品","2包","m2",43.28,574.18,24850.48,58,"按投影面积",43,720,30960,"m2",43.28,31161.600000000002,-0.28000000000000114,{"v":0.9935304990757856,"d":"0.99"},true,6109.52]
[609,"9#","工程名称：9#-JS-2套房",61,11207001017,"墙面装饰板","1. 部位：床头背景墙等\n2. 龙骨材料种类、规格：热镀锌钢龙骨（不分规格型号，投标人综合考虑）\n3. 基层材料种类、规格：9mm阻燃夹板+9.5mm耐火石膏板\n4. 面层材料品种、规格、颜色：一边12mm橡木饰面（WD-A01）+一边墙布饰面（WC-A04A）+1.2mm黄古铜不锈钢(MT-A01)+40*70不锈钢方通等\n5. 防护材料种类：所有装修用木材均应进行防火、防腐处理\n6．施工时面层颜色、样式由甲方和设计单位确认选样，加工、排版损耗等不另计，投标人综合考虑报价，中标后综合单价不予调整\n7．未尽事宜详见设计图纸、图集、设计补充说明、招标文件、政府相关文件及规范等其它资料，满足验收要求","1. 部位：床头背景墙等\n4. 面层材料品种、规格、颜色：一边墙布饰面（WC-A04A）+1.2mm黄古铜不锈钢(MT-A01)+40*70不锈钢方通等\n5. 防护材料种类：所有装修用木材均应进行防火、防腐处理\n6．施工时面层颜色、样式由甲方和设计单位确认选样，加工、排版损耗等不另计，投标人综合考虑报价，中标后综合单价不予调整\n7．未尽事宜详见设计图纸、图集、设计补充说明、招标文件、政府相关文件及规范等其它资料，满足验收要求","不锈钢及玻璃制品","2包","m2",11.34,227.38,2578.54,61,"按深化节点图与实际的展开面积计算（见光面）",11.3,560,6328,"m2",11.3,6328,-0.03999999999999915,{"v":0.9964726631393299,"d":"1.00"},true,3749.46]
[610,"9#","工程名称：9#-JS-2套房",62,11502001002,"金属装饰条","1．部位：客厅、卫生间、卧室、衣帽间、玄关等天棚处\n2．嵌条材料品种、规格、颜色：1.2mm黄古铜不锈钢(MT-A01)，哑光防指纹/拉丝直纹，展开宽度60mm以内\n3．施工时面层颜色、样式由业主和设计单位确认选样，投标人综合考虑报价，加工、切割、折边、损耗等不另计，中标后综合单价不予调整\n4．未尽事宜详见设计图纸、图集、设计补充说明、招标文件、政府相关文件及规范等其它资料，满足验收要求","1．部位：客厅、卫生间、卧室、衣帽间、玄关等天棚处\n2．嵌条材料品种、规格、颜色：1.2mm黄古铜不锈钢(MT-A01)，哑光防指纹/拉丝直纹，展开宽度60mm以内\n3．施工时面层颜色、样式由业主和设计单位确认选样，投标人综合考虑报价，加工、切割、折边、损耗等不另计，中标后综合单价不予调整\n4．未尽事宜详见设计图纸、图集、设计补充说明、招标文件、政府相关文件及规范等其它资料，满足验收要求","不锈钢及玻璃制品","2包","m",11.55,43.6,503.58,62,"按现场实际发生量长度计算",12,50,600,"m",11.55,577.5,0.4499999999999993,{"v":1.0389610389610389,"d":"1.04"},true,96.42000000000002]
[611,"9#","工程名称：9#-JS-2套房",63,11502001003,"金属装饰条","1. 部位：卧室背景墙等\n2. 线条材料种类、规格：1.2mm黄古铜不锈钢(MT-A01)，展开宽度60-100mm以内\n3．施工时面层颜色、样式由业主和设计单位确认选样，投标人综合考虑报价，加工、切割、折边、损耗等不另计，中标后综合单价不予调整\n4．未尽事宜详见设计图纸、图集、设计补充说明、招标文件、政府相关文件及规范等其它资料，满足验收要求","1. 部位：卧室背景墙等\n2. 线条材料种类、规格：1.2mm黄古铜不锈钢(MT-A01)，展开宽度60-100mm以内\n3．施工时面层颜色、样式由业主和设计单位确认选样，投标人综合考虑报价，加工、切割、折边、损耗等不另计，中标后综合单价不予调整\n4．未尽事宜详见设计图纸、图集、设计补充说明、招标文件、政府相关文件及规范等其它资料，满足验收要求","不锈钢及玻璃制品","2包","m",29.55,59.95,1771.52,63,"按现场实际发生量长度计算",35,60,2100,"m",29.55,1773,5.449999999999999,{"v":1.1844331641285957,"d":"1.18"},true,328.48]
[612,"9#","工程名称：9#-JS-2套房",64,11502001004,"金属装饰条","1. 部位：卧室背景墙\n2. 线条材料种类、规格：50*10mm黄古铜不锈钢方通(MT-A01)\n3．施工时面层颜色、样式由业主和设计单位确认选样，投标人综合考虑报价，加工、切割、折边、损耗等不另计，中标后综合单价不予调整\n4．未尽事宜详见设计图纸、图集、设计补充说明、招标文件、政府相关文件及规范等其它资料，满足验收要求","1. 部位：卧室背景墙\n2. 线条材料种类、规格：50*10mm黄古铜不锈钢方通(MT-A01)\n3．施工时面层颜色、样式由业主和设计单位确认选样，投标人综合考虑报价，加工、切割、折边、损耗等不另计，中标后综合单价不予调整\n4．未尽事宜详见设计图纸、图集、设计补充说明、招标文件、政府相关文件及规范等其它资料，满足验收要求","不锈钢及玻璃制品","2包","m",11.55,65.4,755.37,64,"按现场实际发生量长度计算",12,135,1620,"m",11.55,1559.25,0.4499999999999993,{"v":1.0389610389610389,"d":"1.04"},true,864.63]
[613,"9#","工程名称：9#-JS-2套房",68,11207001018,"墙面装饰板","1. 部位：马桶纸巾架处等\n2. 基层材料种类、规格：双层9mm硅酸钙板\n3. 面层材料品种、规格、颜色：1.2mm深古铜拉丝不锈钢（MT-A03）\n4.防护材料种类：所有装修用木材均应进行防火、防腐处理\n5．施工时面层颜色、样式由甲方和设计单位确认选样，加工、排版损耗等不另计，投标人综合考虑报价，中标后综合单价不予调整\n6．未尽事宜详见设计图纸、图集、设计补充说明、招标文件、政府相关文件及规范等其它资料，满足验收要求","1. 部位：马桶纸巾架处等\n3. 面层材料品种、规格、颜色：1.2mm深古铜拉丝不锈钢（MT-A03）\n4.防护材料种类：所有装修用木材均应进行防火、防腐处理\n5．施工时面层颜色、样式由甲方和设计单位确认选样，加工、排版损耗等不另计，投标人综合考虑报价，中标后综合单价不予调整\n6．未尽事宜详见设计图纸、图集、设计补充说明、招标文件、政府相关文件及规范等其它资料，满足验收要求","不锈钢及玻璃制品","2包","m2",1.26,354.25,446.36,68,"按深化节点图与实际的展开面积计算（见光面）",2,550,1100,"m2",2,1100,0.74,{"v":1.5873015873015872,"d":"1.59"},true,653.64]
[614,"9#","工程名称：9#-JS-2套房",69,11210005001,"玻璃隔断","1. 部位：淋浴、马桶间\n2. 隔断材料种类、规格：6+1.52.pvb+6mm夹丝玻璃（GL-A01）+四周1.2mm黄古铜不锈钢包边（MT-A01）\n3. 报价含U型槽固定件等\n4. 施工时面层颜色、样式由甲方和设计单位确认选样，加工、排版损耗等不另计，投标人综合考虑报价，中标后综合单价不予调整\n5．未尽事宜详见设计图纸、图集、设计补充说明、招标文件、政府相关文件及规范等其它资料，满足验收要求","1. 部位：淋浴、马桶间\n2. 隔断材料种类、规格：6+1.52.pvb+6mm夹丝玻璃（GL-A01）+四周1.2mm黄古铜不锈钢包边（MT-A01）\n3. 报价含U型槽固定件等\n4. 施工时面层颜色、样式由甲方和设计单位确认选样，加工、排版损耗等不另计，投标人综合考虑报价，中标后综合单价不予调整\n5．未尽事宜详见设计图纸、图集、设计补充说明、招标文件、政府相关文件及规范等其它资料，满足验收要求","不锈钢及玻璃制品","2包","m2",5.04,850.2,4285.01,69,"按投影面积",5.1,1380,7037.999999999999,"m2",5.04,6955.2,0.05999999999999961,{"v":1.0119047619047619,"d":"1.01"},true,2752.989999999999]
[615,"9#","工程名称：9#-JS-2套房",70,11210005002,"成品屏风","1. 部位：洗手台旁\n2. 龙骨、基层材料种类、规格：热镀锌钢龙骨（不分规格型号，投标人综合考虑）+9mm阻燃夹板，顶部、底部加固综合考虑\n3. 面层材料品种、规格、颜色：6+1.52pvb+6mm夹胶安全超白玻璃（GL-A02），四周1.2mm黄古铜不锈钢（MT-A01）\n4. 施工时面层颜色、样式由甲方和设计单位确认选样，加工、排版损耗等不另计，投标人综合考虑报价，中标后综合单价不予调整\n5．未尽事宜详见设计图纸、图集、设计补充说明、招标文件、政府相关文件及规范等其它资料，满足验收要求","1. 部位：洗手台旁\n3. 面层材料品种、规格、颜色：6+1.52pvb+6mm夹胶安全超白玻璃（GL-A02），四周1.2mm黄古铜不锈钢（MT-A01）\n4. 施工时面层颜色、样式由甲方和设计单位确认选样，加工、排版损耗等不另计，投标人综合考虑报价，中标后综合单价不予调整\n5．未尽事宜详见设计图纸、图集、设计补充说明、招标文件、政府相关文件及规范等其它资料，满足验收要求","不锈钢及玻璃制品","2包","m2",9.9,1147.17,11356.99,70,"按投影面积",9.9,950,9405,"m2",9.9,9405,0,{"v":1,"d":"1.00"},true,-1951.9899999999998]
[616,"9#","工程名称：9#-JS-2套房",73,"WB011302005003","天棚吊顶","1．部位：玄关、卫生间等\n2．面层材料品种、规格、颜色：1.2mm黄古铜不锈钢(MT-A01)\n3．施工时面层颜色、样式由业主和设计单位确认选样，投标人综合考虑报价，加工、切割、折边、损耗等不另计，中标后综合单价不予调整\n4．未尽事宜详见设计图纸、图集、设计补充说明、招标文件、政府相关文件及规范等其它资料，满足验收要求","1．部位：玄关、卫生间等\n2．面层材料品种、规格、颜色：1.2mm黄古铜不锈钢(MT-A01)\n3．施工时面层颜色、样式由业主和设计单位确认选样，投标人综合考虑报价，加工、切割、折边、损耗等不另计，中标后综合单价不予调整\n4．未尽事宜详见设计图纸、图集、设计补充说明、招标文件、政府相关文件及规范等其它资料，满足验收要求","不锈钢及玻璃制品","2包","m2",2.73,354.25,967.1,null,"按深化节点图与实际的展开面积计算（见光面）",{"$nulls":3},"m2",2.73,0,-2.73,{"v":0,"d":"0.00"},false,-967.1]
[617,"9#","工程名称：9#-JS-2套房",80,11502001005,"金属装饰条","1．部位：客厅、卫生间、卧室、衣帽间、玄关等天棚处\n2．嵌条材料品种、规格、颜色：1.2mm黄古铜不锈钢(MT-A01)，哑光防指纹/拉丝直纹，展开宽度60mm以内\n3．施工时面层颜色、样式由业主和设计单位确认选样，投标人综合考虑报价，加工、切割、折边、损耗等不另计，中标后综合单价不予调整\n4．未尽事宜详见设计图纸、图集、设计补充说明、招标文件、政府相关文件及规范等其它资料，满足验收要求","1．部位：客厅、卫生间、卧室、衣帽间、玄关等天棚处\n2．嵌条材料品种、规格、颜色：1.2mm黄古铜不锈钢(MT-A01)，哑光防指纹/拉丝直纹，展开宽度60mm以内\n3．施工时面层颜色、样式由业主和设计单位确认选样，投标人综合考虑报价，加工、切割、折边、损耗等不另计，中标后综合单价不予调整\n4．未尽事宜详见设计图纸、图集、设计补充说明、招标文件、政府相关文件及规范等其它资料，满足验收要求","不锈钢及玻璃制品","2包","m",249.52,43.6,10879.07,80,"按现场实际发生量长度计算",265,50,13250,"m",249.52,12476,15.47999999999999,{"v":1.0620391151009938,"d":"1.06"},true,2370.9300000000003]
[618,"9#","工程名称：9#-JS-2套房",87,"WB011501001002","衣帽间衣柜","1. 部位：衣帽间\n2. 柜体尺寸：650mm*3000mm*长（具体详见设计文件）\n3. 龙骨材质种类、规格：热镀锌钢龙骨（不分规格型号，投标人综合考虑）、木龙骨等\n4．基层板材质种类、规格：基层类型及厚度综合考虑，具体详见设计文件\n5．材料种类：12mm橡木饰面（WD-A01）、墙布饰面(WC-A04)、夹丝玻璃（GL-A01）、星白大理石台面（ST-02）、1.2mm黄古铜不锈钢（MT-A01），橡木饰面抽屉柜、不锈钢踢脚线(MT-A01)等\n6．五金种类、规格：单价包含挂衣杆、五金合页、抽屉滑轨、阻尼隔振胶垫、暗藏灯槽等\n7．按照立面投影面积计算\n8．防护材料种类：所有装修用木材均应进行防火、防腐处理\n9．施工时面层颜色、样式由甲方和设计单位确认选样，加工、排版损耗等不另计，投标人综合考虑报价，中标后综合单价不予调整\n10．未尽事宜详见设计图纸、图集、设计补充说明、招标文件、政府相关文件及规范等其它资料，满足验收要求","1. 部位：衣帽间\n2. 柜体尺寸：650mm*3000mm*长（具体详见设计文件）\n5．材料种类：墙布饰面(WC-A04)、不锈钢踢脚线(MT-A01)等\n7．按照立面投影面积计算\n9．施工时面层颜色、样式由甲方和设计单位确认选样，加工、排版损耗等不另计，投标人综合考虑报价，中标后综合单价不予调整\n10．未尽事宜详见设计图纸、图集、设计补充说明、招标文件、政府相关文件及规范等其它资料，满足验收要求","不锈钢及玻璃制品","2包","m2",27.36,19.12,523.08,87,"按现场实际发生量长度计算",15,45,675,"m",15,675,-12.36,{"v":0.5482456140350878,"d":"0.55"},true,151.91999999999996]
[619,"9#","工程名称：9#-JS-2套房",88,"WB011501001003","洗手台+柜体","1. 部位：卫生间\n2．规格：长1200mm*宽600mm*高850mm\n3．龙骨材料种类、规格：局部热镀锌钢龙骨（不分规格型号，投标人综合考虑）\n4．面层材料品种、规格、颜色：18mm鎏金白玉大理石(ST-A04)台面及挡水条、橡木饰面柜体及橡木饰面隔板（WD-A01 ）、局部1.2mm黄古铜不锈钢(MT-A01)装饰嵌条、踢脚线及包边，单价包含灯槽成型等\n5. 所有石材材料在施工前须做六面防护处理,石材结晶，以保证防水、防腐、防污、防油\n6. 施工时面层颜色、样式由甲方和设计单位确认选样，倒角，磨边、切割等加工费不另计，投标人综合考虑报价，中标后综合单价不予调整\n7. 未尽事宜详见设计图纸、图集、设计补充说明、招标文件、政府相关文件及规范等其它资料，满足验收要求","1. 部位：卫生间\n2．规格：长1200mm*宽600mm*高850mm\n4．面层材料品种、规格、颜色：踢脚线等\n6. 施工时面层颜色、样式由甲方和设计单位确认选样，倒角，磨边、切割等加工费不另计，投标人综合考虑报价，中标后综合单价不予调整\n7. 未尽事宜详见设计图纸、图集、设计补充说明、招标文件、政府相关文件及规范等其它资料，满足验收要求","不锈钢及玻璃制品","2包","m",7.2,43.6,313.92,null,"按现场实际发生量长度计算",{"$nulls":3},"m",7.2,0,-7.2,{"v":0,"d":"0.00"},false,-313.92]
[620,"9#","工程名称：9#-JS-2套房",90,11207001019,"墙面装饰板","1. 部位：卫生间\n2. 龙骨材质种类、规格：镀锌钢龙骨（规格型号综合考虑）\n3. 基层材料种类、规格：18mm阻燃夹板，局部9mm阻燃夹板\n4. 面层材料品种、规格、颜色：5mm银镜饰面（MR-A01）\n5. 四周1.2mm黄古铜不锈钢(MT-A01）金属包边\n6. 防护材料种类：所有装修用木材均应进行防火、防腐处理\n7．施工时面层颜色、样式由甲方和设计单位确认选样，加工、排版损耗等不另计，投标人综合考虑报价，中标后综合单价不予调整\n8．未尽事宜详见设计图纸、图集、设计补充说明、招标文件、政府相关文件及规范等其它资料，满足验收要求","1. 部位：卫生间\n4. 面层材料品种、规格、颜色：5mm银镜饰面（MR-A01）\n5. 四周1.2mm黄古铜不锈钢(MT-A01）金属包边\n7．施工时面层颜色、样式由甲方和设计单位确认选样，加工、排版损耗等不另计，投标人综合考虑报价，中标后综合单价不予调整\n8．未尽事宜详见设计图纸、图集、设计补充说明、招标文件、政府相关文件及规范等其它资料，满足验收要求","不锈钢及玻璃制品","2包","m2",14.25,303.48,4324.56,90,"按投影面积",14.5,385,5582.5,"m2",14.25,5486.25,0.25,{"v":1.0175438596491229,"d":"1.02"},true,1257.9399999999996]
[621,"9#","工程名称：9#-JS-2套房",91,11207001020,"墙面装饰板","1. 部位：淋浴壁龛\n2. 基层材料种类、规格：9mm硅酸钙板\n3. 面层材料品种、规格、颜色：5mm茶镜饰面（MR-A02），四周1.2mm黄古铜不锈钢（MT-A01）包边\n4. 施工时面层颜色、样式由业主和设计单位确认选样，投标人综合考虑报价，加工、切割、折边、损耗等不另计，中标后综合单价不予调整\n5.其他：未尽事宜详见式设计图纸、图集、设计补充说明、招标文件、政府相关文件及规范等其它资料，满足验收要求","1. 部位：淋浴壁龛\n3. 面层材料品种、规格、颜色：5mm茶镜饰面（MR-A02），四周1.2mm黄古铜不锈钢（MT-A01）包边\n4. 施工时面层颜色、样式由业主和设计单位确认选样，投标人综合考虑报价，加工、切割、折边、损耗等不另计，中标后综合单价不予调整\n5.其他：未尽事宜详见式设计图纸、图集、设计补充说明、招标文件、政府相关文件及规范等其它资料，满足验收要求","不锈钢及玻璃制品","2包","m2",1.13,388.78,439.32,91,"按现场实际发生量长度计算",1.13,1180,1333.3999999999999,"m",1.13,1333.3999999999999,0,{"v":1,"d":"1.00"},true,894.0799999999999]
[622,"9#","工程名称：9#-K标间客房",3,10801001001,"入户门","1．部位：标间客房\n2．门室内侧外框尺寸：1180*3000mm，室外侧外框尺寸详见设计文件\n3．门套材料种类、规格：室内侧15mm阻燃夹板+橡木饰面门套(WD-A01 )，过道侧1.2mm黄古铜不锈钢线条(MT-A01)\n4．门楣材料种类、规格：15mm阻燃夹板+9mm阻燃夹板+橡木饰面门楣（WD-A01）\n5．门扇材料种类、规格：橡木饰面入户门(WD-A01)，包含30mm细木工板成品门芯、20*40mm热镀锌方通钢龙骨，双面9mm阻燃夹板，外侧1.2mm黄古铜不锈钢（防指纹）线条(MT-A01)\n6．五金品种、规格：包含但不限于凸轮暗藏闭门器、门底挡尘条、猫眼、防盗链、门碰、暗藏五金合页(选型一侧三副)、消音胶条等五金件,门锁此处报价不考虑\n7．防护材料种类：所有装修用木材均应进行防火、防腐处理\n8．施工时面层颜色、样式由甲方和设计单位确认选样，投标人综合考虑报价，加工、切割、折边、损耗等不另计，中标后综合单价不予调整\n9．未尽事宜详见设计图纸、图集、设计补充说明、招标文件、政府相关文件及规范等其它资料，满足验收要求","1．部位：标间客房\n2．门室内侧外框尺寸：1180*3000mm，室外侧外框尺寸详见设计文件\n3．门套材料种类、规格：过道侧1.2mm黄古铜不锈钢线条(MT-A01)\n5．门扇材料种类、规格：外侧1.2mm黄古铜不锈钢（防指纹）线条(MT-A01)\n7．防护材料种类：所有装修用木材均应进行防火、防腐处理\n8．施工时面层颜色、样式由甲方和设计单位确认选样，投标人综合考虑报价，加工、切割、折边、损耗等不另计，中标后综合单价不予调整\n9．未尽事宜详见设计图纸、图集、设计补充说明、招标文件、政府相关文件及规范等其它资料，满足验收要求","不锈钢及玻璃制品","2包","樘",19,401.12,7621.28,3,null,19,455,8645,"樘",19,8645,0,{"v":1,"d":"1.00"},true,1023.7200000000003]
[623,"9#","工程名称：9#-K标间客房",4,10805005001,"玻璃门","1．部位：玄关通往卫生间\n2．门代号及洞口尺寸：1200*3000mm卫生间（M-02）\n3.  门扇饰面材质种类、规格：6+1.52.pvb+6mm夹丝玻璃(GL-A01)，四周1.2mm黄古铜不锈钢边框(MT-A01)，哑光防指纹/拉丝直纹\n4． 五金品种、规格：包括但不限于定制金属执手、液压门轴等相应五金件等价格。\n5．施工时面层颜色、样式由甲方和设计单位确认选样，投标人综合考虑报价，加工、切割、折边、损耗等不另计，中标后综合单价不予调整\n6．未尽事宜详见设计图纸、图集、设计补充说明、招标文件、政府相关文件及规范等其它资料，满足验收要求","1．部位：玄关通往卫生间\n2．门代号及洞口尺寸：1200*3000mm卫生间（M-02）\n3.  门扇饰面材质种类、规格：6+1.52.pvb+6mm夹丝玻璃(GL-A01)，四周1.2mm黄古铜不锈钢边框(MT-A01)，哑光防指纹/拉丝直纹\n4． 五金品种、规格：包括但不限于定制金属执手、液压门轴等相应五金件等价格。\n5．施工时面层颜色、样式由甲方和设计单位确认选样，投标人综合考虑报价，加工、切割、折边、损耗等不另计，中标后综合单价不予调整\n6．未尽事宜详见设计图纸、图集、设计补充说明、招标文件、政府相关文件及规范等其它资料，满足验收要求","不锈钢及玻璃制品","2包","m2",76.33,2410.72,184010.28,4,"按投影面积",76.33,1380,105335.4,"m2",76.33,105335.4,0,{"v":1,"d":"1.00"},true,-78674.88]
[624,"9#","工程名称：9#-K标间客房",5,10807001001,"金属窗","1．部位：浴缸处玻璃窗\n2．顶部、底部镀锌钢龙骨加固，规格型号综合考虑\n3．隔断玻璃品种、厚度：6+1.52pvb+6mm夹胶安全超白玻璃（GL-A02）\n4．施工时面层颜色、样式由甲方和设计单位确认选样，加工、排版损耗等不另计，投标人综合考虑报价，中标后综合单价不予调整\n5．未尽事宜详见设计图纸、图集、设计补充说明、招标文件、政府相关文件及规范等其它资料，满足验收要求","1．部位：浴缸处玻璃窗\n2．顶部、底部镀锌钢龙骨加固，规格型号综合考虑\n3．隔断玻璃品种、厚度：6+1.52pvb+6mm夹胶安全超白玻璃（GL-A02）\n4．施工时面层颜色、样式由甲方和设计单位确认选样，加工、排版损耗等不另计，投标人综合考虑报价，中标后综合单价不予调整\n5．未尽事宜详见设计图纸、图集、设计补充说明、招标文件、政府相关文件及规范等其它资料，满足验收要求","不锈钢及玻璃制品","2包","m2",86.99,670.35,58313.75,5,"按投影面积",86,530,45580,"m2",86.99,46104.7,-0.9899999999999949,{"v":0.9886193815381079,"d":"0.99"},true,-12733.75]
[625,"9#","工程名称：9#-K标间客房",6,10808001001,"不锈钢窗套","1．部位：浴缸处玻璃窗\n2． 基层材料种类、规格：双层9mm硅酸钙板，局部三层\n3．面层材料种类、规格：1.2mm黄古铜不锈钢（MT-A01），哑光防指纹/拉丝直纹\n4．施工时面层颜色、样式由甲方和设计单位确认选样，投标人综合考虑报价，加工、切割、折边、损耗等不另计，中标后综合单价不予调整\n5．未尽事宜详见设计图纸、图集、设计补充说明、招标文件、政府相关文件及规范等其它资料，满足验收要求","1．部位：浴缸处玻璃窗\n3．面层材料种类、规格：1.2mm黄古铜不锈钢（MT-A01），哑光防指纹/拉丝直纹\n4．施工时面层颜色、样式由甲方和设计单位确认选样，投标人综合考虑报价，加工、切割、折边、损耗等不另计，中标后综合单价不予调整\n5．未尽事宜详见设计图纸、图集、设计补充说明、招标文件、政府相关文件及规范等其它资料，满足验收要求","不锈钢及玻璃制品","2包","m2",28.11,381.5,10723.96,6,"按深化节点图与实际的展开面积计算（见光面）",29.2,550,16060,"m2",29.2,16060,1.0899999999999999,{"v":1.0387762362148703,"d":"1.04"},true,5336.040000000001]
[626,"9#","工程名称：9#-K标间客房",7,10808001002,"不锈钢门套","1．部位：卫生间玻璃门\n2．基层材料种类、规格：双层12mm阻燃夹板\n3．面层材料种类、规格：1.2mm黄古铜不锈钢（MT-A01），哑光防指纹/拉丝直纹\n4．防护材料种类：所有装修用木材均应进行防火、防腐处理\n5．施工时面层颜色、样式由甲方和设计单位确认选样，投标人综合考虑报价，加工、切割、折边、损耗等不另计，中标后综合单价不予调整\n6．未尽事宜详见设计图纸、图集、设计补充说明、招标文件、政府相关文件及规范等其它资料，满足验收要求","1．部位：卫生间玻璃门\n3．面层材料种类、规格：1.2mm黄古铜不锈钢（MT-A01），哑光防指纹/拉丝直纹\n4．防护材料种类：所有装修用木材均应进行防火、防腐处理\n5．施工时面层颜色、样式由甲方和设计单位确认选样，投标人综合考虑报价，加工、切割、折边、损耗等不另计，中标后综合单价不予调整\n6．未尽事宜详见设计图纸、图集、设计补充说明、招标文件、政府相关文件及规范等其它资料，满足验收要求","不锈钢及玻璃制品","2包","m2",36.93,381.5,14088.79,7,"按深化节点图与实际的展开面积计算（见光面）",37.5,550,20625,"m2",37.5,20625,0.5700000000000003,{"v":1.0154346060113728,"d":"1.02"},true,6536.209999999999]
[627,"9#","工程名称：9#-K标间客房",18,"WB011105006001","成品踢脚线","1. 部位：玄关、卧室\n2. 踢脚线高度：50mm高\n3．基层材料种类、规格：12mm阻燃夹板\n4．面层材料品种、规格、颜色：1.2mm黄古铜不锈钢(MT-A01)，哑光防指纹/拉丝直纹\n5．施工时面层颜色、样式由甲方和设计单位确认选样，投标人综合考虑报价，加工、切割、折边、损耗等不另计，中标后综合单价不予调整\n6．未尽事宜详见设计图纸、图集、设计补充说明、招标文件、政府相关文件及规范等其它资料，满足验收要求","1. 部位：玄关、卧室\n2. 踢脚线高度：50mm高\n4．面层材料品种、规格、颜色：1.2mm黄古铜不锈钢(MT-A01)，哑光防指纹/拉丝直纹\n5．施工时面层颜色、样式由甲方和设计单位确认选样，投标人综合考虑报价，加工、切割、折边、损耗等不另计，中标后综合单价不予调整\n6．未尽事宜详见设计图纸、图集、设计补充说明、招标文件、政府相关文件及规范等其它资料，满足验收要求","不锈钢及玻璃制品","2包","m",533.91,43.6,23278.48,18,"按现场实际发生量长度计算",585,45,26325,"m",533.91,24025.949999999997,51.09000000000003,{"v":1.095690284879474,"d":"1.10"},true,3046.5200000000004]
[628,"9#","工程名称：9#-K标间客房",46,11207001001,"墙面装饰板","1．部位：9# 客房区床背景造型\n2．基层材料种类、规格：阻燃肋条调平，局部9mm阻燃夹板\n3．面层材料品种、规格、颜色：造型扪皮硬包饰面(12mm阻燃夹板衬板+扪皮饰面)（UP-A01）+5mm宽黄古铜不锈钢嵌条(MT-A01)，哑光防指纹/拉丝直纹\n4．防护材料种类：所有装修用木材均应进行防火、防腐处理\n6．按立面投影面积计算\n7. 施工时面层颜色、样式由甲方和设计单位确认选样，加工、排版损耗等不另计，投标人综合考虑报价，中标后综合单价不予调整\n8．未尽事宜详见设计图纸、图集、设计补充说明、招标文件、政府相关文件及规范等其它资料，满足验收要求。","1．部位：9# 客房区床背景造型\n3．面层材料品种、规格、颜色：造型扪皮硬包饰面(12mm阻燃夹板衬板+扪皮饰面)（UP-A01）+5mm宽黄古铜不锈钢嵌条(MT-A01)，哑光防指纹/拉丝直纹\n4．防护材料种类：所有装修用木材均应进行防火、防腐处理\n6．按立面投影面积计算\n7. 施工时面层颜色、样式由甲方和设计单位确认选样，加工、排版损耗等不另计，投标人综合考虑报价，中标后综合单价不予调整\n8．未尽事宜详见设计图纸、图集、设计补充说明、招标文件、政府相关文件及规范等其它资料，满足验收要求。","不锈钢及玻璃制品","2包","m2",79.09,88.38,6989.75,46,"按深化节点图与实际的展开面积计算（见光面）",82.3,550,45265,"m2",82.3,45265,3.2099999999999937,{"v":1.040586673410039,"d":"1.04"},true,38275.25]
[629,"9#","工程名称：9#-K标间客房",48,11207001003,"墙面装饰板","1．部位：客房区床背景竖向包边\n2．龙骨材料种类、规格：50mm竖向天地龙骨\n3．基层材料种类、规格：12mm阻燃夹板\n4．面层材料品种、规格、颜色：1.2mm黄古铜不锈钢(MT-A01)，哑光防指纹/拉丝直纹\n5．防护材料种类：所有装修用木材均应进行防火、防腐处理\n6．施工时面层颜色、样式由甲方和设计单位确认选样，加工、排版损耗等不另计，投标人综合考虑报价，中标后综合单价不予调整\n7．未尽事宜详见设计图纸、图集、设计补充说明、招标文件、政府相关文件及规范等其它资料，满足验收要求。","1．部位：客房区床背景竖向包边\n4．面层材料品种、规格、颜色：1.2mm黄古铜不锈钢(MT-A01)，哑光防指纹/拉丝直纹\n5．防护材料种类：所有装修用木材均应进行防火、防腐处理\n6．施工时面层颜色、样式由甲方和设计单位确认选样，加工、排版损耗等不另计，投标人综合考虑报价，中标后综合单价不予调整\n7．未尽事宜详见设计图纸、图集、设计补充说明、招标文件、政府相关文件及规范等其它资料，满足验收要求。","不锈钢及玻璃制品","2包","m2",21.79,354.25,7719.11,48,"按深化节点图与实际的展开面积计算（见光面）",22,550,12100,"m2",22,12100,0.21000000000000085,{"v":1.0096374483708124,"d":"1.01"},true,4380.89]
[630,"9#","工程名称：9#-K标间客房",50,11207001005,"墙面装饰板","1．部位：客房区床背景竖向包边\n2．基层材料种类、规格：12mm阻燃夹板\n3．面层材料品种、规格、颜色：1.2mm黄古铜不锈钢(MT-A01)，哑光防指纹/拉丝直纹\n4．防护材料种类：所有装修用木材均应进行防火、防腐处理\n5．施工时面层颜色、样式由甲方和设计单位确认选样，加工、排版损耗等不另计，投标人综合考虑报价，中标后综合单价不予调整\n6．未尽事宜详见设计图纸、图集、设计补充说明、招标文件、政府相关文件及规范等其它资料，满足验收要求。","1．部位：客房区床背景竖向包边\n3．面层材料品种、规格、颜色：1.2mm黄古铜不锈钢(MT-A01)，哑光防指纹/拉丝直纹\n4．防护材料种类：所有装修用木材均应进行防火、防腐处理\n5．施工时面层颜色、样式由甲方和设计单位确认选样，加工、排版损耗等不另计，投标人综合考虑报价，中标后综合单价不予调整\n6．未尽事宜详见设计图纸、图集、设计补充说明、招标文件、政府相关文件及规范等其它资料，满足验收要求。","不锈钢及玻璃制品","2包","m2",13.87,354.25,4913.45,50,"按深化节点图与实际的展开面积计算（见光面）",13.87,550,7628.5,"m2",13.87,7628.5,0,{"v":1,"d":"1.00"},true,2715.05]
[631,"9#","工程名称：9#-K标间客房",51,11207001006,"墙面装饰板","1．部位：客房区电视景墙\n2．基层材料种类、规格：9mm阻燃夹板\n3．面层材料品种、规格、颜色：1.2mm黄古铜不锈钢(MT-A01)，哑光防指纹/拉丝直纹\n4．防护材料种类：所有装修用木材均应进行防火、防腐处理\n5．施工时面层颜色、样式由甲方和设计单位确认选样，加工、排版损耗等不另计，投标人综合考虑报价，中标后综合单价不予调整\n6．未尽事宜详见设计图纸、图集、设计补充说明、招标文件、政府相关文件及规范等其它资料，满足验收要求","1．部位：客房区电视景墙\n3．面层材料品种、规格、颜色：1.2mm黄古铜不锈钢(MT-A01)，哑光防指纹/拉丝直纹\n4．防护材料种类：所有装修用木材均应进行防火、防腐处理\n5．施工时面层颜色、样式由甲方和设计单位确认选样，加工、排版损耗等不另计，投标人综合考虑报价，中标后综合单价不予调整\n6．未尽事宜详见设计图纸、图集、设计补充说明、招标文件、政府相关文件及规范等其它资料，满足验收要求","不锈钢及玻璃制品","2包","m2",27.86,354.25,9869.4,51,"按深化节点图与实际的展开面积计算（见光面）",28.5,550,15675,"m2",28.5,15675,0.6400000000000006,{"v":1.0229720028715004,"d":"1.02"},true,5805.6]
[632,"9#","工程名称：9#-K标间客房",59,11207001014,"墙面装饰板","1．部位：玄关处\n2．基层材料种类、规格：9mm阻燃夹板\n3．面层材料品种、规格、颜色：5mm银镜饰面(MR-A01），四周10mm宽1.2mm黄古铜不锈钢装饰条（MT-A01）\n4．防护材料种类：所有装修用木材均应进行防火、防腐处理\n5．施工时面层颜色、样式由甲方和设计单位确认选样，加工、排版损耗等不另计，投标人综合考虑报价，中标后综合单价不予调整\n6．未尽事宜详见设计图纸、图集、设计补充说明、招标文件、政府相关文件及规范等其它资料，满足验收要求","1．部位：玄关处\n3．面层材料品种、规格、颜色：5mm银镜饰面(MR-A01），四周10mm宽1.2mm黄古铜不锈钢装饰条（MT-A01）\n4．防护材料种类：所有装修用木材均应进行防火、防腐处理\n5．施工时面层颜色、样式由甲方和设计单位确认选样，加工、排版损耗等不另计，投标人综合考虑报价，中标后综合单价不予调整\n6．未尽事宜详见设计图纸、图集、设计补充说明、招标文件、政府相关文件及规范等其它资料，满足验收要求","不锈钢及玻璃制品","2包","m2",39.83,253.81,10109.11,59,"按投影面积",45.6,385,17556,"m2",39.83,15334.55,5.770000000000003,{"v":1.1448656791363294,"d":"1.14"},true,7446.889999999999]
[633,"9#","工程名称：9#-K标间客房",60,11207001015,"墙面装饰板","1．部位：马桶间\n2．基层材料种类、规格：9mm硅酸钙板\n3. 面层材料品种、规格、颜色：1.2mm深色古铜不锈钢(MT-A03)，哑光防指纹/拉丝直纹\n4．防护材料种类：所有装修用木材均应进行防火、防腐处理\n5．施工时面层颜色、样式由甲方和设计单位确认选样，投标人综合考虑报价，加工、切割、折边、损耗等不另计，中标后综合单价不予调整\n6．未尽事宜详见设计图纸、图集、设计补充说明、招标文件、政府相关文件及规范等其它资料，满足验收要求","1．部位：马桶间\n3. 面层材料品种、规格、颜色：1.2mm深色古铜不锈钢(MT-A03)，哑光防指纹/拉丝直纹\n4．防护材料种类：所有装修用木材均应进行防火、防腐处理\n5．施工时面层颜色、样式由甲方和设计单位确认选样，投标人综合考虑报价，加工、切割、折边、损耗等不另计，中标后综合单价不予调整\n6．未尽事宜详见设计图纸、图集、设计补充说明、招标文件、政府相关文件及规范等其它资料，满足验收要求","不锈钢及玻璃制品","2包","m2",4.73,354.25,1675.6,60,"按深化节点图与实际的展开面积计算（见光面）",4.73,550,2601.5000000000005,"m2",4.73,2601.5000000000005,0,{"v":1,"d":"1.00"},true,925.9000000000005]
[634,"9#","工程名称：9#-K标间客房",61,11207001016,"墙面装饰板","1．部位：9#K客房淋浴区壁龛盒\n2．基层材料种类、规格： 9mm硅酸钙板,层板处双层9mm硅酸钙板\n3．面层材料品种、规格、颜色：5mm茶镜饰面（MR-A02）+1.2mm黄古铜不锈钢层板(MT-A01)，四周嵌入1.2mm厚黄古铜不锈钢嵌条\n4. 施工时面层颜色、样式由甲方和设计单位确认选样，投标人综合考虑报价，加工、切割、折边、损耗等不另计，中标后综合单价不予调整\n5．未尽事宜详见设计图纸、图集、设计补充说明、招标文件、政府相关文件及规范等其它资料，满足验收要求","1．部位：9#K客房淋浴区壁龛盒\n3．面层材料品种、规格、颜色：5mm茶镜饰面（MR-A02）+1.2mm黄古铜不锈钢层板(MT-A01)，四周嵌入1.2mm厚黄古铜不锈钢嵌条\n4. 施工时面层颜色、样式由甲方和设计单位确认选样，投标人综合考虑报价，加工、切割、折边、损耗等不另计，中标后综合单价不予调整\n5．未尽事宜详见设计图纸、图集、设计补充说明、招标文件、政府相关文件及规范等其它资料，满足验收要求","不锈钢及玻璃制品","2包","m2",6.48,352.89,2286.71,61,"按投影面积",6.48,1180,7646.400000000001,"m2",6.48,7646.400000000001,0,{"v":1,"d":"1.00"},true,5359.6900000000005]
[635,"9#","工程名称：9#-K标间客房",62,11210003001,"玻璃隔断","1．部位：卫生间淋浴、马桶间\n2．边框材料种类、规格：四周1.2mm黄古铜不锈钢(MT-A01)，哑光防指纹/拉丝直纹\n3．玻璃品种、规格、颜色：6+1.52pvb+6mm夹胶安全超白玻璃（GL-A02）\n4. 五金品种、规格：单价包含玻璃门夹、淋浴拉手、挡水胶条等费用\n5．施工时面层颜色、样式由甲方和设计单位确认选样，投标人综合考虑报价，加工、切割、折边、损耗等不另计，中标后综合单价不予调整\n6. 按外框投影面积计算\n7．未尽事宜详见设计图纸、图集、设计补充说明、招标文件、政府相关文件及规范等其它资料，满足验收要求","1．部位：卫生间淋浴、马桶间\n2．边框材料种类、规格：四周1.2mm黄古铜不锈钢(MT-A01)，哑光防指纹/拉丝直纹\n3．玻璃品种、规格、颜色：6+1.52pvb+6mm夹胶安全超白玻璃（GL-A02）\n4. 五金品种、规格：单价包含玻璃门夹、淋浴拉手、挡水胶条等费用\n5．施工时面层颜色、样式由甲方和设计单位确认选样，投标人综合考虑报价，加工、切割、折边、损耗等不另计，中标后综合单价不予调整\n6. 按外框投影面积计算\n7．未尽事宜详见设计图纸、图集、设计补充说明、招标文件、政府相关文件及规范等其它资料，满足验收要求","不锈钢及玻璃制品","2包","m2",129.17,850.2,109820.33,62,"按投影面积",129.17,880,113669.59999999999,"m2",129.17,113669.59999999999,0,{"v":1,"d":"1.00"},true,3849.2699999999895]
[636,"9#","工程名称：9#-K标间客房",66,"WB011302005003","天棚吊顶","1．部位：玄关、卫生间\n2．面层材料品种、规格、颜色：1.2mm黄古铜不锈钢(MT-A01)，哑光防指纹/拉丝直纹\n3．施工时面层颜色、样式由甲方和设计单位确认选样，投标人综合考虑报价，加工、切割、折边、损耗等不另计，中标后综合单价不予调整\n4．未尽事宜详见设计图纸、图集、设计补充说明、招标文件、政府相关文件及规范等其它资料，满足验收要求。","1．部位：玄关、卫生间\n2．面层材料品种、规格、颜色：1.2mm黄古铜不锈钢(MT-A01)，哑光防指纹/拉丝直纹\n3．施工时面层颜色、样式由甲方和设计单位确认选样，投标人综合考虑报价，加工、切割、折边、损耗等不另计，中标后综合单价不予调整\n4．未尽事宜详见设计图纸、图集、设计补充说明、招标文件、政府相关文件及规范等其它资料，满足验收要求。","不锈钢及玻璃制品","2包","m2",8.04,354.25,2848.17,null,"按深化节点图与实际的展开面积计算（见光面）",{"$nulls":3},"m2",8.04,0,-8.04,{"v":0,"d":"0.00"},false,-2848.17]
[637,"9#","工程名称：9#-K标间客房",81,"WB011501001001","玄关柜","1．规格：长3840mm*宽600mm*高3000mm\n2．龙骨材质种类、规格：热镀锌钢龙骨（不分规格型号，投标人综合考虑）、30*30mm木方/50*30mm木方等(阻燃处理)\n3．基层板材质种类、规格：9mm阻燃夹板、12mm阻燃夹板等基层类型及厚度综合考虑\n4．柜体材料种类、规格：12mm橡木饰面（WD-A01）柜体、布艺硬包饰面(WC-A03)、橡木饰面抽屉柜+6mm超白钢化玻璃、不锈钢门把手、不锈钢踢脚线(MT-A01)等；中间区域柜顶400*900mm木工板加固至少能承重30KG报价综合考虑\n5. 柜门材质种类、规格：木工板基层+12mm橡木饰面（WD-A01），具体柜门由专业厂家二次深化\n6．五金种类、规格：单价包含挂衣杆、雨伞架、U型报纸槽、暗藏合页、抽屉滑轨、阻尼隔振胶垫、烟斗铰链、柜门锁、灯槽成型等\n7．按立面投影面积计算\n8．防护材料种类：所有装修用木材均应进行防火、防腐处理\n9．施工时面层颜色、样式由甲方和设计单位确认选样，加工、排版损耗等不另计，投标人综合考虑报价，中标后综合单价不予调整\n10．未尽事宜详见设计图纸、图集、设计补充说明、招标文件、政府相关文件及规范等其它资料，满足验收要求","1．规格：长3840mm*宽600mm*高3000mm\n4．柜体材料种类、规格：布艺硬包饰面(WC-A03)、不锈钢踢脚线(MT-A01)等；\n7．按立面投影面积计算\n8．防护材料种类：所有装修用木材均应进行防火、防腐处理\n9．施工时面层颜色、样式由甲方和设计单位确认选样，加工、排版损耗等不另计，投标人综合考虑报价，中标后综合单价不予调整\n10．未尽事宜详见设计图纸、图集、设计补充说明、招标文件、政府相关文件及规范等其它资料，满足验收要求","不锈钢及玻璃制品","2包","m2",257.75,15.57,4011.93,81,"按现场实际发生量长度计算",73,45,3285,"m",73,3285,-184.75,{"v":0.2832201745877789,"d":"0.28"},true,-726.9299999999998]
[638,"9#","工程名称：9#-K标间客房",82,"WB011501001002","镜柜","1. 部位：卫生间\n2．规格：长（240+1215+240）mm*高1630mm\n3．龙骨材料种类、规格：20*45mm木方龙骨(阻燃处理)、热镀锌钢龙骨（不分规格型号，投标人综合考虑）\n4．基层材料种类：12mm硅酸钙板+9mm硅酸钙板等\n5．镜面玻璃品种、规格：5mm银镜饰品（MR-A01）+两侧玻璃整体成品定制5+5mm超白钢化玻璃夹膜0.6mm\n6．镜框材料种类、规格：四周1.2mm黄古铜不锈钢(MT-A01)哑光防指纹/拉丝直纹，单价包含局部灯槽成型\n7．防护材料种类：所有装修用木材均应进行防火、防腐处理\n8．施工时面层颜色、样式由甲方和设计单位确认选样，投标人综合考虑报价，加工、切割、折边、损耗等不另计，中标后综合单价不予调整\n9．未尽事宜详见设计图纸、图集、设计补充说明、招标文件、政府相关文件及规范等其它资料，满足验收要求","1. 部位：卫生间\n2．规格：长（240+1215+240）mm*高1630mm\n5．镜面玻璃品种、规格：5mm银镜饰品（MR-A01）+两侧玻璃整体成品定制5+5mm超白钢化玻璃夹膜0.6mm\n6．镜框材料种类、规格：四周1.2mm黄古铜不锈钢(MT-A01)哑光防指纹/拉丝直纹，单价包含局部灯槽成型\n7．防护材料种类：所有装修用木材均应进行防火、防腐处理\n8．施工时面层颜色、样式由甲方和设计单位确认选样，投标人综合考虑报价，加工、切割、折边、损耗等不另计，中标后综合单价不予调整\n9．未尽事宜详见设计图纸、图集、设计补充说明、招标文件、政府相关文件及规范等其它资料，满足验收要求","不锈钢及玻璃制品","2包","m2",59.05,1081.49,63861.81,82,"按投影面积",59,1280,75520,"m2",59.05,75584,-0.04999999999999716,{"v":0.9991532599491957,"d":"1.00"},true,11658.190000000002]
[639,"9#","工程名称：9#-K标间客房",83,"WB011501001003","洗手台+柜体","1. 部位：卫生间\n2．规格：长1700mm*宽600mm*高870mm\n3．龙骨材料种类、规格：局部热镀锌钢龙骨（不分规格型号，投标人综合考虑）\n4．面层材料品种、规格、颜色：18mm星白大理石(ST-A02)台面及挡水条、橡木饰面柜体及橡木饰面隔板（WD-A01 ）、局部1.2mm厚黄古铜不锈钢(MT-A01)装饰嵌条、踢脚线及包边，单价包含灯槽成型等\n5. 所有石材材料在施工前须做六面防护处理,石材结晶，以保证防水、防腐、防污、防油\n6. 施工时面层颜色、样式由甲方和设计单位确认选样，倒角，磨边、切割等加工费不另计，投标人综合考虑报价，中标后综合单价不予调整\n7. 未尽事宜详见设计图纸、图集、设计补充说明、招标文件、政府相关文件及规范等其它资料，满足验收要求","1. 部位：卫生间\n2．规格：长1700mm*宽600mm*高870mm\n4．面层材料品种、规格、颜色：踢脚线\n6. 施工时面层颜色、样式由甲方和设计单位确认选样，倒角，磨边、切割等加工费不另计，投标人综合考虑报价，中标后综合单价不予调整\n7. 未尽事宜详见设计图纸、图集、设计补充说明、招标文件、政府相关文件及规范等其它资料，满足验收要求","不锈钢及玻璃制品","2包","m",36.34,43.6,1584.42,83,"按现场实际发生量长度计算",38,45,1710,"m",38,1710,1.6599999999999966,{"v":1.0456796917996698,"d":"1.05"},true,125.57999999999993]
[640,"9#","工程名称：9#-K标间客房",84,11502001001,"金属装饰条","1．部位：床头背景墙\n2．基层材料种类、规格：双层9mm阻燃夹板\n3．线条材料品种、规格、颜色：1.2mm黄古铜不锈钢(MT-A01)，哑光防指纹/拉丝直纹，展开宽度60~100mm以内\n4．施工时面层颜色、样式由甲方和设计单位确认选样，投标人综合考虑报价，加工、切割、折边、损耗等不另计，中标后综合单价不予调整\n5．未尽事宜详见设计图纸、图集、设计补充说明、招标文件、政府相关文件及规范等其它资料，满足验收要求","1．部位：床头背景墙\n3．线条材料品种、规格、颜色：1.2mm黄古铜不锈钢(MT-A01)，哑光防指纹/拉丝直纹，展开宽度60~100mm以内\n4．施工时面层颜色、样式由甲方和设计单位确认选样，投标人综合考虑报价，加工、切割、折边、损耗等不另计，中标后综合单价不予调整\n5．未尽事宜详见设计图纸、图集、设计补充说明、招标文件、政府相关文件及规范等其它资料，满足验收要求","不锈钢及玻璃制品","2包","m",170.57,59.95,10225.67,84,"按现场实际发生量长度计算",185,60,11100,"m",170.57,10234.199999999999,14.430000000000007,{"v":1.0845986984815619,"d":"1.08"},true,874.3299999999999]
[641,"9#","工程名称：9#-K标间客房",85,11502001002,"金属装饰条","1．部位：卫生间、卧室、玄关天棚等\n2．嵌条材料品种、规格、颜色：1.2mm黄古铜不锈钢(MT-A01)，哑光防指纹/拉丝直纹，展开宽度60mm以内\n3．施工时面层颜色、样式由甲方和设计单位确认选样，投标人综合考虑报价，加工、切割、折边、损耗等不另计，中标后综合单价不予调整\n4．未尽事宜详见设计图纸、图集、设计补充说明、招标文件、政府相关文件及规范等其它资料，满足验收要求。","1．部位：卫生间、卧室、玄关天棚等\n2．嵌条材料品种、规格、颜色：1.2mm黄古铜不锈钢(MT-A01)，哑光防指纹/拉丝直纹，展开宽度60mm以内\n3．施工时面层颜色、样式由甲方和设计单位确认选样，投标人综合考虑报价，加工、切割、折边、损耗等不另计，中标后综合单价不予调整\n4．未尽事宜详见设计图纸、图集、设计补充说明、招标文件、政府相关文件及规范等其它资料，满足验收要求。","不锈钢及玻璃制品","2包","m",1108.72,43.6,48340.19,85,"按现场实际发生量长度计算",1228,50,61400,"m",1108.72,55436,119.27999999999997,{"v":1.1075835197344686,"d":"1.11"},true,13059.809999999998]
[642,"9#","工程名称：9#-总统套房",4,10801001002,"入户门","1. 部位：服务通道处\n2．门室内侧外框尺寸：1180*3000mm，室外侧外框尺寸详见设计文件\n3．门套材料种类、规格：室内侧15mm阻燃夹板+橡木饰面门套(WD-A01 )，过道侧1.2mm黄古铜不锈钢线条(MT-A01)\n4．门楣材料种类、规格：15mm阻燃夹板+9mm阻燃夹板+橡木饰面门楣（WD-A01）\n5．门扇饰面材质种类、规格：橡木饰面入户门(WD-A01)，包含20mm细木工板成品门芯、30*30*3mm热镀锌方通钢龙骨，双面9mm阻燃夹板，外侧1.2mm古铜拉丝不锈钢（防指纹）线条(MT-A01)\n6．五金品种、规格：包含但不限于凸轮暗藏闭门器、门底挡尘条、猫眼、防盗链、门碰、暗藏五金合页(选型一侧三副)、消音胶条等五金件,门锁此处不计入\n7．防护材料种类：所有装修用木材均应进行防火、防腐处理\n8．施工时面层颜色、样式由甲方和设计单位确认选样，投标人综合考虑报价，加工、切割、折边、损耗等不另计，中标后综合单价不予调整\n9．未尽事宜详见设计图纸、图集、设计补充说明、招标文件、政府相关文件及规范等其它资料，满足验收要求","1.部位：服务通道处\n2．门室内侧外框尺寸：1180*3000mm，室外侧外框尺寸详见设计文件\n3．门套材料种类、规格：过道侧1.2mm黄古铜不锈钢线条(MT-A01)\n5．门扇饰面材质种类、规格：外侧1.2mm古铜拉丝不锈钢（防指纹）线条(MT-A01)\n7．防护材料种类：所有装修用木材均应进行防火、防腐处理\n8．施工时面层颜色、样式由甲方和设计单位确认选样，投标人综合考虑报价，加工、切割、折边、损耗等不另\n计，中标后综合单价不予调整\n9．未尽事宜详见设计图纸、图集、设计补充说明、招标文件、政府相关文件及规范等其它资料，满足验收要求","不锈钢及玻璃制品","2包","樘",1,455.62,455.62,4,null,1,455,455,"樘",1,455,0,{"v":1,"d":"1.00"},true,-0.6200000000000045]
[643,"9#","工程名称：9#-总统套房",42,"WB011105006001","不锈钢踢脚线","1. 部位：中厅艺术玻璃、格栅下收口处\n2. 踢脚线高度：50mm高\n3．基层材料种类、规格：12mm阻燃夹板\n4．面层材料品种、规格、颜色：1.2mm深古铜色不锈钢(MT-C02)\n5．施工时面层颜色、样式由甲方和设计单位确认选样，投标人综合考虑报价，加工、切割、折边、损耗等不另计，中标后综合单价不予调整\n6．未尽事宜详见设计图纸、图集、设计补充说明、招标文件、政府相关文件及规范等其它资料，满足验收要求","1. 部位：中厅艺术玻璃、格栅下收口处\n2. 踢脚线高度：50mm高\n4．面层材料品种、规格、颜色：1.2mm深古铜色不锈钢(MT-C02)\n5．施工时面层颜色、样式由甲方和设计单位确认选样，投标人综合考虑报价，加工、切割、折边、损耗等不另计，中标后综合单价不予调整\n6．未尽事宜详见设计图纸、图集、设计补充说明、招标文件、政府相关文件及规范等其它资料，满足验收要求","不锈钢及玻璃制品","2包","m",127.06,43.6,5539.82,42,"按现场实际发生量长度计算",135,45,6075,"m",127.06,5717.7,7.939999999999998,{"v":1.0624901621281284,"d":"1.06"},true,535.1800000000003]
[644,"9#","工程名称：9#-总统套房",64,11502001001,"金属装饰条","1．部位：墙面布艺硬包四周\n2．线条材料品种、规格、颜色：5mm实芯铜饰面(MT-C03)，展开宽度60mm以内\n3．施工时面层颜色、样式由甲方和设计单位确认选样，投标人综合考虑报价，加工、切割、折边、损耗等不另计，中标后综合单价不予调整\n4．未尽事宜详见设计图纸、图集、设计补充说明、招标文件、政府相关文件及规范等其它资料，满足验收要求","1．部位：墙面布艺硬包四周\n2．线条材料品种、规格、颜色：5mm实芯铜饰面(MT-C03)，展开宽度60mm以内\n3．施工时面层颜色、样式由甲方和设计单位确认选样，投标人综合考虑报价，加工、切割、折边、损耗等不另计，中标后综合单价不予调整\n4．未尽事宜详见设计图纸、图集、设计补充说明、招标文件、政府相关文件及规范等其它资料，满足验收要求","不锈钢及玻璃制品","2包","m",579.83,43.6,25280.59,64,"按现场实际发生量长度计算",580,195,113100,"m",579.83,113066.85,0.16999999999995907,{"v":1.000293189383095,"d":"1.00"},true,87819.41]
[645,"9#","工程名称：9#-总统套房",65,11502001002,"金属装饰条","1．部位：中厅电视背景墙竖向、床头背景墙两侧\n2．线条材料品种、规格、颜色：1.2mm喷砂青铜不锈钢(MT-C01)，展开宽度60mm以内\n3．施工时面层颜色、样式由甲方和设计单位确认选样，投标人综合考虑报价，加工、切割、折边、损耗等不另计，中标后综合单价不予调整\n4．未尽事宜详见设计图纸、图集、设计补充说明、招标文件、政府相关文件及规范等其它资料，满足验收要求","1．部位：中厅电视背景墙竖向、床头背景墙两侧\n2．线条材料品种、规格、颜色：1.2mm喷砂青铜不锈钢(MT-C01)，展开宽度60mm以内\n3．施工时面层颜色、样式由甲方和设计单位确认选样，投标人综合考虑报价，加工、切割、折边、损耗等不另计，中标后综合单价不予调整\n4．未尽事宜详见设计图纸、图集、设计补充说明、招标文件、政府相关文件及规范等其它资料，满足验收要求","不锈钢及玻璃制品","2包","m",17.2,43.6,749.92,65,"按现场实际发生量长度计算",18,50,900,"m",17.2,860,0.8000000000000007,{"v":1.0465116279069768,"d":"1.05"},true,150.08000000000004]
[646,"9#","工程名称：9#-总统套房",66,11207001007,"墙面装饰板","1．部位：中厅电视景墙包边、餐厅木格栅包边\n2．基层材料种类、规格：9mm阻燃夹板\n3．面层材料品种、规格、颜色：1.2mm深古铜色不锈钢(MT-C02)\n4．防护材料种类：所有装修用木材均应进行防火、防腐处理\n5．施工时面层颜色、样式由甲方和设计单位确认选样，加工、排版损耗等不另计，投标人综合考虑报价，中标后综合单价不予调整\n6．未尽事宜详见设计图纸、图集、设计补充说明、招标文件、政府相关文件及规范等其它资料，满足验收要求","1．部位：中厅电视景墙包边、餐厅木格栅包边\n3．面层材料品种、规格、颜色：1.2mm深古铜色不锈钢(MT-C02)\n4．防护材料种类：所有装修用木材均应进行防火、防腐处理\n5．施工时面层颜色、样式由甲方和设计单位确认选样，加工、排版损耗等不另计，投标人综合考虑报价，中标后综合单价不予调整\n6．未尽事宜详见设计图纸、图集、设计补充说明、招标文件、政府相关文件及规范等其它资料，满足验收要求","不锈钢及玻璃制品","2包","m2",4.88,354.25,1728.74,66,"按深化节点图与实际的展开面积计算（见光面）",5,550,2750,"m2",5,2750,0.1200000000000001,{"v":1.0245901639344261,"d":"1.02"},true,1021.26]
[647,"9#","工程名称：9#-总统套房",69,11210006001,"其他隔断","1．部位：餐厅屏风\n2．龙骨材料种类、规格：热镀锌钢龙骨（不分规格型号，投标人综合考虑）\n+．基层材料种类、规格：9mm阻燃夹板、背面喷黑处理\n3．面层材料品种、规格、颜色：22mm暖白色实木烤漆板格栅(WD-C01A)，造型15mm*10mm深，两侧1.2mm深古铜色不锈钢(MT-C02)包边\n4．防护材料种类：所有装修用木材均应进行防火、防腐处理\n5．施工时面层颜色、样式由甲方和设计单位确认选样，加工、排版损耗等不另计，投标人综合考虑报价，中标后综合单价不予调整\n6．未尽事宜详见设计图纸、图集、设计补充说明、招标文件、政府相关文件及规范等其它资料，满足验收要求","1．部位：餐厅屏风\n3．面层材料品种、规格、颜色：两侧1.2mm深古铜色不锈钢(MT-C02)包边\n4．防护材料种类：所有装修用木材均应进行防火、防腐处理\n5．施工时面层颜色、样式由甲方和设计单位确认选样，加工、排版损耗等不另计，投标人综合考虑报价，中标后综合单价不予调整\n6．未尽事宜详见设计图纸、图集、设计补充说明、招标文件、政府相关文件及规范等其它资料，满足验收要求","不锈钢及玻璃制品","2包","m2",9,70.85,637.65,69,"按深化节点图与实际的展开面积计算（见光面）",9,550,4950,"m2",9,4950,0,{"v":1,"d":"1.00"},true,4312.35]
[648,"9#","工程名称：9#-总统套房",72,10807001001,"玻璃屏风","1. 部位：中厅\n2. 顶部、底部镀锌钢龙骨加固，规格型号综合考虑\n3. 隔断玻璃品种、厚度：6+1.52pvb+6mm夹丝玻璃(GL-C01)\n4. 施工时面层颜色、样式由甲方和设计单位确认选样，加工、排版损耗等不另计，投标人综合考虑报价，中标后综合单价不予调整\n5. 未尽事宜详见设计图纸、图集、设计补充说明、招标文件、政府相关文件及规范等其它资料，满足验收要求","1. 部位：中厅\n2. 顶部、底部镀锌钢龙骨加固，规格型号综合考虑\n3. 隔断玻璃品种、厚度：6+1.52pvb+6mm夹丝玻璃(GL-C01)\n4. 施工时面层颜色、样式由甲方和设计单位确认选样，加工、排版损耗等不另计，投标人综合考虑报价，中标后综合单价不予调整\n5. 未尽事宜详见设计图纸、图集、设计补充说明、招标文件、政府相关文件及规范等其它资料，满足验收要求","不锈钢及玻璃制品","2包","m2",8.15,606.02,4939.05,72,"按投影面积",8.2,1050,8610,"m2",8.15,8557.5,0.049999999999998934,{"v":1.0061349693251533,"d":"1.01"},true,3670.95]
[649,"9#","工程名称：9#-总统套房",79,11210003001,"玻璃隔断","1. 部位：卫生间淋浴隔断\n2．边框材料种类、规格：四周1.2mm深古铜色不锈钢(MT-C02)\n3．玻璃品种、规格、颜色：6+1.52.pvb+6mm夹丝玻璃(GL-C01)\n4. 五金品种、规格：单价包含玻璃门夹、淋浴拉手、挡水胶条等费用\n5．施工时面层颜色、样式由甲方和设计单位确认选样，投标人综合考虑报价，加工、切割、折边、损耗等不另计，中标后综合单价不予调整\n6. 按外框投影面积计算\n7．未尽事宜详见设计图纸、图集、设计补充说明、招标文件、政府相关文件及规范等其它资料，满足验收要求","1. 部位：卫生间淋浴隔断\n2．边框材料种类、规格：四周1.2mm深古铜色不锈钢(MT-C02)\n3．玻璃品种、规格、颜色：6+1.52.pvb+6mm夹丝玻璃(GL-C01)\n4. 五金品种、规格：单价包含玻璃门夹、淋浴拉手、挡水胶条等费用\n5．施工时面层颜色、样式由甲方和设计单位确认选样，投标人综合考虑报价，加工、切割、折边、损耗等不另计，中标后综合单价不予调整\n6. 按外框投影面积计算\n7．未尽事宜详见设计图纸、图集、设计补充说明、招标文件、政府相关文件及规范等其它资料，满足验收要求","不锈钢及玻璃制品","2包","m2",29.53,1068.2,31543.95,79,"按投影面积",29.53,1380,40751.4,"m2",29.53,40751.4,0,{"v":1,"d":"1.00"},true,9207.45]
[650,"9#","工程名称：9#-总统套房",80,11207001013,"墙面装饰板","1.  部位:马桶纸巾架处等\n2．基层材料种类、规格：9mm硅酸钙板\n3. 面层材料品种、规格、颜色：1.2mm深古铜色不锈钢(MT-C02)\n4．防护材料种类：所有装修用木材均应进行防火、防腐处理\n5. 施工时面层颜色、样式由甲方和设计单位确认选样，投标人综合考虑报价，加工、切割、折边、损耗等不另计，中标后综合单价不予调整\n6．未尽事宜详见设计图纸、图集、设计补充说明、招标文件、政府相关文件及规范等其它资料，满足验收要求","1.  部位:马桶纸巾架处等\n3. 面层材料品种、规格、颜色：1.2mm深古铜色不锈钢(MT-C02)\n4．防护材料种类：所有装修用木材均应进行防火、防腐处理\n5. 施工时面层颜色、样式由甲方和设计单位确认选样，投标人综合考虑报价，加工、切割、折边、损耗等不另计，中标后综合单价不予调整\n6．未尽事宜详见设计图纸、图集、设计补充说明、招标文件、政府相关文件及规范等其它资料，满足验收要求","不锈钢及玻璃制品","2包","m2",0.68,354.25,240.89,80,"按深化节点图与实际的展开面积计算（见光面）",0.68,550,374,"m2",0.68,374,0,{"v":1,"d":"1.00"},true,133.11]
[651,"9#","工程名称：9#-总统套房",81,11207001014,"墙面装饰板","1．部位：床头背景墙\n2．龙骨材料种类、规格：镀锌钢龙骨（规格型号综合考虑）\n3．基层材料种类、规格：9mm厚阻燃夹板(加固受力)\n4．面层材料品种、规格、颜色：5mm银镜饰面(MR-C01)，四周嵌入1.2mm深古铜色不锈钢(MT-C02)\n5. 施工时面层颜色、样式由甲方和设计单位确认选样，投标人综合考虑报价，加工、切割、折边、损耗等不另计，中标后综合单价不予调整\n6．未尽事宜详见设计图纸、图集、设计补充说明、招标文件、政府相关文件及规范等其它资料，满足验收要求","1．部位：床头背景墙\n4．面层材料品种、规格、颜色：5mm银镜饰面(MR-C01)，四周嵌入1.2mm深古铜色不锈钢(MT-C02)\n5. 施工时面层颜色、样式由甲方和设计单位确认选样，投标人综合考虑报价，加工、切割、折边、损耗等不另计，中标后综合单价不予调整\n6．未尽事宜详见设计图纸、图集、设计补充说明、招标文件、政府相关文件及规范等其它资料，满足验收要求","不锈钢及玻璃制品","2包","m2",4.71,305.61,1439.44,81,"按投影面积",4.71,385,1813.35,"m2",4.71,1813.35,0,{"v":1,"d":"1.00"},true,373.90999999999985]
[652,"9#","工程名称：9#-总统套房",88,"WB011302005004","天棚吊顶","1. 部位：视听室\n2. 吊杆种类、规格：φ8热镀锌钢筋吊杆间距@≤1200mm\n3. 龙骨材料种类、规格：CS60主龙骨间距@≤1200mm，C50*20*0.6次龙骨间距@300mm\n4. 基层材料种类、规格：双层9.5mm耐火石膏板\n5. 面层材料品种、规格、颜色：1.2mm水波纹不锈钢(MT- C04)\n6. 嵌缝材料种类：孔眼防锈处理用腻子填平,阴、阳角及板接缝处分别贴嵌缝带\n7. 含检修口制安，以及配套设施开孔、风口及灯具处加固、定制L型1mm铝合金护角同天花色（20+20mm），10mmX10mm凹槽工艺缝、10*10型铝收口条等\n8. 施工时面层颜色、样式由甲方和设计单位确认选样，切割等加工费不另计，投标人综合考虑报价，中标后综合单价不予调整\n9. 未尽事宜详见式设计图纸、图集、设计补充说明、招标文件、政府相关文件及规范等其它资料，满足验收要求","1. 部位：视听室\n5. 面层材料品种、规格、颜色：1.2mm水波纹不锈钢(MT- C04)\n8. 施工时面层颜色、样式由甲方和设计单位确认选样，切割等加工费不另计，投标人综合考虑报价，中标后综合单价不予调整\n9. 未尽事宜详见式设计图纸、图集、设计补充说明、招标文件、政府相关文件及规范等其它资料，满足验收要求","不锈钢及玻璃制品","2包","m2",18.82,354.25,6666.99,null,"按深化节点图与实际的展开面积计算（见光面）",{"$nulls":3},"m2",18.82,0,-18.82,{"v":0,"d":"0.00"},false,-6666.99]
[653,"9#","工程名称：9#-总统套房",98,"WB011302005005","天棚面层","1．部位：卫生间灯槽外包边\n2．线条材料品种、规格、颜色：1.2mm喷砂青铜不锈钢(MT-C01)\n3．施工时面层颜色、样式由甲方和设计单位确认选样，投标人综合考虑报价，加工、切割、折边、损耗等不另计，中标后综合单价不予调整\n4．未尽事宜详见设计图纸、图集、设计补充说明、招标文件、政府相关文件及规范等其它资料，满足验收要求。","1．部位：卫生间灯槽外包边\n2．线条材料品种、规格、颜色：1.2mm喷砂青铜不锈钢(MT-C01)\n3．施工时面层颜色、样式由甲方和设计单位确认选样，投标人综合考虑报价，加工、切割、折边、损耗等不另计，中标后综合单价不予调整\n4．未尽事宜详见设计图纸、图集、设计补充说明、招标文件、政府相关文件及规范等其它资料，满足验收要求。","不锈钢及玻璃制品","2包","m2",1.5,354.25,531.38,98,"按深化节点图与实际的展开面积计算（见光面）",1.5,550,825,"m2",1.5,825,0,{"v":1,"d":"1.00"},true,293.62]
[654,"9#","工程名称：9#-总统套房",99,11502001003,"金属装饰条","1．部位：卫生间、视听室、客卫\n2．嵌条材料品种、规格、颜色：1.2mm喷砂青铜(MT-C01)，展开宽度60mm以内\n3．施工时面层颜色、样式由甲方和设计单位确认选样，投标人综合考虑报价，加工、切割、折边、损耗等不另计，中标后综合单价不予调整\n4．未尽事宜详见设计图纸、图集、设计补充说明、招标文件、政府相关文件及规范等其它资料，满足验收要求。","1．部位：卫生间、视听室、客卫\n2．嵌条材料品种、规格、颜色：1.2mm喷砂青铜(MT-C01)，展开宽度60mm以内\n3．施工时面层颜色、样式由甲方和设计单位确认选样，投标人综合考虑报价，加工、切割、折边、损耗等不另计，中标后综合单价不予调整\n4．未尽事宜详见设计图纸、图集、设计补充说明、招标文件、政府相关文件及规范等其它资料，满足验收要求。","不锈钢及玻璃制品","2包","m",117.33,43.6,5115.59,99,"按现场实际发生量长度计算",125,50,6250,"m",117.33,5866.5,7.670000000000002,{"v":1.0653711753174806,"d":"1.07"},true,1134.4099999999999]
[655,"9#","工程名称：9#-总统套房",107,11505010001,"镜面玻璃","1. 部位：卫生间洗手台镜子\n2. 龙骨材料种类、规格：9mm阻燃夹板条\n3. 基层材料种类、规格：12mm阻燃板+9mm阻燃板\n4. 面层材料品种、规格、颜色：5mm银镜饰面（MR-A01），四周1.2mm深古铜色不锈钢(MT-C02)包边\n5. 施工时面层颜色、样式由甲方和设计单位确认选样，投标人综合考虑报价，加工、切割、折边、损耗等不另计，中标后综合单价不予调整\n6.其他：未尽事宜详见式设计图纸、图集、设计补充说明、招标文件、政府相关文件及规范等其它资料，满足验收要求","1. 部位：卫生间洗手台镜子\n4. 面层材料品种、规格、颜色：5mm银镜饰面（MR-A01），四周1.2mm深古铜色不锈钢(MT-C02)包边\n5. 施工时面层颜色、样式由甲方和设计单位确认选样，投标人综合考虑报价，加工、切割、折边、损耗等不另计，中标后综合单价不予调整\n6.其他：未尽事宜详见式设计图纸、图集、设计补充说明、招标文件、政府相关文件及规范等其它资料，满足验收要求","不锈钢及玻璃制品","2包","m2",5.35,853.36,4565.48,107,"按投影面积",5.35,385,2059.75,"m2",5.35,2059.75,0,{"v":1,"d":"1.00"},true,-2505.7299999999996]
[656,"9#","工程名称：9#-总统套房",108,11505010002,"成品镜面玻璃","1. 部位：理发室\n2. 规格：宽650mm*高1400mm\n3．基层板材质种类、规格：基层类型及厚度综合考虑，具体详见设计文件\n4. 面层材料品种、规格、颜色：成品梳妆镜（MR-A01），四周1.2mm深古铜色不锈钢(MT-C02)包边、定制金属杆(MT-C02)\n5. 施工时面层颜色、样式由甲方和设计单位确认选样，投标人综合考虑报价，加工、切割、折边、损耗等不另计，中标后综合单价不予调整\n5.其他：未尽事宜详见式设计图纸、图集、设计补充说明、招标文件、政府相关文件及规范等其它资料，满足验收要求","1. 部位：理发室\n2. 规格：宽650mm*高1400mm\n3．基层板材质种类、规格：基层类型及厚度综合考虑，具体详见设计文件\n4. 面层材料品种、规格、颜色：成品梳妆镜（MR-A01），四周1.2mm深古铜色不锈钢(MT-C02)包边、定制金属杆(MT-C02)\n5. 施工时面层颜色、样式由甲方和设计单位确认选样，投标人综合考虑报价，加工、切割、折边、损耗等不另计，中标后综合单价不予调整\n5.其他：未尽事宜详见式设计图纸、图集、设计补充说明、招标文件、政府相关文件及规范等其它资料，满足验收要求","不锈钢及玻璃制品","2包","m2",3.63,926.5,3363.2,108,"按投影面积",3.63,385,1397.55,"m2",3.63,1397.55,0,{"v":1,"d":"1.00"},true,-1965.6499999999999]
[657,"9#","工程名称：9#-总统套房",109,"WB011501001001","吧台","1．规格：长1900mm*宽850mm*高1100mm\n2．龙骨材质种类、规格：热镀锌钢龙骨（规格型号综合考虑）\n3．基层板材质种类、规格：9mm阻燃夹板、12mm阻燃夹板等基层类型及厚度综合考虑\n4．材料种类：12mm木饰面(WD-C02)、木饰面(木线条)、18mm塞尚灰大理石(ST-C04)、1.2mm深古铜色不锈钢(MT-C02)\n5．五金种类、规格：单价包含冰箱散热孔、五金铰链、10*10mm凹槽工艺缝、抽屉制作等\n6．按照立面投影面积计算\n7．防护材料种类：所有装修用木材均应进行防火、防腐处理\n8．施工时面层颜色、样式由甲方和设计单位确认选样，加工、排版损耗等不另计，投标人综合考虑报价，中标后综合单价不予调整\n9．未尽事宜详见设计图纸、图集、设计补充说明、招标文件、政府相关文件及规范等其它资料，满足验收要求","1．规格：长1900mm*宽850mm*高1100mm\n4．材料种类：1.2mm深古铜色不锈钢(MT-C02)\n6．按照立面投影面积计算\n7．防护材料种类：所有装修用木材均应进行防火、防腐处理\n8．施工时面层颜色、样式由甲方和设计单位确认选样，加工、排版损耗等不另计，投标人综合考虑报价，中标后综合单价不予调整\n9．未尽事宜详见设计图纸、图集、设计补充说明、招标文件、政府相关文件及规范等其它资料，满足验收要求","不锈钢及玻璃制品","2包","m",1.9,410.19,779.36,109,"按现场实际发生量长度计算",1.9,45,85.5,"m",1.9,85.5,0,{"v":1,"d":"1.00"},true,-693.86]
[658,"9#","工程名称：9#-总统套房",110,"WB011501001002","衣帽柜","1．规格：宽600mm*高3000mm\n2．龙骨材质种类、规格：热镀锌钢龙骨（不分规格型号，投标人综合考虑）、木龙骨等\n3．基层板材质种类、规格：基层类型及厚度综合考虑，具体详见设计文件\n4．材料种类：12mm木饰面（WD-A01）、布艺硬包(9mm雪弗板+扪布饰面)(WC-C01)、1.2mm深古铜色不锈钢立板及踢脚线(MT-C02)、橡木饰面抽屉柜、不锈钢门把手、成品镜等\n5．五金种类、规格：单价包含挂衣杆、五金合页、抽屉滑轨、暗装铰链、阻尼隔振胶垫、暗藏灯槽等\n6．按照立面投影面积计算\n7．防护材料种类：所有装修用木材均应进行防火、防腐处理\n8．施工时面层颜色、样式由甲方和设计单位确认选样，加工、排版损耗等不另计，投标人综合考虑报价，中标后综合单价不予调整\n9．未尽事宜详见设计图纸、图集、设计补充说明、招标文件、政府相关文件及规范等其它资料，满足验收要求","1．规格：宽600mm*高3000mm\n4．材料种类：布艺硬包(9mm雪弗板+扪布饰面)(WC-C01)、踢脚线(MT-C02)等\n6．按照立面投影面积计算\n7．防护材料种类：所有装修用木材均应进行防火、防腐处理\n8．施工时面层颜色、样式由甲方和设计单位确认选样，加工、排版损耗等不另计，投标人综合考虑报价，中标后综合单价不予调整\n9．未尽事宜详见设计图纸、图集、设计补充说明、招标文件、政府相关文件及规范等其它资料，满足验收要求","不锈钢及玻璃制品","2包","m2",25.48,204.8,5218.31,110,"按现场实际发生量长度计算",15,45,675,"m",15,675,-10.48,{"v":0.5886970172684458,"d":"0.59"},true,-4543.31]
[659,"9#","工程名称：9#-总统套房",111,11505010003,"梳妆一体柜","1. 部位：SPA\n2．规格：长3440*宽750mm*高3000mm\n3．龙骨材质种类、规格：热镀锌钢龙骨（不分规格型号，投标人综合考虑）、木龙骨等\n4．基层板材质种类、规格：基层类型及厚度综合考虑，具体详见设计文件\n5．材料种类：12mm厚橡木饰面（WD-A01）、20mm绿玉石大理石(ST-C02)、20mm鎏金白玉大理石台面(ST-C03)、5mm银镜饰面(MR-C01)、1.2mm深古铜色不锈钢踢脚线及装饰条(MT-C02)、橡木饰面抽屉柜、不锈钢门把手、成品镜等\n6．五金种类、规格：单价包含挂衣杆、五金合页、抽屉滑轨、暗装铰链、阻尼隔振胶垫、暗藏灯槽等\n7．按照立面投影面积计算\n8．防护材料种类：所有装修用木材均应进行防火、防腐处理\n9．施工时面层颜色、样式由甲方和设计单位确认选样，加工、排版损耗等不另计，投标人综合考虑报价，中标后综合单价不予调整\n10．未尽事宜详见设计图纸、图集、设计补充说明、招标文件、政府相关文件及规范等其它资料，满足验收要求","1. 部位：SPA\n2．规格：长3440*宽750mm*高\n3000mm\n5．材料种类：5mm银镜饰面(MR-C01)、1.2mm深古铜色不锈钢踢脚线及装饰条(MT-C02)等\n7．按照立面投影面积计算\n8．防护材料种类：所有装修用木材均应进行防火、防腐处理\n9．施工时面层颜色、样式由甲方和设计单位确认选样，加工、排版损耗等不另计，投标人综合考虑报价，中标后综合单价不予调整\n10．未尽事宜详见设计图纸、图集、设计补充说明、招标文件、政府相关文件及规范等其它资料，满足验收要求","不锈钢及玻璃制品","2包","m2",10.32,289.4,2986.56,111,"按现场实际发生量长度计算",3.44,45,154.8,"m",3.44,154.8,-6.880000000000001,{"v":0.3333333333333333,"d":"0.33"},true,-2831.7599999999998]
[660,"9#","工程名称：9#-总统套房",112,11505010004,"洗手台+收纳柜体","1. 部位：卫生间\n2．规格：长2500*宽600mm*高3020mm\n3．龙骨材料种类、规格：热镀锌钢龙骨（规格型号综合考虑）、局部C50轻钢龙骨\n4．基层材料种类：双层9mm水泥纤维板、9mm阻燃夹板、12mm硅酸钙板等\n5. 面层材料品种、规格、颜色：20mm鎏金白玉大理石(ST-C03)、12mm木饰面(WD-A01)、定制20*30mm金属线条(MT-C01)、定制R20金属线条(MT-C01)、1.2mm喷砂青铜不锈钢踢脚线(MT-C01)、内嵌筒灯、局部防雾镜(防雾膜)、定制金属拉手(MT-C01)\n6．镜面玻璃品种、规格：5mm银镜饰面(MR-C01)\n7．镜框材料种类、规格：1.2mm喷砂青铜不锈钢(MT-C01)\n8．防护材料种类：所有装修用木材均应进行防火、防腐处理\n9．所有石材材料在施工前须做六面防护处理,石材结晶，以保证防水、防腐、防污、防油\n10．施工时面层颜色、样式由甲方和设计单位确认选样，投标人综合考虑报价，加工、切割、折边、损耗等不另计，中标后综合单价不予调整\n11．未尽事宜详见设计图纸、图集、设计补充说明、招标文件、政府相关文件及规范等其它资料，满足验收要求","1.部位：卫生间\n2．规格：长2500*宽600mm*高3020mm\n5. 面层材料品种、规格、颜色：定制20*30mm金属线条(MT-C01)、定制R20金属线条(MT-C01)、1.2mm喷砂青铜不锈钢踢脚线(MT-C01)\n6．镜面玻璃品种、规格：5mm银镜饰面(MR-C01)\n7．镜框材料种类、规格：1.2mm喷砂青铜不锈钢(MT-C01)\n8．防护材料种类：所有装修用木材均应进行防火、防腐处理\n9．所有石材材料在施工前须做六面防护处理,石材结晶，以保证防水、防腐、防污、防油\n10．施工时面层颜色、样式由甲方和设计单位确认选样，投标人综合考虑报价，加工、切割、折边、损耗等不另计，中标后综合单价不予调整\n11．未尽事宜详见设计图纸、图集、设计补充说明、招标文件、政府相关文件及规范等其它资料，满足验收要求","不锈钢及玻璃制品","2包","m2",15.1,199.26,3008.87,112,"按现场实际发生量长度计算",10,45,450,"m",10,450,-5.1,{"v":0.6622516556291391,"d":"0.66"},true,-2558.87]
[661,"9#","工程名称：9#-总统套房",113,"WB011501001003","洗手台+柜体","1. 部位：理发室\n2．规格：长4114*宽750mm*高850mm\n3．龙骨材质种类、规格：热镀锌钢龙骨（不分规格型号，投标人综合考虑）、木龙骨等\n4．基层板材质种类、规格：基层类型及厚度综合考虑，具体详见设计文件\n5．材料种类：12mm木饰面（WD-A01）、18mm鎏金白玉大理石台面(ST-C03)、1.2mm深古铜色不锈钢踢脚线及装饰条(MT-C02)、橡木饰面抽屉柜、不锈钢门把手、成品镜等\n6．五金种类、规格：单价包含挂衣杆、五金合页、抽屉滑轨、暗装铰链、阻尼隔振胶垫、暗藏灯槽等\n7．按照立面投影面积计算\n8．防护材料种类：所有装修用木材均应进行防火、防腐处理\n9．所有石材材料在施工前须做六面防护处理,石材结晶，以保证防水、防腐、防污、防油\n10．施工时面层颜色、样式由甲方和设计单位确认选样，投标人综合考虑报价，加工、切割、折边、损耗等不另计，中标后综合单价不予调整\n11．未尽事宜详见设计图纸、图集、设计补充说明、招标文件、政府相关文件及规范等其它资料，满足验收要求","1. 部位：理发室\n2．规格：长4114*宽750mm*高850mm\n5．材料种类：1.2mm深古铜色不锈钢踢脚线及装饰条(MT-C02)\n7．按照立面投影面积计算\n8．防护材料种类：所有装修用木材均应进行防火、防腐处理\n9．所有石材材料在施工前须做六面防护处理,石材结晶，以保证防水、防腐、防污、防油\n10．施工时面层颜色、样式由甲方和设计单位确认选样，投标人综合考虑报价，加工、切割、折边、损耗等不另计，中标后综合单价不予调整\n11．未尽事宜详见设计图纸、图集、设计补充说明、招标文件、政府相关文件及规范等其它资料，满足验收要求","不锈钢及玻璃制品","2包","m",4.11,334.68,1375.55,113,"按现场实际发生量长度计算",2,2000,4000,"m",2,4000,-2.1100000000000003,{"v":0.48661800486618,"d":"0.49"},true,2624.45]
[662,"9#","工程名称：9#-总统套房",115,11210005001,"成品隔断","1．部位：餐厅卫生间\n2．龙骨材料种类、规格：热镀锌钢龙骨（不分规格型号，投标人综合考虑）\n3．基层材料种类、规格：9mm阻燃夹板\n4．面层材料品种、规格、颜色：12mm木饰面(WD-C01)、1.2mm深古铜色不锈钢踢脚线(MT-C02)\n5．五金种类、规格：拉手、合页等\n6．按外立面投影面积计算\n7．防护材料种类：所有装修用木材均应进行防火、防腐处理\n8．施工时面层颜色、样式由甲方和设计单位确认选样，加工、排版损耗等不另计，投标人综合考虑报价，中标后综合单价不予调整\n9．未尽事宜详见设计图纸、图集、设计补充说明、招标文件、政府相关文件及规范等其它资料，满足验收要求","1．部位：餐厅卫生间\n4．面层材料品种、规格、颜色：1.2mm深古铜色不锈钢踢脚线(MT-C02)\n6．按外立面投影面积计算\n7．防护材料种类：所有装修用木材均应进行防火、防腐处理\n8．施工时面层颜色、样式由甲方和设计单位确认选样，加工、排版损耗等不另计，投标人综合考虑报价，中标后综合单价不予调整\n9．未尽事宜详见设计图纸、图集、设计补充说明、招标文件、政府相关文件及规范等其它资料，满足验收要求","不锈钢及玻璃制品","2包","m2",5.64,17,95.9,115,"按投影面积",5.65,550,3107.5,"m2",5.64,3102,0.010000000000000675,{"v":1.0017730496453903,"d":"1.00"},true,3011.6]
[663,"9#","工程名称：9#-总统套房",116,11207001015,"墙面装饰板","1．部位：餐厅\n3．龙骨材料种类、规格：局部热镀锌钢龙骨（不分规格型号，投标人综合考虑）\n2. 基层材料种类、规格：9mm硅酸钙板喷黑处理\n2．面层材料品种、规格、颜色：22mm暖白色实木烤漆板格栅(WD-C01A)，造型15mm*10mm深，1.2mm深古铜色不锈钢包边(MT-C02)\n5．五金种类、规格：拉手、合页等\n6．按外立面投影面积计算\n7．防护材料种类：所有装修用木材均应进行防火、防腐处理\n8．施工时面层颜色、样式由甲方和设计单位确认选样，加工、排版损耗等不另计，投标人综合考虑报价，中标后综合单价不予调整\n9．未尽事宜详见设计图纸、图集、设计补充说明、招标文件、政府相关文件及规范等其它资料，满足验收要求","1．部位：餐厅\n2．面层材料品种、规格、颜色：1.2mm深古铜色不锈钢包边(MT-C02)\n6．按外立面投影面积计算\n7．防护材料种类：所有装修用木材均应进行防火、防腐处理\n8．施工时面层颜色、样式由甲方和设计单位确认选样，加工、排版损耗等不另计，投标人综合考虑报价，中标后综合单价不予调整\n9．未尽事宜详见设计图纸、图集、设计补充说明、招标文件、政府相关文件及规范等其它资料，满足验收要求","不锈钢及玻璃制品","2包","m2",9,43.29,389.65,116,"按深化节点图与实际的展开面积计算（见光面）",9,550,4950,"m2",9,4950,0,{"v":1,"d":"1.00"},true,4560.35]
[664,"9#","工程名称：9#-总统套房",117,10808001001,"不锈钢门套","1. 部位：餐厅、序厅包门套\n2. 基层材料种类、规格：9mm硅酸钙板\n3. 面层材料种类、规格：1.2mm厚古铜拉丝不锈钢（MT-A01）\n4．防护材料种类：所有装修用木材均应进行防火、防腐处理\n5．施工时面层颜色、样式由甲方和设计单位确认选样，投标人综合考虑报价，加工、切割、折边、损耗等不另计，中标后综合单价不予调整\n6．未尽事宜详见设计图纸、图集、设计补充说明、招标文件、政府相关文件及规范等其它资料，满足验收要求","1. 部位：餐厅、序厅包门套\n3. 面层材料种类、规格：1.2mm厚古铜拉丝不锈钢（MT-A01）\n4．防护材料种类：所有装修用木材均应进行防火、防腐处理\n5．施工时面层颜色、样式由甲方和设计单位确认选样，投标人综合考虑报价，加工、切割、折边、损耗等不另计，中标后综合单价不予调整\n6．未尽事宜详见设计图纸、图集、设计补充说明、招标文件、政府相关文件及规范等其它资料，满足验收要求","不锈钢及玻璃制品","2包","m2",14.94,381.5,5699.61,117,"按深化节点图与实际的展开面积计算（见光面）",15,550,8250,"m2",15,8250,0.0600000000000005,{"v":1.0040160642570282,"d":"1.00"},true,2550.3900000000003]
["合计",{"$nulls":12},{"v":8604268.670000004,"d":"8604268.67"},{"$nulls":7},0,0,null,null,-8604268.670000004]
[{"$nulls":21},0,0,null,null,0]
[{"$nulls":21},0,0,null,null,0]

{"sheet":"1包","index":2,"n_rows":304,"n_cols":14,"rows_kept":304,"merged":[[0,0,0,13],[303,0,303,7]],"flags":["formulas_cached_only"]}
["合肥市包河区BH202437号地块装饰不锈钢及玻璃制品采购清单（01包）"]
["序号","楼栋","工程名称","原序号","项目编码","清单(子目)名称","总清单特征（参考）","报价清单特征描述","单位","工程量","全费用综合单价（元）","全费用综合合价（元）","计算方式","备注"]
[1,"3#","工程名称：3#-公区","13","WB011105006001","成品踢脚线","1. 部位：门斗、门厅、接待区、电梯厅、公共走道等\n2. 踢脚线高度：50mm高\n3. 基层材料种类、规格：12mm阻燃夹板，或12mm阻燃夹板+9mm阻燃夹板，综合考虑\n4. 面层材料品种、规格、颜色：1.2mm仿铜不锈钢（MT-B04)\n5. 施工时面层颜色、样式由甲方和设计单位确认选样，投标人综合考虑报价，加工、切割、折边、损耗等不另计，中标后综合单价不予调整\n6. 未尽事宜详见设计图纸、图集、设计补充说明、招标文件、政府相关文件及规范等其它资料，满足验收要求","1. 部位：门斗、门厅、接待区、电梯厅、公共走道等\n2. 踢脚线高度：50mm高\n4. 面层材料品种、规格、颜色：1.2mm仿铜不锈钢（MT-B04)\n5. 施工时面层颜色、样式由甲方和设计单位确认选样，投标人综合考虑报价，加工、切割、折边、损耗等不另计，中标后综合单价不予调整\n6. 未尽事宜详见设计图纸、图集、设计补充说明、招标文件、政府相关文件及规范等其它资料，满足验收要求","m",192.99,null,{"v":0,"d":"0.00"},"按现场实际发生量长度计算"]
[2,"3#","工程名称：3#-公区","22","WB011302005001","天棚吊顶（不锈钢）","1. 部位：中庭等\n2. 龙骨材料种类、规格：M8全牙吊杆@1000mm,CS60主龙骨(上人龙骨)≤1200mm,DC50次龙骨≤300mm，CS60主龙骨吊件，C50*20*0.6次龙骨间距@400mm\n3. 基层材料种类、规格：双层12mm阻燃夹板，局部多层\n4. 面层材料品种、规格、颜色：1.2mm仿铜不锈钢吊顶（MT-B04），含灯槽成型等\n5. 防护材料种类：所有装修用木基层均应进行防火、防腐处理\n6. 施工时面层颜色、样式由甲方和设计单位确认选样，投标人综合考虑报价，加工、切割、折边、损耗等不另计，中标后综合单价不予调整\n7. 未尽事宜详见设计图纸、图集、设计补充说明、招标文件、政府相关文件及规范等其它资料，满足验收要求","1. 部位：中庭等\n4. 面层材料品种、规格、颜色：1.2mm仿铜不锈钢吊顶（MT-B04），含灯槽成型等\n5. 防护材料种类：所有装修用木基层均应进行防火、防腐处理\n6. 施工时面层颜色、样式由甲方和设计单位确认选样，投标人综合考虑报价，加工、切割、折边、损耗等不另计，中标后综合单价不予调整\n7. 未尽事宜详见设计图纸、图集、设计补充说明、招标文件、政府相关文件及规范等其它资料，满足验收要求","m2",14.5,null,{"v":0,"d":"0.00"},"按深化节点图与实际的展开面积计算（见光面）"]
[3,"3#","工程名称：3#-公区","23","ZB011304002001","定制百叶","1. 部位：公共走道等\n2. 百叶材料品种、规格：仿铜不锈钢定制百叶（MT-B07）\n3. 未尽事宜详见设计图纸、图集、设计补充说明、招标文件、政府相关文件及规范等其它资料，满足验收要求","1. 部位：公共走道等\n2. 百叶材料品种、规格：仿铜不锈钢定制百叶（MT-B07）\n3. 未尽事宜详见设计图纸、图集、设计补充说明、招标文件、政府相关文件及规范等其它资料，满足验收要求","m2",3,null,{"v":0,"d":"0.00"},"按投影面积"]
[4,"3#","工程名称：3#-公区","24","011204001001","石材墙面","1. 部位：接待区等\n2. 埋板：热镀锌后置埋板，高强化学锚栓固定\n3. 钢骨架材料、间距：热浸镀锌钢方管立柱，综合考虑镀锌钢骨架规格尺寸，满足现场和规范要求，施工时提供受力计算书\n4. 基层材料种类、规格：9mm阻燃夹板+9.5mm耐火石膏板，局部多层或单层9mm阻燃夹板综合考虑\n5. 面层材料品种、规格、颜色：8mm钢化超白玻璃复合6mm透光白玉大理石（ST-B06），局部1.2mm仿铜不锈钢（MT-B04），灯箱内部喷无机涂料（PT-B01）\n6. 所有石材材料在施工前须做六面防护处理,石材结晶，以保证防水、防腐、防污、防油\n7. 施工时面层颜色、样式由甲方和设计单位确认选样，倒角，磨边、切割等加工费不另计，投标人综合考虑报价，中标后综合单价不予调整\n8. 未尽事宜详见设计图纸、图集、设计补充说明、招标文件、政府相关文件及规范等其它资料，满足验收要求","1. 部位：接待区等\n5. 面层材料品种、规格、颜色：局部1.2mm仿铜不锈钢（MT-B04）\n7. 施工时面层颜色、样式由甲方和设计单位确认选样，倒角，磨边、切割等加工费不另计，投标人综合考虑报价，中标后综合单价不予调整\n8. 未尽事宜详见设计图纸、图集、设计补充说明、招标文件、政府相关文件及规范等其它资料，满足验收要求","m2",29.05,null,{"v":0,"d":"0.00"},"按深化节点图与实际的展开面积计算（见光面）"]
[5,"3#","工程名称：3#-公区","34","011207001013","墙面装饰板","1. 部位：门斗、门厅、接待区、中庭、公共走道等\n2. 龙骨材料种类、规格：热镀锌钢龙骨（不分规格型号，投标人综合考虑）\n3. 基层材料种类、规格：双层12mm阻燃夹板，局部单层，局部12mm阻燃夹板+9mm阻燃夹板\n4. 面层材料品种、规格、颜色：1.2mm仿铜不锈钢（MT-B04）\n5. 防护材料种类：所有装修用木基层均应进行防火、防腐处理\n6. 施工时面层颜色、样式由甲方和设计单位确认选样，投标人综合考虑报价，加工、切割、折边、损耗等不另计，中标后综合单价不予调整\n7. 未尽事宜详见设计图纸、图集、设计补充说明、招标文件、政府相关文件及规范等其它资料，满足验收要求","1. 部位：门斗、门厅、接待区、中庭、公共走道等\n4. 面层材料品种、规格、颜色：1.2mm仿铜不锈钢（MT-B04）\n5. 防护材料种类：所有装修用木基层均应进行防火、防腐处理\n6. 施工时面层颜色、样式由甲方和设计单位确认选样，投标人综合考虑报价，加工、切割、折边、损耗等不另计，中标后综合单价不予调整\n7. 未尽事宜详见设计图纸、图集、设计补充说明、招标文件、政府相关文件及规范等其它资料，满足验收要求","m2",265.2,null,{"v":0,"d":"0.00"},"按深化节点图与实际的展开面积计算（见光面）"]
[6,"3#","工程名称：3#-公区","35","011207001014","墙面装饰板","1. 部位：门斗、门厅等\n2. 龙骨材料种类、规格：轻钢龙骨（不分规格型号，投标人综合考虑） \n3. 基层材料种类、规格：12mm阻燃夹板\n4. 嵌条材料品种、规格、颜色：1.2mm仿铜不锈钢(MT-B04)，展开宽度综合考虑\n5. 防护材料种类：所有装修用木基层均应进行防火、防腐处理\n6. 施工时面层颜色、样式由甲方和设计单位确认选样，投标人综合考虑报价，加工、切割、折边、损耗等不另计，中标后综合单价不予调整\n7. 未尽事宜详见设计图纸、图集、设计补充说明、招标文件、政府相关文件及规范等其它资料，满足验收要求","1. 部位：门斗、门厅等\n4. 嵌条材料品种、规格、颜色：1.2mm仿铜不锈钢(MT-B04)，展开宽度综合考虑\n5. 防护材料种类：所有装修用木基层均应进行防火、防腐处理\n6. 施工时面层颜色、样式由甲方和设计单位确认选样，投标人综合考虑报价，加工、切割、折边、损耗等不另计，中标后综合单价不予调整\n7. 未尽事宜详见设计图纸、图集、设计补充说明、招标文件、政府相关文件及规范等其它资料，满足验收要求","m2",10.8,null,{"v":0,"d":"0.00"},"按深化节点图与实际的展开面积计算（见光面）"]
[7,"3#","工程名称：3#-公区","36","010808001001","不锈钢门套","1. 部位：接待区等\n2. 龙骨材料种类、规格：热镀锌钢龙骨（不分规格型号，投标人综合考虑）\n3. 基层材料种类、规格：双层18mm阻燃夹板\n4. 面层材料品种、规格、颜色：1.2mm仿铜不锈钢（MT-B04）\n5. 防护材料种类：所有装修用木基层均应进行防火、防腐处理\n6. 施工时面层颜色、样式由甲方和设计单位确认选样，投标人综合考虑报价，加工、切割、折边、损耗等不另计，中标后综合单价不予调整\n7. 未尽事宜详见设计图纸、图集、设计补充说明、招标文件、政府相关文件及规范等其它资料，满足验收要求","1. 部位：接待区等\n4. 面层材料品种、规格、颜色：1.2mm仿铜不锈钢（MT-B04）\n5. 防护材料种类：所有装修用木基层均应进行防火、防腐处理\n6. 施工时面层颜色、样式由甲方和设计单位确认选样，投标人综合考虑报价，加工、切割、折边、损耗等不另计，中标后综合单价不予调整\n7. 未尽事宜详见设计图纸、图集、设计补充说明、招标文件、政府相关文件及规范等其它资料，满足验收要求","m2",25,null,{"v":0,"d":"0.00"},"按深化节点图与实际的展开面积计算（见光面）"]
[8,"3#","工程名称：3#-公区","37","011502001001","金属装饰条","1. 部位：公共走道等\n2. 龙骨材料种类、规格：20x20热镀锌方通、热镀锌角钢等热镀锌钢龙骨\n3. 嵌条材料品种、规格、颜色：直径80mm仿铜不锈钢圆形线条（MT-B04）\n4. 施工时面层颜色、样式由甲方和设计单位确认选样，投标人综合考虑报价，加工、切割、折边、损耗等不另计，中标后综合单价不予调整\n5. 未尽事宜详见设计图纸、图集、设计补充说明、招标文件、政府相关文件及规范等其它资料，满足验收要求。","1. 部位：公共走道等\n3. 嵌条材料品种、规格、颜色：直径80mm仿铜不锈钢圆形线条（MT-B04）\n4. 施工时面层颜色、样式由甲方和设计单位确认选样，投标人综合考虑报价，加工、切割、折边、损耗等不另计，中标后综合单价不予调整\n5. 未尽事宜详见设计图纸、图集、设计补充说明、招标文件、政府相关文件及规范等其它资料，满足验收要求。","m",13,null,{"v":0,"d":"0.00"},"按现场实际发生量长度计算"]
[9,"3#","工程名称：3#-公区","38","011502001002","金属装饰条","1. 部位：墙面\n2. 基层材料种类、规格：阻燃夹板基层，厚度及层数等综合考虑\n3. 嵌条材料品种、规格、颜色：1.2mm仿铜不锈钢(MT-B04)，展开宽度60以内\n4. 施工时面层颜色、样式由甲方和设计单位确认选样，投标人综合考虑报价，加工、切割、折边、损耗等不另计，中标后综合单价不予调整\n5. 未尽事宜详见设计图纸、图集、设计补充说明、招标文件、政府相关文件及规范等其它资料，满足验收要求。","1. 部位：墙面\n3. 嵌条材料品种、规格、颜色：1.2mm仿铜不锈钢(MT-B04)，展开宽度60以内\n4. 施工时面层颜色、样式由甲方和设计单位确认选样，投标人综合考虑报价，加工、切割、折边、损耗等不另计，中标后综合单价不予调整\n5. 未尽事宜详见设计图纸、图集、设计补充说明、招标文件、政府相关文件及规范等其它资料，满足验收要求。","m",53.28,null,{"v":0,"d":"0.00"},"按现场实际发生量长度计算"]
[10,"3#","工程名称：3#-公区","39","011502001003","金属装饰条","1. 部位：墙面\n2. 龙骨材料种类、规格：局部位置龙骨材质、规格综合考虑\n3. 基层材料种类、规格：阻燃夹板基层，厚度及层数等综合考虑\n4. 嵌条材料品种、规格、颜色：1.2mm仿铜不锈钢(MT-B04)，展开宽度60~100mm以内\n5. 施工时面层颜色、样式由甲方和设计单位确认选样，投标人综合考虑报价，加工、切割、折边、损耗等不另计，中标后综合单价不予调整\n6. 未尽事宜详见设计图纸、图集、设计补充说明、招标文件、政府相关文件及规范等其它资料，满足验收要求。","1. 部位：墙面\n4. 嵌条材料品种、规格、颜色：1.2mm仿铜不锈钢(MT-B04)，展开宽度60~100mm以内\n5. 施工时面层颜色、样式由甲方和设计单位确认选样，投标人综合考虑报价，加工、切割、折边、损耗等不另计，中标后综合单价不予调整\n6. 未尽事宜详见设计图纸、图集、设计补充说明、招标文件、政府相关文件及规范等其它资料，满足验收要求。","m",130.6,null,{"v":0,"d":"0.00"},"按现场实际发生量长度计算"]
[11,"3#","工程名称：3#-公区","40","011207001015","墙面装饰板","1. 部位：墙面等\n2. 基层材料种类、规格：12mm阻燃夹板\n3. 嵌条材料品种、规格、颜色：1.2mm仿铜不锈钢(MT-B04)，展开宽度综合考虑\n4. 施工时面层颜色、样式由甲方和设计单位确认选样，投标人综合考虑报价，加工、切割、折边、损耗等不另计，中标后综合单价不予调整\n5. 未尽事宜详见设计图纸、图集、设计补充说明、招标文件、政府相关文件及规范等其它资料，满足验收要求。","1. 部位：墙面等\n3. 嵌条材料品种、规格、颜色：1.2mm仿铜不锈钢(MT-B04)，展开宽度综合考虑\n4. 施工时面层颜色、样式由甲方和设计单位确认选样，投标人综合考虑报价，加工、切割、折边、损耗等不另计，中标后综合单价不予调整\n5. 未尽事宜详见设计图纸、图集、设计补充说明、招标文件、政府相关文件及规范等其它资料，满足验收要求。","m2",58.5,null,{"v":0,"d":"0.00"},"按深化节点图与实际的展开面积计算（见光面）"]
[12,"3#","工程名称：3#-公区","45","WB011302005005","天棚不锈钢","1. 部位：公共走道等\n2. 吊杆种类、规格：φ8热镀锌钢筋吊杆间距@≤1200mm\n3. 龙骨材料种类、规格：CS60主龙骨吊件，CS60主龙骨间距@≤1200mm，C50*20*0.6次龙骨间距@400mm\n4. 基层材料种类、规格：双层9mm硅酸钙板\n5. 面层材料品种、规格、颜色:1.2mm仿铜不锈钢(MT-B04)，局部弧形格栅造型吊顶\n6. 施工时面层颜色、样式由甲方和设计单位确认选样，切割等加工费不另计，投标人综合考虑报价，中标后综合单价不予调整\n7. 未尽事宜详见设计图纸、图集、设计补充说明、招标文件、政府相关文件及规范等其它资料，满足验收要求","1. 部位：公共走道等\n5. 面层材料品种、规格、颜色:1.2mm仿铜不锈钢(MT-B04)，局部弧形格栅造型吊顶\n6. 施工时面层颜色、样式由甲方和设计单位确认选样，切割等加工费不另计，投标人综合考虑报价，中标后综合单价不予调整\n7. 未尽事宜详见设计图纸、图集、设计补充说明、招标文件、政府相关文件及规范等其它资料，满足验收要求","m2",38.9,null,{"v":0,"d":"0.00"},"按深化节点图与实际的展开面积计算（见光面）"]
[13,"3#","工程名称：3#-公区","53","WB011302005009","天棚不锈钢（侧板）","1. 部位：门厅等\n2. 龙骨材料种类、规格：C50*20*0.6次龙骨间距@400mm\n3. 基层材料种类、规格：双层9mm硅酸钙板基层\n4. 面层材料品种、规格、颜色；1.2mm深灰色不锈钢侧板（MT-B08）\n5. 施工时面层颜色、样式由甲方和设计单位确认选样，切割等加工费不另计，投标人综合考虑报价，中标后综合单价不予调整\n6. 未尽事宜详见设计图纸、图集、设计补充说明、招标文件、政府相关文件及规范等其它资料，满足验收要求","1. 部位：门厅等\n4. 面层材料品种、规格、颜色；1.2mm深灰色不锈钢侧板（MT-B08）\n5. 施工时面层颜色、样式由甲方和设计单位确认选样，切割等加工费不另计，投标人综合考虑报价，中标后综合单价不予调整\n6. 未尽事宜详见设计图纸、图集、设计补充说明、招标文件、政府相关文件及规范等其它资料，满足验收要求","m2",30.3,null,{"v":0,"d":"0.00"},"按深化节点图与实际的展开面积计算（见光面）"]
[14,"3#","工程名称：3#-公区","57","010808001002","不锈钢门套","1. 部位：电梯厅等\n2. 龙骨材料种类、规格：热镀锌钢龙骨（不分规格型号，投标人综合考虑）\n3. 基层材料种类、规格：双层12mm阻燃夹板，局部12mm阻燃夹板+9mm阻燃夹板，局部多层等\n4. 面层材料品种、规格、颜色：1.2mm仿铜不锈钢（MT-B04）\n5. 防护材料种类：所有装修用木材均应进行防火、防腐处理\n6. 施工时面层颜色、样式由甲方和设计单位确认选样，投标人综合考虑报价，加工、切割、折边、损耗等不另计，中标后综合单价不予调整\n7. 未尽事宜详见设计图纸、图集、设计补充说明、招标文件、政府相关文件及规范等其它资料，满足验收要求","1. 部位：电梯厅等\n4. 面层材料品种、规格、颜色：1.2mm仿铜不锈钢（MT-B04）\n5. 防护材料种类：所有装修用木材均应进行防火、防腐处理\n6. 施工时面层颜色、样式由甲方和设计单位确认选样，投标人综合考虑报价，加工、切割、折边、损耗等不另计，中标后综合单价不予调整\n7. 未尽事宜详见设计图纸、图集、设计补充说明、招标文件、政府相关文件及规范等其它资料，满足验收要求","m2",13.69,null,{"v":0,"d":"0.00"},"按深化节点图与实际的展开面积计算（见光面）"]
[15,"3#","工程名称：3#-公区","58","010808001003","不锈钢门套","1. 部位：电梯厅等\n2. 龙骨材料种类、规格：热镀锌钢龙骨（不分规格型号，投标人综合考虑）\n3. 基层材料种类、规格：12mm阻燃夹板，局部双层\n4. 面层材料品种、规格、颜色：1.2mm仿铜不锈钢（MT-B04）\n5. 防护材料种类：所有装修用木材均应进行防火、防腐处理\n6. 施工时面层颜色、样式由甲方和设计单位确认选样，投标人综合考虑报价，加工、切割、折边、损耗等不另计，中标后综合单价不予调整\n7. 未尽事宜详见设计图纸、图集、设计补充说明、招标文件、政府相关文件及规范等其它资料，满足验收要求","1. 部位：电梯厅等\n4. 面层材料品种、规格、颜色：1.2mm仿铜不锈钢（MT-B04）\n5. 防护材料种类：所有装修用木材均应进行防火、防腐处理\n6. 施工时面层颜色、样式由甲方和设计单位确认选样，投标人综合考虑报价，加工、切割、折边、损耗等不另计，中标后综合单价不予调整\n7. 未尽事宜详见设计图纸、图集、设计补充说明、招标文件、政府相关文件及规范等其它资料，满足验收要求","m2",11.8,null,{"v":0,"d":"0.00"},"按深化节点图与实际的展开面积计算（见光面）"]
[16,"3#","工程名称：3#-公区","59","010808001004","不锈钢门套","1. 部位：电梯厅等\n2. 龙骨材料种类、规格：轻钢龙骨，规格尺寸满足现场和规范要求\n3. 基层材料种类、规格：双层12mm阻燃夹板，局部单层\n4. 面层材料品种、规格、颜色：1.2mm仿铜不锈钢（MT-B04）\n5. 防护材料种类：所有装修用木材均应进行防火、防腐处理\n6. 施工时面层颜色、样式由甲方和设计单位确认选样，投标人综合考虑报价，加工、切割、折边、损耗等不另计，中标后综合单价不予调整\n7. 未尽事宜详见设计图纸、图集、设计补充说明、招标文件、政府相关文件及规范等其它资料，满足验收要求","1. 部位：电梯厅等\n4. 面层材料品种、规格、颜色：1.2mm仿铜不锈钢（MT-B04）\n5. 防护材料种类：所有装修用木材均应进行防火、防腐处理\n6. 施工时面层颜色、样式由甲方和设计单位确认选样，投标人综合考虑报价，加工、切割、折边、损耗等不另计，中标后综合单价不予调整\n7. 未尽事宜详见设计图纸、图集、设计补充说明、招标文件、政府相关文件及规范等其它资料，满足验收要求","m2",1.98,null,{"v":0,"d":"0.00"},"按深化节点图与实际的展开面积计算（见光面）"]
[17,"3#","工程名称：3#-公区","60","010808001005","不锈钢门套","1.工程部位：门位置等\n2.龙骨材料种类、规格：10*20木方阻燃龙骨\n3.基层材料种类、规格：双层12mm阻燃夹板，局部多层\n4.面层材料品种、规格、颜色：1.2mm仿铜不锈钢（MT-B04）\n5. 防护材料种类：所有装修用木材均应进行防火、防腐处理\n6.施工时面层颜色、样式由甲方和设计单位确认选样，投标人综合考虑报价，加工、切割、折边、损耗等不另计，中标后综合单价不予调整\n7.未尽事宜详见设计图纸、图集、设计补充说明、招标文件、政府相关文件及规范等其它资料，满足验收要求","1.工程部位：门位置等\n4.面层材料品种、规格、颜色：1.2mm仿铜不锈钢（MT-B04）\n5. 防护材料种类：所有装修用木材均应进行防火、防腐处理\n6.施工时面层颜色、样式由甲方和设计单位确认选样，投标人综合考虑报价，加工、切割、折边、损耗等不另计，中标后综合单价不予调整\n7.未尽事宜详见设计图纸、图集、设计补充说明、招标文件、政府相关文件及规范等其它资料，满足验收要求","m2",6.65,null,{"v":0,"d":"0.00"},"按深化节点图与实际的展开面积计算（见光面）"]
[18,"3#","工程名称：3#-公区","61","011502001004","金属装饰条","1. 部位：门楣等\n2. 嵌条材料品种、规格、颜色：1.2mm仿铜不锈钢(MT-B04)，展开宽度60mm以内\n3. 施工时面层颜色、样式由甲方和设计单位确认选样，投标人综合考虑报价，加工、切割、折边、损耗等不另计，中标后综合单价不予调整\n4. 未尽事宜详见设计图纸、图集、设计补充说明、招标文件、政府相关文件及规范等其它资料，满足验收要求。","1. 部位：门楣等\n2. 嵌条材料品种、规格、颜色：1.2mm仿铜不锈钢(MT-B04)，展开宽度60mm以内\n3. 施工时面层颜色、样式由甲方和设计单位确认选样，投标人综合考虑报价，加工、切割、折边、损耗等不另计，中标后综合单价不予调整\n4. 未尽事宜详见设计图纸、图集、设计补充说明、招标文件、政府相关文件及规范等其它资料，满足验收要求。","m",13.21,null,{"v":0,"d":"0.00"},"按现场实际发生量长度计算"]
[19,"3#","工程名称：3#-公区","63","010805002001","旋转门","1.工程部位：接待区等\n2.门龙骨材质种类、规格：成品门芯+30*30*3mm镀锌方钢，底部80*80*5mm镀锌方钢与埋板固定\n3.门基层材质种类、规格：12mm阻燃夹板基层等\n4.面层材料品种、规格、颜色：布艺硬包（WC-B01）+1.2mm厚仿铜不锈钢（MT-B04）\n5.五金品种、规格：包含但不限于重型上下枢轴、重型天地轴等完成此项工作的全部五金配件\n6.施工时面层颜色、样式由甲方和设计单位确认选样，投标人综合考虑报价，加工、损耗等不另计，中标后综合单价不予调整\n7.未尽事宜详见设计图纸、图集、设计补充说明、招标文件、政府相关文件及规范等其它资料，满足验收要求","1.工程部位：接待区等\n2.门龙骨材质种类、规格：成品门芯+30*30*3mm镀锌方钢，底部80*80*5mm镀锌方钢与埋板固定\n3.门基层材质种类、规格：12mm阻燃夹板基层等\n4.面层材料品种、规格、颜色：布艺硬包（WC-B01）+1.2mm厚仿铜不锈钢（MT-B04）\n5.五金品种、规格：包含但不限于重型上下枢轴、重型天地轴等完成此项工作的全部五金配件\n6.施工时面层颜色、样式由甲方和设计单位确认选样，投标人综合考虑报价，加工、损耗等不另计，中标后综合单价不予调整\n7.未尽事宜详见设计图纸、图集、设计补充说明、招标文件、政府相关文件及规范等其它资料，满足验收要求","m2",8.61,null,{"v":0,"d":"0.00"},"按投影面积"]
[20,"3#","工程名称：3#-公区","64","WB010801004001","装饰门扇安装","1.工程部位：公共走道等\n2.门扇龙骨、基层材质种类、规格：25mm细木工板+9mm阻燃夹板+四周25*25mm热镀锌方通固定\n3. 面层材料品种、规格、颜色：皮革硬包（12mm雪弗板内衬板）（UP-B02）+1.2mm厚仿铜不锈钢（MT-B04）+仿铜不锈钢嵌条，定制成品金属门拉手\n4.五金品种、规格：包含但不限于重型上下枢轴、定制不锈钢天地门轴、暗藏五金合页等完成此项工作的全部五金配件\n5.施工时面层颜色、样式由甲方和设计单位确认选样，投标人综合考虑报价，加工、损耗等不另计，中标后综合单价不予调整\n6.未尽事宜详见设计图纸、图集、设计补充说明、招标文件、政府相关文件及规范等其它资料，满足验收要求","1.工程部位：公共走道等\n3. 面层材料品种、规格、颜色：1.2mm厚仿铜不锈钢（MT-B04）+仿铜不锈钢嵌条\n5.施工时面层颜色、样式由甲方和设计单位确认选样，投标人综合考虑报价，加工、损耗等不另计，中标后综合单价不予调整\n6.未尽事宜详见设计图纸、图集、设计补充说明、招标文件、政府相关文件及规范等其它资料，满足验收要求","m2",5.11,null,{"v":0,"d":"0.00"},"按深化节点图与实际的展开面积计算（见光面）"]
[21,"3#","工程名称：3#-公区","66","WB011501001001","服务台","1. 部位：接待区等\n2. 台柜规格：长4800*高1100*宽1000mm\n3. 龙骨材料种类、规格：热镀锌钢龙骨（不分规格型号，投标人综合考虑）\n4. 基层材料种类、规格：12mm厚阻燃夹板，局部双层15mm厚阻燃夹板\n5. 面层材料品种、规格、颜色：25mm瑞吉黑大理石接待台(ST-B08)，局部位置为25mm巴洛克紫大理石(ST-B07)，深橡木饰面柜体（WD-B01）局部10*10凹槽、灯槽成型，50mm高仿铜覆膜不锈钢踢脚线\n6. 五金种类、规格：含所有配套不锈钢五金件\n7. 施工时面层颜色、样式由甲方和设计单位确认选样，加工、排版损耗等不另计，投标人综合考虑报价，中标后综合单价不予调整\n8. 未尽事宜详见设计图纸、图集、设计补充说明、招标文件、政府相关文件及规范等其它资料，满足验收要求","1. 部位：接待区等\n2. 台柜规格：长4800*高1100*宽1000mm\n5. 面层材料品种、规格、颜色：50mm高仿铜覆膜不锈钢踢脚线\n5.所有石材施工完后需做石材结晶\n7. 施工时面层颜色、样式由甲方和设计单位确认选样，加工、排版损耗等不另计，投标人综合考虑报价，中标后综合单价不予调整\n8. 未尽事宜详见设计图纸、图集、设计补充说明、招标文件、政府相关文件及规范等其它资料，满足验收要求","m",6.6,null,{"v":0,"d":"0.00"},"按现场实际发生量长度计算"]
[22,"3#","工程名称：3#-公区","67","011210006001","仿铜不锈钢格栅","1. 部位：门厅等\n2. 面层材料种类、规格：边框1.2mm60*60仿铜不锈钢方通（MT-B04），局部横向1.2mm40*40仿铜不锈钢方通（MT-B04）、1.2mm外径15mm仿铜不锈钢圆通（MT-B04）、1.2mm60*20*120仿铜不锈钢（MT-B04）\n3. 立面投影面积计算\n4. 施工时面层颜色、样式由甲方和设计单位确认选样，投标人综合考虑报价，加工、切割、折边、损耗等不另计，中标后综合单价不予调整\n5. 未尽事宜详见设计图纸、图集、设计补充说明、招标文件、政府相关文件及规范等其它资料，满足验收要求","1. 部位：门厅等\n2. 面层材料种类、规格：边框1.2mm60*60仿铜不锈钢方通（MT-B04），局部横向1.2mm40*40仿铜不锈钢方通（MT-B04）、1.2mm外径15mm仿铜不锈钢圆通（MT-B04）、1.2mm60*20*120仿铜不锈钢（MT-B04）\n3. 立面投影面积计算\n4. 施工时面层颜色、样式由甲方和设计单位确认选样，投标人综合考虑报价，加工、切割、折边、损耗等不另计，中标后综合单价不予调整\n5. 未尽事宜详见设计图纸、图集、设计补充说明、招标文件、政府相关文件及规范等其它资料，满足验收要求","m2",19.76,null,{"v":0,"d":"0.00"},"按投影面积"]
[23,"3#","工程名称：3#-公区","95","WB011105006002","成品踢脚线","1. 部位：前场区等\n2. 踢脚线高度：50mm高\n3. 基层材料种类、规格：12mm阻燃夹板，或12mm阻燃夹板+9mm阻燃夹板，综合考虑\n4. 面层材料品种、规格、颜色：1.2mm仿铜不锈钢（MT-B04)\n5. 施工时面层颜色、样式由甲方和设计单位确认选样，投标人综合考虑报价，加工、切割、折边、损耗等不另计，中标后综合单价不予调整\n6. 未尽事宜详见设计图纸、图集、设计补充说明、招标文件、政府相关文件及规范等其它资料，满足验收要求","1. 部位：前场区等\n2. 踢脚线高度：50mm高\n4. 面层材料品种、规格、颜色：1.2mm仿铜不锈钢（MT-B04)\n5. 施工时面层颜色、样式由甲方和设计单位确认选样，投标人综合考虑报价，加工、切割、折边、损耗等不另计，中标后综合单价不予调整\n6. 未尽事宜详见设计图纸、图集、设计补充说明、招标文件、政府相关文件及规范等其它资料，满足验收要求","m",448.35,null,{"v":0,"d":"0.00"},"按现场实际发生量长度计算"]
[24,"3#","工程名称：3#-公区","96","WB011105006003","成品踢脚线","1. 部位：茶室等\n2. 踢脚线高度：100mm高\n3. 基层材料种类、规格：12mm阻燃夹板+9mm阻燃夹板\n4. 面层材料品种、规格、颜色：1.2mm仿木纹覆膜不锈钢（MT-B02)\n5. 施工时面层颜色、样式由甲方和设计单位确认选样，投标人综合考虑报价，加工、切割、折边、损耗等不另计，中标后综合单价不予调整\n6. 未尽事宜详见设计图纸、图集、设计补充说明、招标文件、政府相关文件及规范等其它资料，满足验收要求","1. 部位：茶室等\n2. 踢脚线高度：100mm高\n4. 面层材料品种、规格、颜色：1.2mm仿木纹覆膜不锈钢（MT-B02)\n5. 施工时面层颜色、样式由甲方和设计单位确认选样，投标人综合考虑报价，加工、切割、折边、损耗等不另计，中标后综合单价不予调整\n6. 未尽事宜详见设计图纸、图集、设计补充说明、招标文件、政府相关文件及规范等其它资料，满足验收要求","m",14.09,null,{"v":0,"d":"0.00"},"按现场实际发生量长度计算"]
[25,"3#","工程名称：3#-公区","109","011207001027","墙面装饰板","1. 部位：餐厅等\n2. 龙骨材料种类、规格：热镀锌钢龙骨（不分规格型号，投标人综合考虑），内塞50mm厚岩棉(容重80kg/m3)\n3. 基层材料种类、规格：双层12mm阻燃夹板\n4. 面层材料品种、规格、颜色：5mm哑光烤漆玻璃墙面（GL-B02）\n5. 防护材料种类：所有装修用木基层均应进行防火、防腐处理\n6. 施工时面层颜色、样式由甲方和设计单位确认选样，投标人综合考虑报价，加工、切割、折边、损耗等不另计，中标后综合单价不予调整\n7. 未尽事宜详见设计图纸、图集、设计补充说明、招标文件、政府相关文件及规范等其它资料，满足验收要求","1. 部位：餐厅等\n4. 面层材料品种、规格、颜色：5mm哑光烤漆玻璃墙面（GL-B02）\n5. 防护材料种类：所有装修用木基层均应进行防火、防腐处理\n6. 施工时面层颜色、样式由甲方和设计单位确认选样，投标人综合考虑报价，加工、切割、折边、损耗等不另计，中标后综合单价不予调整\n7. 未尽事宜详见设计图纸、图集、设计补充说明、招标文件、政府相关文件及规范等其它资料，满足验收要求","m2",2.08,null,{"v":0,"d":"0.00"},"按投影面积"]
[26,"3#","工程名称：3#-公区","121","011207001036","墙面装饰板","1. 部位：会议室、餐厅、会见室等\n2. 龙骨材料种类、规格：热镀锌钢龙骨（不分规格型号，投标人综合考虑），内塞50mm厚岩棉(容重80kg/m3)\n3. 基层材料种类、规格：双层12mm阻燃夹板，局部单层，局部12mm阻燃夹板+9mm阻燃夹板\n4. 面层材料品种、规格、颜色：1.2mm仿铜不锈钢（MT-B04）\n5. 防护材料种类：所有装修用木基层均应进行防火、防腐处理\n6. 施工时面层颜色、样式由甲方和设计单位确认选样，投标人综合考虑报价，加工、切割、折边、损耗等不另计，中标后综合单价不予调整\n7. 未尽事宜详见设计图纸、图集、设计补充说明、招标文件、政府相关文件及规范等其它资料，满足验收要求","1. 部位：会议室、餐厅、会见室等\n4. 面层材料品种、规格、颜色：1.2mm仿铜不锈钢（MT-B04）\n5. 防护材料种类：所有装修用木基层均应进行防火、防腐处理\n6. 施工时面层颜色、样式由甲方和设计单位确认选样，投标人综合考虑报价，加工、切割、折边、损耗等不另计，中标后综合单价不予调整\n7. 未尽事宜详见设计图纸、图集、设计补充说明、招标文件、政府相关文件及规范等其它资料，满足验收要求","m2",43.3,null,{"v":0,"d":"0.00"},"按深化节点图与实际的展开面积计算（见光面）"]
[27,"3#","工程名称：3#-公区","122","011502001005","金属装饰条","1. 部位：墙面\n2. 基层材料种类、规格：阻燃夹板基层，厚度及层数等综合考虑\n3. 嵌条材料品种、规格、颜色：1.2mm仿铜不锈钢(MT-B04)，展开宽度60以内\n4. 施工时面层颜色、样式由甲方和设计单位确认选样，投标人综合考虑报价，加工、切割、折边、损耗等不另计，中标后综合单价不予调整\n5. 未尽事宜详见设计图纸、图集、设计补充说明、招标文件、政府相关文件及规范等其它资料，满足验收要求。","1. 部位：墙面\n3. 嵌条材料品种、规格、颜色：1.2mm仿铜不锈钢(MT-B04)，展开宽度60以内\n4. 施工时面层颜色、样式由甲方和设计单位确认选样，投标人综合考虑报价，加工、切割、折边、损耗等不另计，中标后综合单价不予调整\n5. 未尽事宜详见设计图纸、图集、设计补充说明、招标文件、政府相关文件及规范等其它资料，满足验收要求。","m",650.73,null,{"v":0,"d":"0.00"},"按现场实际发生量长度计算"]
[28,"3#","工程名称：3#-公区","123","011502001006","金属装饰条","1. 部位：墙面\n2. 龙骨材料种类、规格：局部位置龙骨材质、规格综合考虑\n3. 基层材料种类、规格：阻燃夹板基层，厚度及层数等综合考虑\n4. 嵌条材料品种、规格、颜色：1.2mm仿铜不锈钢(MT-B04)，展开宽度60~100mm以内\n5. 施工时面层颜色、样式由甲方和设计单位确认选样，投标人综合考虑报价，加工、切割、折边、损耗等不另计，中标后综合单价不予调整\n6. 未尽事宜详见设计图纸、图集、设计补充说明、招标文件、政府相关文件及规范等其它资料，满足验收要求。","1. 部位：墙面\n4. 嵌条材料品种、规格、颜色：1.2mm仿铜不锈钢(MT-B04)，展开宽度60~100mm以内\n5. 施工时面层颜色、样式由甲方和设计单位确认选样，投标人综合考虑报价，加工、切割、折边、损耗等不另计，中标后综合单价不予调整\n6. 未尽事宜详见设计图纸、图集、设计补充说明、招标文件、政府相关文件及规范等其它资料，满足验收要求。","m",184.2,null,{"v":0,"d":"0.00"},"按现场实际发生量长度计算"]
[29,"3#","工程名称：3#-公区","124","011207001037","墙面装饰板","1. 部位：会见室等\n2. 基层材料种类、规格：双层12mm阻燃夹板\n3. 嵌条材料品种、规格、颜色：1.2mm仿木纹覆膜不锈钢（MT-B02）)，展开宽度综合考虑\n4. 施工时面层颜色、样式由甲方和设计单位确认选样，投标人综合考虑报价，加工、切割、折边、损耗等不另计，中标后综合单价不予调整\n5. 未尽事宜详见设计图纸、图集、设计补充说明、招标文件、政府相关文件及规范等其它资料，满足验收要求。","1. 部位：会见室等\n3. 嵌条材料品种、规格、颜色：1.2mm仿木纹覆膜不锈钢（MT-B02）)，展开宽度综合考虑\n4. 施工时面层颜色、样式由甲方和设计单位确认选样，投标人综合考虑报价，加工、切割、折边、损耗等不另计，中标后综合单价不予调整\n5. 未尽事宜详见设计图纸、图集、设计补充说明、招标文件、政府相关文件及规范等其它资料，满足验收要求。","m2",3.87,null,{"v":0,"d":"0.00"},"按深化节点图与实际的展开面积计算（见光面）"]
[30,"3#","工程名称：3#-公区","125","011207001038","墙面装饰板","1. 部位：会见室等\n2. 龙骨材料种类、规格：热镀锌钢龙骨（不分规格型号，投标人综合考虑），内塞50mm厚岩棉（容重80kg/m3)\n3. 基层材料种类、规格：12mm阻燃夹板，局部双层\n4. 面层材料品种、规格、颜色：1.2mm仿木纹覆膜不锈钢（MT-B02）\n5. 防护材料种类：所有装修用木材均应进行防火、防腐处理\n6. 施工时面层颜色、样式由甲方和设计单位确认选样，投标人综合考虑报价，加工、切割、折边、损耗等不另计，中标后综合单价不予调整\n7. 未尽事宜详见设计图纸、图集、设计补充说明、招标文件、政府相关文件及规范等其它资料，满足验收要求","1. 部位：会见室等\n4. 面层材料品种、规格、颜色：1.2mm仿木纹覆膜不锈钢（MT-B02）\n5. 防护材料种类：所有装修用木材均应进行防火、防腐处理\n6. 施工时面层颜色、样式由甲方和设计单位确认选样，投标人综合考虑报价，加工、切割、折边、损耗等不另计，中标后综合单价不予调整\n7. 未尽事宜详见设计图纸、图集、设计补充说明、招标文件、政府相关文件及规范等其它资料，满足验收要求","m2",5.5,null,{"v":0,"d":"0.00"},"按深化节点图与实际的展开面积计算（见光面）"]
[31,"3#","工程名称：3#-公区","126","011207001039","墙面装饰板","1. 部位：墙面线条等\n2. 基层材料种类、规格：12mm阻燃夹板\n3. 嵌条材料品种、规格、颜色：1.2mm仿铜不锈钢(MT-B04)，展开宽度综合考虑\n4. 施工时面层颜色、样式由甲方和设计单位确认选样，投标人综合考虑报价，加工、切割、折边、损耗等不另计，中标后综合单价不予调整\n5. 未尽事宜详见设计图纸、图集、设计补充说明、招标文件、政府相关文件及规范等其它资料，满足验收要求。","1. 部位：墙面线条等\n3. 嵌条材料品种、规格、颜色：1.2mm仿铜不锈钢(MT-B04)，展开宽度综合考虑\n4. 施工时面层颜色、样式由甲方和设计单位确认选样，投标人综合考虑报价，加工、切割、折边、损耗等不另计，中标后综合单价不予调整\n5. 未尽事宜详见设计图纸、图集、设计补充说明、招标文件、政府相关文件及规范等其它资料，满足验收要求。","m2",2.72,null,{"v":0,"d":"0.00"},"按深化节点图与实际的展开面积计算（见光面）"]
[32,"3#","工程名称：3#-公区","127","011207001040","墙面装饰板","1. 部位：休息室等\n2. 基层材料种类、规格：双层12mm阻燃夹板\n3. 嵌条材料品种、规格、颜色：1.2mm仿铜不锈钢(MT-B04)，展开宽度综合考虑\n4. 施工时面层颜色、样式由甲方和设计单位确认选样，投标人综合考虑报价，加工、切割、折边、损耗等不另计，中标后综合单价不予调整\n5. 未尽事宜详见设计图纸、图集、设计补充说明、招标文件、政府相关文件及规范等其它资料，满足验收要求。","1. 部位：休息室等\n3. 嵌条材料品种、规格、颜色：1.2mm仿铜不锈钢(MT-B04)，展开宽度综合考虑\n4. 施工时面层颜色、样式由甲方和设计单位确认选样，投标人综合考虑报价，加工、切割、折边、损耗等不另计，中标后综合单价不予调整\n5. 未尽事宜详见设计图纸、图集、设计补充说明、招标文件、政府相关文件及规范等其它资料，满足验收要求。","m2",9.5,null,{"v":0,"d":"0.00"},"按深化节点图与实际的展开面积计算（见光面）"]
[33,"3#","工程名称：3#-公区","128","011207001041","墙面装饰板","1. 部位：会议室、休息室等\n2. 龙骨材料种类、规格：轻钢龙骨（不分规格型号，投标人综合考虑） ,内塞50mm厚岩棉（容重80kg/m3)\n3. 基层材料种类、规格：双层12mm阻燃夹板，局部12mm阻燃夹板+9mm阻燃夹板\n4. 嵌条材料品种、规格、颜色：1.2mm仿铜不锈钢(MT-B04)，展开宽度综合考虑\n5. 施工时面层颜色、样式由甲方和设计单位确认选样，投标人综合考虑报价，加工、切割、折边、损耗等不另计，中标后综合单价不予调整\n6. 未尽事宜详见设计图纸、图集、设计补充说明、招标文件、政府相关文件及规范等其它资料，满足验收要求。","1. 部位：会议室、休息室等\n4. 嵌条材料品种、规格、颜色：1.2mm仿铜不锈钢(MT-B04)，展开宽度综合考虑\n5. 施工时面层颜色、样式由甲方和设计单位确认选样，投标人综合考虑报价，加工、切割、折边、损耗等不另计，中标后综合单价不予调整\n6. 未尽事宜详见设计图纸、图集、设计补充说明、招标文件、政府相关文件及规范等其它资料，满足验收要求。","m2",8.8,null,{"v":0,"d":"0.00"},"按深化节点图与实际的展开面积计算（见光面）"]
[34,"3#","工程名称：3#-公区","138","WB011302005017","天棚不锈钢","1. 部位：多功能厅等\n2. 龙骨材料种类、规格：热镀锌钢龙骨（不分规格型号，投标人综合考虑）\n3. 基层材料种类、规格：双层9mm硅酸钙板\n4. 面层材料品种、规格、颜色:1.2mm仿木纹覆膜不锈钢（MT-B02），局部圆形造型综合考虑报价\n5. 施工时面层颜色、样式由甲方和设计单位确认选样，切割等加工费不另计，投标人综合考虑报价，中标后综合单价不予调整\n6. 未尽事宜详见设计图纸、图集、设计补充说明、招标文件、政府相关文件及规范等其它资料，满足验收要求","1. 部位：多功能厅等\n4. 面层材料品种、规格、颜色:1.2mm仿木纹覆膜不锈钢（MT-B02），局部圆形造型综合考虑报价\n5. 施工时面层颜色、样式由甲方和设计单位确认选样，切割等加工费不另计，投标人综合考虑报价，中标后综合单价不予调整\n6. 未尽事宜详见设计图纸、图集、设计补充说明、招标文件、政府相关文件及规范等其它资料，满足验收要求","m2",255,null,{"v":0,"d":"0.00"},"按深化节点图与实际的展开面积计算（见光面）"]
[35,"3#","工程名称：3#-公区","139","WB011302005018","天棚不锈钢","1. 部位：餐厅、茶室等\n2. 吊杆种类、规格：φ8热镀锌钢筋吊杆间距@≤1200mm，\n3. 龙骨材料种类、规格：CS60主龙骨吊件，CS60主龙骨间距@≤1200mm，C50*20*0.6次龙骨间距@400mm，局部钢龙骨加固\n4. 基层材料种类、规格：双层9mm硅酸钙板\n5. 面层材料品种、规格、颜色:1.2mm仿木纹覆膜不锈钢（MT-B02）\n6. 施工时面层颜色、样式由甲方和设计单位确认选样，切割等加工费不另计，投标人综合考虑报价，中标后综合单价不予调整\n7. 未尽事宜详见设计图纸、图集、设计补充说明、招标文件、政府相关文件及规范等其它资料，满足验收要求","1. 部位：餐厅、茶室等\n5. 面层材料品种、规格、颜色:1.2mm仿木纹覆膜不锈钢（MT-B02）\n6. 施工时面层颜色、样式由甲方和设计单位确认选样，切割等加工费不另计，投标人综合考虑报价，中标后综合单价不予调整\n7. 未尽事宜详见设计图纸、图集、设计补充说明、招标文件、政府相关文件及规范等其它资料，满足验收要求","m2",26.8,null,{"v":0,"d":"0.00"},"按深化节点图与实际的展开面积计算（见光面）"]
[36,"3#","工程名称：3#-公区","140","WB011302005019","天棚不锈钢（圆形）","1. 部位：餐厅\n2. 吊杆种类、规格：φ8热镀锌钢筋吊杆间距@≤1200mm\n3. 龙骨材料种类、规格：CS60主龙骨吊件，CS60主龙骨间距@≤1200mm，C50*20*0.6次龙骨间距@400mm\n4. 基层材料种类、规格：双层9mm硅酸钙板\n5. 面层材料品种、规格、颜色:1.2mm仿木纹覆膜不锈钢圆形吊顶（MT-B02）\n6. 施工时面层颜色、样式由甲方和设计单位确认选样，切割等加工费不另计，投标人综合考虑报价，中标后综合单价不予调整\n7. 未尽事宜详见设计图纸、图集、设计补充说明、招标文件、政府相关文件及规范等其它资料，满足验收要求","1. 部位：餐厅\n5. 面层材料品种、规格、颜色:1.2mm仿木纹覆膜不锈钢圆形吊顶（MT-B02）\n6. 施工时面层颜色、样式由甲方和设计单位确认选样，切割等加工费不另计，投标人综合考虑报价，中标后综合单价不予调整\n7. 未尽事宜详见设计图纸、图集、设计补充说明、招标文件、政府相关文件及规范等其它资料，满足验收要求","m2",32,null,{"v":0,"d":"0.00"},"按深化节点图与实际的展开面积计算（见光面）"]
[37,"3#","工程名称：3#-公区","141","WB011302005020","天棚不锈钢","1. 部位：会见室等\n2. 吊杆种类、规格：φ8热镀锌钢筋吊杆间距@≤1200mm\n3. 龙骨材料种类、规格：CS60主龙骨吊件，CS60主龙骨间距@≤1200mm，C50*20*0.6次龙骨间距@400mm\n4. 基层材料种类、规格：双层9mm硅酸钙板\n5. 面层材料品种、规格、颜色:1.2mm仿铜不锈钢(MT-B04)，局部弧形格栅造型吊顶\n6. 施工时面层颜色、样式由甲方和设计单位确认选样，切割等加工费不另计，投标人综合考虑报价，中标后综合单价不予调整\n7. 未尽事宜详见设计图纸、图集、设计补充说明、招标文件、政府相关文件及规范等其它资料，满足验收要求","1. 部位：会见室等\n5. 面层材料品种、规格、颜色:1.2mm仿铜不锈钢(MT-B04)，局部弧形格栅造型吊顶\n6. 施工时面层颜色、样式由甲方和设计单位确认选样，切割等加工费不另计，投标人综合考虑报价，中标后综合单价不予调整\n7. 未尽事宜详见设计图纸、图集、设计补充说明、招标文件、政府相关文件及规范等其它资料，满足验收要求","m2",19.38,null,{"v":0,"d":"0.00"},"按深化节点图与实际的展开面积计算（见光面）"]
[38,"3#","工程名称：3#-公区","142","WB011302005021","天棚不锈钢（包边）","1. 部位：会见室等\n2. 基层材料种类、规格：双层9mm硅酸钙板，局部单层\n3. 面层材料品种、规格、颜色:1.2mm仿铜不锈钢(MT-B04)\n4. 施工时面层颜色、样式由甲方和设计单位确认选样，切割等加工费不另计，投标人综合考虑报价，中标后综合单价不予调整\n5. 未尽事宜详见设计图纸、图集、设计补充说明、招标文件、政府相关文件及规范等其它资料，满足验收要求","1. 部位：会见室等\n3. 面层材料品种、规格、颜色:1.2mm仿铜不锈钢(MT-B04)\n4. 施工时面层颜色、样式由甲方和设计单位确认选样，切割等加工费不另计，投标人综合考虑报价，中标后综合单价不予调整\n5. 未尽事宜详见设计图纸、图集、设计补充说明、招标文件、政府相关文件及规范等其它资料，满足验收要求","m2",18.5,null,{"v":0,"d":"0.00"},"按深化节点图与实际的展开面积计算（见光面）"]
[39,"3#","工程名称：3#-公区","148","ZB011304002003","不锈钢定制百叶","1. 风口百叶凹10mm侧面(与天花同色)，出风百叶内部基层喷黑处理 \n2.仿铜不锈钢定制百叶（MT-B07）\n3. 未尽事宜详见设计图纸、图集、设计补充说明、招标文件、政府相关文件及规范等其它资料，满足验收要求","1. 风口百叶凹10mm侧面(与天花同色)\n2.仿铜不锈钢定制百叶（MT-B07）\n3. 未尽事宜详见设计图纸、图集、设计补充说明、招标文件、政府相关文件及规范等其它资料，满足验收要求","m2",4.84,null,{"v":0,"d":"0.00"},"按投影面积"]
[40,"3#","工程名称：3#-公区","150","WB011302005026","天棚不锈钢","1. 部位：多功能厅等\n2. 龙骨材料种类、规格：L50热镀锌角钢等热镀锌钢龙骨\n3. 基层材料种类、规格：双层9mm硅酸钙板\n4. 嵌条材料品种、规格、颜色：1.2mm仿木纹覆膜不锈钢（MT-B02），展开宽度综合考虑\n5. 施工时面层颜色、样式由甲方和设计单位确认选样，投标人综合考虑报价，加工、切割、折边、损耗等不另计，中标后综合单价不予调整\n6. 未尽事宜详见设计图纸、图集、设计补充说明、招标文件、政府相关文件及规范等其它资料，满足验收要求。","1. 部位：多功能厅等\n4. 嵌条材料品种、规格、颜色：1.2mm仿木纹覆膜不锈钢（MT-B02），展开宽度综合考虑\n5. 施工时面层颜色、样式由甲方和设计单位确认选样，投标人综合考虑报价，加工、切割、折边、损耗等不另计，中标后综合单价不予调整\n6. 未尽事宜详见设计图纸、图集、设计补充说明、招标文件、政府相关文件及规范等其它资料，满足验收要求。","m2",14.88,null,{"v":0,"d":"0.00"},"按深化节点图与实际的展开面积计算（见光面）"]
[41,"3#","工程名称：3#-公区","151","WB011302005027","天棚不锈钢","1. 部位：茶室等\n2. 嵌条材料品种、规格、颜色：1.2mm仿木纹覆膜不锈钢（MT-B02），展开宽度综合考虑\n3. 施工时面层颜色、样式由甲方和设计单位确认选样，投标人综合考虑报价，加工、切割、折边、损耗等不另计，中标后综合单价不予调整\n4. 未尽事宜详见设计图纸、图集、设计补充说明、招标文件、政府相关文件及规范等其它资料，满足验收要求。","1. 部位：茶室等\n2. 嵌条材料品种、规格、颜色：1.2mm仿木纹覆膜不锈钢（MT-B02），展开宽度综合考虑\n3. 施工时面层颜色、样式由甲方和设计单位确认选样，投标人综合考虑报价，加工、切割、折边、损耗等不另计，中标后综合单价不予调整\n4. 未尽事宜详见设计图纸、图集、设计补充说明、招标文件、政府相关文件及规范等其它资料，满足验收要求。","m2",1.79,null,{"v":0,"d":"0.00"},"按深化节点图与实际的展开面积计算（见光面）"]
[42,"3#","工程名称：3#-公区","152","WB011302005028","天棚不锈钢","1. 部位：茶室等\n2. 龙骨材料种类、规格：M8全牙吊杆@1000,CS60主龙骨(上人龙骨)≤1200,DC50次龙骨≤300\n3. 基层材料种类、规格：12mm硅酸钙板\n4. 嵌条材料品种、规格、颜色：1.2mm仿木纹覆膜不锈钢（MT-B02），展开宽度综合考虑\n5. 施工时面层颜色、样式由甲方和设计单位确认选样，投标人综合考虑报价，加工、切割、折边、损耗等不另计，中标后综合单价不予调整\n6. 未尽事宜详见设计图纸、图集、设计补充说明、招标文件、政府相关文件及规范等其它资料，满足验收要求。","1. 部位：茶室等\n4. 嵌条材料品种、规格、颜色：1.2mm仿木纹覆膜不锈钢（MT-B02），展开宽度综合考虑\n5. 施工时面层颜色、样式由甲方和设计单位确认选样，投标人综合考虑报价，加工、切割、折边、损耗等不另计，中标后综合单价不予调整\n6. 未尽事宜详见设计图纸、图集、设计补充说明、招标文件、政府相关文件及规范等其它资料，满足验收要求。","m2",5.77,null,{"v":0,"d":"0.00"},"按深化节点图与实际的展开面积计算（见光面）"]
[43,"3#","工程名称：3#-公区","153","WB011302005029","天棚不锈钢","1. 部位：会议室、休息室等\n2. 基层材料种类、规格：9mm硅酸钙板\n3. 嵌条材料品种、规格、颜色：1.2mm深灰色不锈钢（MT-B08），展开宽度综合考虑\n4. 施工时面层颜色、样式由甲方和设计单位确认选样，投标人综合考虑报价，加工、切割、折边、损耗等不另计，中标后综合单价不予调整\n5. 未尽事宜详见设计图纸、图集、设计补充说明、招标文件、政府相关文件及规范等其它资料，满足验收要求。","1. 部位：会议室、休息室等\n3. 嵌条材料品种、规格、颜色：1.2mm深灰色不锈钢（MT-B08），展开宽度综合考虑\n4. 施工时面层颜色、样式由甲方和设计单位确认选样，投标人综合考虑报价，加工、切割、折边、损耗等不另计，中标后综合单价不予调整\n5. 未尽事宜详见设计图纸、图集、设计补充说明、招标文件、政府相关文件及规范等其它资料，满足验收要求。","m2",16.5,null,{"v":0,"d":"0.00"},"按深化节点图与实际的展开面积计算（见光面）"]
[44,"3#","工程名称：3#-公区","157","011502001007","金属装饰条","1. 部位：会见室顶面\n2. 嵌条材料品种、规格、颜色：1.2mm仿铜不锈钢(MT-B04)，展开宽度60~100mm以内\n3. 施工时面层颜色、样式由甲方和设计单位确认选样，投标人综合考虑报价，加工、切割、折边、损耗等不另计，中标后综合单价不予调整\n4. 未尽事宜详见设计图纸、图集、设计补充说明、招标文件、政府相关文件及规范等其它资料，满足验收要求。","1. 部位：会见室顶面\n2. 嵌条材料品种、规格、颜色：1.2mm仿铜不锈钢(MT-B04)，展开宽度60~100mm以内\n3. 施工时面层颜色、样式由甲方和设计单位确认选样，投标人综合考虑报价，加工、切割、折边、损耗等不另计，中标后综合单价不予调整\n4. 未尽事宜详见设计图纸、图集、设计补充说明、招标文件、政府相关文件及规范等其它资料，满足验收要求。","m",20.08,null,{"v":0,"d":"0.00"},"按现场实际发生量长度计算"]
[45,"3#","工程名称：3#-公区","158","011502001008","金属装饰条","1. 部位：会见室顶面\n2. 嵌条材料品种、规格、颜色：1.2mm仿铜不锈钢(MT-B04)，展开宽度60mm以内\n3. 施工时面层颜色、样式由甲方和设计单位确认选样，投标人综合考虑报价，加工、切割、折边、损耗等不另计，中标后综合单价不予调整\n4. 未尽事宜详见设计图纸、图集、设计补充说明、招标文件、政府相关文件及规范等其它资料，满足验收要求。","1. 部位：会见室顶面\n2. 嵌条材料品种、规格、颜色：1.2mm仿铜不锈钢(MT-B04)，展开宽度60mm以内\n3. 施工时面层颜色、样式由甲方和设计单位确认选样，投标人综合考虑报价，加工、切割、折边、损耗等不另计，中标后综合单价不予调整\n4. 未尽事宜详见设计图纸、图集、设计补充说明、招标文件、政府相关文件及规范等其它资料，满足验收要求。","m",15.06,null,{"v":0,"d":"0.00"},"按现场实际发生量长度计算"]
[46,"3#","工程名称：3#-公区","163","010808001006","不锈钢门套","1. 部位：多功能厅、餐厅等\n2. 龙骨材料种类、规格：热镀锌钢龙骨（不分规格型号，投标人综合考虑），内塞50mm厚岩棉(容重80kg/m3)\n3. 基层材料种类、规格：双层12mm阻燃夹板，局部12mm阻燃夹板+9mm阻燃夹板，局部多层等\n4. 面层材料品种、规格、颜色：1.2mm仿铜不锈钢（MT-B04）\n5. 防护材料种类：所有装修用木材均应进行防火、防腐处理\n6. 施工时面层颜色、样式由甲方和设计单位确认选样，投标人综合考虑报价，加工、切割、折边、损耗等不另计，中标后综合单价不予调整\n7. 未尽事宜详见设计图纸、图集、设计补充说明、招标文件、政府相关文件及规范等其它资料，满足验收要求","1. 部位：多功能厅、餐厅等\n4. 面层材料品种、规格、颜色：1.2mm仿铜不锈钢（MT-B04）\n5. 防护材料种类：所有装修用木材均应进行防火、防腐处理\n6. 施工时面层颜色、样式由甲方和设计单位确认选样，投标人综合考虑报价，加工、切割、折边、损耗等不另计，中标后综合单价不予调整\n7. 未尽事宜详见设计图纸、图集、设计补充说明、招标文件、政府相关文件及规范等其它资料，满足验收要求","m2",75.6,null,{"v":0,"d":"0.00"},"按深化节点图与实际的展开面积计算（见光面）"]
[47,"3#","工程名称：3#-公区","164","010808001007","不锈钢门套","1. 部位：多功能厅等\n2. 龙骨材料种类、规格：轻钢龙骨，规格尺寸满足现场和规范要求，内塞50mm厚岩棉(容重80kg/m3)\n3. 基层材料种类、规格：双层12mm阻燃夹板，局部单层\n4. 面层材料品种、规格、颜色：1.2mm仿铜不锈钢（MT-B04）\n5. 防护材料种类：所有装修用木材均应进行防火、防腐处理\n6. 施工时面层颜色、样式由甲方和设计单位确认选样，投标人综合考虑报价，加工、切割、折边、损耗等不另计，中标后综合单价不予调整\n7. 未尽事宜详见设计图纸、图集、设计补充说明、招标文件、政府相关文件及规范等其它资料，满足验收要求","1. 部位：多功能厅等\n4. 面层材料品种、规格、颜色：1.2mm仿铜不锈钢（MT-B04）\n5. 防护材料种类：所有装修用木材均应进行防火、防腐处理\n6. 施工时面层颜色、样式由甲方和设计单位确认选样，投标人综合考虑报价，加工、切割、折边、损耗等不另计，中标后综合单价不予调整\n7. 未尽事宜详见设计图纸、图集、设计补充说明、招标文件、政府相关文件及规范等其它资料，满足验收要求","m2",8.86,null,{"v":0,"d":"0.00"},"按深化节点图与实际的展开面积计算（见光面）"]
[48,"3#","工程名称：3#-公区","165","010808001008","不锈钢门套","1.工程部位：门位置等\n2.龙骨材料种类、规格：10*20木方阻燃龙骨\n3.基层材料种类、规格：双层12mm阻燃夹板，局部多层\n4.面层材料品种、规格、颜色：1.2mm仿铜不锈钢（MT-B04）\n5. 防护材料种类：所有装修用木材均应进行防火、防腐处理\n6.施工时面层颜色、样式由甲方和设计单位确认选样，投标人综合考虑报价，加工、切割、折边、损耗等不另计，中标后综合单价不予调整\n7.未尽事宜详见设计图纸、图集、设计补充说明、招标文件、政府相关文件及规范等其它资料，满足验收要求","1.工程部位：门位置等\n4.面层材料品种、规格、颜色：1.2mm仿铜不锈钢（MT-B04）\n5. 防护材料种类：所有装修用木材均应进行防火、防腐处理\n6.施工时面层颜色、样式由甲方和设计单位确认选样，投标人综合考虑报价，加工、切割、折边、损耗等不另计，中标后综合单价不予调整\n7.未尽事宜详见设计图纸、图集、设计补充说明、招标文件、政府相关文件及规范等其它资料，满足验收要求","m2",82.5,null,{"v":0,"d":"0.00"},"按深化节点图与实际的展开面积计算（见光面）"]
[49,"3#","工程名称：3#-公区","166","011502001009","金属装饰条","1. 部位：门楣等\n2. 嵌条材料品种、规格、颜色：1.2mm仿铜不锈钢(MT-B04)，展开宽度60mm以内\n3. 施工时面层颜色、样式由甲方和设计单位确认选样，投标人综合考虑报价，加工、切割、折边、损耗等不另计，中标后综合单价不予调整\n4. 未尽事宜详见设计图纸、图集、设计补充说明、招标文件、政府相关文件及规范等其它资料，满足验收要求。","1. 部位：门楣等\n2. 嵌条材料品种、规格、颜色：1.2mm仿铜不锈钢(MT-B04)，展开宽度60mm以内\n3. 施工时面层颜色、样式由甲方和设计单位确认选样，投标人综合考虑报价，加工、切割、折边、损耗等不另计，中标后综合单价不予调整\n4. 未尽事宜详见设计图纸、图集、设计补充说明、招标文件、政府相关文件及规范等其它资料，满足验收要求。","m",60.4,null,{"v":0,"d":"0.00"},"按现场实际发生量长度计算"]
[50,"3#","工程名称：3#-公区","168","010805002002","旋转门","1.工程部位：多功能厅等\n2.门龙骨材质种类、规格：成品门芯+40*40*4mm镀锌方钢\n3.门基层材质种类、规格：12mm阻燃夹板+局部双层9mm阻燃夹板等\n4.面层材料品种、规格、颜色：布艺硬包（1）（WC-B02）+1.2mm厚仿铜不锈钢（MT-B04）+5mm宽仿铜不锈钢嵌条\n5.五金品种、规格：包含但不限于重型上下枢轴、重型天地轴等完成此项工作的全部五金配件\n6.施工时面层颜色、样式由甲方和设计单位确认选样，投标人综合考虑报价，加工、损耗等不另计，中标后综合单价不予调整\n7.未尽事宜详见设计图纸、图集、设计补充说明、招标文件、政府相关文件及规范等其它资料，满足验收要求","1.工程部位：多功能厅等\n2.门龙骨材质种类、规格：成品门芯+40*40*4mm镀锌方钢\n3.门基层材质种类、规格：12mm阻燃夹板+局部双层9mm阻燃夹板等\n4.面层材料品种、规格、颜色：布艺硬包（1）（WC-B02）+1.2mm厚仿铜不锈钢（MT-B04）+5mm宽仿铜不锈钢嵌条\n5.五金品种、规格：包含但不限于重型上下枢轴、重型天地轴等完成此项工作的全部五金配件\n6.施工时面层颜色、样式由甲方和设计单位确认选样，投标人综合考虑报价，加工、损耗等不另计，中标后综合单价不予调整\n7.未尽事宜详见设计图纸、图集、设计补充说明、招标文件、政府相关文件及规范等其它资料，满足验收要求","m2",80.95,null,{"v":0,"d":"0.00"},"按投影面积"]
[51,"3#","工程名称：3#-公区","169","WB010801004003","装饰门扇安装","1.工程部位：各功能房间等\n2.门扇龙骨、基层材质种类、规格：25mm细木工板+9mm阻燃夹板+四周25*25mm热镀锌方通固定\n3. 面层材料品种、规格、颜色：皮革硬包（12mm雪弗板内衬板）（UP-B02）+1.2mm厚仿铜不锈钢（MT-B04）+仿铜不锈钢嵌条，定制成品金属门拉手\n4.五金品种、规格：包含但不限于重型上下枢轴、定制不锈钢天地门轴、暗藏五金合页等完成此项工作的全部五金配件\n5.施工时面层颜色、样式由甲方和设计单位确认选样，投标人综合考虑报价，加工、损耗等不另计，中标后综合单价不予调整\n6.未尽事宜详见设计图纸、图集、设计补充说明、招标文件、政府相关文件及规范等其它资料，满足验收要求","1.工程部位：各功能房间等\n3. 面层材料品种、规格、颜色：1.2mm厚仿铜不锈钢（MT-B04）+仿铜不锈钢嵌条\n5.施工时面层颜色、样式由甲方和设计单位确认选样，投标人综合考虑报价，加工、损耗等不另计，中标后综合单价不予调整\n6.未尽事宜详见设计图纸、图集、设计补充说明、招标文件、政府相关文件及规范等其它资料，满足验收要求","m2",79,null,{"v":0,"d":"0.00"},"按深化节点图与实际的展开面积计算（见光面）"]
[52,"3#","工程名称：3#-公区","171","010801004001","装饰防火门","1.工程部位：音控室\n2.门扇龙骨、基层材质种类、规格：甲级防火门门芯(须满足当地消防部门的防火认证)\n3.门套材料种类、规格：木方基层(防腐防潮处理)+双层12mm阻燃夹板+木转印（MT-D05）\n4.面层材料品种、规格、颜色：一侧布艺硬包饰面（WC-B02）一侧木纹转印饰面（MT-B05），局部四周1.2mm仿铜不锈钢包边（MT-B04）\n5.五金品种、规格：包含但不限于成品金属门把手(选样)、成品五金暗铰链(选型一侧三副)等完成此项工作的全部五金配件\n6.施工时面层颜色、样式由甲方和设计单位确认选样，投标人综合考虑报价，加工、损耗等不另计，中标后综合单价不予调整\n7.未尽事宜详见设计图纸、图集、设计补充说明、招标文件、政府相关文件及规范等其它资料，满足验收要求","1.工程部位：音控室\n4.面层材料品种、规格、颜色：一侧木纹转印饰面（MT-B05），局部四周1.2mm仿铜不锈钢包边（MT-B04）\n6.施工时面层颜色、样式由甲方和设计单位确认选样，投标人综合考虑报价，加工、损耗等不另计，中标后综合单价不予调整\n7.未尽事宜详见设计图纸、图集、设计补充说明、招标文件、政府相关文件及规范等其它资料，满足验收要求","m2",1.89,null,{"v":0,"d":"0.00"},"按深化节点图与实际的展开面积计算（见光面）"]
[53,"3#","工程名称：3#-公区","172","010801004002","装饰防火门","1.工程部位：音控室\n2.门扇龙骨、基层材质种类、规格：甲级防火门门芯(须满足当地消防部门的防火认证)+12mm阻燃夹板\n3.门套材料种类、规格：20*50mm木方基层+双层9mm阻燃夹板+木转印（MT-D05）\n4.面层材料品种、规格、颜色：木纹转印饰面（MT-B05），局部10*10mm凹缝\n5.五金品种、规格：包含但不限于成品金属门把手(选样)、成品五金暗铰链(选型一侧三副)、消音胶条等完成此项工作的全部五金配件\n6.施工时面层颜色、样式由甲方和设计单位确认选样，投标人综合考虑报价，加工、损耗等不另计，中标后综合单价不予调整\n7.未尽事宜详见设计图纸、图集、设计补充说明、招标文件、政府相关文件及规范等其它资料，满足验收要求","1.工程部位：音控室\n2.门扇龙骨、基层材质种类、规格：\n4.面层材料品种、规格、颜色：木纹转印饰面（MT-B05），局部10*10mm凹缝\n6.施工时面层颜色、样式由甲方和设计单位确认选样，投标人综合考虑报价，加工、损耗等不另计，中标后综合单价不予调整\n7.未尽事宜详见设计图纸、图集、设计补充说明、招标文件、政府相关文件及规范等其它资料，满足验收要求","m2",2.05,null,{"v":0,"d":"0.00"},"按深化节点图与实际的展开面积计算（见光面）"]
[54,"3#","工程名称：3#-公区","174","011210006002","不锈钢屏风","1. 部位：餐厅等\n2. 龙骨材料种类、规格：热镀锌钢龙骨（不分规格型号，投标人综合考虑） \n3. 基层材料种类、规格：12mm阻燃夹板+5厘板基层，局部双层或单层12mm阻燃夹板\n4. 面层材料种类、规格：仿铜不锈钢屏风（MT-04）\n5. 防护材料种类：所有装修用木基层均应进行防火、防腐处理\n6. 施工时面层颜色、样式由甲方和设计单位确认选样，投标人综合考虑报价，加工、切割、折边、损耗等不另计，中标后综合单价不予调整\n7. 未尽事宜详见设计图纸、图集、设计补充说明、招标文件、政府相关文件及规范等其它资料，满足验收要求","1. 部位：餐厅等\n4. 面层材料种类、规格：仿铜不锈钢屏风（MT-04）\n5. 防护材料种类：所有装修用木基层均应进行防火、防腐处理\n6. 施工时面层颜色、样式由甲方和设计单位确认选样，投标人综合考虑报价，加工、切割、折边、损耗等不另计，中标后综合单价不予调整\n7. 未尽事宜详见设计图纸、图集、设计补充说明、招标文件、政府相关文件及规范等其它资料，满足验收要求","m2",27.54,null,{"v":0,"d":"0.00"},"按投影面积"]
[55,"3#","工程名称：3#-公区","177","WB011501001005","镜柜","1. 部位：卫生间等\n2. 龙骨材料种类、规格：热镀锌钢龙骨（不分规格型号，投标人综合考虑）\n3. 基层材料种类、规格：12mm阻燃夹板基层，局部多层\n4. 面层材料品种、规格、颜色：5mm银镜饰面（MR-B01），四周1.2mm仿铜不锈钢饰面灯槽（MT-B04）\n5. 防护材料种类：所有装修用木基层均应进行防火、防腐处理\n6. 施工时面层颜色、样式由甲方和设计单位确认选样，投标人综合考虑报价，加工、切割、折边、损耗等不另计，中标后综合单价不予调整\n7. 未尽事宜详见设计图纸、图集、设计补充说明、招标文件、政府相关文件及规范等其它资料，满足验收要求","1. 部位：卫生间等\n4. 面层材料品种、规格、颜色：5mm银镜饰面（MR-B01），四周1.2mm仿铜不锈钢饰面灯槽（MT-B04）\n5. 防护材料种类：所有装修用木基层均应进行防火、防腐处理\n6. 施工时面层颜色、样式由甲方和设计单位确认选样，投标人综合考虑报价，加工、切割、折边、损耗等不另计，中标后综合单价不予调整\n7. 未尽事宜详见设计图纸、图集、设计补充说明、招标文件、政府相关文件及规范等其它资料，满足验收要求","m2",10.56,null,{"v":0,"d":"0.00"},"按投影面积"]
[56,"3#","工程名称：3#-公区","190","WB011105006004","成品踢脚线","1. 部位：卫生间等\n2. 踢脚线高度：50mm高\n3. 基层材料种类、规格：12mm阻燃夹板，或12mm阻燃夹板+9mm阻燃夹板，综合考虑\n4. 面层材料品种、规格、颜色：1.2mm仿铜不锈钢（MT-B04)\n5. 施工时面层颜色、样式由甲方和设计单位确认选样，投标人综合考虑报价，加工、切割、折边、损耗等不另计，中标后综合单价不予调整\n6. 未尽事宜详见设计图纸、图集、设计补充说明、招标文件、政府相关文件及规范等其它资料，满足验收要求","1. 部位：卫生间等\n2. 踢脚线高度：50mm高\n4. 面层材料品种、规格、颜色：1.2mm仿铜不锈钢（MT-B04)\n5. 施工时面层颜色、样式由甲方和设计单位确认选样，投标人综合考虑报价，加工、切割、折边、损耗等不另计，中标后综合单价不予调整\n6. 未尽事宜详见设计图纸、图集、设计补充说明、招标文件、政府相关文件及规范等其它资料，满足验收要求","m",11.3,null,{"v":0,"d":"0.00"},"按现场实际发生量长度计算"]
[57,"3#","工程名称：3#-公区","195","011210006003","卫生间隔断","1. 部位：公区卫生间等\n2. 龙骨材料种类、规格：热镀锌钢龙骨（不分规格型号，投标人综合考虑），底部C20混凝土导墙不另列，报价综合考虑\n3. 基层材料种类、规格：12mm硅酸钙板基层，门扇基层为细木工板+12mm硅酸钙板\n4. 面层材料品种、规格、颜色：双面10mm厚仿木纹防火板（WD-B08），50mm高仿铜不锈钢踢脚线（MT-B04），门上顶面仿铜不锈钢包边(MT-B04）\n5. 施工时面层颜色、样式由甲方和设计单位确认选样，投标人综合考虑报价，加工、切割、折边、损耗等不另计，中标后综合单价不予调整\n6. 未尽事宜详见设计图纸、图集、设计补充说明、招标文件、政府相关文件及规范等其它资料，满足验收要求","1. 部位：公区卫生间等\n4. 面层材料品种、规格、颜色：50mm高仿铜不锈钢踢脚线（MT-B04），门上顶面仿铜不锈钢包边(MT-B04）\n5. 施工时面层颜色、样式由甲方和设计单位确认选样，投标人综合考虑报价，加工、切割、折边、损耗等不另计，中标后综合单价不予调整\n6. 未尽事宜详见设计图纸、图集、设计补充说明、招标文件、政府相关文件及规范等其它资料，满足验收要求","m2",38.5,null,{"v":0,"d":"0.00"},"按深化节点图与实际的展开面积计算（见光面）"]
[58,"3#","工程名称：3#-公区","196","011210003001","小便斗玻璃隔断","1. 部位：公区卫生间等\n2.龙骨材料种类、规格：热镀锌钢龙骨（不分规格型号，投标人综合考虑）\n3.基层材料种类、规格：9mm阻燃夹板\n4.隔断面层：6+1.52pvb+6mm夹丝玻璃（GL-B04）+1.2mm仿铜不锈钢（MT-B04）\n5. 防护材料种类：所有装修用木基层均应进行防火、防腐处理\n6.施工时面层颜色、样式由甲方和设计单位确认选样，投标人综合考虑报价，加工、切割、折边、损耗等不另计，中标后综合单价不予调整\n7.未尽事宜详见设计图纸、图集、设计补充说明、招标文件、政府相关文件及规范等其它资料，满足验收要求","1. 部位：公区卫生间等\n4.隔断面层：6+1.52pvb+6mm夹丝玻璃（GL-B04）+1.2mm仿铜不锈钢（MT-B04）\n5. 防护材料种类：所有装修用木基层均应进行防火、防腐处理\n6.施工时面层颜色、样式由甲方和设计单位确认选样，投标人综合考虑报价，加工、切割、折边、损耗等不另计，中标后综合单价不予调整\n7.未尽事宜详见设计图纸、图集、设计补充说明、招标文件、政府相关文件及规范等其它资料，满足验收要求","m2",6.43,null,{"v":0,"d":"0.00"},"按投影面积"]
[59,"3#","工程名称：3#-公区","205","WB011501001006","洗手台+柜体","1. 部位：卫生间等\n2. 规格尺寸：600mm宽（局部620mm宽）*850mm高（局部880mm高）\n3. 龙骨材料种类、规格：热镀锌钢龙骨（不分规格型号，投标人综合考虑），局部阻燃木方龙骨\n4. 基层材料种类、规格：局部双层12mm阻燃夹板\n5. 面层材料品种、规格、颜色：18mm雪花白大理石（ST-B10）台面，10mm仿木纹防火板饰面(WD-B08），防火板饰面柜体、50mm高不锈钢踢脚线等\n6. 所有石材材料在施工前须做六面防护处理,石材结晶，以保证防水、防腐、防污、防油\n7. 施工时面层颜色、样式由甲方和设计单位确认选样，倒角，磨边、切割等加工费不另计，投标人综合考虑报价，中标后综合单价不予调整\n8. 未尽事宜详见设计图纸、图集、设计补充说明、招标文件、政府相关文件及规范等其它资料，满足验收要求","1. 部位：卫生间等\n2. 规格尺寸：600mm宽（局部620mm宽）*850mm高（局部880mm高）\n5. 面层材料品种、规格、颜色：50mm高不锈钢踢脚线等\n7. 施工时面层颜色、样式由甲方和设计单位确认选样，倒角，磨边、切割等加工费不另计，投标人综合考虑报价，中标后综合单价不予调整\n8. 未尽事宜详见设计图纸、图集、设计补充说明、招标文件、政府相关文件及规范等其它资料，满足验收要求","m",13,null,{"v":0,"d":"0.00"},"按现场实际发生量长度计算"]
[60,"3#","工程名称：3#-公区","206","WB011501001007","镜柜","1. 部位：卫生间等\n2. 龙骨材料种类、规格：热镀锌钢龙骨（不分规格型号，投标人综合考虑）+20*40mm木方（阻燃处理）等\n3. 基层材料种类、规格：12mm阻燃夹板基层，局部双层\n4. 面层材料品种、规格、颜色：5mm银镜饰面（MR-B01）+1.2mm仿铜不锈钢（MT-B04）+四周不锈钢包边\n5. 防护材料种类：所有装修用木基层均应进行防火、防腐处理\n6. 施工时面层颜色、样式由甲方和设计单位确认选样，投标人综合考虑报价，加工、切割、折边、损耗等不另计，中标后综合单价不予调整\n7. 未尽事宜详见设计图纸、图集、设计补充说明、招标文件、政府相关文件及规范等其它资料，满足验收要求","1. 部位：卫生间等\n4. 面层材料品种、规格、颜色：5mm银镜饰面（MR-B01）+1.2mm仿铜不锈钢（MT-B04）+四周不锈钢包边\n5. 防护材料种类：所有装修用木基层均应进行防火、防腐处理\n6. 施工时面层颜色、样式由甲方和设计单位确认选样，投标人综合考虑报价，加工、切割、折边、损耗等不另计，中标后综合单价不予调整\n7. 未尽事宜详见设计图纸、图集、设计补充说明、招标文件、政府相关文件及规范等其它资料，满足验收要求","m2",11.82,null,{"v":0,"d":"0.00"},"按投影面积"]
[61,"3#","工程名称：3#-公区","227","WB011105006005","成品踢脚线","1. 部位：后场房间等\n2. 踢脚线高度：50mm高\n3. 基层材料种类、规格：12mm阻燃夹板，或12mm阻燃夹板+9mm阻燃夹板，综合考虑\n4. 面层材料品种、规格、颜色：1.2mm仿铜不锈钢（MT-B04)\n5. 施工时面层颜色、样式由甲方和设计单位确认选样，投标人综合考虑报价，加工、切割、折边、损耗等不另计，中标后综合单价不予调整\n6. 未尽事宜详见设计图纸、图集、设计补充说明、招标文件、政府相关文件及规范等其它资料，满足验收要求","1. 部位：后场房间等\n2. 踢脚线高度：50mm高\n4. 面层材料品种、规格、颜色：1.2mm仿铜不锈钢（MT-B04)\n5. 施工时面层颜色、样式由甲方和设计单位确认选样，投标人综合考虑报价，加工、切割、折边、损耗等不另计，中标后综合单价不予调整\n6. 未尽事宜详见设计图纸、图集、设计补充说明、招标文件、政府相关文件及规范等其它资料，满足验收要求","m",27.84,null,{"v":0,"d":"0.00"},"按现场实际发生量长度计算"]
[62,"3#","工程名称：3#-公区","228","WB011105006006","成品踢脚线","1. 部位：部分后场房间等\n2. 踢脚线高度：50mm高\n3. 基层材料种类、规格：9mm阻燃夹板\n4. 面层材料品种、规格、颜色：1.2mm仿铜不锈钢（MT-D01)\n5. 施工时面层颜色、样式由甲方和设计单位确认选样，投标人综合考虑报价，加工、切割、折边、损耗等不另计，中标后综合单价不予调整\n6. 未尽事宜详见设计图纸、图集、设计补充说明、招标文件、政府相关文件及规范等其它资料，满足验收要求","1. 部位：部分后场房间等\n2. 踢脚线高度：50mm高\n4. 面层材料品种、规格、颜色：1.2mm仿铜不锈钢（MT-D01)\n5. 施工时面层颜色、样式由甲方和设计单位确认选样，投标人综合考虑报价，加工、切割、折边、损耗等不另计，中标后综合单价不予调整\n6. 未尽事宜详见设计图纸、图集、设计补充说明、招标文件、政府相关文件及规范等其它资料，满足验收要求","m",299.02,null,{"v":0,"d":"0.00"},"按现场实际发生量长度计算"]
[63,"3#","工程名称：3#-公区","229","011210006004","卫生间隔断","1. 部位：卫生间等\n2. 龙骨材料种类、规格：热镀锌钢龙骨（不分规格型号，投标人综合考虑），底部C20混凝土导墙不另列，报价综合考虑\n3. 基层材料种类、规格：12mm硅酸钙板基层，门扇基层为细木工板+12mm硅酸钙板\n4. 面层材料品种、规格、颜色：双面10mm厚仿木纹防火板（WD-B08），50mm高仿铜不锈钢踢脚线（MT-B04），门上顶面仿铜不锈钢包边(MT-B04）\n5. 施工时面层颜色、样式由甲方和设计单位确认选样，投标人综合考虑报价，加工、切割、折边、损耗等不另计，中标后综合单价不予调整\n6. 未尽事宜详见设计图纸、图集、设计补充说明、招标文件、政府相关文件及规范等其它资料，满足验收要求","1. 部位：卫生间等\n4. 面层材料品种、规格、颜色：50mm高仿铜不锈钢踢脚线（MT-B04），门上顶面仿铜不锈钢包边(MT-B04）\n5. 施工时面层颜色、样式由甲方和设计单位确认选样，投标人综合考虑报价，加工、切割、折边、损耗等不另计，中标后综合单价不予调整\n6. 未尽事宜详见设计图纸、图集、设计补充说明、招标文件、政府相关文件及规范等其它资料，满足验收要求","m2",7.37,null,{"v":0,"d":"0.00"},"按深化节点图与实际的展开面积计算（见光面）"]
[64,"3#","工程名称：3#-公区","244","010808001009","不锈钢门套","1. 部位：电梯厅等\n2. 龙骨材料种类、规格：热镀锌钢龙骨（不分规格型号，投标人综合考虑）\n3. 基层材料种类、规格：12mm阻燃夹板，局部双层\n4. 面层材料品种、规格、颜色：1.2mm仿铜不锈钢（MT-B04）\n5. 防护材料种类：所有装修用木材均应进行防火、防腐处理\n6. 施工时面层颜色、样式由甲方和设计单位确认选样，投标人综合考虑报价，加工、切割、折边、损耗等不另计，中标后综合单价不予调整\n7. 未尽事宜详见设计图纸、图集、设计补充说明、招标文件、政府相关文件及规范等其它资料，满足验收要求","1. 部位：电梯厅等\n4. 面层材料品种、规格、颜色：1.2mm仿铜不锈钢（MT-B04）\n5. 防护材料种类：所有装修用木材均应进行防火、防腐处理\n6. 施工时面层颜色、样式由甲方和设计单位确认选样，投标人综合考虑报价，加工、切割、折边、损耗等不另计，中标后综合单价不予调整\n7. 未尽事宜详见设计图纸、图集、设计补充说明、招标文件、政府相关文件及规范等其它资料，满足验收要求","m2",11.39,null,{"v":0,"d":"0.00"},"按深化节点图与实际的展开面积计算（见光面）"]
[65,"3#","工程名称：3#-公区","245","010808001010","不锈钢门套","1.工程部位：门位置等\n2.龙骨材料种类、规格：10*20木方阻燃龙骨\n3.基层材料种类、规格：双层12mm阻燃夹板，局部多层\n4.面层材料品种、规格、颜色：1.2mm仿铜不锈钢（MT-B04）\n5. 防护材料种类：所有装修用木材均应进行防火、防腐处理\n6.施工时面层颜色、样式由甲方和设计单位确认选样，投标人综合考虑报价，加工、切割、折边、损耗等不另计，中标后综合单价不予调整\n7.未尽事宜详见设计图纸、图集、设计补充说明、招标文件、政府相关文件及规范等其它资料，满足验收要求","1.工程部位：门位置等\n4.面层材料品种、规格、颜色：1.2mm仿铜不锈钢（MT-B04）\n5. 防护材料种类：所有装修用木材均应进行防火、防腐处理\n6.施工时面层颜色、样式由甲方和设计单位确认选样，投标人综合考虑报价，加工、切割、折边、损耗等不另计，中标后综合单价不予调整\n7.未尽事宜详见设计图纸、图集、设计补充说明、招标文件、政府相关文件及规范等其它资料，满足验收要求","m2",6.4,null,{"v":0,"d":"0.00"},"按深化节点图与实际的展开面积计算（见光面）"]
[66,"3#","工程名称：3#-公区","246","011502001010","金属装饰条","1. 部位：门楣\n2. 嵌条材料品种、规格、颜色：1.2mm仿铜不锈钢(MT-B04)，展开宽度60mm以内\n3. 施工时面层颜色、样式由甲方和设计单位确认选样，投标人综合考虑报价，加工、切割、折边、损耗等不另计，中标后综合单价不予调整\n4. 未尽事宜详见设计图纸、图集、设计补充说明、招标文件、政府相关文件及规范等其它资料，满足验收要求。","1. 部位：门楣\n2. 嵌条材料品种、规格、颜色：1.2mm仿铜不锈钢(MT-B04)，展开宽度60mm以内\n3. 施工时面层颜色、样式由甲方和设计单位确认选样，投标人综合考虑报价，加工、切割、折边、损耗等不另计，中标后综合单价不予调整\n4. 未尽事宜详见设计图纸、图集、设计补充说明、招标文件、政府相关文件及规范等其它资料，满足验收要求。","m",24.99,null,{"v":0,"d":"0.00"},"按现场实际发生量长度计算"]
[67,"3#","工程名称：3#-公区","248","WB010801004004","装饰门扇安装","1.工程部位：各功能房间等\n2.门扇龙骨、基层材质种类、规格：25mm细木工板+9mm阻燃夹板+四周25*25mm热镀锌方通固定\n3. 面层材料品种、规格、颜色：皮革硬包（12mm雪弗板内衬板）（UP-B02）+1.2mm厚仿铜不锈钢（MT-B04）+仿铜不锈钢嵌条，定制成品金属门拉手\n4.五金品种、规格：包含但不限于重型上下枢轴、定制不锈钢天地门轴、暗藏五金合页等完成此项工作的全部五金配件\n5.施工时面层颜色、样式由甲方和设计单位确认选样，投标人综合考虑报价，加工、损耗等不另计，中标后综合单价不予调整\n6.未尽事宜详见设计图纸、图集、设计补充说明、招标文件、政府相关文件及规范等其它资料，满足验收要求","1.工程部位：各功能房间等\n3. 面层材料品种、规格、颜色：1.2mm厚仿铜不锈钢（MT-B04）+仿铜不锈钢嵌条\n5.施工时面层颜色、样式由甲方和设计单位确认选样，投标人综合考虑报价，加工、损耗等不另计，中标后综合单价不予调整\n6.未尽事宜详见设计图纸、图集、设计补充说明、招标文件、政府相关文件及规范等其它资料，满足验收要求","m2",3.23,null,{"v":0,"d":"0.00"},"按深化节点图与实际的展开面积计算（见光面）"]
[68,"3#","工程名称：3#-公区","250","010801004003","装饰防火门","1.工程部位：走道等\n2.门扇龙骨、基层材质种类、规格：乙级防火门门芯(须满足当地消防部门的防火认证)\n3.门套材料种类、规格：12mm阻燃夹板+9mm阻燃夹板+木纹转印饰面（MT-D05）\n4.面层材料品种、规格、颜色：一侧皮革硬包饰面（UP-B02）一侧木纹转印饰面（MT-B05）\n5.五金品种、规格：包含但不限于成品金属门把手(选样)、成品五金暗铰链(选型一侧三副)等完成此项工作的全部五金配件\n6.施工时面层颜色、样式由甲方和设计单位确认选样，投标人综合考虑报价，加工、损耗等不另计，中标后综合单价不予调整\n7.未尽事宜详见设计图纸、图集、设计补充说明、招标文件、政府相关文件及规范等其它资料，满足验收要求","1.工程部位：走道等\n3.门套材料种类、规格：木纹转印饰面（MT-D05）\n4.面层材料品种、规格、颜色：一侧木纹转印饰面（MT-B05）\n6.施工时面层颜色、样式由甲方和设计单位确认选样，投标人综合考虑报价，加工、损耗等不另计，中标后综合单价不予调整\n7.未尽事宜详见设计图纸、图集、设计补充说明、招标文件、政府相关文件及规范等其它资料，满足验收要求","m2",4.63,null,{"v":0,"d":"0.00"},"按深化节点图与实际的展开面积计算（见光面）"]
[69,"3#","工程名称：3#-公区","251","010801004004","装饰防火门","1.工程部位：后场房间等\n2.门扇龙骨、基层材质种类、规格：乙级防火门门芯(须满足当地消防部门的防火认证)\n3.门套材料种类、规格：12mm阻燃夹板+9mm阻燃夹板+木纹转印饰面（MT-D05）\n4.面层材料品种、规格、颜色：木纹转印饰面（MT-B05）\n5.五金品种、规格：包含但不限于成品金属门把手(选样)、成品五金暗铰链(选型一侧三副)等完成此项工作的全部五金配件\n6.施工时面层颜色、样式由甲方和设计单位确认选样，投标人综合考虑报价，加工、损耗等不另计，中标后综合单价不予调整\n7.未尽事宜详见设计图纸、图集、设计补充说明、招标文件、政府相关文件及规范等其它资料，满足验收要求","1.工程部位：后场房间等\n3.门套材料种类、规格：木纹转印饰面（MT-D05）\n4.面层材料品种、规格、颜色：木纹转印饰面（MT-B05）\n6.施工时面层颜色、样式由甲方和设计单位确认选样，投标人综合考虑报价，加工、损耗等不另计，中标后综合单价不予调整\n7.未尽事宜详见设计图纸、图集、设计补充说明、招标文件、政府相关文件及规范等其它资料，满足验收要求","m2",4.32,null,{"v":0,"d":"0.00"},"按深化节点图与实际的展开面积计算（见光面）"]
[70,"3#","工程名称：3#-公区","256","WB011501001009","镜柜","1. 部位：卫生间等\n2. 龙骨材料种类、规格：热镀锌钢龙骨（不分规格型号，投标人综合考虑）\n3. 基层材料种类、规格：12mm阻燃夹板基层，局部多层\n4. 面层材料品种、规格、颜色：5mm银镜饰面（MR-B01），四周1.2mm仿铜不锈钢饰面灯槽（MT-B04）\n5. 防护材料种类：所有装修用木基层均应进行防火、防腐处理\n6. 施工时面层颜色、样式由甲方和设计单位确认选样，投标人综合考虑报价，加工、切割、折边、损耗等不另计，中标后综合单价不予调整\n7. 未尽事宜详见设计图纸、图集、设计补充说明、招标文件、政府相关文件及规范等其它资料，满足验收要求","1. 部位：卫生间等\n4. 面层材料品种、规格、颜色：5mm银镜饰面（MR-B01），四周1.2mm仿铜不锈钢饰面灯槽（MT-B04）\n5. 防护材料种类：所有装修用木基层均应进行防火、防腐处理\n6. 施工时面层颜色、样式由甲方和设计单位确认选样，投标人综合考虑报价，加工、切割、折边、损耗等不另计，中标后综合单价不予调整\n7. 未尽事宜详见设计图纸、图集、设计补充说明、招标文件、政府相关文件及规范等其它资料，满足验收要求","m2",0.95,null,{"v":0,"d":"0.00"},"按投影面积"]
[71,"3#","工程名称：3#-公区","272","WB011105006007","成品踢脚线","1. 部位：客房走道等\n2. 踢脚线高度：50mm高\n3. 基层材料种类、规格：12mm阻燃夹板，或12mm阻燃夹板+9mm阻燃夹板，综合考虑\n4. 面层材料品种、规格、颜色：1.2mm仿铜不锈钢（MT-B04)\n5. 施工时面层颜色、样式由甲方和设计单位确认选样，投标人综合考虑报价，加工、切割、折边、损耗等不另计，中标后综合单价不予调整\n6. 未尽事宜详见设计图纸、图集、设计补充说明、招标文件、政府相关文件及规范等其它资料，满足验收要求","1. 部位：客房走道等\n2. 踢脚线高度：50mm高\n4. 面层材料品种、规格、颜色：1.2mm仿铜不锈钢（MT-B04)\n5. 施工时面层颜色、样式由甲方和设计单位确认选样，投标人综合考虑报价，加工、切割、折边、损耗等不另计，中标后综合单价不予调整\n6. 未尽事宜详见设计图纸、图集、设计补充说明、招标文件、政府相关文件及规范等其它资料，满足验收要求","m",314.48,null,{"v":0,"d":"0.00"},"按现场实际发生量长度计算"]
[72,"3#","工程名称：3#-公区","275","011207001049","硬包暗门","1. 部位：客房走道等\n2. 龙骨材料种类、规格：热镀锌钢龙骨（不分规格型号，投标人综合考虑）\n3. 基层材料种类、规格：12mm阻燃夹板，背侧封1mm厚镀锌铁板\n4. 面层材料品种、规格、颜色：布艺硬包饰面暗门（WC-B01），1.2mm仿铜不锈钢线条收边（MT-B04），展开尺寸：4+19+10+22mm\n5. 五金品种、规格：包括不限于隐藏式暗铰链、磁碰、天地轴、隐藏拉手等完成此项工作的全部五金配件\n6. 施工时面层颜色、样式由甲方和设计单位确认选样，投标人综合考虑报价，加工、损耗等不另计，中标后综合单价不予调整\n7. 未尽事宜详见设计图纸、图集、设计补充说明、招标文件、政府相关文件及规范等其它资料，满足验收要求","1. 部位：客房走道等\n4. 面层材料品种、规格、颜色：1.2mm仿铜不锈钢线条收边（MT-B04），展开尺寸：4+19+10+22mm\n6. 施工时面层颜色、样式由甲方和设计单位确认选样，投标人综合考虑报价，加工、损耗等不另计，中标后综合单价不予调整\n7. 未尽事宜详见设计图纸、图集、设计补充说明、招标文件、政府相关文件及规范等其它资料，满足验收要求","m2",58.6,null,{"v":0,"d":"0.00"},"按深化节点图与实际的展开面积计算（见光面）"]
[73,"3#","工程名称：3#-公区","284","011207001057","墙面装饰板","1. 部位：3#客房走道等\n2. 龙骨材料种类、规格： 热镀锌钢龙骨（不分规格型号，投标人综合考虑）\n3. 基层材料种类、规格：双层12mm阻燃夹板，局部单层，局部12mm阻燃夹板+9mm阻燃夹板\n4. 面层材料品种、规格、颜色：1.2mm仿铜不锈钢（MT-B04）\n5. 防护材料种类：所有装修用木基层均应进行防火、防腐处理\n6. 施工时面层颜色、样式由甲方和设计单位确认选样，投标人综合考虑报价，加工、切割、折边、损耗等不另计，中标后综合单价不予调整\n7. 未尽事宜详见设计图纸、图集、设计补充说明、招标文件、政府相关文件及规范等其它资料，满足验收要求","1. 部位：3#客房走道等\n4. 面层材料品种、规格、颜色：1.2mm仿铜不锈钢（MT-B04）\n5. 防护材料种类：所有装修用木基层均应进行防火、防腐处理\n6. 施工时面层颜色、样式由甲方和设计单位确认选样，投标人综合考虑报价，加工、切割、折边、损耗等不另计，中标后综合单价不予调整\n7. 未尽事宜详见设计图纸、图集、设计补充说明、招标文件、政府相关文件及规范等其它资料，满足验收要求","m2",8.66,null,{"v":0,"d":"0.00"},"按深化节点图与实际的展开面积计算（见光面）"]
[74,"3#","工程名称：3#-公区","285","011502001011","金属装饰条","1. 部位：墙面\n2. 基层材料种类、规格：阻燃夹板基层，厚度及层数等综合考虑\n3. 嵌条材料品种、规格、颜色：1.2mm仿铜不锈钢(MT-B04)，展开宽度60以内\n4. 施工时面层颜色、样式由甲方和设计单位确认选样，投标人综合考虑报价，加工、切割、折边、损耗等不另计，中标后综合单价不予调整\n5. 未尽事宜详见设计图纸、图集、设计补充说明、招标文件、政府相关文件及规范等其它资料，满足验收要求。","1. 部位：墙面\n3. 嵌条材料品种、规格、颜色：1.2mm仿铜不锈钢(MT-B04)，展开宽度60以内\n4. 施工时面层颜色、样式由甲方和设计单位确认选样，投标人综合考虑报价，加工、切割、折边、损耗等不另计，中标后综合单价不予调整\n5. 未尽事宜详见设计图纸、图集、设计补充说明、招标文件、政府相关文件及规范等其它资料，满足验收要求。","m",307.18,null,{"v":0,"d":"0.00"},"按现场实际发生量长度计算"]
[75,"3#","工程名称：3#-公区","286","011502001012","金属装饰条","1. 部位：墙面\n2. 龙骨材料种类、规格：局部位置龙骨材质、规格综合考虑\n3. 基层材料种类、规格：阻燃夹板基层，厚度及层数等综合考虑\n4. 嵌条材料品种、规格、颜色：1.2mm仿铜不锈钢(MT-B04)，展开宽度60~100mm以内\n5. 施工时面层颜色、样式由甲方和设计单位确认选样，投标人综合考虑报价，加工、切割、折边、损耗等不另计，中标后综合单价不予调整\n6. 未尽事宜详见设计图纸、图集、设计补充说明、招标文件、政府相关文件及规范等其它资料，满足验收要求。","1. 部位：墙面\n4. 嵌条材料品种、规格、颜色：1.2mm仿铜不锈钢(MT-B04)，展开宽度60~100mm以内\n5. 施工时面层颜色、样式由甲方和设计单位确认选样，投标人综合考虑报价，加工、切割、折边、损耗等不另计，中标后综合单价不予调整\n6. 未尽事宜详见设计图纸、图集、设计补充说明、招标文件、政府相关文件及规范等其它资料，满足验收要求。","m",440.33,null,{"v":0,"d":"0.00"},"按现场实际发生量长度计算"]
[76,"3#","工程名称：3#-公区","287","011207001058","墙面装饰板","1. 部位：客房走道等\n2. 基层材料种类、规格：12mm阻燃夹板\n3. 嵌条材料品种、规格、颜色：1.2mm仿铜不锈钢(MT-B04)，展开宽度综合考虑\n4. 施工时面层颜色、样式由甲方和设计单位确认选样，投标人综合考虑报价，加工、切割、折边、损耗等不另计，中标后综合单价不予调整\n5. 未尽事宜详见设计图纸、图集、设计补充说明、招标文件、政府相关文件及规范等其它资料，满足验收要求。","1. 部位：客房走道等\n3. 嵌条材料品种、规格、颜色：1.2mm仿铜不锈钢(MT-B04)，展开宽度综合考虑\n4. 施工时面层颜色、样式由甲方和设计单位确认选样，投标人综合考虑报价，加工、切割、折边、损耗等不另计，中标后综合单价不予调整\n5. 未尽事宜详见设计图纸、图集、设计补充说明、招标文件、政府相关文件及规范等其它资料，满足验收要求。","m2",12,null,{"v":0,"d":"0.00"},"按深化节点图与实际的展开面积计算（见光面）"]
[77,"3#","工程名称：3#-公区","288","011207001059","墙面装饰板","1. 部位：客房走道等\n2. 龙骨材料种类、规格：轻钢龙骨（不分规格型号，投标人综合考虑）\n3. 基层材料种类、规格：双层12mm阻燃夹板，局部12mm阻燃夹板+9mm阻燃夹板\n4. 嵌条材料品种、规格、颜色：1.2mm仿铜不锈钢(MT-B04)，展开宽度综合考虑\n5. 施工时面层颜色、样式由甲方和设计单位确认选样，投标人综合考虑报价，加工、切割、折边、损耗等不另计，中标后综合单价不予调整\n6. 未尽事宜详见设计图纸、图集、设计补充说明、招标文件、政府相关文件及规范等其它资料，满足验收要求。","1. 部位：客房走道等\n4. 嵌条材料品种、规格、颜色：1.2mm仿铜不锈钢(MT-B04)，展开宽度综合考虑\n5. 施工时面层颜色、样式由甲方和设计单位确认选样，投标人综合考虑报价，加工、切割、折边、损耗等不另计，中标后综合单价不予调整\n6. 未尽事宜详见设计图纸、图集、设计补充说明、招标文件、政府相关文件及规范等其它资料，满足验收要求。","m2",2.79,null,{"v":0,"d":"0.00"},"按深化节点图与实际的展开面积计算（见光面）"]
[78,"3#","工程名称：3#-公区","294","WB011302005037","天棚不锈钢","1. 部位：客房走道等\n2. 吊杆种类、规格：φ8热镀锌钢筋吊杆间距@≤1200mm，\n3. 龙骨材料种类、规格：CS60主龙骨吊件，CS60主龙骨间距@≤1200mm，C50*20*0.6次龙骨间距@400mm，局部钢龙骨加固\n4. 基层材料种类、规格：双层9mm硅酸钙板\n5. 面层材料品种、规格、颜色:1.2mm仿木纹覆膜不锈钢（MT-B02）\n6. 施工时面层颜色、样式由甲方和设计单位确认选样，切割等加工费不另计，投标人综合考虑报价，中标后综合单价不予调整\n7. 未尽事宜详见设计图纸、图集、设计补充说明、招标文件、政府相关文件及规范等其它资料，满足验收要求","1. 部位：客房走道等\n5. 面层材料品种、规格、颜色:1.2mm仿木纹覆膜不锈钢（MT-B02）\n6. 施工时面层颜色、样式由甲方和设计单位确认选样，切割等加工费不另计，投标人综合考虑报价，中标后综合单价不予调整\n7. 未尽事宜详见设计图纸、图集、设计补充说明、招标文件、政府相关文件及规范等其它资料，满足验收要求","m2",53.5,null,{"v":0,"d":"0.00"},"按深化节点图与实际的展开面积计算（见光面）"]
[79,"3#","工程名称：3#-公区","295","WB011302005038","天棚不锈钢","1. 部位：客房走道等\n2. 吊杆种类、规格：φ8热镀锌钢筋吊杆间距@≤1200mm\n3. 龙骨材料种类、规格：CS60主龙骨吊件，CS60主龙骨间距@≤1200mm，C50*20*0.6次龙骨间距@400mm\n4. 基层材料种类、规格：双层9mm硅酸钙板\n5. 面层材料品种、规格、颜色:1.2mm仿木纹覆膜不锈钢吊顶（MT-B02）\n6. 施工时面层颜色、样式由甲方和设计单位确认选样，切割等加工费不另计，投标人综合考虑报价，中标后综合单价不予调整\n7. 未尽事宜详见设计图纸、图集、设计补充说明、招标文件、政府相关文件及规范等其它资料，满足验收要求","1. 部位：客房走道等\n5. 面层材料品种、规格、颜色:1.2mm仿木纹覆膜不锈钢吊顶（MT-B02）\n6. 施工时面层颜色、样式由甲方和设计单位确认选样，切割等加工费不另计，投标人综合考虑报价，中标后综合单价不予调整\n7. 未尽事宜详见设计图纸、图集、设计补充说明、招标文件、政府相关文件及规范等其它资料，满足验收要求","m2",16.2,null,{"v":0,"d":"0.00"},"按深化节点图与实际的展开面积计算（见光面）"]
[80,"3#","工程名称：3#-公区","296","WB011302005039","天棚不锈钢（包边）","1. 部位：客房走道等\n2. 基层材料种类、规格：双层9mm硅酸钙板，局部单层\n3. 面层材料品种、规格、颜色:1.2mm仿铜不锈钢(MT-B04)\n4. 施工时面层颜色、样式由甲方和设计单位确认选样，切割等加工费不另计，投标人综合考虑报价，中标后综合单价不予调整\n5. 未尽事宜详见设计图纸、图集、设计补充说明、招标文件、政府相关文件及规范等其它资料，满足验收要求","1. 部位：客房走道等\n3. 面层材料品种、规格、颜色:1.2mm仿铜不锈钢(MT-B04)\n4. 施工时面层颜色、样式由甲方和设计单位确认选样，切割等加工费不另计，投标人综合考虑报价，中标后综合单价不予调整\n5. 未尽事宜详见设计图纸、图集、设计补充说明、招标文件、政府相关文件及规范等其它资料，满足验收要求","m2",18.5,null,{"v":0,"d":"0.00"},"按深化节点图与实际的展开面积计算（见光面）"]
[81,"3#","工程名称：3#-公区","303","010808001011","不锈钢门套","1. 部位：客房走道等\n2. 龙骨材料种类、规格：热镀锌钢龙骨（不分规格型号，投标人综合考虑）\n3. 基层材料种类、规格：双层12mm阻燃夹板，局部12mm阻燃夹板+9mm阻燃夹板，局部多层等\n4. 面层材料品种、规格、颜色：1.2mm仿铜不锈钢（MT-B04）\n5. 防护材料种类：所有装修用木材均应进行防火、防腐处理\n6. 施工时面层颜色、样式由甲方和设计单位确认选样，投标人综合考虑报价，加工、切割、折边、损耗等不另计，中标后综合单价不予调整\n7. 未尽事宜详见设计图纸、图集、设计补充说明、招标文件、政府相关文件及规范等其它资料，满足验收要求","1. 部位：客房走道等\n4. 面层材料品种、规格、颜色：1.2mm仿铜不锈钢（MT-B04）\n5. 防护材料种类：所有装修用木材均应进行防火、防腐处理\n6. 施工时面层颜色、样式由甲方和设计单位确认选样，投标人综合考虑报价，加工、切割、折边、损耗等不另计，中标后综合单价不予调整\n7. 未尽事宜详见设计图纸、图集、设计补充说明、招标文件、政府相关文件及规范等其它资料，满足验收要求","m2",12.8,null,{"v":0,"d":"0.00"},"按深化节点图与实际的展开面积计算（见光面）"]
[82,"3#","工程名称：3#-公区","304","010808001012","不锈钢门套","1.工程部位：客房走道等\n2.龙骨材料种类、规格：10*20木方阻燃龙骨\n3.基层材料种类、规格：双层12mm阻燃夹板，局部多层\n4.面层材料品种、规格、颜色：1.2mm仿铜不锈钢（MT-B04）\n5. 防护材料种类：所有装修用木材均应进行防火、防腐处理\n6.施工时面层颜色、样式由甲方和设计单位确认选样，投标人综合考虑报价，加工、切割、折边、损耗等不另计，中标后综合单价不予调整\n7.未尽事宜详见设计图纸、图集、设计补充说明、招标文件、政府相关文件及规范等其它资料，满足验收要求","1.工程部位：客房走道等\n4.面层材料品种、规格、颜色：1.2mm仿铜不锈钢（MT-B04）\n5. 防护材料种类：所有装修用木材均应进行防火、防腐处理\n6.施工时面层颜色、样式由甲方和设计单位确认选样，投标人综合考虑报价，加工、切割、折边、损耗等不另计，中标后综合单价不予调整\n7.未尽事宜详见设计图纸、图集、设计补充说明、招标文件、政府相关文件及规范等其它资料，满足验收要求","m2",1.76,null,{"v":0,"d":"0.00"},"按深化节点图与实际的展开面积计算（见光面）"]
[83,"3#","工程名称：3#-公区","305","011502001013","金属装饰条","1. 部位：门楣\n2. 嵌条材料品种、规格、颜色：1.2mm仿铜不锈钢(MT-B04)，展开宽度60mm以内\n3. 施工时面层颜色、样式由甲方和设计单位确认选样，投标人综合考虑报价，加工、切割、折边、损耗等不另计，中标后综合单价不予调整\n4. 未尽事宜详见设计图纸、图集、设计补充说明、招标文件、政府相关文件及规范等其它资料，满足验收要求。","1. 部位：门楣\n2. 嵌条材料品种、规格、颜色：1.2mm仿铜不锈钢(MT-B04)，展开宽度60mm以内\n3. 施工时面层颜色、样式由甲方和设计单位确认选样，投标人综合考虑报价，加工、切割、折边、损耗等不另计，中标后综合单价不予调整\n4. 未尽事宜详见设计图纸、图集、设计补充说明、招标文件、政府相关文件及规范等其它资料，满足验收要求。","m",8,null,{"v":0,"d":"0.00"},"按现场实际发生量长度计算"]
[84,"3#","工程名称：3#-公区","307","010801004005","装饰防火门","1.工程部位：客房走道等\n2.门扇龙骨、基层材质种类、规格：乙级防火门门芯(须满足当地消防部门的防火认证)\n3.门套材料种类、规格：12mm阻燃夹板+9mm阻燃夹板+木纹转印饰面（MT-D05）\n4.面层材料品种、规格、颜色：一侧皮革硬包饰面（UP-B02）一侧木纹转印饰面（MT-B05）\n5.五金品种、规格：包含但不限于成品金属门把手(选样)、成品五金暗铰链(选型一侧三副)等完成此项工作的全部五金配件\n6.施工时面层颜色、样式由甲方和设计单位确认选样，投标人综合考虑报价，加工、损耗等不另计，中标后综合单价不予调整\n7.未尽事宜详见设计图纸、图集、设计补充说明、招标文件、政府相关文件及规范等其它资料，满足验收要求","1.工程部位：客房走道等\n3.门套材料种类、规格：木纹转印饰面（MT-D05）\n4.面层材料品种、规格、颜色：一侧木纹转印饰面（MT-B05）\n6.施工时面层颜色、样式由甲方和设计单位确认选样，投标人综合考虑报价，加工、损耗等不另计，中标后综合单价不予调整\n7.未尽事宜详见设计图纸、图集、设计补充说明、招标文件、政府相关文件及规范等其它资料，满足验收要求","m2",11.8,null,{"v":0,"d":"0.00"},"按深化节点图与实际的展开面积计算（见光面）"]
[85,"3#","工程名称：3#-公区","308","010801004006","装饰防火门","1.工程部位：客房走道等\n2.门扇龙骨、基层材质种类、规格：乙级防火门门芯(须满足当地消防部门的防火认证)\n3.门套材料种类、规格：12mm阻燃夹板+9mm阻燃夹板+木纹转印饰面（MT-D05）\n4.面层材料品种、规格、颜色：木纹转印饰面（MT-B05）\n5.五金品种、规格：包含但不限于成品金属门把手(选样)、成品五金暗铰链(选型一侧三副)等完成此项工作的全部五金配件\n6.施工时面层颜色、样式由甲方和设计单位确认选样，投标人综合考虑报价，加工、损耗等不另计，中标后综合单价不予调整\n7.未尽事宜详见设计图纸、图集、设计补充说明、招标文件、政府相关文件及规范等其它资料，满足验收要求","1.工程部位：客房走道等\n3.门套材料种类、规格：木纹转印饰面（MT-D05）\n4.面层材料品种、规格、颜色：木纹转印饰面（MT-B05）\n6.施工时面层颜色、样式由甲方和设计单位确认选样，投标人综合考虑报价，加工、损耗等不另计，中标后综合单价不予调整\n7.未尽事宜详见设计图纸、图集、设计补充说明、招标文件、政府相关文件及规范等其它资料，满足验收要求","m2",8.64,null,{"v":0,"d":"0.00"},"按深化节点图与实际的展开面积计算（见光面）"]
[86,"3#","工程名称：3#-公区","311","010802001001","金属门","1. 部位：地下一层客梯厅门\n2. 门窗框类型：断热铝合金型材，氟碳喷涂\n3. 隔断玻璃品种、厚度：高透双银Low-E+12Ar+8防火安全玻璃\n3. 五金品种、规格：包括不限于暗铰链、磁碰、天地轴、拉手等完成此项工作的全部五金配件\n4. 未尽事宜详见设计图纸、图集、设计补充说明、招标文件、政府相关文件及规范等其它资料，满足验收要求","1. 部位：地下一层客梯厅门\n2. 门窗框类型：断热铝合金型材，氟碳喷涂\n3. 隔断玻璃品种、厚度：高透双银Low-E+12Ar+8防火安全玻璃\n3. 五金品种、规格：包括不限于暗铰链、磁碰、天地轴、拉手等完成此项工作的全部五金配件\n4. 未尽事宜详见设计图纸、图集、设计补充说明、招标文件、政府相关文件及规范等其它资料，满足验收要求","m2",9.6,null,{"v":0,"d":"0.00"},"按投影面积"]
[87,"3#","工程名称：3#-公区","313","010808001013","不锈钢门套","1. 部位：电梯门套、墙面造型等\n2. 龙骨材料种类、规格：热镀锌钢龙骨（不分规格型号，投标人综合考虑）\n3. 基层材料种类、规格：12mm阻燃夹板，局部双层\n4. 面层材料品种、规格、颜色：1.2mm仿铜不锈钢（MT-D01）\n5. 防护材料种类：所有装修用木材均应进行防火、防腐处理\n6. 施工时面层颜色、样式由甲方和设计单位确认选样，投标人综合考虑报价，加工、切割、折边、损耗等不另计，中标后综合单价不予调整\n7. 未尽事宜详见设计图纸、图集、设计补充说明、招标文件、政府相关文件及规范等其它资料，满足验收要求","1. 部位：电梯门套、墙面造型等\n4. 面层材料品种、规格、颜色：1.2mm仿铜不锈钢（MT-D01）\n5. 防护材料种类：所有装修用木材均应进行防火、防腐处理\n6. 施工时面层颜色、样式由甲方和设计单位确认选样，投标人综合考虑报价，加工、切割、折边、损耗等不另计，中标后综合单价不予调整\n7. 未尽事宜详见设计图纸、图集、设计补充说明、招标文件、政府相关文件及规范等其它资料，满足验收要求","m2",24.5,null,{"v":0,"d":"0.00"},"按深化节点图与实际的展开面积计算（见光面）"]
[88,"3#","工程名称：3#-公区","329","WB011105006008","成品踢脚线","1. 部位：地下室货梯厅等\n2. 踢脚线高度：50mm高\n3. 基层材料种类、规格：12mm阻燃夹板\n4. 面层材料品种、规格、颜色1.2mm50mm高铝合金踢脚线\n5. 施工时面层颜色、样式由甲方和设计单位确认选样，投标人综合考虑报价，加工、切割、折边、损耗等不另计，中标后综合单价不予调整\n6. 未尽事宜详见设计图纸、图集、设计补充说明、招标文件、政府相关文件及规范等其它资料，满足验收要求","1. 部位：地下室货梯厅等\n2. 踢脚线高度：50mm高\n4. 面层材料品种、规格、颜色1.2mm50mm高铝合金踢脚线\n5. 施工时面层颜色、样式由甲方和设计单位确认选样，投标人综合考虑报价，加工、切割、折边、损耗等不另计，中标后综合单价不予调整\n6. 未尽事宜详见设计图纸、图集、设计补充说明、招标文件、政府相关文件及规范等其它资料，满足验收要求","m",46.1,null,{"v":0,"d":"0.00"},"按现场实际发生量长度计算"]
[89,"3#","工程名称：3#-公区","330","WB011105006009","成品踢脚线","1. 部位：地下室电梯厅等\n2. 踢脚线高度：50mm高\n3. 基层材料种类、规格：12mm阻燃夹板\n4. 面层材料品种、规格、颜色：1.2mm仿铜覆膜不锈钢（MT-D01)\n5. 施工时面层颜色、样式由甲方和设计单位确认选样，投标人综合考虑报价，加工、切割、折边、损耗等不另计，中标后综合单价不予调整\n6. 未尽事宜详见设计图纸、图集、设计补充说明、招标文件、政府相关文件及规范等其它资料，满足验收要求","1. 部位：地下室电梯厅等\n2. 踢脚线高度：50mm高\n4. 面层材料品种、规格、颜色：1.2mm仿铜覆膜不锈钢（MT-D01)\n5. 施工时面层颜色、样式由甲方和设计单位确认选样，投标人综合考虑报价，加工、切割、折边、损耗等不另计，中标后综合单价不予调整\n6. 未尽事宜详见设计图纸、图集、设计补充说明、招标文件、政府相关文件及规范等其它资料，满足验收要求","m",11.04,null,{"v":0,"d":"0.00"},"按现场实际发生量长度计算"]
[90,"3#","工程名称：3#-公区","335","011207001062","墙面装饰板","1. 部位：地下客梯厅电梯门楣\n2. 龙骨材料种类、规格：热镀锌钢龙骨（不分规格型号，投标人综合考虑）\n3. 基层材料种类、规格：12mm阻燃夹板，局部双层\n4. 面层材料品种、规格、颜色：1.2mm仿铜不锈钢（MT-D01）\n5. 防护材料种类：所有装修用木材均应进行防火、防腐处理\n6. 施工时面层颜色、样式由甲方和设计单位确认选样，投标人综合考虑报价，加工、切割、折边、损耗等不另计，中标后综合单价不予调整\n7. 未尽事宜详见设计图纸、图集、设计补充说明、招标文件、政府相关文件及规范等其它资料，满足验收要求","1. 部位：地下客梯厅电梯门楣\n4. 面层材料品种、规格、颜色：1.2mm仿铜不锈钢（MT-D01）\n5. 防护材料种类：所有装修用木材均应进行防火、防腐处理\n6. 施工时面层颜色、样式由甲方和设计单位确认选样，投标人综合考虑报价，加工、切割、折边、损耗等不另计，中标后综合单价不予调整\n7. 未尽事宜详见设计图纸、图集、设计补充说明、招标文件、政府相关文件及规范等其它资料，满足验收要求","m2",9.65,null,{"v":0,"d":"0.00"},"按深化节点图与实际的展开面积计算（见光面）"]
[91,"3#","工程名称：3#-公区","338","011210006005","卫生间隔断","1. 部位：公区卫生间\n2. 龙骨材料种类、规格：热镀锌钢龙骨（不分规格型号，投标人综合考虑），底部C20混凝土导墙不另列，报价综合考虑\n3. 基层材料种类、规格：12mm硅酸钙板基层，门扇基层为细木工板+12mm硅酸钙板\n4. 面层材料品种、规格、颜色：双面10mm厚仿木纹防火板（WD-B08），50mm高仿铜不锈钢踢脚线（MT-B04），门上顶面仿铜不锈钢包边(MT-B04）\n5. 施工时面层颜色、样式由甲方和设计单位确认选样，投标人综合考虑报价，加工、切割、折边、损耗等不另计，中标后综合单价不予调整\n6. 未尽事宜详见设计图纸、图集、设计补充说明、招标文件、政府相关文件及规范等其它资料，满足验收要求","1. 部位：公区卫生间\n4. 面层材料品种、规格、颜色：50mm高仿铜不锈钢踢脚线（MT-B04），门上顶面仿铜不锈钢包边(MT-B04）\n5. 施工时面层颜色、样式由甲方和设计单位确认选样，投标人综合考虑报价，加工、切割、折边、损耗等不另计，中标后综合单价不予调整\n6. 未尽事宜详见设计图纸、图集、设计补充说明、招标文件、政府相关文件及规范等其它资料，满足验收要求","m2",12.5,null,{"v":0,"d":"0.00"},"按深化节点图与实际的展开面积计算（见光面）"]
[92,"3#","工程名称：3#-公区","346","WB011501001013","镜柜","1. 部位：地下室卫生间\n2. 龙骨材料种类、规格：热镀锌钢龙骨（不分规格型号，投标人综合考虑）\n3. 基层材料种类、规格：12mm阻燃板\n4. 面层材料品种、规格、颜色：5mm银镜饰面（MR-B01）+1.2mm仿铜不锈钢（MT-B04）+四周不锈钢包边\n5. 防护材料种类：所有装修用木基层均应进行防火、防腐处理\n6. 施工时面层颜色、样式由甲方和设计单位确认选样，投标人综合考虑报价，加工、切割、折边、损耗等不另计，中标后综合单价不予调整\n7. 未尽事宜详见设计图纸、图集、设计补充说明、招标文件、政府相关文件及规范等其它资料，满足验收要求","1. 部位：地下室卫生间\n4. 面层材料品种、规格、颜色：5mm银镜饰面（MR-B01）+1.2mm仿铜不锈钢（MT-B04）+四周不锈钢包边\n5. 防护材料种类：所有装修用木基层均应进行防火、防腐处理\n6. 施工时面层颜色、样式由甲方和设计单位确认选样，投标人综合考虑报价，加工、切割、折边、损耗等不另计，中标后综合单价不予调整\n7. 未尽事宜详见设计图纸、图集、设计补充说明、招标文件、政府相关文件及规范等其它资料，满足验收要求","m2",7.83,null,{"v":0,"d":"0.00"},"按投影面积"]
[93,"3#","工程名称：3#-公区","347","011502001014","金属装饰条","1．部位：地下室阳角护角条\n2. 嵌条材料品种、规格、颜色：1.2mm厚不锈钢防撞条(MT-D01)\n3. 施工时面层颜色、样式由甲方和设计单位确认选样，投标人综合考虑报价，加工、切割、折边、损耗等不另计，中标后综合单价不予调整\n4. 未尽事宜详见设计图纸、图集、设计补充说明、招标文件、政府相关文件及规范等其它资料，满足验收要求。","1．部位：地下室阳角护角条\n2. 嵌条材料品种、规格、颜色：1.2mm厚不锈钢防撞条(MT-D01)\n3. 施工时面层颜色、样式由甲方和设计单位确认选样，投标人综合考虑报价，加工、切割、折边、损耗等不另计，中标后综合单价不予调整\n4. 未尽事宜详见设计图纸、图集、设计补充说明、招标文件、政府相关文件及规范等其它资料，满足验收要求。","m",66,null,{"v":0,"d":"0.00"},"按现场实际发生量长度计算"]
[94,"3#","工程名称：3#-公区","350","010801004007","装饰防火门","1. 部位：楼梯间\n2. 门扇龙骨、基层材料种类、规格：甲级防火门门芯(须满足当地消防部门的防火认证)+12mm阻燃夹板+四周热镀锌方通固定\n3. 面层材料品种、规格、颜色：皮革硬包（12mm雪弗板内衬板）（UP-B02）+1.2mm木纹转印（MT-D05）+仿铜不锈钢嵌条，定制成品金属门拉手\n4. 五金品种、规格：包含但不限于定制不锈钢天地门轴、暗藏五金合页等完成此项工作的全部五金配件\n5. 施工时面层颜色、样式由甲方和设计单位确认选样，投标人综合考虑报价，加工、损耗等不另计，中标后综合单价不予调整\n6. 未尽事宜详见设计图纸、图集、设计补充说明、招标文件、政府相关文件及规范等其它资料，满足验收要求","1. 部位：楼梯间\n3. 面层材料品种、规格、颜色：1.2mm木纹转印（MT-D05）+仿铜不锈钢嵌条\n5. 施工时面层颜色、样式由甲方和设计单位确认选样，投标人综合考虑报价，加工、损耗等不另计，中标后综合单价不予调整\n6. 未尽事宜详见设计图纸、图集、设计补充说明、招标文件、政府相关文件及规范等其它资料，满足验收要求","m2",19.68,null,{"v":0,"d":"0.00"},"按深化节点图与实际的展开面积计算（见光面）"]
[95,"3#","工程名称：3#-公区","352","010808001014","不锈钢门套","1. 部位：楼梯间门套\n2. 基层材料种类、规格：12mm阻燃夹板+9mm阻燃板，局部双层\n3. 面层材料品种、规格、颜色：1.2mm木转印不锈钢（MT-D05）\n4. 防护材料种类：所有装修用木材均应进行防火、防腐处理\n5. 施工时面层颜色、样式由甲方和设计单位确认选样，投标人综合考虑报价，加工、切割、折边、损耗等不另计，中标后综合单价不予调整\n6. 未尽事宜详见设计图纸、图集、设计补充说明、招标文件、政府相关文件及规范等其它资料，满足验收要求","1. 部位：楼梯间门套\n3. 面层材料品种、规格、颜色：1.2mm木转印不锈钢（MT-D05）\n4. 防护材料种类：所有装修用木材均应进行防火、防腐处理\n5. 施工时面层颜色、样式由甲方和设计单位确认选样，投标人综合考虑报价，加工、切割、折边、损耗等不另计，中标后综合单价不予调整\n6. 未尽事宜详见设计图纸、图集、设计补充说明、招标文件、政府相关文件及规范等其它资料，满足验收要求","m2",5.55,null,{"v":0,"d":"0.00"},"按深化节点图与实际的展开面积计算（见光面）"]
[96,"5#","工程名称：5#-公区","4","010808001001","不锈钢门套","1. 部位：大堂服务区\n2. 龙骨材料种类、规格：热镀锌钢龙骨（不分规格型号，投标人综合考虑）\n3. 基层材料种类、规格：15mm阻燃夹板+双层18mm阻燃夹板\n4. 面层材料品种、规格、颜色：1.2mm仿铜覆膜不锈钢（MT-B03）\n5. 防护材料种类：所有装修用木材均应进行防火、防腐处理\n6. 施工时面层颜色、样式由甲方和设计单位确认选样，投标人综合考虑报价，加工、切割、折边、损耗等不另计，中标后综合单价不予调整\n7. 未尽事宜详见设计图纸、图集、设计补充说明、招标文件、政府相关文件及规范等其它资料，满足验收要求","1. 部位：大堂服务区\n4. 面层材料品种、规格、颜色：1.2mm仿铜覆膜不锈钢（MT-B03）\n5. 防护材料种类：所有装修用木材均应进行防火、防腐处理\n6. 施工时面层颜色、样式由甲方和设计单位确认选样，投标人综合考虑报价，加工、切割、折边、损耗等不另计，中标后综合单价不予调整\n7. 未尽事宜详见设计图纸、图集、设计补充说明、招标文件、政府相关文件及规范等其它资料，满足验收要求","m2",17.65,null,{"v":0,"d":"0.00"},"按深化节点图与实际的展开面积计算（见光面）"]
[97,"5#","工程名称：5#-公区","5","010808001002","不锈钢门套","1.部位：大堂通往服务台\n2.龙骨材料种类、规格：热镀锌钢龙骨（不分规格型号，投标人综合考虑）\n3.基层材料种类、规格：9mm阻燃夹板+12mm阻燃夹板，局部多层\n4.面层材料品种、规格、颜色：1.2mm仿铜不锈钢（MT-B04）\n5.防护材料种类：所有装修用木材均应进行防火、防腐处理\n6.施工时面层颜色、样式由甲方和设计单位确认选样，投标人综合考虑报价，加工、切割、折边、损耗等不另计，中标后综合单价不予调整\n7.未尽事宜详见设计图纸、图集、设计补充说明、招标文件、政府相关文件及规范等其它资料，满足验收要求","1.部位：大堂通往服务台\n4.面层材料品种、规格、颜色：1.2mm仿铜不锈钢（MT-B04）\n5.防护材料种类：所有装修用木材均应进行防火、防腐处理\n6.施工时面层颜色、样式由甲方和设计单位确认选样，投标人综合考虑报价，加工、切割、折边、损耗等不另计，中标后综合单价不予调整\n7.未尽事宜详见设计图纸、图集、设计补充说明、招标文件、政府相关文件及规范等其它资料，满足验收要求","m2",11.14,null,{"v":0,"d":"0.00"},"按深化节点图与实际的展开面积计算（见光面）"]
[98,"5#","工程名称：5#-公区","6","010808001003","不锈钢门套","1.部位：大堂通往走廊\n2.龙骨材料种类、规格：热镀锌钢龙骨（不分规格型号，投标人综合考虑）\n3.基层材料种类、规格：9mm阻燃夹板+18mm阻燃夹板，局部多层\n4.面层材料品种、规格、颜色：1.2mm仿铜不锈钢（MT-B04）\n5.防护材料种类：所有装修用木材均应进行防火、防腐处理\n6.施工时面层颜色、样式由甲方和设计单位确认选样，投标人综合考虑报价，加工、切割、折边、损耗等不另计，中标后综合单价不予调整\n7.未尽事宜详见设计图纸、图集、设计补充说明、招标文件、政府相关文件及规范等其它资料，满足验收要求","1.部位：大堂通往走廊\n4.面层材料品种、规格、颜色：1.2mm仿铜不锈钢（MT-B04）\n5.防护材料种类：所有装修用木材均应进行防火、防腐处理\n6.施工时面层颜色、样式由甲方和设计单位确认选样，投标人综合考虑报价，加工、切割、折边、损耗等不另计，中标后综合单价不予调整\n7.未尽事宜详见设计图纸、图集、设计补充说明、招标文件、政府相关文件及规范等其它资料，满足验收要求","m2",11.22,null,{"v":0,"d":"0.00"},"按深化节点图与实际的展开面积计算（见光面）"]
[99,"5#","工程名称：5#-公区","7","010808001004","不锈钢门套","1. 部位：娱乐室、书法室、多功能厅、中包间等过道门套外侧\n2. 龙骨材料种类、规格：10*20mm木方阻燃龙骨\n3. 基层材料种类、规格：双层12mm阻燃夹板，局部多层\n4. 面层材料品种、规格、颜色：1.2mm仿铜不锈钢（MT-B04）\n5. 防护材料种类：所有装修用木材均应进行防火、防腐处理\n6. 施工时面层颜色、样式由甲方和设计单位确认选样，投标人综合考虑报价，加工、切割、折边、损耗等不另计，中标后综合单价不予调整\n7. 未尽事宜详见设计图纸、图集、设计补充说明、招标文件、政府相关文件及规范等其它资料，满足验收要求","1. 部位：娱乐室、书法室、多功能厅、中包间等过道门套外侧\n4. 面层材料品种、规格、颜色：1.2mm仿铜不锈钢（MT-B04）\n5. 防护材料种类：所有装修用木材均应进行防火、防腐处理\n6. 施工时面层颜色、样式由甲方和设计单位确认选样，投标人综合考虑报价，加工、切割、折边、损耗等不另计，中标后综合单价不予调整\n7. 未尽事宜详见设计图纸、图集、设计补充说明、招标文件、政府相关文件及规范等其它资料，满足验收要求","m2",3.72,null,{"v":0,"d":"0.00"},"按深化节点图与实际的展开面积计算（见光面）"]
[100,"5#","工程名称：5#-公区","9","011207001002","墙面装饰板","1. 部位：过道侧门楣\n2. 龙骨材料种类、规格：热镀锌钢龙骨（不分规格型号，投标人综合考虑）\n3. 基层材料种类、规格：双层12mm阻燃夹板\n4. 面层材料品种、规格、颜色：1.2mm仿铜不锈钢（MT-B04）\n5. 防护材料种类：所有装修用木材均应进行防火、防腐处理\n6.施工时面层颜色、样式由甲方和设计单位确认选样，投标人综合考虑报价，加工、损耗等不另计，中标后综合单价不予调整\n7. 未尽事宜详见设计图纸、图集、设计补充说明、招标文件、政府相关文件及规范等其它资料，满足验收要求","1. 部位：过道侧门楣\n4. 面层材料品种、规格、颜色：1.2mm仿铜不锈钢（MT-B04）\n5. 防护材料种类：所有装修用木材均应进行防火、防腐处理\n6.施工时面层颜色、样式由甲方和设计单位确认选样，投标人综合考虑报价，加工、损耗等不另计，中标后综合单价不予调整\n7. 未尽事宜详见设计图纸、图集、设计补充说明、招标文件、政府相关文件及规范等其它资料，满足验收要求","m2",2.73,null,{"v":0,"d":"0.00"},"按深化节点图与实际的展开面积计算（见光面）"]
[101,"5#","工程名称：5#-公区","10","WB010801004001","旋转装饰门","1.部位：大堂服务区门\n2.龙骨材料种类、规格：成名门芯+热镀锌钢龙骨（不分规格型号，投标人综合考虑）\n3.门扇基层材料种类、规格：12mm阻燃夹板+双层9mm阻燃夹板等\n4.面层材料品种、规格、颜色：墙布饰面（WC-B01）+1.2mm仿铜不锈钢（MT-B04）+5mm宽仿铜不锈钢嵌条\n5.五金品种、规格：包含但不限于重型上下枢轴、重型天地轴、暗藏五金合页等完成此项工作的全部五金配件\n6.施工时面层颜色、样式由甲方和设计单位确认选样，投标人综合考虑报价，加工、损耗等不另计，中标后综合单价不予调整\n7.未尽事宜详见设计图纸、图集、设计补充说明、招标文件、政府相关文件及规范等其它资料，满足验收要求","1.部位：大堂服务区门\n2.龙骨材料种类、规格：成名门芯+热镀锌钢龙骨（不分规格型号，投标人综合考虑）\n3.门扇基层材料种类、规格：12mm阻燃夹板+双层9mm阻燃夹板等\n4.面层材料品种、规格、颜色：墙布饰面（WC-B01）+1.2mm仿铜不锈钢（MT-B04）+5mm宽仿铜不锈钢嵌条\n5.五金品种、规格：包含但不限于重型上下枢轴、重型天地轴、暗藏五金合页等完成此项工作的全部五金配件\n6.施工时面层颜色、样式由甲方和设计单位确认选样，投标人综合考虑报价，加工、损耗等不另计，中标后综合单价不予调整\n7.未尽事宜详见设计图纸、图集、设计补充说明、招标文件、政府相关文件及规范等其它资料，满足验收要求","m2",9.98,null,{"v":0,"d":"0.00"},"按投影面积"]
[102,"5#","工程名称：5#-公区","24","WB011105006001","成品踢脚线","1．部位：门斗、大堂、走道等\n2．踢脚线高度：50mm高\n3．基层材料种类、规格：12mm阻燃夹板\n4．面层材料品种、规格、颜色：1.2mm仿铜不锈钢（MT-B04)\n5．施工时面层颜色、样式由甲方和设计单位确认选样，投标人综合考虑报价，加工、切割、折边、损耗等不另计，中标后综合单价不予调整\n6．未尽事宜详见设计图纸、图集、设计补充说明、招标文件、政府相关文件及规范等其它资料，满足验收要求","1．部位：门斗、大堂、走道等\n2．踢脚线高度：50mm高\n4．面层材料品种、规格、颜色：1.2mm仿铜不锈钢（MT-B04)\n5．施工时面层颜色、样式由甲方和设计单位确认选样，投标人综合考虑报价，加工、切割、折边、损耗等不另计，中标后综合单价不予调整\n6．未尽事宜详见设计图纸、图集、设计补充说明、招标文件、政府相关文件及规范等其它资料，满足验收要求","m",169.18,null,{"v":0,"d":"0.00"},"按现场实际发生量长度计算"]
[103,"5#","工程名称：5#-公区","32","011207001006","墙面装饰板","1.部位：大堂\n2.龙骨材料种类、规格：热镀锌钢龙骨（不分规格型号，投标人综合考虑）+热镀锌后置埋板，高强化学锚栓固定\n3.基层材料种类、规格：9mm阻燃夹板+9.5mm耐火石膏板\n4.面层材料品种、规格、颜色：15mm透光白玉大理石（ST-B06）+1.2mm仿铜不锈钢（MT-B04）+暖白色防霉防潮无机涂料（PT-B01）\n5.防护材料种类：所有装修用木材均应进行防火、防腐处理\n6.施工时面层颜色、样式由甲方和设计单位确认选样，投标人综合考虑报价，加工、损耗等不另计，中标后综合单价不予调整\n7.未尽事宜详见设计图纸、图集、设计补充说明、招标文件、政府相关文件及规范等其它资料，满足验收要求","1.部位：大堂\n4.面层材料品种、规格、颜色：15mm透光白玉大理石（ST-B06）+1.2mm仿铜不锈钢（MT-B04）\n5.防护材料种类：所有装修用木材均应进行防火、防腐处理\n6.施工时面层颜色、样式由甲方和设计单位确认选样，投标人综合考虑报价，加工、损耗等不另计，中标后综合单价不予调整\n7.未尽事宜详见设计图纸、图集、设计补充说明、招标文件、政府相关文件及规范等其它资料，满足验收要求","m2",22.4,null,{"v":0,"d":"0.00"},"按深化节点图与实际的展开面积计算（见光面）"]
[104,"5#","工程名称：5#-公区","35","011207001009","墙面装饰板","1．部位：大堂、过道门侧等\n2．龙骨材料种类、规格：热镀锌钢龙骨（不分规格型号，投标人综合考虑）\n3．基层材料种类、规格：双层12mm阻燃夹板+局部单层15mm阻燃夹板+局部18mm阻燃夹板等多种基层板，弯弧处加固基层综合考虑\n4. 面层材料品种、规格、颜色：1.2mm仿铜不锈钢（MT-B04）\n5．防护材料种类：所有装修用木基层均应进行防火、防腐处理\n6. 施工时面层颜色、样式由甲方和设计单位确认选样，投标人综合考虑报价，加工、切割、折边、损耗等不另计，中标后综合单价不予调整\n7．未尽事宜详见设计图纸、图集、设计补充说明、招标文件、政府相关文件及规范等其它资料，满足验收要求","1．部位：大堂、过道门侧等\n4. 面层材料品种、规格、颜色：1.2mm仿铜不锈钢（MT-B04）\n5．防护材料种类：所有装修用木基层均应进行防火、防腐处理\n6. 施工时面层颜色、样式由甲方和设计单位确认选样，投标人综合考虑报价，加工、切割、折边、损耗等不另计，中标后综合单价不予调整\n7．未尽事宜详见设计图纸、图集、设计补充说明、招标文件、政府相关文件及规范等其它资料，满足验收要求","m2",72.52,null,{"v":0,"d":"0.00"},"按深化节点图与实际的展开面积计算（见光面）"]
[105,"5#","工程名称：5#-公区","36","011207001010","墙面装饰板","1．部位：大堂、过道多功能厅、大包间玄关入口门侧等\n2．龙骨材料种类、规格：热镀锌钢龙骨（不分规格型号，投标人综合考虑）\n3．基层材料种类、规格：单层9mm阻燃夹板，弯弧处加固基层综合考虑\n4. 面层材料品种、规格、颜色：1.2mm仿铜不锈钢（MT-B04）\n5．防护材料种类：所有装修用木基层均应进行防火、防腐处理\n6. 施工时面层颜色、样式由甲方和设计单位确认选样，投标人综合考虑报价，加工、切割、折边、损耗等不另计，中标后综合单价不予调整\n7．未尽事宜详见设计图纸、图集、设计补充说明、招标文件、政府相关文件及规范等其它资料，满足验收要求","1．部位：大堂、过道多功能厅、大包间玄关入口门侧等\n4. 面层材料品种、规格、颜色：1.2mm仿铜不锈钢（MT-B04）\n5．防护材料种类：所有装修用木基层均应进行防火、防腐处理\n6. 施工时面层颜色、样式由甲方和设计单位确认选样，投标人综合考虑报价，加工、切割、折边、损耗等不另计，中标后综合单价不予调整\n7．未尽事宜详见设计图纸、图集、设计补充说明、招标文件、政府相关文件及规范等其它资料，满足验收要求","m2",47.7,null,{"v":0,"d":"0.00"},"按深化节点图与实际的展开面积计算（见光面）"]
[106,"5#","工程名称：5#-公区","37","011207001011","墙面装饰板","1.部位：大堂服务台背景\n2.龙骨材料种类、规格：50系轻钢龙骨\n3.基层材料种类、规格：双层9mm阻燃夹板\n4.面层材料品种、规格、颜色：1.2mm仿铜覆膜不锈钢（MT-B03）\n5.防护材料种类：所有装修用木材均应进行防火、防腐处理\n6.施工时面层颜色、样式由甲方和设计单位确认选样，投标人综合考虑报价，加工、切割、折边、损耗等不另计，中标后综合单价不予调整\n7.未尽事宜详见设计图纸、图集、设计补充说明、招标文件、政府相关文件及规范等其它资料，满足验收要求","1.部位：大堂服务台背景\n4.面层材料品种、规格、颜色：1.2mm仿铜覆膜不锈钢（MT-B03）\n5.防护材料种类：所有装修用木材均应进行防火、防腐处理\n6.施工时面层颜色、样式由甲方和设计单位确认选样，投标人综合考虑报价，加工、切割、折边、损耗等不另计，中标后综合单价不予调整\n7.未尽事宜详见设计图纸、图集、设计补充说明、招标文件、政府相关文件及规范等其它资料，满足验收要求","m2",17.2,null,{"v":0,"d":"0.00"},"按深化节点图与实际的展开面积计算（见光面）"]
[107,"5#","工程名称：5#-公区","38","011210002001","仿铜覆膜金属格栅屏风","1.部位：大堂\n2.顶部、底部加固：热镀锌钢龙骨（不分规格型号，投标人综合考虑）+热镀锌后置埋板，高强化学锚栓固定\n3.面层材料品种、规格、颜色：外框 60*60*1.2mm仿铜覆膜不锈钢方通+局部横向40*40*1.2mm仿铜覆膜不锈钢方通（MT-B05）+1.2厚外径15mm仿铜覆膜金属圆通\n4. 施工时面层颜色、样式由甲方和设计单位确认选样，投标人综合考虑报价，加工、切割、折边、损耗等不另计，中标后综合单价不予调整\n5. 未尽事宜详见设计图纸、图集、设计补充说明、招标文件、政府相关文件及规范等其它资料，满足验收要求","1.部位：大堂\n3.面层材料品种、规格、颜色：外框 60*60*1.2mm仿铜覆膜不锈钢方通+局部横向40*40*1.2mm仿铜覆膜不锈钢方通（MT-B05）+1.2厚外径15mm仿铜覆膜金属圆通\n4. 施工时面层颜色、样式由甲方和设计单位确认选样，投标人综合考虑报价，加工、切割、折边、损耗等不另计，中标后综合单价不予调整\n5. 未尽事宜详见设计图纸、图集、设计补充说明、招标文件、政府相关文件及规范等其它资料，满足验收要求","m2",24.28,null,{"v":0,"d":"0.00"},"按投影面积"]
[108,"5#","工程名称：5#-公区","42","WB011302005001","透光云石+仿铜不锈钢造型顶","1.部位：大堂\n2.吊杆种类、规格：φ8热镀锌钢筋吊杆间距@≤1200mm\n3.龙骨材料种类、规格：CS60主龙骨间距@≤1200mm，C50*20*0.6次龙骨间距@400mm\n4.基层、侧板材质种类、规格：9mm硅酸钙板+9.5mm耐火石膏板+局部双层硅酸钙板+白色无机涂料刷白\n5.面层材料品种、规格、颜色：6mm透光白玉大理石（ST-B06）+四周1.2mm仿铜不锈钢（MT-B04）+80mm宽350mm高仿铜不锈钢方通等\n6.含检修口制安，以及配套设施开孔、加固\n7.施工时面层颜色、样式由甲方和设计单位确认选样，切割等加工费不另计，投标人综合考虑报价，中标后综合单价不予调整\n8.未尽事宜详见设计图纸、图集、设计补充说明、招标文件、政府相关文件及规范等其它资料，满足验收要求","1.部位：大堂\n5.面层材料品种、规格、颜色：四周1.2mm仿铜不锈钢（MT-B04）+80mm宽350mm高仿铜不锈钢方通等\n6.含检修口制安，以及配套设施开孔、加固\n7.施工时面层颜色、样式由甲方和设计单位确认选样，切割等加工费不另计，投标人综合考虑报价，中标后综合单价不予调整\n8.未尽事宜详见设计图纸、图集、设计补充说明、招标文件、政府相关文件及规范等其它资料，满足验收要求","m2",71,null,{"v":0,"d":"0.00"},"按深化节点图与实际的展开面积计算（见光面）"]
[109,"5#","工程名称：5#-公区","43","WB011302005002","天棚不锈钢板","1. 部位：门斗、大堂、过道等\n2. 吊杆种类、规格：φ8热镀锌钢筋吊杆间距@≤1200mm，\n3. 龙骨材料种类、规格：CS60主龙骨吊件，CS60主龙骨间距@≤1200mm，C50*20*0.6次龙骨间距@400mm，局部钢龙骨加固\n4. 基层材料种类、规格：双层9mm硅酸钙板\n5. 面层材料品种、规格、颜色:1.2mm仿铜不锈钢（MT-B04）\n6. 施工时面层颜色、样式由甲方和设计单位确认选样，切割等加工费不另计，投标人综合考虑报价，中标后综合单价不予调整\n7. 未尽事宜详见设计图纸、图集、设计补充说明、招标文件、政府相关文件及规范等其它资料，满足验收要求","1. 部位：门斗、大堂、过道等\n5. 面层材料品种、规格、颜色:1.2mm仿铜不锈钢（MT-B04）\n6. 施工时面层颜色、样式由甲方和设计单位确认选样，切割等加工费不另计，投标人综合考虑报价，中标后综合单价不予调整\n7. 未尽事宜详见设计图纸、图集、设计补充说明、招标文件、政府相关文件及规范等其它资料，满足验收要求","m2",45.2,null,{"v":0,"d":"0.00"},"按深化节点图与实际的展开面积计算（见光面）"]
[110,"5#","工程名称：5#-公区","44","WB011302005003","仿铜不锈钢+仿木纹覆膜不锈钢艺术造型(MT-B04/MT-B02)","1.部位：大堂\n2.龙骨材料种类、规格：热镀锌钢龙骨（不分规格型号，投标人综合考虑）\n3.造型材料种类、规格：800mm高60*100mm仿铜不锈钢（MT-B02）+500mm高仿木纹覆膜不锈钢（MT-B02），具体详见设计节点5#-DY-A01-02节点\n4.施工时面层颜色、样式由甲方和设计单位确认选样，切割等加工费不另计，投标人综合考虑报价，中标后综合单价不予调整\n5.未尽事宜详见设计图纸、图集、设计补充说明、招标文件、政府相关文件及规范等其它资料，满足验收要求","1.部位：大堂\n3.造型材料种类、规格：800mm高60*100mm仿铜不锈钢（MT-B02）+500mm高仿木纹覆膜不锈钢（MT-B02），具体详见设计节点5#-DY-A01-02节点\n4.施工时面层颜色、样式由甲方和设计单位确认选样，切割等加工费不另计，投标人综合考虑报价，中标后综合单价不予调整\n5.未尽事宜详见设计图纸、图集、设计补充说明、招标文件、政府相关文件及规范等其它资料，满足验收要求","m",50.4,null,{"v":0,"d":"0.00"},"按投影面积"]
[111,"5#","工程名称：5#-公区","53","WB011501001001","服务台","1. 部位：大堂\n2. 台柜规格：4800*1000*1100mm\n3. 龙骨、基层种类、规格：镀锌方管钢架、双层15mm阻燃夹板、12mm阻燃夹板等多种基层板\n4. 面层材料品种、规格、颜色：巴洛克紫大理石（ST-B07）、瑞吉黑大理（ST-B08）、深橡木饰面（WD-B01）柜体、50mm仿铜覆膜不锈钢踢脚线（MT-B03）、灯槽成型\n5. 五金品种、规格：包括但不限于抽屉滑轨、弹簧铰链、合页等完成此项工作的全部五金配件\n6. 施工时面层颜色、样式由甲方和设计单位确认选样，加工、排版损耗等不另计，投标人综合考虑报价，中标后综合单价不予调整\n7 .未尽事宜详见设计图纸、图集、设计补充说明、招标文件、政府相关文件及规范等其它资料，满足验收要求","1. 部位：大堂\n2. 台柜规格：4800*1000*1100mm\n4. 面层材料品种、规格、颜色：50mm仿铜覆膜不锈钢踢脚线（MT-B03）\n6. 施工时面层颜色、样式由甲方和设计单位确认选样，加工、排版损耗等不另计，投标人综合考虑报价，中标后综合单价不予调整\n7 .未尽事宜详见设计图纸、图集、设计补充说明、招标文件、政府相关文件及规范等其它资料，满足验收要求","m",6.6,null,{"v":0,"d":"0.00"},"按现场实际发生量长度计算"]
[112,"5#","工程名称：5#-公区","56","011502001001","金属装饰条","1．部位：门楣、大堂、过道等收边、嵌条\n2．嵌条材料品种、规格、颜色：1.2mm仿铜不锈钢(MT-B04)，展开宽度60mm以内\n3．施工时面层颜色、样式由甲方和设计单位确认选样，投标人综合考虑报价，加工、切割、折边、损耗等不另计，中标后综合单价不予调整\n4．未尽事宜详见设计图纸、图集、设计补充说明、招标文件、政府相关文件及规范等其它资料，满足验收要求","1．部位：门楣、大堂、过道等收边、嵌条\n2．嵌条材料品种、规格、颜色：1.2mm仿铜不锈钢(MT-B04)，展开宽度60mm以内\n3．施工时面层颜色、样式由甲方和设计单位确认选样，投标人综合考虑报价，加工、切割、折边、损耗等不另计，中标后综合单价不予调整\n4．未尽事宜详见设计图纸、图集、设计补充说明、招标文件、政府相关文件及规范等其它资料，满足验收要求","m",86.3,null,{"v":0,"d":"0.00"},"按现场实际发生量长度计算"]
[113,"5#","工程名称：5#-公区","57","011502001002","金属装饰条","1.部位：过道\n2.基层类型：阻燃板\n3.面层材料品种、规格、颜色：5mm宽实心铜条饰面，展开尺寸：75mm\n4.未尽事宜详见设计图纸、图集、设计补充说明、招标文件、政府相关文件及规范等其它资料，满足验收要求","1.部位：过道\n2.基层类型：阻燃板\n3.面层材料品种、规格、颜色：5mm宽实心铜条饰面，展开尺寸：75mm\n4.未尽事宜详见设计图纸、图集、设计补充说明、招标文件、政府相关文件及规范等其它资料，满足验收要求","m",20,null,{"v":0,"d":"0.00"},"按现场实际发生量长度计算"]
[114,"5#","工程名称：5#-公区","67","WB010801004008","装饰门扇安装-2","1. 部位：多功能厅、娱乐室、书法室、中包间、大包间、会见厅、茶艺室等\n2. 门扇龙骨、基层材料种类、规格：25mm细木工板+9mm阻燃夹板+四周热镀锌方通固定\n3. 面层材料品种、规格、颜色：皮革硬包（12mm雪弗板内衬板）（UP-B02）+1.2mm厚仿铜不锈钢（MT-B04）+仿铜不锈钢嵌条，定制成品金属门拉手\n4. 五金品种、规格：包含但不限于门锁、天地轴承、五金合页等完成此项工作的五金配件\n5. 施工时面层颜色、样式由甲方和设计单位确认选样，投标人综合考虑报价，加工、损耗等不另计，中标后综合单价不予调整\n6. 未尽事宜详见设计图纸、图集、设计补充说明、招标文件、政府相关文件及规范等其它资料，满足验收要求","1. 部位：多功能厅、娱乐室、书法室、中包间、大包间、会见厅、茶艺室等\n3. 面层材料品种、规格、颜色：1.2mm厚仿铜不锈钢（MT-B04）+仿铜不锈钢嵌条\n5. 施工时面层颜色、样式由甲方和设计单位确认选样，投标人综合考虑报价，加工、损耗等不另计，中标后综合单价不予调整\n6. 未尽事宜详见设计图纸、图集、设计补充说明、招标文件、政府相关文件及规范等其它资料，满足验收要求","m2",14.5,null,{"v":0,"d":"0.00"},"按深化节点图与实际的展开面积计算（见光面）"]
[115,"5#","工程名称：5#-公区","68","WB010801004009","旋转门","1.部位：多功能厅\n2.龙骨材料种类、规格：成名门芯+热镀锌钢龙骨（不分规格型号，投标人综合考虑）\n3.门扇基层材料种类、规格：12mm阻燃夹板+双层9mm阻燃夹板等\n4.面层材料品种、规格、颜色：布艺硬包（1）（WC-B02）+1.2mm厚仿铜不锈钢（MT-B04）+5mm宽仿铜不锈钢嵌条\n5.五金品种、规格：包含但不限于重型上下枢轴、重型天地轴、暗藏五金合页等完成此项工作的全部五金配件\n6.施工时面层颜色、样式由甲方和设计单位确认选样，投标人综合考虑报价，加工、损耗等不另计，中标后综合单价不予调整\n7.未尽事宜详见设计图纸、图集、设计补充说明、招标文件、政府相关文件及规范等其它资料，满足验收要求","1.部位：多功能厅\n2.龙骨材料种类、规格：成名门芯+热镀锌钢龙骨（不分规格型号，投标人综合考虑）\n3.门扇基层材料种类、规格：12mm阻燃夹板+双层9mm阻燃夹板等\n4.面层材料品种、规格、颜色：布艺硬包（1）（WC-B02）+1.2mm厚仿铜不锈钢（MT-B04）+5mm宽仿铜不锈钢嵌条\n5.五金品种、规格：包含但不限于重型上下枢轴、重型天地轴、暗藏五金合页等完成此项工作的全部五金配件\n6.施工时面层颜色、样式由甲方和设计单位确认选样，投标人综合考虑报价，加工、损耗等不另计，中标后综合单价不予调整\n7.未尽事宜详见设计图纸、图集、设计补充说明、招标文件、政府相关文件及规范等其它资料，满足验收要求","m2",51.68,null,{"v":0,"d":"0.00"},"按投影面积"]
[116,"5#","工程名称：5#-公区","69","WB010801004010","装饰暗门安装","1.部位：多功能厅\n2.龙骨材料种类、规格：木龙骨\n3.基层材料种类、规格：12mm阻燃夹板\n4.面层材料品种、规格、颜色：布艺硬包（1）(12mm雪弗板+扪布饰面)（WC-B02）+1.2mm仿铜不锈钢包边\n5.五金品种、规格：包括不限于暗铰链、磁碰、天地轴、隐藏拉手等完成此项工作的全部五金配件\n6.施工时面层颜色、样式由甲方和设计单位确认选样，投标人综合考虑报价，加工、损耗等不另计，中标后综合单价不予调整\n7.未尽事宜详见设计图纸、图集、设计补充说明、招标文件、政府相关文件及规范等其它资料，满足验收要求","1.部位：多功能厅\n4.面层材料品种、规格、颜色：1.2mm仿铜不锈钢包边\n6.施工时面层颜色、样式由甲方和设计单位确认选样，投标人综合考虑报价，加工、损耗等不另计，中标后综合单价不予调整\n7.未尽事宜详见设计图纸、图集、设计补充说明、招标文件、政府相关文件及规范等其它资料，满足验收要求","m2",2.5,null,{"v":0,"d":"0.00"},"按深化节点图与实际的展开面积计算（见光面）"]
[117,"5#","工程名称：5#-公区","71","010808001005","不锈钢门套","1. 部位：娱乐室、书法室、多功能厅、中包间、会见厅等门套\n2. 龙骨材料种类、规格：10*20mm木方阻燃龙骨\n3. 基层材料种类、规格：双层12mm阻燃夹板，局部多层\n4. 面层材料品种、规格、颜色：1.2mm仿铜不锈钢（MT-B04）\n5. 防护材料种类：所有装修用木材均应进行防火、防腐处理\n6. 施工时面层颜色、样式由甲方和设计单位确认选样，投标人综合考虑报价，加工、切割、折边、损耗等不另计，中标后综合单价不予调整\n7. 未尽事宜详见设计图纸、图集、设计补充说明、招标文件、政府相关文件及规范等其它资料，满足验收要求","1. 部位：娱乐室、书法室、多功能厅、中包间、会见厅等门套\n4. 面层材料品种、规格、颜色：1.2mm仿铜不锈钢（MT-B04）\n5. 防护材料种类：所有装修用木材均应进行防火、防腐处理\n6. 施工时面层颜色、样式由甲方和设计单位确认选样，投标人综合考虑报价，加工、切割、折边、损耗等不另计，中标后综合单价不予调整\n7. 未尽事宜详见设计图纸、图集、设计补充说明、招标文件、政府相关文件及规范等其它资料，满足验收要求","m2",47.4,null,{"v":0,"d":"0.00"},"按深化节点图与实际的展开面积计算（见光面）"]
[118,"5#","工程名称：5#-公区","72","010808001006","不锈钢门套","1. 部位：过道、多功能厅、会见厅等\n2. 龙骨材料种类、规格：热镀锌钢龙骨（不分规格型号，投标人综合考虑）\n3. 基层材料种类、规格：双层9mm阻燃夹板\n4. 面层材料品种、规格、颜色：1.2mm仿铜不锈钢（MT-B04）\n5. 防护材料种类：所有装修用木材均应进行防火、防腐处理\n6. 施工时面层颜色、样式由甲方和设计单位确认选样，投标人综合考虑报价，加工、切割、折边、损耗等不另计，中标后综合单价不予调整\n7. 未尽事宜详见设计图纸、图集、设计补充说明、招标文件、政府相关文件及规范等其它资料，满足验收要求","1. 部位：过道、多功能厅、会见厅等\n4. 面层材料品种、规格、颜色：1.2mm仿铜不锈钢（MT-B04）\n5. 防护材料种类：所有装修用木材均应进行防火、防腐处理\n6. 施工时面层颜色、样式由甲方和设计单位确认选样，投标人综合考虑报价，加工、切割、折边、损耗等不另计，中标后综合单价不予调整\n7. 未尽事宜详见设计图纸、图集、设计补充说明、招标文件、政府相关文件及规范等其它资料，满足验收要求","m2",37.62,null,{"v":0,"d":"0.00"},"按深化节点图与实际的展开面积计算（见光面）"]
[119,"5#","工程名称：5#-公区","73","010808001007","不锈钢门窗套","1.部位：会见厅\n2.龙骨材料种类、规格：热镀锌钢龙骨（不分规格型号，投标人综合考虑）\n3.基层材料种类、规格：9mm阻燃夹板，局部双层\n4.面层材料品种、规格、颜色：1.2mm仿铜覆膜不锈钢（MT-B03）\n5.防护材料种类：所有装修用木材均应进行防火、防腐处理\n6.施工时面层颜色、样式由甲方和设计单位确认选样，投标人综合考虑报价，加工、切割、折边、损耗等不另计，中标后综合单价不予调整\n7.未尽事宜详见设计图纸、图集、设计补充说明、招标文件、政府相关文件及规范等其它资料，满足验收要求","1.部位：会见厅\n4.面层材料品种、规格、颜色：1.2mm仿铜覆膜不锈钢（MT-B03）\n5.防护材料种类：所有装修用木材均应进行防火、防腐处理\n6.施工时面层颜色、样式由甲方和设计单位确认选样，投标人综合考虑报价，加工、切割、折边、损耗等不另计，中标后综合单价不予调整\n7.未尽事宜详见设计图纸、图集、设计补充说明、招标文件、政府相关文件及规范等其它资料，满足验收要求","m2",10.4,null,{"v":0,"d":"0.00"},"按深化节点图与实际的展开面积计算（见光面）"]
[120,"5#","工程名称：5#-公区","74","010808001008","不锈钢门套","1. 部位：大包间、茶艺室等\n2. 龙骨材料种类、规格：热镀锌钢龙骨（不分规格型号，投标人综合考虑）\n3. 基层材料种类、规格：9mm阻燃夹板\n4. 面层材料品种、规格、颜色：1.2mm仿铜不锈钢（MT-B04）\n5. 防护材料种类：所有装修用木材均应进行防火、防腐处理\n6. 施工时面层颜色、样式由甲方和设计单位确认选样，投标人综合考虑报价，加工、切割、折边、损耗等不另计，中标后综合单价不予调整\n7. 未尽事宜详见设计图纸、图集、设计补充说明、招标文件、政府相关文件及规范等其它资料，满足验收要求","1. 部位：大包间、茶艺室等\n4. 面层材料品种、规格、颜色：1.2mm仿铜不锈钢（MT-B04）\n5. 防护材料种类：所有装修用木材均应进行防火、防腐处理\n6. 施工时面层颜色、样式由甲方和设计单位确认选样，投标人综合考虑报价，加工、切割、折边、损耗等不另计，中标后综合单价不予调整\n7. 未尽事宜详见设计图纸、图集、设计补充说明、招标文件、政府相关文件及规范等其它资料，满足验收要求","m2",1.23,null,{"v":0,"d":"0.00"},"按深化节点图与实际的展开面积计算（见光面）"]
[121,"5#","工程名称：5#-公区","102","WB011105006002","成品踢脚线","1. 部位：门斗、大堂、多功能厅、茶艺室、娱乐室、书法室、包间等\n2. 踢脚线高度：50mm高\n3．基层材料种类、规格：12mm阻燃夹板\n4．面层材料品种、规格、颜色：1.2mm仿铜不锈钢（MT-B04)\n5．施工时面层颜色、样式由甲方和设计单位确认选样，投标人综合考虑报价，加工、切割、折边、损耗等不另计，中标后综合单价不予调整\n6．未尽事宜详见设计图纸、图集、设计补充说明、招标文件、政府相关文件及规范等其它资料，满足验收要求","1. 部位：门斗、大堂、多功能厅、茶艺室、娱乐室、书法室、包间等\n2. 踢脚线高度：50mm高\n4．面层材料品种、规格、颜色：1.2mm仿铜不锈钢（MT-B04)\n5．施工时面层颜色、样式由甲方和设计单位确认选样，投标人综合考虑报价，加工、切割、折边、损耗等不另计，中标后综合单价不予调整\n6．未尽事宜详见设计图纸、图集、设计补充说明、招标文件、政府相关文件及规范等其它资料，满足验收要求","m",308.45,null,{"v":0,"d":"0.00"},"按现场实际发生量长度计算"]
[122,"5#","工程名称：5#-公区","127","011207001030","墙面装饰板","1．部位：会见厅、多功能厅、包间等\n2．龙骨材料种类、规格：热镀锌钢龙骨（不分规格型号，投标人综合考虑），内塞50mm厚岩棉(容重80kg/m3)\n3．基层材料种类、规格：双层9mm阻燃板\n4. 面层材料品种、规格、颜色：1.2mm仿铜不锈钢（MT-B04）\n5．防护材料种类：所有装修用木基层均应进行防火、防腐处理\n6. 施工时面层颜色、样式由甲方和设计单位确认选样，投标人综合考虑报价，加工、切割、折边、损耗等不另计，中标后综合单价不予调整\n7．未尽事宜详见设计图纸、图集、设计补充说明、招标文件、政府相关文件及规范等其它资料，满足验收要求","1．部位：会见厅、多功能厅、包间等\n4. 面层材料品种、规格、颜色：1.2mm仿铜不锈钢（MT-B04）\n5．防护材料种类：所有装修用木基层均应进行防火、防腐处理\n6. 施工时面层颜色、样式由甲方和设计单位确认选样，投标人综合考虑报价，加工、切割、折边、损耗等不另计，中标后综合单价不予调整\n7．未尽事宜详见设计图纸、图集、设计补充说明、招标文件、政府相关文件及规范等其它资料，满足验收要求","m2",72.5,null,{"v":0,"d":"0.00"},"按深化节点图与实际的展开面积计算（见光面）"]
[123,"5#","工程名称：5#-公区","128","011207001031","墙面装饰板","1．部位：会见厅、多功能厅、包间等\n2．龙骨材料种类、规格：热镀锌钢龙骨（不分规格型号，投标人综合考虑），内塞50mm厚岩棉(容重80kg/m3)\n3．基层材料种类、规格：9mm阻燃板\n4. 面层材料品种、规格、颜色：1.2mm仿铜不锈钢（MT-B04）\n5．防护材料种类：所有装修用木基层均应进行防火、防腐处理\n6. 施工时面层颜色、样式由甲方和设计单位确认选样，投标人综合考虑报价，加工、切割、折边、损耗等不另计，中标后综合单价不予调整\n7．未尽事宜详见设计图纸、图集、设计补充说明、招标文件、政府相关文件及规范等其它资料，满足验收要求","1．部位：会见厅、多功能厅、包间等\n4. 面层材料品种、规格、颜色：1.2mm仿铜不锈钢（MT-B04）\n5．防护材料种类：所有装修用木基层均应进行防火、防腐处理\n6. 施工时面层颜色、样式由甲方和设计单位确认选样，投标人综合考虑报价，加工、切割、折边、损耗等不另计，中标后综合单价不予调整\n7．未尽事宜详见设计图纸、图集、设计补充说明、招标文件、政府相关文件及规范等其它资料，满足验收要求","m2",34.5,null,{"v":0,"d":"0.00"},"按深化节点图与实际的展开面积计算（见光面）"]
[124,"5#","工程名称：5#-公区","129","011207001032","墙面装饰板","1.部位：多功能厅等\n2.龙骨材料种类、规格：热镀锌钢龙骨（不分规格型号，投标人综合考虑），内塞50mm厚岩棉(容重80kg/m3)\n3.基层材质种类、规格：15mm阻燃夹板+18mm阻燃夹板\n4.面层材料品种、规格、颜色：1.2mm仿铜不锈钢（MT-B04）\n5.防护材料种类：所有装修用木材均应进行防火、防腐处理\n6.施工时面层颜色、样式由甲方和设计单位确认选样，投标人综合考虑报价，加工、切割、折边、损耗等不另计，中标后综合单价不予调整\n7.未尽事宜详见设计图纸、图集、设计补充说明、招标文件、政府相关文件及规范等其它资料，满足验收要求","1.部位：多功能厅等\n4.面层材料品种、规格、颜色：1.2mm仿铜不锈钢（MT-B04）\n5.防护材料种类：所有装修用木材均应进行防火、防腐处理\n6.施工时面层颜色、样式由甲方和设计单位确认选样，投标人综合考虑报价，加工、切割、折边、损耗等不另计，中标后综合单价不予调整\n7.未尽事宜详见设计图纸、图集、设计补充说明、招标文件、政府相关文件及规范等其它资料，满足验收要求","m2",9.23,null,{"v":0,"d":"0.00"},"按深化节点图与实际的展开面积计算（见光面）"]
[125,"5#","工程名称：5#-公区","130","011207001033","墙面装饰板","1.部位：大包间等\n2.龙骨材质种类、规格：木龙骨，阻燃处理\n3.基层材质种类、规格：双层9mm阻燃夹板\n4.面层材料品种、规格、颜色：1.2mm仿铜不锈钢（MT-B04）\n5.防护材料种类：所有装修用木材均应进行防火、防腐处理\n6.施工时面层颜色、样式由甲方和设计单位确认选样，投标人综合考虑报价，加工、切割、折边、损耗等不另计，中标后综合单价不予调整\n7.未尽事宜详见设计图纸、图集、设计补充说明、招标文件、政府相关文件及规范等其它资料，满足验收要求","1.部位：大包间等\n4.面层材料品种、规格、颜色：1.2mm仿铜不锈钢（MT-B04）\n5.防护材料种类：所有装修用木材均应进行防火、防腐处理\n6.施工时面层颜色、样式由甲方和设计单位确认选样，投标人综合考虑报价，加工、切割、折边、损耗等不另计，中标后综合单价不予调整\n7.未尽事宜详见设计图纸、图集、设计补充说明、招标文件、政府相关文件及规范等其它资料，满足验收要求","m2",23.6,null,{"v":0,"d":"0.00"},"按深化节点图与实际的展开面积计算（见光面）"]
[126,"5#","工程名称：5#-公区","131","011207001034","墙面装饰板","1. 部位：茶室卫生间、包间卫生间\n2. 龙骨材料种类、规格：热镀锌钢龙骨（不分规格型号，投标人综合考虑）\n3. 基层材料种类、规格：9mm硅酸钙板\n4. 面层材料品种、规格、颜色：1.2mm仿铜不锈钢（MT-B04）\n5. 施工时面层颜色、样式由甲方和设计单位确认选样，投标人综合考虑报价，加工、切割、折边、损耗等不另计，中标后综合单价不予调整\n6. 未尽事宜详见设计图纸、图集、设计补充说明、招标文件、政府相关文件及规范等其它资料，满足验收要求","1. 部位：茶室卫生间、包间卫生间\n4. 面层材料品种、规格、颜色：1.2mm仿铜不锈钢（MT-B04）\n5. 施工时面层颜色、样式由甲方和设计单位确认选样，投标人综合考虑报价，加工、切割、折边、损耗等不另计，中标后综合单价不予调整\n6. 未尽事宜详见设计图纸、图集、设计补充说明、招标文件、政府相关文件及规范等其它资料，满足验收要求","m2",3.74,null,{"v":0,"d":"0.00"},"按深化节点图与实际的展开面积计算（见光面）"]
[127,"5#","工程名称：5#-公区","132","011207001035","墙面装饰板","1.部位：会见厅\n2.龙骨材料种类、规格：50系轻钢龙骨\n3.基层材料种类、规格：双层9mm阻燃夹板\n4.面层材料品种、规格、颜色：1.2mm仿铜覆膜不锈钢（MT-B03）\n5.防护材料种类：所有装修用木材均应进行防火、防腐处理\n6.施工时面层颜色、样式由甲方和设计单位确认选样，投标人综合考虑报价，加工、切割、折边、损耗等不另计，中标后综合单价不予调整\n7.未尽事宜详见设计图纸、图集、设计补充说明、招标文件、政府相关文件及规范等其它资料，满足验收要求","1.部位：会见厅\n4.面层材料品种、规格、颜色：1.2mm仿铜覆膜不锈钢（MT-B03）\n5.防护材料种类：所有装修用木材均应进行防火、防腐处理\n6.施工时面层颜色、样式由甲方和设计单位确认选样，投标人综合考虑报价，加工、切割、折边、损耗等不另计，中标后综合单价不予调整\n7.未尽事宜详见设计图纸、图集、设计补充说明、招标文件、政府相关文件及规范等其它资料，满足验收要求","m2",11.67,null,{"v":0,"d":"0.00"},"按深化节点图与实际的展开面积计算（见光面）"]
[128,"5#","工程名称：5#-公区","133","011207001036","墙面装饰板","1.工程部位：会见厅\n2.龙骨材料种类、规格：热镀锌钢龙骨（不分规格型号，投标人综合考虑），内塞50mm厚岩棉(容重80kg/m3)\n3.基层材料种类、规格：15mm阻燃夹板+12mm阻燃夹板\n4.面层材料品种、规格、颜色：1.2mm仿铜覆膜不锈钢（MT-B03）\n5.防护材料种类：所有装修用木材均应进行防火、防腐处理\n6.施工时面层颜色、样式由甲方和设计单位确认选样，投标人综合考虑报价，加工、切割、折边、损耗等不另计，中标后综合单价不予调整\n7.未尽事宜详见设计图纸、图集、设计补充说明、招标文件、政府相关文件及规范等其它资料，满足验收要求","1.工程部位：会见厅\n4.面层材料品种、规格、颜色：1.2mm仿铜覆膜不锈钢（MT-B03）\n5.防护材料种类：所有装修用木材均应进行防火、防腐处理\n6.施工时面层颜色、样式由甲方和设计单位确认选样，投标人综合考虑报价，加工、切割、折边、损耗等不另计，中标后综合单价不予调整\n7.未尽事宜详见设计图纸、图集、设计补充说明、招标文件、政府相关文件及规范等其它资料，满足验收要求","m2",18.94,null,{"v":0,"d":"0.00"},"按深化节点图与实际的展开面积计算（见光面）"]
[129,"5#","工程名称：5#-公区","134","011207001037","墙面装饰板","1. 部位：茶室卫生间、包间卫生间\n2. 龙骨材料种类、规格：热镀锌钢龙骨（不分规格型号，投标人综合考虑）\n3. 基层材料种类、规格：9mm硅酸钙板，局部双层\n4. 面层材料品种、规格、颜色：1.2mm仿木纹覆膜不锈钢（MT-B02）\n5. 施工时面层颜色、样式由甲方和设计单位确认选样，投标人综合考虑报价，加工、切割、折边、损耗等不另计，中标后综合单价不予调整\n6. 未尽事宜详见设计图纸、图集、设计补充说明、招标文件、政府相关文件及规范等其它资料，满足验收要求","1. 部位：茶室卫生间、包间卫生间\n4. 面层材料品种、规格、颜色：1.2mm仿木纹覆膜不锈钢（MT-B02）\n5. 施工时面层颜色、样式由甲方和设计单位确认选样，投标人综合考虑报价，加工、切割、折边、损耗等不另计，中标后综合单价不予调整\n6. 未尽事宜详见设计图纸、图集、设计补充说明、招标文件、政府相关文件及规范等其它资料，满足验收要求","m2",11.92,null,{"v":0,"d":"0.00"},"按深化节点图与实际的展开面积计算（见光面）"]
[130,"5#","工程名称：5#-公区","139","011210002002","造型屏风","1.部位：大包间\n2.龙骨材质种类、规格：热镀锌钢龙骨（不分规格型号，投标人综合考虑）\n3.基层材质种类、规格：9mm阻燃夹板+12mm阻燃夹板+7mm阻燃夹板+5mm阻燃夹板等多种基层材质\n4.隔断面层：布艺硬包(5)（WC-B05）+仿铜不锈钢（MT-B04）+哑光烤漆玻璃（GL-B02）+仿铜不锈钢格栅造型等\n5.防护材料种类：所有装修用木材均应进行防火、防腐处理\n6.施工时面层颜色、样式由甲方和设计单位确认选样，投标人综合考虑报价，加工、切割、折边、损耗等不另计，中标后综合单价不予调整\n7.未尽事宜详见设计图纸、图集、设计补充说明、招标文件、政府相关文件及规范等其它资料，满足验收要求","1.部位：大包间\n4.隔断面层：布艺硬包(5)（WC-B05）+仿铜不锈钢（MT-B04）+哑光烤漆玻璃（GL-B02）+仿铜不锈钢格栅造型等\n5.防护材料种类：所有装修用木材均应进行防火、防腐处理\n6.施工时面层颜色、样式由甲方和设计单位确认选样，投标人综合考虑报价，加工、切割、折边、损耗等不另计，中标后综合单价不予调整\n7.未尽事宜详见设计图纸、图集、设计补充说明、招标文件、政府相关文件及规范等其它资料，满足验收要求","m2",34.48,null,{"v":0,"d":"0.00"},"按投影面积"]
[131,"5#","工程名称：5#-公区","140","011210006001","玻璃隔断","1. 部位：中包间\n2. 龙骨材料种类、规格：热镀锌钢龙骨（不分规格型号，投标人综合考虑）\n3. 基层材料种类、规格：9mm阻燃夹板\n4. 隔断面层：8mm长虹玻璃（GL-B01）+1.2mm仿古铜不锈钢（MT-B04）\n5. 防护材料种类：所有装修用木基层均应进行防火、防腐处理\n6. 施工时面层颜色、样式由甲方和设计单位确认选样，投标人综合考虑报价，加工、切割、折边、损耗等不另计，中标后综合单价不予调整\n7. 未尽事宜详见设计图纸、图集、设计补充说明、招标文件、政府相关文件及规范等其它资料，满足验收要求","1. 部位：中包间\n4. 隔断面层：8mm长虹玻璃（GL-B01）+1.2mm仿古铜不锈钢（MT-B04）\n5. 防护材料种类：所有装修用木基层均应进行防火、防腐处理\n6. 施工时面层颜色、样式由甲方和设计单位确认选样，投标人综合考虑报价，加工、切割、折边、损耗等不另计，中标后综合单价不予调整\n7. 未尽事宜详见设计图纸、图集、设计补充说明、招标文件、政府相关文件及规范等其它资料，满足验收要求","m2",10.24,null,{"v":0,"d":"0.00"},"按投影面积"]
[132,"5#","工程名称：5#-公区","141","011210006002","卫生间隔断","1. 部位：公区卫生间\n2. 龙骨材料种类、规格：热镀锌钢龙骨（不分规格型号，投标人综合考虑），底部C20混凝土导墙不另列，报价综合考虑\n3. 基层材料种类、规格：12mm硅酸钙板基层，门扇基层为细木工板+12mm硅酸钙板\n4. 面层材料品种、规格、颜色：双面10mm厚仿木纹防火板（WD-B08），50mm高仿铜不锈钢踢脚线（MT-B04），门上顶面仿铜不锈钢包边(MT-B04）\n5. 施工时面层颜色、样式由甲方和设计单位确认选样，投标人综合考虑报价，加工、切割、折边、损耗等不另计，中标后综合单价不予调整\n6. 未尽事宜详见设计图纸、图集、设计补充说明、招标文件、政府相关文件及规范等其它资料，满足验收要求","1. 部位：公区卫生间\n4. 面层材料品种、规格、颜色：50mm高仿铜不锈钢踢脚线（MT-B04），门上顶面仿铜不锈钢包边(MT-B04）\n5. 施工时面层颜色、样式由甲方和设计单位确认选样，投标人综合考虑报价，加工、切割、折边、损耗等不另计，中标后综合单价不予调整\n6. 未尽事宜详见设计图纸、图集、设计补充说明、招标文件、政府相关文件及规范等其它资料，满足验收要求","m2",27.92,null,{"v":0,"d":"0.00"},"按深化节点图与实际的展开面积计算（见光面）"]
[133,"5#","工程名称：5#-公区","144","WB011302005007","天棚不锈钢板","1. 部位：会见室灯箱包边\n4. 基层材料种类、规格：双层9mm硅酸钙板\n5. 面层材料品种、规格、颜色:1.2mm仿铜不锈钢（MT-B04）\n6. 施工时面层颜色、样式由甲方和设计单位确认选样，切割等加工费不另计，投标人综合考虑报价，中标后综合单价不予调整\n7. 未尽事宜详见设计图纸、图集、设计补充说明、招标文件、政府相关文件及规范等其它资料，满足验收要求","1. 部位：会见室灯箱包边\n5. 面层材料品种、规格、颜色:1.2mm仿铜不锈钢（MT-B04）\n6. 施工时面层颜色、样式由甲方和设计单位确认选样，切割等加工费不另计，投标人综合考虑报价，中标后综合单价不予调整\n7. 未尽事宜详见设计图纸、图集、设计补充说明、招标文件、政府相关文件及规范等其它资料，满足验收要求","m2",12.65,null,{"v":0,"d":"0.00"},"按深化节点图与实际的展开面积计算（见光面）"]
[134,"5#","工程名称：5#-公区","145","011302002001","天棚格栅吊顶","1. 部位：多功能厅\n2. 吊杆种类、规格：φ8热镀锌钢筋吊杆间距@≤1200mm\n3. 龙骨材料种类、规格：，CS60主龙骨间距@≤1200mm，C50*20*0.6次龙骨间距@400mm，配套U型龙骨\n4. 面层材料品种、规格、颜色：100mm高*50mm宽*2mm@50mm仿铜不锈钢定制百叶（MT-B07）\n5.含检修口制安，以及配套设施开孔、加固\n6.施工时面层颜色、样式由甲方和设计单位确认选样，投标人综合考虑报价，加工、切割、折边、损耗等不另计，中标后综合单价不予调整\n7 .未尽事宜详见设计图纸、图集、设计补充说明、招标文件、政府相关文件及规范等其它资料，满足验收要求","1. 部位：多功能厅\n4. 面层材料品种、规格、颜色：100mm高*50mm宽*2mm@50mm仿铜不锈钢定制百叶（MT-B07）\n5.含检修口制安，以及配套设施开孔、加固\n6.施工时面层颜色、样式由甲方和设计单位确认选样，投标人综合考虑报价，加工、切割、折边、损耗等不另计，中标后综合单价不予调整\n7 .未尽事宜详见设计图纸、图集、设计补充说明、招标文件、政府相关文件及规范等其它资料，满足验收要求","m2",46.12,null,{"v":0,"d":"0.00"},"按投影面积"]
[135,"5#","工程名称：5#-公区","146","WB011302005008","天棚不锈钢板","1.部位：多功能厅\n2.龙骨材质种类、规格：热镀锌钢龙骨（不分规格型号，投标人综合考虑）\n3.基层材质种类、规格：双层9mm硅酸钙板\n4.面层材料品种、规格、颜色：1.2mm拉丝黑钢（MT-B12）\n5.含检修口制安，以及配套设施开孔、加固\n6.施工时面层颜色、样式由甲方和设计单位确认选样，投标人综合考虑报价，加工、切割、折边、损耗等不另计，中标后综合单价不予调整\n7.未尽事宜详见设计图纸、图集、设计补充说明、招标文件、政府相关文件及规范等其它资料，满足验收要求","1.部位：多功能厅\n4.面层材料品种、规格、颜色：1.2mm拉丝黑钢（MT-B12）\n5.含检修口制安，以及配套设施开孔、加固\n6.施工时面层颜色、样式由甲方和设计单位确认选样，投标人综合考虑报价，加工、切割、折边、损耗等不另计，中标后综合单价不予调整\n7.未尽事宜详见设计图纸、图集、设计补充说明、招标文件、政府相关文件及规范等其它资料，满足验收要求","m2",29.85,null,{"v":0,"d":"0.00"},"按深化节点图与实际的展开面积计算（见光面）"]
[136,"5#","工程名称：5#-公区","147","WB011302005009","天棚不锈钢板","1.部位：多功能厅\n2.龙骨材质种类、规格：热镀锌钢龙骨（不分规格型号，投标人综合考虑）\n3.基层材质种类、规格：9mm硅酸钙板\n4.面层材料品种、规格、颜色：1.2mm拉丝黑钢（MT-B12）\n5.含检修口制安，以及配套设施开孔、加固\n6.施工时面层颜色、样式由甲方和设计单位确认选样，投标人综合考虑报价，加工、切割、折边、损耗等不另计，中标后综合单价不予调整\n7.未尽事宜详见设计图纸、图集、设计补充说明、招标文件、政府相关文件及规范等其它资料，满足验收要求","1.部位：多功能厅\n4.面层材料品种、规格、颜色：1.2mm拉丝黑钢（MT-B12）\n5.含检修口制安，以及配套设施开孔、加固\n6.施工时面层颜色、样式由甲方和设计单位确认选样，投标人综合考虑报价，加工、切割、折边、损耗等不另计，中标后综合单价不予调整\n7.未尽事宜详见设计图纸、图集、设计补充说明、招标文件、政府相关文件及规范等其它资料，满足验收要求","m2",40.19,null,{"v":0,"d":"0.00"},"按深化节点图与实际的展开面积计算（见光面）"]
[137,"5#","工程名称：5#-公区","154","WB011302005016","天棚不锈钢板","1. 部位：娱乐室、书法室、茶艺室、中包间、大包间等\n2. 吊杆种类、规格：φ8热镀锌钢筋吊杆间距@≤1200mm，\n3. 龙骨材料种类、规格：CS60主龙骨吊件，CS60主龙骨间距@≤1200mm，C50*20*0.6次龙骨间距@400mm，局部钢龙骨加固\n4. 基层材料种类、规格：双层9mm硅酸钙板\n5. 面层材料品种、规格、颜色:1.2mm仿木纹覆膜不锈钢（MT-B02）\n6.含检修口制安，以及配套设施开孔、加固\n7.施工时面层颜色、样式由甲方和设计单位确认选样，投标人综合考虑报价，加工、切割、折边、损耗等不另计，中标后综合单价不予调整\n8. 未尽事宜详见设计图纸、图集、设计补充说明、招标文件、政府相关文件及规范等其它资料，满足验收要求","1. 部位：娱乐室、书法室、茶艺室、中包间、大包间等\n5. 面层材料品种、规格、颜色:1.2mm仿木纹覆膜不锈钢（MT-B02）\n6.含检修口制安，以及配套设施开孔、加固\n7.施工时面层颜色、样式由甲方和设计单位确认选样，投标人综合考虑报价，加工、切割、折边、损耗等不另计，中标后综合单价不予调整\n8. 未尽事宜详见设计图纸、图集、设计补充说明、招标文件、政府相关文件及规范等其它资料，满足验收要求","m2",195.1,null,{"v":0,"d":"0.00"},"按深化节点图与实际的展开面积计算（见光面）"]
[138,"5#","工程名称：5#-公区","155","WB011302005017","天棚不锈钢板","1.部位：会见厅、小包间等\n2.龙骨材料种类、规格：热镀锌钢龙骨（不分规格型号，投标人综合考虑）\n3.基层材料种类、规格：双层9mm硅酸钙板\n4.面层材料品种、规格、颜色:1.2mm仿木纹覆膜不锈钢（MT-B02）\n5.施工时面层颜色、样式由甲方和设计单位确认选样，投标人综合考虑报价，加工、切割、折边、损耗等不另计，中标后综合单价不予调整\n6.未尽事宜详见设计图纸、图集、设计补充说明、招标文件、政府相关文件及规范等其它资料，满足验收要求","1.部位：会见厅、小包间等\n4.面层材料品种、规格、颜色:1.2mm仿木纹覆膜不锈钢（MT-B02）\n5.施工时面层颜色、样式由甲方和设计单位确认选样，投标人综合考虑报价，加工、切割、折边、损耗等不另计，中标后综合单价不予调整\n6.未尽事宜详见设计图纸、图集、设计补充说明、招标文件、政府相关文件及规范等其它资料，满足验收要求","m2",33,null,{"v":0,"d":"0.00"},"按深化节点图与实际的展开面积计算（见光面）"]
[139,"5#","工程名称：5#-公区","156","WB011302005018","天棚不锈钢板","1.部位：娱乐室、书法室、会见厅等\n2.基层类型：9mm硅酸钙板\n3.面层材料品种、规格、颜色:1.2mm仿木纹覆膜不锈钢（MT-B02）\n4.施工时面层颜色、样式由甲方和设计单位确认选样，投标人综合考虑报价，加工、切割、折边、损耗等不另计，中标后综合单价不予调整\n5.未尽事宜详见设计图纸、图集、设计补充说明、招标文件、政府相关文件及规范等其它资料，满足验收要求","1.部位：娱乐室、书法室、会见厅等\n3.面层材料品种、规格、颜色:1.2mm仿木纹覆膜不锈钢（MT-B02）\n4.施工时面层颜色、样式由甲方和设计单位确认选样，投标人综合考虑报价，加工、切割、折边、损耗等不另计，中标后综合单价不予调整\n5.未尽事宜详见设计图纸、图集、设计补充说明、招标文件、政府相关文件及规范等其它资料，满足验收要求","m2",11.79,null,{"v":0,"d":"0.00"},"按深化节点图与实际的展开面积计算（见光面）"]
[140,"5#","工程名称：5#-公区","165","011502001005","金属装饰条","1．部位：门楣、包间、卫生间等收边、嵌条\n2．嵌条材料品种、规格、颜色：1.2mm仿铜不锈钢(MT-B04)，展开宽度60mm以内\n3．施工时面层颜色、样式由甲方和设计单位确认选样，投标人综合考虑报价，加工、切割、折边、损耗等不另计，中标后综合单价不予调整\n4．未尽事宜详见设计图纸、图集、设计补充说明、招标文件、政府相关文件及规范等其它资料，满足验收要求","1．部位：门楣、包间、卫生间等收边、嵌条\n2．嵌条材料品种、规格、颜色：1.2mm仿铜不锈钢(MT-B04)，展开宽度60mm以内\n3．施工时面层颜色、样式由甲方和设计单位确认选样，投标人综合考虑报价，加工、切割、折边、损耗等不另计，中标后综合单价不予调整\n4．未尽事宜详见设计图纸、图集、设计补充说明、招标文件、政府相关文件及规范等其它资料，满足验收要求","m",70.13,null,{"v":0,"d":"0.00"},"按现场实际发生量长度计算"]
[141,"5#","工程名称：5#-公区","166","011502001006","金属装饰条","1．部位：包间及玄关墙面、顶角等收边、嵌条\n2．嵌条材料品种、规格、颜色：1.2mm仿铜不锈钢(MT-B04)，展开宽度60~100mm以内\n3．施工时面层颜色、样式由甲方和设计单位确认选样，投标人综合考虑报价，加工、切割、折边、损耗等不另计，中标后综合单价不予调整\n4．未尽事宜详见设计图纸、图集、设计补充说明、招标文件、政府相关文件及规范等其它资料，满足验收要求。","1．部位：包间及玄关墙面、顶角等收边、嵌条\n2．嵌条材料品种、规格、颜色：1.2mm仿铜不锈钢(MT-B04)，展开宽度60~100mm以内\n3．施工时面层颜色、样式由甲方和设计单位确认选样，投标人综合考虑报价，加工、切割、折边、损耗等不另计，中标后综合单价不予调整\n4．未尽事宜详见设计图纸、图集、设计补充说明、招标文件、政府相关文件及规范等其它资料，满足验收要求。","m",117.48,null,{"v":0,"d":"0.00"},"按现场实际发生量长度计算"]
[142,"5#","工程名称：5#-公区","168","011502001007","金属装饰条","1.部位：多功能厅\n2.基层类型：阻燃板\n3.面层材料品种、规格、颜色：5mm宽实心铜条饰面，展开尺寸：20+5+20mm\n4.未尽事宜详见设计图纸、图集、设计补充说明、招标文件、政府相关文件及规范等其它资料，满足验收要求","1.部位：多功能厅\n3.面层材料品种、规格、颜色：5mm宽实心铜条饰面，展开尺寸：20+5+20mm\n4.未尽事宜详见设计图纸、图集、设计补充说明、招标文件、政府相关文件及规范等其它资料，满足验收要求","m",178.8,null,{"v":0,"d":"0.00"},"按现场实际发生量长度计算"]
[143,"5#","工程名称：5#-公区","172","WB011501001007","衣柜","1．部位：大包厢等\n2．规格：700mm宽以内\n3．龙骨材料种类、规格：热镀锌钢龙骨（不分规格型号，投标人综合考虑）+底部木龙骨调平等多种龙骨\n4．基层板材料种类、规格：15mm阻燃夹板等基层类型及厚度综合考虑\n5．材料种类：12mm深橡木饰面（WD-B01）、抽屉柜、不锈钢门把手、不锈钢踢脚线等\n6．五金种类、规格：单价包含五金合页、抽屉滑轨、阻尼隔振胶垫、暗藏灯槽等\n7．按照立面投影面积计算\n8．防护材料种类：所有装修用木基层均应进行防火、防腐处理\n9．施工时面层颜色、样式由甲方和设计单位确认选样，加工、排版损耗等不另计，投标人综合考虑报价，中标后综合单价不予调整\n10．未尽事宜详见设计图纸、图集、设计补充说明、招标文件、政府相关文件及规范等其它资料，满足验收要求","1．部位：大包厢等\n2．规格：700mm宽以内\n5．材料种类：不锈钢踢脚线等\n8．防护材料种类：所有装修用木基层均应进行防火、防腐处理\n9．施工时面层颜色、样式由甲方和设计单位确认选样，加工、排版损耗等不另计，投标人综合考虑报价，中标后综合单价不予调整\n10．未尽事宜详见设计图纸、图集、设计补充说明、招标文件、政府相关文件及规范等其它资料，满足验收要求","m",6.21,null,{"v":0,"d":"0.00"},"按现场实际发生量长度计算"]
[144,"5#","工程名称：5#-公区","174","WB011501001009","洗手台+柜体","1. 部位：会见厅、大包间\n2. 规格尺寸：600mm宽*850mm高*长详见设计文件\n3. 龙骨材料种类、规格：热镀锌钢龙骨（不分规格型号，投标人综合考虑）\n4. 基层材料种类、规格：12mm硅酸钙板\n5. 面层材料品种、规格、颜色：18mm雪花白大理石（ST-B10）台面，10mm仿木纹防火板饰面(WD-B08）、1.2mm仿铜不锈钢（MT-B04）+防火板饰面及柜体、50mm高不锈钢踢脚线等\n6. 所有石材材料在施工前须做六面防护处理,石材结晶，以保证防水、防腐、防污、防油\n7. 施工时面层颜色、样式由甲方和设计单位确认选样，倒角，磨边、切割等加工费不另计，投标人综合考虑报价，中标后综合单价不予调整\n8. 未尽事宜详见设计图纸、图集、设计补充说明、招标文件、政府相关文件及规范等其它资料，满足验收要求","1. 部位：会见厅、大包间\n2. 规格尺寸：600mm宽*850mm高*长详见设计文件\n5. 面层材料品种、规格、颜色：50mm高不锈钢踢脚线等\n7. 施工时面层颜色、样式由甲方和设计单位确认选样，倒角，磨边、切割等加工费不另计，投标人综合考虑报价，中标后综合单价不予调整\n8. 未尽事宜详见设计图纸、图集、设计补充说明、招标文件、政府相关文件及规范等其它资料，满足验收要求","m",8,null,{"v":0,"d":"0.00"},"按现场实际发生量长度计算"]
[145,"5#","工程名称：5#-公区","175","WB011501001010","镜柜","1. 部位：会见厅、大包间卫生间\n2. 龙骨材料种类、规格：热镀锌钢龙骨（不分规格型号，投标人综合考虑）+20*40mm木方（阻燃处理）等\n3. 基层材料种类、规格：12mm阻燃板\n4. 面层材料品种、规格、颜色：5mm银镜饰面（MR-B01）+1.2mm仿铜不锈钢（MT-B04）+四周不锈钢包边\n5. 防护材料种类：所有装修用木基层均应进行防火、防腐处理\n6. 施工时面层颜色、样式由甲方和设计单位确认选样，投标人综合考虑报价，加工、切割、折边、损耗等不另计，中标后综合单价不予调整\n7. 未尽事宜详见设计图纸、图集、设计补充说明、招标文件、政府相关文件及规范等其它资料，满足验收要求","1. 部位：会见厅、大包间卫生间\n4. 面层材料品种、规格、颜色：5mm银镜饰面（MR-B01）+1.2mm仿铜不锈钢（MT-B04）+四周不锈钢包边\n5. 防护材料种类：所有装修用木基层均应进行防火、防腐处理\n6. 施工时面层颜色、样式由甲方和设计单位确认选样，投标人综合考虑报价，加工、切割、折边、损耗等不另计，中标后综合单价不予调整\n7. 未尽事宜详见设计图纸、图集、设计补充说明、招标文件、政府相关文件及规范等其它资料，满足验收要求","m2",6.53,null,{"v":0,"d":"0.00"},"按投影面积"]
[146,"5#","工程名称：5#-公区","177","011207001039","镜面玻璃","1. 部位：茶室、中小包间卫生间\n2. 龙骨材质种类、规格：镀锌钢龙骨（规格型号综合考虑）\n3. 基层材料种类、规格：18mm阻燃夹板，局部9mm阻燃夹板等\n4. 面层材料品种、规格、颜色：5mm银镜饰面（MR-B01）\n5. 四周仿铜不锈钢(MT-B04）金属包边\n6. 防护材料种类：所有装修用木材均应进行防火、防腐处理\n7．施工时面层颜色、样式由甲方和设计单位确认选样，加工、排版损耗等不另计，投标人综合考虑报价，中标后综合单价不予调整\n8．未尽事宜详见设计图纸、图集、设计补充说明、招标文件、政府相关文件及规范等其它资料，满足验收要求","1. 部位：茶室、中小包间卫生间\n4. 面层材料品种、规格、颜色：5mm银镜饰面（MR-B01）\n5. 四周仿铜不锈钢(MT-B04）金属包边\n6. 防护材料种类：所有装修用木材均应进行防火、防腐处理\n7．施工时面层颜色、样式由甲方和设计单位确认选样，加工、排版损耗等不另计，投标人综合考虑报价，中标后综合单价不予调整\n8．未尽事宜详见设计图纸、图集、设计补充说明、招标文件、政府相关文件及规范等其它资料，满足验收要求","m2",5.55,null,{"v":0,"d":"0.00"},"按投影面积"]
[147,"5#","工程名称：5#-公区","186","010808001009","不锈钢门套","1. 部位：门套\n2. 龙骨材料种类、规格：热镀锌钢龙骨（不分规格型号，投标人综合考虑）\n3. 基层材料种类、规格：9mm阻燃夹板，局部双层\n4. 面层材料品种、规格、颜色：1.2mm黄古铜不锈钢（MT-A01）\n5. 防护材料种类：所有装修用木材均应进行防火、防腐处理\n6. 施工时面层颜色、样式由甲方和设计单位确认选样，投标人综合考虑报价，加工、切割、折边、损耗等不另计，中标后综合单价不予调整\n7. 未尽事宜详见设计图纸、图集、设计补充说明、招标文件、政府相关文件及规范等其它资料，满足验收要求","1. 部位：门套\n4. 面层材料品种、规格、颜色：1.2mm黄古铜不锈钢（MT-A01）\n5. 防护材料种类：所有装修用木材均应进行防火、防腐处理\n6. 施工时面层颜色、样式由甲方和设计单位确认选样，投标人综合考虑报价，加工、切割、折边、损耗等不另计，中标后综合单价不予调整\n7. 未尽事宜详见设计图纸、图集、设计补充说明、招标文件、政府相关文件及规范等其它资料，满足验收要求","m2",8.07,null,{"v":0,"d":"0.00"},"按深化节点图与实际的展开面积计算（见光面）"]
[148,"5#","工程名称：5#-公区","196","WB011105006003","成品踢脚线","1. 部位：客房走廊\n2. 踢脚线高度：50mm高\n3．基层材料种类、规格：12mm阻燃夹板，局部9mm阻燃夹板\n4．面层材料品种、规格、颜色：1.2mm黄古铜不锈钢踢脚线（MT-A01）\n5．施工时面层颜色、样式由甲方和设计单位确认选样，投标人综合考虑报价，加工、切割、折边、损耗等不另计，中标后综合单价不予调整\n6．未尽事宜详见设计图纸、图集、设计补充说明、招标文件、政府相关文件及规范等其它资料，满足验收要求","1. 部位：客房走廊\n2. 踢脚线高度：50mm高\n4．面层材料品种、规格、颜色：1.2mm黄古铜不锈钢踢脚线（MT-A01）\n5．施工时面层颜色、样式由甲方和设计单位确认选样，投标人综合考虑报价，加工、切割、折边、损耗等不另计，中标后综合单价不予调整\n6．未尽事宜详见设计图纸、图集、设计补充说明、招标文件、政府相关文件及规范等其它资料，满足验收要求","m",100.73,null,{"v":0,"d":"0.00"},"按现场实际发生量长度计算"]
[149,"5#","工程名称：5#-公区","200","011207001041","墙面装饰板","1. 部位：客房门牌基层\n2. 龙骨材料种类、规格：20*30mm木龙骨\n3. 基层材料种类、规格：9mm阻燃夹板\n4. 面层材料品种、规格、颜色：1.2mm黄古铜不锈钢（MT-A01）\n5. 防护材料种类：所有装修用木材均应进行防火、防腐处理\n6. 施工时面层颜色、样式由甲方和设计单位确认选样，投标人综合考虑报价，加工、切割、折边、损耗等不另计，中标后综合单价不予调整\n7. 未尽事宜详见设计图纸、图集、设计补充说明、招标文件、政府相关文件及规范等其它资料，满足验收要求","1. 部位：客房门牌基层\n4. 面层材料品种、规格、颜色：1.2mm黄古铜不锈钢（MT-A01）\n5. 防护材料种类：所有装修用木材均应进行防火、防腐处理\n6. 施工时面层颜色、样式由甲方和设计单位确认选样，投标人综合考虑报价，加工、切割、折边、损耗等不另计，中标后综合单价不予调整\n7. 未尽事宜详见设计图纸、图集、设计补充说明、招标文件、政府相关文件及规范等其它资料，满足验收要求","m2",3.02,null,{"v":0,"d":"0.00"},"按深化节点图与实际的展开面积计算（见光面）"]
[150,"5#","工程名称：5#-公区","201","011207001042","墙面装饰板","1. 部位：客房走廊壁灯基层\n2. 龙骨材料种类、规格：20*30mm木龙骨等多种\n3. 基层材料种类、规格：9mm阻燃夹板\n4. 面层材料品种、规格、颜色：1.2mm黄古铜不锈钢（MT-A01）防指纹+灯槽处5mm磨砂玻璃（GL-A03）\n5. 防护材料种类：所有装修用木材均应进行防火、防腐处理\n6. 施工时面层颜色、样式由甲方和设计单位确认选样，投标人综合考虑报价，加工、切割、折边、损耗等不另计，中标后综合单价不予调整\n7. 未尽事宜详见设计图纸、图集、设计补充说明、招标文件、政府相关文件及规范等其它资料，满足验收要求","1. 部位：客房走廊壁灯基层\n4. 面层材料品种、规格、颜色：1.2mm黄古铜不锈钢（MT-A01）防指纹+灯槽处5mm磨砂玻璃（GL-A03）\n5. 防护材料种类：所有装修用木材均应进行防火、防腐处理\n6. 施工时面层颜色、样式由甲方和设计单位确认选样，投标人综合考虑报价，加工、切割、折边、损耗等不另计，中标后综合单价不予调整\n7. 未尽事宜详见设计图纸、图集、设计补充说明、招标文件、政府相关文件及规范等其它资料，满足验收要求","m2",1.14,null,{"v":0,"d":"0.00"},"按投影面积"]
[151,"5#","工程名称：5#-公区","202","011207001043","墙面装饰板","1. 部位：客房走廊\n2. 基层材料种类、规格：双层12mm阻燃夹板\n3. 面层材料种类、规格：1.2mm黄古铜不锈钢（MT-A01）\n4. 防护材料种类：所有装修用木材均应进行防火、防腐处理\n5. 施工时面层颜色、样式由甲方和设计单位确认选样，投标人综合考虑报价，加工、切割、折边、损耗等不另计，中标后综合单价不予调整\n6. 未尽事宜详见设计图纸、图集、设计补充说明、招标文件、政府相关文件及规范等其它资料，满足验收要求","1. 部位：客房走廊\n3. 面层材料种类、规格：1.2mm黄古铜不锈钢（MT-A01）\n4. 防护材料种类：所有装修用木材均应进行防火、防腐处理\n5. 施工时面层颜色、样式由甲方和设计单位确认选样，投标人综合考虑报价，加工、切割、折边、损耗等不另计，中标后综合单价不予调整\n6. 未尽事宜详见设计图纸、图集、设计补充说明、招标文件、政府相关文件及规范等其它资料，满足验收要求","m2",2.41,null,{"v":0,"d":"0.00"},"按深化节点图与实际的展开面积计算（见光面）"]
[152,"5#","工程名称：5#-公区","215","011502001008","金属装饰条","1．部位：过道暗门处收边、嵌条\n2．嵌条材料品种、规格、颜色：1.2mm黄古铜不锈钢（MT-A01），展开宽度60mm以内\n3．施工时面层颜色、样式由甲方和设计单位确认选样，投标人综合考虑报价，加工、切割、折边、损耗等不另计，中标后综合单价不予调整\n4．未尽事宜详见设计图纸、图集、设计补充说明、招标文件、政府相关文件及规范等其它资料，满足验收要求","1．部位：过道暗门处收边、嵌条\n2．嵌条材料品种、规格、颜色：1.2mm黄古铜不锈钢（MT-A01），展开宽度60mm以内\n3．施工时面层颜色、样式由甲方和设计单位确认选样，投标人综合考虑报价，加工、切割、折边、损耗等不另计，中标后综合单价不予调整\n4．未尽事宜详见设计图纸、图集、设计补充说明、招标文件、政府相关文件及规范等其它资料，满足验收要求","m",6.3,null,{"v":0,"d":"0.00"},"按现场实际发生量长度计算"]
[153,"5#","工程名称：5#-公区","216","011502001009","金属装饰条","1．部位：过道暗门处收边、嵌条\n2．嵌条材料品种、规格、颜色：1.2mm黄古铜不锈钢（MT-A01），展开宽度60~100mm以内\n3．施工时面层颜色、样式由甲方和设计单位确认选样，投标人综合考虑报价，加工、切割、折边、损耗等不另计，中标后综合单价不予调整\n4．未尽事宜详见设计图纸、图集、设计补充说明、招标文件、政府相关文件及规范等其它资料，满足验收要求。","1．部位：过道暗门处收边、嵌条\n2．嵌条材料品种、规格、颜色：1.2mm黄古铜不锈钢（MT-A01），展开宽度60~100mm以内\n3．施工时面层颜色、样式由甲方和设计单位确认选样，投标人综合考虑报价，加工、切割、折边、损耗等不另计，中标后综合单价不予调整\n4．未尽事宜详见设计图纸、图集、设计补充说明、招标文件、政府相关文件及规范等其它资料，满足验收要求。","m",11.3,null,{"v":0,"d":"0.00"},"按现场实际发生量长度计算"]
[154,"5#","工程名称：5#-公区","227","WB011105006004","成品踢脚线","1. 部位：公共卫生间\n2. 踢脚线高度：50mm高\n3．基层材料种类、规格：12mm阻燃夹板\n4．面层材料品种、规格、颜色：1.2mm仿铜不锈钢踢脚线 （MT-B04）\n5．施工时面层颜色、样式由甲方和设计单位确认选样，投标人综合考虑报价，加工、切割、折边、损耗等不另计，中标后综合单价不予调整\n6．未尽事宜详见设计图纸、图集、设计补充说明、招标文件、政府相关文件及规范等其它资料，满足验收要求","1. 部位：公共卫生间\n2. 踢脚线高度：50mm高\n3．基层材料种类、规格：12mm阻燃夹板\n4．面层材料品种、规格、颜色：1.2mm仿铜不锈钢踢脚线 （MT-B04）\n5．施工时面层颜色、样式由甲方和设计单位确认选样，投标人综合考虑报价，加工、切割、折边、损耗等不另计，中标后综合单价不予调整\n6．未尽事宜详见设计图纸、图集、设计补充说明、招标文件、政府相关文件及规范等其它资料，满足验收要求","m",2.58,null,{"v":0,"d":"0.00"},"按现场实际发生量长度计算"]
[155,"5#","工程名称：5#-公区","235","011210003001","小便斗玻璃隔断","1.部位：公卫\n2.龙骨材料种类、规格：热镀锌钢龙骨（不分规格型号，投标人综合考虑）\n3.基层材料种类、规格：9mm阻燃夹板\n4.隔断面层：6+1.52pvb+6mm夹丝玻璃（GL-B04）+1.2mm仿铜不锈钢（MT-B04）\n5.防护材料种类：所有装修用木基层均应进行防火、防腐处理\n6.施工时面层颜色、样式由甲方和设计单位确认选样，投标人综合考虑报价，加工、切割、折边、损耗等不另计，中标后综合单价不予调整\n7.未尽事宜详见设计图纸、图集、设计补充说明、招标文件、政府相关文件及规范等其它资料，满足验收要求","1.部位：公卫\n4.隔断面层：6+1.52pvb+6mm夹丝玻璃（GL-B04）+1.2mm仿铜不锈钢（MT-B04）\n5.防护材料种类：所有装修用木基层均应进行防火、防腐处理\n6.施工时面层颜色、样式由甲方和设计单位确认选样，投标人综合考虑报价，加工、切割、折边、损耗等不另计，中标后综合单价不予调整\n7.未尽事宜详见设计图纸、图集、设计补充说明、招标文件、政府相关文件及规范等其它资料，满足验收要求","m2",1.26,null,{"v":0,"d":"0.00"},"按投影面积"]
[156,"5#","工程名称：5#-公区","236","011210006003","卫生间隔断","1. 部位：公区卫生间\n2. 龙骨材料种类、规格：热镀锌钢龙骨（不分规格型号，投标人综合考虑），底部C20混凝土导墙不另列，报价综合考虑\n3. 基层材料种类、规格：12mm硅酸钙板基层，门扇基层为细木工板+12mm硅酸钙板\n4. 面层材料品种、规格、颜色：双面10mm厚仿木纹防火板（WD-B08），50mm高仿铜不锈钢踢脚线（MT-B04），门上顶面仿铜不锈钢包边(MT-B04）\n5. 施工时面层颜色、样式由甲方和设计单位确认选样，投标人综合考虑报价，加工、切割、折边、损耗等不另计，中标后综合单价不予调整\n6. 未尽事宜详见设计图纸、图集、设计补充说明、招标文件、政府相关文件及规范等其它资料，满足验收要求","1. 部位：公区卫生间\n4. 面层材料品种、规格、颜色：50mm高仿铜不锈钢踢脚线（MT-B04），门上顶面仿铜不锈钢包边(MT-B04）\n5. 施工时面层颜色、样式由甲方和设计单位确认选样，投标人综合考虑报价，加工、切割、折边、损耗等不另计，中标后综合单价不予调整\n6. 未尽事宜详见设计图纸、图集、设计补充说明、招标文件、政府相关文件及规范等其它资料，满足验收要求","m2",18.6,null,{"v":0,"d":"0.00"},"按深化节点图与实际的展开面积计算（见光面）"]
[157,"5#","工程名称：5#-公区","243","WB011501001011","洗手台+柜体","1. 部位：公共卫生间\n2. 规格尺寸：600mm宽*850mm高*长详见设计文件\n3. 龙骨材料种类、规格：热镀锌钢龙骨（不分规格型号，投标人综合考虑）\n4. 基层材料种类、规格：12mm硅酸钙板\n5. 面层材料品种、规格、颜色：18mm雪花白大理石（ST-B10）台面，10mm仿木纹防火板饰面(WD-B08）、1.2mm仿铜不锈钢（MT-B04）+防火板饰面及柜体、50mm高不锈钢踢脚线等\n6. 所有石材材料在施工前须做六面防护处理,石材结晶，以保证防水、防腐、防污、防油\n7. 施工时面层颜色、样式由甲方和设计单位确认选样，倒角，磨边、切割等加工费不另计，投标人综合考虑报价，中标后综合单价不予调整\n8. 未尽事宜详见设计图纸、图集、设计补充说明、招标文件、政府相关文件及规范等其它资料，满足验收要求","1. 部位：公共卫生间\n2. 规格尺寸：600mm宽*850mm高*长详见设计文件\n5. 面层材料品种、规格、颜色：50mm高不锈钢踢脚线等\n7. 施工时面层颜色、样式由甲方和设计单位确认选样，倒角，磨边、切割等加工费不另计，投标人综合考虑报价，中标后综合单价不予调整\n8. 未尽事宜详见设计图纸、图集、设计补充说明、招标文件、政府相关文件及规范等其它资料，满足验收要求","m",6,null,{"v":0,"d":"0.00"},"按现场实际发生量长度计算"]
[158,"5#","工程名称：5#-公区","244","WB011501001012","镜柜","1. 部位：公共卫生间\n2. 龙骨材料种类、规格：热镀锌钢龙骨（不分规格型号，投标人综合考虑）+20*40mm木方（阻燃处理）等\n3. 基层材料种类、规格：12mm阻燃板\n4. 面层材料品种、规格、颜色：5mm银镜饰面（MR-B01）+1.2mm仿铜不锈钢（MT-B04）+四周不锈钢包边\n5. 防护材料种类：所有装修用木基层均应进行防火、防腐处理\n6. 施工时面层颜色、样式由甲方和设计单位确认选样，投标人综合考虑报价，加工、切割、折边、损耗等不另计，中标后综合单价不予调整\n7. 未尽事宜详见设计图纸、图集、设计补充说明、招标文件、政府相关文件及规范等其它资料，满足验收要求","1. 部位：公共卫生间\n4. 面层材料品种、规格、颜色：5mm银镜饰面（MR-B01）+1.2mm仿铜不锈钢（MT-B04）+四周不锈钢包边\n5. 防护材料种类：所有装修用木基层均应进行防火、防腐处理\n6. 施工时面层颜色、样式由甲方和设计单位确认选样，投标人综合考虑报价，加工、切割、折边、损耗等不另计，中标后综合单价不予调整\n7. 未尽事宜详见设计图纸、图集、设计补充说明、招标文件、政府相关文件及规范等其它资料，满足验收要求","m2",6.95,null,{"v":0,"d":"0.00"},"按投影面积"]
[159,"5#","工程名称：5#-公区","245","011505010001","镜面玻璃","1．部位：残卫\n2．面层材料品种、规格、颜色：5mm成品银镜不锈钢包框\n3．施工时面层颜色、样式由甲方和设计单位确认选样，投标人综合考虑报价，加工、切割、折边、损耗等不另计，中标后综合单价不予调整\n4．未尽事宜详见设计图纸、图集、设计补充说明、招标文件、政府相关文件及规范等其它资料，满足验收要求。","1．部位：残卫\n2．面层材料品种、规格、颜色：5mm成品银镜不锈钢包框\n3．施工时面层颜色、样式由甲方和设计单位确认选样，投标人综合考虑报价，加工、切割、折边、损耗等不另计，中标后综合单价不予调整\n4．未尽事宜详见设计图纸、图集、设计补充说明、招标文件、政府相关文件及规范等其它资料，满足验收要求。","m2",0.56,null,{"v":0,"d":"0.00"},"按投影面积"]
[160,"5#","工程名称：5#-公区","251","010807002001","金属防火窗","1.部位：厨房\n2.窗名称：防火推拉窗（收污口）\n3.窗材质：铝合金型材，型材壁厚、隔热条规格尺寸及表面处理等要求详见图纸设计\n4.玻璃品种、厚度：12mm防火玻璃，满足2小时耐火等级\n5.单价包含与门窗相关的金属材料、铝合金型材、副框、玻璃、五金件、钢板、固定件、防锈处理、防火隔离与封堵、安装辅材、塞缝、洞口周边防水、打胶、收边收口、加强处理等一切制作安装的相关内容\n6.未尽事宜详见设计图纸、图集、设计补充说明、招标文件、政府相关文件及规范等其它资料，满足验收要求","1.部位：厨房\n2.窗名称：防火推拉窗（收污口）\n3.窗材质：铝合金型材，型材壁厚、隔热条规格尺寸及表面处理等要求详见图纸设计\n4.玻璃品种、厚度：12mm防火玻璃，满足2小时耐火等级\n5.单价包含与门窗相关的金属材料、铝合金型材、副框、玻璃、五金件、钢板、固定件、防锈处理、防火隔离与封堵、安装辅材、塞缝、洞口周边防水、打胶、收边收口、加强处理等一切制作安装的相关内容\n6.未尽事宜详见设计图纸、图集、设计补充说明、招标文件、政府相关文件及规范等其它资料，满足验收要求","m2",2.47,null,{"v":0,"d":"0.00"},"按投影面积"]
[161,"5#","工程名称：5#-公区","252","010807001001","金属窗","1.部位：厨房\n2.窗名称：定制上拉窗（传菜口）\n3.窗套基层、材质：9mm硅酸钙板+1.2mm本色304不锈钢\n4.玻璃品种、厚度：6+6mm夹胶钢化玻璃\n5.单价包含与门窗相关的不锈钢金属、副框、玻璃、五金件、钢板、固定件、防锈处理、防火隔离与封堵、安装辅材、塞缝、洞口周边防水、打胶、收边收口、加强处理等一切制作安装的相关内容\n6.未尽事宜详见设计图纸、图集、设计补充说明、招标文件、政府相关文件及规范等其它资料，满足验收要求","1.部位：厨房\n2.窗名称：定制上拉窗（传菜口）\n3.窗套基层、材质：1.2mm本色304不锈钢\n4.玻璃品种、厚度：6+6mm夹胶钢化玻璃\n5.单价包含与门窗相关的不锈钢金属、副框、玻璃、五金件、钢板、固定件、防锈处理、防火隔离与封堵、安装辅材、塞缝、洞口周边防水、打胶、收边收口、加强处理等一切制作安装的相关内容\n6.未尽事宜详见设计图纸、图集、设计补充说明、招标文件、政府相关文件及规范等其它资料，满足验收要求","m2",0.42,null,{"v":0,"d":"0.00"},"按投影面积"]
[162,"5#","工程名称：5#-公区","268","011505010002","镜面玻璃","1. 部位：卫生间\n2. 龙骨材料种类、规格：镀锌钢龙骨（规格型号综合考虑）\n3. 基层材料种类、规格：12mm阻燃夹板\n4. 面层材料品种、规格、颜色：5mm银镜饰面（MR-B01）\n5. 四周仿铜不锈钢(MT-B04）金属包边\n6. 防护材料种类：所有装修用木材均应进行防火、防腐处理\n7．施工时面层颜色、样式由甲方和设计单位确认选样，加工、排版损耗等不另计，投标人综合考虑报价，中标后综合单价不予调整\n8．未尽事宜详见设计图纸、图集、设计补充说明、招标文件、政府相关文件及规范等其它资料，满足验收要求","1. 部位：卫生间\n4. 面层材料品种、规格、颜色：5mm银镜饰面（MR-B01）\n5. 四周仿铜不锈钢(MT-B04）金属包边\n6. 防护材料种类：所有装修用木材均应进行防火、防腐处理\n7．施工时面层颜色、样式由甲方和设计单位确认选样，加工、排版损耗等不另计，投标人综合考虑报价，中标后综合单价不予调整\n8．未尽事宜详见设计图纸、图集、设计补充说明、招标文件、政府相关文件及规范等其它资料，满足验收要求","m2",1.86,null,{"v":0,"d":"0.00"},"按投影面积"]
[163,"5#","工程名称：5#-公区","275","010808001010","不锈钢窗套","1.部位：办公室\n2.龙骨材料种类、规格：热镀锌钢龙骨（不分规格型号，投标人综合考虑）\n3.基层材料种类、规格：15mm阻燃夹板+双层18mm阻燃夹板\n4.面层材料品种、规格、颜色：1.2mm仿铜不锈钢（MT-B04）\n5.防护材料种类：所有装修用木材均应进行防火、防腐处理\n6.施工时面层颜色、样式由甲方和设计单位确认选样，投标人综合考虑报价，加工、切割、折边、损耗等不另计，中标后综合单价不予调整\n7.未尽事宜详见设计图纸、图集、设计补充说明、招标文件、政府相关文件及规范等其它资料，满足验收要求","1.部位：办公室\n4.面层材料品种、规格、颜色：1.2mm仿铜不锈钢（MT-B04）\n5.防护材料种类：所有装修用木材均应进行防火、防腐处理\n6.施工时面层颜色、样式由甲方和设计单位确认选样，投标人综合考虑报价，加工、切割、折边、损耗等不另计，中标后综合单价不予调整\n7.未尽事宜详见设计图纸、图集、设计补充说明、招标文件、政府相关文件及规范等其它资料，满足验收要求","m2",5.71,null,{"v":0,"d":"0.00"},"按深化节点图与实际的展开面积计算（见光面）"]
[164,"5#","工程名称：5#-公区","283","WB011105006005","成品踢脚线","1. 部位：办公室、值班室、走道等\n2. 踢脚线高度：50mm高\n3．基层材料种类、规格：12mm阻燃夹板\n4．面层材料品种、规格、颜色：1.2mm仿铜不锈钢（MT-B04)\n5．施工时面层颜色、样式由甲方和设计单位确认选样，投标人综合考虑报价，加工、切割、折边、损耗等不另计，中标后综合单价不予调整\n6．未尽事宜详见设计图纸、图集、设计补充说明、招标文件、政府相关文件及规范等其它资料，满足验收要求","1. 部位：办公室、值班室、走道等\n2. 踢脚线高度：50mm高\n4．面层材料品种、规格、颜色：1.2mm仿铜不锈钢（MT-B04)\n5．施工时面层颜色、样式由甲方和设计单位确认选样，投标人综合考虑报价，加工、切割、折边、损耗等不另计，中标后综合单价不予调整\n6．未尽事宜详见设计图纸、图集、设计补充说明、招标文件、政府相关文件及规范等其它资料，满足验收要求","m",68.84,null,{"v":0,"d":"0.00"},"按现场实际发生量长度计算"]
[165,"7#","工程名称：7#-公区","3","WB010801004001","装饰门扇安装","1. 部位：家具间等\n2. 门扇龙骨、基层材料种类、规格：25mm细木工板+9mm阻燃夹板+四周热镀锌方通固定\n3. 面层材料品种、规格、颜色：皮革硬包（12mm雪弗板内衬板）（UP-B02）+1.2mm厚仿铜不锈钢（MT-B04）+仿铜不锈钢嵌条，定制成品金属门拉手\n4. 五金品种、规格：包含但不限于门锁、天地轴承、五金合页等完成此项工作的五金配件\n5. 施工时面层颜色、样式由甲方和设计单位确认选样，投标人综合考虑报价，加工、损耗等不另计，中标后综合单价不予调整\n6. 未尽事宜详见设计图纸、图集、设计补充说明、招标文件、政府相关文件及规范等其它资料，满足验收要求","1. 部位：家具间等\n3. 面层材料品种、规格、颜色：1.2mm厚仿铜不锈钢（MT-B04）+仿铜不锈钢嵌条\n5. 施工时面层颜色、样式由甲方和设计单位确认选样，投标人综合考虑报价，加工、损耗等不另计，中标后综合单价不予调整\n6. 未尽事宜详见设计图纸、图集、设计补充说明、招标文件、政府相关文件及规范等其它资料，满足验收要求","m2",7.2,null,{"v":0,"d":"0.00"},"按深化节点图与实际的展开面积计算（见光面）"]
[166,"7#","工程名称：7#-公区","4","010801004001","装饰防火门","1. 部位：家具间等\n2. 门扇龙骨、基层材料种类、规格：甲级防火门门芯(须满足当地消防部门的防火认证)+12mm阻燃夹板+四周热镀锌方通固定\n3. 面层材料品种、规格、颜色：木转印+皮革硬包造型，定制成品金属门拉手，包含木转印门套\n4. 五金品种、规格：包含但不限于门锁、五金、合页等完成此项工作的五金配件\n5. 施工时面层颜色、样式由甲方和设计单位确认选样，投标人综合考虑报价，加工、损耗等不另计，中标后综合单价不予调整\n6. 未尽事宜详见设计图纸、图集、设计补充说明、招标文件、政府相关文件及规范等其它资料，满足验收要求","1. 部位：家具间等\n3. 面层材料品种、规格、颜色：木转印，包含木转印门套\n5. 施工时面层颜色、样式由甲方和设计单位确认选样，投标人综合考虑报价，加工、损耗等不另计，中标后综合单价不予调整\n6. 未尽事宜详见设计图纸、图集、设计补充说明、招标文件、政府相关文件及规范等其它资料，满足验收要求","m2",3.45,null,{"v":0,"d":"0.00"},"按深化节点图与实际的展开面积计算（见光面）"]
[167,"7#","工程名称：7#-公区","5","WB010801004002","旋转门","1.工程部位：门厅等\n2.门龙骨材质种类、规格：成品门芯+40*40*4mm镀锌方钢\n3.门基层材质种类、规格：12mm阻燃夹板+局部双层9mm阻燃夹板等\n4.面层材料品种、规格、颜色：皮革硬包（UP-B02）+1.2mm厚仿铜不锈钢（MT-B04）+5mm宽仿铜不锈钢嵌条\n5.五金品种、规格：包含但不限于重型上下枢轴、重型天地轴、暗藏五金合页等完成此项工作的全部五金配件\n6.施工时面层颜色、样式由甲方和设计单位确认选样，投标人综合考虑报价，加工、损耗等不另计，中标后综合单价不予调整\n7.未尽事宜详见设计图纸、图集、设计补充说明、招标文件、政府相关文件及规范等其它资料，满足验收要求","1.工程部位：门厅等\n2.门龙骨材质种类、规格：成品门芯+40*40*4mm镀锌方钢\n3.门基层材质种类、规格：12mm阻燃夹板+局部双层9mm阻燃夹板等\n4.面层材料品种、规格、颜色：1.2mm厚仿铜不锈钢（MT-B04）+5mm宽仿铜不锈钢嵌条\n5.五金品种、规格：包含但不限于重型上下枢轴、重型天地轴、暗藏五金合页等完成此项工作的全部五金配件\n6.施工时面层颜色、样式由甲方和设计单位确认选样，投标人综合考虑报价，加工、损耗等不另计，中标后综合单价不予调整\n7.未尽事宜详见设计图纸、图集、设计补充说明、招标文件、政府相关文件及规范等其它资料，满足验收要求","m2",9.56,null,{"v":0,"d":"0.00"},"按投影面积"]
[168,"7#","工程名称：7#-公区","6","010808001001","不锈钢门套","1. 部位：门套、垭口套等\n2. 龙骨材料种类、规格：热镀锌钢龙骨（不分规格型号，投标人综合考虑）\n3. 基层材料种类、规格：双层12mm阻燃夹板，局\n4. 面层材料品种、规格、颜色：1.2mm仿铜不锈钢（MT-B04）\n5. 防护材料种类：所有装修用木材均应进行防火、防腐处理\n6. 施工时面层颜色、样式由甲方和设计单位确认选样，投标人综合考虑报价，加工、切割、折边、损耗等不另计，中标后综合单价不予调整\n7. 未尽事宜详见设计图纸、图集、设计补充说明、招标文件、政府相关文件及规范等其它资料，满足验收要求","1. 部位：门套、垭口套等\n4. 面层材料品种、规格、颜色：1.2mm仿铜不锈钢（MT-B04）\n5. 防护材料种类：所有装修用木材均应进行防火、防腐处理\n6. 施工时面层颜色、样式由甲方和设计单位确认选样，投标人综合考虑报价，加工、切割、折边、损耗等不另计，中标后综合单价不予调整\n7. 未尽事宜详见设计图纸、图集、设计补充说明、招标文件、政府相关文件及规范等其它资料，满足验收要求","m2",33,null,{"v":0,"d":"0.00"},"按深化节点图与实际的展开面积计算（见光面）"]
[169,"7#","工程名称：7#-公区","16","WB011105006001","成品踢脚线","1. 部位：门斗、门厅、中庭、走道等\n2. 踢脚线高度：50mm高\n3．基层材料种类、规格：12mm阻燃夹板\n4．面层材料品种、规格、颜色：1.2mm仿铜不锈钢（MT-B04)\n5．施工时面层颜色、样式由甲方和设计单位确认选样，投标人综合考虑报价，加工、切割、折边、损耗等不另计，中标后综合单价不予调整\n6．未尽事宜详见设计图纸、图集、设计补充说明、招标文件、政府相关文件及规范等其它资料，满足验收要求","1. 部位：门斗、门厅、中庭、走道等\n2. 踢脚线高度：50mm高\n4．面层材料品种、规格、颜色：1.2mm仿铜不锈钢（MT-B04)\n5．施工时面层颜色、样式由甲方和设计单位确认选样，投标人综合考虑报价，加工、切割、折边、损耗等不另计，中标后综合单价不予调整\n6．未尽事宜详见设计图纸、图集、设计补充说明、招标文件、政府相关文件及规范等其它资料，满足验收要求","m",197.73,null,{"v":0,"d":"0.00"},"按现场实际发生量长度计算"]
[170,"7#","工程名称：7#-公区","19","011207001002","墙面装饰板","1．部位：门斗、门厅、中庭、走道等\n2．龙骨材料种类、规格：热镀锌钢龙骨（不分规格型号，投标人综合考虑）\n3．基层材料种类、规格：双层12mm阻燃夹板，局部层数增减\n4. 面层材料品种、规格、颜色：1.2mm仿铜不锈钢（MT-B04）\n5．防护材料种类：所有装修用木基层均应进行防火、防腐处理\n6. 施工时面层颜色、样式由甲方和设计单位确认选样，投标人综合考虑报价，加工、切割、折边、损耗等不另计，中标后综合单价不予调整\n7．未尽事宜详见设计图纸、图集、设计补充说明、招标文件、政府相关文件及规范等其它资料，满足验收要求","1．部位：门斗、门厅、中庭、走道等\n4. 面层材料品种、规格、颜色：1.2mm仿铜不锈钢（MT-B04）\n5．防护材料种类：所有装修用木基层均应进行防火、防腐处理\n6. 施工时面层颜色、样式由甲方和设计单位确认选样，投标人综合考虑报价，加工、切割、折边、损耗等不另计，中标后综合单价不予调整\n7．未尽事宜详见设计图纸、图集、设计补充说明、招标文件、政府相关文件及规范等其它资料，满足验收要求","m2",435,null,{"v":0,"d":"0.00"},"按深化节点图与实际的展开面积计算（见光面）"]
[171,"7#","工程名称：7#-公区","20","011207001003","墙面装饰板","1．部位：门厅等\n2．龙骨材料种类、规格：轻钢龙骨，规格尺寸满足现场和规范要求\n3．基层材料种类、规格：双层12mm阻燃夹板，局部层数增减\n4. 面层材料品种、规格、颜色：1.2mm仿铜不锈钢（MT-B04）\n5．防护材料种类：所有装修用木基层均应进行防火、防腐处理\n6. 施工时面层颜色、样式由甲方和设计单位确认选样，投标人综合考虑报价，加工、切割、折边、损耗等不另计，中标后综合单价不予调整\n7．未尽事宜详见设计图纸、图集、设计补充说明、招标文件、政府相关文件及规范等其它资料，满足验收要求","1．部位：门厅等\n4. 面层材料品种、规格、颜色：1.2mm仿铜不锈钢（MT-B04）\n5．防护材料种类：所有装修用木基层均应进行防火、防腐处理\n6. 施工时面层颜色、样式由甲方和设计单位确认选样，投标人综合考虑报价，加工、切割、折边、损耗等不另计，中标后综合单价不予调整\n7．未尽事宜详见设计图纸、图集、设计补充说明、招标文件、政府相关文件及规范等其它资料，满足验收要求","m2",16,null,{"v":0,"d":"0.00"},"按深化节点图与实际的展开面积计算（见光面）"]
[172,"7#","工程名称：7#-公区","34","011204001001","石材墙面","1. 部位：门厅等\n2. 埋板：热镀锌后置埋板，高强化学锚栓固定\n3. 钢骨架材料、间距：热浸镀锌钢方管立柱，综合考虑镀锌钢骨架规格尺寸，满足现场和规范要求，施工时提供受力计算书\n4. 基层材料种类、规格：双层9mm阻燃夹板\n5. 面层材料品种、规格、品牌、颜色：1.2mm仿铜不锈钢（MT-B04）包边，15mm透光白玉大理石（ST-B06），专用卡固件固定\n6. 所有石材材料在施工前须做六面防护处理,石材结晶，以保证防水、防腐、防污、防油\n7. 施工时面层颜色、样式由甲方和设计单位确认选样，倒角，磨边、切割等加工费不另计，投标人综合考虑报价，中标后综合单价不予调整\n8．未尽事宜详见设计图纸、图集、设计补充说明、招标文件、政府相关文件及规范等其它资料，满足验收要求","1. 部位：门厅等\n5. 面层材料品种、规格、品牌、颜色：1.2mm仿铜不锈钢（MT-B04）包边\n7. 施工时面层颜色、样式由甲方和设计单位确认选样，倒角，磨边、切割等加工费不另计，投标人综合考虑报价，中标后综合单价不予调整\n8．未尽事宜详见设计图纸、图集、设计补充说明、招标文件、政府相关文件及规范等其它资料，满足验收要求","m2",24.5,null,{"v":0,"d":"0.00"},"按深化节点图与实际的展开面积计算（见光面）"]
[173,"7#","工程名称：7#-公区","35","011210006001","不锈钢屏风","1.部位：门厅\n2. 面层材料种类、规格：边框1.2mm60*60仿铜不锈钢方通（MT-B04），局部横向1.2mm40*40仿铜不锈钢方通（MT-B04）、1.2mm外径15mm仿铜不锈钢圆通（MT-B04）、1.2mm60*20*120仿铜不锈钢（MT-B04）\n3. 立面投影面积计算\n4.防护材料种类：所有装修用木基层均应进行防火、防腐处理\n5.施工时面层颜色、样式由甲方和设计单位确认选样，投标人综合考虑报价，加工、切割、折边、损耗等不另计，中标后综合单价不予调整\n7.未尽事宜详见设计图纸、图集、设计补充说明、招标文件、政府相关文件及规范等其它资料，满足验收要求","1.部位：门厅\n2. 面层材料种类、规格：边框1.2mm60*60仿铜不锈钢方通（MT-B04），局部横向1.2mm40*40仿铜不锈钢方通（MT-B04）、1.2mm外径15mm仿铜不锈钢圆通（MT-B04）、1.2mm60*20*120仿铜不锈钢（MT-B04）\n3. 立面投影面积计算\n4.防护材料种类：所有装修用木基层均应进行防火、防腐处理\n5.施工时面层颜色、样式由甲方和设计单位确认选样，投标人综合考虑报价，加工、切割、折边、损耗等不另计，中标后综合单价不予调整\n7.未尽事宜详见设计图纸、图集、设计补充说明、招标文件、政府相关文件及规范等其它资料，满足验收要求","m2",19.28,null,{"v":0,"d":"0.00"},"按投影面积"]
[174,"7#","工程名称：7#-公区","37","011502001001","金属装饰条","1. 部位：公共走道等\n2. 龙骨材料种类、规格：20x20热镀锌方通、热镀锌角钢等热镀锌钢龙骨\n3. 嵌条材料品种、规格、颜色：直径80mm仿铜不锈钢圆形线条（MT-B04）\n4．施工时面层颜色、样式由甲方和设计单位确认选样，投标人综合考虑报价，加工、切割、折边、损耗等不另计，中标后综合单价不予调整\n5．未尽事宜详见设计图纸、图集、设计补充说明、招标文件、政府相关文件及规范等其它资料，满足验收要求。","1. 部位：公共走道等\n3. 嵌条材料品种、规格、颜色：直径80mm仿铜不锈钢圆形线条（MT-B04）\n4．施工时面层颜色、样式由甲方和设计单位确认选样，投标人综合考虑报价，加工、切割、折边、损耗等不另计，中标后综合单价不予调整\n5．未尽事宜详见设计图纸、图集、设计补充说明、招标文件、政府相关文件及规范等其它资料，满足验收要求。","m",13,null,{"v":0,"d":"0.00"},"按现场实际发生量长度计算"]
[175,"7#","工程名称：7#-公区","44","WB011302005006","天棚不锈钢板","1. 部位：门斗、门厅等\n2. 吊杆种类、规格：φ8热镀锌钢筋吊杆间距@≤1200mm，\n3. 龙骨材料种类、规格：CS60主龙骨吊件，CS60主龙骨间距@≤1200mm，C50*20*0.6次龙骨间距@400mm，局部钢龙骨加固\n4. 基层材料种类、规格：双层9mm硅酸钙板\n5. 面层材料品种、规格、颜色:1.2mm仿铜不锈钢（MT-B04）\n6. 施工时面层颜色、样式由甲方和设计单位确认选样，切割等加工费不另计，投标人综合考虑报价，中标后综合单价不予调整\n7. 未尽事宜详见设计图纸、图集、设计补充说明、招标文件、政府相关文件及规范等其它资料，满足验收要求","1. 部位：门斗、门厅等\n5. 面层材料品种、规格、颜色:1.2mm仿铜不锈钢（MT-B04）\n6. 施工时面层颜色、样式由甲方和设计单位确认选样，切割等加工费不另计，投标人综合考虑报价，中标后综合单价不予调整\n7. 未尽事宜详见设计图纸、图集、设计补充说明、招标文件、政府相关文件及规范等其它资料，满足验收要求","m2",13.2,null,{"v":0,"d":"0.00"},"按深化节点图与实际的展开面积计算（见光面）"]
[176,"7#","工程名称：7#-公区","54","WB011501001001","服务台","1.部位：门厅\n2 台柜规格：长4800*高1100*宽1000mm\n3. 材料种类、规格：镀锌方管钢架、双层9mm阻燃夹板基层+12mm深橡木饰面（WD-B01）\n4. 外饰面：25mm巴洛克紫大理石（ST-B07）、瑞吉黑大理石（ST-B08）、1.2mm仿铜覆膜不锈钢踢脚（MT-B03）\n5. 台面材料、规格：25mm巴洛克紫大理石（ST-B07）、瑞吉黑大理石（ST-B08）\n6. 五金种类、规格：含所有配套不锈钢五金件\n7. 施工时面层颜色、样式由甲方和设计单位确认选样，加工、排版损耗等不另计，投标人综合考虑报价，中标后综合单价不予调整\n8. 未尽事宜详见设计图纸、图集、设计补充说明、招标文件、政府相关文件及规范等其它资料，满足验收要求","1.部位：门厅\n2 台柜规格：长4800*高1100*宽1000mm\n4. 外饰面：1.2mm仿铜覆膜不锈钢踢脚（MT-B03）\n7. 施工时面层颜色、样式由甲方和设计单位确认选样，加工、排版损耗等不另计，投标人综合考虑报价，中标后综合单价不予调整\n8. 未尽事宜详见设计图纸、图集、设计补充说明、招标文件、政府相关文件及规范等其它资料，满足验收要求","m",5,null,{"v":0,"d":"0.00"},"按现场实际发生量长度计算"]
[177,"7#","工程名称：7#-公区","55","011502001002","金属装饰条","1．部位：收边、嵌条\n2．嵌条材料品种、规格、颜色：1.2mm仿铜不锈钢(MT-B04)，展开宽度60以内\n3．施工时面层颜色、样式由甲方和设计单位确认选样，投标人综合考虑报价，加工、切割、折边、损耗等不另计，中标后综合单价不予调整\n4．未尽事宜详见设计图纸、图集、设计补充说明、招标文件、政府相关文件及规范等其它资料，满足验收要求。","1．部位：收边、嵌条\n2．嵌条材料品种、规格、颜色：1.2mm仿铜不锈钢(MT-B04)，展开宽度60以内\n3．施工时面层颜色、样式由甲方和设计单位确认选样，投标人综合考虑报价，加工、切割、折边、损耗等不另计，中标后综合单价不予调整\n4．未尽事宜详见设计图纸、图集、设计补充说明、招标文件、政府相关文件及规范等其它资料，满足验收要求。","m",129.56,null,{"v":0,"d":"0.00"},"按现场实际发生量长度计算"]
[178,"7#","工程名称：7#-公区","56","011502001003","金属装饰条","1．部位：收边、嵌条\n2．嵌条材料品种、规格、颜色：1.2mm仿铜不锈钢(MT-B04)，展开宽度60~100mm以内\n3．施工时面层颜色、样式由甲方和设计单位确认选样，投标人综合考虑报价，加工、切割、折边、损耗等不另计，中标后综合单价不予调整\n4．未尽事宜详见设计图纸、图集、设计补充说明、招标文件、政府相关文件及规范等其它资料，满足验收要求。","1．部位：收边、嵌条\n2．嵌条材料品种、规格、颜色：1.2mm仿铜不锈钢(MT-B04)，展开宽度60~100mm以内\n3．施工时面层颜色、样式由甲方和设计单位确认选样，投标人综合考虑报价，加工、切割、折边、损耗等不另计，中标后综合单价不予调整\n4．未尽事宜详见设计图纸、图集、设计补充说明、招标文件、政府相关文件及规范等其它资料，满足验收要求。","m",45.24,null,{"v":0,"d":"0.00"},"按现场实际发生量长度计算"]
[179,"7#","工程名称：7#-公区","62","WB010801004003","装饰门扇安装","1. 部位：多功能厅、餐厅、会见厅、会议室等\n2. 门扇龙骨、基层材料种类、规格：25mm细木工板+9mm阻燃夹板+四周热镀锌方通固定\n3. 面层材料品种、规格、颜色：皮革硬包（12mm雪弗板内衬板）（UP-B02）+1.2mm厚仿铜不锈钢（MT-B04）+仿铜不锈钢嵌条，定制成品金属门拉手\n4. 五金品种、规格：包含但不限于门锁、天地轴承、五金合页等完成此项工作的五金配件\n5. 施工时面层颜色、样式由甲方和设计单位确认选样，投标人综合考虑报价，加工、损耗等不另计，中标后综合单价不予调整\n6. 未尽事宜详见设计图纸、图集、设计补充说明、招标文件、政府相关文件及规范等其它资料，满足验收要求","1. 部位：多功能厅、餐厅、会见厅、会议室等\n3. 面层材料品种、规格、颜色：1.2mm厚仿铜不锈钢（MT-B04）+仿铜不锈钢嵌条\n5. 施工时面层颜色、样式由甲方和设计单位确认选样，投标人综合考虑报价，加工、损耗等不另计，中标后综合单价不予调整\n6. 未尽事宜详见设计图纸、图集、设计补充说明、招标文件、政府相关文件及规范等其它资料，满足验收要求","m2",48.8,null,{"v":0,"d":"0.00"},"按深化节点图与实际的展开面积计算（见光面）"]
[180,"7#","工程名称：7#-公区","63","010801004002","装饰防火门","1. 部位：音控室等\n2. 门扇龙骨、基层材料种类、规格：甲级防火门门芯(须满足当地消防部门的防火认证)+12mm阻燃夹板+四周热镀锌方通固定\n3. 面层材料品种、规格、颜色：木转印+硬包造型、木饰面手扫漆，定制成品金属门拉手，包含木转印门套\n4. 五金品种、规格：包含但不限于门锁、五金、合页等完成此项工作的五金配件\n5. 施工时面层颜色、样式由甲方和设计单位确认选样，投标人综合考虑报价，加工、损耗等不另计，中标后综合单价不予调整\n6. 未尽事宜详见设计图纸、图集、设计补充说明、招标文件、政府相关文件及规范等其它资料，满足验收要求","1. 部位：音控室等\n3. 面层材料品种、规格、颜色：木转印，包含木转印门套\n5. 施工时面层颜色、样式由甲方和设计单位确认选样，投标人综合考虑报价，加工、损耗等不另计，中标后综合单价不予调整\n6. 未尽事宜详见设计图纸、图集、设计补充说明、招标文件、政府相关文件及规范等其它资料，满足验收要求","m2",4.3,null,{"v":0,"d":"0.00"},"按深化节点图与实际的展开面积计算（见光面）"]
[181,"7#","工程名称：7#-公区","64","010801004003","装饰防火门","1. 部位：配套房间等\n2. 门扇龙骨、基层材料种类、规格：乙级防火门门芯(须满足当地消防部门的防火认证)+12mm阻燃夹板+四周热镀锌方通固定\n3. 面层材料品种、规格、颜色：木转印，定制成品金属门拉手，包含木转印门套\n4. 五金品种、规格：包含但不限于门锁、五金、合页等完成此项工作的五金配件\n5. 施工时面层颜色、样式由甲方和设计单位确认选样，投标人综合考虑报价，加工、损耗等不另计，中标后综合单价不予调整\n6. 未尽事宜详见设计图纸、图集、设计补充说明、招标文件、政府相关文件及规范等其它资料，满足验收要求","1. 部位：配套房间等\n3. 面层材料品种、规格、颜色：木转印，包含木转印门套\n5. 施工时面层颜色、样式由甲方和设计单位确认选样，投标人综合考虑报价，加工、损耗等不另计，中标后综合单价不予调整\n6. 未尽事宜详见设计图纸、图集、设计补充说明、招标文件、政府相关文件及规范等其它资料，满足验收要求","m2",1.86,null,{"v":0,"d":"0.00"},"按深化节点图与实际的展开面积计算（见光面）"]
[182,"7#","工程名称：7#-公区","65","WB010801004004","旋转门","1.工程部位：多功能厅等\n2.门龙骨材质种类、规格：成品门芯+40*40*4mm镀锌方钢\n3.门基层材质种类、规格：12mm阻燃夹板+局部双层9mm阻燃夹板等\n4.面层材料品种、规格、颜色：皮革硬包（UP-B02）+1.2mm厚仿铜不锈钢（MT-B04）+5mm宽仿铜不锈钢嵌条\n5.五金品种、规格：包含但不限于重型上下枢轴、重型天地轴、暗藏五金合页等完成此项工作的全部五金配件\n6.施工时面层颜色、样式由甲方和设计单位确认选样，投标人综合考虑报价，加工、损耗等不另计，中标后综合单价不予调整\n7.未尽事宜详见设计图纸、图集、设计补充说明、招标文件、政府相关文件及规范等其它资料，满足验收要求","1.工程部位：多功能厅等\n2.门龙骨材质种类、规格：成品门芯+40*40*4mm镀锌方钢\n3.门基层材质种类、规格：12mm阻燃夹板+局部双层9mm阻燃夹板等\n4.面层材料品种、规格、颜色：皮革硬包（UP-B02）+1.2mm厚仿铜不锈钢（MT-B04）+5mm宽仿铜不锈钢嵌条\n5.五金品种、规格：包含但不限于重型上下枢轴、重型天地轴、暗藏五金合页等完成此项工作的全部五金配件\n6.施工时面层颜色、样式由甲方和设计单位确认选样，投标人综合考虑报价，加工、损耗等不另计，中标后综合单价不予调整\n7.未尽事宜详见设计图纸、图集、设计补充说明、招标文件、政府相关文件及规范等其它资料，满足验收要求","m2",52.48,null,{"v":0,"d":"0.00"},"按投影面积"]
[183,"7#","工程名称：7#-公区","66","010808001002","不锈钢门套","1. 部位：各功能房间等\n2. 龙骨材料种类、规格：热镀锌钢龙骨（不分规格型号，投标人综合考虑）\n3. 基层材料种类、规格：双层12mm阻燃夹板\n4. 面层材料品种、规格、颜色：1.2mm仿铜不锈钢（MT-B04）\n5. 防护材料种类：所有装修用木材均应进行防火、防腐处理\n6. 施工时面层颜色、样式由甲方和设计单位确认选样，投标人综合考虑报价，加工、切割、折边、损耗等不另计，中标后综合单价不予调整\n7. 未尽事宜详见设计图纸、图集、设计补充说明、招标文件、政府相关文件及规范等其它资料，满足验收要求","1. 部位：各功能房间等\n4. 面层材料品种、规格、颜色：1.2mm仿铜不锈钢（MT-B04）\n5. 防护材料种类：所有装修用木材均应进行防火、防腐处理\n6. 施工时面层颜色、样式由甲方和设计单位确认选样，投标人综合考虑报价，加工、切割、折边、损耗等不另计，中标后综合单价不予调整\n7. 未尽事宜详见设计图纸、图集、设计补充说明、招标文件、政府相关文件及规范等其它资料，满足验收要求","m2",99.8,null,{"v":0,"d":"0.00"},"按深化节点图与实际的展开面积计算（见光面）"]
[184,"7#","工程名称：7#-公区","83","WB011105006002","成品踢脚线","1. 部位：会议、餐厅、多功能、会见室等\n2. 踢脚线高度：50mm高\n3．基层材料种类、规格：12mm阻燃夹板\n4．面层材料品种、规格、颜色：1.2mm仿铜不锈钢（MT-B04)\n5．施工时面层颜色、样式由甲方和设计单位确认选样，投标人综合考虑报价，加工、切割、折边、损耗等不另计，中标后综合单价不予调整\n6．未尽事宜详见设计图纸、图集、设计补充说明、招标文件、政府相关文件及规范等其它资料，满足验收要求","1. 部位：会议、餐厅、多功能、会见室等\n2. 踢脚线高度：50mm高\n4．面层材料品种、规格、颜色：1.2mm仿铜不锈钢（MT-B04)\n5．施工时面层颜色、样式由甲方和设计单位确认选样，投标人综合考虑报价，加工、切割、折边、损耗等不另计，中标后综合单价不予调整\n6．未尽事宜详见设计图纸、图集、设计补充说明、招标文件、政府相关文件及规范等其它资料，满足验收要求","m",658.6,null,{"v":0,"d":"0.00"},"按现场实际发生量长度计算"]
[185,"7#","工程名称：7#-公区","92","011207001012","墙面装饰板","1．部位：餐厅、会议、会见、活动室等\n2．龙骨材料种类、规格：热镀锌钢龙骨（不分规格型号，投标人综合考虑），内塞50mm厚岩棉(容重80kg/m3)\n3．基层材料种类、规格：双层12mm阻燃夹板\n4. 面层材料品种、规格、颜色：1.2mm仿铜不锈钢（MT-B04）\n5．防护材料种类：所有装修用木基层均应进行防火、防腐处理\n6. 施工时面层颜色、样式由甲方和设计单位确认选样，投标人综合考虑报价，加工、切割、折边、损耗等不另计，中标后综合单价不予调整\n7．未尽事宜详见设计图纸、图集、设计补充说明、招标文件、政府相关文件及规范等其它资料，满足验收要求","1．部位：餐厅、会议、会见、活动室等\n4. 面层材料品种、规格、颜色：1.2mm仿铜不锈钢（MT-B04）\n5．防护材料种类：所有装修用木基层均应进行防火、防腐处理\n6. 施工时面层颜色、样式由甲方和设计单位确认选样，投标人综合考虑报价，加工、切割、折边、损耗等不另计，中标后综合单价不予调整\n7．未尽事宜详见设计图纸、图集、设计补充说明、招标文件、政府相关文件及规范等其它资料，满足验收要求","m2",102.5,null,{"v":0,"d":"0.00"},"按深化节点图与实际的展开面积计算（见光面）"]
[186,"7#","工程名称：7#-公区","107","011210003001","小便斗玻璃隔断","1.部位：卫生间\n2.龙骨材料种类、规格：热镀锌钢龙骨（不分规格型号，投标人综合考虑）\n3.基层材料种类、规格：9mm阻燃夹板\n4.隔断面层：6+1.52pvb+6mm夹丝玻璃（GL-B04）+1.2mm仿铜不锈钢（MT-B04）\n5.防护材料种类：所有装修用木基层均应进行防火、防腐处理\n6.施工时面层颜色、样式由甲方和设计单位确认选样，投标人综合考虑报价，加工、切割、折边、损耗等不另计，中标后综合单价不予调整\n7.未尽事宜详见设计图纸、图集、设计补充说明、招标文件、政府相关文件及规范等其它资料，满足验收要求","1.部位：卫生间\n4.隔断面层：6+1.52pvb+6mm夹丝玻璃（GL-B04）+1.2mm仿铜不锈钢（MT-B04）\n5.防护材料种类：所有装修用木基层均应进行防火、防腐处理\n6.施工时面层颜色、样式由甲方和设计单位确认选样，投标人综合考虑报价，加工、切割、折边、损耗等不另计，中标后综合单价不予调整\n7.未尽事宜详见设计图纸、图集、设计补充说明、招标文件、政府相关文件及规范等其它资料，满足验收要求","m2",6.3,null,{"v":0,"d":"0.00"},"按投影面积"]
[187,"7#","工程名称：7#-公区","111","WB011302005010","天棚不锈钢","1. 部位：多功能厅等\n2. 龙骨材料种类、规格：热镀锌钢龙骨（不分规格型号，投标人综合考虑）\n3. 基层材料种类、规格：双层9mm硅酸钙板\n5. 面层材料品种、规格、颜色:1.2mm仿木纹覆膜不锈钢（MT-B02），局部圆形造型综合考虑报价\n6. 施工时面层颜色、样式由甲方和设计单位确认选样，切割等加工费不另计，投标人综合考虑报价，中标后综合单价不予调整\n7. 未尽事宜详见设计图纸、图集、设计补充说明、招标文件、政府相关文件及规范等其它资料，满足验收要求","1. 部位：多功能厅等\n5. 面层材料品种、规格、颜色:1.2mm仿木纹覆膜不锈钢（MT-B02），局部圆形造型综合考虑报价\n6. 施工时面层颜色、样式由甲方和设计单位确认选样，切割等加工费不另计，投标人综合考虑报价，中标后综合单价不予调整\n7. 未尽事宜详见设计图纸、图集、设计补充说明、招标文件、政府相关文件及规范等其它资料，满足验收要求","m2",349,null,{"v":0,"d":"0.00"},"按深化节点图与实际的展开面积计算（见光面）"]
[188,"7#","工程名称：7#-公区","115","WB011302005014","天棚不锈钢板","1. 部位：活动室\n2. 吊杆种类、规格：φ8热镀锌钢筋吊杆间距@≤1200mm，\n3. 龙骨材料种类、规格：CS60主龙骨吊件，CS60主龙骨间距@≤1200mm，C50*20*0.6次龙骨间距@400mm，局部钢龙骨加固\n4. 基层材料种类、规格：双层9mm硅酸钙板\n5. 面层材料品种、规格、颜色:1.2mm仿木纹覆膜不锈钢（MT-B02）\n6. 施工时面层颜色、样式由甲方和设计单位确认选样，切割等加工费不另计，投标人综合考虑报价，中标后综合单价不予调整\n7. 未尽事宜详见设计图纸、图集、设计补充说明、招标文件、政府相关文件及规范等其它资料，满足验收要求","1. 部位：活动室\n5. 面层材料品种、规格、颜色:1.2mm仿木纹覆膜不锈钢（MT-B02）\n6. 施工时面层颜色、样式由甲方和设计单位确认选样，切割等加工费不另计，投标人综合考虑报价，中标后综合单价不予调整\n7. 未尽事宜详见设计图纸、图集、设计补充说明、招标文件、政府相关文件及规范等其它资料，满足验收要求","m2",80.7,null,{"v":0,"d":"0.00"},"按深化节点图与实际的展开面积计算（见光面）"]
[189,"7#","工程名称：7#-公区","116","WB011302005015","天棚不锈钢板（弧形）","1. 部位：餐厅圆顶\n2. 吊杆种类、规格：φ8热镀锌钢筋吊杆间距@≤1200mm，\n3. 龙骨材料种类、规格：CS60主龙骨吊件，CS60主龙骨间距@≤1200mm，C50*20*0.6次龙骨间距@400mm，局部钢龙骨加固\n4. 基层材料种类、规格：双层9mm硅酸钙板\n5. 面层材料品种、规格、颜色:1.2mm仿铜不锈钢（MT-B04）\n6. 施工时面层颜色、样式由甲方和设计单位确认选样，切割等加工费不另计，投标人综合考虑报价，中标后综合单价不予调整\n7. 未尽事宜详见设计图纸、图集、设计补充说明、招标文件、政府相关文件及规范等其它资料，满足验收要求","1. 部位：餐厅圆顶\n5. 面层材料品种、规格、颜色:1.2mm仿铜不锈钢（MT-B04）\n6. 施工时面层颜色、样式由甲方和设计单位确认选样，切割等加工费不另计，投标人综合考虑报价，中标后综合单价不予调整\n7. 未尽事宜详见设计图纸、图集、设计补充说明、招标文件、政府相关文件及规范等其它资料，满足验收要求","m2",76.8,null,{"v":0,"d":"0.00"},"按深化节点图与实际的展开面积计算（见光面）"]
[190,"7#","工程名称：7#-公区","117","WB011302005016","天棚不锈钢板","1. 部位：餐厅、会见室等\n2. 吊杆种类、规格：φ8热镀锌钢筋吊杆间距@≤1200mm，\n3. 龙骨材料种类、规格：CS60主龙骨吊件，CS60主龙骨间距@≤1200mm，C50*20*0.6次龙骨间距@400mm，局部钢龙骨加固\n4. 基层材料种类、规格：双层9mm硅酸钙板\n5. 面层材料品种、规格、颜色:1.2mm仿铜不锈钢（MT-B04）\n6. 施工时面层颜色、样式由甲方和设计单位确认选样，切割等加工费不另计，投标人综合考虑报价，中标后综合单价不予调整\n7. 未尽事宜详见设计图纸、图集、设计补充说明、招标文件、政府相关文件及规范等其它资料，满足验收要求","1. 部位：餐厅、会见室等\n5. 面层材料品种、规格、颜色:1.2mm仿铜不锈钢（MT-B04）\n6. 施工时面层颜色、样式由甲方和设计单位确认选样，切割等加工费不另计，投标人综合考虑报价，中标后综合单价不予调整\n7. 未尽事宜详见设计图纸、图集、设计补充说明、招标文件、政府相关文件及规范等其它资料，满足验收要求","m2",69,null,{"v":0,"d":"0.00"},"按深化节点图与实际的展开面积计算（见光面）"]
[191,"7#","工程名称：7#-公区","118","WB011302005017","天棚不锈钢板","1. 部位：会议室\n2.基层材料种类、规格：双层9mm硅酸钙板\n3. 面层材料品种、规格、颜色:1.2mm仿铜覆膜不锈钢（MT-B02）\n4. 施工时面层颜色、样式由甲方和设计单位确认选样，切割等加工费不另计，投标人综合考虑报价，中标后综合单价不予调整\n5. 未尽事宜详见设计图纸、图集、设计补充说明、招标文件、政府相关文件及规范等其它资料，满足验收要求","1. 部位：会议室\n3. 面层材料品种、规格、颜色:1.2mm仿铜覆膜不锈钢（MT-B02）\n4. 施工时面层颜色、样式由甲方和设计单位确认选样，切割等加工费不另计，投标人综合考虑报价，中标后综合单价不予调整\n5. 未尽事宜详见设计图纸、图集、设计补充说明、招标文件、政府相关文件及规范等其它资料，满足验收要求","m2",8.1,null,{"v":0,"d":"0.00"},"按深化节点图与实际的展开面积计算（见光面）"]
[192,"7#","工程名称：7#-公区","119","WB011302005018","天棚不锈钢板","1. 部位：休息室\n2.基层材料种类、规格：双层9mm硅酸钙板\n3. 面层材料品种、规格、颜色:1.2mm拉丝黑钢（MT-B12）\n4. 施工时面层颜色、样式由甲方和设计单位确认选样，切割等加工费不另计，投标人综合考虑报价，中标后综合单价不予调整\n5. 未尽事宜详见设计图纸、图集、设计补充说明、招标文件、政府相关文件及规范等其它资料，满足验收要求","1. 部位：休息室\n3. 面层材料品种、规格、颜色:1.2mm拉丝黑钢（MT-B12）\n4. 施工时面层颜色、样式由甲方和设计单位确认选样，切割等加工费不另计，投标人综合考虑报价，中标后综合单价不予调整\n5. 未尽事宜详见设计图纸、图集、设计补充说明、招标文件、政府相关文件及规范等其它资料，满足验收要求","m2",5,null,{"v":0,"d":"0.00"},"按深化节点图与实际的展开面积计算（见光面）"]
[193,"7#","工程名称：7#-公区","126","ZB011304002002","定制百叶","1. 部位：多功能厅等\n2. 百叶材料品种、规格：仿铜不锈钢定制百叶（MT-B07）\n3．未尽事宜详见设计图纸、图集、设计补充说明、招标文件、政府相关文件及规范等其它资料，满足验收要求","1. 部位：多功能厅等\n2. 百叶材料品种、规格：仿铜不锈钢定制百叶（MT-B07）\n3．未尽事宜详见设计图纸、图集、设计补充说明、招标文件、政府相关文件及规范等其它资料，满足验收要求","m2",8.44,null,{"v":0,"d":"0.00"},"按投影面积"]
[194,"7#","工程名称：7#-公区","132","WB011501001003","镜柜","1. 部位：卫生间等\n2. 龙骨材料种类、规格：热镀锌钢龙骨（不分规格型号，投标人综合考虑）+20*40mm木方（阻燃处理）等\n3. 基层材料种类、规格：12mm阻燃板\n4. 面层材料品种、规格、颜色：5mm银镜饰面（MR-B01）+1.2mm仿铜不锈钢（MT-B04）+四周不锈钢包边\n5. 防护材料种类：所有装修用木基层均应进行防火、防腐处理\n6. 施工时面层颜色、样式由甲方和设计单位确认选样，投标人综合考虑报价，加工、切割、折边、损耗等不另计，中标后综合单价不予调整\n7. 未尽事宜详见设计图纸、图集、设计补充说明、招标文件、政府相关文件及规范等其它资料，满足验收要求","1. 部位：卫生间等\n4. 面层材料品种、规格、颜色：5mm银镜饰面（MR-B01）+1.2mm仿铜不锈钢（MT-B04）+四周不锈钢包边\n5. 防护材料种类：所有装修用木基层均应进行防火、防腐处理\n6. 施工时面层颜色、样式由甲方和设计单位确认选样，投标人综合考虑报价，加工、切割、折边、损耗等不另计，中标后综合单价不予调整\n7. 未尽事宜详见设计图纸、图集、设计补充说明、招标文件、政府相关文件及规范等其它资料，满足验收要求","m2",21.08,null,{"v":0,"d":"0.00"},"按投影面积"]
[195,"7#","工程名称：7#-公区","135","WB011501001006","衣柜","1．部位：会议室二\n2．规格：650mm宽\n3．龙骨材料种类、规格：热镀锌钢龙骨（不分规格型号，投标人综合考虑）、30*30mm木方(阻燃处理)\n4．基层板材料种类、规格：15mm阻燃夹板等基层类型及厚度综合考虑\n5．材料种类：12mm深橡木饰面（WD-B01）、抽屉柜、不锈钢门把手、不锈钢踢脚线等\n6．五金种类、规格：单价包含五金合页、抽屉滑轨、阻尼隔振胶垫、暗藏灯槽等\n7．按照立面投影面积计算\n8．防护材料种类：所有装修用木基层均应进行防火、防腐处理\n9．施工时面层颜色、样式由甲方和设计单位确认选样，加工、排版损耗等不另计，投标人综合考虑报价，中标后综合单价不予调整\n10．未尽事宜详见设计图纸、图集、设计补充说明、招标文件、政府相关文件及规范等其它资料，满足验收要求","1．部位：会议室二\n2．规格：650mm宽\n5．材料种类：不锈钢踢脚线等\n8．防护材料种类：所有装修用木基层均应进行防火、防腐处理\n9．施工时面层颜色、样式由甲方和设计单位确认选样，加工、排版损耗等不另计，投标人综合考虑报价，中标后综合单价不予调整\n10．未尽事宜详见设计图纸、图集、设计补充说明、招标文件、政府相关文件及规范等其它资料，满足验收要求","m",2.9,null,{"v":0,"d":"0.00"},"按现场实际发生量长度计算"]
[196,"7#","工程名称：7#-公区","136","WB011501001007","设备柜","1．部位：会议室二\n2．规格：650mm宽\n3．龙骨材料种类、规格：热镀锌钢龙骨（不分规格型号，投标人综合考虑）、30*30mm木方(阻燃处理)\n4．基层板材料种类、规格：15mm阻燃夹板等基层类型及厚度综合考虑\n5．材料种类：12mm深橡木饰面（WD-B01）、抽屉柜、不锈钢门把手、不锈钢踢脚线等\n6．五金种类、规格：单价包含五金合页、抽屉滑轨、阻尼隔振胶垫、暗藏灯槽等\n7．按照立面投影面积计算\n8．防护材料种类：所有装修用木基层均应进行防火、防腐处理\n9．施工时面层颜色、样式由甲方和设计单位确认选样，加工、排版损耗等不另计，投标人综合考虑报价，中标后综合单价不予调整\n10．未尽事宜详见设计图纸、图集、设计补充说明、招标文件、政府相关文件及规范等其它资料，满足验收要求","1．部位：会议室二\n2．规格：650mm宽\n5．材料种类：不锈钢踢脚线等\n8．防护材料种类：所有装修用木基层均应进行防火、防腐处理\n9．施工时面层颜色、样式由甲方和设计单位确认选样，加工、排版损耗等不另计，投标人综合考虑报价，中标后综合单价不予调整\n10．未尽事宜详见设计图纸、图集、设计补充说明、招标文件、政府相关文件及规范等其它资料，满足验收要求","m",2.8,null,{"v":0,"d":"0.00"},"按现场实际发生量长度计算"]
[197,"7#","工程名称：7#-公区","137","WB011501001008","衣柜","1．部位：餐厅等\n2．规格：600mm宽\n3．龙骨材料种类、规格：热镀锌钢龙骨（不分规格型号，投标人综合考虑）、30*30mm木方(阻燃处理)\n4．基层板材料种类、规格：15mm阻燃夹板等基层类型及厚度综合考虑\n5．材料种类：12mm深橡木饰面（WD-B01）、抽屉柜、不锈钢门把手、不锈钢踢脚线等\n6．五金种类、规格：单价包含五金合页、抽屉滑轨、阻尼隔振胶垫、暗藏灯槽等\n7．按照立面投影面积计算\n8．防护材料种类：所有装修用木基层均应进行防火、防腐处理\n9．施工时面层颜色、样式由甲方和设计单位确认选样，加工、排版损耗等不另计，投标人综合考虑报价，中标后综合单价不予调整\n10．未尽事宜详见设计图纸、图集、设计补充说明、招标文件、政府相关文件及规范等其它资料，满足验收要求","1．部位：餐厅等\n2．规格：600mm宽\n5．材料种类：不锈钢踢脚线等\n8．防护材料种类：所有装修用木基层均应进行防火、防腐处理\n9．施工时面层颜色、样式由甲方和设计单位确认选样，加工、排版损耗等不另计，投标人综合考虑报价，中标后综合单价不予调整\n10．未尽事宜详见设计图纸、图集、设计补充说明、招标文件、政府相关文件及规范等其它资料，满足验收要求","m",3.54,null,{"v":0,"d":"0.00"},"按现场实际发生量长度计算"]
[198,"7#","工程名称：7#-公区","138","011210006002","不锈钢屏风","1. 部位：餐厅等\n2. 龙骨材料种类、规格：热镀锌钢龙骨（不分规格型号，投标人综合考虑） \n3. 基层材料种类、规格：12mm阻燃夹板+5厘板基层，局部双层或单层12mm阻燃夹板\n4. 面层材料种类、规格：仿铜不锈钢屏风（MT-04）\n5. 防护材料种类：所有装修用木基层均应进行防火、防腐处理\n6. 施工时面层颜色、样式由甲方和设计单位确认选样，投标人综合考虑报价，加工、切割、折边、损耗等不另计，中标后综合单价不予调整\n7. 未尽事宜详见设计图纸、图集、设计补充说明、招标文件、政府相关文件及规范等其它资料，满足验收要求","1. 部位：餐厅等\n4. 面层材料种类、规格：仿铜不锈钢屏风（MT-04）\n5. 防护材料种类：所有装修用木基层均应进行防火、防腐处理\n6. 施工时面层颜色、样式由甲方和设计单位确认选样，投标人综合考虑报价，加工、切割、折边、损耗等不另计，中标后综合单价不予调整\n7. 未尽事宜详见设计图纸、图集、设计补充说明、招标文件、政府相关文件及规范等其它资料，满足验收要求","m2",42.12,null,{"v":0,"d":"0.00"},"按投影面积"]
[199,"7#","工程名称：7#-公区","140","011502001004","金属装饰条","1．部位：收边、嵌条\n2．嵌条材料品种、规格、颜色：1.2mm仿铜不锈钢(MT-B04)，展开宽度60以内\n3．施工时面层颜色、样式由甲方和设计单位确认选样，投标人综合考虑报价，加工、切割、折边、损耗等不另计，中标后综合单价不予调整\n4．未尽事宜详见设计图纸、图集、设计补充说明、招标文件、政府相关文件及规范等其它资料，满足验收要求。","1．部位：收边、嵌条\n2．嵌条材料品种、规格、颜色：1.2mm仿铜不锈钢(MT-B04)，展开宽度60以内\n3．施工时面层颜色、样式由甲方和设计单位确认选样，投标人综合考虑报价，加工、切割、折边、损耗等不另计，中标后综合单价不予调整\n4．未尽事宜详见设计图纸、图集、设计补充说明、招标文件、政府相关文件及规范等其它资料，满足验收要求。","m",946.09,null,{"v":0,"d":"0.00"},"按现场实际发生量长度计算"]
[200,"7#","工程名称：7#-公区","141","011502001005","金属装饰条","1．部位：收边、嵌条\n2．嵌条材料品种、规格、颜色：1.2mm仿铜不锈钢(MT-B04)，展开宽度60~100mm以内\n3．施工时面层颜色、样式由甲方和设计单位确认选样，投标人综合考虑报价，加工、切割、折边、损耗等不另计，中标后综合单价不予调整\n4．未尽事宜详见设计图纸、图集、设计补充说明、招标文件、政府相关文件及规范等其它资料，满足验收要求。","1．部位：收边、嵌条\n2．嵌条材料品种、规格、颜色：1.2mm仿铜不锈钢(MT-B04)，展开宽度60~100mm以内\n3．施工时面层颜色、样式由甲方和设计单位确认选样，投标人综合考虑报价，加工、切割、折边、损耗等不另计，中标后综合单价不予调整\n4．未尽事宜详见设计图纸、图集、设计补充说明、招标文件、政府相关文件及规范等其它资料，满足验收要求。","m",63.92,null,{"v":0,"d":"0.00"},"按现场实际发生量长度计算"]
[201,"7#","工程名称：7#-公区","158","WB011501001010","镜柜","1. 部位：卫生间等\n2. 龙骨材料种类、规格：热镀锌钢龙骨（不分规格型号，投标人综合考虑）+20*40mm木方（阻燃处理）等\n3. 基层材料种类、规格：12mm阻燃板\n4. 面层材料品种、规格、颜色：5mm银镜饰面（MR-B01）+1.2mm仿铜不锈钢（MT-B04）+四周不锈钢包边\n5. 防护材料种类：所有装修用木基层均应进行防火、防腐处理\n6. 施工时面层颜色、样式由甲方和设计单位确认选样，投标人综合考虑报价，加工、切割、折边、损耗等不另计，中标后综合单价不予调整\n7. 未尽事宜详见设计图纸、图集、设计补充说明、招标文件、政府相关文件及规范等其它资料，满足验收要求","1. 部位：卫生间等\n4. 面层材料品种、规格、颜色：5mm银镜饰面（MR-B01）+1.2mm仿铜不锈钢（MT-B04）+四周不锈钢包边\n5. 防护材料种类：所有装修用木基层均应进行防火、防腐处理\n6. 施工时面层颜色、样式由甲方和设计单位确认选样，投标人综合考虑报价，加工、切割、折边、损耗等不另计，中标后综合单价不予调整\n7. 未尽事宜详见设计图纸、图集、设计补充说明、招标文件、政府相关文件及规范等其它资料，满足验收要求","m2",6.88,null,{"v":0,"d":"0.00"},"按投影面积"]
[202,"7#","工程名称：7#-公区","159","011210003002","小便斗玻璃隔断","1.部位：卫生间\n2.龙骨材料种类、规格：热镀锌钢龙骨（不分规格型号，投标人综合考虑）\n3.基层材料种类、规格：9mm阻燃夹板\n4.隔断面层：6+1.52pvb+6mm夹丝玻璃（GL-B04）+1.2mm仿铜不锈钢（MT-B04）\n5.防护材料种类：所有装修用木基层均应进行防火、防腐处理\n6.施工时面层颜色、样式由甲方和设计单位确认选样，投标人综合考虑报价，加工、切割、折边、损耗等不另计，中标后综合单价不予调整\n7.未尽事宜详见设计图纸、图集、设计补充说明、招标文件、政府相关文件及规范等其它资料，满足验收要求","1.部位：卫生间\n4.隔断面层：6+1.52pvb+6mm夹丝玻璃（GL-B04）+1.2mm仿铜不锈钢（MT-B04）\n5.防护材料种类：所有装修用木基层均应进行防火、防腐处理\n6.施工时面层颜色、样式由甲方和设计单位确认选样，投标人综合考虑报价，加工、切割、折边、损耗等不另计，中标后综合单价不予调整\n7.未尽事宜详见设计图纸、图集、设计补充说明、招标文件、政府相关文件及规范等其它资料，满足验收要求","m2",4.05,null,{"v":0,"d":"0.00"},"按投影面积"]
[203,"7#","工程名称：7#-公区","160","011210006003","卫生间隔断","1. 部位：卫生间\n2. 面层材料品种、规格、颜色：40mm仿木纹不锈钢蜂窝铝板（MT-B10），50mm高仿铜不锈钢踢脚线（MT-B04）\n3. 施工时面层颜色、样式由甲方和设计单位确认选样，投标人综合考虑报价，加工、切割、折边、损耗等不另计，中标后综合单价不予调整\n4. 未尽事宜详见设计图纸、图集、设计补充说明、招标文件、政府相关文件及规范等其它资料，满足验收要求","1. 部位：卫生间\n2. 面层材料品种、规格、颜色：50mm高仿铜不锈钢踢脚线（MT-B04）\n3. 施工时面层颜色、样式由甲方和设计单位确认选样，投标人综合考虑报价，加工、切割、折边、损耗等不另计，中标后综合单价不予调整\n4. 未尽事宜详见设计图纸、图集、设计补充说明、招标文件、政府相关文件及规范等其它资料，满足验收要求","m2",49.56,null,{"v":0,"d":"0.00"},"按深化节点图与实际的展开面积计算（见光面）"]
[204,"7#","工程名称：7#-公区","167","WB011501001011","洗手台+柜体","1. 部位：公共卫生间\n2. 规格尺寸：台面宽600*高300mm\n3. 龙骨材料种类、规格：热镀锌钢龙骨（不分规格型号，投标人综合考虑）\n4. 基层材料种类、规格：12mm硅酸钙板\n5. 面层材料品种、规格、颜色：18mm雪花白大理石（ST-B10）台面，10mm仿木纹防火板饰面(WD-B08）、1.2mm仿铜不锈钢（MT-B04）+防火板饰面柜体、50mm高不锈钢踢脚线等\n6. 所有石材材料在施工前须做六面防护处理,石材结晶，以保证防水、防腐、防污、防油\n7. 施工时面层颜色、样式由甲方和设计单位确认选样，倒角，磨边、切割等加工费不另计，投标人综合考虑报价，中标后综合单价不予调整\n8. 未尽事宜详见设计图纸、图集、设计补充说明、招标文件、政府相关文件及规范等其它资料，满足验收要求","1. 部位：公共卫生间\n2. 规格尺寸：台面宽600*高300mm\n5. 面层材料品种、规格、颜色：1.2mm仿铜不锈钢（MT-B04）、50mm高不锈钢踢脚线等\n6. 所有石材材料在施工前须做六面防护处理，以保证防水、防腐、防污、防油、所有石材施工完后需做石材结晶\n7. 施工时面层颜色、样式由甲方和设计单位确认选样，倒角，磨边、切割等加工费不另计，投标人综合考虑报价，中标后综合单价不予调整\n8. 未尽事宜详见设计图纸、图集、设计补充说明、招标文件、政府相关文件及规范等其它资料，满足验收要求","m",5,null,{"v":0,"d":"0.00"},"按现场实际发生量长度计算"]
[205,"7#","工程名称：7#-公区","178","WB011105006003","成品踢脚线","1. 部位：后勤区域\n2. 踢脚线高度：50mm高\n3．基层材料种类、规格：12mm阻燃夹板\n4．面层材料品种、规格、颜色：1.2mm仿铜不锈钢（MT-B04)\n5．施工时面层颜色、样式由甲方和设计单位确认选样，投标人综合考虑报价，加工、切割、折边、损耗等不另计，中标后综合单价不予调整\n6．未尽事宜详见设计图纸、图集、设计补充说明、招标文件、政府相关文件及规范等其它资料，满足验收要求","1. 部位：后勤区域\n2. 踢脚线高度：50mm高\n4．面层材料品种、规格、颜色：1.2mm仿铜不锈钢（MT-B04)\n5．施工时面层颜色、样式由甲方和设计单位确认选样，投标人综合考虑报价，加工、切割、折边、损耗等不另计，中标后综合单价不予调整\n6．未尽事宜详见设计图纸、图集、设计补充说明、招标文件、政府相关文件及规范等其它资料，满足验收要求","m",185.78,null,{"v":0,"d":"0.00"},"按现场实际发生量长度计算"]
[206,"7#","工程名称：7#-公区","179","010808001003","不锈钢门套","1. 部位：电梯二\n2. 龙骨材料种类、规格：热镀锌钢龙骨（不分规格型号，投标人综合考虑）\n3. 基层材料种类、规格：双层12mm阻燃夹板，局\n4. 面层材料品种、规格、颜色：1.2mm仿铜不锈钢（MT-B04）\n5. 防护材料种类：所有装修用木材均应进行防火、防腐处理\n6. 施工时面层颜色、样式由甲方和设计单位确认选样，投标人综合考虑报价，加工、切割、折边、损耗等不另计，中标后综合单价不予调整\n7. 未尽事宜详见设计图纸、图集、设计补充说明、招标文件、政府相关文件及规范等其它资料，满足验收要求","1. 部位：电梯二\n4. 面层材料品种、规格、颜色：1.2mm仿铜不锈钢（MT-B04）\n5. 防护材料种类：所有装修用木材均应进行防火、防腐处理\n6. 施工时面层颜色、样式由甲方和设计单位确认选样，投标人综合考虑报价，加工、切割、折边、损耗等不另计，中标后综合单价不予调整\n7. 未尽事宜详见设计图纸、图集、设计补充说明、招标文件、政府相关文件及规范等其它资料，满足验收要求","m2",6,null,{"v":0,"d":"0.00"},"按深化节点图与实际的展开面积计算（见光面）"]
[207,"7#","工程名称：7#-公区","201","WB011105006004","成品踢脚线","1. 部位：客房走道等\n2. 踢脚线高度：50mm高\n3．基层材料种类、规格：12mm阻燃夹板，或12mm阻燃夹板+9mm阻燃夹板，综合考虑\n4．面层材料品种、规格、颜色：1.2mm仿铜不锈钢（MT-B04)\n5．施工时面层颜色、样式由甲方和设计单位确认选样，投标人综合考虑报价，加工、切割、折边、损耗等不另计，中标后综合单价不予调整\n6．未尽事宜详见设计图纸、图集、设计补充说明、招标文件、政府相关文件及规范等其它资料，满足验收要求","1. 部位：客房走道等\n2. 踢脚线高度：50mm高\n4．面层材料品种、规格、颜色：1.2mm仿铜不锈钢（MT-B04)\n5．施工时面层颜色、样式由甲方和设计单位确认选样，投标人综合考虑报价，加工、切割、折边、损耗等不另计，中标后综合单价不予调整\n6．未尽事宜详见设计图纸、图集、设计补充说明、招标文件、政府相关文件及规范等其它资料，满足验收要求","m",213.29,null,{"v":0,"d":"0.00"},"按现场实际发生量长度计算"]
[208,"7#","工程名称：7#-公区","204","011207001028","硬包暗门","1. 部位：客房走道等\n2．龙骨材料种类、规格：热镀锌钢龙骨（不分规格型号，投标人综合考虑）\n3．基层材料种类、规格：12mm阻燃夹板，背侧封1mm厚镀锌铁板\n4. 面层材料品种、规格、颜色：布艺硬包饰面暗门（WC-B01），1.2mm仿铜不锈钢线条收边（MT-B04），展开尺寸：4+19+10+22mm\n5. 五金品种、规格：包括不限于隐藏式暗铰链、磁碰、天地轴、隐藏拉手等完成此项工作的全部五金配件\n6. 施工时面层颜色、样式由甲方和设计单位确认选样，投标人综合考虑报价，加工、损耗等不另计，中标后综合单价不予调整\n7. 未尽事宜详见设计图纸、图集、设计补充说明、招标文件、政府相关文件及规范等其它资料，满足验收要求","1. 部位：客房走道等\n4. 面层材料品种、规格、颜色：1.2mm仿铜不锈钢线条收边（MT-B04），展开尺寸：4+19+10+22mm\n6. 施工时面层颜色、样式由甲方和设计单位确认选样，投标人综合考虑报价，加工、损耗等不另计，中标后综合单价不予调整\n7. 未尽事宜详见设计图纸、图集、设计补充说明、招标文件、政府相关文件及规范等其它资料，满足验收要求","m2",36.8,null,{"v":0,"d":"0.00"},"按深化节点图与实际的展开面积计算（见光面）"]
[209,"7#","工程名称：7#-公区","214","011207001036","墙面装饰板","1. 部位：客房走道等\n2．龙骨材料种类、规格：热镀锌钢龙骨（不分规格型号，投标人综合考虑）\n3．基层材料种类、规格：双层12mm阻燃夹板，局部单层，局部12mm阻燃夹板+9mm阻燃夹板\n4. 面层材料品种、规格、颜色：1.2mm仿铜不锈钢（MT-B04）\n5．防护材料种类：所有装修用木基层均应进行防火、防腐处理\n6. 施工时面层颜色、样式由甲方和设计单位确认选样，投标人综合考虑报价，加工、切割、折边、损耗等不另计，中标后综合单价不予调整\n7．未尽事宜详见设计图纸、图集、设计补充说明、招标文件、政府相关文件及规范等其它资料，满足验收要求","1. 部位：客房走道等\n4. 面层材料品种、规格、颜色：1.2mm仿铜不锈钢（MT-B04）\n5．防护材料种类：所有装修用木基层均应进行防火、防腐处理\n6. 施工时面层颜色、样式由甲方和设计单位确认选样，投标人综合考虑报价，加工、切割、折边、损耗等不另计，中标后综合单价不予调整\n7．未尽事宜详见设计图纸、图集、设计补充说明、招标文件、政府相关文件及规范等其它资料，满足验收要求","m2",11,null,{"v":0,"d":"0.00"},"按深化节点图与实际的展开面积计算（见光面）"]
[210,"7#","工程名称：7#-公区","215","011502001006","金属装饰条","1. 部位：墙面\n2．基层材料种类、规格：阻燃夹板基层，厚度及层数等综合考虑\n3．嵌条材料品种、规格、颜色：1.2mm仿铜不锈钢(MT-B04)，展开宽度60以内\n4．施工时面层颜色、样式由甲方和设计单位确认选样，投标人综合考虑报价，加工、切割、折边、损耗等不另计，中标后综合单价不予调整\n5．未尽事宜详见设计图纸、图集、设计补充说明、招标文件、政府相关文件及规范等其它资料，满足验收要求。","1. 部位：墙面\n2．基层材料种类、规格：阻燃夹板基层，厚度及层数等综合考虑\n3．嵌条材料品种、规格、颜色：1.2mm仿铜不锈钢(MT-B04)，展开宽度60以内\n4．施工时面层颜色、样式由甲方和设计单位确认选样，投标人综合考虑报价，加工、切割、折边、损耗等不另计，中标后综合单价不予调整\n5．未尽事宜详见设计图纸、图集、设计补充说明、招标文件、政府相关文件及规范等其它资料，满足验收要求。","m",163,null,{"v":0,"d":"0.00"},"按现场实际发生量长度计算"]
[211,"7#","工程名称：7#-公区","216","011502001007","金属装饰条","1. 部位：墙面\n2. 龙骨材料种类、规格：局部位置龙骨材质、规格综合考虑\n3．基层材料种类、规格：阻燃夹板基层，厚度及层数等综合考虑\n4．嵌条材料品种、规格、颜色：1.2mm仿铜不锈钢(MT-B04)，展开宽度60~100mm以内\n5．施工时面层颜色、样式由甲方和设计单位确认选样，投标人综合考虑报价，加工、切割、折边、损耗等不另计，中标后综合单价不予调整\n6．未尽事宜详见设计图纸、图集、设计补充说明、招标文件、政府相关文件及规范等其它资料，满足验收要求。","1. 部位：墙面\n4．嵌条材料品种、规格、颜色：1.2mm仿铜不锈钢(MT-B04)，展开宽度60~100mm以内\n5．施工时面层颜色、样式由甲方和设计单位确认选样，投标人综合考虑报价，加工、切割、折边、损耗等不另计，中标后综合单价不予调整\n6．未尽事宜详见设计图纸、图集、设计补充说明、招标文件、政府相关文件及规范等其它资料，满足验收要求。","m",396.48,null,{"v":0,"d":"0.00"},"按现场实际发生量长度计算"]
[212,"7#","工程名称：7#-公区","217","011207001037","墙面装饰板","1. 部位：客房走道等\n2．基层材料种类、规格：12mm阻燃夹板\n3．嵌条材料品种、规格、颜色：1.2mm仿铜不锈钢(MT-B04)，展开宽度综合考虑\n4．施工时面层颜色、样式由甲方和设计单位确认选样，投标人综合考虑报价，加工、切割、折边、损耗等不另计，中标后综合单价不予调整\n5．未尽事宜详见设计图纸、图集、设计补充说明、招标文件、政府相关文件及规范等其它资料，满足验收要求。","1. 部位：客房走道等\n3．嵌条材料品种、规格、颜色：1.2mm仿铜不锈钢(MT-B04)，展开宽度综合考虑\n4．施工时面层颜色、样式由甲方和设计单位确认选样，投标人综合考虑报价，加工、切割、折边、损耗等不另计，中标后综合单价不予调整\n5．未尽事宜详见设计图纸、图集、设计补充说明、招标文件、政府相关文件及规范等其它资料，满足验收要求。","m2",9.5,null,{"v":0,"d":"0.00"},"按深化节点图与实际的展开面积计算（见光面）"]
[213,"7#","工程名称：7#-公区","218","011207001038","墙面装饰板","1. 部位：客房走道等\n2. 龙骨材料种类、规格：轻钢龙骨（不分规格型号，投标人综合考虑）\n3．基层材料种类、规格：双层12mm阻燃夹板，局部12mm阻燃夹板+9mm阻燃夹板\n4．嵌条材料品种、规格、颜色：1.2mm仿铜不锈钢(MT-B04)，展开宽度综合考虑\n5．施工时面层颜色、样式由甲方和设计单位确认选样，投标人综合考虑报价，加工、切割、折边、损耗等不另计，中标后综合单价不予调整\n6．未尽事宜详见设计图纸、图集、设计补充说明、招标文件、政府相关文件及规范等其它资料，满足验收要求。","1. 部位：客房走道等\n4．嵌条材料品种、规格、颜色：1.2mm仿铜不锈钢(MT-B04)，展开宽度综合考虑\n5．施工时面层颜色、样式由甲方和设计单位确认选样，投标人综合考虑报价，加工、切割、折边、损耗等不另计，中标后综合单价不予调整\n6．未尽事宜详见设计图纸、图集、设计补充说明、招标文件、政府相关文件及规范等其它资料，满足验收要求。","m2",3.3,null,{"v":0,"d":"0.00"},"按深化节点图与实际的展开面积计算（见光面）"]
[214,"7#","工程名称：7#-公区","223","WB011302005031","天棚不锈钢","1. 部位：客房走道等\n2. 吊杆种类、规格：φ8热镀锌钢筋吊杆间距@≤1200mm，\n3. 龙骨材料种类、规格：CS60主龙骨吊件，CS60主龙骨间距@≤1200mm，C50*20*0.6次龙骨间距@400mm，局部钢龙骨加固\n4. 基层材料种类、规格：双层9mm硅酸钙板\n5. 面层材料品种、规格、颜色:1.2mm仿木纹覆膜不锈钢（MT-B02）\n6. 施工时面层颜色、样式由甲方和设计单位确认选样，切割等加工费不另计，投标人综合考虑报价，中标后综合单价不予调整\n7. 未尽事宜详见设计图纸、图集、设计补充说明、招标文件、政府相关文件及规范等其它资料，满足验收要求","1. 部位：客房走道等\n5. 面层材料品种、规格、颜色:1.2mm仿木纹覆膜不锈钢（MT-B02）\n6. 施工时面层颜色、样式由甲方和设计单位确认选样，切割等加工费不另计，投标人综合考虑报价，中标后综合单价不予调整\n7. 未尽事宜详见设计图纸、图集、设计补充说明、招标文件、政府相关文件及规范等其它资料，满足验收要求","m2",55.5,null,{"v":0,"d":"0.00"},"按深化节点图与实际的展开面积计算（见光面）"]
[215,"7#","工程名称：7#-公区","224","WB011302005032","天棚不锈钢（包边）","1. 部位：客房走道等\n2. 基层材料种类、规格：双层9mm硅酸钙板，局部单层\n3. 面层材料品种、规格、颜色:1.2mm仿铜不锈钢(MT-B04)\n4. 施工时面层颜色、样式由甲方和设计单位确认选样，切割等加工费不另计，投标人综合考虑报价，中标后综合单价不予调整\n5. 未尽事宜详见设计图纸、图集、设计补充说明、招标文件、政府相关文件及规范等其它资料，满足验收要求","1. 部位：客房走道等\n3. 面层材料品种、规格、颜色:1.2mm仿铜不锈钢(MT-B04)\n4. 施工时面层颜色、样式由甲方和设计单位确认选样，切割等加工费不另计，投标人综合考虑报价，中标后综合单价不予调整\n5. 未尽事宜详见设计图纸、图集、设计补充说明、招标文件、政府相关文件及规范等其它资料，满足验收要求","m2",20.3,null,{"v":0,"d":"0.00"},"按深化节点图与实际的展开面积计算（见光面）"]
[216,"7#","工程名称：7#-公区","231","010808001004","不锈钢门套","1. 部位：客房走道等\n2. 龙骨材料种类、规格：热镀锌钢龙骨（不分规格型号，投标人综合考虑）\n3. 基层材料种类、规格：双层12mm阻燃夹板，局部12mm阻燃夹板+9mm阻燃夹板，局部多层等\n4. 面层材料品种、规格、颜色：1.2mm仿铜不锈钢（MT-B04）\n5. 防护材料种类：所有装修用木材均应进行防火、防腐处理\n6. 施工时面层颜色、样式由甲方和设计单位确认选样，投标人综合考虑报价，加工、切割、折边、损耗等不另计，中标后综合单价不予调整\n7. 未尽事宜详见设计图纸、图集、设计补充说明、招标文件、政府相关文件及规范等其它资料，满足验收要求","1. 部位：客房走道等\n4. 面层材料品种、规格、颜色：1.2mm仿铜不锈钢（MT-B04）\n5. 防护材料种类：所有装修用木材均应进行防火、防腐处理\n6. 施工时面层颜色、样式由甲方和设计单位确认选样，投标人综合考虑报价，加工、切割、折边、损耗等不另计，中标后综合单价不予调整\n7. 未尽事宜详见设计图纸、图集、设计补充说明、招标文件、政府相关文件及规范等其它资料，满足验收要求","m2",12,null,{"v":0,"d":"0.00"},"按深化节点图与实际的展开面积计算（见光面）"]
[217,"7#","工程名称：7#-公区","243","WB011105006005","成品踢脚线","1. 部位：后场房间等\n2. 踢脚线高度：50mm高\n3．基层材料种类、规格：12mm阻燃夹板，或12mm阻燃夹板+9mm阻燃夹板，综合考虑\n4．面层材料品种、规格、颜色：1.2mm仿铜不锈钢（MT-B04)\n5．施工时面层颜色、样式由甲方和设计单位确认选样，投标人综合考虑报价，加工、切割、折边、损耗等不另计，中标后综合单价不予调整\n6．未尽事宜详见设计图纸、图集、设计补充说明、招标文件、政府相关文件及规范等其它资料，满足验收要求","1. 部位：后场房间等\n2. 踢脚线高度：50mm高\n4．面层材料品种、规格、颜色：1.2mm仿铜不锈钢（MT-B04)\n5．施工时面层颜色、样式由甲方和设计单位确认选样，投标人综合考虑报价，加工、切割、折边、损耗等不另计，中标后综合单价不予调整\n6．未尽事宜详见设计图纸、图集、设计补充说明、招标文件、政府相关文件及规范等其它资料，满足验收要求","m",114.84,null,{"v":0,"d":"0.00"},"按现场实际发生量长度计算"]
[218,"7#","工程名称：7#-公区","251","010808001005","不锈钢门套","1. 部位：货梯厅等\n2. 龙骨材料种类、规格：热镀锌钢龙骨（不分规格型号，投标人综合考虑）\n3. 基层材料种类、规格：12mm阻燃夹板，局部双层\n4. 面层材料品种、规格、颜色：1.2mm仿铜不锈钢（MT-B04）\n5. 防护材料种类：所有装修用木材均应进行防火、防腐处理\n6. 施工时面层颜色、样式由甲方和设计单位确认选样，投标人综合考虑报价，加工、切割、折边、损耗等不另计，中标后综合单价不予调整\n7. 未尽事宜详见设计图纸、图集、设计补充说明、招标文件、政府相关文件及规范等其它资料，满足验收要求","1. 部位：货梯厅等\n4. 面层材料品种、规格、颜色：1.2mm仿铜不锈钢（MT-B04）\n5. 防护材料种类：所有装修用木材均应进行防火、防腐处理\n6. 施工时面层颜色、样式由甲方和设计单位确认选样，投标人综合考虑报价，加工、切割、折边、损耗等不另计，中标后综合单价不予调整\n7. 未尽事宜详见设计图纸、图集、设计补充说明、招标文件、政府相关文件及规范等其它资料，满足验收要求","m2",2.5,null,{"v":0,"d":"0.00"},"按深化节点图与实际的展开面积计算（见光面）"]
[219,"7#","工程名称：7#-公区","252","011502001008","金属装饰条","1. 部位：门楣\n2．嵌条材料品种、规格、颜色：1.2mm仿铜不锈钢(MT-B04)，展开宽度60mm以内\n3．施工时面层颜色、样式由甲方和设计单位确认选样，投标人综合考虑报价，加工、切割、折边、损耗等不另计，中标后综合单价不予调整\n4．未尽事宜详见设计图纸、图集、设计补充说明、招标文件、政府相关文件及规范等其它资料，满足验收要求。","1. 部位：门楣\n2．嵌条材料品种、规格、颜色：1.2mm仿铜不锈钢(MT-B04)，展开宽度60mm以内\n3．施工时面层颜色、样式由甲方和设计单位确认选样，投标人综合考虑报价，加工、切割、折边、损耗等不另计，中标后综合单价不予调整\n4．未尽事宜详见设计图纸、图集、设计补充说明、招标文件、政府相关文件及规范等其它资料，满足验收要求。","m",8.93,null,{"v":0,"d":"0.00"},"按现场实际发生量长度计算"]
[220,"7#","工程名称：7#-公区","256","010801004006","装饰防火门","1.工程部位：后场房间等\n2.门扇龙骨、基层材质种类、规格：乙级防火门门芯(须满足当地消防部门的防火认证)\n3.门套材料种类、规格：12mm阻燃夹板+9mm阻燃夹板+木纹转印饰面（MT-D05）\n4.面层材料品种、规格、颜色：木纹转印饰面（MT-D05）\n5.五金品种、规格：包含但不限于成品金属门把手(选样)、成品五金暗铰链(选型一侧三副)等完成此项工作的全部五金配件\n6.施工时面层颜色、样式由甲方和设计单位确认选样，投标人综合考虑报价，加工、损耗等不另计，中标后综合单价不予调整\n7.未尽事宜详见设计图纸、图集、设计补充说明、招标文件、政府相关文件及规范等其它资料，满足验收要求","1.工程部位：后场房间等\n3.门套材料种类、规格：木纹转印饰面（MT-D05）\n4.面层材料品种、规格、颜色：木纹转印饰面（MT-D05）\n6.施工时面层颜色、样式由甲方和设计单位确认选样，投标人综合考虑报价，加工、损耗等不另计，中标后综合单价不予调整\n7.未尽事宜详见设计图纸、图集、设计补充说明、招标文件、政府相关文件及规范等其它资料，满足验收要求","m2",10.8,null,{"v":0,"d":"0.00"},"按深化节点图与实际的展开面积计算（见光面）"]
[221,"7#","工程名称：7#-公区","258","WB011501001013","镜柜","1. 部位：后场卫生间等\n2. 龙骨材料种类、规格：热镀锌钢龙骨（不分规格型号，投标人综合考虑）\n3. 基层材料种类、规格：12mm阻燃夹板基层，局部多层\n4. 面层材料品种、规格、颜色：5mm银镜饰面（MR-B01），四周1.2mm仿铜不锈钢饰面灯槽（MT-B04）\n5. 防护材料种类：所有装修用木基层均应进行防火、防腐处理\n6. 施工时面层颜色、样式由甲方和设计单位确认选样，投标人综合考虑报价，加工、切割、折边、损耗等不另计，中标后综合单价不予调整\n7. 未尽事宜详见设计图纸、图集、设计补充说明、招标文件、政府相关文件及规范等其它资料，满足验收要求","1. 部位：后场卫生间等\n4. 面层材料品种、规格、颜色：5mm银镜饰面（MR-B01），四周1.2mm仿铜不锈钢饰面灯槽（MT-B04）\n5. 防护材料种类：所有装修用木基层均应进行防火、防腐处理\n6. 施工时面层颜色、样式由甲方和设计单位确认选样，投标人综合考虑报价，加工、切割、折边、损耗等不另计，中标后综合单价不予调整\n7. 未尽事宜详见设计图纸、图集、设计补充说明、招标文件、政府相关文件及规范等其它资料，满足验收要求","m2",1.92,null,{"v":0,"d":"0.00"},"按投影面积"]
[222,"7#","工程名称：7#-公区","261","010801004007","装饰防火门","1. 部位：地下一层客梯厅门\n2. 门扇龙骨材料种类、规格：甲级防火门门芯(须满足当地消防部门的防火认证)\n3. 面层材料种类、规格：1.2mm仿木纹覆膜不锈钢（MT-D05）\n4. 五金品种、规格：包括不限于暗铰链、磁碰、天地轴、拉手等完成此项工作的全部五金配件\n5. 未尽事宜详见设计图纸、图集、设计补充说明、招标文件、政府相关文件及规范等其它资料，满足验收要求","1. 部位：地下一层客梯厅门\n3. 面层材料种类、规格：1.2mm仿木纹覆膜不锈钢（MT-D05）\n5. 未尽事宜详见设计图纸、图集、设计补充说明、招标文件、政府相关文件及规范等其它资料，满足验收要求","m2",4.8,null,{"v":0,"d":"0.00"},"按深化节点图与实际的展开面积计算（见光面）"]
[223,"7#","工程名称：7#-公区","263","010808001006","不锈钢门套","1. 部位：电梯门套、墙面造型等\n2. 龙骨材料种类、规格：热镀锌钢龙骨（不分规格型号，投标人综合考虑）\n3. 基层材料种类、规格：12mm阻燃夹板，局部双层\n4. 面层材料品种、规格、颜色：1.2mm仿铜不锈钢（MT-D01）\n5. 防护材料种类：所有装修用木材均应进行防火、防腐处理\n6. 施工时面层颜色、样式由甲方和设计单位确认选样，投标人综合考虑报价，加工、切割、折边、损耗等不另计，中标后综合单价不予调整\n7. 未尽事宜详见设计图纸、图集、设计补充说明、招标文件、政府相关文件及规范等其它资料，满足验收要求","1. 部位：电梯门套、墙面造型等\n4. 面层材料品种、规格、颜色：1.2mm仿铜不锈钢（MT-D01）\n5. 防护材料种类：所有装修用木材均应进行防火、防腐处理\n6. 施工时面层颜色、样式由甲方和设计单位确认选样，投标人综合考虑报价，加工、切割、折边、损耗等不另计，中标后综合单价不予调整\n7. 未尽事宜详见设计图纸、图集、设计补充说明、招标文件、政府相关文件及规范等其它资料，满足验收要求","m2",26.3,null,{"v":0,"d":"0.00"},"按深化节点图与实际的展开面积计算（见光面）"]
[224,"7#","工程名称：7#-公区","277","WB011105006007","成品踢脚线","1. 部位：地下室电梯厅等\n2. 踢脚线高度：50mm高\n3．基层材料种类、规格：12mm阻燃夹板\n4．面层材料品种、规格、颜色：1.2mm仿铜覆膜不锈钢（MT-D01)\n5．施工时面层颜色、样式由甲方和设计单位确认选样，投标人综合考虑报价，加工、切割、折边、损耗等不另计，中标后综合单价不予调整\n6．未尽事宜详见设计图纸、图集、设计补充说明、招标文件、政府相关文件及规范等其它资料，满足验收要求","1. 部位：地下室电梯厅等\n2. 踢脚线高度：50mm高\n4．面层材料品种、规格、颜色：1.2mm仿铜覆膜不锈钢（MT-D01)\n5．施工时面层颜色、样式由甲方和设计单位确认选样，投标人综合考虑报价，加工、切割、折边、损耗等不另计，中标后综合单价不予调整\n6．未尽事宜详见设计图纸、图集、设计补充说明、招标文件、政府相关文件及规范等其它资料，满足验收要求","m",17.6,null,{"v":0,"d":"0.00"},"按现场实际发生量长度计算"]
[225,"7#","工程名称：7#-公区","282","011207001041","墙面装饰板","1. 部位：地下客梯厅电梯门楣\n2. 龙骨材料种类、规格：热镀锌钢龙骨（不分规格型号，投标人综合考虑）\n3. 基层材料种类、规格：12mm阻燃夹板，局部双层\n4. 面层材料品种、规格、颜色：1.2mm仿铜不锈钢（MT-D01）\n5. 防护材料种类：所有装修用木材均应进行防火、防腐处理\n6. 施工时面层颜色、样式由甲方和设计单位确认选样，投标人综合考虑报价，加工、切割、折边、损耗等不另计，中标后综合单价不予调整\n7. 未尽事宜详见设计图纸、图集、设计补充说明、招标文件、政府相关文件及规范等其它资料，满足验收要求","1. 部位：地下客梯厅电梯门楣\n4. 面层材料品种、规格、颜色：1.2mm仿铜不锈钢（MT-D01）\n5. 防护材料种类：所有装修用木材均应进行防火、防腐处理\n6. 施工时面层颜色、样式由甲方和设计单位确认选样，投标人综合考虑报价，加工、切割、折边、损耗等不另计，中标后综合单价不予调整\n7. 未尽事宜详见设计图纸、图集、设计补充说明、招标文件、政府相关文件及规范等其它资料，满足验收要求","m2",8.6,null,{"v":0,"d":"0.00"},"按深化节点图与实际的展开面积计算（见光面）"]
[226,"7#","工程名称：7#-公区","287","011210002001","哑光不锈钢挡板","1. 部位：卫生间小便斗隔断上\n2. 龙骨材料种类、规格：热镀锌钢龙骨（不分规格型号，投标人综合考虑）\n3. 面层材料种类、规格：1.2mm哑光不锈钢\n5. 施工时面层颜色、样式由甲方和设计单位确认选样，投标人综合考虑报价，加工、切割、折边、损耗等不另计，中标后综合单价不予调整\n6. 未尽事宜详见设计图纸、图集、设计补充说明、招标文件、政府相关文件及规范等其它资料，满足验收要求","1. 部位：卫生间小便斗隔断上\n3. 面层材料种类、规格：1.2mm哑光不锈钢\n5. 施工时面层颜色、样式由甲方和设计单位确认选样，投标人综合考虑报价，加工、切割、折边、损耗等不另计，中标后综合单价不予调整\n6. 未尽事宜详见设计图纸、图集、设计补充说明、招标文件、政府相关文件及规范等其它资料，满足验收要求","m2",1.04,null,{"v":0,"d":"0.00"},"按投影面积"]
[227,"7#","工程名称：7#-公区","295","WB011501001015","镜柜","1. 部位：地下室卫生间\n2. 龙骨材料种类、规格：热镀锌钢龙骨（不分规格型号，投标人综合考虑）\n3. 基层材料种类、规格：12mm阻燃板\n4. 面层材料品种、规格、颜色：5mm银镜饰面（MR-B01）+1.2mm仿铜不锈钢（MT-B04）+四周不锈钢包边\n5. 防护材料种类：所有装修用木基层均应进行防火、防腐处理\n6. 施工时面层颜色、样式由甲方和设计单位确认选样，投标人综合考虑报价，加工、切割、折边、损耗等不另计，中标后综合单价不予调整\n7. 未尽事宜详见设计图纸、图集、设计补充说明、招标文件、政府相关文件及规范等其它资料，满足验收要求","1. 部位：地下室卫生间\n4. 面层材料品种、规格、颜色：5mm银镜饰面（MR-B01）+1.2mm仿铜不锈钢（MT-B04）+四周不锈钢包边\n5. 防护材料种类：所有装修用木基层均应进行防火、防腐处理\n6. 施工时面层颜色、样式由甲方和设计单位确认选样，投标人综合考虑报价，加工、切割、折边、损耗等不另计，中标后综合单价不予调整\n7. 未尽事宜详见设计图纸、图集、设计补充说明、招标文件、政府相关文件及规范等其它资料，满足验收要求","m2",10.33,null,{"v":0,"d":"0.00"},"按投影面积"]
[228,"7#","工程名称：7#-公区","296","011502001009","金属装饰条","1．部位：地下室阳角护角条\n2．嵌条材料品种、规格、颜色：1.2mm厚不锈钢防撞条(MT-D01)\n3．施工时面层颜色、样式由甲方和设计单位确认选样，投标人综合考虑报价，加工、切割、折边、损耗等不另计，中标后综合单价不予调整\n4．未尽事宜详见设计图纸、图集、设计补充说明、招标文件、政府相关文件及规范等其它资料，满足验收要求。","1．部位：地下室阳角护角条\n2．嵌条材料品种、规格、颜色：1.2mm厚不锈钢防撞条(MT-D01)\n3．施工时面层颜色、样式由甲方和设计单位确认选样，投标人综合考虑报价，加工、切割、折边、损耗等不另计，中标后综合单价不予调整\n4．未尽事宜详见设计图纸、图集、设计补充说明、招标文件、政府相关文件及规范等其它资料，满足验收要求。","m",75,null,{"v":0,"d":"0.00"},"按现场实际发生量长度计算"]
[229,"7#","工程名称：7#-公区","299","010801004008","装饰防火门","1. 部位：楼梯间\n2. 门扇龙骨、基层材料种类、规格：甲级防火门门芯(须满足当地消防部门的防火认证)+12mm阻燃夹板+四周热镀锌方通固定\n3. 面层材料品种、规格、颜色：皮革硬包（12mm雪弗板内衬板）（UP-B02）+1.2mm仿铜不锈钢（MT-B04）+仿铜不锈钢嵌条，定制成品金属门拉手\n4. 五金品种、规格：包含但不限于定制不锈钢天地门轴、暗藏五金合页等完成此项工作的全部五金配件\n5. 施工时面层颜色、样式由甲方和设计单位确认选样，投标人综合考虑报价，加工、损耗等不另计，中标后综合单价不予调整\n6. 未尽事宜详见设计图纸、图集、设计补充说明、招标文件、政府相关文件及规范等其它资料，满足验收要求","1. 部位：楼梯间\n3. 面层材料品种、规格、颜色：1.2mm仿铜不锈钢（MT-B04）+仿铜不锈钢嵌条\n5. 施工时面层颜色、样式由甲方和设计单位确认选样，投标人综合考虑报价，加工、损耗等不另计，中标后综合单价不予调整\n6. 未尽事宜详见设计图纸、图集、设计补充说明、招标文件、政府相关文件及规范等其它资料，满足验收要求","m2",8.3,null,{"v":0,"d":"0.00"},"按深化节点图与实际的展开面积计算（见光面）"]
[230,"7#","工程名称：7#-公区","301","010808001007","不锈钢门套","1. 部位：楼梯间门套\n2. 基层材料种类、规格：12mm阻燃夹板+9mm阻燃板，局部双层\n3. 面层材料品种、规格、颜色：1.2mm木转印不锈钢（MT-D05）\n4. 防护材料种类：所有装修用木材均应进行防火、防腐处理\n5. 施工时面层颜色、样式由甲方和设计单位确认选样，投标人综合考虑报价，加工、切割、折边、损耗等不另计，中标后综合单价不予调整\n6. 未尽事宜详见设计图纸、图集、设计补充说明、招标文件、政府相关文件及规范等其它资料，满足验收要求","1. 部位：楼梯间门套\n3. 面层材料品种、规格、颜色：1.2mm木转印不锈钢（MT-D05）\n4. 防护材料种类：所有装修用木材均应进行防火、防腐处理\n5. 施工时面层颜色、样式由甲方和设计单位确认选样，投标人综合考虑报价，加工、切割、折边、损耗等不另计，中标后综合单价不予调整\n6. 未尽事宜详见设计图纸、图集、设计补充说明、招标文件、政府相关文件及规范等其它资料，满足验收要求","m2",2.6,null,{"v":0,"d":"0.00"},"按深化节点图与实际的展开面积计算（见光面）"]
[231,"9#","工程名称：9#-公区","1","010808001001","不锈钢门套","1. 部位：电梯门套、墙面造型等\n2. 龙骨材料种类、规格：热镀锌钢龙骨（不分规格型号，投标人综合考虑）\n3. 基层材料种类、规格：12mm阻燃夹板，局部双层\n4. 面层材料品种、规格、颜色：1.2mm仿铜不锈钢（MT-B04）\n5. 防护材料种类：所有装修用木材均应进行防火、防腐处理\n6. 施工时面层颜色、样式由甲方和设计单位确认选样，投标人综合考虑报价，加工、切割、折边、损耗等不另计，中标后综合单价不予调整\n7. 未尽事宜详见设计图纸、图集、设计补充说明、招标文件、政府相关文件及规范等其它资料，满足验收要求","1. 部位：电梯门套、墙面造型等\n4. 面层材料品种、规格、颜色：1.2mm仿铜不锈钢（MT-B04）\n6. 施工时面层颜色、样式由甲方和设计单位确认选样，投标人综合考虑报价，加工、切割、折边、损耗等不另计，中标后综合单价不予调整\n7. 未尽事宜详见设计图纸、图集、设计补充说明、招标文件、政府相关文件及规范等其它资料，满足验收要求","m2",86.2,null,{"v":0,"d":"0.00"},"按深化节点图与实际的展开面积计算（见光面）"]
[232,"9#","工程名称：9#-公区","9","WB011105006001","成品踢脚线","1. 部位：门厅中庭等\n2. 踢脚线高度：50mm高\n3．基层材料种类、规格：12mm阻燃夹板\n4．面层材料品种、规格、颜色：1.2mm仿铜不锈钢（MT-B04)\n5．施工时面层颜色、样式由甲方和设计单位确认选样，投标人综合考虑报价，加工、切割、折边、损耗等不另计，中标后综合单价不予调整\n6．未尽事宜详见设计图纸、图集、设计补充说明、招标文件、政府相关文件及规范等其它资料，满足验收要求","1. 部位：门厅中庭等\n2. 踢脚线高度：50mm高\n4．面层材料品种、规格、颜色：1.2mm仿铜不锈钢（MT-B04)\n5．施工时面层颜色、样式由甲方和设计单位确认选样，投标人综合考虑报价，加工、切割、折边、损耗等不另计，中标后综合单价不予调整\n6．未尽事宜详见设计图纸、图集、设计补充说明、招标文件、政府相关文件及规范等其它资料，满足验收要求","m",255.61,null,{"v":0,"d":"0.00"},"按现场实际发生量长度计算"]
[233,"9#","工程名称：9#-公区","11","011204001001","石材墙面","1. 部位：门厅、中庭等\n2. 埋板：热镀锌后置埋板，高强化学锚栓固定\n3. 钢骨架材料、间距：热浸镀锌钢方管立柱，综合考虑镀锌钢骨架规格尺寸，满足现场和规范要求，施工时提供受力计算书\n4. 基层材料种类、规格：双层9mm阻燃夹板\n5. 面层材料品种、规格、品牌、颜色：1.2mm仿铜不锈钢（MT-B04）包边，15mm透光白玉大理石（ST-B06），专用卡固件固定\n6. 所有石材材料在施工前须做六面防护处理,石材结晶，以保证防水、防腐、防污、防油\n7. 施工时面层颜色、样式由甲方和设计单位确认选样，倒角，磨边、切割等加工费不另计，投标人综合考虑报价，中标后综合单价不予调整\n8．未尽事宜详见设计图纸、图集、设计补充说明、招标文件、政府相关文件及规范等其它资料，满足验收要求","1. 部位：门厅、中庭等\n5. 面层材料品种、规格、品牌、颜色：1.2mm仿铜不锈钢（MT-B04）包边\n7. 施工时面层颜色、样式由甲方和设计单位确认选样，倒角，磨边、切割等加工费不另计，投标人综合考虑报价，中标后综合单价不予调整\n8．未尽事宜详见设计图纸、图集、设计补充说明、招标文件、政府相关文件及规范等其它资料，满足验收要求","m2",155.5,null,{"v":0,"d":"0.00"},"按深化节点图与实际的展开面积计算（见光面）"]
[234,"9#","工程名称：9#-公区","13","011207001002","墙面装饰板","1．部位：中庭、门厅、走道等\n2．龙骨材料种类、规格：热镀锌钢龙骨（不分规格型号，投标人综合考虑)\n3．基层材料种类、规格：12mm阻燃夹板，局部双层\n4. 面层材料品种、规格、颜色：1.2mm仿铜不锈钢（MT-B04）\n5．防护材料种类：所有装修用木基层均应进行防火、防腐处理\n6. 施工时面层颜色、样式由甲方和设计单位确认选样，投标人综合考虑报价，加工、切割、折边、损耗等不另计，中标后综合单价不予调整\n7．未尽事宜详见设计图纸、图集、设计补充说明、招标文件、政府相关文件及规范等其它资料，满足验收要求","1．部位：中庭、门厅、走道等\n4. 面层材料品种、规格、颜色：1.2mm仿铜不锈钢（MT-B04）\n6. 施工时面层颜色、样式由甲方和设计单位确认选样，投标人综合考虑报价，加工、切割、折边、损耗等不另计，中标后综合单价不予调整\n7．未尽事宜详见设计图纸、图集、设计补充说明、招标文件、政府相关文件及规范等其它资料，满足验收要求","m2",421.5,null,{"v":0,"d":"0.00"},"按深化节点图与实际的展开面积计算（见光面）"]
[235,"9#","工程名称：9#-公区","34","WB011302005004","天棚不锈钢板","1. 部位：门斗、门厅\n2. 吊杆种类、规格：φ8热镀锌钢筋吊杆间距@≤1200mm，\n3. 龙骨材料种类、规格：CS60主龙骨吊件，CS60主龙骨间距@≤1200mm，C50*20*0.6次龙骨间距@400mm，局部钢龙骨加固\n4. 基层材料种类、规格：双层9mm硅酸钙板\n5. 面层材料品种、规格、颜色:1.2mm白色烤漆不锈钢（MT-B01）\n6. 施工时面层颜色、样式由甲方和设计单位确认选样，切割等加工费不另计，投标人综合考虑报价，中标后综合单价不予调整\n7. 未尽事宜详见设计图纸、图集、设计补充说明、招标文件、政府相关文件及规范等其它资料，满足验收要求","1. 部位：门斗、门厅\n5. 面层材料品种、规格、颜色:1.2mm白色烤漆不锈钢（MT-B01）\n6. 施工时面层颜色、样式由甲方和设计单位确认选样，切割等加工费不另计，投标人综合考虑报价，中标后综合单价不予调整\n7. 未尽事宜详见设计图纸、图集、设计补充说明、招标文件、政府相关文件及规范等其它资料，满足验收要求","m2",3.44,null,{"v":0,"d":"0.00"},"按深化节点图与实际的展开面积计算（见光面）"]
[236,"9#","工程名称：9#-公区","35","WB011302005005","天棚不锈钢板","1. 部位：门斗、门厅\n2. 吊杆种类、规格：φ8热镀锌钢筋吊杆间距@≤1200mm，\n3. 龙骨材料种类、规格：CS60主龙骨吊件，CS60主龙骨间距@≤1200mm，C50*20*0.6次龙骨间距@400mm，局部钢龙骨加固\n4. 基层材料种类、规格：双层9mm硅酸钙板\n5. 面层材料品种、规格、颜色:1.2mm仿铜覆膜不锈钢（MT-B03）\n6. 施工时面层颜色、样式由甲方和设计单位确认选样，切割等加工费不另计，投标人综合考虑报价，中标后综合单价不予调整\n7. 未尽事宜详见设计图纸、图集、设计补充说明、招标文件、政府相关文件及规范等其它资料，满足验收要求","1. 部位：门斗、门厅\n5. 面层材料品种、规格、颜色:1.2mm仿铜覆膜不锈钢（MT-B03）\n6. 施工时面层颜色、样式由甲方和设计单位确认选样，切割等加工费不另计，投标人综合考虑报价，中标后综合单价不予调整\n7. 未尽事宜详见设计图纸、图集、设计补充说明、招标文件、政府相关文件及规范等其它资料，满足验收要求","m2",101.3,null,{"v":0,"d":"0.00"},"按深化节点图与实际的展开面积计算（见光面）"]
[237,"9#","工程名称：9#-公区","44","011502001001","金属装饰条","1．部位：收边、嵌条\n2．嵌条材料品种、规格、颜色：1.2mm仿木纹覆膜不锈钢(MT-B02)，展开宽度60mm以内\n3．施工时面层颜色、样式由甲方和设计单位确认选样，投标人综合考虑报价，加工、切割、折边、损耗等不另计，中标后综合单价不予调整\n4．未尽事宜详见设计图纸、图集、设计补充说明、招标文件、政府相关文件及规范等其它资料，满足验收要求。","1．部位：收边、嵌条\n2．嵌条材料品种、规格、颜色：1.2mm仿木纹覆膜不锈钢(MT-B02)，展开宽度60mm以内\n3．施工时面层颜色、样式由甲方和设计单位确认选样，投标人综合考虑报价，加工、切割、折边、损耗等不另计，中标后综合单价不予调整\n4．未尽事宜详见设计图纸、图集、设计补充说明、招标文件、政府相关文件及规范等其它资料，满足验收要求。","m",56.07,null,{"v":0,"d":"0.00"},"按现场实际发生量长度计算"]
[238,"9#","工程名称：9#-公区","45","011502001002","金属装饰条","1．部位：收边、嵌条\n2．嵌条材料品种、规格、颜色：1.2mm仿铜不锈钢(MT-B04)，展开宽度60~100mm以内\n3．施工时面层颜色、样式由甲方和设计单位确认选样，投标人综合考虑报价，加工、切割、折边、损耗等不另计，中标后综合单价不予调整\n4．未尽事宜详见设计图纸、图集、设计补充说明、招标文件、政府相关文件及规范等其它资料，满足验收要求。","1．部位：收边、嵌条\n2．嵌条材料品种、规格、颜色：1.2mm仿铜不锈钢(MT-B04)，展开宽度60~100mm以内\n3．施工时面层颜色、样式由甲方和设计单位确认选样，投标人综合考虑报价，加工、切割、折边、损耗等不另计，中标后综合单价不予调整\n4．未尽事宜详见设计图纸、图集、设计补充说明、招标文件、政府相关文件及规范等其它资料，满足验收要求。","m",61.8,null,{"v":0,"d":"0.00"},"按现场实际发生量长度计算"]
[239,"9#","工程名称：9#-公区","46","011502001003","金属装饰柱","1．部位：走道\n2．基层材料：龙骨材料种类、规格：热镀锌钢龙骨（不分规格型号，投标人综合考虑）                                                                                                                3．品种、规格、颜色：仿铜不锈钢80mm直径圆柱(定制)\n4．施工时面层颜色、样式由甲方和设计单位确认选样，投标人综合考虑报价，加工、切割、折边、损耗等不另计，中标后综合单价不予调整\n5．未尽事宜详见设计图纸、图集、设计补充说明、招标文件、政府相关文件及规范等其它资料，满足验收要求。","1．部位：走道\n2．基层材料：龙骨材料种类、规格：热镀锌钢龙骨（不分规格型号，投标人综合考虑）                                                                                                                3．品种、规格、颜色：仿铜不锈钢80mm直径圆柱(定制)\n4．施工时面层颜色、样式由甲方和设计单位确认选样，投标人综合考虑报价，加工、切割、折边、损耗等不另计，中标后综合单价不予调整\n5．未尽事宜详见设计图纸、图集、设计补充说明、招标文件、政府相关文件及规范等其它资料，满足验收要求。","m2",7,null,{"v":0,"d":"0.00"},"按深化节点图与实际的展开面积计算（见光面）"]
[240,"9#","工程名称：9#-公区","51","WB010801004001","装饰门扇安装","1. 部位：过道等\n2. 门扇龙骨、基层材料种类、规格：25mm细木工板+9mm阻燃夹板+四周热镀锌方通固定\n3. 面层材料品种、规格、颜色：皮革硬包（12mm雪弗板内衬板）（UP-B02）+1.2mm厚仿铜不锈钢（MT-B04）+仿铜不锈钢嵌条，定制成品金属门拉手\n4. 五金品种、规格：包含但不限于门锁、天地轴承、五金合页等完成此项工作的五金配件\n5. 施工时面层颜色、样式由甲方和设计单位确认选样，投标人综合考虑报价，加工、损耗等不另计，中标后综合单价不予调整\n6. 未尽事宜详见设计图纸、图集、设计补充说明、招标文件、政府相关文件及规范等其它资料，满足验收要求","1. 部位：过道等\n3. 面层材料品种、规格、颜色：1.2mm厚仿铜不锈钢（MT-B04）+仿铜不锈钢嵌条\n5. 施工时面层颜色、样式由甲方和设计单位确认选样，投标人综合考虑报价，加工、损耗等不另计，中标后综合单价不予调整\n6. 未尽事宜详见设计图纸、图集、设计补充说明、招标文件、政府相关文件及规范等其它资料，满足验收要求","m2",22.9,null,{"v":0,"d":"0.00"},"按深化节点图与实际的展开面积计算（见光面）"]
[241,"9#","工程名称：9#-公区","52","010801004001","装饰防火门","1. 部位：机房\n2. 门扇龙骨、基层材料种类、规格：甲级防火门门芯(须满足当地消防部门的防火认证)+12mm阻燃夹板+四周热镀锌方通固定\n3. 面层材料品种、规格、颜色：皮革硬包（12mm雪弗板内衬板）（UP-B02）+1.2mm仿铜不锈钢（MT-B04）+仿铜不锈钢嵌条，定制成品金属门拉手\n4. 五金品种、规格：包含但不限于定制不锈钢天地门轴、暗藏五金合页等完成此项工作的全部五金配件\n5. 施工时面层颜色、样式由甲方和设计单位确认选样，投标人综合考虑报价，加工、损耗等不另计，中标后综合单价不予调整\n6. 未尽事宜详见设计图纸、图集、设计补充说明、招标文件、政府相关文件及规范等其它资料，满足验收要求","1. 部位：机房\n3. 面层材料品种、规格、颜色：1.2mm仿铜不锈钢（MT-B04）+仿铜不锈钢嵌条\n5. 施工时面层颜色、样式由甲方和设计单位确认选样，投标人综合考虑报价，加工、损耗等不另计，中标后综合单价不予调整\n6. 未尽事宜详见设计图纸、图集、设计补充说明、招标文件、政府相关文件及规范等其它资料，满足验收要求","m2",6.6,null,{"v":0,"d":"0.00"},"按深化节点图与实际的展开面积计算（见光面）"]
[242,"9#","工程名称：9#-公区","53","010808001002","不锈钢窗套","1. 部位：门套\n2. 龙骨材料种类、规格：10*20mm木方阻燃龙骨\n3. 基层材料种类、规格：双层12mm阻燃夹板，局部多层\n4. 面层材料品种、规格、颜色：1.2mm仿铜不锈钢（MT-B04）\n5. 防护材料种类：所有装修用木材均应进行防火、防腐处理\n6. 施工时面层颜色、样式由甲方和设计单位确认选样，投标人综合考虑报价，加工、切割、折边、损耗等不另计，中标后综合单价不予调整\n7. 未尽事宜详见设计图纸、图集、设计补充说明、招标文件、政府相关文件及规范等其它资料，满足验收要求","1. 部位：门套\n4. 面层材料品种、规格、颜色：1.2mm仿铜不锈钢（MT-B04）\n5. 防护材料种类：所有装修用木材均应进行防火、防腐处理\n6. 施工时面层颜色、样式由甲方和设计单位确认选样，投标人综合考虑报价，加工、切割、折边、损耗等不另计，中标后综合单价不予调整\n7. 未尽事宜详见设计图纸、图集、设计补充说明、招标文件、政府相关文件及规范等其它资料，满足验收要求","m2",35.5,null,{"v":0,"d":"0.00"},"按深化节点图与实际的展开面积计算（见光面）"]
[243,"9#","工程名称：9#-公区","54","010808001003","不锈钢窗套","1. 部位：过道\n2. 龙骨材料种类、规格：热镀锌钢龙骨（不分规格型号，投标人综合考虑）\n3. 基层材料种类、规格：双层9mm阻燃夹板\n4. 面层材料品种、规格、颜色：1.2mm仿铜不锈钢（MT-B04）\n5. 防护材料种类：所有装修用木材均应进行防火、防腐处理\n6. 施工时面层颜色、样式由甲方和设计单位确认选样，投标人综合考虑报价，加工、切割、折边、损耗等不另计，中标后综合单价不予调整\n7. 未尽事宜详见设计图纸、图集、设计补充说明、招标文件、政府相关文件及规范等其它资料，满足验收要求","1. 部位：过道\n4. 面层材料品种、规格、颜色：1.2mm仿铜不锈钢（MT-B04）\n5. 防护材料种类：所有装修用木材均应进行防火、防腐处理\n6. 施工时面层颜色、样式由甲方和设计单位确认选样，投标人综合考虑报价，加工、切割、折边、损耗等不另计，中标后综合单价不予调整\n7. 未尽事宜详见设计图纸、图集、设计补充说明、招标文件、政府相关文件及规范等其它资料，满足验收要求","m2",5.3,null,{"v":0,"d":"0.00"},"按深化节点图与实际的展开面积计算（见光面）"]
[244,"9#","工程名称：9#-公区","55","010808001004","不锈钢门套","1. 部位：电梯门套、墙面造型等\n2. 龙骨材料种类、规格：热镀锌钢龙骨（不分规格型号，投标人综合考虑）\n3. 基层材料种类、规格：12mm阻燃夹板，局部双层\n4. 面层材料品种、规格、颜色：1.2mm仿铜不锈钢（MT-B04）\n5. 防护材料种类：所有装修用木材均应进行防火、防腐处理\n6. 施工时面层颜色、样式由甲方和设计单位确认选样，投标人综合考虑报价，加工、切割、折边、损耗等不另计，中标后综合单价不予调整\n7. 未尽事宜详见设计图纸、图集、设计补充说明、招标文件、政府相关文件及规范等其它资料，满足验收要求","1. 部位：电梯门套、墙面造型等\n4. 面层材料品种、规格、颜色：1.2mm仿铜不锈钢（MT-B04）\n5. 防护材料种类：所有装修用木材均应进行防火、防腐处理\n6. 施工时面层颜色、样式由甲方和设计单位确认选样，投标人综合考虑报价，加工、切割、折边、损耗等不另计，中标后综合单价不予调整\n7. 未尽事宜详见设计图纸、图集、设计补充说明、招标文件、政府相关文件及规范等其它资料，满足验收要求","m2",49.5,null,{"v":0,"d":"0.00"},"按深化节点图与实际的展开面积计算（见光面）"]
[245,"9#","工程名称：9#-公区","69","WB011105006002","成品踢脚线","1. 部位：二层、三层过道\n2. 踢脚线高度：50mm高\n3．基层材料种类、规格：12mm阻燃夹板\n4．面层材料品种、规格、颜色：1.2mm仿铜不锈钢（MT-B04)\n5．施工时面层颜色、样式由甲方和设计单位确认选样，投标人综合考虑报价，加工、切割、折边、损耗等不另计，中标后综合单价不予调整\n6．未尽事宜详见设计图纸、图集、设计补充说明、招标文件、政府相关文件及规范等其它资料，满足验收要求","1. 部位：二层、三层过道\n2. 踢脚线高度：50mm高\n4．面层材料品种、规格、颜色：1.2mm仿铜不锈钢（MT-B04)\n5．施工时面层颜色、样式由甲方和设计单位确认选样，投标人综合考虑报价，加工、切割、折边、损耗等不另计，中标后综合单价不予调整\n6．未尽事宜详见设计图纸、图集、设计补充说明、招标文件、政府相关文件及规范等其它资料，满足验收要求","m",647.25,null,{"v":0,"d":"0.00"},"按现场实际发生量长度计算"]
[246,"9#","工程名称：9#-公区","74","011207001009","硬包暗门","1. 部位：公区过道\n2. 龙骨材料种类、规格：：热镀锌钢龙骨（不分规格型号，投标人综合考虑）+1.0mm厚镀锌铁皮包封\n3. 基层材料种类、规格：12mm阻燃夹板\n4. 面层材料品种、规格、颜色：布艺硬包（WC-B01）+12mm阻燃内衬板+1.2mm仿铜不锈钢包边\n5. 五金品种、规格：包括不限于暗铰链、磁碰、天地轴、隐藏拉手等完成此项工作的全部五金配件\n6. 施工时面层颜色、样式由甲方和设计单位确认选样，投标人综合考虑报价，加工、损耗等不另计，中标后综合单价不予调整\n7. 未尽事宜详见设计图纸、图集、设计补充说明、招标文件、政府相关文件及规范等其它资料，满足验收要求","1. 部位：公区过道\n4. 面层材料品种、规格、颜色：1.2mm仿铜不锈钢包边\n5. 五金品种、规格：包括不限于暗铰链、磁碰、天地轴、隐藏拉手等完成此项工作的全部五金配件\n6. 施工时面层颜色、样式由甲方和设计单位确认选样，投标人综合考虑报价，加工、损耗等不另计，中标后综合单价不予调整\n7. 未尽事宜详见设计图纸、图集、设计补充说明、招标文件、政府相关文件及规范等其它资料，满足验收要求","m2",45.5,null,{"v":0,"d":"0.00"},"按深化节点图与实际的展开面积计算（见光面）"]
[247,"9#","工程名称：9#-公区","76","011207001011","墙面装饰板","1．部位：走道等\n2．龙骨材料种类、规格：热镀锌钢龙骨（不分规格型号，投标人综合考虑）\n3．基层材料种类、规格：12mm阻燃夹板，局部双层\n4. 面层材料品种、规格、颜色：1.2mm仿铜不锈钢（MT-B04）\n5．防护材料种类：所有装修用木基层均应进行防火、防腐处理\n6. 施工时面层颜色、样式由甲方和设计单位确认选样，投标人综合考虑报价，加工、切割、折边、损耗等不另计，中标后综合单价不予调整\n7．未尽事宜详见设计图纸、图集、设计补充说明、招标文件、政府相关文件及规范等其它资料，满足验收要求","1．部位：走道等\n4. 面层材料品种、规格、颜色：1.2mm仿铜不锈钢（MT-B04）\n6. 施工时面层颜色、样式由甲方和设计单位确认选样，投标人综合考虑报价，加工、切割、折边、损耗等不另计，中标后综合单价不予调整\n7．未尽事宜详见设计图纸、图集、设计补充说明、招标文件、政府相关文件及规范等其它资料，满足验收要求","m2",117.1,null,{"v":0,"d":"0.00"},"按深化节点图与实际的展开面积计算（见光面）"]
[248,"9#","工程名称：9#-公区","77","011207001012","墙面装饰板","1．部位：走道等\n2．龙骨材料种类、规格：轻钢龙骨，规格尺寸满足现场和规范要求\n3．基层材料种类、规格：12mm阻燃夹板，局部双层\n4. 面层材料品种、规格、颜色：1.2mm仿铜不锈钢（MT-B04）\n5．防护材料种类：所有装修用木基层均应进行防火、防腐处理\n6. 施工时面层颜色、样式由甲方和设计单位确认选样，投标人综合考虑报价，加工、切割、折边、损耗等不另计，中标后综合单价不予调整\n7．未尽事宜详见设计图纸、图集、设计补充说明、招标文件、政府相关文件及规范等其它资料，满足验收要求","1．部位：走道等\n4. 面层材料品种、规格、颜色：1.2mm仿铜不锈钢（MT-B04）\n6. 施工时面层颜色、样式由甲方和设计单位确认选样，投标人综合考虑报价，加工、切割、折边、损耗等不另计，中标后综合单价不予调整\n7．未尽事宜详见设计图纸、图集、设计补充说明、招标文件、政府相关文件及规范等其它资料，满足验收要求","m2",4.4,null,{"v":0,"d":"0.00"},"按深化节点图与实际的展开面积计算（见光面）"]
[249,"9#","工程名称：9#-公区","89","WB011302005012","天棚不锈钢板","1. 部位：走道\n2. 吊杆种类、规格：φ8热镀锌钢筋吊杆间距@≤1200mm，\n3. 龙骨材料种类、规格：CS60主龙骨吊件，CS60主龙骨间距@≤1200mm，C50*20*0.6次龙骨间距@400mm，局部钢龙骨加固\n4. 基层材料种类、规格：双层9mm硅酸钙板\n5. 面层材料品种、规格、颜色:1.2mm仿木纹覆膜不锈钢（MT-B02）\n6. 施工时面层颜色、样式由甲方和设计单位确认选样，切割等加工费不另计，投标人综合考虑报价，中标后综合单价不予调整\n7. 未尽事宜详见设计图纸、图集、设计补充说明、招标文件、政府相关文件及规范等其它资料，满足验收要求","1. 部位：走道\n5. 面层材料品种、规格、颜色:1.2mm仿木纹覆膜不锈钢（MT-B02）\n6. 施工时面层颜色、样式由甲方和设计单位确认选样，切割等加工费不另计，投标人综合考虑报价，中标后综合单价不予调整\n7. 未尽事宜详见设计图纸、图集、设计补充说明、招标文件、政府相关文件及规范等其它资料，满足验收要求","m2",13.7,null,{"v":0,"d":"0.00"},"按深化节点图与实际的展开面积计算（见光面）"]
[250,"9#","工程名称：9#-公区","90","WB011302005013","天棚不锈钢板","1. 部位：电梯厅\n2. 吊杆种类、规格：φ8热镀锌钢筋吊杆间距@≤1200mm，\n3. 龙骨材料种类、规格：CS60主龙骨吊件，CS60主龙骨间距@≤1200mm，C50*20*0.6次龙骨间距@400mm，局部钢龙骨加固\n4. 基层材料种类、规格：双层9mm硅酸钙板\n5. 面层材料品种、规格、颜色:1.2mm仿铜覆膜不锈钢（MT-B03）\n6. 施工时面层颜色、样式由甲方和设计单位确认选样，切割等加工费不另计，投标人综合考虑报价，中标后综合单价不予调整\n7. 未尽事宜详见设计图纸、图集、设计补充说明、招标文件、政府相关文件及规范等其它资料，满足验收要求","1. 部位：电梯厅\n4. 基层材料种类、规格：双层9mm硅酸钙板\n5. 面层材料品种、规格、颜色:1.2mm仿铜覆膜不锈钢（MT-B03）\n6. 施工时面层颜色、样式由甲方和设计单位确认选样，切割等加工费不另计，投标人综合考虑报价，中标后综合单价不予调整\n7. 未尽事宜详见设计图纸、图集、设计补充说明、招标文件、政府相关文件及规范等其它资料，满足验收要求","m2",89.1,null,{"v":0,"d":"0.00"},"按深化节点图与实际的展开面积计算（见光面）"]
[251,"9#","工程名称：9#-公区","96","WB011501001001","服务台","1. 台柜规格：长2400*高1100*宽900mm\n2. 材料种类、规格：镀锌方管钢架、双层9mm阻燃夹板基层+12mm深橡木饰面（WD-B01）\n3. 外饰面：25mm巴洛克紫大理石（ST-B07）、1.2mm仿铜覆膜不锈钢踢脚（MT-B03）\n4. 台面材料、规格：25mm巴洛克紫大理石（ST-B07）台面\n5. 五金种类、规格：含所有配套不锈钢五金件\n6. 施工时面层颜色、样式由甲方和设计单位确认选样，加工、排版损耗等不另计，投标人综合考虑报价，中标后综合单价不予调整\n7. 未尽事宜详见设计图纸、图集、设计补充说明、招标文件、政府相关文件及规范等其它资料，满足验收要求","1. 台柜规格：长2400*高1100*宽900mm\n3. 外饰面：1.2mm仿铜覆膜不锈钢踢脚（MT-B03）\n6. 施工时面层颜色、样式由甲方和设计单位确认选样，加工、排版损耗等不另计，投标人综合考虑报价，中标后综合单价不予调整\n7. 未尽事宜详见设计图纸、图集、设计补充说明、招标文件、政府相关文件及规范等其它资料，满足验收要求","m",2.4,null,{"v":0,"d":"0.00"},"按现场实际发生量长度计算"]
[252,"9#","工程名称：9#-公区","97","011502001004","金属装饰条","1．部位：收边、嵌条\n2．嵌条材料品种、规格、颜色：1.2mm仿铜不锈钢(MT-B04)，展开宽度60以内\n3．施工时面层颜色、样式由甲方和设计单位确认选样，投标人综合考虑报价，加工、切割、折边、损耗等不另计，中标后综合单价不予调整\n4．未尽事宜详见设计图纸、图集、设计补充说明、招标文件、政府相关文件及规范等其它资料，满足验收要求。","1．部位：收边、嵌条\n2．嵌条材料品种、规格、颜色：1.2mm仿铜不锈钢(MT-B04)，展开宽度60以内\n3．施工时面层颜色、样式由甲方和设计单位确认选样，投标人综合考虑报价，加工、切割、折边、损耗等不另计，中标后综合单价不予调整\n4．未尽事宜详见设计图纸、图集、设计补充说明、招标文件、政府相关文件及规范等其它资料，满足验收要求。","m",633.62,null,{"v":0,"d":"0.00"},"按现场实际发生量长度计算"]
[253,"9#","工程名称：9#-公区","98","011502001005","金属装饰条","1．部位：收边、嵌条\n2．嵌条材料品种、规格、颜色：1.2mm仿铜不锈钢(MT-B04)，展开宽度60~100mm以内\n3．施工时面层颜色、样式由甲方和设计单位确认选样，投标人综合考虑报价，加工、切割、折边、损耗等不另计，中标后综合单价不予调整\n4．未尽事宜详见设计图纸、图集、设计补充说明、招标文件、政府相关文件及规范等其它资料，满足验收要求。","1．部位：收边、嵌条\n2．嵌条材料品种、规格、颜色：1.2mm仿铜不锈钢(MT-B04)，展开宽度60~100mm以内\n3．施工时面层颜色、样式由甲方和设计单位确认选样，投标人综合考虑报价，加工、切割、折边、损耗等不另计，中标后综合单价不予调整\n4．未尽事宜详见设计图纸、图集、设计补充说明、招标文件、政府相关文件及规范等其它资料，满足验收要求。","m",390.97,null,{"v":0,"d":"0.00"},"按现场实际发生量长度计算"]
[254,"9#","工程名称：9#-公区","103","010801004002","装饰防火门","1. 部位：化妆间等\n2. 门扇龙骨、基层材料种类、规格：甲级防火门门芯(须满足当地消防部门的防火认证)+12mm阻燃夹板+四周热镀锌方通固定\n3. 面层材料品种、规格、颜色：木转印，定制成品金属门拉手，包含木转印门套\n4. 五金品种、规格：包含但不限于门锁、五金、合页等完成此项工作的五金配件\n5. 施工时面层颜色、样式由甲方和设计单位确认选样，投标人综合考虑报价，加工、损耗等不另计，中标后综合单价不予调整\n6. 未尽事宜详见设计图纸、图集、设计补充说明、招标文件、政府相关文件及规范等其它资料，满足验收要求","1. 部位：化妆间等\n3. 面层材料品种、规格、颜色：木转印，包含木转印门套\n5. 施工时面层颜色、样式由甲方和设计单位确认选样，投标人综合考虑报价，加工、损耗等不另计，中标后综合单价不予调整\n6. 未尽事宜详见设计图纸、图集、设计补充说明、招标文件、政府相关文件及规范等其它资料，满足验收要求","m2",8.53,null,{"v":0,"d":"0.00"},"按深化节点图与实际的展开面积计算（见光面）"]
[255,"9#","工程名称：9#-公区","104","WB010801004002","装饰门扇安装-1","1. 部位：多功能厅、大包间、会见厅、宴会等\n2. 门扇龙骨、基层材料种类、规格：25mm细木工板+9mm阻燃夹板+四周热镀锌方通固定\n3. 面层材料品种、规格、颜色：皮革硬包（12mm雪弗板内衬板）（UP-B02）+1.2mm厚仿铜不锈钢（MT-B04）+仿铜不锈钢嵌条，定制成品金属门拉手\n4. 五金品种、规格：包含但不限于门锁、天地轴承、五金合页等完成此项工作的五金配件\n5. 施工时面层颜色、样式由甲方和设计单位确认选样，投标人综合考虑报价，加工、损耗等不另计，中标后综合单价不予调整\n6. 未尽事宜详见设计图纸、图集、设计补充说明、招标文件、政府相关文件及规范等其它资料，满足验收要求","1. 部位：多功能厅、大包间、会见厅、宴会等\n3. 面层材料品种、规格、颜色：1.2mm厚仿铜不锈钢（MT-B04）+仿铜不锈钢嵌条\n5. 施工时面层颜色、样式由甲方和设计单位确认选样，投标人综合考虑报价，加工、损耗等不另计，中标后综合单价不予调整\n6. 未尽事宜详见设计图纸、图集、设计补充说明、招标文件、政府相关文件及规范等其它资料，满足验收要求","m2",35.2,null,{"v":0,"d":"0.00"},"按深化节点图与实际的展开面积计算（见光面）"]
[256,"9#","工程名称：9#-公区","106","010801004003","装饰防火门","1. 部位：多功能厅过道\n2. 门扇龙骨材料种类、规格：甲级防火门门芯(须满足当地消防部门的防火认证)\n3. 面层材料种类、规格：1.2mm仿木纹覆膜不锈钢（MT-B02）+25mm维纳斯白大理石（ST-B09）\n4. 五金品种、规格：包括不限于暗铰链、磁碰、天地轴、拉手等完成此项工作的全部五金配件\n5. 未尽事宜详见设计图纸、图集、设计补充说明、招标文件、政府相关文件及规范等其它资料，满足验收要求","1. 部位：多功能厅过道\n3. 面层材料种类、规格：1.2mm仿木纹覆膜不锈钢（MT-B02）\n5. 未尽事宜详见设计图纸、图集、设计补充说明、招标文件、政府相关文件及规范等其它资料，满足验收要求","m2",2.76,null,{"v":0,"d":"0.00"},"按深化节点图与实际的展开面积计算（见光面）"]
[257,"9#","工程名称：9#-公区","107","010801004004","装饰防火门","1. 部位：会见室\n2. 门扇龙骨、基层材料种类、规格：乙级防火门门芯(须满足当地消防部门的防火认证)+12mm阻燃夹板+四周热镀锌方通固定\n3. 面层材料品种、规格、颜色：皮革硬包（12mm雪弗板内衬板）（UP-B02）+1.2mm厚仿铜不锈钢（MT-B04）+仿铜不锈钢嵌条，定制成品金属门拉手\n4. 五金品种、规格：包含但不限于定制不锈钢天地门轴、暗藏五金合页等完成此项工作的全部五金配件\n5. 施工时面层颜色、样式由甲方和设计单位确认选样，投标人综合考虑报价，加工、损耗等不另计，中标后综合单价不予调整\n6. 未尽事宜详见设计图纸、图集、设计补充说明、招标文件、政府相关文件及规范等其它资料，满足验收要求","1. 部位：会见室\n3. 面层材料品种、规格、颜色：1.2mm厚仿铜不锈钢（MT-B04）+仿铜不锈钢嵌条\n5. 施工时面层颜色、样式由甲方和设计单位确认选样，投标人综合考虑报价，加工、损耗等不另计，中标后综合单价不予调整\n6. 未尽事宜详见设计图纸、图集、设计补充说明、招标文件、政府相关文件及规范等其它资料，满足验收要求","m2",12.5,null,{"v":0,"d":"0.00"},"按深化节点图与实际的展开面积计算（见光面）"]
[258,"9#","工程名称：9#-公区","108","010808001005","不锈钢窗套","1. 部位：门套\n2. 龙骨材料种类、规格：10*20mm木方阻燃龙骨\n3. 基层材料种类、规格：双层12mm阻燃夹板，局部多层\n4. 面层材料品种、规格、颜色：1.2mm仿铜不锈钢（MT-B04）\n5. 防护材料种类：所有装修用木材均应进行防火、防腐处理\n6. 施工时面层颜色、样式由甲方和设计单位确认选样，投标人综合考虑报价，加工、切割、折边、损耗等不另计，中标后综合单价不予调整\n7. 未尽事宜详见设计图纸、图集、设计补充说明、招标文件、政府相关文件及规范等其它资料，满足验收要求","1. 部位：门套\n4. 面层材料品种、规格、颜色：1.2mm仿铜不锈钢（MT-B04）\n6. 施工时面层颜色、样式由甲方和设计单位确认选样，投标人综合考虑报价，加工、切割、折边、损耗等不另计，中标后综合单价不予调整\n7. 未尽事宜详见设计图纸、图集、设计补充说明、招标文件、政府相关文件及规范等其它资料，满足验收要求","m2",82,null,{"v":0,"d":"0.00"},"按深化节点图与实际的展开面积计算（见光面）"]
[259,"9#","工程名称：9#-公区","133","WB011105006003","成品踢脚线","1. 部位：多功能厅等\n2. 踢脚线高度：50mm高\n3．基层材料种类、规格：12mm阻燃夹板\n4．面层材料品种、规格、颜色：1.2mm仿木纹覆膜不锈钢（MT-B02)\n5．施工时面层颜色、样式由甲方和设计单位确认选样，投标人综合考虑报价，加工、切割、折边、损耗等不另计，中标后综合单价不予调整\n6．未尽事宜详见设计图纸、图集、设计补充说明、招标文件、政府相关文件及规范等其它资料，满足验收要求","1. 部位：多功能厅等\n2. 踢脚线高度：50mm高\n4．面层材料品种、规格、颜色：1.2mm仿木纹覆膜不锈钢（MT-B02)\n5．施工时面层颜色、样式由甲方和设计单位确认选样，投标人综合考虑报价，加工、切割、折边、损耗等不另计，中标后综合单价不予调整\n6．未尽事宜详见设计图纸、图集、设计补充说明、招标文件、政府相关文件及规范等其它资料，满足验收要求","m",486.79,null,{"v":0,"d":"0.00"},"按现场实际发生量长度计算"]
[260,"9#","工程名称：9#-公区","134","WB011105006004","成品踢脚线","1. 部位：会见室等\n2. 踢脚线高度：50mm高\n3．基层材料种类、规格：12mm阻燃夹板\n4．面层材料品种、规格、颜色：1.2mm仿铜覆膜不锈钢（MT-B03)\n5．施工时面层颜色、样式由甲方和设计单位确认选样，投标人综合考虑报价，加工、切割、折边、损耗等不另计，中标后综合单价不予调整\n6．未尽事宜详见设计图纸、图集、设计补充说明、招标文件、政府相关文件及规范等其它资料，满足验收要求","1. 部位：会见室等\n2. 踢脚线高度：50mm高\n4．面层材料品种、规格、颜色：1.2mm仿铜覆膜不锈钢（MT-B03)\n5．施工时面层颜色、样式由甲方和设计单位确认选样，投标人综合考虑报价，加工、切割、折边、损耗等不另计，中标后综合单价不予调整\n6．未尽事宜详见设计图纸、图集、设计补充说明、招标文件、政府相关文件及规范等其它资料，满足验收要求","m",57.25,null,{"v":0,"d":"0.00"},"按现场实际发生量长度计算"]
[261,"9#","工程名称：9#-公区","135","WB011105006005","成品踢脚线","1. 部位：会客厅等\n2. 踢脚线高度：50mm高\n3．基层材料种类、规格：12mm阻燃夹板\n4．面层材料品种、规格、颜色：1.2mm仿铜不锈钢（MT-B04)\n5．施工时面层颜色、样式由甲方和设计单位确认选样，投标人综合考虑报价，加工、切割、折边、损耗等不另计，中标后综合单价不予调整\n6．未尽事宜详见设计图纸、图集、设计补充说明、招标文件、政府相关文件及规范等其它资料，满足验收要求","1. 部位：会客厅等\n2. 踢脚线高度：50mm高\n4．面层材料品种、规格、颜色：1.2mm仿铜不锈钢（MT-B04)\n5．施工时面层颜色、样式由甲方和设计单位确认选样，投标人综合考虑报价，加工、切割、折边、损耗等不另计，中标后综合单价不予调整\n6．未尽事宜详见设计图纸、图集、设计补充说明、招标文件、政府相关文件及规范等其它资料，满足验收要求","m",94.71,null,{"v":0,"d":"0.00"},"按现场实际发生量长度计算"]
[262,"9#","工程名称：9#-公区","144","011207001019","墙面装饰板","1．部位：多功能厅等\n2．龙骨材料种类、规格：热镀锌钢龙骨（不分规格型号，投标人综合考虑），内塞50mm厚岩棉(容重80kg/m3)\n3．基层材料种类、规格：12mm阻燃夹板，局部双层\n4. 面层材料品种、规格、颜色：1.2mm仿木纹覆膜不锈钢（MT-B02）\n5．防护材料种类：所有装修用木基层均应进行防火、防腐处理\n6. 施工时面层颜色、样式由甲方和设计单位确认选样，投标人综合考虑报价，加工、切割、折边、损耗等不另计，中标后综合单价不予调整\n7．未尽事宜详见设计图纸、图集、设计补充说明、招标文件、政府相关文件及规范等其它资料，满足验收要求","1．部位：多功能厅等\n4. 面层材料品种、规格、颜色：1.2mm仿木纹覆膜不锈钢（MT-B02）\n6. 施工时面层颜色、样式由甲方和设计单位确认选样，投标人综合考虑报价，加工、切割、折边、损耗等不另计，中标后综合单价不予调整\n7．未尽事宜详见设计图纸、图集、设计补充说明、招标文件、政府相关文件及规范等其它资料，满足验收要求","m2",1157.8,null,{"v":0,"d":"0.00"},"按深化节点图与实际的展开面积计算（见光面）"]
[263,"9#","工程名称：9#-公区","145","011207001020","墙面装饰板","1．部位：大包厢、会见室等\n2．龙骨材料种类、规格：热镀锌钢龙骨（不分规格型号，投标人综合考虑），内塞50mm厚岩棉(容重80kg/m3)\n3．基层材料种类、规格：12mm阻燃夹板，局部双层\n4. 面层材料品种、规格、颜色：1.2mm仿铜覆膜不锈钢（MT-B03）\n5．防护材料种类：所有装修用木基层均应进行防火、防腐处理\n6. 施工时面层颜色、样式由甲方和设计单位确认选样，投标人综合考虑报价，加工、切割、折边、损耗等不另计，中标后综合单价不予调整\n7．未尽事宜详见设计图纸、图集、设计补充说明、招标文件、政府相关文件及规范等其它资料，满足验收要求","1．部位：大包厢、会见室等\n4. 面层材料品种、规格、颜色：1.2mm仿铜覆膜不锈钢（MT-B03）\n6. 施工时面层颜色、样式由甲方和设计单位确认选样，投标人综合考虑报价，加工、切割、折边、损耗等不另计，中标后综合单价不予调整\n7．未尽事宜详见设计图纸、图集、设计补充说明、招标文件、政府相关文件及规范等其它资料，满足验收要求","m2",312.1,null,{"v":0,"d":"0.00"},"按深化节点图与实际的展开面积计算（见光面）"]
[264,"9#","工程名称：9#-公区","146","011207001021","墙面装饰板","1．部位：卫生间等\n2．龙骨材料种类、规格：热镀锌钢龙骨（不分规格型号，投标人综合考虑），内塞50mm厚岩棉(容重80kg/m3)\n3．基层材料种类、规格：12mm阻燃夹板，局部双层\n4. 面层材料品种、规格、颜色：1.2mm仿铜不锈钢（MT-B04）\n5．防护材料种类：所有装修用木基层均应进行防火、防腐处理\n6. 施工时面层颜色、样式由甲方和设计单位确认选样，投标人综合考虑报价，加工、切割、折边、损耗等不另计，中标后综合单价不予调整\n7．未尽事宜详见设计图纸、图集、设计补充说明、招标文件、政府相关文件及规范等其它资料，满足验收要求","1．部位：卫生间等\n4. 面层材料品种、规格、颜色：1.2mm仿铜不锈钢（MT-B04）\n6. 施工时面层颜色、样式由甲方和设计单位确认选样，投标人综合考虑报价，加工、切割、折边、损耗等不另计，中标后综合单价不予调整\n7．未尽事宜详见设计图纸、图集、设计补充说明、招标文件、政府相关文件及规范等其它资料，满足验收要求","m2",4.26,null,{"v":0,"d":"0.00"},"按深化节点图与实际的展开面积计算（见光面）"]
[265,"9#","工程名称：9#-公区","164","011210002001","仿木纹覆膜不锈钢方通","1. 部位：多功能厅，宴会厅等\n2．规格：45*20*1.2mm仿木纹覆膜不锈钢方通（MT-B02），间距@30mm，焊接固定\n3. 施工时面层颜色、样式由甲方和设计单位确认选样，投标人综合考虑报价，加工、切割、折边、损耗等不另计，中标后综合单价不予调整\n4．未尽事宜详见设计图纸、图集、设计补充说明、招标文件、政府相关文件及规范等其它资料，满足验收要求","1. 部位：多功能厅，宴会厅等\n2．规格：45*20*1.2mm仿木纹覆膜不锈钢方通（MT-B02），间距@30mm，焊接固定\n3. 施工时面层颜色、样式由甲方和设计单位确认选样，投标人综合考虑报价，加工、切割、折边、损耗等不另计，中标后综合单价不予调整\n4．未尽事宜详见设计图纸、图集、设计补充说明、招标文件、政府相关文件及规范等其它资料，满足验收要求","m2",91.63,null,{"v":0,"d":"0.00"},"按投影面积"]
[266,"9#","工程名称：9#-公区","165","011210006001","卫生间隔断","1. 部位：卫生间\n2. 龙骨材料种类、规格：热镀锌钢龙骨（不分规格型号，投标人综合考虑），底部C20混凝土导墙不另列，报价综合考虑\n3. 基层材料种类、规格：12mm硅酸钙板基层，门扇基层为细木工板+12mm硅酸钙板\n4. 面层材料品种、规格、颜色：双面10mm厚仿木纹防火板（WD-B08），50mm高仿铜不锈钢踢脚线（MT-B04），门上顶面仿铜不锈钢包边(MT-B04）\n5. 施工时面层颜色、样式由甲方和设计单位确认选样，投标人综合考虑报价，加工、切割、折边、损耗等不另计，中标后综合单价不予调整\n6. 未尽事宜详见设计图纸、图集、设计补充说明、招标文件、政府相关文件及规范等其它资料，满足验收要求","1. 部位：卫生间\n4. 面层材料品种、规格、颜色：50mm高仿铜不锈钢踢脚线（MT-B04），门上顶面仿铜不锈钢包边(MT-B04）\n5. 施工时面层颜色、样式由甲方和设计单位确认选样，投标人综合考虑报价，加工、切割、折边、损耗等不另计，中标后综合单价不予调整\n6. 未尽事宜详见设计图纸、图集、设计补充说明、招标文件、政府相关文件及规范等其它资料，满足验收要求","m2",18.2,null,{"v":0,"d":"0.00"},"按深化节点图与实际的展开面积计算（见光面）"]
[267,"9#","工程名称：9#-公区","166","011210006002","玻璃隔断","1. 部位：大包间、会见室\n2. 龙骨材料种类、规格：热镀锌钢龙骨（不分规格型号，投标人综合考虑）\n3. 基层材料种类、规格：9mm阻燃夹板\n4. 隔断面层：8mm长虹玻璃（GL-B01）+1.2mm仿木纹覆膜不锈钢（MT-B02）\n5. 防护材料种类：所有装修用木基层均应进行防火、防腐处理\n6. 施工时面层颜色、样式由甲方和设计单位确认选样，投标人综合考虑报价，加工、切割、折边、损耗等不另计，中标后综合单价不予调整\n7. 未尽事宜详见设计图纸、图集、设计补充说明、招标文件、政府相关文件及规范等其它资料，满足验收要求","1. 部位：大包间、会见室\n4. 隔断面层：8mm长虹玻璃（GL-B01）+1.2mm仿木纹覆膜不锈钢（MT-B02）\n5. 防护材料种类：所有装修用木基层均应进行防火、防腐处理\n6. 施工时面层颜色、样式由甲方和设计单位确认选样，投标人综合考虑报价，加工、切割、折边、损耗等不另计，中标后综合单价不予调整\n7. 未尽事宜详见设计图纸、图集、设计补充说明、招标文件、政府相关文件及规范等其它资料，满足验收要求","m2",131.01,null,{"v":0,"d":"0.00"},"按投影面积"]
[268,"9#","工程名称：9#-公区","167","011210006003","不锈钢屏风","1.部位：大包厢\n2.龙骨材料种类、规格：热镀锌钢龙骨（不分规格型号，投标人综合考虑）\n3.基层材料种类、规格：9mm阻燃夹板\n4.屏风面层：仿木纹覆膜不锈钢（MT-B02），镂空造型\n5.防护材料种类：所有装修用木基层均应进行防火、防腐处理\n6.施工时面层颜色、样式由甲方和设计单位确认选样，投标人综合考虑报价，加工、切割、折边、损耗等不另计，中标后综合单价不予调整\n7.未尽事宜详见设计图纸、图集、设计补充说明、招标文件、政府相关文件及规范等其它资料，满足验收要求","1.部位：大包厢\n4.屏风面层：仿木纹覆膜不锈钢（MT-B02），镂空造型\n5.防护材料种类：所有装修用木基层均应进行防火、防腐处理\n6.施工时面层颜色、样式由甲方和设计单位确认选样，投标人综合考虑报价，加工、切割、折边、损耗等不另计，中标后综合单价不予调整\n7.未尽事宜详见设计图纸、图集、设计补充说明、招标文件、政府相关文件及规范等其它资料，满足验收要求","m2",19.24,null,{"v":0,"d":"0.00"},"按投影面积"]
[269,"9#","工程名称：9#-公区","172","WB011302005017","天棚不锈钢板","1. 部位：多功能厅等\n2. 吊杆种类、规格：φ8热镀锌钢筋吊杆间距@≤1200mm，\n3. 龙骨材料种类、规格：CS60主龙骨吊件，CS60主龙骨间距@≤1200mm，C50*20*0.6次龙骨间距@400mm，局部钢龙骨加固\n4. 基层材料种类、规格：双层9mm硅酸钙板\n5. 面层材料品种、规格、颜色:1.2mm白色烤漆不锈钢（MT-B01）\n6. 施工时面层颜色、样式由甲方和设计单位确认选样，切割等加工费不另计，投标人综合考虑报价，中标后综合单价不予调整\n7. 未尽事宜详见设计图纸、图集、设计补充说明、招标文件、政府相关文件及规范等其它资料，满足验收要求","1. 部位：多功能厅等\n5. 面层材料品种、规格、颜色:1.2mm白色烤漆不锈钢（MT-B01）\n6. 施工时面层颜色、样式由甲方和设计单位确认选样，切割等加工费不另计，投标人综合考虑报价，中标后综合单价不予调整\n7. 未尽事宜详见设计图纸、图集、设计补充说明、招标文件、政府相关文件及规范等其它资料，满足验收要求","m2",68.4,null,{"v":0,"d":"0.00"},"按深化节点图与实际的展开面积计算（见光面）"]
[270,"9#","工程名称：9#-公区","173","WB011302005018","天棚不锈钢板","1. 部位：多功能厅等\n2. 吊杆种类、规格：φ8热镀锌钢筋吊杆间距@≤1200mm，\n3. 龙骨材料种类、规格：CS60主龙骨吊件，CS60主龙骨间距@≤1200mm，C50*20*0.6次龙骨间距@400mm，局部钢龙骨加固\n4. 基层材料种类、规格：双层9mm硅酸钙板\n5. 面层材料品种、规格、颜色:1.2mm仿木纹覆膜不锈钢（MT-B02）\n6. 施工时面层颜色、样式由甲方和设计单位确认选样，切割等加工费不另计，投标人综合考虑报价，中标后综合单价不予调整\n7. 未尽事宜详见设计图纸、图集、设计补充说明、招标文件、政府相关文件及规范等其它资料，满足验收要求","1. 部位：多功能厅等\n5. 面层材料品种、规格、颜色:1.2mm仿木纹覆膜不锈钢（MT-B02）\n6. 施工时面层颜色、样式由甲方和设计单位确认选样，切割等加工费不另计，投标人综合考虑报价，中标后综合单价不予调整\n7. 未尽事宜详见设计图纸、图集、设计补充说明、招标文件、政府相关文件及规范等其它资料，满足验收要求","m2",368.2,null,{"v":0,"d":"0.00"},"按深化节点图与实际的展开面积计算（见光面）"]
[271,"9#","工程名称：9#-公区","174","WB011302005019","天棚不锈钢板","1. 部位：宴会厅等\n2. 吊杆种类、规格：φ8热镀锌钢筋吊杆间距@≤1200mm，\n3. 龙骨材料种类、规格：CS60主龙骨吊件，CS60主龙骨间距@≤1200mm，C50*20*0.6次龙骨间距@400mm，局部钢龙骨加固\n4. 基层材料种类、规格：双层9mm硅酸钙板\n5. 面层材料品种、规格、颜色:1.2mm仿铜覆膜不锈钢（MT-B03）\n6. 施工时面层颜色、样式由甲方和设计单位确认选样，切割等加工费不另计，投标人综合考虑报价，中标后综合单价不予调整\n7. 未尽事宜详见设计图纸、图集、设计补充说明、招标文件、政府相关文件及规范等其它资料，满足验收要求","1. 部位：宴会厅等\n5. 面层材料品种、规格、颜色:1.2mm仿铜覆膜不锈钢（MT-B03）\n6. 施工时面层颜色、样式由甲方和设计单位确认选样，切割等加工费不另计，投标人综合考虑报价，中标后综合单价不予调整\n7. 未尽事宜详见设计图纸、图集、设计补充说明、招标文件、政府相关文件及规范等其它资料，满足验收要求","m2",367.3,null,{"v":0,"d":"0.00"},"按深化节点图与实际的展开面积计算（见光面）"]
[272,"9#","工程名称：9#-公区","175","WB011302005020","天棚不锈钢板","1. 部位：会见室\n2. 吊杆种类、规格：φ8热镀锌钢筋吊杆间距@≤1200mm，\n3. 龙骨材料种类、规格：CS60主龙骨吊件，CS60主龙骨间距@≤1200mm，C50*20*0.6次龙骨间距@400mm，局部钢龙骨加固\n4. 基层材料种类、规格：双层9mm硅酸钙板\n5. 面层材料品种、规格、颜色:1.2mm仿铜不锈钢（MT-B04）\n6. 施工时面层颜色、样式由甲方和设计单位确认选样，切割等加工费不另计，投标人综合考虑报价，中标后综合单价不予调整\n7. 未尽事宜详见设计图纸、图集、设计补充说明、招标文件、政府相关文件及规范等其它资料，满足验收要求","1. 部位：会见室\n5. 面层材料品种、规格、颜色:1.2mm仿铜不锈钢（MT-B04）\n6. 施工时面层颜色、样式由甲方和设计单位确认选样，切割等加工费不另计，投标人综合考虑报价，中标后综合单价不予调整\n7. 未尽事宜详见设计图纸、图集、设计补充说明、招标文件、政府相关文件及规范等其它资料，满足验收要求","m2",25.3,null,{"v":0,"d":"0.00"},"按深化节点图与实际的展开面积计算（见光面）"]
[273,"9#","工程名称：9#-公区","186","WB011501001002","洗手台+柜体","1. 部位：会见室卫生间\n2. 规格尺寸：600*300mm\n3. 龙骨材料种类、规格：热镀锌钢龙骨（不分规格型号，投标人综合考虑）\n4. 基层材料种类、规格：12mm硅酸钙板\n5. 面层材料品种、规格、颜色：25mm水晶米黄大理石（ST-B01）台面，10mm仿木纹防火板饰面(WD-B08）、1.2mm仿铜不锈钢（MT-B04）+防火板饰面柜体、50mm高不锈钢踢脚线等\n6. 所有石材材料在施工前须做六面防护处理,石材结晶，以保证防水、防腐、防污、防油\n7. 施工时面层颜色、样式由甲方和设计单位确认选样，倒角，磨边、切割等加工费不另计，投标人综合考虑报价，中标后综合单价不予调整\n8. 未尽事宜详见设计图纸、图集、设计补充说明、招标文件、政府相关文件及规范等其它资料，满足验收要求","1. 部位：会见室卫生间\n2. 规格尺寸：600*300mm\n5. 面层材料品种、规格、颜色：1.2mm仿铜不锈钢（MT-B04）、50mm高不锈钢踢脚线等\n7. 施工时面层颜色、样式由甲方和设计单位确认选样，倒角，磨边、切割等加工费不另计，投标人综合考虑报价，中标后综合单价不予调整\n8. 未尽事宜详见设计图纸、图集、设计补充说明、招标文件、政府相关文件及规范等其它资料，满足验收要求","m",3,null,{"v":0,"d":"0.00"},"按现场实际发生量长度计算"]
[274,"9#","工程名称：9#-公区","187","WB011501001003","洗手台+柜体","1. 部位：宴会卫生间\n2. 规格尺寸：600*300mm\n3. 龙骨材料种类、规格：热镀锌钢龙骨（不分规格型号，投标人综合考虑）\n4. 基层材料种类、规格：12mm硅酸钙板\n5. 面层材料品种、规格、颜色：18mm紫云烟大理石（ST-B02）台面，10mm仿木纹防火板饰面(WD-B08）、1.2mm仿铜不锈钢（MT-B04）+防火板饰面柜体、50mm高不锈钢踢脚线等\n6. 所有石材材料在施工前须做六面防护处理,石材结晶，以保证防水、防腐、防污、防油\n7. 施工时面层颜色、样式由甲方和设计单位确认选样，倒角，磨边、切割等加工费不另计，投标人综合考虑报价，中标后综合单价不予调整\n8. 未尽事宜详见设计图纸、图集、设计补充说明、招标文件、政府相关文件及规范等其它资料，满足验收要求","1. 部位：宴会卫生间\n2. 规格尺寸：600*300mm\n5. 面层材料品种、规格、颜色：1.2mm仿铜不锈钢（MT-B04）、50mm高不锈钢踢脚线等\n7. 施工时面层颜色、样式由甲方和设计单位确认选样，倒角，磨边、切割等加工费不另计，投标人综合考虑报价，中标后综合单价不予调整\n8. 未尽事宜详见设计图纸、图集、设计补充说明、招标文件、政府相关文件及规范等其它资料，满足验收要求","m",6,null,{"v":0,"d":"0.00"},"按现场实际发生量长度计算"]
[275,"9#","工程名称：9#-公区","188","WB011501001004","镜柜","1. 部位：会见厅卫生间、大包间卫生间、公卫等\n2. 龙骨材料种类、规格：热镀锌钢龙骨（不分规格型号，投标人综合考虑）+20*40mm木方（阻燃处理）等\n3. 基层材料种类、规格：12mm阻燃板\n4. 面层材料品种、规格、颜色：5mm银镜饰面（MR-B01）+1.2mm仿铜不锈钢（MT-B04）+四周不锈钢包边\n5. 防护材料种类：所有装修用木基层均应进行防火、防腐处理\n6. 施工时面层颜色、样式由甲方和设计单位确认选样，投标人综合考虑报价，加工、切割、折边、损耗等不另计，中标后综合单价不予调整\n7. 未尽事宜详见设计图纸、图集、设计补充说明、招标文件、政府相关文件及规范等其它资料，满足验收要求","1. 部位：会见厅卫生间、大包间卫生间、公卫等\n4. 面层材料品种、规格、颜色：5mm银镜饰面（MR-B01）+1.2mm仿铜不锈钢（MT-B04）+四周不锈钢包边\n5. 防护材料种类：所有装修用木基层均应进行防火、防腐处理\n6. 施工时面层颜色、样式由甲方和设计单位确认选样，投标人综合考虑报价，加工、切割、折边、损耗等不另计，中标后综合单价不予调整\n7. 未尽事宜详见设计图纸、图集、设计补充说明、招标文件、政府相关文件及规范等其它资料，满足验收要求","m2",22.06,null,{"v":0,"d":"0.00"},"按投影面积"]
[276,"9#","工程名称：9#-公区","191","WB011501001007","衣柜","1．部位：卫生间过道等\n2．规格：400mm宽\n3．龙骨材料种类、规格：热镀锌钢龙骨（不分规格型号，投标人综合考虑）、30*30mm木方(阻燃处理)\n4．基层板材料种类、规格：15mm阻燃夹板等基层类型及厚度综合考虑\n5．材料种类：12mm深橡木饰面（WD-B01）、抽屉柜、不锈钢门把手、不锈钢踢脚线等\n6．五金种类、规格：单价包含五金合页、抽屉滑轨、阻尼隔振胶垫、暗藏灯槽等\n7．按照立面投影面积计算\n8．防护材料种类：所有装修用木基层均应进行防火、防腐处理\n9．施工时面层颜色、样式由甲方和设计单位确认选样，加工、排版损耗等不另计，投标人综合考虑报价，中标后综合单价不予调整\n10．未尽事宜详见设计图纸、图集、设计补充说明、招标文件、政府相关文件及规范等其它资料，满足验收要求","1．部位：卫生间过道等\n2．规格：400mm宽\n5．材料种类：不锈钢踢脚线等\n8．防护材料种类：所有装修用木基层均应进行防火、防腐处理\n9．施工时面层颜色、样式由甲方和设计单位确认选样，加工、排版损耗等不另计，投标人综合考虑报价，中标后综合单价不予调整\n10．未尽事宜详见设计图纸、图集、设计补充说明、招标文件、政府相关文件及规范等其它资料，满足验收要求","m",2.9,null,{"v":0,"d":"0.00"},"按现场实际发生量长度计算"]
[277,"9#","工程名称：9#-公区","192","011502001006","金属装饰条","1．部位：收边、嵌条\n2．嵌条材料品种、规格、颜色：1.2mm仿木纹覆膜不锈钢(MT-B02)，展开宽度60mm以内\n3．施工时面层颜色、样式由甲方和设计单位确认选样，投标人综合考虑报价，加工、切割、折边、损耗等不另计，中标后综合单价不予调整\n4．未尽事宜详见设计图纸、图集、设计补充说明、招标文件、政府相关文件及规范等其它资料，满足验收要求。","1．部位：收边、嵌条\n2．嵌条材料品种、规格、颜色：1.2mm仿木纹覆膜不锈钢(MT-B02)，展开宽度60mm以内\n3．施工时面层颜色、样式由甲方和设计单位确认选样，投标人综合考虑报价，加工、切割、折边、损耗等不另计，中标后综合单价不予调整\n4．未尽事宜详见设计图纸、图集、设计补充说明、招标文件、政府相关文件及规范等其它资料，满足验收要求。","m",57.6,null,{"v":0,"d":"0.00"},"按现场实际发生量长度计算"]
[278,"9#","工程名称：9#-公区","193","011502001007","金属装饰条","1．部位：收边、嵌条\n2．嵌条材料品种、规格、颜色：1.2mm仿铜覆膜不锈钢(MT-B03)，展开宽度60mm以内\n3．施工时面层颜色、样式由甲方和设计单位确认选样，投标人综合考虑报价，加工、切割、折边、损耗等不另计，中标后综合单价不予调整\n4．未尽事宜详见设计图纸、图集、设计补充说明、招标文件、政府相关文件及规范等其它资料，满足验收要求。","1．部位：收边、嵌条\n2．嵌条材料品种、规格、颜色：1.2mm仿铜覆膜不锈钢(MT-B03)，展开宽度60mm以内\n3．施工时面层颜色、样式由甲方和设计单位确认选样，投标人综合考虑报价，加工、切割、折边、损耗等不另计，中标后综合单价不予调整\n4．未尽事宜详见设计图纸、图集、设计补充说明、招标文件、政府相关文件及规范等其它资料，满足验收要求。","m",191.32,null,{"v":0,"d":"0.00"},"按现场实际发生量长度计算"]
[279,"9#","工程名称：9#-公区","194","011502001008","金属装饰条","1．部位：收边、嵌条\n2．嵌条材料品种、规格、颜色：1.2mm仿铜不锈钢(MT-B04)，展开宽度60以内\n3．施工时面层颜色、样式由甲方和设计单位确认选样，投标人综合考虑报价，加工、切割、折边、损耗等不另计，中标后综合单价不予调整\n4．未尽事宜详见设计图纸、图集、设计补充说明、招标文件、政府相关文件及规范等其它资料，满足验收要求。","1．部位：收边、嵌条\n2．嵌条材料品种、规格、颜色：1.2mm仿铜不锈钢(MT-B04)，展开宽度60以内\n3．施工时面层颜色、样式由甲方和设计单位确认选样，投标人综合考虑报价，加工、切割、折边、损耗等不另计，中标后综合单价不予调整\n4．未尽事宜详见设计图纸、图集、设计补充说明、招标文件、政府相关文件及规范等其它资料，满足验收要求。","m",254.02,null,{"v":0,"d":"0.00"},"按现场实际发生量长度计算"]
[280,"9#","工程名称：9#-公区","196","011505010001","镜面玻璃","1．部位：残卫\n2．面层材料品种、规格、颜色：5mm成品银镜不锈钢包框\n3．施工时面层颜色、样式由甲方和设计单位确认选样，投标人综合考虑报价，加工、切割、折边、损耗等不另计，中标后综合单价不予调整\n4．未尽事宜详见设计图纸、图集、设计补充说明、招标文件、政府相关文件及规范等其它资料，满足验收要求。","1．部位：残卫\n2．面层材料品种、规格、颜色：5mm成品银镜不锈钢包框\n3．施工时面层颜色、样式由甲方和设计单位确认选样，投标人综合考虑报价，加工、切割、折边、损耗等不另计，中标后综合单价不予调整\n4．未尽事宜详见设计图纸、图集、设计补充说明、招标文件、政府相关文件及规范等其它资料，满足验收要求。","m2",2.08,null,{"v":0,"d":"0.00"},"按投影面积"]
[281,"9#","工程名称：9#-公区","202","010808001007","不锈钢窗套","1. 部位：门套\n2. 龙骨材料种类、规格：10*20mm木方阻燃龙骨\n3. 基层材料种类、规格：双层12mm阻燃夹板，局部多层\n4. 面层材料品种、规格、颜色：1.2mm仿铜不锈钢（MT-B04）\n5. 防护材料种类：所有装修用木材均应进行防火、防腐处理\n6. 施工时面层颜色、样式由甲方和设计单位确认选样，投标人综合考虑报价，加工、切割、折边、损耗等不另计，中标后综合单价不予调整\n7. 未尽事宜详见设计图纸、图集、设计补充说明、招标文件、政府相关文件及规范等其它资料，满足验收要求","1. 部位：门套\n4. 面层材料品种、规格、颜色：1.2mm仿铜不锈钢（MT-B04）\n6. 施工时面层颜色、样式由甲方和设计单位确认选样，投标人综合考虑报价，加工、切割、折边、损耗等不另计，中标后综合单价不予调整\n7. 未尽事宜详见设计图纸、图集、设计补充说明、招标文件、政府相关文件及规范等其它资料，满足验收要求","m2",2.3,null,{"v":0,"d":"0.00"},"按深化节点图与实际的展开面积计算（见光面）"]
[282,"9#","工程名称：9#-公区","209","WB011105006006","成品踢脚线","1. 部位：公共卫生间\n2. 踢脚线高度：50mm高\n3．基层材料种类、规格：12mm阻燃夹板\n4．面层材料品种、规格、颜色：1.2mm仿木纹覆膜不锈钢（MT-B02)\n5．施工时面层颜色、样式由甲方和设计单位确认选样，投标人综合考虑报价，加工、切割、折边、损耗等不另计，中标后综合单价不予调整\n6．未尽事宜详见设计图纸、图集、设计补充说明、招标文件、政府相关文件及规范等其它资料，满足验收要求","1. 部位：公共卫生间\n2. 踢脚线高度：50mm高\n4．面层材料品种、规格、颜色：1.2mm仿木纹覆膜不锈钢（MT-B02)\n5．施工时面层颜色、样式由甲方和设计单位确认选样，投标人综合考虑报价，加工、切割、折边、损耗等不另计，中标后综合单价不予调整\n6．未尽事宜详见设计图纸、图集、设计补充说明、招标文件、政府相关文件及规范等其它资料，满足验收要求","m",4.52,null,{"v":0,"d":"0.00"},"按现场实际发生量长度计算"]
[283,"9#","工程名称：9#-公区","213","011210003001","小便斗玻璃隔断","1.部位：公卫\n2.龙骨材料种类、规格：热镀锌钢龙骨（不分规格型号，投标人综合考虑）\n3.基层材料种类、规格：9mm阻燃夹板\n4.隔断面层：6+1.52pvb+6mm夹丝玻璃（GL-B04）+1.2mm仿铜不锈钢（MT-B04）\n5.防护材料种类：所有装修用木基层均应进行防火、防腐处理\n6.施工时面层颜色、样式由甲方和设计单位确认选样，投标人综合考虑报价，加工、切割、折边、损耗等不另计，中标后综合单价不予调整\n7.未尽事宜详见设计图纸、图集、设计补充说明、招标文件、政府相关文件及规范等其它资料，满足验收要求","1.部位：公卫\n2.龙骨材料种类、规格：热镀锌钢龙骨（不分规格型号，投标人综合考虑）\n3.基层材料种类、规格：9mm阻燃夹板\n4.隔断面层：6+1.52pvb+6mm夹丝玻璃（GL-B04）+1.2mm仿铜不锈钢（MT-B04）\n5.防护材料种类：所有装修用木基层均应进行防火、防腐处理\n6.施工时面层颜色、样式由甲方和设计单位确认选样，投标人综合考虑报价，加工、切割、折边、损耗等不另计，中标后综合单价不予调整\n7.未尽事宜详见设计图纸、图集、设计补充说明、招标文件、政府相关文件及规范等其它资料，满足验收要求","m2",3.69,null,{"v":0,"d":"0.00"},"按投影面积"]
[284,"9#","工程名称：9#-公区","214","011210006004","卫生间隔断","1. 部位：公区卫生间\n2. 龙骨材料种类、规格：热镀锌钢龙骨（不分规格型号，投标人综合考虑），底部C20混凝土导墙不另列，报价综合考虑\n3. 基层材料种类、规格：12mm硅酸钙板基层，门扇基层为细木工板+12mm硅酸钙板\n4. 面层材料品种、规格、颜色：双面10mm厚仿木纹防火板（WD-B08），50mm高仿铜不锈钢踢脚线（MT-B04），门上顶面仿铜不锈钢包边(MT-B04）\n5. 施工时面层颜色、样式由甲方和设计单位确认选样，投标人综合考虑报价，加工、切割、折边、损耗等不另计，中标后综合单价不予调整\n6. 未尽事宜详见设计图纸、图集、设计补充说明、招标文件、政府相关文件及规范等其它资料，满足验收要求","4. 面层材料品种、规格、颜色：50mm高仿铜不锈钢踢脚线（MT-B04），门上顶面仿铜不锈钢包边(MT-B04）","m2",12.5,null,{"v":0,"d":"0.00"},"按深化节点图与实际的展开面积计算（见光面）"]
[285,"9#","工程名称：9#-公区","219","WB011501001008","洗手台+柜体","1. 部位：公共卫生间\n2. 规格尺寸：600*300mm\n3. 龙骨材料种类、规格：热镀锌钢龙骨（不分规格型号，投标人综合考虑）\n4. 基层材料种类、规格：12mm硅酸钙板\n5. 面层材料品种、规格、颜色：18mm雪花白大理石（ST-B10）台面，10mm仿木纹防火板饰面(WD-B08）、1.2mm仿铜不锈钢（MT-B04）+防火板饰面柜体、50mm高不锈钢踢脚线等\n6. 所有石材材料在施工前须做六面防护处理,石材结晶，以保证防水、防腐、防污、防油\n7. 施工时面层颜色、样式由甲方和设计单位确认选样，倒角，磨边、切割等加工费不另计，投标人综合考虑报价，中标后综合单价不予调整\n8. 未尽事宜详见设计图纸、图集、设计补充说明、招标文件、政府相关文件及规范等其它资料，满足验收要求","5. 面层材料品种、规格、颜色：1.2mm仿铜不锈钢（MT-B04）、50mm高不锈钢踢脚线","m",5,null,{"v":0,"d":"0.00"},"按现场实际发生量长度计算"]
[286,"9#","工程名称：9#-公区","220","WB011501001009","镜柜","1. 部位：公共卫生间\n2. 龙骨材料种类、规格：热镀锌钢龙骨（不分规格型号，投标人综合考虑）+20*40mm木方（阻燃处理）等\n3. 基层材料种类、规格：12mm阻燃板\n4. 面层材料品种、规格、颜色：5mm银镜饰面（MR-B01）+1.2mm仿铜不锈钢（MT-B04）+四周不锈钢包边\n5. 防护材料种类：所有装修用木基层均应进行防火、防腐处理\n6. 施工时面层颜色、样式由甲方和设计单位确认选样，投标人综合考虑报价，加工、切割、折边、损耗等不另计，中标后综合单价不予调整\n7. 未尽事宜详见设计图纸、图集、设计补充说明、招标文件、政府相关文件及规范等其它资料，满足验收要求","1. 部位：公共卫生间\n色：5mm银镜饰面（MR-B01）+1.2mm仿铜不锈钢（MT-B04）+四周不锈钢包边\n5. 防护材料种类：所有装修用木基层均应进行防火、防腐处理\n6. 施工时面层颜色、样式由甲方和设计单位确认选样，投标人综合考虑报价，加工、切割、折边、损耗等不另计，中标后综合单价不予调整\n7. 未尽事宜详见设计图纸、图集、设计补充说明、招标文件、政府相关文件及规范等其它资料，满足验收要求","m2",5.88,null,{"v":0,"d":"0.00"},"按投影面积"]
[287,"9#","工程名称：9#-公区","221","011505010002","镜面玻璃","1．部位：残卫\n2．面层材料品种、规格、颜色：5mm成品银镜不锈钢包框\n3．施工时面层颜色、样式由甲方和设计单位确认选样，投标人综合考虑报价，加工、切割、折边、损耗等不另计，中标后综合单价不予调整\n4．未尽事宜详见设计图纸、图集、设计补充说明、招标文件、政府相关文件及规范等其它资料，满足验收要求。","1．部位：残卫\n2．面层材料品种、规格、颜色：5mm成品银镜不锈钢包框\n3．施工时面层颜色、样式由甲方和设计单位确认选样，投标人综合考虑报价，加工、切割、折边、损耗等不另计，中标后综合单价不予调整\n4．未尽事宜详见设计图纸、图集、设计补充说明、招标文件、政府相关文件及规范等其它资料，满足验收要求。","m2",1.04,null,{"v":0,"d":"0.00"},"按投影面积"]
[288,"9#","工程名称：9#-公区","229","010801004005","装饰防火门","1. 部位：存放、行李、休息等\n2. 门扇龙骨、基层材料种类、规格：甲级防火门门芯(须满足当地消防部门的防火认证)+12mm阻燃夹板+四周热镀锌方通固定\n3. 面层材料品种、规格、颜色：木转印，定制成品金属门拉手，包含木转印门套\n4. 五金品种、规格：包含但不限于门锁、五金、合页等完成此项工作的五金配件\n5. 施工时面层颜色、样式由甲方和设计单位确认选样，投标人综合考虑报价，加工、损耗等不另计，中标后综合单价不予调整\n6. 未尽事宜详见设计图纸、图集、设计补充说明、招标文件、政府相关文件及规范等其它资料，满足验收要求","1. 部位：存放、行李、休息等\n3. 面层材料品种、规格、颜色：木转印，包含木转印门套\n5. 施工时面层颜色、样式由甲方和设计单位确认选样，投标人综合考虑报价，加工、损耗等不另计，中标后综合单价不予调整\n6. 未尽事宜详见设计图纸、图集、设计补充说明、招标文件、政府相关文件及规范等其它资料，满足验收要求","m2",20.65,null,{"v":0,"d":"0.00"},"按深化节点图与实际的展开面积计算（见光面）"]
[289,"9#","工程名称：9#-公区","230","WB010801004005","装饰门扇安装","1. 部位：通道门\n2. 门扇龙骨、基层材料种类、规格：25mm细木工板+9mm阻燃夹板+四周热镀锌方通固定\n3. 面层材料品种、规格、颜色：皮革硬包（12mm雪弗板内衬板）（UP-B02）+1.2mm厚仿铜不锈钢（MT-B04）+仿铜不锈钢嵌条，定制成品金属门拉手\n4. 五金品种、规格：包含但不限于门锁、天地轴承、五金合页等完成此项工作的五金配件\n5. 施工时面层颜色、样式由甲方和设计单位确认选样，投标人综合考虑报价，加工、损耗等不另计，中标后综合单价不予调整\n6. 未尽事宜详见设计图纸、图集、设计补充说明、招标文件、政府相关文件及规范等其它资料，满足验收要求","1. 部位：通道门\n2. 门扇龙骨、基层材料种类、规\n3. 面层材料品种、规格、颜色：1.2mm厚仿铜不锈钢（MT-B04）+仿铜不锈钢嵌条\n5. 施工时面层颜色、样式由甲方和设计单位确认选样，投标人综合考虑报价，加工、损耗等不另计，中标后综合单价不予调整\n6. 未尽事宜详见设计图纸、图集、设计补充说明、招标文件、政府相关文件及规范等其它资料，满足验收要求","m2",3.91,null,{"v":0,"d":"0.00"},"按深化节点图与实际的展开面积计算（见光面）"]
[290,"9#","工程名称：9#-公区","231","010808001008","不锈钢门套","1. 部位：门套\n2. 龙骨材料种类、规格：热镀锌钢龙骨（不分规格型号，投标人综合考虑）\n3. 基层材料种类、规格：12mm阻燃夹板，局部双层\n4. 面层材料品种、规格、颜色：1.2mm仿铜不锈钢（MT-B04）\n5. 防护材料种类：所有装修用木材均应进行防火、防腐处理\n6. 施工时面层颜色、样式由甲方和设计单位确认选样，投标人综合考虑报价，加工、切割、折边、损耗等不另计，中标后综合单价不予调整\n7. 未尽事宜详见设计图纸、图集、设计补充说明、招标文件、政府相关文件及规范等其它资料，满足验收要求","1. 部位：门套\n4. 面层材料品种、规格、颜色：1.2mm仿铜不锈钢（MT-B04）\n6. 施工时面层颜色、样式由甲方和设计单位确认选样，投标人综合考虑报价，加工、切割、折边、损耗等不另计，中标后综合单价不予调整\n7. 未尽事宜详见设计图纸、图集、设计补充说明、招标文件、政府相关文件及规范等其它资料，满足验收要求","m2",3.54,null,{"v":0,"d":"0.00"},"按深化节点图与实际的展开面积计算（见光面）"]
[291,"9#","工程名称：9#-公区","246","WB011105006007","成品踢脚线","1. 部位：警卫等\n2. 踢脚线高度：50mm高\n3．基层材料种类、规格：12mm阻燃夹板\n4．面层材料品种、规格、颜色：1.2mm仿木纹覆膜不锈钢（MT-B02)\n5．施工时面层颜色、样式由甲方和设计单位确认选样，投标人综合考虑报价，加工、切割、折边、损耗等不另计，中标后综合单价不予调整\n6．未尽事宜详见设计图纸、图集、设计补充说明、招标文件、政府相关文件及规范等其它资料，满足验收要求","1. 部位：警卫等\n2. 踢脚线高度：50mm高\n4．面层材料品种、规格、颜色：1.2mm仿木纹覆膜不锈钢（MT-B02)\n5．施工时面层颜色、样式由甲方和设计单位确认选样，投标人综合考虑报价，加工、切割、折边、损耗等不另计，中标后综合单价不予调整\n6．未尽事宜详见设计图纸、图集、设计补充说明、招标文件、政府相关文件及规范等其它资料，满足验收要求","m",24.33,null,{"v":0,"d":"0.00"},"按现场实际发生量长度计算"]
[292,"9#","工程名称：9#-公区","247","WB011105006008","成品踢脚线","1. 部位：走道等\n2. 踢脚线高度：50mm高\n3．基层材料种类、规格：12mm阻燃夹板\n4．面层材料品种、规格、颜色：1.2mm仿铜不锈钢（MT-B04)\n5．施工时面层颜色、样式由甲方和设计单位确认选样，投标人综合考虑报价，加工、切割、折边、损耗等不另计，中标后综合单价不予调整\n6．未尽事宜详见设计图纸、图集、设计补充说明、招标文件、政府相关文件及规范等其它资料，满足验收要求","1. 部位：走道等\n2. 踢脚线高度：50mm高\n4．面层材料品种、规格、颜色：1.2mm仿铜不锈钢（MT-B04)\n5．施工时面层颜色、样式由甲方和设计单位确认选样，投标人综合考虑报价，加工、切割、折边、损耗等不另计，中标后综合单价不予调整\n6．未尽事宜详见设计图纸、图集、设计补充说明、招标文件、政府相关文件及规范等其它资料，满足验收要求","m",104.29,null,{"v":0,"d":"0.00"},"按现场实际发生量长度计算"]
[293,"9#","工程名称：9#-公区","248","WB011105006009","成品踢脚线","1. 部位：存放室等\n2. 踢脚线高度：50mm高\n3．基层材料种类、规格：12mm阻燃夹板\n4．面层材料品种、规格、颜色：1.2mm仿铜不锈钢（MT-D01）\n5．施工时面层颜色、样式由甲方和设计单位确认选样，投标人综合考虑报价，加工、切割、折边、损耗等不另计，中标后综合单价不予调整\n6．未尽事宜详见设计图纸、图集、设计补充说明、招标文件、政府相关文件及规范等其它资料，满足验收要求","1. 部位：存放室等\n2. 踢脚线高度：50mm高\n4．面层材料品种、规格、颜色：1.2mm仿铜不锈钢（MT-D01）\n5．施工时面层颜色、样式由甲方和设计单位确认选样，投标人综合考虑报价，加工、切割、折边、损耗等不另计，中标后综合单价不予调整\n6．未尽事宜详见设计图纸、图集、设计补充说明、招标文件、政府相关文件及规范等其它资料，满足验收要求","m",112.68,null,{"v":0,"d":"0.00"},"按现场实际发生量长度计算"]
[294,"9#","工程名称：9#-公区","255","011207001037","墙面装饰板","1．部位：后勤电梯厅等\n2．龙骨材料种类、规格：热镀锌钢龙骨（不分规格型号，投标人综合考虑）\n3．基层材料种类、规格：12mm阻燃夹板，局部双层\n4. 面层材料品种、规格、颜色：1.2mm仿铜不锈钢（MT-D01）\n5．防护材料种类：所有装修用木基层均应进行防火、防腐处理\n6. 施工时面层颜色、样式由甲方和设计单位确认选样，投标人综合考虑报价，加工、切割、折边、损耗等不另计，中标后综合单价不予调整\n7．未尽事宜详见设计图纸、图集、设计补充说明、招标文件、政府相关文件及规范等其它资料，满足验收要求","1．部位：后勤电梯厅等\n4. 面层材料品种、规格、颜色：1.2mm仿铜不锈钢（MT-D01）\n6. 施工时面层颜色、样式由甲方和设计单位确认选样，投标人综合考虑报价，加工、切割、折边、损耗等不另计，中标后综合单价不予调整\n7．未尽事宜详见设计图纸、图集、设计补充说明、招标文件、政府相关文件及规范等其它资料，满足验收要求","m2",3.33,null,{"v":0,"d":"0.00"},"按深化节点图与实际的展开面积计算（见光面）"]
[295,"9#","工程名称：9#-公区","257","011210003002","玻璃隔断","1. 部位：随员卫生间\n2．边框材料种类、规格：四周1.2mm黄古铜不锈钢(MT-A01)，哑光防指纹/拉丝直纹\n3．玻璃品种、规格、颜色：6+1.52pvb+6mm夹胶安全超白玻璃（GL-A02）,\n4. 五金品种、规格：单价包含玻璃门夹、淋浴拉手、挡水胶条等费用\n5．施工时面层颜色、样式由甲方和设计单位确认选样，投标人综合考虑报价，加工、切割、折边、损耗等不另计，中标后综合单价不予调整\n6. 按外框投影面积计算\n7．未尽事宜详见设计图纸、图集、设计补充说明、招标文件、政府相关文件及规范等其它资料，满足验收要求","1. 部位：随员卫生间\n2．边框材料种类、规格：四周1.2mm黄古铜不锈钢(MT-A01)，哑光防指纹/拉丝直纹\n3．玻璃品种、规格、颜色：6+1.52pvb+6mm夹胶安全超白玻璃（GL-A02）,\n4. 五金品种、规格：单价包含玻璃门夹、淋浴拉手、挡水胶条等费用\n5．施工时面层颜色、样式由甲方和设计单位确认选样，投标人综合考虑报价，加工、切割、折边、损耗等不另计，中标后综合单价不予调整\n6. 按外框投影面积计算\n7．未尽事宜详见设计图纸、图集、设计补充说明、招标文件、政府相关文件及规范等其它资料，满足验收要求","m2",3.052,null,{"v":0,"d":"0.00"},"按投影面积"]
[296,"9#","工程名称：9#-公区","266","WB011501001010","镜柜","1. 部位：卫生间等\n2. 龙骨材料种类、规格：热镀锌钢龙骨（不分规格型号，投标人综合考虑）+20*40mm木方（阻燃处理）等\n3. 基层材料种类、规格：12mm阻燃板\n4. 面层材料品种、规格、颜色：5mm银镜饰面（MR-B01）+1.2mm仿铜不锈钢（MT-B04）+四周不锈钢包边\n5. 防护材料种类：所有装修用木基层均应进行防火、防腐处理\n6. 施工时面层颜色、样式由甲方和设计单位确认选样，投标人综合考虑报价，加工、切割、折边、损耗等不另计，中标后综合单价不予调整\n7. 未尽事宜详见设计图纸、图集、设计补充说明、招标文件、政府相关文件及规范等其它资料，满足验收要求","1. 部位：卫生间等\n4. 面层材料品种、规格、颜色：5mm银镜饰面（MR-B01）+1.2mm仿铜不锈钢（MT-B04）+四周不锈钢包边\n5. 防护材料种类：所有装修用木基层均应进行防火、防腐处理\n6. 施工时面层颜色、样式由甲方和设计单位确认选样，投标人综合考虑报价，加工、切割、折边、损耗等不另计，中标后综合单价不予调整\n7. 未尽事宜详见设计图纸、图集、设计补充说明、招标文件、政府相关文件及规范等其它资料，满足验收要求","m2",1.81,null,{"v":0,"d":"0.00"},"按投影面积"]
[297,"9#","工程名称：9#-公区","267","WB011501001011","衣柜","1．部位：警卫等\n2．规格：600mm宽\n3．龙骨材料种类、规格：热镀锌钢龙骨（不分规格型号，投标人综合考虑）、30*30mm木方(阻燃处理)\n4．基层板材料种类、规格：15mm阻燃夹板等基层类型及厚度综合考虑\n5．材料种类：12mm深橡木饰面（WD-B01）、抽屉柜、不锈钢门把手、不锈钢踢脚线等\n6．五金种类、规格：单价包含五金合页、抽屉滑轨、阻尼隔振胶垫、暗藏灯槽等\n7．按照立面投影面积计算\n8．防护材料种类：所有装修用木基层均应进行防火、防腐处理\n9．施工时面层颜色、样式由甲方和设计单位确认选样，加工、排版损耗等不另计，投标人综合考虑报价，中标后综合单价不予调整\n10．未尽事宜详见设计图纸、图集、设计补充说明、招标文件、政府相关文件及规范等其它资料，满足验收要求","1．部位：警卫等\n2．规格：600mm宽\n5．材料种类：不锈钢踢脚线\n8．防护材料种类：所有装修用木基层均应进行防火、防腐处理\n9．施工时面层颜色、样式由甲方和设计单位确认选样，加工、排版损耗等不另计，投标人综合考虑报价，中标后综合单价不予调整\n10．未尽事宜详见设计图纸、图集、设计补充说明、招标文件、政府相关文件及规范等其它资料，满足验收要求","m",13.11,null,{"v":0,"d":"0.00"},"按现场实际发生量长度计算"]
[298,"9#","工程名称：9#-公区","268","011502001009","金属装饰条","1．部位：收边、嵌条\n2．嵌条材料品种、规格、颜色：1.2mm仿铜不锈钢(MT-B04)，展开宽度60以内\n3．施工时面层颜色、样式由甲方和设计单位确认选样，投标人综合考虑报价，加工、切割、折边、损耗等不另计，中标后综合单价不予调整\n4．未尽事宜详见设计图纸、图集、设计补充说明、招标文件、政府相关文件及规范等其它资料，满足验收要求。","1．部位：收边、嵌条\n2．嵌条材料品种、规格、颜色：1.2mm仿铜不锈钢(MT-B04)，展开宽度60以内\n3．施工时面层颜色、样式由甲方和设计单位确认选样，投标人综合考虑报价，加工、切割、折边、损耗等不另计，中标后综合单价不予调整\n4．未尽事宜详见设计图纸、图集、设计补充说明、招标文件、政府相关文件及规范等其它资料，满足验收要求。","m",10.24,null,{"v":0,"d":"0.00"},"按现场实际发生量长度计算"]
[299,"9#","工程名称：9#-公区","292","010801004006","装饰防火门","1. 部位：楼梯间\n2. 门扇龙骨、基层材料种类、规格：甲级防火门门芯(须满足当地消防部门的防火认证)+12mm阻燃夹板+四周热镀锌方通固定\n3. 面层材料品种、规格、颜色：皮革硬包（12mm雪弗板内衬板）（UP-B02）+1.2mm仿铜不锈钢（MT-B04）+仿铜不锈钢嵌条，定制成品金属门拉手\n4. 五金品种、规格：包含但不限于定制不锈钢天地门轴、暗藏五金合页等完成此项工作的全部五金配件\n5. 施工时面层颜色、样式由甲方和设计单位确认选样，投标人综合考虑报价，加工、损耗等不另计，中标后综合单价不予调整\n6. 未尽事宜详见设计图纸、图集、设计补充说明、招标文件、政府相关文件及规范等其它资料，满足验收要求","1. 部位：楼梯间\n3. 面层材料品种、规格、颜色：1.2mm仿铜不锈钢（MT-B04）+仿铜不锈钢嵌条\n5. 施工时面层颜色、样式由甲方和设计单位确认选样，投标人综合考虑报价，加工、损耗等不另计，中标后综合单价不予调整\n6. 未尽事宜详见设计图纸、图集、设计补充说明、招标文件、政府相关文件及规范等其它资料，满足验收要求","m2",6.6,null,{"v":0,"d":"0.00"},"按深化节点图与实际的展开面积计算（见光面）"]
[300,"9#","工程名称：9#-公区","294","010808001009","不锈钢窗套","1. 部位：门套\n2. 龙骨材料种类、规格：10*20mm木方阻燃龙骨\n3. 基层材料种类、规格：双层12mm阻燃夹板，局部多层\n4. 面层材料品种、规格、颜色：1.2mm仿铜不锈钢（MT-B04）\n5. 防护材料种类：所有装修用木材均应进行防火、防腐处理\n6. 施工时面层颜色、样式由甲方和设计单位确认选样，投标人综合考虑报价，加工、切割、折边、损耗等不另计，中标后综合单价不予调整\n7. 未尽事宜详见设计图纸、图集、设计补充说明、招标文件、政府相关文件及规范等其它资料，满足验收要求","1. 部位：门套\n4. 面层材料品种、规格、颜色：1.2mm仿铜不锈钢（MT-B04）\n5. 防护材料种类：所有装修用木材均应进行防火、防腐处理\n6. 施工时面层颜色、样式由甲方和设计单位确认选样，投标人综合考虑报价，加工、切割、折边、损耗等不另计，中标后综合单价不予调整\n7. 未尽事宜详见设计图纸、图集、设计补充说明、招标文件、政府相关文件及规范等其它资料，满足验收要求","m2",6.2,null,{"v":0,"d":"0.00"},"按深化节点图与实际的展开面积计算（见光面）"]
[301,"9#","工程名称：9#-公区","295","010807001001","金属窗","1. 部位：楼梯间玻璃窗\n2. 窗框类型：断热铝合金型材，氟碳喷涂\n3. 隔断玻璃品种、厚度：高透双银LowE+12Ar+8透明中空玻璃\n4. 施工时面层颜色、样式由甲方和设计单位确认选样，加工、排版损耗等不另计，投标人综合考虑报价，中标后综合单价不予调整\n5. 未尽事宜详见设计图纸、图集、设计补充说明、招标文件、政府相关文件及规范等其它资料，满足验收要求","1. 部位：楼梯间玻璃窗\n2. 窗框类型：断热铝合金型材，氟碳喷涂\n3. 隔断玻璃品种、厚度：高透双银LowE+12Ar+8透明中空玻璃\n4. 施工时面层颜色、样式由甲方和设计单位确认选样，加工、排版损耗等不另计，投标人综合考虑报价，中标后综合单价不予调整\n5. 未尽事宜详见设计图纸、图集、设计补充说明、招标文件、政府相关文件及规范等其它资料，满足验收要求","m2",32.49,null,{"v":0,"d":"0.00"},"按投影面积"]
["总价（元）",{"$nulls":10},{"v":0,"d":"0.00"}]